{"text_format":"3","workbook":"xlsx","n_sheets":45,"sheets":["Cover","How This Guide Works","Contents","Project Life Cycle","User Notes","Estimating Classification","Escalation","BER Bldg Cost Report 2021Q4","Trend Analysis","Assumptions","New Bldg Rates","Bldg Refurb Rates","Building Rates","Civil Rates","New Civil Rates","Civil Rehab Rates ","Specialised Work","Ground Floor Constrn","Fleet Maint","Electrical","Project Summary","List","Cost Programming","Indices ","Estimate Example","Cashflow","S Curve ","Proj. Programme Example","Additional Information (2)","Master Apron stands","Code C,E & F stands","Code F,C Taxilane & Serv Roads","Sample Estimate","ICAO Tables (Taxiw)","Sketches (Taxiw)","Master Taxiways","Code F Runway & SH (2)","Code F Taxiway & SH","Sample Estimate (2)","ICAO Tables","Sketches","Master Runways","Code F Runway & SH","Sample Estimate (3)","Comparison"],"not_rendered":{"charts":1,"images":30,"external_links":5,"defined_names":90,"comments":6},"read":"whole","date_system":"1900"}

{"sheet":"Cover","index":0,"n_rows":0,"n_cols":0,"rows_kept":0,"hidden":true}

{"sheet":"How This Guide Works","index":1,"n_rows":27,"n_cols":10,"rows_kept":27,"hidden":true}
{"$rows_empty":21}
[{"$nulls":9},"This document is to be used for estimates from FEL2 to FEL3a ONLY."]
[]
[{"$nulls":9},"The guide presents some essentail"]
[{"$nulls":9},"information for the purposes of a project estimating for the permission."]
[]
[{"$nulls":9},"The rates are based on January 2019. BER Building Cost Report, 2019Q1."]

{"sheet":"Contents","index":2,"n_rows":38,"n_cols":13,"rows_kept":38,"hidden":true}
[]
[]
[{"$nulls":6},"Project Life Cycle:",{"$nulls":5},"Page 1"]
[{"$nulls":6},"User Notes",{"$nulls":5},"Page 2"]
[{"$nulls":6},"Escalation",{"$nulls":5},"Page 3"]
[{"$nulls":6},"Trend anaylsis",{"$nulls":5},"Page 4"]
[{"$nulls":6},"New Building Works"]
[{"$nulls":7},"Assumptions & Allowances",{"$nulls":4},"Page 5"]
[{"$nulls":7},"Cost Rates Summary",{"$nulls":4},"Page 6"]
[{"$nulls":6},"Building Reburbishment"]
[{"$nulls":7},"Assumptions & Allowances",{"$nulls":4},"Page 7"]
[{"$nulls":7},"Cost Rates Summary",{"$nulls":4},"Page 8"]
[{"$nulls":6},"Civil Rehabilitation"]
[{"$nulls":7},"Assumptions & Allowances",{"$nulls":4},"Page 9"]
[{"$nulls":7},"Cost Rates Summary",{"$nulls":4},"Page 10"]
[{"$nulls":7},"Rate Build Up Tool",{"$nulls":4},"Page 11"]
[{"$nulls":6},"Ground Floor Construction",{"$nulls":5},"Page 12"]
[{"$nulls":6},"Project Estimate"]
[{"$nulls":7},"Project Summary",{"$nulls":4},"Page 13"]
[{"$nulls":7},"Estimate Example",{"$nulls":4},"Page 14"]
[{"$nulls":7},"Cashflow",{"$nulls":4},"Page 15"]
[{"$nulls":7},"Cost Programming ",{"$nulls":4},"Page 16"]
[{"$nulls":7},"Indices",{"$nulls":4},"Page 17"]
[{"$nulls":6},"Master Apron Stands",{"$nulls":5},"Page 18"]
[{"$nulls":7},"Code C,E & F Stands",{"$nulls":4},"Page 19"]
[{"$nulls":7},"Code F, C Taxilane & Service Roads",{"$nulls":4},"Page 20"]
[{"$nulls":7},"Sample Estimate",{"$nulls":4},"Page 21"]
[{"$nulls":7},"ICAO Tables (Taxiway)",{"$nulls":4},"Page 22"]
[{"$nulls":7},"Sketches (Taxiway)",{"$nulls":4},"Page 23"]
[{"$nulls":6},"Master Taxiways",{"$nulls":5},"Page 24"]
[{"$nulls":7},"Code F Taxiways",{"$nulls":4},"Page 25"]
[{"$nulls":7},"Code F Runways",{"$nulls":4},"Page 26"]
[{"$nulls":7},"Sample Estimate",{"$nulls":4},"Page 27"]
[{"$nulls":7},"ICAO Tables",{"$nulls":4},"Page 28"]
[{"$nulls":7},"Sketches",{"$nulls":4},"Page 29"]
[{"$nulls":6},"Master Runways",{"$nulls":5},"Page 30"]
[{"$nulls":7},"Code F Runways",{"$nulls":4},"Page 31"]
[{"$nulls":7},"Sample Estimate",{"$nulls":4},"Page 32"]

{"sheet":"Project Life Cycle","index":3,"n_rows":75,"n_cols":25,"rows_kept":75,"merged":[[39,3,39,17],[40,1,41,1],[40,2,41,2],[40,3,41,3],[40,4,41,4],[40,5,41,6],[40,7,40,11],[40,12,40,17],[40,18,41,21],[40,22,41,23],[40,24,68,24],[41,7,41,11],[41,12,41,17],[43,1,61,1],[43,2,46,2],[43,3,43,11],[43,12,43,17],[43,18,43,21],[43,22,43,23],[44,3,44,23],[45,3,45,23],[46,3,46,23],[48,12,48,13],[48,15,48,16],[48,18,48,19],[48,20,48,21],[48,22,48,23],[50,12,50,14],[50,15,50,16],[50,18,50,19],[50,20,50,21],[50,22,50,23],[52,12,52,14],[52,15,52,16],[52,18,52,19],[52,20,52,21],[52,22,52,23],[54,12,54,14],[54,15,54,16],[54,18,54,19],[54,20,54,21],[54,22,54,23],[56,12,56,14],[56,15,56,16],[56,18,56,19],[56,20,56,21],[56,22,56,23],[58,2,59,2],[58,12,58,14],[58,15,58,17],[58,18,58,21],[58,22,58,23],[59,12,59,23],[61,12,61,16],[61,22,61,23],[62,22,65,23],[66,3,67,11],[66,12,67,23],[68,3,68,11],[68,12,68,23],[69,3,69,17],[70,3,70,23],[73,3,73,11],[73,12,73,23],[74,7,74,23]]}
[]
[null,"ACSA"]
[null,"CAPITAL PROJECTS LIFE CYCLE"]
{"$rows_empty":36}
[{"$nulls":3},"FRONT END LOADING"]
[null,"CAPITAL PROJECTS LIFE CYCLE","FEL STAGES","BUSINESS NEED DEFINED","FEL 1 - CONCEPT STUDY","FEL 2 - PRE-FEASIBILITY",null,"FEL 3 - ",{"$nulls":4},"FEASIBILITY",{"$nulls":5},"IMPLEMENTATION",{"$nulls":3},"CLOSE OUT",null,"OPERATION"]
[{"$nulls":7},"A. STRATEGIC / FUNCTIONAL PROJECT BRIEF (EMPLOYERS REQUIREMENTS) DEFINED",{"$nulls":4},"B. TECHNICAL DESIGN AND FEASIBILTY"]
[{"$nulls":6},"                                                                        "]
[null,"PROJECT LIFE-CYCLE (LEVEL 3 / 4 DETAILED PROCESSES)","PRINCE 2","Starting up a project",{"$nulls":8},"Initiating a project",{"$nulls":5},"Managing product delivery",{"$nulls":3},"Closing a project"]
[{"$nulls":3},"Managing a stage boundary"]
[{"$nulls":3},"Controlling a stage"]
[{"$nulls":3},"Directing a project"]
[]
[null,null,"PROCSA ",{"$nulls":9},"Project Initiation",null,"Inception","Concept and Viability",null,"Design Development","Documentation and Procurement",null,"Construction",null,"Close Out"]
[]
[null,null,"SACPCMP",{"$nulls":9},"Project Initiation and Briefing",null,null,"Concept and Feasibility",null,"Design Development","Tender Documentation and Procurement",null,"Construction Documentation and Management",null,"Project Close Out"]
[]
[null,null,"ECSA",{"$nulls":9},"Inception",null,null,"Concept and Viability",null,"Design Development","Documentation and Procurement",null,"Contract Administration and Inspection",null,"Close Out"]
[]
[null,null,"SACAP",{"$nulls":9},"Inception",null,null,"Concept and Viability",null,"Design Development","Documentation and Procurement",null,"Construction",null,"Close Out"]
[]
[null,null,"SACQSP",{"$nulls":9},"Inception",null,null,"Concept and Viability",null,"Design Development","Documentation and Procurement",null,"Construction",null,"Close Out"]
[]
[null,null,"PMBOK",{"$nulls":9},"Initiating",null,null,"Planning",null,null,"Executing",{"$nulls":3},"Closing"]
[{"$nulls":12},"Monitoring and Controlling"]
[]
[null,null,"SIPDM",{"$nulls":4},"Stage 0 - Project Initiation","Stage 1 - Infrastructure Planning","Stage 2 - Strategic Resourcing","Stage 3(a) - Prefeasilibity","Stage 3(b) - Preparation and Briefing","Stage 4 - Concept and Viability or Feasibility",{"$nulls":4},"Stage 5 - Design Development","Stage 6(a) - Design Documentation - Production Information","Stage 6(b) - Manufacture, fabrication and construction information","Stage 7 - Works","Stage 8 - Handover","Stage 9 - Package Completion"]
[{"$nulls":22},"OPERATION"]
[]
[]
[]
[{"$nulls":3},"OPEX / PRE-DEVELOPMENT FUNDING",{"$nulls":8},"CAPEX"]
[]
[{"$nulls":3},"PROCESS MANAGED BY ASSET OWNER / USER",{"$nulls":8},"PROCESS MANAGED BY EXECUTION OWNER"]
[]
[{"$nulls":3},"KEY STAKEHOLDERS INVOLVED THROUGH WHOLE LIFE CYCLE "]
[]
[]
[{"$nulls":3},"BU / BUSINESS PLANNING PROCESSES TO BE DEVELOPED ALIGNED TO EPMO FRAMEWORKS",{"$nulls":8},"LEVEL 3 AND 4 PROJECT PROCESSES TO BE DEVELOPED ALIGNED TO EPMO FRAMEWORKS"]
[{"$nulls":7},"EPMO ASSURANCE, MONITORING AND REPORTING"]

{"sheet":"User Notes","index":4,"n_rows":55,"n_cols":15,"rows_kept":55,"hidden":true}
{"$rows_empty":12}
[null,"Cost / m2 rates are indicative by their nature.  A detailed an comprehensive excersie is required to get a accurate cost of a building."]
[null,"These rates are however very useful when the exact scope and details of the project are still relatively unknown"]
[null,"This is certainly the case when estimating for permission purposes."]
[]
[null,"Estimating Classess:"]
{"$rows_empty":10}
[{"$nulls":9},"Reference:Estimating Framework"]
[null,"FEL 1: Concept Study"]
[null,"Definition to business concepts."]
[]
[null,"FEL 2: Pre-Feasibility/ Order of Magnitude Estimate - CLASS 5 Estimate:",{"$nulls":7},"Care must be taken when using indicative building cost rates.  "]
[null,"Used primarily for providing management with an indicative estimate and options",{"$nulls":7},"The following elements must be considered when putting together an estimate:"]
[null,"identified during concept phase."]
[{"$nulls":10},"Specification (Weighting of sub- disciplines)"]
[null,"FEL 3a and 3b: Feasibility AND Control Budget Estimate - CLASS 5,4&3 Estimate:",{"$nulls":8},"Plumbing, electrical and mechanical installations"]
[null,"Used primarily to establish and verify viability, initiate financing and obtain approval.",{"$nulls":8},"IT installations"]
[{"$nulls":10},"Internal subdivisions"]
[null,"IMPLEMENTATION: Definitive estimate - CLASS 2&1 Estimate",{"$nulls":8},"Construction areas"]
[{"$nulls":10},"Site specific conditions ( P + G related)"]
[{"$nulls":10},"Risks"]
[{"$nulls":10},"Avertising costs"]
[]
[{"$nulls":9},"Building rates in the coastal regions exceed those in the heartland . These disparities could be due to:",{"$nulls":4},"Page 2"]
[{"$nulls":10},"Material cost"]
[{"$nulls":10},"Labour cost"]
[{"$nulls":10},"Composition of labour"]
[{"$nulls":10},"Building methods"]
[{"$nulls":10},"Competiveness in bidding"]
[{"$nulls":10},"Productivity"]
[]
[]
[]
[]
[{"$nulls":13},"Back to Contents"]

{"sheet":"Estimating Classification","index":5,"n_rows":14,"n_cols":7,"rows_kept":14,"merged":[[2,0,5,0],[2,1,3,2],[3,5,3,6],[4,1,5,1],[5,3,5,4],[7,5,7,6],[8,3,8,4],[9,3,9,4],[9,5,9,6],[12,3,12,4],[12,5,12,6],[13,3,13,4],[13,5,13,6]]}
[]
[]
["PROJECT ESTIMATE","FEL PHASES",null,"FEL 1","FEL 2","FEL 3a","FEL 3b"]
[{"$nulls":3},"Concept Study","Pre-Feasib ility","Feasibility"]
[null,"FIDPM","Classes","N/A","Class 5","Class 5","Class 5,4&3"]
[null,null,"Gates","N/A",null,"Portfolio & Programme Process","Inception Stage"]
[]
[null,"FEL 1","FEL 2","FEL 3a","FEL 3b","IMPLEMENTATION"]
[null,"Concept Study","Pre-Feasibility","Feasibility",null,"Control","Definitive"]
[null,null,"Order of Magnitude","Budgetary",null,"Definitive"]
["Class",null,"Class 5","Class 5","Class 5,4&3","Class 2","Class 1"]
["Eng. Definition",null,"<5%","<5%","15%-40%",{"v":0.75,"d":"75%"},{"v":1,"d":"100%"}]
["Plus %",null,100,20,null,10]
["Minus %",null,10,10,null,10]

{"sheet":"Escalation","index":6,"n_rows":33,"n_cols":17,"rows_kept":33,"merged":[[26,4,26,16]]}
{"$rows_empty":11}
[null,"There are two type of building cost escalation nalmely, pretender and post tender escalation."]
[]
[null,"Post tender escalation makes allowance for any change in material and labour over the contract period."]
[null,"The following indices  make allowance for this type of escalation:"]
[null,null,"Safcec"]
[null,null,"Haylett"]
[null,null,"PPI"]
[]
[null,"Pre-tender escalation takes care of the current market conditions. When building activity rises, contractors have an opportunity"]
[null,"to increase their profit margins on tender prices as there is plenty of work to go around. They can not afford to lose contracts."]
[null,"When the opposite happens, contractors trim thier profit margins to try compete for the few jobs availble in the market."]
[null,"BER indices make allwance for this change in market conditions."]
[]
[null,"The average annual inflation rate as per CPI is 3.88%"]
[]
[{"$nulls":4},"Summary of Building Costs - Annual Percentage Change."]
[{"$nulls":4},2014,2015,2016,2017,2018,2019,2020,2021,2022,2023,2024,2025,2026]
["Haylett (Commercial and Industrial Buildings) ",{"$nulls":3},"6.6","2.5","6.4","5.7",5.1,4.1,3.1,11.7,6.8]
["BER Building Cost Index ",{"$nulls":3},"10.2","4.0",5.1,5.4,{"v":8,"d":"8.0"},3.6,1.5,3.5,6.3]
[]
[null,"* Builders’ input prices are expected to maintain their momentum through 2021."]
[null,"*In January 2021, Builder's input price increased by 4.6% as indicated in the above table, which came in well above consumer inflation."]

{"sheet":"BER Bldg Cost Report 2021Q4","index":7,"n_rows":0,"n_cols":0,"rows_kept":0}

{"sheet":"Trend Analysis","index":8,"n_rows":63,"n_cols":12,"rows_kept":63,"hidden":true}
{"$rows_empty":13}
[null,1,"Western Cape: The Western Cape has little mining resources; hence, the regional economy"]
[null,null,"grew less rapidly than in the country as a whole during the nineteen seventies and eighties at the time of"]
[null,null,"the gold boom. However, during the nineties, after the transition to democracy, tourism and the services"]
[null,null,"industry flourished in the Western Cape. These positive trends combined to push building costs upward,"]
[null,null,"outstripping the national average in some years by between 5% and 15%."]
[]
[null,2,"Eastern Cape: Long a region lagging economically, building costs in the Eastern Cape were"]
[null,null,"below the national average for much of the seventies and eighties. However, the economy then expanded"]
[null,null,"because of the new export harbour and other public sector investment projects, and building costs"]
[null,null,"exceeded the nationwide average by between 5% and 15%."]
[]
[null,3,"KwaZulu-Natal: The level of building costs in this region exceeded the nationwide average"]
[null,null,"during the eighties and nineties by roughly 5% to 10%, but building rates are currently competitive and"]
[null,null,"even moving below the national average."]
[]
[null,4,"Gauteng: It is evident that building rates in Gauteng exceeded the national average by roughly"]
[null,null,"4% to 7% at the time of the eighties gold boom. Thereafter, building rates were below the national"]
[null,null,"average for a long period, varying between -5% and -8%. In recent times, this difference widened with"]
[null,null,"tender prices being about -10% below the norm. However, just lately this margin has declined to -5%."]
[null,null,"In general, one can conclude that building costs are higher in the coastal regions (especially in the"]
[]
[null,5,"Western Cape and the Eastern Cape) than in the heartland. What could explain these regional"]
[null,null,"disparities in building cost levels? We conducted a survey amongst quantity surveyors to ascertain"]
[null,null,"possible reasons for this finding. The following suggestions were made."]
[]
[null,6,"Materials costs: Most manufacturers of construction materials are situated in Gauteng and transport"]
[null,null,"costs to the coastal regions are high. This also implies that savings on transport costs are passed on to"]
[null,null,"clients and consumers in the inland area."]
[]
[null,7,"Labour costs: It is possible that labour costs are higher in the coastal regions than in the inland area."]
[]
[null,8,"Composition of labour: It is possible that proportionately more (lower-paid) unskilled labour is"]
[null,null,"employed in the inland region than in the coastal areas."]
[]
[null,9,"Building methods: These may vary on a regional basis. For example, due to adverse weather conditions"]
[null,null,"at the coast more robust (and more expensive) building techniques are required (e.g. cavity walls"]
[null,null,"compared to one-brick walls; aluminium windows; copper water heaters to combat rust at the coast)."]
[]
[null,10,"Competitiveness in bidding: Differences in the workloads of building contractors may account for"]
[null,null,"some of the differences in tender prices. Furthermore, the existence of oligopolies in the supplies of,"]
[null,null,"inter alia, sand, stone, steel, cement, etc. can bring about regional price differentials."]
[]
[null,11,"Productivity: Adverse weather conditions may prevail from time to time. For example, in the Cape"]
[null,null,"Town and Port Elizabeth regions construction cranes are sometimes unable to operate because of"]
[null,null,"inclement weather and high wind velocities."]
[]
[null,null,"Reference:Meduim-Term Forecasting Associates-Fourth Quarter 2018"]
[]
[{"$nulls":11},"Page 4"]
[{"$nulls":11},"Back to Contents"]

{"sheet":"Assumptions","index":9,"n_rows":64,"n_cols":8,"rows_kept":64,"merged":[[0,1,0,7],[25,1,25,7],[45,1,45,7]]}
[null,"NEW BUILDING ASSUMPTIONS"]
[null,"CONTRACTOR'S P&G ALLOWANCES "]
[null,"General building works in Greenfield environment",null,{"v":0.13,"d":"13%"}]
[null,"Large building works in operational environment",null,{"v":0.15,"d":"15%"}]
[null,"Small building works in operational environment",null,{"v":0.1,"d":"10%"}]
[null,"Civil New Works",null,{"v":0.18,"d":"18%"}]
[null,"Mechanical and Engineering Works",null,{"v":0.2,"d":"20%"}]
[]
[null,"CONSULTANT REMUNERATION (incl. Disbursements, Supervision, Tenant Co-ord) "]
[null,"Building Works","R0 - R25mil",{"v":0.18,"d":"18%"},null,"Civil Works","incl. disbursements & supervision",{"v":0.18,"d":"18%"}]
[null,"Building Works","R25 - R50mil",{"v":0.18,"d":"18%"}]
[null,"Building Works","R50 - R100mil","12-16%",null,"Civil Works","incl. disbursements, supervision, QS & PM",{"v":0.18,"d":"18%"}]
[null,"Building Works","R100mil+","12-16%",null,"Small Civil Works","incl. disbursements & supervision",{"v":0.12,"d":"12%"}]
[null,"Note : Add 1% to above for alteration projects"]
[]
[null,"CONTINGENCY ALLOWANCE",{"$nulls":3},"ACSA DIRECT COSTS"]
[null,"Building Works","R0 - R50mil",{"v":0.1,"d":"10%"},null,"Insurance (Professional Indemnity, Public Liability, Construction Works) "]
[null,"Building Works","R50 - R100mil",{"v":0.1,"d":"10%"},null,"Building Works","of project cost","0.4%-3%"]
[null,"Building Works","R100mil+",{"v":0.1,"d":"10%"},null,"Civil Works","of project cost","0.6% - 1.2%"]
[null,"Civil Works",null,{"v":0.1,"d":"10%"}]
[]
[null,"Other (Operational accommodation, security access control,etc)"]
[null,"Landside projects","of project cost",{"v":0.005,"d":"0.50%"}]
[null,"Airside projects","of project cost",{"v":0.015,"d":"1.50%"}]
[]
[null,"BUIDING REFURBISHMENT ASSUMPTIONS"]
[null,"CONTRACTOR'S P&G ALLOWANCES "]
[null,"Large building refubishment works in operational environment R50-100mil",null,{"v":0.1,"d":"10%"}]
[null,"Small building works in operational environment R0 - R50mil",null,{"v":0.12,"d":"12%"}]
[]
[null,"CONSULTANT REMUNERATION (incl. Disbursements, Supervision, Tenant Co-ord) "]
[null,"Building Works","R0 - R50mil",{"v":0.18,"d":"18%"},null,"Civil Works","incl. disbursements & supervision",{"v":0.09,"d":"9%"}]
[null,"Building Works","R50 - R100mil",{"v":0.22,"d":"22%"},null,"Civil Works","incl. disbursements, supervision, QS & PM",{"v":0.11,"d":"11%"}]
[null,"Building Works","R100mil+",null,null,"Small Civil Works","incl. disbursements & supervision",{"v":0.13,"d":"13%"}]
[]
[null,"CONTINGENCY ALLOWANCE",{"$nulls":3},"ACSA DIRECT COSTS"]
[null,"Building Works","R0 - R50mil",{"v":0.08,"d":"8%"},null,"Insurance (Professional Indemnity, Public Liability, Construction Works) "]
[null,"Building Works","R50 - R100mil",{"v":0.1,"d":"10%"},null,"Building Works","of project cost",{"v":0.004,"d":"0.40%"}]
[]
[null,"Other (Operational accommodation, security access control,etc)",{"$nulls":3},"Projects used to assist with Percentages"]
[null,"Landside projects","of project cost",{"v":0.005,"d":"0.50%"},null,"ORTIA- Additional baggage carousel"]
[null,"Airside projects","of project cost",{"v":0.015,"d":"1.50%"},null,"ORTIA-Refurbishment of duty free "]
[{"$nulls":5},"CTIA-Cargo center"]
[{"$nulls":5},"CTIA- Northern Lounge"]
[]
[null,"CIVIL REHABILITATION ASSUMPTIONS"]
[null,"CONTRACTOR'S P&G ALLOWANCES "]
[null,"Civil Rehab Works",null,"10-19%"]
[null,"Night Works Allowance",null,{"v":0.025,"d":"3%"}]
[]
[null,"CONSULTANT REMUNERATION (incl. Disbursements, Supervision, Tenant Co-ord) "]
[null,"Civil Works","incl. disbursements & supervision",{"v":0.09,"d":"9%"}]
[null,"Civil Works","incl. disbursements, supervision, QS & PM",{"v":0.12,"d":"12%"}]
[null,"Small Civil Works","incl. disbursements & supervision",{"v":0.11,"d":"11%"}]
[]
[]
[null,"CONTINGENCY ALLOWANCE"]
[null,"Civil Works",null,"5-10%"]
[{"$nulls":5},"Projects used to assist with Percentages"]
[null,"ACSA DIRECT COSTS",{"$nulls":3},"ORTIA - Rehabilitation of Runways and RETs"]
[null,"Civil Works","of project cost",{"v":0.012,"d":"1%"},null,"PE- Rehabilitation of secondary runway 17/35"]
[{"$nulls":5},"KM- Rehabilitation of runways and taxiways"]
[null,"Other (Operational accommodation, security access control,etc)"]
[null,"Airside projects","of project cost",{"v":0.015,"d":"2%"}]

{"sheet":"New Bldg Rates","index":10,"n_rows":87,"n_cols":22,"rows_kept":87,"merged":[[2,6,2,10],[3,12,4,16],[7,0,7,4],[7,6,7,10],[7,11,7,14],[8,6,12,10],[8,11,12,14],[8,17,12,17],[14,1,14,6],[14,19,14,21],[15,11,19,11],[15,12,19,12],[15,13,19,13],[15,14,19,14],[21,1,21,6],[22,11,29,11],[22,12,29,12],[22,13,29,13],[22,14,29,14],[31,1,31,6],[32,11,39,11],[32,12,39,12],[32,13,39,13],[32,14,39,14],[41,1,41,6],[45,1,45,6],[52,1,52,6],[57,1,57,6],[65,1,65,6],[68,1,68,6],[79,1,79,6],[86,1,86,6]]}
[]
[]
[{"$nulls":6},"BER Index"]
[{"$nulls":6},"Base Date",null,null,"2017-11-01",null,{"v":217.6,"d":"217.60"},"Reference 2021 Q4 Table 2 - BER Building Cost Index"]
[{"$nulls":6},"Current Date",null,null,"2022-03-01",null,{"$f":"127.1*2.1028","v":{"v":267.26588,"d":"267.27"}}]
[]
[]
[{"$nulls":11},"TURNOUT FACTORS",{"$nulls":5},"NOMINAL PRE-ESCALATION TURNOUT RATE"]
[null,null," ",{"$nulls":3},"Below rates exclude P&G, Sundry costs, Contingency, Esclation & Fees",{"$nulls":4},"Pure indicative guideline, can vary per region, type of construction, consultant involvement, information risk profile, direct costs. (Below are high-level for order-of-magnitude estimates only)",{"$nulls":5},"Rates excluding Escalation"]
[]
[]
[]
[]
[null,null,"ELEMENT","UNIT","Base Date Jan 2009 (ZAR)","Base Date  July 2013 (ZAR)","Base Date November 2017 (ZAR)"," March 2019 (ZAR)","March 2021 (ZAR)","March 2022 (ZAR)",null,"P&G","SUNDRY DEVELOPMENT COSTS (1% Landside, 2% Airside)","Contingency","Fees",null,"Base Date Nov 2017 (ZAR)\nCurrent date March 2022 (ZAR)","Nominal Rate"]
[null,"APRON WORKS INCLUDING LAYERWORKS, EXCLUDES BULK EARTHWORKS",{"$nulls":17},"Check"]
[null,{"v":1,"d":"1."},"Concrete apron stands inclusive of stormwater, sleeves, fire water, electrical, fuel (average stand rate)","m2",{"v":1900,"d":"1,900"},{"$f":"((167.2/145)-1)*E16+E16","v":{"v":2190.8965517241377,"d":"2,190.90"}},{"$f":"(E16*(219/145-1)+E16)","v":{"v":2869.655172413793,"d":"2,870"}},{"$f":"(G16*(245.9/217.6-1))+G16","v":{"v":3242.868597870183,"d":"3,243"}},{"v":3255.643838488844,"d":"3,256"},{"$f":"(G16*($L$5/$L$4-1))+G16","v":{"v":3524.6365576825556,"d":"3,525"}},null,{"v":0.15,"d":"15%"},{"v":0.02,"d":"2%"},{"v":0.1,"d":"10%"},{"v":0.18,"d":"18%"},null,{"$f":"ROUND(I16*(1+$L$16)*(1+$M$16)*(1+$N$16)*(1+$O$16),-1)","v":{"v":4960,"d":"4,960"}},{"$f":"Q16","v":{"v":4960,"d":"R4,960"}}]
[null,{"$f":"B16+1","v":{"v":2,"d":"2."}},"Miscellaneous hard stand areas (allowance)","m2",{"v":1000,"d":"1,000"},{"$f":"((177/145)-1)*E17+E17","v":{"v":1220.6896551724137,"d":"1,221"}},{"$f":"(E17*(219/145-1)+E17)","v":{"v":1510.3448275862067,"d":"1,510"}},{"$f":"(G17*(245.9/217.6-1))+G17","v":{"v":1706.7729462474645,"d":"1,707"}},{"v":1713.4967570993913,"d":"1,713"},{"$f":"(G17*($L$5/$L$4-1))+G17","v":{"v":1855.0718724645028,"d":"1,855"}},{"$nulls":6},{"$f":"ROUND(I17*(1+$L$16)*(1+$M$16)*(1+$N$16)*(1+$O$16),-1)","v":{"v":2610,"d":"2,610"}},{"$f":"Q17","v":{"v":2610,"d":"R2,610"}},null,{"$f":"$L$5/$L$4-1","v":{"v":0.22824393382352937,"d":"0.23"}},{"$f":"G16*T17","v":654.9813852687626},{"$f":"G16+U17","v":{"v":3524.6365576825556,"d":"3,525"}}]
[null,{"$f":"B17+1","v":{"v":3,"d":"3."}},"Nose service Roads (average between high & low traffic roads)","m2",720,{"v":878.8965517241379,"d":"879"},{"v":1087.4482758620688,"d":"1,087"},{"$f":"(G18*(245.9/217.6-1))+G18","v":{"v":1228.8765212981743,"d":"1,229"}},{"v":1233.7176651115617,"d":"1,234"},{"v":1335.651748174442,"d":"1,336"},{"$nulls":6},{"$f":"ROUND(I18*(1+$L$16)*(1+$M$16)*(1+$N$16)*(1+$O$16),-1)","v":{"v":1880,"d":"1,880"}},{"v":1880,"d":"R1,880"},null,{"$f":"$L$5/$L$4-1","v":{"v":0.22824393382352937,"d":"0.23"}},{"$f":"G17*T18","v":344.72704487829606},{"$f":"G17+U18","v":{"v":1855.0718724645028,"d":"1,855"}}]
[null,{"v":4,"d":"4."},"Taxilanes and tail service roads","m2",660,{"v":805.6551724137931,"d":"806"},{"v":996.8275862068965,"d":"997"},{"$f":"(G19*(245.9/217.6-1))+G19","v":{"v":1126.4701445233266,"d":"1,126"}},{"v":1130.9078596855984,"d":"1,131"},{"v":1224.3474358265719,"d":"1,224"},{"$nulls":6},{"$f":"ROUND(I19*(1+$L$16)*(1+$M$16)*(1+$N$16)*(1+$O$16),-1)","v":{"v":1720,"d":"1,720"}},{"v":1720,"d":"R1,720"},null,{"$f":"$L$5/$L$4-1","v":{"v":0.22824393382352937,"d":"0.23"}},{"$f":"G18*T19","v":248.20347231237315},{"$f":"G18+U19","v":{"v":1335.651748174442,"d":"1,336"}}]
[null,{"v":5,"d":"5."},"Staging area (precast block paving) ","m2",430,{"v":524.8965517241379,"d":"525"},{"v":649.448275862069,"d":"649"},{"$f":"(G20*(245.9/217.6-1))+G20","v":{"v":733.9123668864098,"d":"734"}},{"v":736.8036055527383,"d":"737"},{"v":797.6809051597363,"d":"798"},{"$nulls":6},{"$f":"ROUND(I20*(1+$L$16)*(1+$M$16)*(1+$N$16)*(1+$O$16),-1)","v":{"v":1120,"d":"1,120"}},{"v":1120,"d":"R1,120"},null,{"$f":"$L$5/$L$4-1","v":{"v":0.22824393382352937,"d":"0.23"}},{"$f":"G19*T20","v":227.5198496196754},{"$f":"G19+U20","v":{"v":1224.3474358265719,"d":"1,224"}}]
[{"$nulls":19},{"$f":"$L$5/$L$4-1","v":{"v":0.22824393382352937,"d":"0.23"}},{"$f":"G20*T21","v":148.2326292976673},{"$f":"G20+U21","v":{"v":797.6809051597363,"d":"798"}}]
[null,"TAXIWAYS (ASPHALT) INCLUDING LAYERWORKS, EXCLUDES BULK EARTHWORKS"]
[null,{"$f":"B20+1","v":{"v":6,"d":"6."}},"Taxiways including layerworks & edge lighting","m2",{"v":1100,"d":"1,100"},{"v":1342.7586206896551,"d":"1,343"},{"$f":"(E23*(219/145-1)+E23)","v":{"v":1661.3793103448274,"d":"1,661"}},{"$f":"(G23*(245.9/217.6-1))+G23","v":{"v":1877.450240872211,"d":"1,877"}},{"v":1884.8464328093305,"d":"1,885"},{"$f":"(G23*($L$5/$L$4-1))+G23","v":{"v":2040.579059710953,"d":"2,041"}},null,{"v":0.15,"d":"15%"},{"v":0.02,"d":"2%"},{"v":0.1,"d":"10%"},{"v":0.18,"d":"18%"},null,{"$f":"ROUND(J23*(1+$L$23)*(1+$M$23)*(1+$N$23)*(1+$O$23),-1)","v":{"v":3110,"d":"3,110"}},{"v":3110,"d":"R3,110"}]
[null,{"$f":"B23+1","v":{"v":7,"d":"7."}},"Taxiway shoulders","m2",500,{"v":610.3448275862069,"d":"610"},{"v":755.1724137931034,"d":"755"},{"$f":"(G24*(245.9/217.6-1))+G24","v":{"v":853.3864731237322,"d":"853"}},{"v":856.7483785496956,"d":"857"},{"$f":"(G24*($L$5/$L$4-1))+G24","v":{"v":927.5359362322514,"d":"928"}},{"$nulls":6},{"$f":"ROUND(J24*(1+$L$23)*(1+$M$23)*(1+$N$23)*(1+$O$23),-1)","v":{"v":1410,"d":"1,410"}},{"v":1410,"d":"R1,410"},null,{"$f":"$L$5/$L$4-1","v":{"v":0.22824393382352937,"d":"0.23"}},{"$f":"G23*T24","v":379.1997493661257},{"$f":"G23+U24","v":{"v":2040.579059710953,"d":"2,041"}}]
[null,{"$f":"B24+1","v":{"v":8,"d":"8."}},"Taxiway strip","m2",50,{"v":61.03448275862069,"d":"61"},{"v":75.51724137931035,"d":"76"},{"$f":"(G25*(245.9/217.6-1))+G25","v":{"v":85.33864731237324,"d":"85"}},{"v":85.67483785496958,"d":"86"},{"v":92.75359362322516,"d":"93"},{"$nulls":6},{"$f":"ROUND(J25*(1+$L$23)*(1+$M$23)*(1+$N$23)*(1+$O$23),-1)","v":140},{"v":140,"d":"R140"},null,{"$f":"$L$5/$L$4-1","v":{"v":0.22824393382352937,"d":"0.23"}},{"$f":"G24*T25","v":172.36352243914803},{"$f":"G24+U25","v":{"v":927.5359362322514,"d":"928"}}]
[null,{"v":9,"d":"9."},"Taxiway incl. layerworks & edge lighting","m",{"v":3800,"d":"3,800"},{"v":4638.620689655172,"d":"4,639"},{"v":5739.310344827586,"d":"5,739"},{"$f":"(G26*(245.9/217.6-1))+G26","v":{"v":6485.737195740366,"d":"6,486"}},{"v":6511.287676977688,"d":"6,511"},{"v":7049.273115365111,"d":"7,049"},{"$nulls":6},{"v":10730,"d":"10,730"},{"v":10730,"d":"R10,730"},null,{"$f":"$L$5/$L$4-1","v":{"v":0.22824393382352937,"d":"0.23"}},{"$f":"G25*T26","v":17.236352243914805},{"$f":"G25+U26","v":{"v":92.75359362322516,"d":"93"}}]
[null,{"v":10,"d":"10."},"Taxiway shoulders (17.5m both sides)","No","7 500 - 40 000",{"$f":"(((219/145)-1)*40000)+40000","v":{"v":60413.793103448275,"d":"60,414"}},"11328-60414","12 574 - 67 060","13 000 - 70 000",{"$nulls":7},0,{"v":0,"d":"R0"},{"$nulls":3},{"$f":"G26+U27","v":{"v":5739.310344827586,"d":"5,739"}}]
[null,{"v":11,"d":"11."},"Taxiways incl. associated infrastructure (70m wide Code F)","m",{"$nulls":5},{"v":140000,"d":"140,000"},{"$nulls":6},{"v":213160,"d":"213,160"},{"v":213160,"d":"R213,160"}]
[null,{"v":12,"d":"12."},"Average rate per meter (25m Code F)","m",{"v":47100,"d":"47,100"},{"$f":"((219/145)-1)*E29+E29","v":{"v":71137.24137931035,"d":"71,137.24"}},{"$f":"(E29*(219/145-1)+E29)","v":{"v":71137.24137931035,"d":"71,137"}},{"$f":"(G29*(245.9/217.6-1))+G29","v":{"v":80389.00576825559,"d":"80,389"}},{"v":80705.69725938134,"d":"80,706"},{"v":87373.8851930781,"d":"87,374"},{"$nulls":6},{"v":133030,"d":"133,030"},{"$f":"Q29","v":{"v":133030,"d":"R133,030"}}]
[null,{"v":13,"d":"13."},"Average rate per sq meter (25m Code F)","m2",{"v":1880,"d":"1,880"},{"v":2294.8965517241377,"d":"2,295"},{"v":2839.448275862069,"d":"2,839"},{"$f":"(G30*(245.9/217.6-1))+G30","v":{"v":3208.7331389452333,"d":"3,209"}},{"v":3221.373903346856,"d":"3,221"},{"v":3487.5351202332654,"d":"3,488"},{"$nulls":6},{"$f":"ROUND(J30*(1+$L$23)*(1+$M$23)*(1+$N$23)*(1+$O$23),-1)","v":{"v":5310,"d":"5,310"}},{"$f":"Q30","v":{"v":5310,"d":"R5,310"}},null,{"$f":"$L$5/$L$4-1","v":{"v":0.22824393382352937,"d":"0.23"}},{"$f":"G29*T30","v":16236.643813767745},{"$f":"G29+U30","v":{"v":87373.8851930781,"d":"87,374"}}]
[{"$nulls":5},0,{"$nulls":13},{"$f":"$L$5/$L$4-1","v":{"v":0.22824393382352937,"d":"0.23"}},{"$f":"G30*T31","v":648.0868443711965},{"$f":"G30+U31","v":{"v":3487.5351202332654,"d":"3,488"}}]
[null,"RUNWAYS (ASPHALT) INCLUDING LAYERWORKS, EXCLUDES BULK EARTHWORKS"]
[null,{"$f":"B30+1","v":{"v":14,"d":"14."}},"New runway, inclusive of sleeves, lights, ILS, etc. ","m2",{"v":1430,"d":"1,430"},{"v":1745.5862068965516,"d":"1,746"},{"$f":"(E33*(219/145-1)+E33)","v":{"v":2159.793103448276,"d":"2,160"}},{"$f":"(G33*(245.9/217.6-1))+G33","v":{"v":2440.6853131338744,"d":"2,441"}},{"v":2450.30036265213,"d":"2,450"},{"$f":"(G33*($L$5/$L$4-1))+G33","v":{"v":2652.752777624239,"d":"2,653"}},null,{"v":0.15,"d":"15%"},{"v":0.02,"d":"2%"},{"v":0.1,"d":"10%"},{"v":0.18,"d":"18%"},null,{"$f":"ROUND(J33*(1+$L$33)*(1+$M$33)*(1+$N$33)*(1+$O$33),-1)","v":{"v":4040,"d":"4,040"}},{"$f":"Q33","v":{"v":4040,"d":"R4,040"}}]
[null,{"$f":"B33+1","v":{"v":15,"d":"15."}},"Runway shoulders","m2",500,{"v":610.3448275862069,"d":"610"},{"v":755.1724137931034,"d":"755"},{"$f":"(G34*(245.9/217.6-1))+G34","v":{"v":853.3864731237322,"d":"853"}},{"v":856.7483785496956,"d":"857"},{"$f":"(G34*($L$5/$L$4-1))+G34","v":{"v":927.5359362322514,"d":"928"}},{"$nulls":6},{"$f":"ROUND(J34*(1+$L$33)*(1+$M$33)*(1+$N$33)*(1+$O$33),-1)","v":{"v":1410,"d":"1,410"}},{"v":1410,"d":"R1,410"},null,{"$f":"$L$5/$L$4-1","v":{"v":0.22824393382352937,"d":"0.23"}},{"$f":"G33*T34","v":492.95967417596336},{"$f":"G33+U34","v":{"v":2652.752777624239,"d":"2,653"}}]
[null,{"$f":"B34+1","v":{"v":16,"d":"16."}},"Runway ungraded strip","m2",50,{"v":61.03448275862069,"d":"61"},{"v":75.51724137931035,"d":"76"},{"$f":"(G35*(245.9/217.6-1))+G35","v":{"v":85.33864731237324,"d":"85"}},{"v":85.67483785496958,"d":"86"},{"v":92.75359362322516,"d":"93"},{"$nulls":6},{"$f":"ROUND(J35*(1+$L$33)*(1+$M$33)*(1+$N$33)*(1+$O$33),-1)","v":140},{"v":140,"d":"R140"},null,{"v":0.22824393382352937,"d":"0.23"},{"$f":"G34*T35","v":172.36352243914803},{"$f":"G34+U35","v":{"v":927.5359362322514,"d":"928"}}]
[null,{"v":17,"d":"17."},"Runway graded strip and Runway End Safety Area (RESA)","m2",100,{"v":122.06896551724138,"d":"122"},{"v":151.0344827586207,"d":"151"},{"$f":"(G36*(245.9/217.6-1))+G36","v":{"v":170.67729462474648,"d":"171"}},{"v":171.34967570993916,"d":"171"},{"v":185.50718724645031,"d":"186"},{"$nulls":6},{"$f":"ROUND(J36*(1+$L$33)*(1+$M$33)*(1+$N$33)*(1+$O$33),-1)","v":280},{"v":280,"d":"R280"},null,{"v":0.22824393382352937,"d":"0.23"},{"$f":"G35*T36","v":17.236352243914805},{"$f":"G35+U36","v":{"v":92.75359362322516,"d":"93"}}]
[null,{"v":18,"d":"18."},"Optional illumininated signs, stop bars","No","7 500 - 40 000",{"$f":"(((219/145)-1)*7500)+7500","v":{"v":11327.58620689655,"d":"11,328"}},"11 328-60 414","12 574-67 060",null,"13 000 - 68 000",{"$nulls":6},{"$f":"ROUND(49817*(1+$L$67)*(1+$M$67)*(1+$N$67)*(1+$O$67),-1)","v":{"v":77810,"d":"77,810"}},{"v":77810,"d":"R77,810"},null,{"v":0.22824393382352937,"d":"0.23"},{"$f":"G36*T37","v":34.47270448782961},{"$f":"G36+U37","v":{"v":185.50718724645031,"d":"186"}}]
[null,{"v":19,"d":"19."},"Runway incl. associated infrastructure (3,885m long x 60m wide, Code F)","m",{"$nulls":5},{"v":315000,"d":"315,000"},{"$nulls":6},{"$f":"ROUND(J38*(1+$L$33)*(1+$M$33)*(1+$N$33)*(1+$O$33),-1)","v":{"v":479600,"d":"479,600"}},{"v":479600,"d":"R479,600"}]
[null,{"v":20,"d":"20."},"Average rate per meter (60m wide, 4.2km long, Code F)","m",{"v":110900,"d":"110,900"},{"v":135374.4827586207,"d":"135,374"},{"v":167497.24137931032,"d":"167,497"},{"$f":"(G39*(245.9/217.6-1))+G39","v":{"v":189281.1197388438,"d":"189,281"}},{"v":190026.79036232247,"d":"190,027"},{"v":205727.47065631335,"d":"205,727"},{"$nulls":6},{"$f":"ROUND(J39*(1+$L$33)*(1+$M$33)*(1+$N$33)*(1+$O$33),-1)","v":{"v":313230,"d":"313,230"}},{"v":313230,"d":"R313,230"},null,{"v":0.22824393382352937,"d":"0.23"},{"$f":"G39*T39","v":38230.229277003025},{"$f":"G39+U39","v":{"v":205727.47065631335,"d":"205,727"}}]
[null,{"v":21,"d":"21."},"Average rate per sq meter (60m wide, 4.2km long, Code F)","m2",{"v":1850,"d":"1,850"},{"v":2258.2758620689656,"d":"2,258"},{"v":2794.137931034483,"d":"2,794"},{"$f":"(G40*(245.9/217.6-1))+G40","v":{"v":3157.5299505578096,"d":"3,158"}},{"v":3169.969000633874,"d":"3,170"},{"v":3431.8829640593303,"d":"3,432"},{"$nulls":6},{"$f":"ROUND(J40*(1+$L$33)*(1+$M$33)*(1+$N$33)*(1+$O$33),-1)","v":{"v":5230,"d":"5,230"}},{"v":5230,"d":"R5,230"},null,{"v":0.22824393382352937,"d":"0.23"},{"$f":"G40*T40","v":637.7450330248478},{"$f":"G40+U40","v":{"v":3431.8829640593303,"d":"3,432"}}]
[{"$nulls":5},0]
[null,"EARTHWORKS/ROADWAYS"]
[null,{"$f":"B40+1","v":{"v":22,"d":"22."}},"Airside asphalt service roads, inclusive of layerworks, street lights & stormwater","m2",700,{"v":854.4827586206897,"d":"854"},{"$f":"(E43*(219/145-1)+E43)","v":{"v":1057.2413793103447,"d":"1,057"}},{"$f":"(G43*(245.9/217.6-1))+G43","v":{"v":1194.741062373225,"d":"1,195"}},{"v":1199.4477299695739,"d":"1,199"},{"$f":"(G43*($L$5/$L$4-1))+G43","v":{"v":1298.5503107251518,"d":"1,299"}},null,{"v":0.15,"d":"15%"},{"v":0.02,"d":"2%"},{"v":0.1,"d":"10%"},{"v":0.18,"d":"18%"},null,{"$f":"ROUND(J43*(1+$L$43)*(1+$M$43)*(1+$N$43)*(1+$O$43),-1)","v":{"v":1980,"d":"1,980"}},{"$f":"Q43","v":{"v":1980,"d":"R1,980"}},null,{"$f":"$L$5/$L$4-1","v":{"v":0.22824393382352937,"d":"0.23"}},{"$f":"G43*T43","v":241.3089314148072},{"$f":"G43+U43","v":{"v":1298.5503107251518,"d":"1,299"}}]
[null,{"$f":"B43+1","v":{"v":23,"d":"23."}},"At grade access roads (\"provincial standard\"), including layerworks, stormwater, lights, traffic signals","m2",{"v":1500,"d":"1,500"},{"v":1831.0344827586207,"d":"1,831"},{"v":2265.5172413793102,"d":"2,266"},{"$f":"(G44*(245.9/217.6-1))+G44","v":{"v":2560.1594193711967,"d":"2,560"}},{"v":2570.245135649087,"d":"2,570"},{"$f":"(G44*($L$5/$L$4-1))+G44","v":{"v":2782.6078086967545,"d":"2,783"}},null,{"v":0.15,"d":"15%"},{"v":0.02,"d":"2%"},{"v":0.1,"d":"10%"},{"v":0.18,"d":"18%"},null,{"$f":"ROUND(J44*(1+$L$44)*(1+$M$44)*(1+$N$44)*(1+$O$44),-1)","v":{"v":4240,"d":"4,240"}},{"$f":"Q44","v":{"v":4240,"d":"R4,240"}},null,{"$f":"$L$5/$L$4-1","v":{"v":0.22824393382352937,"d":"0.23"}},{"$f":"G44*T44","v":517.0905673174441},{"$f":"G44+U44","v":{"v":2782.6078086967545,"d":"2,783"}}]
[{"$nulls":5},0]
[null,"PARKING, EXCLUDES BULK EARTHWORKS"]
[null,{"$f":"B44+1","v":{"v":24,"d":"24."}},"Structured parking (public) /bay","bay",{"v":76500,"d":"76,500"},{"$f":"((177/145)-1)*E47+E47","v":{"v":93382.75862068965,"d":"93,382.76"}},{"$f":"(E47*(219/145-1)+E47)","v":{"v":115541.37931034481,"d":"115,541"}},{"$f":"(G47*(245.9/217.6-1))+G47","v":{"v":130568.13038793103,"d":"130,568"}},{"v":131082.50191810343,"d":"131,083"},{"$f":"(G47*($L$5/$L$4-1))+G47","v":{"v":141912.99824353447,"d":"141,913"}},null,{"v":0.13,"d":"13%"},{"v":0.01,"d":"1%"},{"v":0.1,"d":"10%"},{"v":0.15,"d":"15%"},null,{"$f":"ROUND(J47*(1+$L$47)*(1+$M$47)*(1+$N$47)*(1+$O$47),-1)","v":{"v":204890,"d":"204,890"}},{"$f":"Q47","v":{"v":204890,"d":"R204,890"}},null,{"$f":"$L$5/$L$4-1","v":{"v":0.22824393382352937,"d":"0.23"}},{"$f":"G47*T47","v":26371.618933189646},{"$f":"G47+U47","v":{"v":141912.99824353447,"d":"141,913"}}]
[null,{"$f":"B47+1","v":{"v":25,"d":"25."}},"Structured parking (public) / m2","m2",{"$nulls":4},0,{"$f":"(G48*($L$5/$L$4-1))+G48","v":0},null,{"v":0.13,"d":"13%"},{"v":0.01,"d":"1%"},{"v":0.1,"d":"10%"},{"v":0.15,"d":"15%"},null,{"$f":"ROUND(I48*(1+$L$49)*(1+$M$49)*(1+$N$49)*(1+$O$49),-1)","v":0},{"$f":"Q48","v":{"v":0,"d":"R0"}}]
[null,{"$f":"B48+1","v":{"v":26,"d":"26."}},"Structured parking /bay","bay",{"v":117000,"d":"117,000"},{"v":142820.6896551724,"d":"142,821"},{"v":176710.3448275862,"d":"176,710"},{"$f":"(G49*(245.9/217.6-1))+G49","v":{"v":199692.43471095336,"d":"199,692"}},{"v":200479.1205806288,"d":"200,479"},{"v":217043.40907834686,"d":"217,043"},null,{"v":0.13,"d":"13%"},{"v":0.01,"d":"1%"},{"v":0.1,"d":"10%"},{"v":0.15,"d":"15%"},null,{"$f":"ROUND(J49*(1+$L$49)*(1+$M$49)*(1+$N$49)*(1+$O$49),-1)","v":{"v":313360,"d":"313,360"}},{"v":313360,"d":"R313,360"},null,{"$f":"$L$5/$L$4-1","v":{"v":0.22824393382352937,"d":"0.23"}},{"$f":"G49*T49","v":40333.06425076064},{"$f":"G49+U49","v":{"v":217043.40907834686,"d":"217,043"}}]
[null,{"$f":"B49+1","v":{"v":27,"d":"27."}},"Basement parking/bay","bay",{"$nulls":5},{"v":310000,"d":"310,000"},null,{"v":0.13,"d":"13%"},{"v":0.01,"d":"1%"},{"v":0.1,"d":"10%"},{"v":0.15,"d":"15%"},null,{"$f":"ROUND(J50*(1+$L$50)*(1+$M$50)*(1+$N$50)*(1+$O$50),-1)","v":{"v":447560,"d":"447,560"}},{"$f":"Q50","v":{"v":447560,"d":"R447,560"}}]
[null,{"$f":"B50+1","v":{"v":28,"d":"28."}},"On-grade parking (shaded, fenced, lights) / bay","bay",{"v":11700,"d":"11,700"},{"v":14282.068965517241,"d":"14,282"},{"v":17671.03448275862,"d":"17,671"},{"$f":"(G51*(245.9/217.6-1))+G51","v":{"v":19969.243471095335,"d":"19,969"}},{"v":20047.91205806288,"d":"20,048"},{"$f":"(G51*($L$5/$L$4-1))+G51","v":{"v":21704.340907834685,"d":"21,704"}},null,{"v":0.13,"d":"13%"},{"v":0.01,"d":"1%"},{"v":0.1,"d":"10%"},{"v":0.1,"d":"10%"},null,{"$f":"ROUND(J51*(1+$L$51)*(1+$M$51)*(1+$N$51)*(1+$O$51),-1)","v":{"v":29970,"d":"29,970"}},{"v":29970,"d":"R29,970"},null,{"$f":"$L$5/$L$4-1","v":{"v":0.22824393382352937,"d":"0.23"}},{"$f":"G49*T51","v":40333.06425076064},{"$f":"G49+U51","v":{"v":217043.40907834686,"d":"217,043"}}]
[{"$nulls":5},0,{"$nulls":13},{"$f":"$L$5/$L$4-1","v":{"v":0.22824393382352937,"d":"0.23"}},{"$f":"G51*T52","v":4033.306425076064},{"$f":"G51+U52","v":{"v":21704.340907834685,"d":"21,704"}}]
[null,"PERIMETER FENCE/SECURITY GATES"]
[null,{"$f":"B51+1","v":{"v":29,"d":"29."}},"Perimeter walls with PIDS or other security measures  - PROVISIONAL","m",{"v":3500,"d":"3,500"},{"v":4272.413793103448,"d":"4,272"},{"$f":"(E54*(219/145-1)+E54)","v":{"v":5286.206896551724,"d":"5,286"}},{"$f":"(G54*(245.9/217.6-1))+G54","v":{"v":5973.705311866126,"d":"5,974"}},{"v":5997.23864984787,"d":"5,997"},{"$f":"(G54*($L$5/$L$4-1))+G54","v":{"v":6492.75155362576,"d":"6,493"}},null,{"v":0.08,"d":"8%"},{"v":0.02,"d":"2%"},{"v":0.1,"d":"10%"},{"v":0.1,"d":"10%"},null,{"$f":"ROUND(J54*(1+$L$54)*(1+$M$54)*(1+$N$54)*(1+$O$54),-1)","v":{"v":8650,"d":"8,650"}},{"$f":"Q54","v":{"v":8650,"d":"R8,650"}},null,{"$f":"$L$5/$L$4-1","v":{"v":0.22824393382352937,"d":"0.23"}},{"$f":"G54*T54","v":1206.5446570740362},{"$f":"G54+U54","v":{"v":6492.75155362576,"d":"6,493"}}]
[null,{"$f":"B54+1","v":{"v":30,"d":"30."}},"Security gate  - PROVISIONAL","no",{"v":6500000,"d":"6,500,000"},{"v":7934482.75862069,"d":"7,934,483"},{"v":9817241.379310343,"d":"9,817,241"},{"$f":"(G55*($L$5/$L$4-1))+G55","v":{"v":12057967.171019267,"d":"12,057,967"}},{"v":11137728.921146043,"d":"11,137,729"},{"v":12057967.171019267,"d":"12,057,967"},null,{"v":0.08,"d":"8%"},{"v":0.02,"d":"2%"},{"v":0.1,"d":"10%"},{"v":0.15,"d":"15%"},null,{"$f":"ROUND(J55*(1+$L$55)*(1+$M$55)*(1+$N$55)*(1+$O$55),-1)","v":{"v":16803070,"d":"16,803,070"}},{"v":16803070,"d":"R16,803,070"},null,{"$f":"$L$5/$L$4-1","v":{"v":0.22824393382352937,"d":"0.23"}},{"$f":"G55*T55","v":2240725.7917089243},{"$f":"G55+U55","v":{"v":12057967.171019267,"d":"12,057,967"}}]
[null,{"$f":"B55+1","v":{"v":31,"d":"31."}},"Super security gate - PROVISIONAL","no",{"v":20000000,"d":"20,000,000"},{"v":24413793.103448275,"d":"24,413,793"},{"v":30206896.551724136,"d":"30,206,897"},{"$f":"(G56*($L$5/$L$4-1))+G56","v":{"v":37101437.44929006,"d":"37,101,437"}},{"v":34269935.14198783,"d":"34,269,935"},{"v":37101437.44929006,"d":"37,101,437"},null,{"v":0.08,"d":"8%"},{"v":0.02,"d":"2%"},{"v":0.1,"d":"10%"},{"v":0.15,"d":"15%"},null,{"$f":"ROUND(J56*(1+$L$56)*(1+$M$56)*(1+$N$56)*(1+$O$56),-1)","v":{"v":51701740,"d":"51,701,740"}},{"v":51701740,"d":"R51,701,740"},null,{"$f":"$L$5/$L$4-1","v":{"v":0.22824393382352937,"d":"0.23"}},{"$f":"G56*T56","v":6894540.897565921},{"$f":"G56+U56","v":{"v":37101437.44929006,"d":"37,101,437"}}]
[]
[null,"TERMINAL & OTHER BUILDINGS, EXCLUDING BULK EARTH, EXTERNAL SITE & SERVICES WORKS"]
[null,{"$f":"B56+1","v":{"v":32,"d":"32."}},"Terminal building excluding Baggage & X-ray machines","m2",{"v":11700,"d":"11,700"},{"$f":"((177/145)-1)*E59+E59","v":{"v":14282.068965517241,"d":"14,282"}},{"$f":"(E59*(219/145-1)+E59)","v":{"v":17671.03448275862,"d":"17,671"}},{"$f":"(G59*(245.9/217.6-1))+G59","v":{"v":19969.243471095335,"d":"19,969"}},{"v":20047.91205806288,"d":"20,048"},{"$f":"(G59*($L$5/$L$4-1))+G59","v":{"v":21704.340907834685,"d":"21,704"}},null,{"v":0.2,"d":"20%"},{"v":0.02,"d":"2%"},{"v":0.1,"d":"10%"},{"v":0.16,"d":"16%"},null,{"$f":"ROUND(J59*(1+$L$59)*(1+$M$59)*(1+$N$59)*(1+$O$59),-1)","v":{"v":33900,"d":"33,900"}},{"$f":"Q59","v":{"v":33900,"d":"R33,900"}},null,{"$f":"$L$5/$L$4-1","v":{"v":0.22824393382352937,"d":"0.23"}},{"$f":"G59*T59","v":4033.306425076064},{"$f":"G59+U59","v":{"v":21704.340907834685,"d":"21,704"}}]
[null,{"$f":"B59+1","v":{"v":33,"d":"33."}},"Terminal building including Baggage & X-ray machines","m2",{"v":15300,"d":"15,300"},{"v":18676.55172413793,"d":"18,677"},{"v":23108.275862068964,"d":"23,108"},{"v":26113.626077586207,"d":"26,114"},{"v":26216.50038362069,"d":"26,217"},{"v":28382.59964870689,"d":"28,383"},null,{"v":0.2,"d":"20%"},{"v":0.02,"d":"2%"},{"v":0.1,"d":"10%"},{"v":0.16,"d":"16%"},null,{"$f":"ROUND(J60*(1+$L$60)*(1+$M$60)*(1+$N$60)*(1+$O$60),-1)","v":{"v":44330,"d":"44,330"}},{"v":44330,"d":"R44,330"},null,{"v":0.22824393382352937,"d":"0.23"},5274.3237866379295,{"v":28382.59964870689,"d":"28,383"}]
[null,{"$f":"B60+1","v":{"v":34,"d":"34."}},"Pier Terminal building excluding telescopic Air bridges, Seating & ADS but including fixed bridges","m2",{"v":12200,"d":"12,200"},{"$f":"((177/145)-1)*E61+E61","v":{"v":14892.41379310345,"d":"14,892.41"}},{"v":18426.206896551725,"d":"18,426"},{"v":20822.62994421907,"d":"20,823"},{"v":20904.660436612576,"d":"20,905"},{"v":22631.876844066937,"d":"22,632"},null,{"v":0.13,"d":"13%"},{"v":0.02,"d":"2%"},{"v":0.1,"d":"10%"},{"v":0.16,"d":"16%"},null,{"$f":"ROUND(J61*(1+$L$61)*(1+$M$61)*(1+$N$61)*(1+$O$61),-1)","v":{"v":33290,"d":"33,290"}},{"v":33290,"d":"R33,290"},null,{"v":0.22824393382352937,"d":"0.23"},4205.669947515213,{"v":22631.876844066937,"d":"22,632"}]
[null,{"v":35,"d":"35."},"Pier Terminal building including telescopic Air bridges, Seating & ADS but including fixed bridges","m2",{"v":16200,"d":"16,200"},{"v":19775.1724137931,"d":"19,775"},{"v":24467.58620689655,"d":"24,468"},{"v":27649.721729208926,"d":"27,650"},{"v":27758.64746501014,"d":"27,759"},{"v":30052.164333924946,"d":"30,052"},null,{"v":0.13,"d":"13%"},{"v":0.02,"d":"2%"},{"v":0.1,"d":"10%"},{"v":0.16,"d":"16%"},null,{"$f":"ROUND(J62*(1+$L$62)*(1+$M$62)*(1+$N$62)*(1+$O$62),-1)","v":{"v":44200,"d":"44,200"}},{"v":44200,"d":"R44,200"},null,{"v":0.22824393382352937,"d":"0.23"},5584.578127028396,{"v":30052.164333924946,"d":"30,052"}]
[null,{"v":36,"d":"36."},"Telescopic air bridges","unit",{"v":4300000,"d":"4,300,000"},{"v":5248965.517241379,"d":"5,248,966"},{"v":6494482.758620689,"d":"6,494,483"},{"v":7339123.6688640965,"d":"7,339,124"},{"v":7368036.0555273825,"d":"7,368,036"},{"v":7976809.051597361,"d":"7,976,809"},null,{"v":0.05,"d":"5%"},{"v":0.02,"d":"2%"},{"v":0.1,"d":"10%"},{"v":0.05,"d":"5%"},null,{"$f":"ROUND(J63*(1+$L$63)*(1+$M$63)*(1+$N$63)*(1+$O$63),-1)","v":{"v":9867350,"d":"9,867,350"}},{"v":9867350,"d":"R9,867,350"},null,{"v":0.22824393382352937,"d":"0.23"},1482326.292976673,{"v":7976809.051597361,"d":"7,976,809"}]
[null,{"$f":"B63+1","v":{"v":37,"d":"37."}},"ADS (per unit)","unit",{"v":655000,"d":"655,000"},{"v":799551.724137931,"d":"799,552"},{"v":989275.8620689654,"d":"989,276"},{"v":1117936.2797920892,"d":"1,117,936"},{"v":1122340.3759001014,"d":"1,122,340"},{"v":1215072.0764642493,"d":"1,215,072"},null,{"v":0.05,"d":"5%"},{"v":0.02,"d":"2%"},{"v":0.1,"d":"10%"},{"v":0.05,"d":"5%"},null,{"$f":"ROUND(J64*(1+$L$64)*(1+$M$64)*(1+$N$64)*(1+$O$64),-1)","v":{"v":1503050,"d":"1,503,050"}},{"v":1503050,"d":"R1,503,050"},null,{"v":0.22824393382352937,"d":"0.23"},225796.21439528393,{"v":1215072.0764642493,"d":"1,215,072"}]
[]
[null,"DOMESTIC TERMINAL BUILDINGS"]
[null,{"$f":"B64+1","v":{"v":38,"d":"38."}},"Terminal building refurbishment excluding baggage and X ary machines ( Preliminary)","m2","7800-10800",{"$f":"((219/154.4)-1)*10800+10800","v":{"v":15318.65284974093,"d":"15,319"}},"11063 - 15319","12 279 - 17 004",{"v":14642,"d":"14,642"},{"$f":"I67*1.063","v":{"v":15564.446,"d":"15,564"}},null,{"v":0.2,"d":"20%"},{"v":0.02,"d":"2%"},{"v":0.1,"d":"10%"},{"v":0.16,"d":"16%"},null,{"$f":"ROUND(J67*(1+$L$67)*(1+$M$67)*(1+$N$67)*(1+$O$67),-1)","v":{"v":24310,"d":"24,310"}},{"$f":"Q67","v":{"v":24310,"d":"R24,310"}}]
[]
[null,"NEW OFFICE BUILDINGS**"]
[null,{"$f":"B67+1","v":{"v":39,"d":"39."}},"Low - rise office park development with standard specification","m2",{"v":15400,"d":"15,400"},{"$f":"8500*(219/210.8)+8500","v":{"v":17330.645161290322,"d":"17,331"}},"14068-17331","13 320 - 15 318",{"v":15400,"d":"15,400"},{"$f":"I70*1.06","v":{"v":16324,"d":"16,324"}},null,{"v":0.13,"d":"13%"},{"v":0.01,"d":"1%"},{"v":0.15,"d":"15%"},{"v":0.12,"d":"12%"},null,{"$f":"ROUND(J70*(1+$L$70)*(1+$M$70)*(1+$N$70)*(1+$O$70),-1)","v":{"v":24000,"d":"24,000"}},{"$f":"Q70","v":{"v":24000,"d":"R24,000"}}]
[null,{"$f":"B70+1","v":{"v":40,"d":"40."}},"Low - rise office presigious park development ","m2",{"v":16100,"d":"16,100"},{"$f":"9000*(219/210.8)+9000","v":{"v":18350.09487666034,"d":"18,350"}},"12000-13800","15 615 - 19 237",{"v":16905,"d":"16,905"},{"v":17919.3,"d":"17,919"},null,{"v":0.13,"d":"13%"},{"v":0.01,"d":"1%"},{"v":0.15,"d":"15%"},{"v":0.12,"d":"12%"},null,{"$f":"ROUND(J71*(1+$L$71)*(1+$M$71)*(1+$N$71)*(1+$O$71),-1)","v":{"v":26340,"d":"26,340"}},{"v":26340,"d":"R26,340"}]
[null,{"$f":"B71+1","v":{"v":41,"d":"41."}},"High - rise tower block with standard specification","m2",{"v":17200,"d":"17,200"},{"$f":"8500*(219/210.8)+8500","v":{"v":17330.645161290322,"d":"17,331"}},"12000-13800","13 320 - 15 318",{"v":18060,"d":"18,060"},{"v":19143.600000000002,"d":"19,144"},null,{"v":0.13,"d":"13%"},{"v":0.01,"d":"1%"},{"v":0.15,"d":"15%"},{"v":0.18,"d":"18%"},null,{"$f":"ROUND(J72*(1+$L$72)*(1+$M$72)*(1+$N$72)*(1+$O$72),-1)","v":{"v":29650,"d":"29,650"}},{"v":29650,"d":"R29,650"}]
[null,{"v":42,"d":"42."},"High - rise prestigious tower block ","m2",{"v":19500,"d":"19,500"},{"v":17330.645161290322,"d":"17,331"},"15000-17250","16 650 - 19 148",{"v":20475,"d":"20,475"},{"v":21703.5,"d":"21,704"},null,{"v":0.13,"d":"13%"},{"v":0.01,"d":"1%"},{"v":0.15,"d":"15%"},{"v":0.18,"d":"18%"},null,{"$f":"ROUND(J73*(1+$L$73)*(1+$M$73)*(1+$N$73)*(1+$O$73),-1)","v":{"v":33610,"d":"33,610"}},{"v":33610,"d":"R33,610"}]
[null,{"v":43,"d":"43."},"Administration Offices (Building)","m2",{"v":7250,"d":"7,250"},{"$nulls":3},{"v":7612.5,"d":"7,613"},{"$f":"I74*1.06","v":{"v":8069.25,"d":"8,069"}},null,{"v":0.08,"d":"8%"},{"v":0.01,"d":"1%"},{"v":0.1,"d":"10%"},{"v":0.1,"d":"10%"},null,{"$f":"ROUND(J74*(1+$L$74)*(1+$M$74)*(1+$N$74)*(1+$O$74),-1)","v":{"v":10650,"d":"10,650"}},{"v":10650,"d":"R10,650"}]
[null,{"v":44,"d":"44."},"Office (1x standard office)","m2",{"v":1658,"d":"1,658"},{"$nulls":3},{"v":1740.9,"d":"1,741"},{"$f":"I75*1.06","v":{"v":1845.3540000000003,"d":"1,845"}},null,{"v":0.08,"d":"8%"},{"v":0.01,"d":"1%"},{"v":0.1,"d":"10%"},{"v":0.1,"d":"10%"},null,{"$f":"ROUND(J75*(1+$L$75)*(1+$M$75)*(1+$N$75)*(1+$O$75),-1)","v":{"v":2440,"d":"2,440"}},{"$f":"Q75","v":{"v":2440,"d":"R2,440"}}]
[null,{"v":45,"d":"45."},"Change Room/Ablutions/Terminal Ablutions","m2",{"v":12200,"d":"12,200"},{"$nulls":3},{"v":7612.5,"d":"7,613"},{"$f":"J74","v":{"v":8069.25,"d":"8,069"}},null,{"v":0.08,"d":"8%"},{"v":0.01,"d":"1%"},{"v":0.1,"d":"10%"},{"v":0.1,"d":"10%"},null,{"$f":"ROUND(J76*(1+$L$76)*(1+$M$76)*(1+$N$76)*(1+$O$76),-1)","v":{"v":10650,"d":"10,650"}},{"v":10650,"d":"R10,650"}]
[null,{"v":46,"d":"46."},"Departure Lounge","m2",{"v":6500,"d":"6,500"},{"$nulls":3},{"v":6825,"d":"6,825"},{"v":7234.5,"d":"7,235"},null,{"v":0.08,"d":"8%"},{"v":0.01,"d":"1%"},{"v":0.1,"d":"10%"},{"v":0.1,"d":"10%"},null,{"$f":"ROUND(J77*(1+$L$77)*(1+$M$77)*(1+$N$77)*(1+$O$77),-1)","v":{"v":9550,"d":"9,550"}},{"$f":"Q77","v":{"v":9550,"d":"R9,550"}}]
[null,{"v":47,"d":"47."},"Holding Lounge","m2",{"v":5850,"d":"5,850"},{"$nulls":3},{"v":6142.5,"d":"6,143"},{"v":6511.05,"d":"6,511"},null,{"v":0.08,"d":"8%"},{"v":0.01,"d":"1%"},{"v":0.1,"d":"10%"},{"v":0.1,"d":"10%"},null,{"$f":"ROUND(J78*(1+$L$78)*(1+$M$78)*(1+$N$78)*(1+$O$78),-1)","v":{"v":8590,"d":"8,590"}},{"$f":"Q78","v":{"v":8590,"d":"R8,590"}}]
[]
[null,"Conference centres"]
[]
[null,{"v":40,"d":"40."},"International standard center","m2",{"v":33000,"d":"33,000"},null,"24900-28640","27 639 - 31 790",{"v":34650,"d":"34,650"},{"$f":"I82*1.06","v":{"v":36729,"d":"36,729"}},null,{"v":0.13,"d":"13%"},{"v":0.01,"d":"1%"},{"v":0.15,"d":"15%"},{"v":0.18,"d":"18%"},null,{"$f":"ROUND(J82*(1+$L$82)*(1+$M$82)*(1+$N$82)*(1+$O$82),-1)","v":{"v":56880,"d":"56,880"}},{"$f":"Q82","v":{"v":56880,"d":"R56,880"}}]
[]
[null,"**","Note: the rates exclude parking"]
[]
[]
[null,"General Building Construction Rates"]

{"sheet":"Bldg Refurb Rates","index":11,"n_rows":45,"n_cols":6,"rows_kept":45,"merged":[[1,2,1,4],[2,1,3,1],[7,2,7,3],[7,4,7,5],[8,2,8,3]]}
[]
[null,null,"BER Index"]
[null,{"$f":"'New Bldg Rates'!M4","v":"Reference 2021 Q4 Table 2 - BER Building Cost Index"},"Base Date","2017-11-01",{"v":217.6,"d":"217.60"}]
[null,null,"Current Date",{"$f":"'New Bldg Rates'!J5","v":"2022-03-01"},{"$f":"'New Bldg Rates'!L5","v":{"v":267.26588,"d":"267.27"}}]
[]
[]
[null,"*Please note that the rates exclude an allowance for the relocation of tenants"]
[null,null,"Below rates exclude Turnout Factors [P&G, Sundry costs, Contingency, Esclation & Fees]",null,"Below rates exclude Turnout Factors [P&G, Sundry costs, Contingency, Esclation & Fees]"]
[null,"Major Refurb in Operational Enviroment","Base Date",null,"Current date\nMarch 2022"]
[null,"Includes removal and replacement of suspended ceilings and bulkheads, flooring, wall finishes, shopfonts, ",{"$f":"5600*(200.9/169.8-1)+5600","v":{"v":6625.67726737338,"d":"R 6,626"}},"/m2",{"$f":"(C10*($E$4/$E$3-1))+C10","v":{"v":8137.947911123813,"d":"R 8,138"}},"/m2"]
[null,"carpentry and joinery , plumbing fittings, services and light fittings"]
[]
[null,"Major  Rebubishment in Operational Enviroment-Cosmetic"]
[null,"Includes removal and replacement of suspended ceilings and bulkheads, flooring and wall finishes",{"$f":"1800*(200.9/169.6-1)+1800","v":{"v":2132.193396226415,"d":"R 2,132"}},"/m2",{"$f":"(C14*($E$4/$E$3-1))+C14","v":{"v":2618.8536046536833,"d":"R 2,619"}},"/m2"]
[]
[null,"Isolated Small Works"]
[null,"Includes removal and replacement of suspended ceilings and bulkheads, flooring, wall finishes, shopfonts, ",{"$f":"3100*(200.9/169.6-1)+3100","v":{"v":3672.110849056604,"d":"R 3,672"}},"/m2",{"$f":"(C17*($E$4/$E$3-1))+C17","v":{"v":4510.247874681344,"d":"R 4,510"}},"/m2"]
[null,"carpentry and joinery , plumbing fittings, services ,light fittings,allwance for roof repairs and eternal work"]
[]
[null,"Isolated Small Works- Cosmentic"]
[null,"Includes removal and replacement of suspended ceilings and bulkheads, flooring and wall finishes",{"$f":"1400*(200.9/169.6-1)+1400","v":{"v":1658.372641509434,"d":"R 1,658"}},"/m2",{"$f":"(C21*($E$4/$E$3-1))+C21","v":{"v":2036.886136952865,"d":"R 2,037"}},"/m2"]
[]
[null,"Offices- Major Refubishment",{"$f":"4800*(200.9/169.6-1)+4800","v":{"v":5685.849056603774,"d":"R 5,686"}},"/m2",{"$f":"(C23*($E$4/$E$3-1))+C23","v":{"v":6983.609612409823,"d":"R 6,984"}},"/m2"]
[null,"Includes removal and replacement of suspended ceilings and bulkheads, flooring, wall finishes, shopfonts, "]
[null,"carpentry and joinery , plumbing fittings, services  and light fittings,"]
[]
[null,"Offices-Cosmetic Refubishment"]
[null,"Includes removal and replacement of suspended ceilings and bulkheads, flooring and wall finishes",{"$f":"1300*(200.9/169.6-1)+1300","v":{"v":1539.9174528301887,"d":"R 1,540"}},"/m2",{"$f":"(C28*($E$4/$E$3-1))+C28","v":{"v":1891.3942700276602,"d":"R 1,891"}},"/m2"]
[]
[null,"DOMESTIC TERMINAL BUILDINGS",null,null,{"v":14642,"d":"R 14,642"},"/m2"]
[null,"Terminal building refurbishment excluding baggage and X ary machines ( Preliminary)"]
[]
[null,"Warehouse- Major Refurbishment",{"$f":"1400*(200.9/169.6-1)+1400","v":{"v":1658.372641509434,"d":"R 1,658"}},"/m2",{"$f":"(C33*($E$4/$E$3-1))+C33","v":{"v":2036.886136952865,"d":"R 2,037"}},"/m2"]
[null,"Includes removal and replacement of flooring, painting of soffits and walls, plumbing,servies , "]
[null,"light fittings and an allowance for the removal and replacement of carpentry and joinery"]
[]
[null,"Warehouse- Cosmetic Refubishment"]
[null,"Includes removal and replacement of  flooring, painting of soffits and walls",{"$f":"570*(200.9/169.6-1)+570","v":{"v":675.1945754716982,"d":"R 675"}},"/m2",{"$f":"(C38*($E$4/$E$3-1))+C38","v":{"v":829.3036414736664,"d":"R 829"}},"/m2"]
[]
[null,"Parking Major Refurbishment",{"$f":"205*(200.9/169.6-1)+205","v":{"v":242.83313679245285,"d":"R 243"}},"/m2",{"$f":"(C40*($E$4/$E$3-1))+C40","v":{"v":298.2583271966695,"d":"R 298"}},"/m2"]
[null,"Includes painting to soffits, walls and colums, allowance for removal and replacement of services ,"]
[null,"and an allowance for minor concrete repairs"]
[]
[null,"Parking Cosmetic Refurbishment"]
[null,"Includes painting to soffits, walls and colums",{"$f":"170*(200.9/169.6-1)+170","v":{"v":201.373820754717,"d":"R 201"}},"/m2",{"$f":"(C45*($E$4/$E$3-1))+C45","v":{"v":247.3361737728479,"d":"R 247"}},"/m2"]

{"sheet":"Building Rates","index":12,"n_rows":2896,"n_cols":5,"rows_kept":2896,"merged":[[1,2,1,3],[2,1,3,1]]}
[]
[null,null,"BER Index"]
[null,{"$f":"'New Bldg Rates'!M4","v":"Reference 2021 Q4 Table 2 - BER Building Cost Index"},"Base Date",{"v":115.3,"d":"R115"}]
[null,null,"Current Date",{"v":117.4,"d":"R117"}]
[{"$nulls":4},1.063]
[null,"DESCRIPTION","UNIT","2020 RATE","2022 RATE"]
[null,"REMOVAL OF EXISTING WORK"]
[]
[null,"SITE CLEARANCE ETC"]
[]
[null,"Digging up and removing rubbish,debris,vegetation,hedges,","m²",{"v":15.273200346921076,"d":"R15"},{"$f":"D11*$E$5","v":{"v":16.235411968777104,"d":"R16"}}]
[null,"shrubs and trees not exceeding 200mm girth,bush,etc"]
[]
[null,"Stripping average 150mm thick layer of topsoil and stockpile","m²",{"v":15.273200346921076,"d":"R15"},{"$f":"D14*$E$5","v":{"v":16.235411968777104,"d":"R16"}}]
[null,"on site"]
[]
[null,"MAKING GOOD OF FINISHES"]
[]
[null,"Making good screeds"]
[]
[null,"Floors in patches","m²",{"v":120,"d":"R120"},{"$f":"D21*$E$5","v":{"v":127.55999999999999,"d":"R128"}}]
[]
[null,"Breaking down and removing brickwork etc"]
[]
[null,"Half brick walls","m²",{"v":250,"d":"R250"},{"$f":"D25*$E$5","v":{"v":265.75,"d":"R266"}}]
[]
[null,"One brick walls","m²",{"v":285,"d":"R285"},{"$f":"D27*$E$5","v":{"v":302.955,"d":"R303"}}]
[]
[null,"Removal of top soil"]
[]
[null,"Remove top soil to 150mm ","m³",{"v":71.27493495229835,"d":"R71"},{"$f":"D31*$E$5","v":{"v":75.76525585429314,"d":"R76"}}]
[]
[null,"Taking out and removing doors, windows, etc, including thresholds, sills, etc."]
[]
[null,"Timber single leaf door and frame approximate size 725 x 1500mm from existing one brick walls","No",{"v":330,"d":"R330"},{"$f":"D35*$E$5","v":{"v":350.78999999999996,"d":"R351"}}]
[]
[null,"Timber single leaf door and steel frame approximate size 900 x 2100mm from existing one brick walls","No",{"v":565,"d":"R565"},{"$f":"D37*$E$5","v":{"v":600.5949999999999,"d":"R601"}}]
[]
[null,"Timber double leaf door and steel frame approximate size 1245 x 2100mm from existing one brick walls","No",{"v":785,"d":"R785"},{"$f":"D39*$E$5","v":{"v":834.4549999999999,"d":"R834"}}]
[]
[null,"Timber double leaf door and steel frame approximate size 1440 x 2100mm from existing one brick walls","No",{"v":915,"d":"R915"},{"$f":"D41*$E$5","v":{"v":972.645,"d":"R973"}}]
[]
[null,"Timber double leaf door and steel frame approximate size 1500 x 2100mm from existing one brick walls","No",{"v":945,"d":"R945"},{"$f":"D43*$E$5","v":{"v":1004.535,"d":"R1,005"}}]
[]
[null,"Timber double leaf door and steel frame approximate size 1660 x 2100mm from existing one brick walls","No",{"v":1050,"d":"R1,050"},{"$f":"D45*$E$5","v":{"v":1116.1499999999999,"d":"R1,116"}}]
[]
[null,"ATM metal strong room door and frame approximate size 750 x 2100mm from existing one brick walls","No",{"v":2500,"d":"R2,500"},{"$f":"D47*$E$5","v":{"v":2657.5,"d":"R2,658"}}]
[]
[null,"Taking down and removing roofs, floors, panelling, ceilings, partitions, etc."]
[]
[null,"Suspended ceilings, including cornices, suspension grid, hangers, etc","m²",{"v":85,"d":"R85"},{"$f":"D51*$E$5","v":{"v":90.35499999999999,"d":"R90"}}]
[]
[null,"Internal metal mentis grating roof above airline ticket offices, with and including roof support brackets, suspended ceilings, cornices, suspension grid, hangers complete","m²",{"v":250,"d":"R250"},{"$f":"D53*$E$5","v":{"v":265.75,"d":"R266"}}]
[]
[null,"Drywall partitions approximately 2500mm high, including doors, windows, glazed borrowed lights, etc.","m",{"v":125,"d":"R125"},{"$f":"D55*$E$5","v":{"v":132.875,"d":"R133"}}]
[]
[null,"Drywall partitions approximately 3000mm high, including doors, windows, glazed borrowed lights, etc.","m",{"v":125,"d":"R125"},{"$f":"D57*$E$5","v":{"v":132.875,"d":"R133"}}]
[]
[null,"Taking out and removing sundry joinery work, fittings, etc"]
[]
[null,"Bidvest Bank Bureau De Change serving counters approximately 700 x 1000mm high with and including counter tops, skirtings, etc complete","m",{"v":2000,"d":"R2,000"},{"$f":"D61*$E$5","v":{"v":2126,"d":"R2,126"}}]
[]
[null,"Airline ticket sales serving counters approximately 700 x 1500mm high with and including counter tops, stainless steel bumper rails, etc complete","m",{"v":2000,"d":"R2,000"},{"$f":"D63*$E$5","v":{"v":2126,"d":"R2,126"}}]
[]
[null,"Timber column cladding including sub-structure","m²",{"v":200,"d":"R200"},{"$f":"D65*$E$5","v":{"v":212.6,"d":"R213"}}]
[]
[null,"Taking out/off and removing sundry metalwork"]
[]
[null,"Glazed aluminium shopfront approximate size 4000 x 3000mm high complete","No",{"v":5000,"d":"R5,000"},{"$f":"D69*$E$5","v":{"v":5315,"d":"R5,315"}}]
[]
[null,"Glazed aluminium shopfront approximate size 4050 x 3000mm high with and including double doors, frames, etc. complete","No",{"v":5000,"d":"R5,000"},{"$f":"D71*$E$5","v":{"v":5315,"d":"R5,315"}}]
[]
[null,"Glazed aluminium shopfront approximate size 5300 x 3000mm high with and including double doors, frames, etc. complete","No",{"v":5000,"d":"R5,000"},{"$f":"D73*$E$5","v":{"v":5315,"d":"R5,315"}}]
[]
[null,"Irregular shaped glazed aluminium shopfront approximate size 7890 x 3000mm high with and including double doors, frames, etc. complete","No",{"v":5000,"d":"R5,000"},{"$f":"D75*$E$5","v":{"v":5315,"d":"R5,315"}}]
[]
[null,"Sliding stacking glazed aluminium shopfront approximate size 4000 x 3000mm high including floor and ceiling sliding tracks complete","No",{"v":5000,"d":"R5,000"},{"$f":"D77*$E$5","v":{"v":5315,"d":"R5,315"}}]
[]
[null,"Sliding stacking glazed aluminium shopfront approximate size 4100 x 3000mm high including floor and ceiling sliding tracks complete","No",{"v":5000,"d":"R5,000"},{"$f":"D79*$E$5","v":{"v":5315,"d":"R5,315"}}]
[]
[null,"Sliding stacking glazed aluminium shopfront approximate size 9200 x 3000mm high including floor and ceiling sliding tracks complete","No",{"v":5000,"d":"R5,000"},{"$f":"D81*$E$5","v":{"v":5315,"d":"R5,315"}}]
[]
[null,"Metal roller shutter door approximate size 1440 x 1500mm from existing partitioning to be demolished (partitioning demolished elsewhere)","No",{"v":2500,"d":"R2,500"},{"$f":"D83*$E$5","v":{"v":2657.5,"d":"R2,658"}}]
[]
[null,"Metal roller shutter door approximate size 1830 x 1500mm from existing partitioning to be demolished (partitioning demolished elsewhere)","No",{"v":2500,"d":"R2,500"},{"$f":"D85*$E$5","v":{"v":2657.5,"d":"R2,658"}}]
[]
[null,"Metal roller shutter door approximate size 1500 x 2000mm from existing 230mm brick walls","No",{"v":2500,"d":"R2,500"},{"$f":"D87*$E$5","v":{"v":2657.5,"d":"R2,658"}}]
[]
[null,"Floor mounted stainless steel bumper rails fixed at approximately 500mm spacing","m",{"v":125,"d":"R125"},{"$f":"D89*$E$5","v":{"v":132.875,"d":"R133"}}]
[]
[null,"Stainless steel balustrades approximately 1000mm high, fixed to floors with and including brackets, etc complete","m",{"v":300,"d":"R300"},{"$f":"D91*$E$5","v":{"v":318.9,"d":"R319"}}]
[]
[null,"Stainless steel balustrades approximately 1000mm high, with and including glass panels fixed to stanchions, fixed to floors with and including brackets, etc complete","m",{"v":400,"d":"R400"},{"$f":"D93*$E$5","v":{"v":425.2,"d":"R425"}}]
[]
[null,"Steel bench seating approximate size  750 x 400 x 500mm high overall with and including floor brackets, bolts, etc complete","No",{"v":1000,"d":"R1,000"},{"$f":"D95*$E$5","v":{"v":1063,"d":"R1,063"}}]
[]
[null,"Overhead retail signage fixed to ceiling soffits approximately 3m above floor level (above shopfronts) approximate size 1500 x 500mm high including disconnecting, blanking off and making safe electrical","No",{"v":1000,"d":"R1,000"},{"$f":"D97*$E$5","v":{"v":1063,"d":"R1,063"}}]
[]
[null,"Overhead airline ticket signage fixed to walls approximately 2.5m above floor level (above ticket counters) approximate size 1800 x 400mm high including disconnecting, blanking off and making safe electrical","No",{"v":750,"d":"R750"},{"$f":"D99*$E$5","v":{"v":797.25,"d":"R797"}}]
[]
[null,"Overhead retail signage fixed to ceiling soffits approximately 3m above floor level (above shopfronts) approximate size 10,000 x 500mm high including disconnecting, blanking off and making safe electrical","No",{"v":2500,"d":"R2,500"},{"$f":"D101*$E$5","v":{"v":2657.5,"d":"R2,658"}}]
[]
[null,"Hacking up/off and removing marble tiles including removing screeds and adhesive from concrete and preparing surface to receive new screeds and or new floor finishes (elsewhere measured)"]
[]
[null,"Tiles to floors","m²",{"v":100,"d":"R100"},{"$f":"D105*$E$5","v":{"v":106.3,"d":"R106"}}]
[]
[null,"Taking out and removing piping, sanitary fittings, etc. including cutting off as necessary, disconnecting piping from fittings and making good floor and wall finishes"]
[]
[null,"Wash hand basin, including short lengths of piping, etc","No",{"v":500,"d":"R500"},{"$f":"D109*$E$5","v":{"v":531.5,"d":"R532"}}]
[]
[null,"WC pan with flush valve, including short lengths of piping, etc","No",{"v":500,"d":"R500"},{"$f":"D111*$E$5","v":{"v":531.5,"d":"R532"}}]
[]
[null,"Taking out/off and removing glass and mirrors"]
[]
[null,"Bullet proof glass at Bidvest Bureau De Change, with and including ironmongery, glazing beads, pigeon holes louvres, etc complete","m²",{"v":500,"d":"R500"},{"$f":"D115*$E$5","v":{"v":531.5,"d":"R532"}}]
[]
[null,"Glass partitioning with and including doors, ironmongery, glazing beads including cleaning out rebates complete","m²",{"v":500,"d":"R500"},{"$f":"D117*$E$5","v":{"v":531.5,"d":"R532"}}]
[]
[null,"SOIL POISINING"]
[]
[null,"Soil insecticide"]
[]
[null,"Under floors etc incl.forming and poisoning shallow","m²",{"v":15.273200346921076,"d":"R15"},{"$f":"D123*$E$5","v":{"v":16.235411968777104,"d":"R16"}}]
[null,"furrows against foundation walls etc, filling in furrows"]
[null,"and ramming"]
[]
[null,"EXCAVATION, FILLING, ETC"]
[]
[null,"Excavation in earth not exceeding 2m deep"]
[]
[null,"Trenches","m³",{"v":86.54813529921944,"d":"R87"},{"$f":"D131*$E$5","v":{"v":92.00066782307026,"d":"R92"}}]
[]
[null,"Sump","m³",{"v":86.54813529921944,"d":"R87"},{"$f":"D133*$E$5","v":{"v":92.00066782307026,"d":"R92"}}]
[]
[null,"Extra over excavation for soft rock"]
[]
[null,"Soft rock","m³",{"v":112.00346921075456,"d":"R112"},{"$f":"D137*$E$5","v":{"v":119.05968777103209,"d":"R119"}}]
[]
[null,"Hard rock","m³",{"v":305.4640069384215,"d":"R305"},{"$f":"D139*$E$5","v":{"v":324.70823937554206,"d":"R325"}}]
[]
[null,"Risk of collapse of excavations"]
[]
[null,"Sides of trench and hole excavations not exceeding 1.5m","m²",{"v":15.273200346921076,"d":"R15"},{"$f":"D143*$E$5","v":{"v":16.235411968777104,"d":"R16"}}]
[null,"deep"]
[]
[null,"Keeping excavation free of water"]
[]
[null,"Keeping excavations free of water other than subterranean water","Item",{"v":2545.5333911535126,"d":"R2,546"},{"$f":"D148*$E$5","v":{"v":2705.9019947961838,"d":"R2,706"}}]
[]
[null,"Well compacted earth filling from the excavation"]
[]
[null,"Under floors, steps,paving,etc","m³",{"v":40.72853425845621,"d":"R41"},{"$f":"D152*$E$5","v":{"v":43.294431916738944,"d":"R43"}}]
[]
[null,"Backfilling to trenches,holes,etc","m³",{"v":40.72853425845621,"d":"R41"},{"$f":"D154*$E$5","v":{"v":43.294431916738944,"d":"R43"}}]
[]
[null,"Compaction of surfaces"]
[]
[null,"Compaction of ground surface under floors,etc including","m²",{"v":15.273200346921076,"d":"R15"},{"$f":"D158*$E$5","v":{"v":16.235411968777104,"d":"R16"}}]
[null,"scarifying for a depth of 150mm,breaking down oversize"]
[null,"material,adding suitable material where necessary and"]
[null,"compaction to 93% Mod AASHTO density"]
[]
[null,"Excavation in earth for basement"]
[]
[null,"Not exceeding 2m deep","m³",{"v":55,"d":"R55"},{"$f":"D165*$E$5","v":{"v":58.464999999999996,"d":"R58"}}]
[]
[null,"Exceeding 2m and not exceeding 4m deep","m³",{"v":55,"d":"R55"},{"$f":"D167*$E$5","v":{"v":58.464999999999996,"d":"R58"}}]
[]
[null,"Exceeding 2m and not exceeding 4m deep including working around piles","m³",{"v":55,"d":"R55"},{"$f":"D169*$E$5","v":{"v":58.464999999999996,"d":"R58"}}]
[]
[null,"Exceeding 4m and not exceeding 6m deep including working around piles","m³",{"v":55,"d":"R55"},{"$f":"D171*$E$5","v":{"v":58.464999999999996,"d":"R58"}}]
[]
[null,"Exceeding 6m and not exceeding 8m deep including working around piles","m³",{"v":55,"d":"R55"},{"$f":"D173*$E$5","v":{"v":58.464999999999996,"d":"R58"}}]
[]
[null,"Extra over bulk excavation in earth for excavation in"]
[]
[null,"Soft rock","m³",{"v":120,"d":"R120"},{"$f":"D177*$E$5","v":{"v":127.55999999999999,"d":"R128"}}]
[]
[null,"Hard rock","m³",{"v":750,"d":"R750"},{"$f":"D179*$E$5","v":{"v":797.25,"d":"R797"}}]
[]
[null,"Extra over all excavations for carting away"]
[]
[null,"Surplus material from excavations and/or stock piles on site, to a dumping site to be located by the contractor","m³",{"v":150,"d":"R150"},{"$f":"D183*$E$5","v":{"v":159.45,"d":"R159"}}]
[]
[null,"EXCAVATION, FILLING, ETC"]
[]
[null,"Excavation in earth within basement (basement level exceeding 6.0m and not exceeding 8.0m deep below ground level)"]
[]
[null,"Removal of platforms created for piling machinery to final levels under floors etc","m³",{"v":50,"d":"R50"},{"$f":"D189*$E$5","v":{"v":53.15,"d":"R53"}}]
[]
[null,"Holes including working around piles","m³",{"v":150.8,"d":"R151"},{"$f":"D191*$E$5","v":{"v":160.3004,"d":"R160"}}]
[]
[null,"Trenches","m³",{"v":150.8,"d":"R151"},{"$f":"D193*$E$5","v":{"v":160.3004,"d":"R160"}}]
[]
[null,"To remove sloping banks within basements","m³",{"v":50,"d":"R50"},{"$f":"D195*$E$5","v":{"v":53.15,"d":"R53"}}]
[]
[null,"Excavation in earth not exceeding 2m deep"]
[]
[null,"Trenches","m³",{"v":160,"d":"R160"},{"$f":"D199*$E$5","v":{"v":170.07999999999998,"d":"R170"}}]
[]
[null,"Holes","m³",{"v":160,"d":"R160"},{"$f":"D201*$E$5","v":{"v":170.07999999999998,"d":"R170"}}]
[]
[null,"Holes including working around piles","m³",{"v":160,"d":"R160"},{"$f":"D203*$E$5","v":{"v":170.07999999999998,"d":"R170"}}]
[]
[null,"Back excavation of vertical sides of excavation in earth for working space including backfilling compacted to 95% Mod AASHTO density"]
[]
[null,"Exceeding 500mm and not exceeding 1500mm deep for placing and removing formwork to walls, etc against excavated face","m²",{"v":45,"d":"R45"},{"$f":"D207*$E$5","v":{"v":47.835,"d":"R48"}}]
[]
[null,"Exceeding 1500mm and not exceeding 3000mm deep for placing and removing formwork to walls, etc against excavated face","m²",{"v":45,"d":"R45"},{"$f":"D209*$E$5","v":{"v":47.835,"d":"R48"}}]
[]
[null,"Extra over back excavation in earth for working space for excavation in soft rock"]
[]
[null,"Exceeding 500mm and not exceeding 1500mm deep for placing and removing formwork to walls, etc against excavated face","m²",{"v":85,"d":"R85"},{"$f":"D213*$E$5","v":{"v":90.35499999999999,"d":"R90"}}]
[]
[null,"Exceeding 1500mm and not exceeding 3000mm deep for placing and removing formwork to walls, etc against excavated face","m²",{"v":85,"d":"R85"},{"$f":"D215*$E$5","v":{"v":90.35499999999999,"d":"R90"}}]
[]
[null,"Extra over back excavation in earth for working space for excavation in hard rock"]
[]
[null,"Exceeding 1500mm and not exceeding 3000mm deep for placing and removing formwork to walls, etc against excavated face","m²",{"v":150,"d":"R150"},{"$f":"D219*$E$5","v":{"v":159.45,"d":"R159"}}]
[]
[null,"Exceeding 500mm and not exceeding 1500mm deep for placing and removing formwork to walls, etc against excavated face","m²",{"v":150,"d":"R150"},{"$f":"D221*$E$5","v":{"v":159.45,"d":"R159"}}]
[]
[null,"Extra over trench & hole excavation in earth for excavation in"]
[]
[null,"Soft rock","m³",{"v":35,"d":"R35"},{"$f":"D225*$E$5","v":{"v":37.205,"d":"R37"}}]
[]
[null,"Hard rock","m³",{"v":35,"d":"R35"},{"$f":"D227*$E$5","v":{"v":37.205,"d":"R37"}}]
[]
[null,"Extra over all excavations for carting away"]
[]
[null,"Surplus material from excavations and/or stock piles on site, to a dumping site to be located by the contractor","m³",{"v":150,"d":"R150"},{"$f":"D231*$E$5","v":{"v":159.45,"d":"R159"}}]
[]
[null,"Risk of collapse of excavations"]
[]
[null,"Sides of trench and hole excavations not exceeding 1.5m deep","m²",{"v":15,"d":"R15"},{"$f":"D235*$E$5","v":{"v":15.944999999999999,"d":"R16"}}]
[]
[null,"Sides of trench and hole excavations exceeding 1.5m deep","m²",{"v":25,"d":"R25"},{"$f":"D237*$E$5","v":{"v":26.575,"d":"R27"}}]
[]
[null,"FILLING, ETC"]
[]
[null,"Earth filling supplied by the Contractor compacted to 98% Mod AASHTO density"]
[]
[null,"Under floors, steps, paving, etc","m³",{"v":180,"d":"R180"},{"$f":"D243*$E$5","v":{"v":191.34,"d":"R191"}}]
[]
[null,"Backfilling to trenches, holes, etc","m³",{"v":180,"d":"R180"},{"$f":"D245*$E$5","v":{"v":191.34,"d":"R191"}}]
[]
[null,"Earth filling supplied by contractor in accordance with SABS 1200 DM"]
[]
[null,"Subbase coarse G4 compacted to 95% mod AASHTO dry density","m³",{"v":450,"d":"R450"},{"$f":"D249*$E$5","v":{"v":478.34999999999997,"d":"R478"}}]
[]
[null,"Subbase coarse G7 in layers not exceeding 150mm thick compacted to 93% mod AASHTO dry density","m³",{"v":220,"d":"R220"},{"$f":"D251*$E$5","v":{"v":233.85999999999999,"d":"R234"}}]
[]
[null,"Filling of coarse river sand supplied by the contractor, consolidated"]
[]
[null,"Under floors, steps, pavings, etc","m³",{"v":580,"d":"R580"},{"$f":"D255*$E$5","v":{"v":616.54,"d":"R617"}}]
[]
[null,"Stone filling of 19mm broken stone"]
[]
[null,"Under floors, etc","m³",{"v":600,"d":"R600"},{"$f":"D259*$E$5","v":{"v":637.8,"d":"R638"}}]
[]
[null,"Between walls and lateral support pile walls, etc","m³",{"v":600,"d":"R600"},{"$f":"D261*$E$5","v":{"v":637.8,"d":"R638"}}]
[]
[null,"Stone filling of 53mm broken stone"]
[]
[null,"Under floors, etc","m³",{"v":700,"d":"R700"},{"$f":"D265*$E$5","v":{"v":744.0999999999999,"d":"R744"}}]
[]
[null,"Compaction of ground surfaces & subbase surfaces"]
[]
[null,"Compaction of natural or excavated ground surface under floors etc, including scarifying for a depth of 150mm, breaking down oversize material, adding suitable material where necessary and compacting to 98% Mod AASHTO density","m²",{"v":35,"d":"R35"},{"$f":"D269*$E$5","v":{"v":37.205,"d":"R37"}}]
[]
[null,"Scarify and compact existing filling under floors to 100% Modified AASHTO dry density for new surface beds","m²",{"v":30,"d":"R30"},{"$f":"D271*$E$5","v":{"v":31.889999999999997,"d":"R32"}}]
[]
[null,"WEED KILLERS, INSECTICIDES, ETC"]
[]
[null,"Soil insecticide in accordance with SANS 5859"]
[]
[null,"Under floors etc., including forming and poisoning shallow furrows against foundation walls etc. filling in furrows and ramming","m²",{"v":20,"d":"R20"},{"$f":"D277*$E$5","v":{"v":21.259999999999998,"d":"R21"}}]
[]
[null,"TESTS"]
[]
[null,"Prescribed tests to determine degree of compaction or other properties of ground or filling"]
[]
[null,"Modified AASHTO Density test","No",{"v":600,"d":"R600"},{"$f":"D283*$E$5","v":{"v":637.8,"d":"R638"}}]
[]
[null,"Dynamic Core Penetrometer Tests (DCP)","No",{"v":600,"d":"R600"},{"$f":"D285*$E$5","v":{"v":637.8,"d":"R638"}}]
[]
[null,"SUB-SOIL DRAINAGE & FILTER FABRIC"]
[]
[null,"uPVC pipes"]
[]
[null,"160mm Slotted uPVC agricultural pipes laid in and including trenches behind retaining walls ot exceeding 1m deep including 19mm crushed stone encasing size 300 x 300mm and \"Kaytech\" geofabric filter blanket wrapped around agricultural pipes with 150mm side and 300mm end laps including stitching, etc","m",{"v":546,"d":"R546"},{"$f":"D291*$E$5","v":{"v":580.398,"d":"R580"}}]
[]
[null,"110mm Slotted uPVC agricultural pipes laid in and including trenches under solid floors not exceeding 1m deep including 19mm crushed stone encasing size 300 x 300mm and \"Kaytech\" geofabric filter blanket wrapped around agricultural pipes with 150mm side and 300mm end laps including stitching, etc","m",{"v":488.25,"d":"R488"},{"$f":"D293*$E$5","v":{"v":519.0097499999999,"d":"R519"}}]
[]
[null,"Extra over for 160mm end caps","No",{"v":183.75,"d":"R184"},{"$f":"D295*$E$5","v":{"v":195.32625,"d":"R195"}}]
[]
[null,"Extra over for 160mm bend","No",{"v":204.75,"d":"R205"},{"$f":"D297*$E$5","v":{"v":217.64925,"d":"R218"}}]
[]
[null,"Extra over for 160mm junction","No",{"v":252,"d":"R252"},{"$f":"D299*$E$5","v":{"v":267.876,"d":"R268"}}]
[]
[null,"Extra over for 110mm end caps","No",{"v":162.75,"d":"R163"},{"$f":"D301*$E$5","v":{"v":173.00324999999998,"d":"R173"}}]
[]
[null,"Extra for 110mm bend","No",{"v":189,"d":"R189"},{"$f":"D303*$E$5","v":{"v":200.90699999999998,"d":"R201"}}]
[]
[null,"Extra for 110mm junction","No",{"v":231,"d":"R231"},{"$f":"D305*$E$5","v":{"v":245.553,"d":"R246"}}]
[]
[null,"Extra for 110mm rodding eye","No",{"v":189,"d":"R189"},{"$f":"D307*$E$5","v":{"v":200.90699999999998,"d":"R201"}}]
[]
[null,"\"Kaytech\" non woven continuous filament needle-punched geotextile fabric with 300mm side and end laps"]
[]
[null,"\"Kaytech\" Bidum type U34 separation layer laid on ground under surface beds, etc","m²",{"v":26.25,"d":"R26"},{"$f":"D311*$E$5","v":{"v":27.90375,"d":"R28"}}]
[]
[null,"DEWATERING DESIGN, SUPPLY AND INSTALLATION BY SPECIALIST CONTRACTOR"]
[]
[null,"Design, supply and installation of the dewatering system"]
[]
[null,"Lump-Sum Pricing"]
[]
[null,"Design, supply & installation of the dewatering system of seepage water and water from other subterranean sources complete as per engineers drawings & specifications including establishment, relocation, maintaining and removal of dewatering system on completion."]
[]
[null,"Dewatering system complete including but not limited to, well points, all associated piping, valves, pumps, etc including monitoring, maintaining, as per engineers drawings and specification","Item",{"v":5350214.1,"d":"R5,350,214"},{"$f":"D321*$E$5","v":{"v":5687277.588299999,"d":"R5,687,278"}}]
[]
[null,"CONCRETE, FORMWORK AND  REINFORCEMENT "]
[]
[null,"REINFORCED CONCRETE CAST AGAINST"]
[null," EXCAVATED SURFACES "]
[]
[null,"25MPa/19mm"]
[]
[null,"Foundations","m3",{"v":1763,"d":"R1,763"},{"$f":"D330*$E$5","v":{"v":1874.069,"d":"R1,874"}}]
[]
[null,"Surfacebed","m3",{"v":1763,"d":"R1,763"},{"$f":"D332*$E$5","v":{"v":1874.069,"d":"R1,874"}}]
[]
[null,"Sumps slab","m3",{"v":1763,"d":"R1,763"},{"$f":"D334*$E$5","v":{"v":1874.069,"d":"R1,874"}}]
[]
[null,"Ramps and landings","m3",{"v":1763,"d":"R1,763"},{"$f":"D336*$E$5","v":{"v":1874.069,"d":"R1,874"}}]
[]
[null,"30MPa/19mm"]
[]
[null,"600mm concrete column supported with 10mm control joints","m3",{"v":2036.42671292281,"d":"R2,036"},{"$f":"D340*$E$5","v":{"v":2164.721595836947,"d":"R2,165"}}]
[]
[null,"Suspended beams","m3",{"v":2036.42671292281,"d":"R2,036"},{"$f":"D342*$E$5","v":{"v":2164.721595836947,"d":"R2,165"}}]
[]
[null,"Roof slab topping","m3",{"v":2036.42671292281,"d":"R2,036"},{"$f":"D344*$E$5","v":{"v":2164.721595836947,"d":"R2,165"}}]
[]
[null,"CONCRETE SUNDRIES "]
[null,"TEST BLOCKS "]
[]
[null,"Making and testing 150 x 150 x 150mm concrete strength test","No",{"v":305.4640069384215,"d":"R305"},{"$f":"D349*$E$5","v":{"v":324.70823937554206,"d":"R325"}}]
[null," cube (Provisional) "]
[]
[null,"LOUVRE PANEL AS ENGINNERS DETAILS"]
[]
[null,"500 x 500mm opening, 300mm above F.F.L with powder coated","No",{"v":661.8386816999133,"d":"R662"},{"$f":"D354*$E$5","v":{"v":703.5345186470078,"d":"R704"}}]
[null,"charcoal. Grey lourve"]
[]
[null,"1000 x 1000mm opening, 4100mm above F.F.L with powder coated","No",{"v":814.5706851691241,"d":"R815"},{"$f":"D357*$E$5","v":{"v":865.8886383347789,"d":"R866"}}]
[null,"charcoal. Grey lourve"]
[]
[null,"FORMWORK CLASS F1 (ORDINARY FINISH)"]
[]
[null,"Rough formwork to :"]
[]
[null,"Rough formwork to sides "]
[]
[null,"Edges, risers, ends and reveals not exceeding 300mm high or wide","m",{"v":50.910667823070256,"d":"R51"},{"$f":"D366*$E$5","v":{"v":54.11803989592368,"d":"R54"}}]
[]
[null,"Fabric reinforcement "]
[]
[null,"Ref 245 fabric reinforcement in concrete surface beds, slabs, etc ","m2",{"v":81.45706851691241,"d":"R81"},{"$f":"D370*$E$5","v":{"v":86.58886383347789,"d":"R87"}}]
[]
[null,"Ref 193 fabric reinforcement in concrete surface beds, slabs, etc ","m2",{"v":40.72853425845621,"d":"R41"},{"$f":"D372*$E$5","v":{"v":43.294431916738944,"d":"R43"}}]
[]
[null,"MOVEMENT JOINTS ETC "]
[]
[null,"Expansion joints with bitumen impregnated softboard"]
[null," between vertical concrete and brick surfaces "]
[]
[null,"10mm  Joints not exceeding 300mm high","m",{"v":30.546400693842152,"d":"R31"},{"$f":"D379*$E$5","v":{"v":32.47082393755421,"d":"R32"}}]
[]
[null,"REINFORCEMENT (450MPa)"]
[]
[null,"All reinforcement as per schedules BD-1272-R-001/002/003/004","t",{"v":15273.200346921076,"d":"R15,273"},{"$f":"D383*$E$5","v":{"v":16235.411968777104,"d":"R16,235"}}]
[]
[null,"WATERPROOFING"]
[]
[null,"DAMP-PROOFING OF WALLS AND FLOORS"]
[]
[null,"Super laykold rubberised bitumen waterproofing emalsion "]
[null,"membrane on the inner skin of cavity wall"]
[]
[null,"On existing double skin wall","m2",{"v":61.092801387684304,"d":"R61"},{"$f":"D392*$E$5","v":{"v":64.94164787510842,"d":"R65"}}]
[]
[null,"One layer of 250 micron\"Consol Plastics"]
[null,"Gunplas USB Green\"waterproof sheeting"]
[null,"sealed at laps with\"Gunnplas Pressure"]
[null,"Sensitive Tape\""]
[]
[null,"Under surface beds","m2",{"v":30.546400693842152,"d":"R31"},{"$f":"D399*$E$5","v":{"v":32.47082393755421,"d":"R32"}}]
[]
[null,"One layer of 375 micron\"Consol Plastick"]
[null,"Brikgrip DPC\"embossed damp proof course"]
[]
[null,"In walls","m2",{"v":30.546400693842152,"d":"R31"},{"$f":"D404*$E$5","v":{"v":32.47082393755421,"d":"R32"}}]
[]
[null,"MASONRY  "]
[]
[null,"SUBSTRUCTURE  "]
[]
[null,"Brickswork,  NFX bricks in founation class 2 mortar  "]
[]
[null,"One brick wall","m2",{"v":458.1960104076323,"d":"R458"},{"$f":"D412*$E$5","v":{"v":487.06235906331307,"d":"R487"}}]
[]
[null,"Sump brickwork of one brickwall","m2",{"v":458.1960104076323,"d":"R458"},{"$f":"D414*$E$5","v":{"v":487.06235906331307,"d":"R487"}}]
[]
[null,"SUPERSTRUCTURE  "]
[]
[null,"Brickwork of NFP bricks in class 2 mortar  "]
[]
[null,"One brick wall","m2",{"v":458.1960104076323,"d":"R458"},{"$f":"D420*$E$5","v":{"v":487.06235906331307,"d":"R487"}}]
[]
[null,"BRICKWORK SUNDRIES  "]
[]
[null,"Brick reinforcement  "]
[]
[null,"150mm Wide reinforcement built in horizontally  ","m",{"v":8.14570685169124,"d":"R8"},{"$f":"D426*$E$5","v":{"v":8.658886383347788,"d":"R9"}}]
[]
[null,"Cutting and toothing one brick wall","m2",{"v":61.092801387684304,"d":"R61"},{"$f":"D428*$E$5","v":{"v":64.94164787510842,"d":"R65"}}]
[]
[null,"Prestressed fabricated lintels  "]
[]
[null,"75 x 85mm Lintels in lengths not exceeding 3m","m",{"v":152.73200346921075,"d":"R153"},{"$f":"D432*$E$5","v":{"v":162.35411968777103,"d":"R162"}}]
[]
[null,"Galvanised wire ties etc "]
[]
[null,"4mm Diameter roof tie 2m girth bent double with one end fixed to","m",{"v":50.910667823070256,"d":"R51"},{"$f":"D436*$E$5","v":{"v":54.11803989592368,"d":"R54"}}]
[null," timber and other end built into blockwork "]
[]
[null,"Turning pieces  "]
[]
[null,"230mm Wide turning piece to lintels etc  ","m",{"v":91.63920208152646,"d":"R92"},{"$f":"D441*$E$5","v":{"v":97.41247181266263,"d":"R97"}}]
[]
[null,"CARPENTRY AND JOINERY "]
[]
[null,"DOORS ETC "]
[]
[null,"Wrought meranti doors hung to steel frames "]
[]
[null,"40mm semi solid door 1100 x 2100mm high of 40 x 150mm top rail and ","No",{"v":1832.7840416305291,"d":"R1,833"},{"$f":"D449*$E$5","v":{"v":1948.2494362532523,"d":"R1,948"}}]
[null,"stiles, 1.5 per leaf howick H036R, 100X75 Brass But Hinges with double"]
[null," nylon washers (D3)"]
[]
[null,"40mm semi solid door 877 x 2100mm high of 40 x 150mm top rail and ","No",{"v":1832.7840416305291,"d":"R1,833"},{"$f":"D453*$E$5","v":{"v":1948.2494362532523,"d":"R1,948"}}]
[null,"stiles, 1.5 per leaf howick H036R, 100X75 Brass But Hinges with double"]
[null," nylon washers (D4)"]
[]
[null,"IRONMONGERY "]
[]
[null,"HINGES, BOLTS, ETC "]
[]
[null,"150mm Brass barrel bolt with keep let into concrete","No",{"v":305.4640069384215,"d":"R305"},{"$f":"D461*$E$5","v":{"v":324.70823937554206,"d":"R325"}}]
[]
[null,"LOCKS  "]
[]
[null,"The following locks are to be suitable for master key operation "]
[]
[null,"Deadlock sets as per engineers details ","No",{"v":560.0173460537728,"d":"R560"},{"$f":"D467*$E$5","v":{"v":595.2984388551605,"d":"R595"}}]
[]
[null,"Push panic bar on the internal of door as supplied by bitcon","No",{"v":3563.7467476149177,"d":"R3,564"},{"$f":"D469*$E$5","v":{"v":3788.2627927146573,"d":"R3,788"}}]
[]
[null,"SUNDRIES "]
[]
[null,"38mm Diameter red rubber door stop plugged ","No",{"v":101.82133564614051,"d":"R102"},{"$f":"D473*$E$5","v":{"v":108.23607979184736,"d":"R108"}}]
[]
[null,"METALWORK "]
[]
[null,"Class B doors finnished in stainless steel with a knob/key"]
[null,"cylinder lockset, stainless steel ball bearing hinges 100 x 300mm"]
[null,"double glazed clear GEORGIAN wired glass viewing panal"]
[null,"with stainless steel frame fitted 1.6mm pressed metal stainless "]
[null,"steel frame."]
[]
[null,"Frame for door 1100 x 2100mm high (D3)","No",{"v":2036.42671292281,"d":"R2,036"},{"$f":"D483*$E$5","v":{"v":2164.721595836947,"d":"R2,165"}}]
[]
[null,"Frame for door 877 x 2100mm high (D4)","No",{"v":2036.42671292281,"d":"R2,036"},{"$f":"D485*$E$5","v":{"v":2164.721595836947,"d":"R2,165"}}]
[]
[null,"Roller shutters as per engineers specification"]
[]
[null,"Double door frame 2500 x 3500mm high (D3)","No",{"v":10182.13356461405,"d":"R10,182"},{"$f":"D489*$E$5","v":{"v":10823.607979184735,"d":"R10,824"}}]
[]
[null,"Double door frame 2100 x1500mm high (D2)","No",{"v":8145.70685169124,"d":"R8,146"},{"$f":"D491*$E$5","v":{"v":8658.886383347788,"d":"R8,659"}}]
[]
[null,"Balustrading as per engineers details "]
[]
[null,"balustrading","sum",{"v":40728.5342584562,"d":"R40,729"},{"$f":"D495*$E$5","v":{"v":43294.43191673894,"d":"R43,294"}}]
[]
[null,"Canopy as per engineers details"]
[]
[null,"Canopy","sum",{"v":45819.60104076323,"d":"R45,820"},{"$f":"D499*$E$5","v":{"v":48706.235906331305,"d":"R48,706"}}]
[]
[null,"Fire Protector"]
[]
[null,"Fire protecting equipment","sum",{"v":20364.2671292281,"d":"R20,364"},{"$f":"D503*$E$5","v":{"v":21647.21595836947,"d":"R21,647"}}]
[]
[null,"PLASTERING "]
[]
[null,"SCREEDS "]
[]
[null,"Screeds on concrete "]
[]
[null,"35mm Average screed to falls","m2",{"v":86.54813529921944,"d":"R87"},{"$f":"D511*$E$5","v":{"v":92.00066782307026,"d":"R92"}}]
[]
[null,"EXTERNAL PLASTER "]
[]
[null,"Cement plaster on brickwork "]
[]
[null,"On walls ","m2",{"v":86.54813529921944,"d":"R87"},{"$f":"D517*$E$5","v":{"v":92.00066782307026,"d":"R92"}}]
[]
[null,"On narrow widths","m2",{"v":91.63920208152646,"d":"R92"},{"$f":"D519*$E$5","v":{"v":97.41247181266263,"d":"R97"}}]
[]
[null,"Skimming"]
[]
[null,"Skimming to internal roof top","m2",{"v":122.18560277536861,"d":"R122"},{"$f":"D523*$E$5","v":{"v":129.88329575021683,"d":"R130"}}]
[]
[null,"PLUMBING AND DRAINAGE  "]
[]
[null,"RAINWATER DISPOSAL "]
[]
[null,"Chromodeck  gutters and down pipe. "]
[]
[null,"100x 75mm Eaves gutters. ","m",{"v":560.0173460537728,"d":"R560"},{"$f":"D531*$E$5","v":{"v":595.2984388551605,"d":"R595"}}]
[]
[null,"Extra over gutter for stopped end. ","No",{"v":203.64267129228102,"d":"R204"},{"$f":"D533*$E$5","v":{"v":216.47215958369472,"d":"R216"}}]
[]
[null,"Extra over gutter for angle. ","No",{"v":203.64267129228102,"d":"R204"},{"$f":"D535*$E$5","v":{"v":216.47215958369472,"d":"R216"}}]
[]
[null,"Extra over 100 x 75mm eaves gutter for outlet for 75mm","No",{"v":203.64267129228102,"d":"R204"},{"$f":"D537*$E$5","v":{"v":216.47215958369472,"d":"R216"}}]
[null," diameter pipe. "]
[]
[null,"75mm Diameter rainwater pipes. ","m",{"v":560.0173460537728,"d":"R560"},{"$f":"D540*$E$5","v":{"v":595.2984388551605,"d":"R595"}}]
[]
[null,"Extra over rainwater pipe for bend. ","No",{"v":203.64267129228102,"d":"R204"},{"$f":"D542*$E$5","v":{"v":216.47215958369472,"d":"R216"}}]
[]
[null,"PAINTWORK "]
[]
[null,"PAINTWORK ETC TO NEW WORK "]
[]
[null,"ON FLOATED PLASTER "]
[]
[null,"One coat primer and two coats \"Plascon Wall 'n All\" acrylic"]
[null," acrylic emulsion paint "]
[]
[null,"On internal walls and eternal walls","m2",{"v":61.092801387684304,"d":"R61"},{"$f":"D553*$E$5","v":{"v":64.94164787510842,"d":"R65"}}]
[]
[null,"ON FIBRE-CEMENT "]
[]
[null,"One coat sealer and two coats \"Plascon Double Velvet\" paint "]
[]
[null,"On ceilings (Skimming)","m2",{"v":61.092801387684304,"d":"R61"},{"$f":"D559*$E$5","v":{"v":64.94164787510842,"d":"R65"}}]
[]
[null,"ON STEEL FRAME"]
[]
[null,"On steel door frames","m2",{"v":61.092801387684304,"d":"R61"},{"$f":"D563*$E$5","v":{"v":64.94164787510842,"d":"R65"}}]
[]
[null,"On steel roof frames","m2",{"v":61.092801387684304,"d":"R61"},{"$f":"D565*$E$5","v":{"v":64.94164787510842,"d":"R65"}}]
[]
[null,"One coat primer, one undercoat and two coats Plascon"]
[null," Velvaglo "]
[]
[null,"On doors ","m2",{"v":61.092801387684304,"d":"R61"},{"$f":"D570*$E$5","v":{"v":64.94164787510842,"d":"R65"}}]
[]
[null,"GLAZING"]
[]
[null," CLEAR ‘GEORGIAN’ WIRED GLASS VIEWING PANEL"]
[]
[null,"100 x 300mm double glazed clear GEORGIAN wire glass","m2",{"v":661.8386816999133,"d":"R662"},{"$f":"D576*$E$5","v":{"v":703.5345186470078,"d":"R704"}}]
[null,"viewing panel"]
[]
[null,"EXTERNAL WORKS"]
[]
[null,"EARTHWORKS "]
[]
[null,"Keeping excavations free of water: "]
[]
[null,"Keeping excavations free of all water other than subterranean","Item",{"v":2545.5333911535126,"d":"R2,546"},{"$f":"D585*$E$5","v":{"v":2705.9019947961838,"d":"R2,706"}}]
[null," water. "]
[]
[null,"CARTING AWAY. "]
[]
[null,"Extra over all excavations for loading, carting and"]
[null," dumping surplus excavated material (no allowance made"]
[null," for increase in bulk): "]
[]
[null,"Off site to a dumping site to be found by the Contractor. ","m3",{"v":254.55333911535126,"d":"R255"},{"$f":"D594*$E$5","v":{"v":270.5901994796184,"d":"R271"}}]
[]
[null,"Surface Preparation: "]
[]
[null,"Trim and level off surface of ground (excavated or filled under","m2",{"v":15.273200346921076,"d":"R15"},{"$f":"D598*$E$5","v":{"v":16.235411968777104,"d":"R16"}}]
[null," this Contract) to receive concrete surface beds, including"]
[null," excavating or filling, ripping and scarifying as necessary,"]
[null," stabilising with 4% lime and compacting the whole area for a"]
[null," depth of 150mm to a density of at least 95% Mod. AASHTO"]
[null," maximum density, part to falls. "]
[]
[null,"Imported Materials"]
[]
[null,"Supply  clean river sand of 0.050mm thickness ","m3",{"v":458.1960104076323,"d":"R458"},{"$f":"D607*$E$5","v":{"v":487.06235906331307,"d":"R487"}}]
[]
[null,"Concrete Pavers"]
[]
[null,"Supply and lay according to the architects specification ","m2",{"v":386.92107545533395,"d":"R387"},{"$f":"D611*$E$5","v":{"v":411.29710320901995,"d":"R411"}}]
[null,"concrete pavers"]
[]
[null,"FIRE PROTECTION"]
[]
[null,"Note: All rates shall be inclusive of supply and installation"]
[]
[null,"PRELIMINARY AND GENERAL"]
[null,"The contractor shall establsih site and ensure all health and safety files are in place.  All permits shall be included in the P&Gs","sum",{"v":61092.8013876843,"d":"R61,093"},{"$f":"D619*$E$5","v":{"v":64941.647875108414,"d":"R64,942"}}]
[]
[null,"FIRE HOSE REEL"]
[null,"\"Everyway\" hose reel complete with 30m plastic hose,  chromium plated stopcock, shut-off nozzle and wall bracket inclusive of water supply all fitted complete.  Hose reels shall comply with the requirements in SANS 543, shall be installed in accordance with SANS 10105-2 and SANS 10400-W","no",{"v":5600.173460537728,"d":"R5,600"},{"$f":"D622*$E$5","v":{"v":5952.984388551605,"d":"R5,953"}}]
[null,"Contractor shall design supply and install the fire hose reel network and reticulation complete with all pipes, connections, hangers, valves, trenches, bends, fixings, painting, droppers, etc.  During simultaneous operation of hose reels, each fire hose reel shall maintain a 30 l/min flow rate at a minimum pressure of 300 kPa and not exceeding 600 kPa.  The fire hose reels shall tie-in to the ACSA potable water network.","Sum",{"v":20364.2671292281,"d":"R20,364"},{"v":21647.21595836947,"d":"R21,647"}]
[]
[null,"FIRE EXTINGUISHERS"]
[null,"Portable fire extinguishers with hardwood backing boards complying with the relevent SANS code 1910, 1475-1 & 10105-1"]
[null,"5 kg CO2 fire extinguisher","no",{"v":2240.0693842150913,"d":"R2,240"},{"$f":"D627*$E$5","v":{"v":2381.193755420642,"d":"R2,381"}}]
[null,"9 kg Dry chemical powder fire extinguisher ","no",{"v":916.3920208152646,"d":"R916"},{"v":974.1247181266261,"d":"R974"}]
[null,"9l Wet foam fire extinguisher","no",{"v":1221.856027753686,"d":"R1,222"},{"v":1298.8329575021683,"d":"R1,299"}]
[]
[null,"SIGNAGE AND DEMARCATION"]
[null,"E1 FIRE ESCAPE SIGNAGE","no",{"v":1084.3972246313965,"d":"R1,084"},{"$f":"D632*$E$5","v":{"v":1152.7142497831744,"d":"R1,153"}}]
[null,"E6 FIRE ESCAPE SIGNAGE","no",{"v":1084.3972246313965,"d":"R1,084"},{"v":1152.7142497831744,"d":"R1,153"}]
[null,"F4 FIRE EQUIPMENT SIGNAGE","no",{"v":1781.8733738074588,"d":"R1,782"},{"v":1894.1313963573286,"d":"R1,894"}]
[null,"F27 FIRE EQUIPMENT SIGNAGE","no",{"v":1781.8733738074588,"d":"R1,782"},{"v":1894.1313963573286,"d":"R1,894"}]
[null,"F28 FIRE EQUIPMENT SIGNAGE","no",{"v":666.9297484822204,"d":"R667"},{"v":708.9463226366003,"d":"R709"}]
[null,"FR10 FIRE EQUIPMENT SIGNAGE","no",{"v":666.9297484822204,"d":"R667"},{"v":708.9463226366003,"d":"R709"}]
[null,"PR10 FIRE EQUIPMENT SIGNAGE","no",{"v":666.9297484822204,"d":"R667"},{"v":708.9463226366003,"d":"R709"}]
[null,"Painting and deamrcation: Each store shall be numbered with paint as given on the fire plans.  The bund capacity of each store and product stored in each store shall also be marked on the stores.  The contractor shall specify a paint easily visible in poor light","sum",{"v":10182.13356461405,"d":"R10,182"},{"v":10823.607979184735,"d":"R10,824"}]
[]
[null,"SPILL KIT"]
[null,"Supply chemical spillkit to the main store","no",{"v":5091.066782307025,"d":"R5,091"},{"$f":"D642*$E$5","v":{"v":5411.8039895923675,"d":"R5,412"}}]
[]
[null,"FIRE STOPPING"]
[null,"All services (ducts, pipes and cables) penetrations in the walls and roof shall be fire stopped. All cable openings to buildings shall be sealed with mineral wool panels with and panel seal (fire and water resistant coating) to ensure a smoke and gas tight seal. Cables shall be treated with intumescent paint. All fire stopping elements shall maintain a fire resistance of 120 minutes"]
[null,"2 hour fire resistant mineral wool panel","m2",{"v":407.28534258456204,"d":"R407"},{"$f":"D646*$E$5","v":{"v":432.94431916738944,"d":"R433"}}]
[null,"2 hour fire resistant intumescent paint","m2",{"v":642.4926279271466,"d":"R642"},{"v":682.9696634865568,"d":"R683"}]
[null,"2 hour fire resistant, water proof panel seal","m2",{"v":445.9774501300954,"d":"R446"},{"v":474.0740294882914,"d":"R474"}]
[null,"2 hour fire resitant gap seal","m2",{"v":2138.2480485689507,"d":"R2,138"},{"v":2272.9576756287943,"d":"R2,273"}]
[]
[null,"RELOCATION WORKS"]
[null,"Relocation of exisiting fire hydrant main.","Sum",{"v":42764.96097137901,"d":"R42,765"},{"$f":"D652*$E$5","v":{"v":45459.15351257589,"d":"R45,459"}}]
[]
[null,"TESTING, COMISSIONING,COC AND MAINTENANCE"]
[null,"Testing, Comissioning and certificate of completion ","Sum",{"v":2545.5333911535126,"d":"R2,546"},{"$f":"D655*$E$5","v":{"v":2705.9019947961838,"d":"R2,706"}}]
[null,"12 months maintenance during defects and liabibilty period","Sum",{"v":12218.56027753686,"d":"R12,219"},{"v":12988.329575021682,"d":"R12,988"}]
[]
[null,"VENTILATION"]
[]
[null,"WEATHER LOUVRES"]
[null,"WL 1.2 WEATHER LOUVRE c/w OBD AND BURGLAR BARS 1630 L/s, 1000mmx1000mm","no",{"v":5091.066782307025,"d":"R5,091"},{"$f":"D661*$E$5","v":{"v":5411.8039895923675,"d":"R5,412"}}]
[null,"WL 2.3 WEATHER LOUVRE c/w OBD AND BURGLAR BARS 632 L/s, 500mmx500mm","no",{"v":2036.42671292281,"d":"R2,036"},{"v":2164.721595836947,"d":"R2,165"}]
[null,"Weather louvres shall be corrosion resistant type"]
[]
[null,"EX RATED ZONE 1 COMPLIANT FLAME PROOF AXIAL FANS (300 Pa, 1440 RPM, 380V/3Ph/50Hz)"]
[null,"All fixing equipment hangers and wiring shall be included in the fans price"]
[null,"EAF 1.1 AXIAL FLOW FAN c/w 2 OFF. SOUND ATTENUATORS, 710mm diameter 4888 L/s, 3 kW","no",{"v":25455.333911535126,"d":"R25,455"},{"$f":"D667*$E$5","v":{"v":27059.01994796184,"d":"R27,059"}}]
[null,"EAF 2.1 AXIAL FLOW FAN c/w 2 OFF. SOUND ATTENUATORS, 560mm diameter 1263 L/s, 0.55 kW","no",{"v":20364.2671292281,"d":"R20,364"},{"v":21647.21595836947,"d":"R21,647"}]
[null,"EAF 2.2 AXIAL FLOW FAN c/w 2 OFF. SOUND ATTENUATORS, 560mm diameter 1263 L/s, 0.55 kW","no",{"v":20364.2671292281,"d":"R20,364"},{"v":21647.21595836947,"d":"R21,647"}]
[null,"Note:  Fan blades shall be aluminium to ensure corrosion protection.  All cabling and wiring shall be intrinsically safe and compatible with Zone 1 EX RATING "]
[]
[null,"EX RATE ZONE 1 COMPLIANT MOTORIZED WALL DAMPERS COMPLETE WITH EX RATED ZONE 1 OPEN AND CLOSE LIMIT SWITCHES "]
[null,"All frames equipment hangers and wiring shall be included in the dampers price"]
[null,"FD 1.1 SPRING LOADED MOTORISED WALL MOUNTED FIRE DAMPER RATED FOR ZONE 1 INCLUDING OPEN AND CLOSE LIMIT SWICTHES","no",{"v":50944.26886383348,"d":"R50,944"},{"$f":"D674*$E$5","v":{"v":54153.757802254986,"d":"R54,154"}}]
[null,"FD 1.2 SPRING LOADED MOTORISED WALL MOUNTED FIRE DAMPER RATED FOR ZONE 1 INCLUDING OPEN AND CLOSE LIMIT SWICTHES","no",{"v":49456.65915004337,"d":"R49,457"},{"v":52572.4286764961,"d":"R52,572"}]
[null,"FD 2.1 SPRING LOADED MOTORISED DUCT MOUNTED FIRE DAMPER RATED FOR ZONE 1 INCLUDING OPEN AND CLOSE LIMIT SWICTHES","no",{"v":46710.53772766696,"d":"R46,711"},{"v":49653.30160450998,"d":"R49,653"}]
[null,"FD 2.2 SPRING LOADED MOTORISED WALL MOUNTED FIRE DAMPER RATED FOR ZONE 1 INCLUDING OPEN AND CLOSE LIMIT SWICTHES","no",{"v":46710.53772766696,"d":"R46,711"},{"v":49653.30160450998,"d":"R49,653"}]
[]
[null,"DUCT WORK"]
[null,"All duct work shall be sheet metal to SANS 1238 and be installed and tested to SANS 10173.  All fixings, bolts, nuts, hangers, frames, fabrication works, hangers, galvanizing etc shall be included in the rates"]
[]
[null,"Ducts"]
[null,"Rectangular Duct 300x400 ","m",{"v":1018.213356461405,"d":"R1,018"},{"$f":"D683*$E$5","v":{"v":1082.3607979184735,"d":"R1,082"}}]
[null,"Rectangular Duct 400x400 ","m",{"v":1018.213356461405,"d":"R1,018"},{"v":1082.3607979184735,"d":"R1,082"}]
[null,"Rectangular Duct 500x500 ","m",{"v":1018.213356461405,"d":"R1,018"},{"v":1082.3607979184735,"d":"R1,082"}]
[null,"Rectangular Duct 650x650","m",{"v":1221.856027753686,"d":"R1,222"},{"v":1298.8329575021683,"d":"R1,299"}]
[null,"Round Duct 710ø ","m",{"v":1374.588031222897,"d":"R1,375"},{"v":1461.1870771899394,"d":"R1,461"}]
[null,"Rectangular Duct 750x750 ","m",{"v":1374.588031222897,"d":"R1,375"},{"v":1461.1870771899394,"d":"R1,461"}]
[null,"Rectangular Duct 1000x1000 ","m",{"v":1730.9627059843888,"d":"R1,731"},{"v":1840.0133564614052,"d":"R1,840"}]
[null,"Design, manufacture, supply and install extraction duct supporting structures.  Structures and fixing`s shall be galvanized to ensure corrosion protection","no",{"v":25455.333911535126,"d":"R25,455"},{"v":27059.01994796184,"d":"R27,059"}]
[]
[null,"Duct fittings"]
[null,"400x300-400x300 RECTANGULAR - BEVELED TAKE-OFF ","no",{"v":992.75802254987,"d":"R993"},{"$f":"D693*$E$5","v":{"v":1055.3017779705117,"d":"R1,055"}}]
[null,"400x400 RECTANGULAR STOP END CAP ","no",{"v":992.75802254987,"d":"R993"},{"v":1055.3017779705117,"d":"R1,055"}]
[null,"500x500-400x400 RECTANGULAR - TRANSFORMATION PIECE ","no",{"v":992.75802254987,"d":"R993"},{"v":1055.3017779705117,"d":"R1,055"}]
[null,"500x500-500x500 RECTANGULAR - 1 x DUCT RADIUS BEND ","no",{"v":992.75802254987,"d":"R993"},{"v":1055.3017779705117,"d":"R1,055"}]
[null,"500x500-500x500 RECTANGULAR - BEVELED TAKE-OFF ","no",{"v":992.75802254987,"d":"R993"},{"v":1055.3017779705117,"d":"R1,055"}]
[null,"630x630-710ø ROUND TO RECTANGULAR - TRANSFORMATION PIECE ","no",{"v":1120.0346921075457,"d":"R1,120"},{"v":1190.596877710321,"d":"R1,191"}]
[null,"630ø-500x500 ROUND TO RECTANGULAR - TRANSFORMATION PIECE ","no",{"v":1120.0346921075457,"d":"R1,120"},{"v":1190.596877710321,"d":"R1,191"}]
[null,"630ø-630ø ROUND - 1 x DUCT RADIUS BEND ","no",{"v":1120.0346921075457,"d":"R1,120"},{"v":1190.596877710321,"d":"R1,191"}]
[null,"650x650-500x500 RECTANGULAR - TRANSFORMATION PIECE ","no",{"v":1120.0346921075457,"d":"R1,120"},{"v":1190.596877710321,"d":"R1,191"}]
[null,"650x650-650x650 RECTANGULAR - BEVELED TAKE-OFF ","no",{"v":1120.0346921075457,"d":"R1,120"},{"v":1190.596877710321,"d":"R1,191"}]
[null,"750x750 RECTANGULAR STOP END CAP ","no",{"v":1221.856027753686,"d":"R1,222"},{"v":1298.8329575021683,"d":"R1,299"}]
[null,"750x750-710ø ROUND TO RECTANGULAR - TRANSFORMATION PIECE ","no",{"v":1221.856027753686,"d":"R1,222"},{"v":1298.8329575021683,"d":"R1,299"}]
[null,"750x750-750x750 RECTANGULAR - 1 x DUCT RADIUS BEND ","no",{"v":1221.856027753686,"d":"R1,222"},{"v":1298.8329575021683,"d":"R1,299"}]
[null,"1000x1000-500x500 RECTANGULAR - TRANSFORMATION PIECE ","no",{"v":1476.4093668690373,"d":"R1,476"},{"v":1569.4231569817866,"d":"R1,569"}]
[null,"STAINLESS STEEL MESH @ 20mm SPACING.","sum",{"v":2036.42671292281,"d":"R2,036"},{"v":2164.721595836947,"d":"R2,165"}]
[null,"16mm BURGLAR BARS","sum",{"v":4072.85342584562,"d":"R4,073"},{"v":4329.443191673894,"d":"R4,329"}]
[null,"Testing, Commissioning and certificate of completion ","sum",{"v":5091.066782307025,"d":"R5,091"},{"v":5411.8039895923675,"d":"R5,412"}]
[null,"1 year maintenance during defects and liability","sum",{"v":12218.56027753686,"d":"R12,219"},{"v":12988.329575021682,"d":"R12,988"}]
[]
[null,"Excavation in earth for basement"]
[]
[null,"Not exceeding 2m deep","m³",{"v":55,"d":"R55"},{"$f":"D714*$E$5","v":{"v":58.464999999999996,"d":"R58"}}]
[]
[null,"Exceeding 2m and not exceeding 4m deep","m³",{"v":55,"d":"R55"},{"$f":"D716*$E$5","v":{"v":58.464999999999996,"d":"R58"}}]
[]
[null,"Exceeding 2m and not exceeding 4m deep including working around piles","m³",{"v":55,"d":"R55"},{"$f":"D718*$E$5","v":{"v":58.464999999999996,"d":"R58"}}]
[]
[null,"Exceeding 4m and not exceeding 6m deep including working around piles","m³",{"v":55,"d":"R55"},{"$f":"D720*$E$5","v":{"v":58.464999999999996,"d":"R58"}}]
[]
[null,"Exceeding 6m and not exceeding 8m deep including working around piles","m³",{"v":55,"d":"R55"},{"$f":"D722*$E$5","v":{"v":58.464999999999996,"d":"R58"}}]
[]
[null,"Extra over bulk excavation in earth for excavation in"]
[]
[null,"Soft rock","m³",{"v":750,"d":"R750"},{"$f":"D726*$E$5","v":{"v":797.25,"d":"R797"}}]
[]
[null,"Hard rock","m³",{"v":750,"d":"R750"},{"$f":"D728*$E$5","v":{"v":797.25,"d":"R797"}}]
[]
[null,"Extra over all excavations for carting away"]
[]
[null,"Surplus material from excavations and/or stock piles on site, to a dumping site to be located by the contractor","m³",{"v":150,"d":"R150"},{"$f":"D732*$E$5","v":{"v":159.45,"d":"R159"}}]
[]
[null,"EXCAVATION, FILLING, ETC"]
[]
[null,"Excavation in earth within basement (basement level exceeding 6.0m and not exceeding 8.0m deep below ground level)"]
[]
[null,"Removal of platforms created for piling machinery to final levels under floors etc","m³",{"v":50,"d":"R50"},{"$f":"D738*$E$5","v":{"v":53.15,"d":"R53"}}]
[]
[null,"Holes including working around piles","m³",{"v":150.8,"d":"R151"},{"$f":"D740*$E$5","v":{"v":160.3004,"d":"R160"}}]
[]
[null,"Trenches","m³",{"v":150.8,"d":"R151"},{"$f":"D742*$E$5","v":{"v":160.3004,"d":"R160"}}]
[]
[null,"To remove sloping banks within basements","m³",{"v":50,"d":"R50"},{"$f":"D744*$E$5","v":{"v":53.15,"d":"R53"}}]
[]
[null,"Excavation in earth not exceeding 2m deep"]
[]
[null,"Trenches","m³",{"v":160,"d":"R160"},{"$f":"D748*$E$5","v":{"v":170.07999999999998,"d":"R170"}}]
[]
[null,"Holes","m³",{"v":160,"d":"R160"},{"$f":"D750*$E$5","v":{"v":170.07999999999998,"d":"R170"}}]
[]
[null,"Holes including working around piles","m³",{"v":160,"d":"R160"},{"$f":"D752*$E$5","v":{"v":170.07999999999998,"d":"R170"}}]
[]
[null,"Back excavation of vertical sides of excavation in earth for working space including backfilling compacted to 95% Mod AASHTO density"]
[]
[null,"Exceeding 500mm and not exceeding 1500mm deep for placing and removing formwork to walls, etc against excavated face","m²",{"v":45,"d":"R45"},{"$f":"D756*$E$5","v":{"v":47.835,"d":"R48"}}]
[]
[null,"Exceeding 1500mm and not exceeding 3000mm deep for placing and removing formwork to walls, etc against excavated face","m²",{"v":45,"d":"R45"},{"$f":"D758*$E$5","v":{"v":47.835,"d":"R48"}}]
[]
[null,"Extra over back excavation in earth for working space for excavation in soft rock"]
[]
[null,"Exceeding 500mm and not exceeding 1500mm deep for placing and removing formwork to walls, etc against excavated face","m²",{"v":85,"d":"R85"},{"$f":"D762*$E$5","v":{"v":90.35499999999999,"d":"R90"}}]
[]
[null,"Exceeding 1500mm and not exceeding 3000mm deep for placing and removing formwork to walls, etc against excavated face","m²",{"v":85,"d":"R85"},{"$f":"D764*$E$5","v":{"v":90.35499999999999,"d":"R90"}}]
[]
[null,"Extra over back excavation in earth for working space for excavation in hard rock"]
[]
[null,"Exceeding 1500mm and not exceeding 3000mm deep for placing and removing formwork to walls, etc against excavated face","m²",{"v":150,"d":"R150"},{"$f":"D768*$E$5","v":{"v":159.45,"d":"R159"}}]
[]
[null,"Exceeding 500mm and not exceeding 1500mm deep for placing and removing formwork to walls, etc against excavated face","m²",{"v":150,"d":"R150"},{"$f":"D770*$E$5","v":{"v":159.45,"d":"R159"}}]
[]
[null,"Extra over trench & hole excavation in earth for excavation in"]
[]
[null,"Soft rock","m³",{"v":35,"d":"R35"},{"$f":"D774*$E$5","v":{"v":37.205,"d":"R37"}}]
[]
[null,"Hard rock","m³",{"v":35,"d":"R35"},{"$f":"D776*$E$5","v":{"v":37.205,"d":"R37"}}]
[]
[null,"Extra over all excavations for carting away"]
[]
[null,"Surplus material from excavations and/or stock piles on site, to a dumping site to be located by the contractor","m³",{"v":150,"d":"R150"},{"$f":"D780*$E$5","v":{"v":159.45,"d":"R159"}}]
[]
[null,"Risk of collapse of excavations"]
[]
[null,"Sides of trench and hole excavations not exceeding 1.5m deep","m²",{"v":15,"d":"R15"},{"$f":"D784*$E$5","v":{"v":15.944999999999999,"d":"R16"}}]
[]
[null,"Sides of trench and hole excavations exceeding 1.5m deep","m²",{"v":25,"d":"R25"},{"$f":"D786*$E$5","v":{"v":26.575,"d":"R27"}}]
[]
[null,"Keeping excavations free of water"]
[]
[null,"Keeping excavations free of water","Item",{"v":250000,"d":"R250,000"},{"$f":"D790*$E$5","v":{"v":265750,"d":"R265,750"}}]
[]
[null,"FILLING, ETC"]
[]
[null,"Earth filling supplied by the Contractor compacted to 98% Mod AASHTO density"]
[]
[null,"Under floors, steps, paving, etc","m³",{"v":180,"d":"R180"},{"$f":"D796*$E$5","v":{"v":191.34,"d":"R191"}}]
[]
[null,"Backfilling to trenches, holes, etc","m³",{"v":180,"d":"R180"},{"$f":"D798*$E$5","v":{"v":191.34,"d":"R191"}}]
[]
[null,"Earth filling supplied by contractor in accordance with SABS 1200 DM"]
[]
[null,"Subbase coarse G4 compacted to 95% mod AASHTO dry density","m³",{"v":450,"d":"R450"},{"$f":"D802*$E$5","v":{"v":478.34999999999997,"d":"R478"}}]
[]
[null,"Subbase coarse G7 in layers not exceeding 150mm thick compacted to 93% mod AASHTO dry density","m³",{"v":220,"d":"R220"},{"$f":"D804*$E$5","v":{"v":233.85999999999999,"d":"R234"}}]
[]
[null,"Filling of coarse river sand supplied by the contractor, consolidated"]
[]
[null,"Under floors, steps, pavings, etc","m³",{"v":580,"d":"R580"},{"$f":"D808*$E$5","v":{"v":616.54,"d":"R617"}}]
[]
[null,"Stone filling of 19mm broken stone"]
[]
[null,"Under floors, etc","m³",{"v":600,"d":"R600"},{"$f":"D812*$E$5","v":{"v":637.8,"d":"R638"}}]
[]
[null,"Between walls and lateral support pile walls, etc","m³",{"v":600,"d":"R600"},{"$f":"D814*$E$5","v":{"v":637.8,"d":"R638"}}]
[]
[null,"Stone filling of 53mm broken stone"]
[]
[null,"Under floors, etc","m³",{"v":700,"d":"R700"},{"$f":"D818*$E$5","v":{"v":744.0999999999999,"d":"R744"}}]
[]
[null,"Compaction of ground surfaces & subbase surfaces"]
[]
[null,"Compaction of natural or excavated ground surface under floors etc, including scarifying for a depth of 150mm, breaking down oversize material, adding suitable material where necessary and compacting to 98% Mod AASHTO density","m²",{"v":35,"d":"R35"},{"$f":"D822*$E$5","v":{"v":37.205,"d":"R37"}}]
[]
[null,"Scarify and compact existing filling under floors to 100% Modified AASHTO dry density for new surface beds","m²",{"v":30,"d":"R30"},{"$f":"D824*$E$5","v":{"v":31.889999999999997,"d":"R32"}}]
[]
[null,"WEED KILLERS, INSECTICIDES, ETC"]
[]
[null,"Soil insecticide in accordance with SANS 5859"]
[]
[null,"Under floors etc., including forming and poisoning shallow furrows against foundation walls etc. filling in furrows and ramming","m²",{"v":20,"d":"R20"},{"$f":"D830*$E$5","v":{"v":21.259999999999998,"d":"R21"}}]
[]
[null,"TESTS"]
[]
[null,"Prescribed tests to determine degree of compaction or other properties of ground or filling"]
[]
[null,"Modified AASHTO Density test","No",{"v":600,"d":"R600"},{"$f":"D836*$E$5","v":{"v":637.8,"d":"R638"}}]
[]
[null,"Dynamic Core Penetrometer Tests (DCP)","No",{"v":600,"d":"R600"},{"$f":"D838*$E$5","v":{"v":637.8,"d":"R638"}}]
[]
[null,"SUB-SOIL DRAINAGE & FILTER FABRIC"]
[]
[null,"uPVC pipes"]
[]
[null,"160mm Slotted uPVC agricultural pipes laid in and including trenches behind retaining walls ot exceeding 1m deep including 19mm crushed stone encasing size 300 x 300mm and \"Kaytech\" geofabric filter blanket wrapped around agricultural pipes with 150mm side and 300mm end laps including stitching, etc","m",{"v":546,"d":"R546"},{"$f":"D844*$E$5","v":{"v":580.398,"d":"R580"}}]
[]
[null,"110mm Slotted uPVC agricultural pipes laid in and including trenches under solid floors not exceeding 1m deep including 19mm crushed stone encasing size 300 x 300mm and \"Kaytech\" geofabric filter blanket wrapped around agricultural pipes with 150mm side and 300mm end laps including stitching, etc","m",{"v":488.25,"d":"R488"},{"$f":"D846*$E$5","v":{"v":519.0097499999999,"d":"R519"}}]
[]
[null,"Extra over for 160mm end caps","No",{"v":183.75,"d":"R184"},{"$f":"D848*$E$5","v":{"v":195.32625,"d":"R195"}}]
[]
[null,"Extra over for 160mm bend","No",{"v":204.75,"d":"R205"},{"$f":"D850*$E$5","v":{"v":217.64925,"d":"R218"}}]
[]
[null,"Extra over for 160mm junction","No",{"v":252,"d":"R252"},{"$f":"D852*$E$5","v":{"v":267.876,"d":"R268"}}]
[]
[null,"Extra over for 110mm end caps","No",{"v":162.75,"d":"R163"},{"$f":"D854*$E$5","v":{"v":173.00324999999998,"d":"R173"}}]
[]
[null,"Extra for 110mm bend","No",{"v":189,"d":"R189"},{"$f":"D856*$E$5","v":{"v":200.90699999999998,"d":"R201"}}]
[]
[null,"Extra for 110mm junction","No",{"v":231,"d":"R231"},{"$f":"D858*$E$5","v":{"v":245.553,"d":"R246"}}]
[]
[null,"Extra for 110mm rodding eye","No",{"v":189,"d":"R189"},{"$f":"D860*$E$5","v":{"v":200.90699999999998,"d":"R201"}}]
[]
[null,"\"Kaytech\" non woven continuous filament needle-punched geotextile fabric with 300mm side and end laps"]
[]
[null,"\"Kaytech\" Bidum type U34 separation layer laid on ground under surface beds, etc","m²",{"v":26.25,"d":"R26"},{"$f":"D864*$E$5","v":{"v":27.90375,"d":"R28"}}]
[]
[null,"CONCRETE, FORMWORK AND REINFORCEMENT"]
[]
[null,"CONCRETE"]
[]
[null,"UNREINFORCED CONCRETE"]
[]
[null,"15MPa/13mm Concrete"]
[]
[null,"Filling to cavity of hollow walls","m³",{"v":2500,"d":"R2,500"},{"$f":"D874*$E$5","v":{"v":2657.5,"d":"R2,658"}}]
[]
[null,"Machine bases","m³",{"v":2150,"d":"R2,150"},{"$f":"D876*$E$5","v":{"v":2285.45,"d":"R2,285"}}]
[]
[null,"Steps, urinal steps, cupboard platforms, etc","m³",{"v":2150,"d":"R2,150"},{"$f":"D878*$E$5","v":{"v":2285.45,"d":"R2,285"}}]
[]
[null,"Kerbs","m³",{"v":2150,"d":"R2,150"},{"$f":"D880*$E$5","v":{"v":2285.45,"d":"R2,285"}}]
[]
[null,"UNREINFORCED CONCRETE CAST AGAINST EXCAVATED SURFACES"]
[]
[null,"15MPa/19mm concrete"]
[]
[null,"Surface blinding under footings and bases","m³",{"v":2150,"d":"R2,150"},{"$f":"D886*$E$5","v":{"v":2285.45,"d":"R2,285"}}]
[]
[null,"Blinding under surface bed","m³",{"v":2150,"d":"R2,150"},{"$f":"D888*$E$5","v":{"v":2285.45,"d":"R2,285"}}]
[]
[null,"REINFORCED CONCRETE CAST AGAINST EXCAVATED SURFACES"]
[]
[null,"30MPa/19mm concrete"]
[]
[null,"Surface beds cast in panels on waterproofing","m³",{"v":2150,"d":"R2,150"},{"$f":"D894*$E$5","v":{"v":2285.45,"d":"R2,285"}}]
[]
[null,"Ramped surface beds cast in panels on waterproofing","m³",{"v":2150,"d":"R2,150"},{"$f":"D896*$E$5","v":{"v":2285.45,"d":"R2,285"}}]
[]
[null,"Strip footings and ground beams","m³",{"v":2150,"d":"R2,150"},{"$f":"D898*$E$5","v":{"v":2285.45,"d":"R2,285"}}]
[]
[null,"Capping beams","m³",{"v":2150,"d":"R2,150"},{"$f":"D900*$E$5","v":{"v":2285.45,"d":"R2,285"}}]
[]
[null,"Column bases","m³",{"v":2150,"d":"R2,150"},{"$f":"D902*$E$5","v":{"v":2285.45,"d":"R2,285"}}]
[]
[null,"REINFORCED CONCRETE"]
[]
[null,"30MPa/19mm concrete"]
[]
[null,"Slabs including beams and inverted beams","m³",{"v":2150,"d":"R2,150"},{"$f":"D908*$E$5","v":{"v":2285.45,"d":"R2,285"}}]
[]
[null,"Modula slabs including beams and inverted beams","m³",{"v":2150,"d":"R2,150"},{"$f":"D910*$E$5","v":{"v":2285.45,"d":"R2,285"}}]
[]
[null,"Coffered slabs including beams and inverted beams to be post-tensioned","m³",{"v":2150,"d":"R2,150"},{"$f":"D912*$E$5","v":{"v":2285.45,"d":"R2,285"}}]
[]
[null,"Troughed slabs including beams and inverted beams to be post-tensioned","m³",{"v":2150,"d":"R2,150"},{"$f":"D914*$E$5","v":{"v":2285.45,"d":"R2,285"}}]
[]
[null,"Raking slabs including beams and inverted","m³",{"v":2150,"d":"R2,150"},{"$f":"D916*$E$5","v":{"v":2285.45,"d":"R2,285"}}]
[]
[null,"Slab including beams and inverted beams to be post tensioned","m³",{"v":2150,"d":"R2,150"},{"$f":"D918*$E$5","v":{"v":2285.45,"d":"R2,285"}}]
[]
[null,"Ramps","m³",{"v":2150,"d":"R2,150"},{"$f":"D920*$E$5","v":{"v":2285.45,"d":"R2,285"}}]
[]
[null,"Isolated beams","m³",{"v":2150,"d":"R2,150"},{"$f":"D922*$E$5","v":{"v":2285.45,"d":"R2,285"}}]
[]
[null,"Stairs including landings, beams and inverted beams","m³",{"v":2150,"d":"R2,150"},{"$f":"D924*$E$5","v":{"v":2285.45,"d":"R2,285"}}]
[]
[null,"40MPa/19mm concrete"]
[]
[null,"Walls","m³",{"v":2250,"d":"R2,250"},{"$f":"D928*$E$5","v":{"v":2391.75,"d":"R2,392"}}]
[]
[null,"50MPa/19mm concrete"]
[]
[null,"Columns","m³",{"v":2300,"d":"R2,300"},{"$f":"D932*$E$5","v":{"v":2444.9,"d":"R2,445"}}]
[]
[null,"Columns in foundations","m³",{"v":2300,"d":"R2,300"},{"$f":"D934*$E$5","v":{"v":2444.9,"d":"R2,445"}}]
[]
[null,"TEST CUBES"]
[]
[null,"Test blocks as per SANS 2001"]
[]
[null,"Making and testing 150 x 150 x 150mm concrete strength test cube","No",{"v":200,"d":"R200"},{"$f":"D940*$E$5","v":{"v":212.6,"d":"R213"}}]
[]
[null,"CONCRETE SUNDRIES"]
[]
[null,"Stripping back head of concrete foundation pile for a height not exceeding 600mm to expose reinforcement including trimming to defined level and bending reinforcement as necessary for casting into pile cap (pile cap elsewhere)"]
[]
[null,"750mm Diameter foundation piles","No",{"v":1200,"d":"R1,200"},{"$f":"D946*$E$5","v":{"v":1275.6,"d":"R1,276"}}]
[]
[null,"Cutting down pile approximately 3800mm and stripping back head of concrete foundation pile for a height not exceeding 600mm to expose reinforcement including trimming to defined level and bending reinforcement as necessary for casting into pile cap (pile cap elsewhere)"]
[]
[null,"750mm Diameter foundation piles","No",{"v":5500,"d":"R5,500"},{"$f":"D950*$E$5","v":{"v":5846.5,"d":"R5,847"}}]
[]
[null,"Cutting down pile approximately 4300mm and stripping back head of concrete foundation pile for a height not exceeding 600mm to expose reinforcement including trimming to defined level and bending reinforcement as necessary for casting into pile cap (pile cap elsewhere)"]
[]
[null,"750mm Diameter foundation piles","No",{"v":6000,"d":"R6,000"},{"$f":"D954*$E$5","v":{"v":6378,"d":"R6,378"}}]
[]
[null,"Cutting down pile approximately 4900mm and stripping back head of concrete foundation pile for a height not exceeding 600mm to expose reinforcement including trimming to defined level and bending reinforcement as necessary for casting into pile cap (pile cap elsewhere)"]
[]
[null,"750mm Diameter foundation piles","No",{"v":7000,"d":"R7,000"},{"$f":"D958*$E$5","v":{"v":7441,"d":"R7,441"}}]
[]
[null,"Stripping back head of concrete tension pile for a height not exceeding 800mm to expose reinforcement including trimming to defined level and bending reinforcement as necessary for casting into pile cap (pile cap elsewhere)"]
[]
[null,"250mm Diameter micropiles","No",{"v":972,"d":"R972"},{"$f":"D962*$E$5","v":{"v":1033.2359999999999,"d":"R1,033"}}]
[]
[null,"Stripping back head of concrete pile for a height not exceeding 800mm to expose reinforcement including trimming to defined level and bending reinforcement as necessary for casting into pile cap (pile cap elsewhere)"]
[]
[null,"610mm Diameter secant piles","No",{"v":972,"d":"R972"},{"$f":"D966*$E$5","v":{"v":1033.2359999999999,"d":"R1,033"}}]
[]
[null,"Finishing top surfaces of concrete smooth with a power float"]
[]
[null,"Surface beds, slabs, etc","m²",{"v":23.5,"d":"R24"},{"$f":"D970*$E$5","v":{"v":24.9805,"d":"R25"}}]
[]
[null,"Finishing top surfaces of concrete to an evenly ribbed non-slip surface"]
[]
[null,"Surface beds, slabs, etc to falls (ramps)","m²",{"v":30,"d":"R30"},{"$f":"D974*$E$5","v":{"v":31.889999999999997,"d":"R32"}}]
[]
[null,"Casting in holding down bolts"]
[]
[null,"16mm Diameter L-shaped anchor bolts approximately 750mm girth (bolts elsewhere measured)","No",{"v":419.33,"d":"R419"},{"$f":"D978*$E$5","v":{"v":445.74778999999995,"d":"R446"}}]
[]
[null,"Non-shrink grout"]
[]
[null,"Bedding approximately 20mm thick under 300 x 300mm base plate including chamfered edges all round","No",{"v":61.38,"d":"R61"},{"$f":"D982*$E$5","v":{"v":65.24694,"d":"R65"}}]
[]
[null,"Drilled holes (core-drilling)"]
[]
[null,"Drill 100mm diameter hole through reinforced concrete exceeding 200mm and not exceeding 300mm thick or wide","No",{"v":220,"d":"R220"},{"$f":"D986*$E$5","v":{"v":233.85999999999999,"d":"R234"}}]
[]
[null,"Drill 150mm diameter hole through reinforced concrete exceeding 200mm and not exceeding 300mm thick or wide","No",{"v":250,"d":"R250"},{"$f":"D988*$E$5","v":{"v":265.75,"d":"R266"}}]
[]
[null,"Drill 200mm diameter hole through reinforced concrete exceeding 200mm and not exceeding 300mm thick or wide","No",{"v":655,"d":"R655"},{"$f":"D990*$E$5","v":{"v":696.265,"d":"R696"}}]
[]
[null,"Drill 300mm diameter hole through reinforced concrete exceeding 200mm and not exceeding 300mm thick or wide","No",{"v":400,"d":"R400"},{"$f":"D992*$E$5","v":{"v":425.2,"d":"R425"}}]
[]
[null,"Waterproofing admixture added to reinforced concrete as per specialist recommendations and specifications including any necessary monitoring, guarantees, etc by an approved  applicator / contractor"]
[]
[null,"Extra over concrete in lift pit for specialist waterproofing admixture","m³",{"v":750,"d":"R750"},{"$f":"D996*$E$5","v":{"v":797.25,"d":"R797"}}]
[]
[null,"Extra over concrete in shear walls for specialist waterproofing admixture","m³",{"v":750,"d":"R750"},{"$f":"D998*$E$5","v":{"v":797.25,"d":"R797"}}]
[]
[null,"Allow the budgetary amount of R350 000.00 (Three Hundred and Fifty Thousand Rand) for water bar installations and sealing applied by a specialist and licensed concrete waterproofing admixture specialist applicator to be deducted in whole or in part if not required","Item",{"v":350000,"d":"R350,000"},{"$f":"D1000*$E$5","v":{"v":372050,"d":"R372,050"}}]
[]
[null,"FORMWORK"]
[]
[null,"ROUGH FORMWORK (DEGREE OF ACCURACY III)"]
[]
[null,"Rough formwork to sides"]
[]
[null,"Bases","m²",{"v":131,"d":"R131"},{"$f":"D1008*$E$5","v":{"v":139.253,"d":"R139"}}]
[]
[null,"Foundation beams","m²",{"v":131,"d":"R131"},{"$f":"D1010*$E$5","v":{"v":139.253,"d":"R139"}}]
[]
[null,"Capping beams","m²",{"v":150,"d":"R150"},{"$f":"D1012*$E$5","v":{"v":159.45,"d":"R159"}}]
[]
[null,"Rectangular stub columns (columns in foundations)","m²",{"v":204.35,"d":"R204"},{"$f":"D1014*$E$5","v":{"v":217.22404999999998,"d":"R217"}}]
[]
[null,"Rectangular stub columns (columns in foundations) with one face cast against existing surfaces (concrete stub column)","m²",{"v":204.5,"d":"R205"},{"$f":"D1016*$E$5","v":{"v":217.3835,"d":"R217"}}]
[]
[null,"750mm Diameter round columns in foundations 500mm high","No",{"v":375,"d":"R375"},{"$f":"D1018*$E$5","v":{"v":398.625,"d":"R399"}}]
[]
[null,"900mm Diameter round columns in foundations 500mm high","No",{"v":375,"d":"R375"},{"$f":"D1020*$E$5","v":{"v":398.625,"d":"R399"}}]
[]
[null,"Rough formwork to soffits"]
[]
[null,"Capping beams","m²",{"v":210,"d":"R210"},{"$f":"D1024*$E$5","v":{"v":223.23,"d":"R223"}}]
[]
[null,"SMOOTH FORMWORK (DEGREE OF ACCURACY II)"]
[]
[null,"Smooth formwork to sides"]
[]
[null,"Walls","m²",{"v":330,"d":"R330"},{"$f":"D1030*$E$5","v":{"v":350.78999999999996,"d":"R351"}}]
[]
[null,"Walls with total height exceeding 3.5m and not exceeding 5.0m above bearing level","m²",{"v":330,"d":"R330"},{"$f":"D1032*$E$5","v":{"v":350.78999999999996,"d":"R351"}}]
[]
[null,"Walls with total height exceeding 5.0m and not exceeding 6.5m above bearing level","m²",{"v":330,"d":"R330"},{"$f":"D1034*$E$5","v":{"v":350.78999999999996,"d":"R351"}}]
[]
[null,"Inner face of shaft walls","m²",{"v":330,"d":"R330"},{"$f":"D1036*$E$5","v":{"v":350.78999999999996,"d":"R351"}}]
[]
[null,"Inner face of shaft walls (other face against secant pile wall)","m²",{"v":660,"d":"R660"},{"$f":"D1038*$E$5","v":{"v":701.5799999999999,"d":"R702"}}]
[]
[null,"Irregular shaped fin wall with one side splayed total height exceeding 8.0m and not exceeding 9.5m","m²",{"v":330,"d":"R330"},{"$f":"D1040*$E$5","v":{"v":350.78999999999996,"d":"R351"}}]
[]
[null,"Rectangular columns","m²",{"v":330,"d":"R330"},{"$f":"D1042*$E$5","v":{"v":350.78999999999996,"d":"R351"}}]
[]
[null,"Rectangular columns with total height exceeding 3.5m and not exceeding 5.0m high","m²",{"v":330,"d":"R330"},{"$f":"D1044*$E$5","v":{"v":350.78999999999996,"d":"R351"}}]
[]
[null,"Rectangular columns with total height exceeding 5.0m and not exceeding 6.5m high","m²",{"v":330,"d":"R330"},{"$f":"D1046*$E$5","v":{"v":350.78999999999996,"d":"R351"}}]
[]
[null,"Rectangular columns with total height exceeding 8.0m and not exceeding 9.5m high","m²",{"v":360,"d":"R360"},{"$f":"D1048*$E$5","v":{"v":382.68,"d":"R383"}}]
[]
[null,"Rectangular columns with one face against existing concrete surfaces (concrete column)","m²",{"v":360,"d":"R360"},{"$f":"D1050*$E$5","v":{"v":382.68,"d":"R383"}}]
[]
[null,"Rectangular columns with one face against existing concrete surfaces (concrete column) with total height exceeding 3.5m and not exceeding 4.5m high","m²",{"v":360,"d":"R360"},{"$f":"D1052*$E$5","v":{"v":382.68,"d":"R383"}}]
[]
[null,"Rectangular columns with one face against existing concrete surfaces (concrete column) with total height exceeding 8.0m and not exceeding 9.5m high","m²",{"v":360,"d":"R360"},{"$f":"D1054*$E$5","v":{"v":382.68,"d":"R383"}}]
[]
[null,"Beams propped up exceeding 1.5m and not exceeding 3.5m high","m²",{"v":480,"d":"R480"},{"$f":"D1056*$E$5","v":{"v":510.23999999999995,"d":"R510"}}]
[]
[null,"Beams propped up exceeding 3.5m and not exceeding 5.0m high","m²",{"v":500,"d":"R500"},{"$f":"D1058*$E$5","v":{"v":531.5,"d":"R532"}}]
[]
[null,"Beams propped up exceeding 5.0m and not exceeding 6.5m high","m²",{"v":525,"d":"R525"},{"$f":"D1060*$E$5","v":{"v":558.0749999999999,"d":"R558"}}]
[]
[null,"Beams propped up exceeding 8.0m and not exceeding 9.5m high","m²",{"v":560,"d":"R560"},{"$f":"D1062*$E$5","v":{"v":595.28,"d":"R595"}}]
[]
[null,"Beams propped up exceeding 3.5m and not exceeding 5.0m high with one face cast against existing concrete surfaces","m²",{"v":500,"d":"R500"},{"$f":"D1064*$E$5","v":{"v":531.5,"d":"R532"}}]
[]
[null,"Beams propped up exceeding 8.0m and not exceeding 9.5m high with one face cast against existing concrete surfaces","m²",{"v":500,"d":"R500"},{"$f":"D1066*$E$5","v":{"v":531.5,"d":"R532"}}]
[]
[null,"Inverted beams","m²",{"v":480,"d":"R480"},{"$f":"D1068*$E$5","v":{"v":510.23999999999995,"d":"R510"}}]
[]
[null,"Inverted beams propped up exceeding 3.5m and not exceeding 5.0m high","m²",{"v":520,"d":"R520"},{"$f":"D1070*$E$5","v":{"v":552.76,"d":"R553"}}]
[]
[null,"Inverted beams propped up exceeding 8.0m and not exceeding 9.5m high","m²",{"v":650,"d":"R650"},{"$f":"D1072*$E$5","v":{"v":690.9499999999999,"d":"R691"}}]
[]
[null,"Inverted beams above concrete","m²",{"v":480,"d":"R480"},{"$f":"D1074*$E$5","v":{"v":510.23999999999995,"d":"R510"}}]
[]
[null,"Sloping beams","m²",{"v":480,"d":"R480"},{"$f":"D1076*$E$5","v":{"v":510.23999999999995,"d":"R510"}}]
[]
[null,"Isolated beams","m²",{"v":600,"d":"R600"},{"$f":"D1078*$E$5","v":{"v":637.8,"d":"R638"}}]
[]
[null,"Isolated beams propped up exceeding 8.0m and not exceeding 9.5m high","m²",{"v":750,"d":"R750"},{"$f":"D1080*$E$5","v":{"v":797.25,"d":"R797"}}]
[]
[null,"Sloping and stepped outer edges of stairs not exceeding 300mm high extreme","m",{"v":280,"d":"R280"},{"$f":"D1082*$E$5","v":{"v":297.64,"d":"R298"}}]
[]
[null,"Edges, risers, ends and reveals exceeding 300mm high or wide","m²",{"v":250,"d":"R250"},{"$f":"D1084*$E$5","v":{"v":265.75,"d":"R266"}}]
[]
[null,"Edges, risers, ends and reveals not exceeding 300mm high or wide","m",{"v":125,"d":"R125"},{"$f":"D1086*$E$5","v":{"v":132.875,"d":"R133"}}]
[]
[null,"Smooth formwork to circular columns"]
[]
[null,"600mm Diameter column 4.175m high","No",{"v":5899.28,"d":"R5,899"},{"$f":"D1090*$E$5","v":{"v":6270.9346399999995,"d":"R6,271"}}]
[]
[null,"750mm Diameter column 6.320m high","No",{"v":11161.12,"d":"R11,161"},{"$f":"D1092*$E$5","v":{"v":11864.27056,"d":"R11,864"}}]
[]
[null,"900mm Diameter column 3.175m high","No",{"v":6731,"d":"R6,731"},{"$f":"D1094*$E$5","v":{"v":7155.053,"d":"R7,155"}}]
[]
[null,"900mm Diameter column 3.950m high","No",{"v":8374,"d":"R8,374"},{"$f":"D1096*$E$5","v":{"v":8901.562,"d":"R8,902"}}]
[]
[null,"900mm Diameter column 4.175m high","No",{"v":8851,"d":"R8,851"},{"$f":"D1098*$E$5","v":{"v":9408.613,"d":"R9,409"}}]
[]
[null,"900mm Diameter column 5.175m high","No",{"v":10971,"d":"R10,971"},{"$f":"D1100*$E$5","v":{"v":11662.172999999999,"d":"R11,662"}}]
[]
[null,"900mm Diameter column 6.320m high","No",{"v":13398.4,"d":"R13,398"},{"$f":"D1102*$E$5","v":{"v":14242.499199999998,"d":"R14,242"}}]
[]
[null,"900mm Diameter column 8.800m high","No",{"v":18656,"d":"R18,656"},{"$f":"D1104*$E$5","v":{"v":19831.327999999998,"d":"R19,831"}}]
[]
[null,"900mm Diameter column 9.300m high","No",{"v":19716,"d":"R19,716"},{"$f":"D1106*$E$5","v":{"v":20958.108,"d":"R20,958"}}]
[]
[null,"Smooth formwork to soffits"]
[]
[null,"Slabs propped up not exceeding 1.5m high","m²",{"v":215,"d":"R215"},{"$f":"D1110*$E$5","v":{"v":228.545,"d":"R229"}}]
[]
[null,"Slabs propped up exceeding 1.5m and not exceeding 3.5m high","m²",{"v":215,"d":"R215"},{"$f":"D1112*$E$5","v":{"v":228.545,"d":"R229"}}]
[]
[null,"Slabs propped up exceeding 3.5m and not exceeding 5.0m high","m²",{"v":215,"d":"R215"},{"$f":"D1114*$E$5","v":{"v":228.545,"d":"R229"}}]
[]
[null,"Slabs propped up exceeding 8.0m and not exceeding 9.5m","m²",{"v":450,"d":"R450"},{"$f":"D1116*$E$5","v":{"v":478.34999999999997,"d":"R478"}}]
[]
[null,"Slabs exceeding 250mm and not exceeding 500mm thick propped up exceeding 3.5m and not exceeding 5.0m high","m²",{"v":450,"d":"R450"},{"$f":"D1118*$E$5","v":{"v":478.34999999999997,"d":"R478"}}]
[]
[null,"Slabs exceeding 250mm and not exceeding 500mm thick propped up exceeding 5.0m and not exceeding 6.5m high","m²",{"v":450,"d":"R450"},{"$f":"D1120*$E$5","v":{"v":478.34999999999997,"d":"R478"}}]
[]
[null,"Slabs exceeding 500mm and not exceeding 750mm thick propped up not exceeding 1.5m high","m²",{"v":480,"d":"R480"},{"$f":"D1122*$E$5","v":{"v":510.23999999999995,"d":"R510"}}]
[]
[null,"Slabs exceeding 500mm and not exceeding 750mm thick propped up exceeding 3.5m high and not exceeding 5.0m high","m²",{"v":480,"d":"R480"},{"$f":"D1124*$E$5","v":{"v":510.23999999999995,"d":"R510"}}]
[]
[null,"Slabs with sloping soffits propped up exceeding 1.5m high and not exceeding 3.0m high","m²",{"v":260,"d":"R260"},{"$f":"D1126*$E$5","v":{"v":276.38,"d":"R276"}}]
[]
[null,"Slabs with sloping soffits exceeding 250mm and not exceeding 500mm thick propped up exceeding 5.0m and not exceeding 6.5m high","m²",{"v":280,"d":"R280"},{"$f":"D1128*$E$5","v":{"v":297.64,"d":"R298"}}]
[]
[null,"Beams propped up exceeding 1.5m and not exceeding 3.5m high","m²",{"v":427,"d":"R427"},{"$f":"D1130*$E$5","v":{"v":453.90099999999995,"d":"R454"}}]
[]
[null,"Beams propped up exceeding 3.5m and not exceeding 5.0m high","m²",{"v":457,"d":"R457"},{"$f":"D1132*$E$5","v":{"v":485.791,"d":"R486"}}]
[]
[null,"Beams propped up exceeding 5.0m and not exceeding 6.5m high","m²",{"v":487,"d":"R487"},{"$f":"D1134*$E$5","v":{"v":517.6809999999999,"d":"R518"}}]
[]
[null,"Beams propped up exceeding 8.0m and not exceeding 9.5m high","m²",{"v":507,"d":"R507"},{"$f":"D1136*$E$5","v":{"v":538.9409999999999,"d":"R539"}}]
[]
[null,"Isolated beams propped up exceeding 3.5m and not exceeding 5.0m high","m²",{"v":550,"d":"R550"},{"$f":"D1138*$E$5","v":{"v":584.65,"d":"R585"}}]
[]
[null,"Isolated beams propped up exceeding 8.0m and not exceeding 9.5m high","m²",{"v":650,"d":"R650"},{"$f":"D1140*$E$5","v":{"v":690.9499999999999,"d":"R691"}}]
[]
[null,"Landings","m²",{"v":350,"d":"R350"},{"$f":"D1142*$E$5","v":{"v":372.04999999999995,"d":"R372"}}]
[]
[null,"Stairs with sloping soffits","m²",{"v":350,"d":"R350"},{"$f":"D1144*$E$5","v":{"v":372.04999999999995,"d":"R372"}}]
[]
[null,"Smooth formwork to coffered slabs"]
[]
[null,"Soffits of coffered slabs with 125mm wide ribs at 900mm centres in both directions propped up exceeding 1.5m and not exceeding 3.5m high","m²",{"v":550,"d":"R550"},{"$f":"D1148*$E$5","v":{"v":584.65,"d":"R585"}}]
[]
[null,"Soffits of coffered slabs with 125mm wide ribs at 900mm centres in both directions propped up exceeding 3.5m and not exceeding 5.0m high","m²",{"v":580,"d":"R580"},{"$f":"D1150*$E$5","v":{"v":616.54,"d":"R617"}}]
[]
[null,"Soffits of coffered slabs with 125mm wide ribs at 900mm centres in both directions propped up exceeding 5.0m not exceeding 6.5m high","m²",{"v":620,"d":"R620"},{"$f":"D1152*$E$5","v":{"v":659.06,"d":"R659"}}]
[]
[null,"Soffits of coffered slabs with 125mm wide ribs at 900mm centres in both directions propped up exceeding 8.0m not exceeding 9.5m high","m²",{"v":550,"d":"R550"},{"$f":"D1154*$E$5","v":{"v":584.65,"d":"R585"}}]
[]
[null,"Soffits of adjacent flush surfaces of coffered slabs exceeding 250mm and not exceeding 500mm thick propped up exceeding 1.5m and not exceeding 3.5m high","m²",{"v":550,"d":"R550"},{"$f":"D1156*$E$5","v":{"v":584.65,"d":"R585"}}]
[]
[null,"Soffits of adjacent flush surfaces of coffered slabs exceeding 250mm and not exceeding 500mm thick propped up exceeding 3.5m and not exceeding 5.0m high","m²",{"v":550,"d":"R550"},{"$f":"D1158*$E$5","v":{"v":584.65,"d":"R585"}}]
[]
[null,"Soffits of adjacent flush surfaces of coffered slabs exceeding 250mm and not exceeding 500mm thick propped up exceeding 5.0m and not exceeding 6.5m high","m²",{"v":550,"d":"R550"},{"$f":"D1160*$E$5","v":{"v":584.65,"d":"R585"}}]
[]
[null,"Soffits of adjacent flush surfaces of coffered slabs exceeding 250mm and not exceeding 500mm thick propped up exceeding 8.0m and not exceeding 9.5m high","m²",{"v":550,"d":"R550"},{"$f":"D1162*$E$5","v":{"v":584.65,"d":"R585"}}]
[]
[null,"Top and tapered sides of coffer 775 x 775mm at top, 900 x 900mm at bottom and 325mm high with all corners rounded","No",{"v":320,"d":"R320"},{"$f":"D1164*$E$5","v":{"v":340.15999999999997,"d":"R340"}}]
[]
[null,"Extra over for propping standard glass-fibre moulds to form 325mm deep coffer to support 100mm topping","No",{"v":50,"d":"R50"},{"$f":"D1166*$E$5","v":{"v":53.15,"d":"R53"}}]
[]
[null,"Smooth formwork to troughed slabs"]
[]
[null,"Soffits of troughed slabs with 120mm wide ribs at 900mm centres propped up exceeding 1.5m and not exceeding 3.5m high","m²",{"v":550,"d":"R550"},{"$f":"D1170*$E$5","v":{"v":584.65,"d":"R585"}}]
[]
[null,"Soffits of troughed slabs with 120mm wide ribs at 900mm centres propped up exceeding 3.5m high not exceeding 5.0m high","m²",{"v":550,"d":"R550"},{"$f":"D1172*$E$5","v":{"v":584.65,"d":"R585"}}]
[]
[null,"Soffits of troughed slabs with 120mm wide ribs at 900mm centres propped up exceeding 5.0m high and not exceeding 6.5m high","m²",{"v":550,"d":"R550"},{"$f":"D1174*$E$5","v":{"v":584.65,"d":"R585"}}]
[]
[null,"Soffits of troughed slabs with 120mm wide ribs at 900mm centres propped up exceeding 8.0m and not exceeding 9.5m high","m²",{"v":550,"d":"R550"},{"$f":"D1176*$E$5","v":{"v":584.65,"d":"R585"}}]
[]
[null,"Soffits of adjacent flush surfaces of troughed slabs exceeding 500mm and not exceeding 750mm thick propped up exceeding 1.5m and not exceeding 3.5m high","m²",{"v":550,"d":"R550"},{"$f":"D1178*$E$5","v":{"v":584.65,"d":"R585"}}]
[]
[null,"Soffits of adjacent flush surfaces of troughed slabs exceeding 500mm and not exceeding 750mm thick propped up exceeding 3.5m and not exceeding 5.0m high","m²",{"v":550,"d":"R550"},{"$f":"D1180*$E$5","v":{"v":584.65,"d":"R585"}}]
[]
[null,"Soffits of adjacent flush surfaces of troughed slabs exceeding 500mm and not exceeding 750mm thick propped up exceeding 5.0m and not exceeding 6.5m high","m²",{"v":550,"d":"R550"},{"$f":"D1182*$E$5","v":{"v":584.65,"d":"R585"}}]
[]
[null,"Soffits of adjacent flush surfaces of troughed slabs exceeding 500mm and not exceeding 750mm thick propped up exceeding 8.0m and not exceeding 9.5m high","m²",{"v":550,"d":"R550"},{"$f":"D1184*$E$5","v":{"v":584.65,"d":"R585"}}]
[]
[null,"Boxing in smooth formwork to form"]
[]
[null,"25 x 25mm Vertical chamfer at corner / edge of column","m",{"v":30,"d":"R30"},{"$f":"D1188*$E$5","v":{"v":31.889999999999997,"d":"R32"}}]
[]
[null,"25 x 25mm Horizontal chamfer at corner / edge of beam","m",{"v":30,"d":"R30"},{"$f":"D1190*$E$5","v":{"v":31.889999999999997,"d":"R32"}}]
[]
[null,"Smooth formwork to form"]
[]
[null,"Opening exceeding 1m and not exceeding 2m girth through 425mm slab","No",{"v":500,"d":"R500"},{"$f":"D1194*$E$5","v":{"v":531.5,"d":"R532"}}]
[]
[null,"Rebated opening exceeding 3m and not exceeding 4m girth overall through 425mm slab","No",{"v":850,"d":"R850"},{"$f":"D1196*$E$5","v":{"v":903.55,"d":"R904"}}]
[]
[null,"Rebated opening exceeding 3m and not exceeding 4m girth overall through 425mm slab","No",{"v":850,"d":"R850"},{"$f":"D1198*$E$5","v":{"v":903.55,"d":"R904"}}]
[]
[null,"Opening exceeding 1m and not exceeding 2m girth through not exceeding 300mm wall or beam","No",{"v":350,"d":"R350"},{"$f":"D1200*$E$5","v":{"v":372.04999999999995,"d":"R372"}}]
[]
[null,"DESIGN, SUPPLY AND INSTALLATION OF PERMANENT FORMWORK"]
[]
[null,"Design, supply and install 0.8mm thick galvanised steel permanent decking system to soffits into/onto structural steel beam supports/trusses including shear studs (structural steel by others) complete"]
[]
[null,"Decking for slabs not exceeding 250mm thick fixed to steel bearers, including cutting and fitting around shear studs, walls, etc propped up exceeding 3.5m and not exceeding 5.0m high","m²",{"v":750,"d":"R750"},{"$f":"D1206*$E$5","v":{"v":797.25,"d":"R797"}}]
[]
[null,"Design, supply and install 1.2mm thick galvanised steel permanent decking system to soffits into/onto structural steel beam supports/trusses including shear studs (structural steel by others), complete."]
[]
[null,"Decking for slabs exceeding 250mm not exceeding 500mm thick fixed to steel bearers, including cutting and fitting around shear studs, walls, etc. propped up exceeding 3.5m and not exceeding 5.0m high","m²",{"v":750,"d":"R750"},{"$f":"D1210*$E$5","v":{"v":797.25,"d":"R797"}}]
[]
[null,"DESIGN, SUPPLY AND INSTALLATION OF MODULA SYSTEM"]
[]
[null,"Design, supply and install, complete \"Modula\" system approximately 500mm high with 120mm concrete topping (concrete elsewhere)  as per manufacturers instructions into/onto surface bed"]
[]
[null,"Modula system complete including fixings etc.","m²",{"v":360,"d":"R360"},{"$f":"D1216*$E$5","v":{"v":382.68,"d":"R383"}}]
[]
[null,"MOVEMENT JOINTS, ETC"]
[]
[null,"Expansion joints with softboard between vertical concrete surfaces (to be approved by the principal agent)"]
[]
[null,"10mm Joints not exceeding 300mm high or wide","m",{"v":150,"d":"R150"},{"$f":"D1222*$E$5","v":{"v":159.45,"d":"R159"}}]
[]
[null,"Expansion joints with softboard between vertical concrete and brick surfaces (to be approved by the principal agent)"]
[]
[null,"10mm Joints in expansion joint between concrete surface bed not exceeding 150mm thick and brick or concrete walls","m",{"v":10,"d":"R10"},{"$f":"D1226*$E$5","v":{"v":10.629999999999999,"d":"R11"}}]
[]
[null,"10mm Joints exceeding 300mm high","m",{"v":15.01,"d":"R15"},{"$f":"D1228*$E$5","v":{"v":15.95563,"d":"R16"}}]
[]
[null,"Saw cut joints"]
[]
[null,"3 x 20mm Saw cut joints in top of concrete","m",{"v":25,"d":"R25"},{"$f":"D1232*$E$5","v":{"v":26.575,"d":"R27"}}]
[]
[null,"Construction joints"]
[]
[null,"8 x 20mm Construction joints in top of concrete including 8mm foam backing strip","m",{"v":25,"d":"R25"},{"$f":"D1236*$E$5","v":{"v":26.575,"d":"R27"}}]
[]
[null,"Approved swellable joint sealing profile","m",{"v":45,"d":"R45"},{"$f":"D1238*$E$5","v":{"v":47.835,"d":"R48"}}]
[]
[null,"REINFORCEMENT"]
[]
[null,"Unless otherwise stated herein, all items in this section shall be deemed to fall into Work Group 114 for Haylett formula purposes"]
[]
[null,"Mild steel reinforcement to structural concrete work"]
[]
[null,"16mm Diameter bars","to",{"v":13100,"d":"R13,100"},{"$f":"D1246*$E$5","v":{"v":13925.3,"d":"R13,925"}}]
[]
[null,"12mm Diameter bars","to",{"v":13100,"d":"R13,100"},{"$f":"D1248*$E$5","v":{"v":13925.3,"d":"R13,925"}}]
[]
[null,"10mm Diameter bars","to",{"v":13100,"d":"R13,100"},{"$f":"D1250*$E$5","v":{"v":13925.3,"d":"R13,925"}}]
[]
[null,"8mm Diameter bars","to",{"v":13100,"d":"R13,100"},{"$f":"D1252*$E$5","v":{"v":13925.3,"d":"R13,925"}}]
[]
[null,"High tensile steel reinforcement to structural concrete work"]
[]
[null,"32mm Diameter bars","to",{"v":13100,"d":"R13,100"},{"$f":"D1256*$E$5","v":{"v":13925.3,"d":"R13,925"}}]
[]
[null,"25mm Diameter bars","to",{"v":13100,"d":"R13,100"},{"$f":"D1258*$E$5","v":{"v":13925.3,"d":"R13,925"}}]
[]
[null,"20mm Diameter bars","to",{"v":13100,"d":"R13,100"},{"$f":"D1260*$E$5","v":{"v":13925.3,"d":"R13,925"}}]
[]
[null,"16mm Diameter bars","to",{"v":13100,"d":"R13,100"},{"$f":"D1262*$E$5","v":{"v":13925.3,"d":"R13,925"}}]
[]
[null,"12mm Diameter bars","to",{"v":13100,"d":"R13,100"},{"$f":"D1264*$E$5","v":{"v":13925.3,"d":"R13,925"}}]
[]
[null,"10mm Diameter bars","to",{"v":13100,"d":"R13,100"},{"$f":"D1266*$E$5","v":{"v":13925.3,"d":"R13,925"}}]
[]
[null,"Elemental Reinforcement Allowances"]
[]
[null,"The contractor is to price the items listed below at the highest rate priced for the reinforcement items above  The claimed quantities and final account quantities will be paid against the actual items above, based on the bending schedules issued by the structural engineer"]
[]
[null,"Reinforcement of varying diameters to column bases, lift base, strip footings, etc","to",{"v":11440,"d":"R11,440"},{"$f":"D1272*$E$5","v":{"v":12160.72,"d":"R12,161"}}]
[]
[null,"Reinforcement of varying diameters to surface beds","to",{"v":11440,"d":"R11,440"},{"$f":"D1274*$E$5","v":{"v":12160.72,"d":"R12,161"}}]
[]
[null,"Reinforcement of varying diameters to walls","to",{"v":11440,"d":"R11,440"},{"$f":"D1276*$E$5","v":{"v":12160.72,"d":"R12,161"}}]
[]
[null,"Reinforcement of varying diameters to columns","to",{"v":11440,"d":"R11,440"},{"$f":"D1278*$E$5","v":{"v":12160.72,"d":"R12,161"}}]
[]
[null,"Reinforcement of varying diameters to slabs","to",{"v":11440,"d":"R11,440"},{"$f":"D1280*$E$5","v":{"v":12160.72,"d":"R12,161"}}]
[]
[null,"Reinforcement of varying diameters to beams","to",{"v":11440,"d":"R11,440"},{"$f":"D1282*$E$5","v":{"v":12160.72,"d":"R12,161"}}]
[]
[null,"Dowels"]
[]
[null,"Type 1 dowel (HLDQ-L30) lockable shear load connector dowel embedded in concrete at expansion joint, with and including epoxy resin, fixing and hole through formwork, complete.","No",{"v":2350,"d":"R2,350"},{"$f":"D1286*$E$5","v":{"v":2498.0499999999997,"d":"R2,498"}}]
[]
[null,"Type 2 dowel (ESDQ-L20) lockable shear load connector dowel embedded in concrete at expansion joint, with and including epoxy resin, fixing and hole through formwork, complete.","No",{"v":2350,"d":"R2,350"},{"$f":"D1288*$E$5","v":{"v":2498.0499999999997,"d":"R2,498"}}]
[]
[null,"R20 dowel approximately 350mm long embedded in concrete, with and including epoxy, fixing and hole through formwork","No",{"v":350,"d":"R350"},{"$f":"D1290*$E$5","v":{"v":372.04999999999995,"d":"R372"}}]
[]
[null,"Y16 dowel approximately 750mm long embedded in concrete secant pile, with and including epoxy","No",{"v":300,"d":"R300"},{"$f":"D1292*$E$5","v":{"v":318.9,"d":"R319"}}]
[]
[null,"Fabric reinforcement"]
[]
[null,"Type 192 fabric reinforcement in concrete surface beds, etc.","m²",{"v":40,"d":"R40"},{"$f":"D1296*$E$5","v":{"v":42.519999999999996,"d":"R43"}}]
[]
[null,"Type 245 fabric reinforcement in concrete surface beds, etc.","m²",{"v":51.32,"d":"R51"},{"$f":"D1298*$E$5","v":{"v":54.55316,"d":"R55"}}]
[]
[null,"Type 395 fabric reinforcement in concrete surface beds, etc.","m²",{"v":55,"d":"R55"},{"$f":"D1300*$E$5","v":{"v":58.464999999999996,"d":"R58"}}]
[]
[null,"PRECAST CONCRETE (DESIGN, SUPPLY & INSTALLATION)"]
[]
[null,"PRE-CAST CONCRETE SLABS"]
[]
[null,"Design, supply & install complete 150mm thick pre-cast pre-stressed hollow-core slabs in suitable lengths, closely butted at ends including bedding edges along both sides, with and including necessary supports (steel angle by others), complete"]
[]
[null,"Pre-cast slab approximately 5000 x 4100mm complete including rounded sides, etc (ground floor)","No",{"v":25000,"d":"R25,000"},{"$f":"D1308*$E$5","v":{"v":26575,"d":"R26,575"}}]
[]
[null,"Pre-cast slab approximately 5410 x 4700mm complete (second floor)","No",{"v":25000,"d":"R25,000"},{"$f":"D1310*$E$5","v":{"v":26575,"d":"R26,575"}}]
[]
[null,"Pre-cast slab approximately 4400 x 5350mm complete including rounded sides, etc (second floor)","No",{"v":30000,"d":"R30,000"},{"$f":"D1312*$E$5","v":{"v":31890,"d":"R31,890"}}]
[]
[null,"Pre-cast slab approximately 8050 x 4800mm complete (third floor)","No",{"v":40000,"d":"R40,000"},{"$f":"D1314*$E$5","v":{"v":42520,"d":"R42,520"}}]
[]
[null,"Pre-cast slab approximately 9650 x 9850mm complete (fourth floor)","No",{"v":95000,"d":"R95,000"},{"$f":"D1316*$E$5","v":{"v":100985,"d":"R100,985"}}]
[]
[null,"Pre-cast slab approximately 10050 x 9850mm complete (fourth floor)","No",{"v":95000,"d":"R95,000"},{"$f":"D1318*$E$5","v":{"v":100985,"d":"R100,985"}}]
[]
[null,"MASONRY"]
[]
[null,"BRICKWORK"]
[]
[null,"FOUNDATION BRICKWORK"]
[]
[null,"Brickwork of NFP bricks (7 MPa nominal compressive strength) in class II mortar"]
[]
[null,"One brick walls in foundations","m²",{"v":485,"d":"R485"},{"$f":"D1328*$E$5","v":{"v":515.555,"d":"R516"}}]
[]
[null,"280mm Hollow walls of two half brick skins including wire ties in foundations","m²",{"v":490,"d":"R490"},{"$f":"D1330*$E$5","v":{"v":520.87,"d":"R521"}}]
[]
[null,"SUPERSTRUCTURE BRICKWORK"]
[]
[null,"Brickwork of NFP bricks (7 MPa nominal compressive strength) in class II mortar"]
[]
[null,"Half brick walls","m²",{"v":240,"d":"R240"},{"$f":"D1336*$E$5","v":{"v":255.11999999999998,"d":"R255"}}]
[]
[null,"One brick walls","m²",{"v":480,"d":"R480"},{"$f":"D1338*$E$5","v":{"v":510.23999999999995,"d":"R510"}}]
[]
[null,"280mm Hollow walls of two half brick skins including wire ties","m²",{"v":480,"d":"R480"},{"$f":"D1340*$E$5","v":{"v":510.23999999999995,"d":"R510"}}]
[]
[null,"280mm Hollow walls of two half brick skins including wire ties circular on plan","m²",{"v":480,"d":"R480"},{"$f":"D1342*$E$5","v":{"v":510.23999999999995,"d":"R510"}}]
[]
[null,"BRICKWORK SUNDRIES"]
[]
[null,"Brickwork sundries"]
[]
[null,"Cutting toothings and bonding new brickwork to existing","m²",{"v":65,"d":"R65"},{"$f":"D1348*$E$5","v":{"v":69.095,"d":"R69"}}]
[]
[null,"Splayed mortar fillet one course high in 50mm cavity","m",{"v":20.2,"d":"R20"},{"$f":"D1350*$E$5","v":{"v":21.4726,"d":"R21"}}]
[]
[null,"Closing 50mm cavity of hollow wall horizontally with one course of brickwork","m",{"v":61.5,"d":"R62"},{"$f":"D1352*$E$5","v":{"v":65.3745,"d":"R65"}}]
[]
[null,"Brickwork stiffeners"]
[]
[null,"100 x 10mm thick plate hot dipped galvanised wall stiffener, with and including 150 x 75mm x 10kg/m angle cleats with chemical anchor bolts, complete ","m",{"v":254.88,"d":"R255"},{"$f":"D1356*$E$5","v":{"v":270.93744,"d":"R271"}}]
[]
[null,"200 x 10mm thick plate hot dipped galvanised wall stiffener, with and including 150 x 75mm x 10kg/m angle cleats with chemical anchor bolts, complete ","m",{"v":350,"d":"R350"},{"$f":"D1358*$E$5","v":{"v":372.04999999999995,"d":"R372"}}]
[]
[null,"250 x 10mm thick plate hot dipped galvanised wall stiffener, with and including 150 x 75mm x 10kg/m angle cleats with chemical anchor bolts, complete ","m",{"v":450,"d":"R450"},{"$f":"D1360*$E$5","v":{"v":478.34999999999997,"d":"R478"}}]
[]
[null,"Bagging of 1:3 cement and sand mixture"]
[]
[null,"On brick surfaces","m²",{"v":30,"d":"R30"},{"$f":"D1364*$E$5","v":{"v":31.889999999999997,"d":"R32"}}]
[]
[null,"Movement joints with softboard between vertical concrete and brick surfaces (to be approved by the principal agent)"]
[]
[null,"12mm Joints not exceeding 300mm wide","m",{"v":39,"d":"R39"},{"$f":"D1368*$E$5","v":{"v":41.457,"d":"R41"}}]
[]
[null,"10mm Thick joints built in vertically between concrete columns and brickwork, including tacking to face of concrete","m²",{"v":84,"d":"R84"},{"$f":"D1370*$E$5","v":{"v":89.292,"d":"R89"}}]
[]
[null,"Brickwork reinforcement"]
[]
[null,"75mm Wide reinforcement built in horizontally","m",{"v":1.35,"d":"R1"},{"$f":"D1374*$E$5","v":{"v":1.43505,"d":"R1"}}]
[]
[null,"150mm Wide reinforcement built in horizontally","m",{"v":1.35,"d":"R1"},{"$f":"D1376*$E$5","v":{"v":1.43505,"d":"R1"}}]
[]
[null,"Prestressed fabricated concrete lintels including necessary temporary supports"]
[]
[null,"110 x 75mm Lintels in lengths not exceeding 3m high","m",{"v":75,"d":"R75"},{"$f":"D1380*$E$5","v":{"v":79.725,"d":"R80"}}]
[]
[null,"110 x 75mm Lintels in lengths exceeding 3m and not exceeding 4.5m high","m",{"v":75,"d":"R75"},{"$f":"D1382*$E$5","v":{"v":79.725,"d":"R80"}}]
[]
[null,"150 x 70mm Lintels in lengths not exceeding 3m high","m",{"v":75,"d":"R75"},{"$f":"D1384*$E$5","v":{"v":79.725,"d":"R80"}}]
[]
[null,"Galvanized hoop iron cramps, ties, etc"]
[]
[null,"1.6mm thick galvanised hoop iron tie 32 x 600mm long with one end fixed to wall stiffeners and other end built into brickwork","m",{"v":17.5,"d":"R18"},{"$f":"D1388*$E$5","v":{"v":18.6025,"d":"R19"}}]
[]
[null,"WATERPROOFING"]
[]
[null,"SUPPLEMENTARY PREAMBLES"]
[]
[null,"Waterproofing"]
[]
[null,"Waterproofing to roofs, basements, etc shall be carried out by workmen who are experienced in this type of work. Waterproofing of roofs, basements, etc shall be laid under a ten year guarantee.  Waterproofing to roofs shall be laid to even falls to outlets etc with necessary ridges, hips and valleys. Descriptions of sheet or membrane waterproofing shall be deemed to include additional labour to turn-ups and turn-downs"]
[]
[null,"----------------------------------------"]
[]
[null,"DAMP PROOFING OF WALLS AND FLOORS"]
[]
[null,"One layer of 250 micron polyethylene membrane vapour barrier, sealed at laps with PVC self adhesive tape"]
[]
[null,"In walls","m²",{"v":35.58,"d":"R36"},{"$f":"D1404*$E$5","v":{"v":37.82154,"d":"R38"}}]
[]
[null,"Under surface beds","m²",{"v":35.58,"d":"R36"},{"$f":"D1406*$E$5","v":{"v":37.82154,"d":"R38"}}]
[]
[null,"On flat roofs","m²",{"v":35.58,"d":"R36"},{"$f":"D1408*$E$5","v":{"v":37.82154,"d":"R38"}}]
[]
[null,"Two coats \"Flintkote\"  or similar approved bitumen emulsion waterproof coating"]
[]
[null,"On outer face of inner skin of cavity walls","m²",{"v":60.68,"d":"R61"},{"$f":"D1412*$E$5","v":{"v":64.50283999999999,"d":"R65"}}]
[]
[null,"Two layers 4mm \"Polyglass Evolight\" or similar  approved modified bituminous torch-on in membrane in widths not exceeding 300mm wide all in accordance with the manufacturer's instructions"]
[]
[null,"On screeds","m²",{"v":266.15,"d":"R266"},{"$f":"D1416*$E$5","v":{"v":282.91745,"d":"R283"}}]
[]
[null,"One layer 1.7mm self-adhesive fully bonded waterproof membrane comprising 1.4mm rubberised asphalt and a layer of heat resistant woven polypropylene mesh, laid with 75mm side and 100mm end laps"]
[]
[null,"On shower floors","m²",{"v":446.25,"d":"R446"},{"$f":"D1420*$E$5","v":{"v":474.36375,"d":"R474"}}]
[]
[null,"WATERPROOFING TO ROOFS, BASEMENTS, BALCONIES, ETC"]
[]
[null,"Two coats \"Cemcrete Permastop\"  or similar approved cementitious waterproofing slurry"]
[]
[null,"On tops and sides of inverted beams","m²",{"v":264.46,"d":"R264"},{"$f":"D1426*$E$5","v":{"v":281.12098,"d":"R281"}}]
[]
[null,"Two layers 4mm torched on bitumen membrane to be torch fused all in accordance with the manufacturer's specifications"]
[]
[null,"On floors to roofs","m²",{"v":263.44,"d":"R263"},{"$f":"D1430*$E$5","v":{"v":280.03672,"d":"R280"}}]
[]
[null,"Counter flashing strip exceeding 300mm girth and sealing edge to brickwork or concrete","m²",{"v":224.88,"d":"R225"},{"$f":"D1432*$E$5","v":{"v":239.04744,"d":"R239"}}]
[]
[null,"Additional membrane at turn-ups including flashing strip 150mm girth and sealing edge to brickwork or concrete","m",{"v":24.7,"d":"R25"},{"$f":"D1434*$E$5","v":{"v":26.256099999999996,"d":"R26"}}]
[]
[null,"30 x 30mm Triangular fillet","m",{"v":9.56,"d":"R10"},{"$f":"D1436*$E$5","v":{"v":10.16228,"d":"R10"}}]
[]
[null,"Additional membrane at rainwater outlet","No",{"v":98.8,"d":"R99"},{"$f":"D1438*$E$5","v":{"v":105.02439999999999,"d":"R105"}}]
[]
[null,"One layer \"Derbigum CG 4\" or simialr approved fully bonded waterproofing including turn-ups, etc. applied by waterproofing specialist"]
[]
[null,"Tanking to lift pit","m²",{"v":123.35,"d":"R123"},{"$f":"D1442*$E$5","v":{"v":131.12105,"d":"R131"}}]
[]
[null,"\"Bituthene 3000\" or similar approved waterproof membrane fixed in accordance with manufacturers instructions"]
[]
[null,"On parapet walls, etc.","m²",{"v":269.64,"d":"R270"},{"$f":"D1446*$E$5","v":{"v":286.62732,"d":"R287"}}]
[]
[null,"Sealing edges to brickwork or concrete","m",{"v":51,"d":"R51"},{"$f":"D1448*$E$5","v":{"v":54.212999999999994,"d":"R54"}}]
[]
[null,"\"Bituthene 3000\" or similar approved waterproof membrane, including preparation of existing concrete substrate, prime with one coat bitumen primer and apply one layer 1.7mm self-adhesive fully bonded waterproof membrane comprising 1.4mm rubberised asphalt and a layer of heat-resistant woven polypropylene mesh, laid with 75mm side and 100mm end laps in accordance with manufacturer's instructions"]
[]
[null,"Extra over for two additional layers at expansion joints","m",{"v":239.58,"d":"R240"},{"$f":"D1452*$E$5","v":{"v":254.67354,"d":"R255"}}]
[]
[null,"\"SikaProof A 12\" fully bonded membrane system or similar approved, 15mm thick, consisting of a flexible polyolefin (FPO) membrane with a thickness of 1.2mm containing a unique, FPO based, hybrid bonding layer to give total membrane thickness of 1.75mm installed strictly in accordance with the manufacturer's instructions"]
[]
[null,"On smooth blinding concrete","m²",{"v":1140,"d":"R1,140"},{"$f":"D1456*$E$5","v":{"v":1211.82,"d":"R1,212"}}]
[]
[null,"To sides of pile caps & ground beams","m²",{"v":1140,"d":"R1,140"},{"$f":"D1458*$E$5","v":{"v":1211.82,"d":"R1,212"}}]
[]
[null,"PROTECTIVE ROOFING PAINT"]
[]
[null,"Two coats bituminous aluminium paint"]
[]
[null,"On waterproofing to roofs","m²",{"v":45.1,"d":"R45"},{"$f":"D1464*$E$5","v":{"v":47.9413,"d":"R48"}}]
[]
[null,"WATERSTOPS"]
[]
[null,"PVC drips to brick cavities, etc"]
[]
[null,"20 x 20 x 2mm Angle drip epoxy fixed to bottom edges of concrete slabs and beams","m",{"v":9.52,"d":"R10"},{"$f":"D1470*$E$5","v":{"v":10.11976,"d":"R10"}}]
[]
[null,"PVC waterstops cast into concrete"]
[]
[null,"Type AR31 rearguard waterbar","m",{"v":80,"d":"R80"},{"$f":"D1474*$E$5","v":{"v":85.03999999999999,"d":"R85"}}]
[]
[null,"Fused T-intersection to AR31 waterstops","No",{"v":50,"d":"R50"},{"$f":"D1476*$E$5","v":{"v":53.15,"d":"R53"}}]
[]
[null,"FIRE SEALANTS, ETC."]
[]
[null,"Gap sealing compound (60 minutes fire ratings) including backing cord, bond breaker, primer, etc."]
[]
[null,"Pointing 25mm to 50mm high joints vertically and horizontally between brickwork and concrete","m",{"v":50,"d":"R50"},{"$f":"D1482*$E$5","v":{"v":53.15,"d":"R53"}}]
[]
[null,"JOINT SEALANTS, ETC"]
[]
[null,"Approved silicone pointing"]
[]
[null,"Between aluminium frames and walls","m",{"v":8.09,"d":"R8"},{"$f":"D1488*$E$5","v":{"v":8.59967,"d":"R9"}}]
[]
[null,"Between metal frames and walls","m",{"v":8.09,"d":"R8"},{"$f":"D1490*$E$5","v":{"v":8.59967,"d":"R9"}}]
[]
[null,"Between sanitary fittings and walls","m",{"v":8.09,"d":"R8"},{"$f":"D1492*$E$5","v":{"v":8.59967,"d":"R9"}}]
[]
[null,"Two-part grey polysulphide sealing compound including backing cord, bond breaker, primer, etc:"]
[]
[null,"10 x 10mm In expansion joints in floors","m",{"v":64.74,"d":"R65"},{"$f":"D1496*$E$5","v":{"v":68.81862,"d":"R69"}}]
[]
[null,"Two part grey polysulphide sealing compound including backing cord, bond breaker, primer, etc."]
[]
[null,"8 x 8mm In saw cut joints in floors","m",{"v":45,"d":"R45"},{"$f":"D1500*$E$5","v":{"v":47.835,"d":"R48"}}]
[]
[null,"10 x 10mm In expansion joints in walls","m",{"v":50,"d":"R50"},{"$f":"D1502*$E$5","v":{"v":53.15,"d":"R53"}}]
[]
[null,"PROTECTIVE PAVING"]
[]
[null,"600 x 600mm concrete pavers laid on and including 10mm neoprene rubber backing to roof areas and plant areas"]
[]
[null,"Paving of slabs laid to flat roof walkway","m²",{"v":420.4,"d":"R420"},{"$f":"D1508*$E$5","v":{"v":446.88519999999994,"d":"R447"}}]
[]
[null,"INSULATION"]
[]
[null,"\"Isoboard\" or similar approved high density 32-36kg/mÂ³ rigid extruded polystyrene 100% closed cell insulation boarding 80mm thick (or 2 (No.) x 40mm) with shiplap joints laid tightly butted on waterproofing (waterproofing elsewhere measured)"]
[]
[null,"On concrete slabs","m²",{"v":149.19,"d":"R149"},{"$f":"D1514*$E$5","v":{"v":158.58897,"d":"R159"}}]
[]
[null,"ROOF COVERINGS"]
[]
[null,"PROFILED METAL SHEETING AND ACCESSORIES"]
[]
[null,"0.53mm Thick Double interlocking concealed fixed, rolled formed profile steel roof sheeting and side cladding with certified \"Seaspray matt\"  finish on one side with 79 SRI rating in single lengths fixed to steel purlins with embossed galvanised sheet steel accessories with all fixed in accordance with manufacturers instruction and architects drawings and specifications"]
[]
[null,"Roof covering to curved roof","m²",{"v":320,"d":"R320"},{"$f":"D1522*$E$5","v":{"v":340.15999999999997,"d":"R340"}}]
[]
[null,"Side cladding fixed to steel section to create barge board","m²",{"v":750,"d":"R750"},{"$f":"D1524*$E$5","v":{"v":797.25,"d":"R797"}}]
[]
[null,"Capping flashing 320mm girth fixed to gutter and cladding","m",{"v":650,"d":"R650"},{"$f":"D1526*$E$5","v":{"v":690.9499999999999,"d":"R691"}}]
[]
[null,"Drip flashing 150mm girth","m",{"v":300,"d":"R300"},{"$f":"D1528*$E$5","v":{"v":318.9,"d":"R319"}}]
[]
[null,"Side flashing 120mm girth","m",{"v":300,"d":"R300"},{"$f":"D1530*$E$5","v":{"v":318.9,"d":"R319"}}]
[]
[null,"Barge flashing 850mm girth fixed to domed roof","m",{"v":850,"d":"R850"},{"$f":"D1532*$E$5","v":{"v":903.55,"d":"R904"}}]
[]
[null,"Side wall cladding","m²",{"v":320,"d":"R320"},{"$f":"D1534*$E$5","v":{"v":340.15999999999997,"d":"R340"}}]
[]
[null,"Drip flashing 150mm girth","m",{"v":250,"d":"R250"},{"$f":"D1536*$E$5","v":{"v":265.75,"d":"R266"}}]
[]
[null,"Circular cutting","m",{"v":80,"d":"R80"},{"$f":"D1538*$E$5","v":{"v":85.03999999999999,"d":"R85"}}]
[]
[null,"4mm Composite sheet cladding extruded from 1100 H18 alloy with 0.5mm skin gauge all "]
[]
[null,"Aluminium panel 385mm wide fixed to gutter","m",{"v":250,"d":"R250"},{"$f":"D1542*$E$5","v":{"v":265.75,"d":"R266"}}]
[]
[null,"ROOF AND WALL LINING AND INSULATION"]
[]
[null,"1 Layer of 50mm Thermocoustex fibre, marble colour, 24kg/mÂ³, 1.34mÂ².K/W R-Value, on 3 layers of 50mm thermocoustex fibre, marble colour, 50kg/mÂ³, 1.48mÂ².K/W R-Value, 1.2m x 10m laid taut over steel rafters (at approximately 1950mm centres) and fixed concurrent with purlins, etc. including straining wires laid over new purlins"]
[]
[null,"Insulation laid taut over purlins (at approximately 760mm centres) and fixed concurrent with roof covering and shutter board including galvanised steel straining wires","m²",{"v":375,"d":"R375"},{"$f":"D1548*$E$5","v":{"v":398.625,"d":"R399"}}]
[]
[null,"Sisalation \"FR430\" or other equal approved heavy duty, double sided reflective foil laminate, with and including support wires laid taut over steel rafters (at approximately 1950mm centres) and fixed concurrent with purlins, etc. including straining wires laid over new purlins"]
[]
[null,"Insulation laid taut over purlins (at approximately 760mm centres) and fixed concurrent with roof covering and shutter board including galvanised steel straining wires","m²",{"v":375,"d":"R375"},{"$f":"D1552*$E$5","v":{"v":398.625,"d":"R399"}}]
[]
[null,"CARPENTRY AND JOINERY (SKIRTINGS & TIMBER DOORS)"]
[]
[null,"SKIRTINGS"]
[]
[null,"Hardwood (Finishes specification code S7)"]
[]
[null,"19 x 100mm Timber skirting, plugged","m",{"v":102.17,"d":"R102"},{"$f":"D1560*$E$5","v":{"v":108.60670999999999,"d":"R109"}}]
[]
[null,"DOORS, ETC"]
[]
[null,"Flush solid Masonite fire doors with commercial veneer"]
[]
[null,"Class B fire door approximate size 1100 x 2030mm high including pressed steel frame for 90mm partition walls and preparing frame for door closer and lock (Type FR-5A)","No",{"v":11711.2,"d":"R11,711"},{"$f":"D1566*$E$5","v":{"v":12449.0056,"d":"R12,449"}}]
[]
[null,"Class B fire door approximate size 1100 x 2030mm high including pressed steel frame for half brick walls and preparing frame for door closer and lock (Type FR-5A)","No",{"v":11711.2,"d":"R11,711"},{"$f":"D1568*$E$5","v":{"v":12449.0056,"d":"R12,449"}}]
[]
[null,"Class B fire door approximate size 813 x 2030mm high including pressed steel frame for half brick walls and preparing frame for door closer and lock (Type FR-6)","No",{"v":8838.47,"d":"R8,838"},{"$f":"D1570*$E$5","v":{"v":9395.293609999999,"d":"R9,395"}}]
[]
[null,"Class B fire door approximate size 813 x 2030mm high including pressed steel frame for one brick walls and preparing frame for door closer and lock (Type FR-6)","No",{"v":8838.47,"d":"R8,838"},{"$f":"D1572*$E$5","v":{"v":9395.293609999999,"d":"R9,395"}}]
[]
[null,"Class B fire door approximate size 930 x 2065mm high including pressed steel frame for half brick walls and preparing frame for door closer and lock  (Type FR-2A)","No",{"v":10169.4,"d":"R10,169"},{"$f":"D1574*$E$5","v":{"v":10810.072199999999,"d":"R10,810"}}]
[]
[null,"Class B fire door approximate size 930 x 2065mm high including pressed steel frame for one brick walls and preparing frame for door closer and lock  (Type FR-2A)","No",{"v":10169.4,"d":"R10,169"},{"$f":"D1576*$E$5","v":{"v":10810.072199999999,"d":"R10,810"}}]
[]
[null,"Class B fire double door approximate size 1730 x 2032mm high including pressed steel frame for one brick walls and preparing frame for door closer (Type FE-1 & FE-1A )","No",{"v":11711.2,"d":"R11,711"},{"$f":"D1578*$E$5","v":{"v":12449.0056,"d":"R12,449"}}]
[]
[null,"Class B fire double door approximate size 1730 x 2032mm high including pressed steel frame for half brick walls and preparing frame for door closer (Type FE-1A)","No",{"v":11711.2,"d":"R11,711"},{"$f":"D1580*$E$5","v":{"v":12449.0056,"d":"R12,449"}}]
[]
[null,"Class B fire double door approximate size 1730 x 2032mm high including pressed steel frame for 280mm cavity brick walls and preparing frame for door closer (Type FE-1A)","No",{"v":11711.2,"d":"R11,711"},{"$f":"D1582*$E$5","v":{"v":12449.0056,"d":"R12,449"}}]
[]
[null,"Semi-solid core fire door with hardwood veneer"]
[]
[null,"Class B fire double door approximate size 1500 x 2032mm high with and including hardwood edges, each leaf with and including 200 x 300mm opening for fire rated transparent glazing including pressed steel frame for half brick walls and preparing frame for door closer (Type FR-9)","No",{"v":12180.5,"d":"R12,181"},{"$f":"D1586*$E$5","v":{"v":12947.8715,"d":"R12,948"}}]
[]
[null,"Class B fire double door approximate size 1500 x 2032mm high, with and including hardwood edges, each leaf with and including 200 x 300mm opening for fire rated transparent glazing including pressed steel frame for one brick walls and preparing frame for door closer (Type FR-9)","No",{"v":12180.5,"d":"R12,181"},{"$f":"D1588*$E$5","v":{"v":12947.8715,"d":"R12,948"}}]
[]
[null,"Semi-solid flush doors with 3.2mm plain hardboard covering on both sides, hung to steel frames (steel frames elsewhere measured)"]
[]
[null,"40mm Door size approximately 1000 x 2032mm high, with and including hardwood edges and including 290 x 300mm opening for transparent glazing (Type SD-3 & SD-3A)","No",{"v":2155.31,"d":"R2,155"},{"$f":"D1592*$E$5","v":{"v":2291.09453,"d":"R2,291"}}]
[]
[null,"40mm Double door size approximately 1430 x 2032mm high, with and including hardwood edges, each leaf with and including 250 x 400mm opening for transparent glazing (Type DD-7)","No",{"v":5919.8,"d":"R5,920"},{"$f":"D1594*$E$5","v":{"v":6292.7474,"d":"R6,293"}}]
[]
[null,"Solid flush door, hung to aluminium frame (aluminium frame elsewhere measured)"]
[]
[null,"40mm Double door size approximately 1450 x 2850mm, with and including acoustic treatment to a RW 32 dB minimum rating (Type DD-9)","No",{"v":19850.55,"d":"R19,851"},{"$f":"D1598*$E$5","v":{"v":21101.134649999996,"d":"R21,101"}}]
[]
[null,"CEILINGS PARTITIONS AND ACCESS FLOORING"]
[]
[null,"Ceilings"]
[]
[null,"Unless otherwise described ceilings shall be deemed to be horizontal"]
[]
[null,"Bulkheads"]
[]
[null,"Bulkheads are defined as those portions of ceilings which are stepped down from the general ceiling level in a particular room or area and which generally occur along the perimeter. Their purpose is either to conceal services or to create architectural features"]
[]
[null,"Bulkheads have only been described as such where they conform to the above definition and where the horizontal or vertical dimensions do not exceed 900mm. Where these dimensions are more than 900mm such portions of ceilings have been included in the appropriate general items of ceilings"]
[]
[null,"Unless otherwise described bulkheads shall be deemed to be horizontal along the length"]
[]
[null,"Circular bulkheads shall be given separately"]
[]
[null,"Steel components"]
[]
[null,"All steel components for ceilings, partitions, etc are to be galvanised in accordance with SANS 121."]
[]
[null,"Feature ceilings"]
[]
[null,"SUSPENDED CEILINGS AND BULKHEADS"]
[]
[null,"Suspended lay-in ceilings"]
[]
[null,"600 x 600 x 15mm thick acoustic vinyl finished gypsum ceiling tiles laid on exposed white polyester powder coated steel capped T38 x 25mm exposed steel grid, including main tees and cross tees, with hold down RSAS galvanised clips fixed complete, including wedging up and all necessary bearers, fixing brackets etc, supported at abutments on and including channels, trims, edging beads etc, all in accordance with the manufacturers instructions (Type: CLG 3)"]
[]
[null,"Horizontal ceiling suspended not exceeding 1m below concrete soffits","m²",{"v":250,"d":"R250"},{"$f":"D1628*$E$5","v":{"v":265.75,"d":"R266"}}]
[]
[null,"Horizontal ceiling suspended exceeding 1m not exceeding 2m below concrete soffits","m²",{"v":600,"d":"R600"},{"$f":"D1630*$E$5","v":{"v":637.8,"d":"R638"}}]
[]
[null,"Extra over for fixing recessed light fitting size 600 x 600mm (fitting supplied by other) in grid system, including all necessary trims, additional hangers, etc. (ceiling tile not deducted)","No",{"v":25,"d":"R25"},{"$f":"D1632*$E$5","v":{"v":26.575,"d":"R27"}}]
[]
[null,"Extra over for forming opening for and fixing air conditioning griller size 600 x 600mm (grille supplied by other) including hangers, tees, bracing etc.","No",{"v":30,"d":"R30"},{"$f":"D1634*$E$5","v":{"v":31.889999999999997,"d":"R32"}}]
[]
[null,"22mm white polyester shadowline cornice with exposed faces finished to match ceiling tees, including galvanised steel Z- bracket wall angle, cutting to length, mitres, etc.","m",{"v":40,"d":"R40"},{"$f":"D1636*$E$5","v":{"v":42.519999999999996,"d":"R43"}}]
[]
[null,"Suspended flush plasterboard ceilings and bulkheads"]
[]
[null,"Gypsum moisture resistant plasterboard ceilings on screw-up tee suspended grid including hangers etc, with tape fixed over joints and the whole finished with gypsum plaster trowelled to a smooth polished surface"]
[]
[null,"Ceilings suspended exceeding 1m not exceeding 2m below concrete soffits","m²",{"v":700,"d":"R700"},{"$f":"D1642*$E$5","v":{"v":744.0999999999999,"d":"R744"}}]
[]
[null,"Horizontal bulkheads 90mm wide, suspended exceeding 1m not exceeding 2m below concrete soffits","m",{"v":591.06,"d":"R591"},{"$f":"D1644*$E$5","v":{"v":628.2967799999999,"d":"R628"}}]
[]
[null,"Horizontal bulkheads 180mm wide, suspended exceeding 1m not exceeding 2m below concrete soffits","m",{"v":591.06,"d":"R591"},{"$f":"D1646*$E$5","v":{"v":628.2967799999999,"d":"R628"}}]
[]
[null,"12.5mm Gypsum plasterboard ceilings on screw-up tee suspended grid including hangers etc, with tape fixed over joints and the whole finished with gypsum plaster trowelled to a smooth polished surface"]
[]
[null,"Sloping ceilings suspended not exceeding 1m below concrete soffits","m²",{"v":400,"d":"R400"},{"$f":"D1650*$E$5","v":{"v":425.2,"d":"R425"}}]
[]
[null,"Ceilings suspended not exceeding 1m below concrete soffits","m²",{"v":300,"d":"R300"},{"$f":"D1652*$E$5","v":{"v":318.9,"d":"R319"}}]
[]
[null,"Ceilings suspended exceeding 1m not exceeding 2m below concrete soffits","m²",{"v":700,"d":"R700"},{"$f":"D1654*$E$5","v":{"v":744.0999999999999,"d":"R744"}}]
[]
[null,"Horizontal bulkheads 90mm wide, suspended exceeding 1m not exceeding 2m below concrete soffits","m",{"v":591.06,"d":"R591"},{"$f":"D1656*$E$5","v":{"v":628.2967799999999,"d":"R628"}}]
[]
[null,"Horizontal bulkheads 180mm wide, suspended exceeding 1m not exceeding 2m below concrete soffits","m",{"v":591.06,"d":"R591"},{"$f":"D1658*$E$5","v":{"v":628.2967799999999,"d":"R628"}}]
[]
[null,"Horizontal bulkheads 195mm wide, suspended exceeding 1m not exceeding 2m below concrete soffits","m",{"v":591.06,"d":"R591"},{"$f":"D1660*$E$5","v":{"v":628.2967799999999,"d":"R628"}}]
[]
[null,"Horizontal bulkheads 225mm wide, suspended exceeding 1m not exceeding 2m below concrete soffits","m",{"v":591.06,"d":"R591"},{"$f":"D1662*$E$5","v":{"v":628.2967799999999,"d":"R628"}}]
[]
[null,"Horizontal bulkheads 250mm wide, suspended exceeding 1m not exceeding 2m below concrete soffits","m",{"v":591.06,"d":"R591"},{"$f":"D1664*$E$5","v":{"v":628.2967799999999,"d":"R628"}}]
[]
[null,"Horizontal bulkheads 295mm wide, suspended exceeding 1m not exceeding 2m below concrete soffits","m",{"v":591.06,"d":"R591"},{"$f":"D1666*$E$5","v":{"v":628.2967799999999,"d":"R628"}}]
[]
[null,"Horizontal bulkheads 315mm wide, suspended exceeding 1m not exceeding 2m below concrete soffits","m",{"v":591.06,"d":"R591"},{"$f":"D1668*$E$5","v":{"v":628.2967799999999,"d":"R628"}}]
[]
[null,"Horizontal bulkheads 360mm wide, suspended exceeding 1m not exceeding 2m below concrete soffits","m",{"v":591.06,"d":"R591"},{"$f":"D1670*$E$5","v":{"v":628.2967799999999,"d":"R628"}}]
[]
[null,"Horizontal bulkheads 375mm wide, suspended exceeding 1m not exceeding 2m below concrete soffits","m",{"v":591.06,"d":"R591"},{"$f":"D1672*$E$5","v":{"v":628.2967799999999,"d":"R628"}}]
[]
[null,"Horizontal bulkheads 385mm wide, suspended exceeding 1m not exceeding 2m below concrete soffits","m",{"v":591.06,"d":"R591"},{"$f":"D1674*$E$5","v":{"v":628.2967799999999,"d":"R628"}}]
[]
[null,"Horizontal bulkheads 390mm wide, suspended exceeding 1m not exceeding 2m below concrete soffits","m",{"v":591.06,"d":"R591"},{"$f":"D1676*$E$5","v":{"v":628.2967799999999,"d":"R628"}}]
[]
[null,"Horizontal bulkheads 400mm wide, suspended exceeding 1m not exceeding 2m below concrete soffits","m",{"v":591.06,"d":"R591"},{"$f":"D1678*$E$5","v":{"v":628.2967799999999,"d":"R628"}}]
[]
[null,"Horizontal bulkheads 415mm wide, suspended exceeding 1m not exceeding 2m below concrete soffits","m",{"v":591.06,"d":"R591"},{"$f":"D1680*$E$5","v":{"v":628.2967799999999,"d":"R628"}}]
[]
[null,"Horizontal bulkheads 430mm wide, suspended exceeding 1m not exceeding 2m below concrete soffits","m",{"v":591.06,"d":"R591"},{"$f":"D1682*$E$5","v":{"v":628.2967799999999,"d":"R628"}}]
[]
[null,"Horizontal bulkheads 435mm wide, suspended exceeding 1m not exceeding 2m below concrete soffits","m",{"v":591.06,"d":"R591"},{"$f":"D1684*$E$5","v":{"v":628.2967799999999,"d":"R628"}}]
[]
[null,"Horizontal bulkheads 440mm wide, suspended exceeding 1m not exceeding 2m below concrete soffits","m",{"v":591.06,"d":"R591"},{"$f":"D1686*$E$5","v":{"v":628.2967799999999,"d":"R628"}}]
[]
[null,"Horizontal bulkheads 450mm wide, suspended exceeding 1m not exceeding 2m below concrete soffits","m",{"v":591.06,"d":"R591"},{"$f":"D1688*$E$5","v":{"v":628.2967799999999,"d":"R628"}}]
[]
[null,"Horizontal bulkheads 475mm wide, suspended exceeding 1m not exceeding 2m below concrete soffits","m",{"v":591.06,"d":"R591"},{"$f":"D1690*$E$5","v":{"v":628.2967799999999,"d":"R628"}}]
[]
[null,"Horizontal bulkheads 480mm wide, suspended exceeding 1m not exceeding 2m below concrete soffits","m",{"v":591.06,"d":"R591"},{"$f":"D1692*$E$5","v":{"v":628.2967799999999,"d":"R628"}}]
[]
[null,"Horizontal bulkheads 500mm wide, suspended exceeding 1m not exceeding 2m below concrete soffits","m",{"v":591.06,"d":"R591"},{"$f":"D1694*$E$5","v":{"v":628.2967799999999,"d":"R628"}}]
[]
[null,"Horizontal bulkheads 517mm wide, suspended exceeding 1m not exceeding 2m below concrete soffits","m",{"v":591.06,"d":"R591"},{"$f":"D1696*$E$5","v":{"v":628.2967799999999,"d":"R628"}}]
[]
[null,"Horizontal bulkheads 525mm wide, suspended exceeding 1m not exceeding 2m below concrete soffits","m",{"v":591.06,"d":"R591"},{"$f":"D1698*$E$5","v":{"v":628.2967799999999,"d":"R628"}}]
[]
[null,"Horizontal bulkheads 550mm wide, suspended exceeding 1m not exceeding 2m below concrete soffits","m",{"v":591.06,"d":"R591"},{"$f":"D1700*$E$5","v":{"v":628.2967799999999,"d":"R628"}}]
[]
[null,"Horizontal bulkheads 565mm wide, suspended exceeding 1m not exceeding 2m below concrete soffits","m",{"v":591.06,"d":"R591"},{"$f":"D1702*$E$5","v":{"v":628.2967799999999,"d":"R628"}}]
[]
[null,"Horizontal bulkheads 580mm wide, suspended exceeding 1m not exceeding 2m below concrete soffits","m",{"v":591.06,"d":"R591"},{"$f":"D1704*$E$5","v":{"v":628.2967799999999,"d":"R628"}}]
[]
[null,"Horizontal bulkheads 600mm wide, suspended exceeding 1m not exceeding 2m below concrete soffits","m",{"v":591.06,"d":"R591"},{"$f":"D1706*$E$5","v":{"v":628.2967799999999,"d":"R628"}}]
[]
[null,"Horizontal bulkheads 635mm wide, suspended exceeding 1m not exceeding 2m below concrete soffits","m",{"v":591.06,"d":"R591"},{"$f":"D1708*$E$5","v":{"v":628.2967799999999,"d":"R628"}}]
[]
[null,"Horizontal bulkheads 650mm wide, suspended exceeding 1m not exceeding 2m below concrete soffits","m",{"v":591.06,"d":"R591"},{"$f":"D1710*$E$5","v":{"v":628.2967799999999,"d":"R628"}}]
[]
[null,"Horizontal bulkheads 660mm wide, suspended exceeding 1m not exceeding 2m below concrete soffits","m",{"v":591.06,"d":"R591"},{"$f":"D1712*$E$5","v":{"v":628.2967799999999,"d":"R628"}}]
[]
[null,"Horizontal bulkheads 672mm wide, suspended exceeding 1m not exceeding 2m below concrete soffits","m",{"v":591.06,"d":"R591"},{"$f":"D1714*$E$5","v":{"v":628.2967799999999,"d":"R628"}}]
[]
[null,"Horizontal bulkheads 690mm wide, suspended exceeding 1m not exceeding 2m below concrete soffits","m",{"v":591.06,"d":"R591"},{"$f":"D1716*$E$5","v":{"v":628.2967799999999,"d":"R628"}}]
[]
[null,"Horizontal bulkheads 707mm wide, suspended exceeding 1m not exceeding 2m below concrete soffits","m",{"v":591.06,"d":"R591"},{"$f":"D1718*$E$5","v":{"v":628.2967799999999,"d":"R628"}}]
[]
[null,"Horizontal bulkheads 712mm wide, suspended exceeding 1m not exceeding 2m below concrete soffits","m",{"v":591.06,"d":"R591"},{"$f":"D1720*$E$5","v":{"v":628.2967799999999,"d":"R628"}}]
[]
[null,"Horizontal bulkheads 715mm wide, suspended exceeding 1m not exceeding 2m below concrete soffits","m",{"v":591.06,"d":"R591"},{"$f":"D1722*$E$5","v":{"v":628.2967799999999,"d":"R628"}}]
[]
[null,"Horizontal bulkheads 720mm wide, suspended exceeding 1m not exceeding 2m below concrete soffits","m",{"v":591.06,"d":"R591"},{"$f":"D1724*$E$5","v":{"v":628.2967799999999,"d":"R628"}}]
[]
[null,"Horizontal bulkheads 730mm wide, suspended exceeding 1m not exceeding 2m below concrete soffits","m",{"v":591.06,"d":"R591"},{"$f":"D1726*$E$5","v":{"v":628.2967799999999,"d":"R628"}}]
[]
[null,"Horizontal bulkheads 750mm wide, suspended exceeding 1m not exceeding 2m below concrete soffits","m",{"v":591.06,"d":"R591"},{"$f":"D1728*$E$5","v":{"v":628.2967799999999,"d":"R628"}}]
[]
[null,"Horizontal bulkheads 760mm wide, suspended exceeding 1m not exceeding 2m below concrete soffits","m",{"v":591.06,"d":"R591"},{"$f":"D1730*$E$5","v":{"v":628.2967799999999,"d":"R628"}}]
[]
[null,"Horizontal bulkheads 785mm wide, suspended exceeding 1m not exceeding 2m below concrete soffits","m",{"v":591.06,"d":"R591"},{"$f":"D1732*$E$5","v":{"v":628.2967799999999,"d":"R628"}}]
[]
[null,"Horizontal bulkheads 800mm wide, suspended exceeding 1m not exceeding 2m below concrete soffits","m",{"v":591.06,"d":"R591"},{"$f":"D1734*$E$5","v":{"v":628.2967799999999,"d":"R628"}}]
[]
[null,"Horizontal bulkheads 815mm wide, suspended exceeding 1m not exceeding 2m below concrete soffits","m",{"v":591.06,"d":"R591"},{"$f":"D1736*$E$5","v":{"v":628.2967799999999,"d":"R628"}}]
[]
[null,"Horizontal bulkheads 850mm wide, suspended exceeding 1m not exceeding 2m below concrete soffits","m",{"v":591.06,"d":"R591"},{"$f":"D1738*$E$5","v":{"v":628.2967799999999,"d":"R628"}}]
[]
[null,"Horizontal bulkheads 880mm wide, suspended exceeding 1m not exceeding 2m below concrete soffits","m",{"v":591.06,"d":"R591"},{"$f":"D1740*$E$5","v":{"v":628.2967799999999,"d":"R628"}}]
[]
[null,"Horizontal bulkheads 890mm wide, suspended exceeding 1m not exceeding 2m below concrete soffits","m",{"v":591.06,"d":"R591"},{"$f":"D1742*$E$5","v":{"v":628.2967799999999,"d":"R628"}}]
[]
[null,"Horizontal bulkheads 930mm wide, suspended exceeding 1m not exceeding 2m below concrete soffits","m",{"v":591.06,"d":"R591"},{"$f":"D1744*$E$5","v":{"v":628.2967799999999,"d":"R628"}}]
[]
[null,"Horizontal bulkheads 950mm wide, suspended exceeding 1m not exceeding 2m below concrete soffits","m",{"v":591.06,"d":"R591"},{"$f":"D1746*$E$5","v":{"v":628.2967799999999,"d":"R628"}}]
[]
[null,"Horizontal bulkheads 975mm wide, suspended exceeding 1m not exceeding 2m below concrete soffits","m",{"v":591.06,"d":"R591"},{"$f":"D1748*$E$5","v":{"v":628.2967799999999,"d":"R628"}}]
[]
[null,"Horizontal bulkheads 1090mm wide, suspended exceeding 1m not exceeding 2m below concrete soffits","m",{"v":591.06,"d":"R591"},{"$f":"D1750*$E$5","v":{"v":628.2967799999999,"d":"R628"}}]
[]
[null,"Horizontal bulkheads 1102mm wide, suspended exceeding 1m not exceeding 2m below concrete soffits","m",{"v":591.06,"d":"R591"},{"$f":"D1752*$E$5","v":{"v":628.2967799999999,"d":"R628"}}]
[]
[null,"Horizontal bulkheads 1169mm wide, suspended exceeding 1m not exceeding 2m below concrete soffits","m",{"v":591.06,"d":"R591"},{"$f":"D1754*$E$5","v":{"v":628.2967799999999,"d":"R628"}}]
[]
[null,"Horizontal bulkheads 1150mm wide, suspended exceeding 1m not exceeding 2m below concrete soffits","m",{"v":1200,"d":"R1,200"},{"$f":"D1756*$E$5","v":{"v":1275.6,"d":"R1,276"}}]
[]
[null,"Horizontal bulkheads 1180mm wide, suspended exceeding 1m not exceeding 2m below concrete soffits","m",{"v":1300,"d":"R1,300"},{"$f":"D1758*$E$5","v":{"v":1381.8999999999999,"d":"R1,382"}}]
[]
[null,"Horizontal bulkheads 1200mm wide, suspended exceeding 1m not exceeding 2m below concrete soffits","m",{"v":1300,"d":"R1,300"},{"$f":"D1760*$E$5","v":{"v":1381.8999999999999,"d":"R1,382"}}]
[]
[null,"Horizontal bulkheads 350mm wide, suspended exceeding 2m not exceeding 3m below concrete soffits","m",{"v":650,"d":"R650"},{"$f":"D1762*$E$5","v":{"v":690.9499999999999,"d":"R691"}}]
[]
[null,"Horizontal bulkheads 407mm wide, suspended exceeding 2m not exceeding 3m below concrete soffits","m",{"v":750,"d":"R750"},{"$f":"D1764*$E$5","v":{"v":797.25,"d":"R797"}}]
[]
[null,"Horizontal bulkheads 475mm wide, suspended exceeding 2m not exceeding 3m below concrete soffits","m",{"v":1000,"d":"R1,000"},{"$f":"D1766*$E$5","v":{"v":1063,"d":"R1,063"}}]
[]
[null,"Horizontal bulkheads 600mm wide, suspended exceeding 2m not exceeding 3m below concrete soffits","m",{"v":1050,"d":"R1,050"},{"$f":"D1768*$E$5","v":{"v":1116.1499999999999,"d":"R1,116"}}]
[]
[null,"Horizontal bulkheads 673mm wide, suspended exceeding 2m not exceeding 3m below concrete soffits","m",{"v":1100,"d":"R1,100"},{"$f":"D1770*$E$5","v":{"v":1169.3,"d":"R1,169"}}]
[]
[null,"Horizontal bulkheads 762mm wide, suspended exceeding 2m not exceeding 3m below concrete soffits","m",{"v":1150,"d":"R1,150"},{"$f":"D1772*$E$5","v":{"v":1222.45,"d":"R1,222"}}]
[]
[null,"Horizontal bulkheads 800mm wide, suspended exceeding 2m not exceeding 3m below concrete soffits","m",{"v":1150,"d":"R1,150"},{"$f":"D1774*$E$5","v":{"v":1222.45,"d":"R1,222"}}]
[]
[null,"Horizontal bulkheads 850mm wide, suspended exceeding 2m not exceeding 3m below concrete soffits","m",{"v":1200,"d":"R1,200"},{"$f":"D1776*$E$5","v":{"v":1275.6,"d":"R1,276"}}]
[]
[null,"Horizontal bulkheads 960mm wide, suspended exceeding 2m not exceeding 3m below concrete soffits","m",{"v":1250,"d":"R1,250"},{"$f":"D1778*$E$5","v":{"v":1328.75,"d":"R1,329"}}]
[]
[null,"Horizontal bulkheads 1012mm wide, suspended exceeding 2m not exceeding 3m below concrete soffits","m",{"v":1300,"d":"R1,300"},{"$f":"D1780*$E$5","v":{"v":1381.8999999999999,"d":"R1,382"}}]
[]
[null,"Horizontal bulkheads 1130mm wide, suspended exceeding 2m not exceeding 3m below concrete soffits","m",{"v":1400,"d":"R1,400"},{"$f":"D1782*$E$5","v":{"v":1488.1999999999998,"d":"R1,488"}}]
[]
[null,"Horizontal bulkheads 1150mm wide, suspended exceeding 2m not exceeding 3m below concrete soffits","m",{"v":1400,"d":"R1,400"},{"$f":"D1784*$E$5","v":{"v":1488.1999999999998,"d":"R1,488"}}]
[]
[null,"Vertical bulkheads 100mm high, suspended not exceeding 1m below concrete soffits","m",{"v":591.06,"d":"R591"},{"$f":"D1786*$E$5","v":{"v":628.2967799999999,"d":"R628"}}]
[]
[null,"Vertical bulkheads 100mm high, suspended not exceeding 1m below concrete soffits circular on plan","m",{"v":591.06,"d":"R591"},{"$f":"D1788*$E$5","v":{"v":628.2967799999999,"d":"R628"}}]
[]
[null,"Vertical bulkheads 580mm high, suspended not exceeding 1m below concrete soffits","m",{"v":591.06,"d":"R591"},{"$f":"D1790*$E$5","v":{"v":628.2967799999999,"d":"R628"}}]
[]
[null,"Vertical bulkheads 200mm high, suspended exceeding 1m not exceeding 2m below concrete soffits","m",{"v":591.06,"d":"R591"},{"$f":"D1792*$E$5","v":{"v":628.2967799999999,"d":"R628"}}]
[]
[null,"Vertical bulkheads 350mm high, suspended exceeding 1m not exceeding 2m below concrete soffits","m",{"v":591.06,"d":"R591"},{"$f":"D1794*$E$5","v":{"v":628.2967799999999,"d":"R628"}}]
[]
[null,"Vertical bulkheads 1230mm high, suspended exceeding 1m not exceeding 2m below concrete soffits","m",{"v":1550,"d":"R1,550"},{"$f":"D1796*$E$5","v":{"v":1647.6499999999999,"d":"R1,648"}}]
[]
[null,"Vertical bulkheads 1600mm high, suspended exceeding 1m not exceeding 2m below concrete soffits","m",{"v":2000,"d":"R2,000"},{"$f":"D1798*$E$5","v":{"v":2126,"d":"R2,126"}}]
[]
[null,"Vertical bulkheads 2200mm high, suspended exceeding 1m not exceeding 2m below concrete soffits","m",{"v":2750,"d":"R2,750"},{"$f":"D1800*$E$5","v":{"v":2923.25,"d":"R2,923"}}]
[]
[null,"Bulkheads consisting of 500mm (vertical) x 170mm (horizontal) x 100mm (vertical), suspended exceeding 1m not exceeding 2m below concrete soffits","m",{"v":2750,"d":"R2,750"},{"$f":"D1802*$E$5","v":{"v":2923.25,"d":"R2,923"}}]
[]
[null,"22mm white polyester shadowline cornice with exposed faces finished to match ceiling tees, including cutting to length, mitres, etc.","m",{"v":40,"d":"R40"},{"$f":"D1804*$E$5","v":{"v":42.519999999999996,"d":"R43"}}]
[]
[null,"Opening for sprinkler head","No",{"v":35,"d":"R35"},{"$f":"D1806*$E$5","v":{"v":37.205,"d":"R37"}}]
[]
[null,"Extra over ceilings for opening for 65mm diameter downlighter","No",{"v":40,"d":"R40"},{"$f":"D1808*$E$5","v":{"v":42.519999999999996,"d":"R43"}}]
[]
[null,"PARTITIONS, ETC."]
[]
[null,"89mm Thick â€œGYPWALL Classic 63F30S46â€\u009d or similar approved, â€˜â€™Donn UltraSTEELâ€™â€™ 63.5x35mm stud partition with fire rating of 30 minutes and sound rating of Rw 42dB with both sides clad with one layer of 12.5mm â€œRhinoboardâ€\u009d, with and including â€œRhinotapeâ€\u009d to all joints and internal corners, â€œDonn\" corner beads to all external corners and two layers of â€œGyproc RhinoGlideâ€\u009d complete"]
[]
[null,"Partitioning 4320mm high","m",{"v":1700,"d":"R1,700"},{"$f":"D1814*$E$5","v":{"v":1807.1,"d":"R1,807"}}]
[]
[null,"Extra over partition 4320mm high for vertical abutment","No",{"v":150,"d":"R150"},{"$f":"D1816*$E$5","v":{"v":159.45,"d":"R159"}}]
[]
[null,"Extra over partition 4320mm high for corner","No",{"v":250,"d":"R250"},{"$f":"D1818*$E$5","v":{"v":265.75,"d":"R266"}}]
[]
[null,"Extra over partition 4320mm high for T-intersection","No",{"v":250,"d":"R250"},{"$f":"D1820*$E$5","v":{"v":265.75,"d":"R266"}}]
[]
[null,"Extra over partition 4320mm high for cutting out door frame opening including pine noggin support all around opening","No",{"v":1000,"d":"R1,000"},{"$f":"D1822*$E$5","v":{"v":1063,"d":"R1,063"}}]
[]
[null,"Extra over 4320mm partition for noggins for heavy duty fixtures in Ultra Steel load bearing stud noggins","No",{"v":322.42,"d":"R322"},{"$f":"D1824*$E$5","v":{"v":342.73246,"d":"R343"}}]
[]
[null,"114mm Thick â€œGYPWALL Classic 63F60S46â€\u009dor similar approved, â€˜â€™Donn UltraSTEELâ€™â€™ 63.5 x 35mm stud partition with fire rating of 60 minutes and sound rating of Rw 46dB with both sides clad with two layers of 12.5mm â€œRhinoboardâ€\u009d, with and including â€œRhinotapeâ€\u009d to all joints and internal corners, â€œDonn\" corner beads to all external corners and two layers of â€œGyproc RhinoGlideâ€\u009d complete"]
[]
[null,"Partitioning 3100mm high","m",{"v":2200,"d":"R2,200"},{"$f":"D1828*$E$5","v":{"v":2338.6,"d":"R2,339"}}]
[]
[null,"Extra over partition 3100mm high for vertical abutment","No",{"v":150,"d":"R150"},{"$f":"D1830*$E$5","v":{"v":159.45,"d":"R159"}}]
[]
[null,"Extra over partition 3100mm high for corner","No",{"v":250,"d":"R250"},{"$f":"D1832*$E$5","v":{"v":265.75,"d":"R266"}}]
[]
[null,"Extra over partition 3100mm high for T-intersection","No",{"v":250,"d":"R250"},{"$f":"D1834*$E$5","v":{"v":265.75,"d":"R266"}}]
[]
[null,"Extra over partition 3100mm high for fair end","No",{"v":250,"d":"R250"},{"$f":"D1836*$E$5","v":{"v":265.75,"d":"R266"}}]
[]
[null,"Partitioning 4320mm high","m",{"v":2950,"d":"R2,950"},{"$f":"D1838*$E$5","v":{"v":3135.85,"d":"R3,136"}}]
[]
[null,"Extra over partition 4320mm high for vertical abutment","No",{"v":500,"d":"R500"},{"$f":"D1840*$E$5","v":{"v":531.5,"d":"R532"}}]
[]
[null,"Extra over partition 4320mm high for corner","No",{"v":350,"d":"R350"},{"$f":"D1842*$E$5","v":{"v":372.04999999999995,"d":"R372"}}]
[]
[null,"Extra over partition 4320mm high for T-intersection","No",{"v":350,"d":"R350"},{"$f":"D1844*$E$5","v":{"v":372.04999999999995,"d":"R372"}}]
[]
[null,"Extra over partition 4320mm high for fair end","No",{"v":350,"d":"R350"},{"$f":"D1846*$E$5","v":{"v":372.04999999999995,"d":"R372"}}]
[]
[null,"Extra over partition 4320mm high for cutting out window frame opening including pine noggin support all around opening","No",{"v":1000,"d":"R1,000"},{"$f":"D1848*$E$5","v":{"v":1063,"d":"R1,063"}}]
[]
[null,"Extra over partition 3.47m high for cutting out door frame opening including pine noggin support all around opening","No",{"v":1000,"d":"R1,000"},{"$f":"D1850*$E$5","v":{"v":1063,"d":"R1,063"}}]
[]
[null,"Extra over partition for noggins for cupboards in 18mm plywood 600 x 300mm","No",{"v":164.9,"d":"R165"},{"$f":"D1852*$E$5","v":{"v":175.2887,"d":"R175"}}]
[]
[null,"Extra over 3100mm partition for noggins for heavy duty fixtures in Ultra Steel load bearing stud noggins","No",{"v":322.42,"d":"R322"},{"$f":"D1854*$E$5","v":{"v":342.73246,"d":"R343"}}]
[]
[null,"Extra over 4320mm partition for noggins for heavy duty fixtures in Ultra Steel load bearing stud noggins","No",{"v":322.42,"d":"R322"},{"$f":"D1856*$E$5","v":{"v":342.73246,"d":"R343"}}]
[]
[null,"Extra over partition for noggins for electrical and plumbing in 600mm long 102mm Ultra Steel stud noggins","No",{"v":68.6,"d":"R69"},{"$f":"D1858*$E$5","v":{"v":72.92179999999999,"d":"R73"}}]
[]
[null,"132mm Thick â€œGYPWALL FireStop HiSpec 102F120S55â€\u009d, or similar approved, â€˜â€™Donn UltraSTEELâ€™â€™ 102x25mm stud partition with fire rating of 120 minutes and sound rating of Rw 55dB with one side clad with two layers of 15mm â€œFireStop Rhinoboardâ€\u009d and with one side clad with one layer 15mm moisture resistant \"Rhinoboard\", with and including 120mm thick  \"Isover\" cavitybatt, â€œRhinotapeâ€\u009d to all joints and internal corners, â€œDonn\" corner beads to all external corners and two layers of â€œGyproc RhinoGlideâ€\u009d complete"]
[]
[null,"Partitioning 2900mm high","m",{"v":3250,"d":"R3,250"},{"$f":"D1862*$E$5","v":{"v":3454.75,"d":"R3,455"}}]
[]
[null,"Extra over partition 2900mm high for vertical abutment","No",{"v":500,"d":"R500"},{"$f":"D1864*$E$5","v":{"v":531.5,"d":"R532"}}]
[]
[null,"Partitioning 4320mm high","m",{"v":3250,"d":"R3,250"},{"$f":"D1866*$E$5","v":{"v":3454.75,"d":"R3,455"}}]
[]
[null,"Extra over partition 4320mm high for vertical abutment","No",{"v":500,"d":"R500"},{"$f":"D1868*$E$5","v":{"v":531.5,"d":"R532"}}]
[]
[null,"Extra over partition 4320mm high for T-intersection","No",{"v":400,"d":"R400"},{"$f":"D1870*$E$5","v":{"v":425.2,"d":"R425"}}]
[]
[null,"Extra over partition 4320mm high for fair end","No",{"v":400,"d":"R400"},{"$f":"D1872*$E$5","v":{"v":425.2,"d":"R425"}}]
[]
[null,"Extra over partition 4320mm high for cutting out door frame opening approximately 900 x 2400mm high including pine noggin support all around opening","No",{"v":1237.52,"d":"R1,238"},{"$f":"D1874*$E$5","v":{"v":1315.4837599999998,"d":"R1,315"}}]
[]
[null,"Extra over 3320mm partition for noggins for heavy duty fixtures in Ultra Steel load bearing stud noggins","No",{"v":322.42,"d":"R322"},{"$f":"D1876*$E$5","v":{"v":342.73246,"d":"R343"}}]
[]
[null,"CUBICLE DOORS"]
[]
[null,"Toilet cubicles consisting of 12mm thick partitions, doors and stiles of compact high pressure laminated construction with outer skins of vitreous enamelled steel sheets bonded to wood particle board, all framed in natural anodised aluminium channel section beading, top rails and fixing components and fitted with all necessary ironmongery comprising standard indicating bolts, combined coat hooks and door stops, toilet roll holders and rubber buffers"]
[]
[null,"12mm Thick door size approximately 735 x 1950mm high, complete (Type CD-1)","No",{"v":1000,"d":"R1,000"},{"$f":"D1882*$E$5","v":{"v":1063,"d":"R1,063"}}]
[]
[null,"ACCESS FLOORING"]
[]
[null,"Raised access floor system consisting of PAC 35/05/05 fully removable square panel with a nominal size of 600x600x35mm thick formed by high density chipboard core of 720kg/m3 density with and including protected perimeter with PVC self-extinguishing edge trim of 1.5mm thickness, bottom surface securely bonded and finished with galvanised steel Z-275 sheet of 0.5mm and SD directional static dissipative vinyl tiles laid on top, size 608x608x2mm thick, as per manufacturer's instructions (Finishes specification code FLR13)"]
[]
[null,"Raised access floor system 500mm high","m²",{"v":2500,"d":"R2,500"},{"$f":"D1888*$E$5","v":{"v":2657.5,"d":"R2,658"}}]
[]
[null,"FEATURE CEILINGS DESIGN, SUPPLY AND INSTALLATION BY SPECIALIST CONTRACTOR"]
[]
[null,"Design, supply & install pre-painted / treated feature acoustic ceiling, consisting of plasterboard ceilings, approximately 530mÂ² with tape fixed over joints and the whole finished with gypsum plaster trowelled to a smooth polished surface, perforated and non-perforated acoustic ceilings type 2  approximately 1000mÂ², acoustic timber ceilings panels (65 No) as per architects specification CLG7, all fixed to concrete soffits with and including pre-painted exposed tee suspension system and supporting steel substructure including main and cross tees, necessary hangers, grids, etc. complete"]
[]
[null,"Horizontal ceiling, including vertical bulkheads with overall size approximately 26.5 x 73.0m long fixed approximately 7.4m above ground floor","Item",{"v":7160000,"d":"R7,160,000"},{"$f":"D1894*$E$5","v":{"v":7611080,"d":"R7,611,080"}}]
[]
[null,"Vertical bulkheads 400mm high, suspended exceeding 1m not exceeding 2m below concrete soffits","m",{"v":591.06,"d":"R591"},{"$f":"D1896*$E$5","v":{"v":628.2967799999999,"d":"R628"}}]
[]
[null,"Vertical bulkheads 800mm high, suspended exceeding 1m not exceeding 2m below concrete soffits","m",{"v":591.06,"d":"R591"},{"$f":"D1898*$E$5","v":{"v":628.2967799999999,"d":"R628"}}]
[]
[null,"Design, supply & install pre-painted / treated feature acoustic ceiling, consisting of perforated and non-perforated acoustic ceilings type 2 ,CLG6 approximately 915mÂ² fixed to concrete soffits with and including pre-painted exposed tee suspension system and supporting steel substructure including main and cross tees, necessary hangers, grids, etc. complete"]
[]
[null,"Horizontal ceiling, including vertical bulkheads with overall size approximately 11.7m x 78.2m long","Item",{"v":3400000,"d":"R3,400,000"},{"$f":"D1902*$E$5","v":{"v":3614200,"d":"R3,614,200"}}]
[]
[null,"Vertical bulkheads 400mm high, suspended exceeding 1m not exceeding 2m below concrete soffits","m",{"v":591.06,"d":"R591"},{"$f":"D1904*$E$5","v":{"v":628.2967799999999,"d":"R628"}}]
[]
[null,"Design, supply & install pre-painted / treated feature acoustic ceiling, consisting of acoustic ceilings type 1 as per architects specification CLG5 approximately 1240mÂ², of 140 (No.) panels fixed at various angles fixed to steel beams with and including pre-painted exposed tee suspension system and supporting steel substructure including main and cross tees, necessary hangers, grids, etc. complete"]
[]
[null,"Horizontal ceiling, including vertical bulkheads with overall size approximately 29.4 x 42.2m long","Item",{"v":4600000,"d":"R4,600,000"},{"$f":"D1908*$E$5","v":{"v":4889800,"d":"R4,889,800"}}]
[]
[null,"FLOOR COVERINGS"]
[]
[null,"CARPETING"]
[]
[null,"Type FLR1 - 500 x 500mm Carpet Tiles fixed with approved adhesive to screed (screed elsewhere) all in accordance with the project specification document"]
[]
[null,"On floors","m²",{"v":900,"d":"R900"},{"$f":"D1916*$E$5","v":{"v":956.6999999999999,"d":"R957"}}]
[]
[null,"Type FLR2 - 500 x 500mm Carpet Tiles fixed with approved adhesive to screed (screed elsewhere) all in accordance with the project specification document"]
[]
[null,"On floors","m²",{"v":900,"d":"R900"},{"$f":"D1920*$E$5","v":{"v":956.6999999999999,"d":"R957"}}]
[]
[null,"BAMBOO FLOORING"]
[]
[null,"Type FLR20 - 1900 x 160 x 18mm Thick solid bamboo flooring fixed fully-bonded with approved adhesive to screed (screed elsewhere) including moisture barrier, all in accordance with the project specification document"]
[]
[null,"On floors","m²",{"v":638.61,"d":"R639"},{"$f":"D1926*$E$5","v":{"v":678.84243,"d":"R679"}}]
[]
[null,"VINYL FLOORING"]
[]
[null,"Type FLR11 - 2mm Thick Vinyl sheeting fixed with approved acrylic adhesive to screed (screed elsewhere) all in accordance with the project specification document"]
[]
[null,"On floors","m²",{"v":375,"d":"R375"},{"$f":"D1932*$E$5","v":{"v":398.625,"d":"R399"}}]
[]
[null,"ENTRANCE / WALK-OFF MATS"]
[]
[null,"Type FLR3 - \"OBEX\" or other equally approved walk-off / entrance mats"]
[]
[null,"11mm Thick \"Mono\" closed matt (Zone 2 specification) on grid approximate size 10400 x 1950mm installed complete as per manufacturer's specification (ground floor entrance mat)","No",{"v":50000,"d":"R50,000"},{"$f":"D1938*$E$5","v":{"v":53150,"d":"R53,150"}}]
[]
[null,"11mm Thick \"Mono\" closed matt (Zone 2 specification) on grid approximate size 9400 x 1500mm installed complete as per manufacturer's specification (second floor entrance mats)","No",{"v":35000,"d":"R35,000"},{"$f":"D1940*$E$5","v":{"v":37205,"d":"R37,205"}}]
[]
[null,"SKIRTINGS, NOSINGS, ETC."]
[]
[null,"Strip skirtings, nosings, etc."]
[]
[null,"100mm High aluminium skirting fixed to drywall partitions as per manufactures installation detail. (Finishes specification code S4)","m",{"v":69.14,"d":"R69"},{"$f":"D1946*$E$5","v":{"v":73.49582,"d":"R73"}}]
[]
[null,"500mm High 316 stainless steel skirting (Finishes specification code S8)","No",{"v":660,"d":"R660"},{"$f":"D1948*$E$5","v":{"v":701.5799999999999,"d":"R702"}}]
[]
[null,"IRONMONGERY"]
[]
[null,"HINGES, BOLTS, ETC"]
[]
[null,"Butt hinges, floor spring hinges, etc."]
[]
[null,"Ball bearing butt hinges 100mm","Pairs",{"v":220,"d":"R220"},{"$f":"D1956*$E$5","v":{"v":233.85999999999999,"d":"R234"}}]
[]
[null,"Sinkless aluminium hinges","Pairs",{"v":220,"d":"R220"},{"$f":"D1958*$E$5","v":{"v":233.85999999999999,"d":"R234"}}]
[]
[null,"Sinkless aluminium hinges 200mm","Pairs",{"v":220,"d":"R220"},{"$f":"D1960*$E$5","v":{"v":233.85999999999999,"d":"R234"}}]
[]
[null,"Satin nickel L bracket set for EMC 400 AH (19860523)","Pairs",{"v":133.6,"d":"R134"},{"$f":"D1962*$E$5","v":{"v":142.0168,"d":"R142"}}]
[]
[null,"Bolts, indicator bolts, etc."]
[]
[null,"Stainless steel indicator bolt set","No",{"v":240,"d":"R240"},{"$f":"D1966*$E$5","v":{"v":255.11999999999998,"d":"R255"}}]
[]
[null,"LOCKS"]
[]
[null,"Cylinder locks, dead locks, etc."]
[]
[null,"Cylinder latch and dead lock","No",{"v":443,"d":"R443"},{"$f":"D1972*$E$5","v":{"v":470.909,"d":"R471"}}]
[]
[null,"Euro double cylinder 2 x 28 lock","No",{"v":488,"d":"R488"},{"$f":"D1974*$E$5","v":{"v":518.744,"d":"R519"}}]
[]
[null,"Bathroom dead lock","No",{"v":444,"d":"R444"},{"$f":"D1976*$E$5","v":{"v":471.972,"d":"R472"}}]
[]
[null,"Anodised aluminium facility single electromagnetic lock with 400 Ibf (1779 N) holding force, surface mounted, with lock status sensor (19860500)","Pairs",{"v":909.45,"d":"R909"},{"$f":"D1978*$E$5","v":{"v":966.74535,"d":"R967"}}]
[]
[null,"Anodised aluminium facility single electromagnetic lock with 600 Ibf (2669 N) holding force per magnet, surface mounted, with lock status sensor red/green (19860503)","Pairs",{"v":909.45,"d":"R909"},{"$f":"D1980*$E$5","v":{"v":966.74535,"d":"R967"}}]
[]
[null,"HANDLES, FLUSH PULLS, ETC"]
[]
[null,"Lever handles, etc."]
[]
[null,"Stainless steel DPH301C pull handle BT fixed on stainless steel plate","No",{"v":701,"d":"R701"},{"$f":"D1986*$E$5","v":{"v":745.163,"d":"R745"}}]
[]
[null,"Stainless steel 400 x 30mm offset tubular pull handle BTB (BTB fixing sets included), (pull handle to comply with BS 8424 grade 3-heavy duty)","No",{"v":701,"d":"R701"},{"$f":"D1988*$E$5","v":{"v":745.163,"d":"R745"}}]
[]
[null,"PUSH PLATES AND KICK PLATES"]
[]
[null,"Stainless steel plates"]
[]
[null,"170 x 170 x 1.2mm Thick push plate grade 430, with 4No. countersunk holes for screw fixing","No",{"v":155.94,"d":"R156"},{"$f":"D1994*$E$5","v":{"v":165.76422,"d":"R166"}}]
[]
[null,"1000 x 300 x 1.2mm Thick kick plate grade 430, with 26No. countersunk holes for screw fixing","No",{"v":342,"d":"R342"},{"$f":"D1996*$E$5","v":{"v":363.546,"d":"R364"}}]
[]
[null,"Panic bolts, panic latches, etc."]
[]
[null,"Double door three point locking panic bar, complete (2101, 2104, 2201, PHX02, PHX04)","Pairs",{"v":3129,"d":"R3,129"},{"$f":"D2000*$E$5","v":{"v":3326.127,"d":"R3,326"}}]
[]
[null,"DOOR CLOSERS"]
[]
[null,"Door closers plus magnets, etc."]
[]
[null,"Adjustable strength door closer set complete with hydraulic speed control, silver EN 2-4 regular arm non-hold-open function. pull side fixing EN2 750-850, EN3 850-950, EN4 950-1100","No",{"v":7083.34,"d":"R7,083"},{"$f":"D2006*$E$5","v":{"v":7529.5904199999995,"d":"R7,530"}}]
[]
[null,"Non-hold open co-ordinated door closer system, set complete with hydraulic speed control, silver EN 3. Door closer compliant with EN 1154. Door co-ordinators tested to EN 1158. Door closer to be fire approved (Certificate No. CF 119). Certified manufacturer to ISO 9001","No",{"v":4323.13,"d":"R4,323"},{"$f":"D2008*$E$5","v":{"v":4595.48719,"d":"R4,595"}}]
[]
[null,"Concealed door closer (Code: Dorma ITS96) with fixing brackets","No",{"v":4323.13,"d":"R4,323"},{"$f":"D2010*$E$5","v":{"v":4595.48719,"d":"R4,595"}}]
[]
[null,"SLIDING GEAR"]
[]
[null,"Sliding gear for sliding doors"]
[]
[null,"Sliding gear set for double door with track 6000mm long, opening 3000mm long, including Ixio combined safety and motion sensor, battery back-up, power coating for pelmets and end plates, complete","No",{"v":7773.53,"d":"R7,774"},{"$f":"D2016*$E$5","v":{"v":8263.26239,"d":"R8,263"}}]
[]
[null,"SUNDRIES"]
[]
[null,"Door stops, hooks, etc."]
[]
[null,"Door stop satin nickel","No",{"v":80,"d":"R80"},{"$f":"D2022*$E$5","v":{"v":85.03999999999999,"d":"R85"}}]
[]
[null,"Stainless steel hat and coat hook with rubber buffer","No",{"v":73.37,"d":"R73"},{"$f":"D2024*$E$5","v":{"v":77.99231,"d":"R78"}}]
[]
[null,"Stainless steel wall buffer","No",{"v":73.37,"d":"R73"},{"$f":"D2026*$E$5","v":{"v":77.99231,"d":"R78"}}]
[]
[null,"BATHROOM ACCESSORIES"]
[]
[null,"\"Serra\" or other equally approved"]
[]
[null,"375 x 130 x 130mm Toilet roll dispenser (colour - black)","No",{"v":850,"d":"R850"},{"$f":"D2032*$E$5","v":{"v":903.55,"d":"R904"}}]
[]
[null,"277 x 201 x 175mm automatic sensor hand dryer unit","No",{"v":6500,"d":"R6,500"},{"$f":"D2034*$E$5","v":{"v":6909.5,"d":"R6,910"}}]
[]
[null,"385 x 340 x 290mm wall mounted bin (colour - black)","No",{"v":1600,"d":"R1,600"},{"$f":"D2036*$E$5","v":{"v":1700.8,"d":"R1,701"}}]
[]
[null,"200mm Diameter x 500mm high feminine hygiene bin (colour -black)","No",{"v":1600,"d":"R1,600"},{"$f":"D2038*$E$5","v":{"v":1700.8,"d":"R1,701"}}]
[]
[null,"50 x 50 x 60mm Aluminium single bag hook","No",{"v":174,"d":"R174"},{"$f":"D2040*$E$5","v":{"v":184.962,"d":"R185"}}]
[]
[null,"STRUCTURAL STEELWORK"]
[]
[null,"GALVANISED STEEL COLUMNS AND BEAMS"]
[]
[null,"BASEMENT MEZZANINE FLOOR"]
[]
[null,"Welded beams consisting of two cut beams in single lengths with flat section base, top, bearer and connection plates bolted to concrete"]
[]
[null,"UB 305 x 102x 33 & UC 254 x 254 x 73 (53 kg/m)","t",{"v":50000,"d":"R50,000"},{"$f":"D2050*$E$5","v":{"v":53150,"d":"R53,150"}}]
[]
[null,"UB 406 x 178 x 54 & UC 305 x 305 x 97 (75.5 kg/m)","t",{"v":50000,"d":"R50,000"},{"$f":"D2052*$E$5","v":{"v":53150,"d":"R53,150"}}]
[]
[null,"UB 457 x 191 x 98 & UC 305 x 305 x 118 (108 kg/m)","t",{"v":50000,"d":"R50,000"},{"$f":"D2054*$E$5","v":{"v":53150,"d":"R53,150"}}]
[]
[null,"UB 254 x 254 x 132 & UC 356 x 368 x 177 (154.5 kg/m)","t",{"v":50000,"d":"R50,000"},{"$f":"D2056*$E$5","v":{"v":53150,"d":"R53,150"}}]
[]
[null,"Welded bracing etc with flat section connection plates bolted to steel"]
[]
[null,"10mm Thick stiffener plates","t",{"v":50000,"d":"R50,000"},{"$f":"D2060*$E$5","v":{"v":53150,"d":"R53,150"}}]
[]
[null,"20mm Thick base plates","t",{"v":50000,"d":"R50,000"},{"$f":"D2062*$E$5","v":{"v":53150,"d":"R53,150"}}]
[]
[null,"20mm Thick gusset and connection plates","t",{"v":50000,"d":"R50,000"},{"$f":"D2064*$E$5","v":{"v":53150,"d":"R53,150"}}]
[]
[null,"Angles bolted to concrete"]
[]
[null,"100 x 100 x 10 Angle (15kg/m)","t",{"v":50000,"d":"R50,000"},{"$f":"D2068*$E$5","v":{"v":53150,"d":"R53,150"}}]
[]
[null,"Angles bolted to concrete secant pile wall"]
[]
[null,"300 x 100 PFC (46kg/m)","t",{"v":50000,"d":"R50,000"},{"$f":"D2072*$E$5","v":{"v":53150,"d":"R53,150"}}]
[]
[null,"Bolts to columns, beams, etc."]
[]
[null,"High tensile bolts (class 8.8)","t",{"v":50000,"d":"R50,000"},{"$f":"D2076*$E$5","v":{"v":53150,"d":"R53,150"}}]
[]
[null,"M16 (Grade 8.8) chemical anchor 300mm expansion bolt to secant pile wall","t",{"v":50000,"d":"R50,000"},{"$f":"D2078*$E$5","v":{"v":53150,"d":"R53,150"}}]
[]
[null,"M16 (Grade 8.8) chemical anchor 300mm expansion bolt to concrete","t",{"v":50000,"d":"R50,000"},{"$f":"D2080*$E$5","v":{"v":53150,"d":"R53,150"}}]
[]
[null,"THIRD FLOOR MEZZANINE"]
[]
[null,"Welded beams in single lengths with flat section base, top, bearer and connection plates bolted to concrete"]
[]
[null,"406 x 140 x 39 UB (39kg/m)","t",{"v":50000,"d":"R50,000"},{"$f":"D2086*$E$5","v":{"v":53150,"d":"R53,150"}}]
[]
[null,"406 x 178 x 54 UB (54kg/m)","t",{"v":50000,"d":"R50,000"},{"$f":"D2088*$E$5","v":{"v":53150,"d":"R53,150"}}]
[]
[null,"406 x 178 x 60 UB (60kg/m)","t",{"v":50000,"d":"R50,000"},{"$f":"D2090*$E$5","v":{"v":53150,"d":"R53,150"}}]
[]
[null,"457 x 191 x 67 UB (67kg/m)","t",{"v":50000,"d":"R50,000"},{"$f":"D2092*$E$5","v":{"v":53150,"d":"R53,150"}}]
[]
[null,"533 x 210 x 82 UB (82kg/m)","t",{"v":50000,"d":"R50,000"},{"$f":"D2094*$E$5","v":{"v":53150,"d":"R53,150"}}]
[]
[null,"305 x 305 x 97 UC (97kg/m)","t",{"v":50000,"d":"R50,000"},{"$f":"D2096*$E$5","v":{"v":53150,"d":"R53,150"}}]
[]
[null,"Welded bracing etc with flat section connection plates bolted to steel"]
[]
[null,"6mm Thick plates","t",{"v":50000,"d":"R50,000"},{"$f":"D2100*$E$5","v":{"v":53150,"d":"R53,150"}}]
[]
[null,"10mm Thick fin plates","t",{"v":50000,"d":"R50,000"},{"$f":"D2102*$E$5","v":{"v":53150,"d":"R53,150"}}]
[]
[null,"12mm Thick splice plate","t",{"v":50000,"d":"R50,000"},{"$f":"D2104*$E$5","v":{"v":53150,"d":"R53,150"}}]
[]
[null,"14mm Thick stiffener plates","t",{"v":50000,"d":"R50,000"},{"$f":"D2106*$E$5","v":{"v":53150,"d":"R53,150"}}]
[]
[null,"20mm Thick end plates","t",{"v":50000,"d":"R50,000"},{"$f":"D2108*$E$5","v":{"v":53150,"d":"R53,150"}}]
[]
[null,"30mm Thick fin plates","t",{"v":50000,"d":"R50,000"},{"$f":"D2110*$E$5","v":{"v":53150,"d":"R53,150"}}]
[]
[null,"Bolts to columns, beams, etc:"]
[]
[null,"High tensile M20 bolts (class 8.8)","t",{"v":50000,"d":"R50,000"},{"$f":"D2114*$E$5","v":{"v":53150,"d":"R53,150"}}]
[]
[null,"M20 (Grade 8.8) chemical anchor expansion bolt cast into concrete","t",{"v":50000,"d":"R50,000"},{"$f":"D2116*$E$5","v":{"v":53150,"d":"R53,150"}}]
[]
[null,"PRECAST CONCRETE FLOOR STEEL SUPPORTS"]
[]
[null,"Angles bolted to concrete"]
[]
[null,"100 x 100 x 10 Angle (15kg/m)","t",{"v":50000,"d":"R50,000"},{"$f":"D2122*$E$5","v":{"v":53150,"d":"R53,150"}}]
[]
[null,"Bolts to concrete beams, etc:"]
[]
[null,"M16 (Grade 8.8) chemical anchor expansion bolt cast into concrete","t",{"v":50000,"d":"R50,000"},{"$f":"D2126*$E$5","v":{"v":53150,"d":"R53,150"}}]
[]
[null,"STEEL ROOF ETC"]
[]
[null,"STEEL TRUSSES ETC"]
[]
[null,"Welded roof trusses of angle section rails, struts, braces, cleats, etc and flat section bearer, gusset and connection plates bolted to steel"]
[]
[null,"Curved roof trusses approximately 35.0 x 6.9m high extreme","t",{"v":50000,"d":"R50,000"},{"$f":"D2134*$E$5","v":{"v":53150,"d":"R53,150"}}]
[]
[null,"Welded beams / columns in single lengths with flat section base, top, bearer and connection plates bolted to concrete:"]
[]
[null,"75 x 50 x 20 x 2.5mm CFLC (3.85kg/m)","t",{"v":50000,"d":"R50,000"},{"$f":"D2138*$E$5","v":{"v":53150,"d":"R53,150"}}]
[]
[null,"150 x 75 x 20 x 2.5mm CFLC (6.31kg/m)","t",{"v":50000,"d":"R50,000"},{"$f":"D2140*$E$5","v":{"v":53150,"d":"R53,150"}}]
[]
[null,"70 x 70mm Angle (6.38kg/m)","t",{"v":50000,"d":"R50,000"},{"$f":"D2142*$E$5","v":{"v":53150,"d":"R53,150"}}]
[]
[null,"101.6 x 3mm CHS (7.29kg/m)","t",{"v":50000,"d":"R50,000"},{"$f":"D2144*$E$5","v":{"v":53150,"d":"R53,150"}}]
[]
[null,"175 x 65 x 20 x 3mm CFLC (7.60kg/m)","t",{"v":50000,"d":"R50,000"},{"$f":"D2146*$E$5","v":{"v":53150,"d":"R53,150"}}]
[]
[null,"127 x 3mm CHS (9.17kg/m)","t",{"v":50000,"d":"R50,000"},{"$f":"D2148*$E$5","v":{"v":53150,"d":"R53,150"}}]
[]
[null,"250 x 75 x 20 x 3mm CFLC (9.84kg/m)","t",{"v":50000,"d":"R50,000"},{"$f":"D2150*$E$5","v":{"v":53150,"d":"R53,150"}}]
[]
[null,"152.4 x 4 x 4mm CHS (14.6kg/m)","t",{"v":50000,"d":"R50,000"},{"$f":"D2152*$E$5","v":{"v":53150,"d":"R53,150"}}]
[]
[null,"165.1 x 4mm CHS (15.9kg/m)","t",{"v":50000,"d":"R50,000"},{"$f":"D2154*$E$5","v":{"v":53150,"d":"R53,150"}}]
[]
[null,"140 x 60mm TFC (16.2kg/m)","t",{"v":50000,"d":"R50,000"},{"$f":"D2156*$E$5","v":{"v":53150,"d":"R53,150"}}]
[]
[null,"193.7 x 4.5mm CHS (21kg/m)","t",{"v":50000,"d":"R50,000"},{"$f":"D2158*$E$5","v":{"v":53150,"d":"R53,150"}}]
[]
[null,"152 x 152mm UC (23kg/m)","t",{"v":50000,"d":"R50,000"},{"$f":"D2160*$E$5","v":{"v":53150,"d":"R53,150"}}]
[]
[null,"254 x 147mm UB (31.1kg/m)","t",{"v":50000,"d":"R50,000"},{"$f":"D2162*$E$5","v":{"v":53150,"d":"R53,150"}}]
[]
[null,"IPE 180 (18.8kg/m)","t",{"v":50000,"d":"R50,000"},{"$f":"D2164*$E$5","v":{"v":53150,"d":"R53,150"}}]
[]
[null,"Welded bracing etc with flat section connection plates bolted to steel"]
[]
[null,"6mm Fin Plates","t",{"v":50000,"d":"R50,000"},{"$f":"D2168*$E$5","v":{"v":53150,"d":"R53,150"}}]
[]
[null,"8mm Thick splice plate","t",{"v":50000,"d":"R50,000"},{"$f":"D2170*$E$5","v":{"v":53150,"d":"R53,150"}}]
[]
[null,"8mm Thick stiffener plates","t",{"v":50000,"d":"R50,000"},{"$f":"D2172*$E$5","v":{"v":53150,"d":"R53,150"}}]
[]
[null,"10mm Stiffener plate","t",{"v":50000,"d":"R50,000"},{"$f":"D2174*$E$5","v":{"v":53150,"d":"R53,150"}}]
[]
[null,"10mm Thick splice plate","t",{"v":50000,"d":"R50,000"},{"$f":"D2176*$E$5","v":{"v":53150,"d":"R53,150"}}]
[]
[null,"12mm Gusset plates etc.","t",{"v":50000,"d":"R50,000"},{"$f":"D2178*$E$5","v":{"v":53150,"d":"R53,150"}}]
[]
[null,"20mm Thick end plates.","t",{"v":50000,"d":"R50,000"},{"$f":"D2180*$E$5","v":{"v":53150,"d":"R53,150"}}]
[]
[null,"20mm Thick stiffener plates","t",{"v":50000,"d":"R50,000"},{"$f":"D2182*$E$5","v":{"v":53150,"d":"R53,150"}}]
[]
[null,"20mm Thick gusset plates","t",{"v":50000,"d":"R50,000"},{"$f":"D2184*$E$5","v":{"v":53150,"d":"R53,150"}}]
[]
[null,"20mm Base plate","t",{"v":50000,"d":"R50,000"},{"$f":"D2186*$E$5","v":{"v":53150,"d":"R53,150"}}]
[]
[null,"Bolts to trusses etc."]
[]
[null,"High tensile bolts (class 8.8)","t",{"v":50000,"d":"R50,000"},{"$f":"D2190*$E$5","v":{"v":53150,"d":"R53,150"}}]
[]
[null,"20mm Diameter J-shaped anchor bolt 750mm girth","No",{"v":650,"d":"R650"},{"$f":"D2192*$E$5","v":{"v":690.9499999999999,"d":"R691"}}]
[]
[null,"20mm Diameter U-shaped anchor bolt 950mm girth embedded in side of concrete","No",{"v":650,"d":"R650"},{"$f":"D2194*$E$5","v":{"v":690.9499999999999,"d":"R691"}}]
[]
[null,"GALVANISED STEEL ANGLES, ETC"]
[]
[null,"Angles fixed to concrete"]
[]
[null,"100 x 100 x 10 Angle (15kg/m)","t",{"v":50000,"d":"R50,000"},{"$f":"D2200*$E$5","v":{"v":53150,"d":"R53,150"}}]
[]
[null,"125 x 75 x 10 Angle (15kg/m)","t",{"v":50000,"d":"R50,000"},{"$f":"D2202*$E$5","v":{"v":53150,"d":"R53,150"}}]
[]
[null,"Bolts to trusses etc"]
[]
[null,"High tensile bolts (class 8.8)","t",{"v":50000,"d":"R50,000"},{"$f":"D2206*$E$5","v":{"v":53150,"d":"R53,150"}}]
[]
[null,"METALWORK"]
[]
[null,"DESIGN, SUPPLY AND INSTALLATION OF GALVANISED MILD STEEL HANDRAILS"]
[]
[null,"Design, supply and installation of mild steel handrails type T1, approximately 900mm above finished floor level, including fixing to walls, complete "]
[]
[null,"Welded horizontal handrail","m",{"v":2000,"d":"R2,000"},{"$f":"D2214*$E$5","v":{"v":2126,"d":"R2,126"}}]
[]
[null,"Raking to stairs and ramps","m",{"v":2100,"d":"R2,100"},{"$f":"D2216*$E$5","v":{"v":2232.2999999999997,"d":"R2,232"}}]
[]
[null,"Extra over handrail for bends","No",{"v":200,"d":"R200"},{"$f":"D2218*$E$5","v":{"v":212.6,"d":"R213"}}]
[]
[null,"Extra over handrail for stop ends","No",{"v":300,"d":"R300"},{"$f":"D2220*$E$5","v":{"v":318.9,"d":"R319"}}]
[]
[null,"DESIGN, SUPPLY AND INSTALLATION OF GALVANISED MILD STEEL BUMPER RAILS"]
[]
[null,"Design, supply and installation of galvanised mild steel bumper rail type T1, consisting of 2 (No.) horizontal rails, including fixing to concrete column, complete "]
[]
[null,"Semi-octagonal shaped bumper rail, consisting of 2 No. independent rails, approximately 1800mm in girth each, fixed to 900mm diameter concrete column, complete","No",{"v":6000,"d":"R6,000"},{"$f":"D2226*$E$5","v":{"v":6378,"d":"R6,378"}}]
[]
[null,"Semi-octagonal shaped bumper rail, consisting of 1 No. independent rail, approximately 1800mm in girth, fixed to 900mm diameter concrete column, complete","No",{"v":12000,"d":"R12,000"},{"$f":"D2228*$E$5","v":{"v":12756,"d":"R12,756"}}]
[]
[null,"Semi-octagonal shaped bumper rail, consisting of 2 No. independent rails, approximately 1505mm in girth each,  fixed to 750mm diameter concrete column, complete","No",{"v":10850,"d":"R10,850"},{"$f":"D2230*$E$5","v":{"v":11533.55,"d":"R11,534"}}]
[]
[null,"Semi-square shaped bumper rail, consisting of 2 No. independent rails, approximately 1990mm in girth each, fixed to 800 x 800mm concrete column, complete","No",{"v":11000,"d":"R11,000"},{"$f":"D2232*$E$5","v":{"v":11693,"d":"R11,693"}}]
[]
[null,"Semi-square shaped bumper rail, consisting of 1 No. independent rail, approximately 1990mm in girth, fixed to 800 x 800mm concrete column, complete","No",{"v":5500,"d":"R5,500"},{"$f":"D2234*$E$5","v":{"v":5846.5,"d":"R5,847"}}]
[]
[null,"Semi-square shaped bumper rail, consisting of 2 No. independent rails, approximately 2190mm in girth each,  fixed to 900 x 900mm concrete column, complete","No",{"v":12350,"d":"R12,350"},{"$f":"D2236*$E$5","v":{"v":13128.05,"d":"R13,128"}}]
[]
[null,"Semi-square shaped bumper rail, consisting of 1 No. independent rail, approximately 2190mm in girth, fixed to 900 x 900mm concrete column, complete","No",{"v":6200,"d":"R6,200"},{"$f":"D2238*$E$5","v":{"v":6590.599999999999,"d":"R6,591"}}]
[]
[null,"Semi-square shaped bumper rail, consisting of 2 No. independent rails, approximately 1690mm in girth each, fixed to 450 x 450mm concrete column, complete","No",{"v":6500,"d":"R6,500"},{"$f":"D2240*$E$5","v":{"v":6909.5,"d":"R6,910"}}]
[]
[null,"Semi-rectangular shaped bumper rail, consisting of 2 No. independent rails, approximately 2490mm in girth each, fixed to 900 x 1200mm concrete column, complete","No",{"v":13700,"d":"R13,700"},{"$f":"D2242*$E$5","v":{"v":14563.099999999999,"d":"R14,563"}}]
[]
[null,"Semi-rectangular shaped bumper rail, consisting of 1 No. independent rail, approximately 1290mm in girth, fixed to 600 x 300mm concrete column, complete","No",{"v":3900,"d":"R3,900"},{"$f":"D2244*$E$5","v":{"v":4145.7,"d":"R4,146"}}]
[]
[null,"Rectangular shaped bumper rail, consisting of 1 No. independent rail, approximately 3800mm in girth, fixed to 1050 x 500mm concrete column, complete","No",{"v":10000,"d":"R10,000"},{"$f":"D2246*$E$5","v":{"v":10630,"d":"R10,630"}}]
[]
[null,"Design, supply and installation of mild steel bumper rails type T1, approximately 300mm above finished floor level, including fixing to concrete slabs, complete as per architects specifications."]
[]
[null,"Welded horizontal bumper rail","m",{"v":3250,"d":"R3,250"},{"$f":"D2250*$E$5","v":{"v":3454.75,"d":"R3,455"}}]
[]
[null,"Extra over bump rail for bends","No",{"v":200,"d":"R200"},{"$f":"D2252*$E$5","v":{"v":212.6,"d":"R213"}}]
[]
[null,"Extra over bump rail for stop ends","No",{"v":300,"d":"R300"},{"$f":"D2254*$E$5","v":{"v":318.9,"d":"R319"}}]
[]
[null,"DESIGN, SUPPLY AND INSTALLATION OF GALVANISED MILD STEEL BALUSTRADES"]
[]
[null,"Design, supply and installation of galvanised mild steel balustrade type T2, approximately 1000mm above finished floor level, including fixing."]
[]
[null,"Welded horizontal balustrading","m",{"v":4000,"d":"R4,000"},{"$f":"D2260*$E$5","v":{"v":4252,"d":"R4,252"}}]
[]
[null,"Welded horizontal balustrading, circular on plan","m",{"v":4400,"d":"R4,400"},{"$f":"D2262*$E$5","v":{"v":4677.2,"d":"R4,677"}}]
[]
[null,"Raking to stairs and ramps","m",{"v":4200,"d":"R4,200"},{"$f":"D2264*$E$5","v":{"v":4464.599999999999,"d":"R4,465"}}]
[]
[null,"Extra over balustrading for bends","No",{"v":200,"d":"R200"},{"$f":"D2266*$E$5","v":{"v":212.6,"d":"R213"}}]
[]
[null,"Extra over balustrading for stop ends","No",{"v":250,"d":"R250"},{"$f":"D2268*$E$5","v":{"v":265.75,"d":"R266"}}]
[]
[null,"DESIGN, SUPPLY AND INSTALLATION OF STAINLESS STEEL BUMPER RAILS"]
[]
[null,"Design, supply and installation of stainless steel horizontal bumper rail type T2, including fixing to concrete slabs, complete."]
[]
[null,"Welded horizontal bumper rail","m",{"v":3500,"d":"R3,500"},{"$f":"D2274*$E$5","v":{"v":3720.5,"d":"R3,721"}}]
[]
[null,"Welded horizontal bumper rail, circular on plan","m",{"v":3600,"d":"R3,600"},{"$f":"D2276*$E$5","v":{"v":3826.7999999999997,"d":"R3,827"}}]
[]
[null,"Extra over bumper rail for bends","No",{"v":250,"d":"R250"},{"$f":"D2278*$E$5","v":{"v":265.75,"d":"R266"}}]
[]
[null,"Extra over bumper rail for stop ends","No",{"v":300,"d":"R300"},{"$f":"D2280*$E$5","v":{"v":318.9,"d":"R319"}}]
[]
[null,"Circular shaped bumper rail, approximately 1100mm diameter, fixed to 900mm diameter column, complete.","No",{"v":13000,"d":"R13,000"},{"$f":"D2282*$E$5","v":{"v":13819,"d":"R13,819"}}]
[]
[null,"Semi-circular shaped bumper rail, approximately 1100mm diameter, to 900mm diameter column, complete.","No",{"v":6500,"d":"R6,500"},{"$f":"D2284*$E$5","v":{"v":6909.5,"d":"R6,910"}}]
[]
[null,"Three-quarter-circular shaped bumper rail, approximately 1100mm diameter, to 900mm diameter column, complete.","No",{"v":9750,"d":"R9,750"},{"$f":"D2286*$E$5","v":{"v":10364.25,"d":"R10,364"}}]
[]
[null,"Square shaped bumper rail, approximately 4800mm in girth, to 900 x 900mm column, complete.","No",{"v":8000,"d":"R8,000"},{"$f":"D2288*$E$5","v":{"v":8504,"d":"R8,504"}}]
[]
[null,"DESIGN, SUPPLY AND INSTALLATION OF GLAZED STAINLESS STEEL BALUSTRADES"]
[]
[null,"Design, supply and installation of glazed stainless steel balustrade type T1, approximately 1100mm high, including fixing to concrete slab, complete."]
[]
[null,"Welded glazed balustrading","m",{"v":5500,"d":"R5,500"},{"$f":"D2294*$E$5","v":{"v":5846.5,"d":"R5,847"}}]
[]
[null,"Extra over balustrading for rounded ends","No",{"v":300,"d":"R300"},{"$f":"D2296*$E$5","v":{"v":318.9,"d":"R319"}}]
[]
[null,"DESIGN, SUPPLY AND INSTALLATION OF STAINLESS STEEL GLASS SCREENS"]
[]
[null,"Design, supply and installation of glazed stainless steel screen type 5, approximately 1800mm above finished floor level, in strict accordance to AAAMSA requirements and to meet the relevant performance criteria, with 6.38mm thick laminated safety glass to comply with AAAMSA, SANS 10400 part N glazing, SANS 10137, SANS 10160 and SANS 1263 complete including all fixing to concrete floors."]
[]
[null,"Welded glazed aluminium screen","m",{"v":8100,"d":"R8,100"},{"$f":"D2302*$E$5","v":{"v":8610.3,"d":"R8,610"}}]
[]
[null,"Extra over screens for bends","No",{"v":250,"d":"R250"},{"$f":"D2304*$E$5","v":{"v":265.75,"d":"R266"}}]
[]
[null,"Extra over screens for knees","No",{"v":200,"d":"R200"},{"$f":"D2306*$E$5","v":{"v":212.6,"d":"R213"}}]
[]
[null,"Extra over screens for stop ends","No",{"v":300,"d":"R300"},{"$f":"D2308*$E$5","v":{"v":318.9,"d":"R319"}}]
[]
[null,"Extra over screens for intersections","No",{"v":200,"d":"R200"},{"$f":"D2310*$E$5","v":{"v":212.6,"d":"R213"}}]
[]
[null,"DESIGN, SUPPLY AND INSTALLATION OF STAINLESS STEEL QUEUING RAILS AND GATES"]
[]
[null,"Design, supply and installation of stainless steel queuing rails type T1, approximately 925mm above finished floor level, including fixing to concrete slabs, complete"]
[]
[null,"Welded queuing rail","m",{"v":2510,"d":"R2,510"},{"$f":"D2316*$E$5","v":{"v":2668.1299999999997,"d":"R2,668"}}]
[]
[null,"Extra over handrail for bends","No",{"v":200,"d":"R200"},{"$f":"D2318*$E$5","v":{"v":212.6,"d":"R213"}}]
[]
[null,"Extra over handrail for stop ends","No",{"v":300,"d":"R300"},{"$f":"D2320*$E$5","v":{"v":318.9,"d":"R319"}}]
[]
[null,"Design, supply and installation of stainless steel queuing rail swing gate type T1, size approximately 980x925mm high, including fixing to concrete slabs, complete "]
[]
[null,"Queuing rail gate","No",{"v":3500,"d":"R3,500"},{"$f":"D2324*$E$5","v":{"v":3720.5,"d":"R3,721"}}]
[]
[null,"DOOR FRAMES, DOOR, WINDOWS, ETC"]
[]
[null,"COLD FORMED GALVANISED MILD STEEL DOOR FRAMES"]
[]
[null,"1.6mm Rebated frames suitable for partition walls"]
[]
[null,"Frame for door size approximately 1070 x 2067mm high, complete (Type SD-3 & SD-3A)","No",{"v":1111,"d":"R1,111"},{"$f":"D2332*$E$5","v":{"v":1180.993,"d":"R1,181"}}]
[]
[null,"Frame for door size approximately 1500 x 2067mm high, complete (Type DD-7)","No",{"v":1557.48,"d":"R1,557"},{"$f":"D2334*$E$5","v":{"v":1655.60124,"d":"R1,656"}}]
[]
[null,"1.6mm Rebated frames suitable for half brick walls"]
[]
[null,"Frame for door size approximately 1070 x 2067mm high, complete (Type SD-3 & SD-3A)","No",{"v":1111,"d":"R1,111"},{"$f":"D2338*$E$5","v":{"v":1180.993,"d":"R1,181"}}]
[]
[null,"1.6mm Rebated frames suitable for one brick walls"]
[]
[null,"Frame for door size approximately 1070 x 2067mm high, complete (Type SD-3 & SD-3A)","No",{"v":1111,"d":"R1,111"},{"$f":"D2342*$E$5","v":{"v":1180.993,"d":"R1,181"}}]
[]
[null,"Frame for door size approximately 1500 x 2067mm high, complete (Type DD-7)","No",{"v":1557.48,"d":"R1,557"},{"$f":"D2344*$E$5","v":{"v":1655.60124,"d":"R1,656"}}]
[]
[null,"DESIGN, SUPPLY AND INSTALLATION OF GLAZED ALUMINIUM WINDOWS"]
[]
[null,"Design, supply and installation of powder coated (Colour: tbc) aluminium window type W-1, in strict accordance to AAAMSA requirements and to meet the relevant performance criteria, category SANS 10160 and to withstand wind loads as per SANS 10160/2010, with 6mm borosilicate glass to achieve 1 hour fire rating to comply with AAAMSA, SANS 10400 part N glazing, SANS 10137, SANS 10160 and SANS 1263 complete including all necessary ironmongery plugged to concrete or brickwork, complete."]
[]
[null,"Window, approximate size 2000 x 1800mm high","No",{"v":16200,"d":"R16,200"},{"$f":"D2350*$E$5","v":{"v":17220.6,"d":"R17,221"}}]
[]
[null,"Window, approximate size 4000 x 1800mm high","No",{"v":32400,"d":"R32,400"},{"$f":"D2352*$E$5","v":{"v":34441.2,"d":"R34,441"}}]
[]
[null,"Design, supply and installation of powder coated (Colour: tbc) aluminium window type W-2, in strict accordance to AAAMSA requirements and to meet the relevant performance criteria, 6.38mm thick laminated safety glass with one way vision film fitted to internal side of glass, to comply with AAAMSA, SANS 10400 part N glazing, SANS 10137, SANS 10160 and SANS 1263 complete including all necessary ironmongery plugged to concrete or brickwork, complete "]
[]
[null,"Window approximate size 1600 x 1600mm high","No",{"v":15360,"d":"R15,360"},{"$f":"D2356*$E$5","v":{"v":16327.679999999998,"d":"R16,328"}}]
[]
[null,"Window approximate size 3200 x 1600mm high","No",{"v":15360,"d":"R15,360"},{"$f":"D2358*$E$5","v":{"v":16327.679999999998,"d":"R16,328"}}]
[]
[null,"DESIGN, SUPPLY AND INSTALLATION OF GLAZED ALUMINIUM SLIDING DOORS"]
[]
[null,"Design, supply and installation of purpose made powder coated (Colour: tbc) aluminium framed sliding door type GS-11, in strict accordance to AAAMSA requirements and to meet the relevant performance criteria, with 6.8mm laminated safety glass to comply with AAAMSA, SANS 10400 part N glazing, SANS 10137, SANS 10160 and SANS 1263 complete including all necessary ironmongery plugged to concrete or brickwork, complete."]
[]
[null,"Bi-parting glass automatic sliding door, size approximately 11100 x 2800mm high overall and two side fixed glazed panels, comprising two bi-parting sliding doors approximately 2460mm long each, with and including all automated sliding door gear, sensors and ironmongery, located between Customs Control and Transport Vendors.","No",{"v":150000,"d":"R150,000"},{"$f":"D2364*$E$5","v":{"v":159450,"d":"R159,450"}}]
[]
[null,"Bi-parting glass automatic sliding door, size approximately 10150 x 2800mm high overall and two side fixed glazed panels, comprising two bi-parting sliding doors approximately 1147mm long each, with and including all automated sliding door gear, sensors and ironmongery.","No",{"v":150000,"d":"R150,000"},{"$f":"D2366*$E$5","v":{"v":159450,"d":"R159,450"}}]
[]
[null,"DESIGN, SUPPLY AND INSTALLATION OF ALUMINIUM LOUVRE DOORS"]
[]
[null,"Design, supply and installation of powder coated aluminium framed louvre doors to be fire protected with soft carbon intumescent strips and acoustic treated to a RW 32 dB minimum rating, all in accordance to specialist detail"]
[]
[null,"Class B fire resistant weather louvre door size approximately 1416 x 2015mm high overall, with and including acoustic treatment to a RW 32 dB minimum rating (Type LD-1)","No",{"v":14193.02,"d":"R14,193"},{"$f":"D2372*$E$5","v":{"v":15087.18026,"d":"R15,087"}}]
[]
[null,"DESIGN, SUPPLY AND INSTALLATION OF GLAZED ALUMINIUM DOORS"]
[]
[null,"Design, supply and installation of glazed powder coated aluminium door with and including glazed sidelight and fanlight, produced from extruded aluminium alloy and non-rusting fasteners, in strict accordance to AAAMSA requirements and to meet the relevant performance criteria, with 6.38mm thick laminated safety glass to comply with AAAMSA, SANS 10400 part N glazing, SANS 10137, SANS 10160 and SANS 1263, including all necessary ironmongery plugged to concrete or brickwork, wall opening to suit approximate size 1440 x 2500mm high overall, complete."]
[]
[null,"Single glazed aluminium door, door size approximately 900 x 2070mm high, complete (Type GS-1)","No",{"v":18000,"d":"R18,000"},{"$f":"D2378*$E$5","v":{"v":19134,"d":"R19,134"}}]
[]
[null,"DESIGN, SUPPLY AND INSTALLATION OF GLAZED ALUMINIUM SHOPFRONTS"]
[]
[null,"Design, supply and installation of powder coated (Colour: tbc) aluminium shopfronts type 3.1, with and including double door type GS-13, in strict accordance to AAAMSA requirements and to meet the relevant performance criteria, with 6.38mm thick laminated safety glass to comply with AAAMSA, SANS 10400 part N glazing, SANS 10137, SANS 10160 and SANS 1263 complete including all necessary ironmongery plugged to concrete or brickwork."]
[]
[null,"Glazed aluminium shopfront approximately 3710 x 2800mm high overall, complete. ","No",{"v":46750,"d":"R46,750"},{"$f":"D2384*$E$5","v":{"v":49695.25,"d":"R49,695"}}]
[]
[null,"Glazed aluminium shopfront approximately 4000 x 3405mm high overall, complete. ","No",{"v":61290,"d":"R61,290"},{"$f":"D2386*$E$5","v":{"v":65151.27,"d":"R65,151"}}]
[]
[null,"Glazed aluminium shopfront approximately 3740 x 3405mm high overall, complete. ","No",{"v":56700,"d":"R56,700"},{"$f":"D2388*$E$5","v":{"v":60272.1,"d":"R60,272"}}]
[]
[null,"Glazed aluminium shopfront approximately 3685 x 3405mm high overall, complete. ","No",{"v":56470,"d":"R56,470"},{"$f":"D2390*$E$5","v":{"v":60027.60999999999,"d":"R60,028"}}]
[]
[null,"Glazed aluminium shopfront approximately 5340 x 3000mm high overall, complete.","No",{"v":72090,"d":"R72,090"},{"$f":"D2392*$E$5","v":{"v":76631.67,"d":"R76,632"}}]
[]
[null,"Glazed aluminium shopfront approximately 5385 x 3000mm high overall, complete. ","No",{"v":72700,"d":"R72,700"},{"$f":"D2394*$E$5","v":{"v":77280.09999999999,"d":"R77,280"}}]
[]
[null,"Glazed aluminium shopfront approximately 3184 x 3000mm high overall, complete. ","No",{"v":42990,"d":"R42,990"},{"$f":"D2396*$E$5","v":{"v":45698.369999999995,"d":"R45,698"}}]
[]
[null,"Glazed aluminium shopfront approximately 3114 x 3000mm high overall, complete. ","No",{"v":42040,"d":"R42,040"},{"$f":"D2398*$E$5","v":{"v":44688.52,"d":"R44,689"}}]
[]
[null,"Glazed aluminium shopfront approximately 7164 x 2800mm high overall, complete. ","No",{"v":90270,"d":"R90,270"},{"$f":"D2400*$E$5","v":{"v":95957.01,"d":"R95,957"}}]
[]
[null,"Glazed aluminium shopfront approximately 3724 x 3000mm high overall, complete.","No",{"v":50280,"d":"R50,280"},{"$f":"D2402*$E$5","v":{"v":53447.64,"d":"R53,448"}}]
[]
[null,"Glazed aluminium shopfront approximately 3780 x 3000mm high overall, complete. ","No",{"v":51030,"d":"R51,030"},{"$f":"D2404*$E$5","v":{"v":54244.89,"d":"R54,245"}}]
[]
[null,"Glazed aluminium shopfront approximately 4316 x 3000mm high overall, complete. ","No",{"v":58266,"d":"R58,266"},{"$f":"D2406*$E$5","v":{"v":61936.757999999994,"d":"R61,937"}}]
[]
[null,"Glazed aluminium shopfront approximately 6140 x 3000mm high overall, complete. ","No",{"v":82890,"d":"R82,890"},{"$f":"D2408*$E$5","v":{"v":88112.06999999999,"d":"R88,112"}}]
[]
[null,"Glazed aluminium shopfront approximately 7906/7888 x 2400mm high overall, L-shaped on plan, complete.","No",{"v":170580,"d":"R170,580"},{"$f":"D2410*$E$5","v":{"v":181326.53999999998,"d":"R181,327"}}]
[]
[null,"Glazed aluminium shopfront approximately 10583 x 2400mm high overall, complete. ","No",{"v":114300,"d":"R114,300"},{"$f":"D2412*$E$5","v":{"v":121500.9,"d":"R121,501"}}]
[]
[null,"Glazed aluminium shopfront approximately 12898 x 2400mm high overall, complete.","No",{"v":141440,"d":"R141,440"},{"$f":"D2414*$E$5","v":{"v":150350.72,"d":"R150,351"}}]
[]
[null,"Glazed aluminium shopfront approximately 5883 x 2400mm high overall, complete. ","No",{"v":63540,"d":"R63,540"},{"$f":"D2416*$E$5","v":{"v":67543.01999999999,"d":"R67,543"}}]
[]
[null,"Design, supply and installation of glazed powder coated (Colour: tbc) aluminium shopfronts type 3.1, with and including 2(No.) double doors type GS-13, in strict accordance to AAAMSA requirements and to meet the relevant performance criteria, with 6.38mm thick laminated safety glass to comply with AAAMSA, SANS 10400 part N glazing, SANS 10137, SANS 10160 and SANS 1263 complete including all necessary ironmongery plugged to concrete or brickwork, complete."]
[]
[null,"Glazed aluminium shopfront approximately 4495 x 3000mm high overall, complete. ","No",{"v":60690,"d":"R60,690"},{"$f":"D2420*$E$5","v":{"v":64513.469999999994,"d":"R64,513"}}]
[]
[null,"Design, supply and installation of glazed powder coated (Colour: tbc) aluminium shopfronts type 3.1, with frame for double door type DD-9 (timber door elsewhere measured), in strict accordance to AAAMSA requirements and to meet the relevant performance criteria, with 6.38mm thick laminated safety glass to comply with AAAMSA, SANS 10400 part N glazing, SANS 10137, SANS 10160 and SANS 1263 complete including all necessary ironmongery plugged to concrete or brickwork, complete."]
[]
[null,"Glazed aluminium shopfront approximately 5710 x 2800mm high overall, complete. ","No",{"v":71950,"d":"R71,950"},{"$f":"D2424*$E$5","v":{"v":76482.84999999999,"d":"R76,483"}}]
[]
[null,"Glazed aluminium shopfront approximately 11000 x 2400mm high overall, complete. ","No",{"v":118800,"d":"R118,800"},{"$f":"D2426*$E$5","v":{"v":126284.4,"d":"R126,284"}}]
[]
[null,"Glazed aluminium shopfront approximately 12700/4090 x 2600mm high overall, L-shaped on plan, complete.","No",{"v":196450,"d":"R196,450"},{"$f":"D2428*$E$5","v":{"v":208826.34999999998,"d":"R208,826"}}]
[]
[null,"Glazed aluminium shopfront approximately 13235 x 2600mm high overall, complete. ","No",{"v":154850,"d":"R154,850"},{"$f":"D2430*$E$5","v":{"v":164605.55,"d":"R164,606"}}]
[]
[null,"Glazed aluminium shopfront approximately 5842 x 2600mm high overall, complete. ","No",{"v":68360,"d":"R68,360"},{"$f":"D2432*$E$5","v":{"v":72666.68,"d":"R72,667"}}]
[]
[null,"Glazed aluminium shopfront approximately 5972/6800 x 2600mm high overall, L-shaped om plan, complete. ","No",{"v":149440,"d":"R149,440"},{"$f":"D2434*$E$5","v":{"v":158854.72,"d":"R158,855"}}]
[]
[null,"Glazed aluminium shopfront approximately 5770 x 2600mm high overall, complete.","No",{"v":67510,"d":"R67,510"},{"$f":"D2436*$E$5","v":{"v":71763.12999999999,"d":"R71,763"}}]
[]
[null,"Glazed aluminium shopfront approximately 6032 x 2600mm high overall, complete.","No",{"v":70580,"d":"R70,580"},{"$f":"D2438*$E$5","v":{"v":75026.54,"d":"R75,027"}}]
[]
[null,"Glazed aluminium shopfront approximately  5131 x 2600mm high overall, complete. ","No",{"v":60040,"d":"R60,040"},{"$f":"D2440*$E$5","v":{"v":63822.52,"d":"R63,823"}}]
[]
[null,"Glazed aluminium shopfront approximately 5119 x 2600mm high overall, complete. ","No",{"v":59900,"d":"R59,900"},{"$f":"D2442*$E$5","v":{"v":63673.7,"d":"R63,674"}}]
[]
[null,"Glazed aluminium shopfront approximately 5871 x 2600mm high overall, complete.","No",{"v":68690,"d":"R68,690"},{"$f":"D2444*$E$5","v":{"v":73017.47,"d":"R73,017"}}]
[]
[null,"Glazed aluminium shopfront approximately 13433 x 2600mm high overall, complete. ","No",{"v":157170,"d":"R157,170"},{"$f":"D2446*$E$5","v":{"v":167071.71,"d":"R167,072"}}]
[]
[null,"Glazed aluminium shopfront approximately 5972 x 2600mm high overall, complete.","No",{"v":69880,"d":"R69,880"},{"$f":"D2448*$E$5","v":{"v":74282.44,"d":"R74,282"}}]
[]
[null,"Glazed aluminium shopfront approximately 5912 x 2600mm high overall, complete. ","No",{"v":69170,"d":"R69,170"},{"$f":"D2450*$E$5","v":{"v":73527.70999999999,"d":"R73,528"}}]
[]
[null,"Design, supply and installation of powder coated (Colour: tbc) aluminium shopfronts type 3.3, in strict accordance to AAAMSA requirements and to meet the relevant performance criteria, with 6.38mm thick laminated safety glass with one way vision film fitted to internal side of glass to comply with AAAMSA, SANS 10400 part N glazing, SANS 10137, SANS 10160 and SANS 1263 complete including all necessary ironmongery plugged to concrete or brickwork, complete."]
[]
[null,"Glazed aluminium shopfront approximately 4648 x 3000mm high overall, complete.","No",{"v":62750,"d":"R62,750"},{"$f":"D2454*$E$5","v":{"v":66703.25,"d":"R66,703"}}]
[]
[null,"Glazed aluminium shopfront approximately 4856 x 3000mm high overall, complete. ","No",{"v":65560,"d":"R65,560"},{"$f":"D2456*$E$5","v":{"v":69690.28,"d":"R69,690"}}]
[]
[null,"DESIGN, SUPPLY AND INSTALLATION OF GLAZED ALUMINIUM SCREENS"]
[]
[null,"Design, supply and installation of glazed powder coated (Colour: tbc) aluminium shopfronts type 3.1, with one single door type GS-1, in strict accordance to AAAMSA requirements and to meet the relevant performance criteria, with 6.38mm thick laminated safety glass to comply with AAAMSA, SANS 10400 part N glazing, SANS 10137, SANS 10160 and SANS 1263 complete including all necessary ironmongery plugged to concrete or brickwork, complete"]
[]
[null,"Glazed aluminium screen approximately 2900/8650 x 2800mm high overall, T-shaped on plan, complete. Located by Security Check-In Area on Architects drawing No. CTIA-T2-DSA-T2-XX-DR-AR-310300-T-1","No",{"v":145530,"d":"R145,530"},{"$f":"D2462*$E$5","v":{"v":154698.38999999998,"d":"R154,698"}}]
[]
[null,"Design, supply and installation of glazed powder coated (Colour: tbc) aluminium shopfronts type 3.2, in strict accordance to AAAMSA requirements and to meet the relevant performance criteria, with 6.38mm thick laminated safety glass to comply with AAAMSA, SANS 10400 part N glazing, SANS 10137, SANS 10160 and SANS 1263 complete including all necessary ironmongery plugged to concrete or brickwork, complete "]
[]
[null,"Glazed aluminium screen approximately 5950/24330 x 2800mm high overall, L-shaped on plan, complete. ","No",{"v":381600,"d":"R381,600"},{"$f":"D2466*$E$5","v":{"v":405640.8,"d":"R405,641"}}]
[]
[null,"Design, supply and installation of glazed powder coated (Colour: tbc) aluminium shopfronts type 3.3, in strict accordance to AAAMSA requirements and to meet the relevant performance criteria, with 6.38mm thick laminated safety glass to comply with AAAMSA, SANS 10400 part N glazing, SANS 10137, SANS 10160 and SANS 1263 complete including all necessary ironmongery plugged to concrete or brickwork, complete."]
[]
[null,"Glazed aluminium screen approximately 5645 x 2400mm high overall, complete. ","No",{"v":60970,"d":"R60,970"},{"$f":"D2470*$E$5","v":{"v":64811.10999999999,"d":"R64,811"}}]
[]
[null,"Glazed aluminium screen approximately 5125 x 2400mm high overall, complete. ","No",{"v":55350,"d":"R55,350"},{"$f":"D2472*$E$5","v":{"v":58837.049999999996,"d":"R58,837"}}]
[]
[null,"Glazed aluminium screen approximately 12300 x 2800mm high overall, complete.","No",{"v":154980,"d":"R154,980"},{"$f":"D2474*$E$5","v":{"v":164743.74,"d":"R164,744"}}]
[]
[null,"Glazed aluminium screen approximately 2820/4975 x 2800mm high overall, T-shaped on plan, complete. ","No",{"v":98220,"d":"R98,220"},{"$f":"D2476*$E$5","v":{"v":104407.86,"d":"R104,408"}}]
[]
[null,"Glazed aluminium screen approximately 2245/1640 x 2400mm high overall, L-shaped on plan, complete. L","No",{"v":41960,"d":"R41,960"},{"$f":"D2478*$E$5","v":{"v":44603.479999999996,"d":"R44,603"}}]
[]
[null,"Glazed aluminium screen approximately 7830 x 2800mm high overall, complete. ","No",{"v":97300,"d":"R97,300"},{"$f":"D2480*$E$5","v":{"v":103429.9,"d":"R103,430"}}]
[]
[null,"Glazed aluminium screen approximately 11600 x 2800mm high overall, complete. ","No",{"v":146160,"d":"R146,160"},{"$f":"D2482*$E$5","v":{"v":155368.08,"d":"R155,368"}}]
[]
[null,"Glazed aluminium screen approximately 7518 x 3000mm high overall, complete.","No",{"v":101500,"d":"R101,500"},{"$f":"D2484*$E$5","v":{"v":107894.5,"d":"R107,895"}}]
[]
[null,"Glazed aluminium screen approximately 4990/5565 x 3000mm high overall, L-shaped on plan, complete. ","No",{"v":142500,"d":"R142,500"},{"$f":"D2486*$E$5","v":{"v":151477.5,"d":"R151,478"}}]
[]
[null,"Glazed aluminium screen approximately 2834 x 3000mm high overall, complete. ","No",{"v":38260,"d":"R38,260"},{"$f":"D2488*$E$5","v":{"v":40670.38,"d":"R40,670"}}]
[]
[null,"Glazed aluminium screen approximately 8923 x 3000mm high overall, complete. ","No",{"v":120470,"d":"R120,470"},{"$f":"D2490*$E$5","v":{"v":128059.61,"d":"R128,060"}}]
[]
[null,"Glazed aluminium screen approximately 6423 x 3000mm high overall, complete. ","No",{"v":86720,"d":"R86,720"},{"$f":"D2492*$E$5","v":{"v":92183.36,"d":"R92,183"}}]
[]
[null,"Glazed aluminium screen approximately 7173 x 3000mm high overall, complete. ","No",{"v":96840,"d":"R96,840"},{"$f":"D2494*$E$5","v":{"v":102940.92,"d":"R102,941"}}]
[]
[null,"Glazed aluminium screen approximately 8923 x 3000mm high overall, complete. ","No",{"v":120470,"d":"R120,470"},{"$f":"D2496*$E$5","v":{"v":128059.61,"d":"R128,060"}}]
[]
[null,"Glazed aluminium screen approximately 5573 x 3000mm high overall, complete. ","No",{"v":75240,"d":"R75,240"},{"$f":"D2498*$E$5","v":{"v":79980.12,"d":"R79,980"}}]
[]
[null,"Glazed aluminium screen approximately 19885 x 3000mm high overall, complete. ","No",{"v":268450,"d":"R268,450"},{"$f":"D2500*$E$5","v":{"v":285362.35,"d":"R285,362"}}]
[]
[null,"DESIGN, SUPPLY AND INSTALLATION OF GLAZED ALUMINIUM STACK-AWAY DOORS"]
[]
[null,"Design, supply and installation of powder coated (Colour: tbc) aluminium framed stack-away doors type SFD-2, in strict accordance to AAAMSA requirements and to meet the relevant performance criteria, with 6.8mm laminated safety glass to comply with AAAMSA, SANS 10400 part N glazing, SANS 10137, SANS 10160 and SANS 1263 complete including all necessary ironmongery plugged to concrete or brickwork, complete."]
[]
[null,"Glass side stack automatic sliding door, size approximately 3600 x 3000mm high overall with and including automated stack door gear, sensors and ironmongery, complete. ","No",{"v":48600,"d":"R48,600"},{"$f":"D2506*$E$5","v":{"v":51661.799999999996,"d":"R51,662"}}]
[]
[null,"Glass side stack automatic sliding door, size approximately 4800 x 3000mm high overall with and including automated stack door gear, sensors and ironmongery, complete. ","No",{"v":64800,"d":"R64,800"},{"$f":"D2508*$E$5","v":{"v":68882.4,"d":"R68,882"}}]
[]
[null,"Glass side stack automatic sliding door, size approximately 3600 x 3205mm high overall with and including automated stack door gear, sensors and ironmongery, complete. ","No",{"v":51930,"d":"R51,930"},{"$f":"D2510*$E$5","v":{"v":55201.59,"d":"R55,202"}}]
[]
[null,"Design, supply and installation of powder coated (Colour: tbc) aluminium framed stack-away doors type SFD-3, in strict accordance to AAAMSA requirements and to meet the relevant performance criteria, with 6.8mm laminated safety glass to comply with AAAMSA, SANS 10400 part N glazing, SANS 10137, SANS 10160 and SANS 1263 complete including all necessary ironmongery plugged to concrete or brickwork, complete."]
[]
[null,"Glass side stack automatic bi-parting sliding door, size approximately 5150/5200 x 3000mm high overall with and including automated stack door gear, sensors and ironmongery, complete.","No",{"v":139730,"d":"R139,730"},{"$f":"D2514*$E$5","v":{"v":148532.99,"d":"R148,533"}}]
[]
[null,"Glass side stack automatic bi-parting sliding door, size approximately 11040 x 3000mm high overall with and including automated stack door gear, sensors and ironmongery, complete. ","No",{"v":149040,"d":"R149,040"},{"$f":"D2516*$E$5","v":{"v":158429.52,"d":"R158,430"}}]
[]
[null,"Glass side stack automatic bi-parting sliding door, size approximately 10850 x 3000mm high overall with and including automated stack door gear, sensors and ironmongery, complete. ","No",{"v":146480,"d":"R146,480"},{"$f":"D2518*$E$5","v":{"v":155708.24,"d":"R155,708"}}]
[]
[null,"Glass side stack automatic bi-parting sliding door, size approximately 4240 x 3000mm high overall with and including automated stack door gear, sensors and ironmongery, complete.","No",{"v":57240,"d":"R57,240"},{"$f":"D2520*$E$5","v":{"v":60846.119999999995,"d":"R60,846"}}]
[]
[null,"Glass side stack automatic bi-parting sliding door, size approximately 6360 x 3000mm high overall with and including automated stack door gear, sensors and ironmongery, complete. ","No",{"v":85860,"d":"R85,860"},{"$f":"D2522*$E$5","v":{"v":91269.18,"d":"R91,269"}}]
[]
[null,"Glass side stack automatic bi-parting sliding door, size approximately 8860 x 3000mm high overall with and including automated stack door gear, sensors and ironmongery, complete. ","No",{"v":119610,"d":"R119,610"},{"$f":"D2524*$E$5","v":{"v":127145.43,"d":"R127,145"}}]
[]
[null,"ALUMINIUM ROLLER SHUTTER DOORS"]
[]
[null,"Automated 77mm micro domestic powder coated aluminium roller shutter door fixed to brickwork, concrete soffits with 80mm aluminium guides, and end-brackets with 350mm cover box, all complete."]
[]
[null,"Automated roller shutter door for approximately 4000 x 2850mm high opening, including electrical connection and commissioning from an isolator switch with a 220V tubular motor and motor operated with high security key-switches, complete (Type RSD-35A)","No",{"v":94057.7,"d":"R94,058"},{"$f":"D2530*$E$5","v":{"v":99983.3351,"d":"R99,983"}}]
[]
[null,"Automated roller shutter door for approximately 4800 x 2850mm high opening, including electrical connection and commissioning from an isolator switch with a 220V tubular motor and motor operated with high security key-switches, complete (Type RSD-25)","No",{"v":112871.68,"d":"R112,872"},{"$f":"D2532*$E$5","v":{"v":119982.59583999998,"d":"R119,983"}}]
[]
[null,"Automated roller shutter door for approximately 5000 x 2105mm high opening, including electrical connection and commissioning from an isolator switch with a 220V tubular motor and motor operated with high security key-switches, complete (Type RSD-25)","No",{"v":100000,"d":"R100,000"},{"$f":"D2534*$E$5","v":{"v":106300,"d":"R106,300"}}]
[]
[null,"STEEL ROLLER SHUTTERS"]
[]
[null,"Galvanised mild steel roller shutter doors manufactured with galvanised 100mm slats including guide rails and hood, fixed to brickwork or concrete, all complete"]
[]
[null,"Class B fire resistant electrically operated roller shutter door, for approximately 4800 x 2850mm high opening, including fusible link for electrically operated door, all in accordance to the manufactures specification, complete (Type RSD-24)","No",{"v":71689,"d":"R71,689"},{"$f":"D2540*$E$5","v":{"v":76205.40699999999,"d":"R76,205"}}]
[]
[null,"STEEL STRONGROOM DOORS"]
[]
[null,"Strongroom door and frame suitable for one brick wall, consisting of 60mm barrier material finished with grey zinc chromate rust resistant primer with a mass of 540kg, must also be SANS 949:2005 approved, with and including all necessary ironmongery, fixed to concrete, brickwork, steel, etc. all in strict accordance to manufacturer's specifications and architects details and specification. "]
[]
[null,"Strongroom door size approximately 890 x 1984mm high overall, complete (Type ST-1A)","No",{"v":29500,"d":"R29,500"},{"$f":"D2546*$E$5","v":{"v":31358.5,"d":"R31,359"}}]
[]
[null,"ALUMINIUM PAYROLL WINDOWS"]
[]
[null,"Design, supply and installation of purpose made  powder coated (Colour: tbc) aluminium cashier screen type W-4.2, in strict accordance to AAAMSA requirements and to meet the relevant performance criteria, with 28mm thick bullet proof glass to comply with AAAMSA, SANS 10400 part N glazing, SANS 10137, SANS 10160 and SANS 1263 complete including all necessary ironmongery plugged to drywall partitioning."]
[]
[null,"Bullet proof cashier window, approximate size 1500 x 1600mm high with and including 30mm thick counter tops on both sides of screen with 135mm deep transfer tray, complete","No",{"v":36000,"d":"R36,000"},{"$f":"D2552*$E$5","v":{"v":38268,"d":"R38,268"}}]
[]
[null,"Bullet proof cashier window, approximate size 1150 x 1600mm high with and including 30mm thick counter tops on both sides of screen with 135mm deep transfer tray, complete","No",{"v":29600,"d":"R29,600"},{"$f":"D2554*$E$5","v":{"v":31464.8,"d":"R31,465"}}]
[]
[null,"SUNDRIES"]
[]
[null,"Take from store and fix into place new airtight hinged doors (doors supplied elsewhere) for plant rooms, cold rooms, etc"]
[]
[null,"Double door, size approximately 1534 x 2120mm high overall (labour only)","No",{"v":150,"d":"R150"},{"$f":"D2560*$E$5","v":{"v":159.45,"d":"R159"}}]
[]
[null,"Single door 1100 x 2115mm high overall (labour only)","No",{"v":142.88,"d":"R143"},{"$f":"D2562*$E$5","v":{"v":151.88144,"d":"R152"}}]
[]
[null,"PLASTERING"]
[]
[null,"SCREEDS"]
[]
[null,"Screeds power floated, on concrete (Finishes schedule code SF1)"]
[]
[null,"30mm Thick on floors and landings","m²",{"v":100,"d":"R100"},{"$f":"D2570*$E$5","v":{"v":106.3,"d":"R106"}}]
[]
[null,"Screeds wood floated, on concrete (Finishes schedule code SF2)"]
[]
[null,"30mm Thick on floors and landings","m²",{"v":100,"d":"R100"},{"$f":"D2574*$E$5","v":{"v":106.3,"d":"R106"}}]
[]
[null,"35m Thick on floors and landings","m²",{"v":105,"d":"R105"},{"$f":"D2576*$E$5","v":{"v":111.615,"d":"R112"}}]
[]
[null,"Average 80mm thick on roofs, balconies, etc. on waterproofing membrane to falls and currents","m²",{"v":154.6,"d":"R155"},{"$f":"D2578*$E$5","v":{"v":164.3398,"d":"R164"}}]
[]
[null,"GRANOLITHIC"]
[]
[null,"Untinted polished granolithic on concrete"]
[]
[null,"30mm Thick on floors","m²",{"v":155,"d":"R155"},{"$f":"D2584*$E$5","v":{"v":164.765,"d":"R165"}}]
[]
[null,"35mm Thick on treads and risers of stairs including reedings","m²",{"v":125,"d":"R125"},{"$f":"D2586*$E$5","v":{"v":132.875,"d":"R133"}}]
[]
[null,"Average 50mm thick on floors to falls","m²",{"v":170,"d":"R170"},{"$f":"D2588*$E$5","v":{"v":180.70999999999998,"d":"R181"}}]
[]
[null,"Skirting 150mm high","m",{"v":68,"d":"R68"},{"$f":"D2590*$E$5","v":{"v":72.28399999999999,"d":"R72"}}]
[]
[null,"INTERNAL PLASTER"]
[]
[null,"Cement plaster rendering coat on concrete"]
[]
[null,"On walls","m²",{"v":110,"d":"R110"},{"$f":"D2596*$E$5","v":{"v":116.92999999999999,"d":"R117"}}]
[]
[null,"Walls in narrow widths","m²",{"v":175,"d":"R175"},{"$f":"D2598*$E$5","v":{"v":186.02499999999998,"d":"R186"}}]
[]
[null,"On concrete beams","m²",{"v":85,"d":"R85"},{"$f":"D2600*$E$5","v":{"v":90.35499999999999,"d":"R90"}}]
[]
[null,"On ceilings and beams","m²",{"v":85,"d":"R85"},{"$f":"D2602*$E$5","v":{"v":90.35499999999999,"d":"R90"}}]
[]
[null,"On projecting and isolated columns","m²",{"v":98.8,"d":"R99"},{"$f":"D2604*$E$5","v":{"v":105.02439999999999,"d":"R105"}}]
[]
[null,"On projecting and isolated round columns","m²",{"v":110,"d":"R110"},{"$f":"D2606*$E$5","v":{"v":116.92999999999999,"d":"R117"}}]
[]
[null,"Cement plaster on brickwork"]
[]
[null,"On walls","m²",{"v":92,"d":"R92"},{"$f":"D2610*$E$5","v":{"v":97.79599999999999,"d":"R98"}}]
[]
[null,"On narrow widths","m²",{"v":109.2,"d":"R109"},{"$f":"D2612*$E$5","v":{"v":116.0796,"d":"R116"}}]
[]
[null,"EXTERNAL PLASTER"]
[]
[null,"Cement plaster on brickwork"]
[]
[null,"On walls","m²",{"v":90,"d":"R90"},{"$f":"D2618*$E$5","v":{"v":95.67,"d":"R96"}}]
[]
[null,"On narrow widths","m²",{"v":160,"d":"R160"},{"$f":"D2620*$E$5","v":{"v":170.07999999999998,"d":"R170"}}]
[]
[null,"Cement plaster on concrete"]
[]
[null,"On concrete beams","m²",{"v":114.4,"d":"R114"},{"$f":"D2624*$E$5","v":{"v":121.6072,"d":"R122"}}]
[]
[null,"On narrow widths","m²",{"v":170,"d":"R170"},{"$f":"D2626*$E$5","v":{"v":180.70999999999998,"d":"R181"}}]
[]
[null,"SPECIALISED SCREED PLASTER TYPE FLOOR COATINGS"]
[]
[null,"Prepare and apply \"SikaFloor-200\" or other equally approved self levelling, solvent free epoxy resin flooring system comprising a resin hardener system, pre-packed aggregates and pigment including all necessary primers all in strict accordance with the manufacturer's instructions and specifications. (Finishes schedule code SF4)"]
[]
[null,"3mm Thick on screeds","m²",{"v":148.92,"d":"R149"},{"$f":"D2632*$E$5","v":{"v":158.30195999999998,"d":"R158"}}]
[]
[null,"Prepare and apply two roller coats of \"SikaFloor -161\" primer or other equally approved penetrating epoxy concrete primer followed by two roller coats of \"SikaFloor-264 ZA\"or other equally approved resin floor sealant (colour to be RAL 7001) all in accordance with the manufacturer's instructions and specifications (Finishes schedule code SF8)"]
[]
[null,"On floors","m²",{"v":800,"d":"R800"},{"$f":"D2636*$E$5","v":{"v":850.4,"d":"R850"}}]
[]
[null,"\"ABE Cote SF 217\" or other equally approved two-component, high chemical-resistant, clear resin, solvent free novolac modified epoxy waterproofing  applied according to manufacturers specifications, including bandages"]
[]
[null,"On floors","m²",{"v":253,"d":"R253"},{"$f":"D2640*$E$5","v":{"v":268.93899999999996,"d":"R269"}}]
[]
[null,"CORNER PROTECTORS, DIVIDING STRIPS, ETC."]
[]
[null,"Natural anodised aluminium"]
[]
[null,"25 x 2mm Thick flat cover strip between different floor finishes","m",{"v":10.95,"d":"R11"},{"$f":"D2646*$E$5","v":{"v":11.63985,"d":"R12"}}]
[]
[null,"Aluminium corner protectors, etc."]
[]
[null,"10mm Aluminium M-trim \"Kirk\" tile divider","m",{"v":115,"d":"R115"},{"$f":"D2650*$E$5","v":{"v":122.24499999999999,"d":"R122"}}]
[]
[null,"TILING"]
[]
[null,"WALL TILING"]
[]
[null,"Type W6 - 600 x 600 x 10mm Porcelain tiles (PC R 700/mÂ² supply and delivered to site) fixed with adhesive to plaster (plaster elsewhere) and flush pointed with coloured polymer modified cement grouting to match tile colour all in accordance with the project specification document"]
[]
[null,"On walls","m²",{"v":1000,"d":"R1,000"},{"$f":"D2658*$E$5","v":{"v":1063,"d":"R1,063"}}]
[]
[null,"Type W7 - 600 x 300 x 10mm Porcelain tiles (PC R 700/mÂ² supply and delivered to site) fixed with adhesive to plaster (plaster elsewhere) and flush pointed with coloured polymer modified cement grouting to match tile colour all in accordance with the project specification document"]
[]
[null,"On walls","m²",{"v":1050,"d":"R1,050"},{"$f":"D2662*$E$5","v":{"v":1116.1499999999999,"d":"R1,116"}}]
[]
[null,"FLOOR TILING"]
[]
[null,"Type FLR4 - 300 x 600 x 10mm Full body porcelain floor tiles (PC R 700/mÂ² supply and delivered to site) fixed with adhesive to screed (screed elsewhere) and flush pointed with coloured polymer modified cement grouting to match tile colour all in accordance with the project specification document"]
[]
[null,"On floors","m²",{"v":1000,"d":"R1,000"},{"$f":"D2668*$E$5","v":{"v":1063,"d":"R1,063"}}]
[]
[null,"NOSINGS, JOINT COVERS, PROTECTORS, ETC."]
[]
[null,"Dividing strips, stair nosings, expansion joint strips, etc"]
[]
[null,"\"SSE100 M-Trim\" 10mm Polished stainless steel edge trim for transitions","m",{"v":139.38,"d":"R139"},{"$f":"D2674*$E$5","v":{"v":148.16093999999998,"d":"R148"}}]
[]
[null,"\"SQE120 M-Trim\" 12mm Stainless steel square edge trims for stair nosing, stair stringer edge and edges of ramps","m",{"v":152.97,"d":"R153"},{"$f":"D2676*$E$5","v":{"v":162.60710999999998,"d":"R163"}}]
[]
[null,"\"SFE100 M-Trim\" 10mm Stainless steel straight edge trim to curved tile patterns","m",{"v":142.31,"d":"R142"},{"$f":"D2678*$E$5","v":{"v":151.27553,"d":"R151"}}]
[]
[null,"\"SQE100 M-Trim\" 10mm Polished stainless steel square edge trims for expose wall corners","m",{"v":139.38,"d":"R139"},{"$f":"D2680*$E$5","v":{"v":148.16093999999998,"d":"R148"}}]
[]
[null,"PLUMBING AND DRAINAGE (SANITARY WARE)"]
[]
[null,"\"Franke\" or similar approved stainless steel sinks or other equally approved"]
[]
[null,"\"Neptune\" model NEX 611 (code 101.0040.732) inset sink, size 860 x 510mm wide overall with 1 No. 360 x 420 x 200mm deep bowl, fitted and sealed onto cupboard (Cupboard elsewhere measured) all fixed in strict accordance to manufacturer's instructions","No",{"v":1868.15,"d":"R1,868"},{"$f":"D2686*$E$5","v":{"v":1985.84345,"d":"R1,986"}}]
[]
[null,"\"Neptune\" model NEX 621 (code 101.0040.736) inset sink, size 1160 x 510mm wide overall with 2 No. 360 x 420 x 200mm deep bowls, fitted and sealed onto cupboard (Cupboard elsewhere measured) all fixed in strict accordance to manufacturer's instructions","No",{"v":7040.62,"d":"R7,041"},{"$f":"D2688*$E$5","v":{"v":7484.1790599999995,"d":"R7,484"}}]
[]
[null,"Drip sink, (code 2630026) size 600 x 500 x 258mm deep bowl, with 100mm high integrated splashback, made from Grade 304 (18/10) stainless steel perforated for 50mm waste outlet with hinged bucket grid connected to 15mm water supply, fixed to walls on 40 x 20mm square stainless steel brackets and bolted to wall with M6 stainless steel expanding bolts, 600mm high from finished floor level all fixed in strict accordance to manufacturer's instructions","No",{"v":4403,"d":"R4,403"},{"$f":"D2690*$E$5","v":{"v":4680.389,"d":"R4,680"}}]
[]
[null,"\"Vaal\" or similar approved vitreous china WC suites"]
[]
[null,"\"Orchid\" (code: 8082Z000) Floor bracket including fixing set, all fixed in strict accordance to manufacturer's instructions","No",{"v":1437.99,"d":"R1,438"},{"$f":"D2694*$E$5","v":{"v":1528.5833699999998,"d":"R1,529"}}]
[]
[null,"\"Orchid\" vitreous china  (code: 439016WH) consisting of 90Â° back inlet wall hung open rim pan fixed on orchid floor brackets (elsewhere measured), and concealed back inlet flush valve (elsewhere specified)","No",{"v":4574.95,"d":"R4,575"},{"$f":"D2696*$E$5","v":{"v":4863.17185,"d":"R4,863"}}]
[]
[null,"\"Signature\" entice wall hung pan (code 439600WH) fixed on orchid floor brackets(elsewhere measured), with concealed back inlet flush valve (elsewhere specified) and double flap seat","No",{"v":4600,"d":"R4,600"},{"$f":"D2698*$E$5","v":{"v":4889.8,"d":"R4,890"}}]
[]
[null,"\"Whyte House\" or similar approved sanitaryware"]
[]
[null,"Vandal resistant security pan product (code: WHP-01) all fixed in strict accordance to manufacturer's instructions","No",{"v":5487.98,"d":"R5,488"},{"$f":"D2702*$E$5","v":{"v":5833.722739999999,"d":"R5,834"}}]
[]
[null,"Vandal resistant wash hand basin product code (WHB-4) all fixed in strict accordance to manufacturer's instructions","No",{"v":5733.27,"d":"R5,733"},{"$f":"D2704*$E$5","v":{"v":6094.46601,"d":"R6,094"}}]
[]
[null,"Vandal resistant urinal product (code: WHU-9) all fixed in strict accordance to manufacturer's instructions","No",{"v":5733.27,"d":"R5,733"},{"$f":"D2706*$E$5","v":{"v":6094.46601,"d":"R6,094"}}]
[]
[null,"\"Vaal\" or similar approved vitreous china wash hand basins"]
[]
[null,"\"Daisy\" 510 x 400mm P/P white virtreous china basin (code 700803WH) with 1 No. taphole, including integrated overflow with chainstay, bolted to wall","No",{"v":1300,"d":"R1,300"},{"$f":"D2710*$E$5","v":{"v":1381.8999999999999,"d":"R1,382"}}]
[]
[null,"\"Weaver\" 570 x 450mm OTH white basin (code:702500WH) with and including one taphole, integrated overflow with chainstay, basin fixed to wall","No",{"v":1700,"d":"R1,700"},{"$f":"D2712*$E$5","v":{"v":1807.1,"d":"R1,807"}}]
[]
[null,"\"Vaal\" or similar approved vitreous china urinals"]
[]
[null,"\"Sweet pea\" urinal BI white wall (code 705127WH) hung bowl urinal with and including top inlet, fittings, chrome plated domical grating, 20mm diameter thread spreader, hanger brackets, etc.","No",{"v":3200,"d":"R3,200"},{"$f":"D2716*$E$5","v":{"v":3401.6,"d":"R3,402"}}]
[]
[null,"Baby change station"]
[]
[null,"650 x 940 x 80mm baby change station complete fixed strictly as per manufacturer's instructions","No",{"v":8000,"d":"R8,000"},{"$f":"D2720*$E$5","v":{"v":8504,"d":"R8,504"}}]
[]
[null,"Grab rails, accessories, etc."]
[]
[null,"Cistern rail 670 x 246mm (code: 8940Z000)","No",{"v":1269.49,"d":"R1,269"},{"$f":"D2724*$E$5","v":{"v":1349.46787,"d":"R1,349"}}]
[]
[null,"Dogleg rail with 2 No. flanges 300 x 300 x 300mm (code: 8939Z000)","No",{"v":1478.39,"d":"R1,478"},{"$f":"D2726*$E$5","v":{"v":1571.52857,"d":"R1,572"}}]
[]
[null,"Drop down support rail F08C (code: 8943Z000)","No",{"v":1897.2,"d":"R1,897"},{"$f":"D2728*$E$5","v":{"v":2016.7236,"d":"R2,017"}}]
[]
[null,"\"Franke\" support tap bracket (code 2120128)","No",{"v":1900,"d":"R1,900"},{"$f":"D2730*$E$5","v":{"v":2019.6999999999998,"d":"R2,020"}}]
[]
[null,"WASTE UNIONS, ETC."]
[]
[null,"NOTE: \tAll items in this section shall be deemed to fall into Work Group No 148 for Haylett formula purposes"]
[]
[null,"NOTE: \tWaste unions for basins, sinks, etc shall comprise chromium plated waste union with grating, rubber washers and locknut"]
[]
[null,"\"Cobra Watertech\" or similar approved"]
[]
[null,"32mm Basin waste (Code: 303)","No",{"v":139.6,"d":"R140"},{"$f":"D2740*$E$5","v":{"v":148.39479999999998,"d":"R148"}}]
[]
[null,"Basin click waste slotted union (code: 302-32)","No",{"v":140,"d":"R140"},{"$f":"D2742*$E$5","v":{"v":148.82,"d":"R149"}}]
[]
[null,"Cobra chrome plated un-slotted basin waste union, with and including 70mm diameter flange, 45mm long shank, 1&1/2\" male outlet, plugs, etc. as per manufacturers instructions (code:COB-206EXT-15)","No",{"v":150,"d":"R150"},{"$f":"D2744*$E$5","v":{"v":159.45,"d":"R159"}}]
[]
[null,"Cobra chrome plated un-slotted basin aquawaste union, with and including 62mm diameter flange, 78mm long shank, 1&1/4\" BSP male outlet, plugs, etc. as per manufacturers instruction (code:Cobra 302-32)","No",{"v":150,"d":"R150"},{"$f":"D2746*$E$5","v":{"v":159.45,"d":"R159"}}]
[]
[null,"TRAPS, ETC."]
[]
[null,"NOTE: \tAll items in this section shall be deemed to fall into Work Group No 148 for Haylett formula purposes"]
[]
[null,"uPVC"]
[]
[null,"DB1 PVC basin trap code (TRADUTBAS01)","No",{"v":93.76,"d":"R94"},{"$f":"D2754*$E$5","v":{"v":99.66688,"d":"R100"}}]
[]
[null,"\"Cobra Watertech\" or similar approved"]
[]
[null,"Shower p-trap with and including square grating (code 373SQ)","No",{"v":500,"d":"R500"},{"$f":"D2758*$E$5","v":{"v":531.5,"d":"R532"}}]
[]
[null,"Chrome plated bottle trap (code 345/40) with 75mm deep re-seal and adjustable telescopic pipe","No",{"v":314.16,"d":"R314"},{"$f":"D2760*$E$5","v":{"v":333.95208,"d":"R334"}}]
[]
[null,"Chrome plated deep seal bottle trap (RND1/4X35X380)","No",{"v":560,"d":"R560"},{"$f":"D2762*$E$5","v":{"v":595.28,"d":"R595"}}]
[]
[null,"TAPS, VALVES, ETC."]
[]
[null,"NOTE: \tAll items in this section shall be deemed to fall into Work Group No 146 & 148 for Haylett formula purposes"]
[]
[null,"\"Dyson airblade\" similar or equally approved taps, pre mixing valves & UPS boxes"]
[]
[null,"Transmission / UPS boxes (code:EL-TRANS-UPS)","No",{"v":5000,"d":"R5,000"},{"$f":"D2770*$E$5","v":{"v":5315,"d":"R5,315"}}]
[]
[null,"Pre mixing valve mechanic (code:EL-X60)","No",{"v":12500,"d":"R12,500"},{"$f":"D2772*$E$5","v":{"v":13287.5,"d":"R13,288"}}]
[]
[null,"\"Cobra\" or similar approved basin mixers, bib taps, etc."]
[]
[null,"Angle valve including 350mm flexi hose  (code: 832-10)","No",{"v":194.76,"d":"R195"},{"$f":"D2776*$E$5","v":{"v":207.02988,"d":"R207"}}]
[]
[null,"Low-flow aerator insert, 6L/min (code COB-P-WS/6)-No Lime","No",{"v":320,"d":"R320"},{"$f":"D2778*$E$5","v":{"v":340.15999999999997,"d":"R340"}}]
[]
[null,"Star bib tap (code: COB-206EXT-15), chrome plated. including hot and cold water indices,1/2\" BSO male inlet, flow straightener for flow aesthetics","No",{"v":458.97,"d":"R459"},{"$f":"D2780*$E$5","v":{"v":487.88511,"d":"R488"}}]
[]
[null,"Star bib tap (code: 106-15), chrome plated. including hot and cold water indices,1/2\" BSO male inlet, flow aesthetics and 1/2\" heavy-pattern low resistance for low pressure.","No",{"v":505.18,"d":"R505"},{"$f":"D2782*$E$5","v":{"v":537.00634,"d":"R537"}}]
[]
[null,"Knee/elbow lever-KM1.00 (code: C-KM9-12/19)","No",{"v":506.18,"d":"R506"},{"$f":"D2784*$E$5","v":{"v":538.06934,"d":"R538"}}]
[]
[null,"Star undertile stop tap (code: 228-15), chrome plated","No",{"v":536.31,"d":"R536"},{"$f":"D2786*$E$5","v":{"v":570.0975299999999,"d":"R570"}}]
[]
[null,"Paraplegic elbow kit (code: C-KM9-10)","No",{"v":790.41,"d":"R790"},{"$f":"D2788*$E$5","v":{"v":840.2058299999999,"d":"R840"}}]
[]
[null,"Elbow wall hung outlet trigger spray kit, including flexible hose","No",{"v":1300,"d":"R1,300"},{"$f":"D2790*$E$5","v":{"v":1381.8999999999999,"d":"R1,382"}}]
[]
[null,"E.A. pillartap blue (code 505-21B)","No",{"v":2300,"d":"R2,300"},{"$f":"D2792*$E$5","v":{"v":2444.9,"d":"R2,445"}}]
[]
[null,"Sink mixer","No",{"v":2300,"d":"R2,300"},{"$f":"D2794*$E$5","v":{"v":2444.9,"d":"R2,445"}}]
[]
[null,"Aerator W/S & 4 1/2L/min, with and including low-flow aerator inserts, as per manufacturers instructions (code P-PCA24)","No",{"v":3400,"d":"R3,400"},{"$f":"D2796*$E$5","v":{"v":3614.2,"d":"R3,614"}}]
[]
[null,"Cobratron chrome single temperature, touch free, electronic control spout including 1/2\"BSP solenoid valve, 9V transformer, fitted with a pressure compensating flow restrictor (code: EL-3002-C)","No",{"v":10516.52,"d":"R10,517"},{"$f":"D2798*$E$5","v":{"v":11179.06076,"d":"R11,179"}}]
[]
[null,"Tap fittings"]
[]
[null,"60mm long chrome plated extension piece and flange (code: 059-15)","No",{"v":180,"d":"R180"},{"$f":"D2802*$E$5","v":{"v":191.34,"d":"R191"}}]
[]
[null,"\"Cobra Watertech\" or similar approved toilet and urinal flushvalves:"]
[]
[null,"Sensor activated dual flush (code: EL-4-213), chrome toilet flush valve with a manual override button.","No",{"v":3000,"d":"R3,000"},{"$f":"D2806*$E$5","v":{"v":3189,"d":"R3,189"}}]
[]
[null,"Chrome plated junior toilet flushmaster (non-hold open) with exposed flush valve and 3/4\" \"Ball-O-Stop\" control inlet, wall flange, integral vacuum beaker (code FJ2.000)","No",{"v":3946.12,"d":"R3,946"},{"$f":"D2808*$E$5","v":{"v":4194.72556,"d":"R4,195"}}]
[]
[null,"Chrome plated junior toilet \"Econoflush\" front access box with chrome plated back entry, galvanised steel underwall box, palm press button and rubber pan connector (code: cobra KF4-213)","No",{"v":6926.98,"d":"R6,927"},{"$f":"D2810*$E$5","v":{"v":7363.379739999999,"d":"R7,363"}}]
[]
[null,"ELECTRIC WATER HEATERS"]
[]
[null,"NOTE: \tAll items in this section shall be deemed to fall into Work Group No 148 for Haylett formula purposes"]
[]
[null,"'KWIKBOIL' or other approved"]
[]
[null,"5 Litre white and stainless steel instant boiling Hydroboil (code 1977) installed in accordance with the manufacturer's installation instruction manual","No",{"v":11275,"d":"R11,275"},{"$f":"D2818*$E$5","v":{"v":11985.324999999999,"d":"R11,985"}}]
[]
[null,"PAINTWORK"]
[]
[null,"PREPARATION OF EXISTING SURFACES"]
[]
[null,"ON FLOATED PLASTER"]
[]
[null,"Prepare surfaces as per paint specification and apply one coat water based plaster primer and two coats water based low sheen paint"]
[]
[null,"On interior walls","m²",{"v":59.42,"d":"R59"},{"$f":"D2828*$E$5","v":{"v":63.16346,"d":"R63"}}]
[]
[null,"Prepare surfaces as per paint specification and apply one coat plaster primer moisture tolerant and two coats exterior premium acrylic paint"]
[]
[null,"On external walls","m²",{"v":61.54,"d":"R62"},{"$f":"D2832*$E$5","v":{"v":65.41702,"d":"R65"}}]
[]
[null,"Prepare surfaces as per paint specification and apply one coat water based plaster primer and two coats matt PVA paint"]
[]
[null,"On ceilings and beams","m²",{"v":59.42,"d":"R59"},{"$f":"D2836*$E$5","v":{"v":63.16346,"d":"R63"}}]
[]
[null,"PAINTWORK ETC TO NEW WORK"]
[]
[null,"ON BAGGED BRICKWORK / CONCRETE"]
[]
[null,"Prepare surfaces as per paint specification and apply one coat water based plaster primer and two coats water based low sheen paint for interior use"]
[]
[null,"On interior walls","m²",{"v":53.05,"d":"R53"},{"$f":"D2844*$E$5","v":{"v":56.392149999999994,"d":"R56"}}]
[]
[null,"ON INTERNAL FLOATED PLASTER SURFACES"]
[]
[null,"Prepare surfaces as per paint specification and apply one coat water based plaster primer and two coats water based low sheen paint for interior use"]
[]
[null,"On interior walls","m²",{"v":59.42,"d":"R59"},{"$f":"D2850*$E$5","v":{"v":63.16346,"d":"R63"}}]
[]
[null,"On soffits of slabs","m²",{"v":59.42,"d":"R59"},{"$f":"D2852*$E$5","v":{"v":63.16346,"d":"R63"}}]
[]
[null,"ON EXTERNAL FLOATED PLASTER SURFACES"]
[]
[null,"Prepare surfaces as per paint specification and apply one coat plaster primer moisture tolerant and two coats exterior premium acrylic paint for exterior use"]
[]
[null,"On external walls","m²",{"v":61.54,"d":"R62"},{"$f":"D2858*$E$5","v":{"v":65.41702,"d":"R65"}}]
[]
[null,"ON CEMENT SCREEDS"]
[]
[null,"Prepare surfaces as per manufacturers specification and apply \"Sika Curehard 24\"or similar approved clear coat dust-proofer and hardener, applied in strict accordance with manufactures specification and the architects specification document SF5 and SF6"]
[]
[null,"On floors and landings","m²",{"v":150,"d":"R150"},{"$f":"D2864*$E$5","v":{"v":159.45,"d":"R159"}}]
[]
[null,"ON PLASTERBOARD SURFACES"]
[]
[null,"Prepare surfaces as per paint specification and apply one coat water based plaster primer and two coats matt PVA interior paint"]
[]
[null,"Ceilings and bulkheads","m²",{"v":53.05,"d":"R53"},{"$f":"D2870*$E$5","v":{"v":56.392149999999994,"d":"R56"}}]
[]
[null,"On dry wall partitions","m²",{"v":53.05,"d":"R53"},{"$f":"D2872*$E$5","v":{"v":56.392149999999994,"d":"R56"}}]
[]
[null,"ON WOOD SURFACES"]
[]
[null,"Prepare surfaces as per paint specification and apply one coat wood primer, one coat universal undercoat and two coats gloss enamel paint"]
[]
[null,"Doors","m²",{"v":90,"d":"R90"},{"$f":"D2878*$E$5","v":{"v":95.67,"d":"R96"}}]
[]
[null,"Door frames, etc.","m²",{"v":90,"d":"R90"},{"$f":"D2880*$E$5","v":{"v":95.67,"d":"R96"}}]
[]
[null,"Skirtings, rails, etc. not exceeding 300mm girth","m",{"v":50,"d":"R50"},{"$f":"D2882*$E$5","v":{"v":53.15,"d":"R53"}}]
[]
[null,"ON METAL SURFACES"]
[]
[null,"Prepare surfaces as per paint specification and clean surface with galvanised iron clean and apply one coat galvanised iron primer, one coat universal undercoat and two coats high gloss enamel paint"]
[]
[null,"Door frames, etc.","m²",{"v":90,"d":"R90"},{"$f":"D2888*$E$5","v":{"v":95.67,"d":"R96"}}]
[]
[null,"On rails, bars, pipes, etc.","m²",{"v":90,"d":"R90"},{"$f":"D2890*$E$5","v":{"v":95.67,"d":"R96"}}]
[]
[null,"On roller shutter boxes","m²",{"v":90,"d":"R90"},{"$f":"D2892*$E$5","v":{"v":95.67,"d":"R96"}}]
[]
[null,"On rails, bars, pipes, etc. not exceeding 300mm girth","m",{"v":90,"d":"R90"},{"$f":"D2894*$E$5","v":{"v":95.67,"d":"R96"}}]
[]
[null,"On gates, grilles, burglar screens, balustrades, etc. (both sides measured over the full flat area)","m²",{"v":95,"d":"R95"},{"$f":"D2896*$E$5","v":{"v":100.985,"d":"R101"}}]

{"sheet":"Civil Rates","index":13,"n_rows":2164,"n_cols":5,"rows_kept":2164,"hidden":true,"merged":[[1,2,1,4],[2,1,3,1]]}
[]
[null,null,"BER Index"]
[null,{"$f":"'New Bldg Rates'!M4","v":"Reference 2021 Q4 Table 2 - BER Building Cost Index"},"Base Date","2019-03-01",{"v":115.3,"d":"115.30"}]
[null,null,"Current Date","2020-03-01",{"v":117.4,"d":"117.40"}]
[]
[null,"DESCRIPTION","UNIT","2019 RATE","2021 RATE"]
[]
[null,"CIVILS WORK"]
[]
[null,"Unless otherwise stated herein, all items in this bill shall be deemed to fall into Work Group No 154 for Haylett formula purposes"]
[]
[null,"SUPPLEMENTARY PREAMBLES"]
[]
[null,"General notes"]
[]
[null,"Note: The use of product names simply serves to indicate a standard acceptable to the Employer. Any other brand may be used with the prior written approval of the Principal Agent"]
[]
[null,"contractors are advised to price items in conjunction with the relevant drawings  contractor are to note that this portion of the works is measured and quantified as per SANS 1200"]
[]
[null,"SECTION : PRELIMINARY AND GENERAL"]
[]
[null,"FIXED-CHARGE ITEMS"]
[]
[" A","Contractual Requirements","SUM",null,{"v":53333255,"d":"53,333,255.00"}]
[]
[null,"Establish Facilities on the Site :"]
[]
[null,"a) Facilities for Engineer (SANS 1200 AB)"]
[]
[" B","Offices","SUM"]
[]
[null,"b) Facilities for Contractor"]
[]
[" C","Offices and storage containers","SUM"]
[]
[" D","Workshops","SUM"]
[]
[" E","Laboratories","SUM"]
[]
[" F","Ablution and latrine facilities","SUM"]
[]
[" G","Water supplies, electric power and communications","SUM"]
[]
[" H","Dealing with water (Sub-clause 5.5)","SUM"]
[]
[" J","Access to site offices (Sub-clause 5.8)","SUM"]
[]
[" K","Other fixed-charge obligations","SUM"]
[]
[" L","Remove Engineer's and Contractor's Site establishment on completion","SUM"]
[]
[" M","Comply with ACSA Health and Safety specification and permit application for the duration of the Contract.","SUM"]
[]
[" A","Comply with ACSA Environmental specification and permit application for the duration of the Contract.","SUM"]
[]
[" B","Allow access and co-ordinations between other Contractors during the Construction period.","SUM"]
[]
[null,"TIME-RELATED ITEMS"]
[]
[" C","Contractual Requirements","SUM"]
[]
[null,"Operate and maintain facilities on the Site:"]
[]
[null,"a) Facilities for Engineer for duration of construction (SANS 1200 AB)"]
[]
[" D","Offices","SUM"]
[]
[" E","Survey assistants and material","SUM"]
[]
[null,"b) Facilities for Contractor for duration of construction, except where otherwise stated"]
[]
[" F","Offices and storage sheds","SUM"]
[]
[" G","Workshops","SUM"]
[]
[" H","Laboratories","SUM"]
[]
[" J","Ablution and latrine facilities","SUM"]
[]
[" K","Water supplies, electric power and communications","SUM"]
[]
[" L","Dealing with water (Sub-clause 5.5)","SUM"]
[]
[" M","Access (Sub-clause 5.8)","SUM"]
[]
[" N","Supervision for the duration of the contract","SUM"]
[]
[" A","Company and head office overhead costs","SUM"]
[]
[" B","Other time-related obligations","SUM"]
[]
[" C","Comply with ACSA Health and Safety specification and permit application for the duration of the Contract.","SUM"]
[]
[" D","Comply with ACSA Environmental specification and permit application for the duration of the Contract.","SUM"]
[]
[" E","Allow access and co-ordinations between other Contractors during the Construction period.","SUM"]
[]
[null,"GENERAL"]
[]
[" F","Service Level Agreement between the Contractor and Client for the duration of the defects liability period for the stormwater reticulation network, pumps and related infrastructure.  The sum will include for the contractor(s) responsibility to repair for any burst, non working of items and replacement during the retention period after practical completion. The SLA agreement shall include a 45 minutes response time to ACSA help-desk and call-out. All defects, faulty pumps or bursts shall be resolved within 4 hours, day or night.","Day"]
[]
[" A","Service Level Agreement between the Contractor and Client for the duration of the defects liability period for the sewer reticulation network, pumps and related infrastructure.  The sum will include for the contractor(s) responsibility to repair for any burst, non working of items and replacement during the retention period after practical completion. The SLA agreement shall include a 45 minutes response time to ACSA help-desk and call-out. All defects, faulty pumps or bursts shall be resolved within 4 hours, day or night.","Day"]
[]
[" B","Service Level Agreement between the Contractor and Client for the duration of the defects liability period for the water reticulation network, pumps and related infrastructure.  The sum will include for the contractor(s) responsibility to repair for any burst, non working of items and replacement during the retention period after practical completion. The SLA agreement shall include a 45 minutes response time to ACSA help-desk and call-out. All defects, faulty pumps or bursts shall be resolved within 4 hours, day or night.","Day"]
[]
[null,"The above items rate shall include as a minimum of a Supervisor, two skilled workers and two unskilled workers.  The amount will only be paid if the contractor can prove with record keeping of attending to the problem area.  The amount will not cover, normal obligation of the Contractor under the defects liability period i.e. failure of the system due to defects by means of installation and/or non SANS approved products. Defects will still be for the Contractor's account to replace or repair at no costs to the Client."]
[]
[null,"For work to be done by Contractor:"]
[]
[" A","a) Supply and install 2No 10l/s @ 20m head vortex type sump pump.","SUM"]
[]
[null,"For work to be done by a nominated sub-contractor (or the Employer)"]
[]
[" B","a) Electricity installation (nominated sub-contractor)","Item",null," "]
[]
[" C","b) Overheads, charges and profit on above item.","%IT",null,{"v":0,"d":"0.00"}]
[]
[null,"Land Survey Act"]
[]
[" D","Provide access for the Engineer to a qualified surveyor on site for the duration of the contract as ordered by the Engineer.  The item shall exclude any surveying required by the Contractor.","Day"]
[]
[null,"GENERAL"]
[]
[null,"DAY WORKS"]
[]
[null,"Note: All Labour and plant Rates to include Mark-up"]
[]
[null,"LABOUR"]
[]
[" E","a) Site foreman","Hrs"]
[]
[" F","b) Surveyor and assistants","Hrs"]
[]
[" G","c) Operator","Hrs"]
[]
[" H","d) Gang Boss","Hrs"]
[]
[" J","e) Skilled labourer","Hrs"]
[]
[" K","f) Unskilled labourer","Hrs"]
[]
[null,"PLANT"]
[]
[null,"(contractor to fill in Model particulars, type, size, kW, etc.)"]
[]
[" A","a) Bulldozer Model:","Hrs"]
[]
[" B","b) Grader Model:","Hrs"]
[]
[" C","c) Digger/ Loader Model:","Hrs"]
[]
[" D","d) Excavator Model:","Hrs"]
[]
[" E","e) Front end loader Model:","Hrs"]
[]
[" F","f) Roller (vib - self propelled) Model:","Hrs"]
[]
[" G","g) Roller (vib. - hand operated) Model:","Hrs"]
[]
[" H","h) Roller (pneumatic) Model:","Hrs"]
[]
[" J","i) Tip truck (10 m3) Model:","Hrs"]
[]
[" K","j) Truck - flat bed Model:","Hrs"]
[]
[" L","k) Water cart Model:","Hrs"]
[]
[" M","l) Pump (100 mm) Model:","Hrs"]
[]
[" N","m) Concrete mixer Model:","Hrs"]
[]
[" P","n) Bakkie Model:","Hrs"]
[]
[null,"SECTION : SITE CLEARANCE"]
[]
[null,"CLEAR SITE"]
[]
[" A","Clear Site including kerbs up to 200mm height, broken paver's up to 150mm thick and asphalt up to 60mm thick and dispose of at an approved dump-site including transport up to Vissershok. Contractor to provide delivery slips for proof of dumping at the approved dump-site.","m³"]
[]
[" B","Clear Site including concrete demolishing up to 700 mm thick and dispose of at an approved dump-site include transport up to Vissershok.  Contractor to provide delivery slips for proof of dumping at the approved dump-site.","m³"]
[]
[" C","Clear Site including concrete and clay brick paver's up to 150 mm thick, stockpile unbroken paver's and maintain. Spoil broken paver's at an approved dump-site.","m²"]
[]
[" D","Excavate and clear temporary access ramp filling on completion and dispose of at an approved dump-site including transport up to Vissershok. Contractor to provide delivery slips for proof of dumping at the approved dump-site.","m³"]
[]
[null,"DISMANTLE, REMOVE AND DISPOSE"]
[]
[" E","Dismantle and remove fire and potable water pipelines up to 400 mm diameter not encased in concrete and dispose of at an approved dump-site including transport up to Vissershok. Contractor to provide delivery slips for proof of dumping at the approved dump-site.","m"]
[]
[" A","Dismantle and remove electricity transmission lines up to 11KV not encased in concrete and dispose of at an approved dump-site including transport up to Vissershok. Contractor to provide delivery slips for proof of dumping at the approved dump-site.(Provisional)","m"]
[]
[" B","Reusable cables to be stockpiled and maintained within the CTIA boundary or stores.","m"]
[]
[" C","Dismantle and remove uPVC and HDPE sleeves up to 250mm diameter not encased in concrete and dispose of at an approved dump-site including transport up to Vissershok. Contractor to provide delivery slips for proof of dumping at the approved dump-site.","m"]
[]
[" D","Dismantle and remove pipelines encased in concrete up to 0.5m2 sectional area.","m"]
[]
[" E","Demolish and remove reinforced concrete structures and or buildings with steel and dispose of at an approved dump-site including transport up to Vissershok. Contractor to provide delivery slips for proof of dumping at the approved dump-site.","m³"]
[]
[" F","Dismantle structural steelwork, etc. and dispose of at an approved dump-site including transport up to Vissershok. Contractor to provide delivery slips for proof of dumping at the approved dump-site","t"]
[]
[" G","Cart unsuitable materials and debris from stockpile to Visserhok and dump as ordered by the Engineer (provisional). The rate shall include excavating, loading, double handling, haulage and limited haulage.","m3.km"]
[]
[null,"MILLING"]
[]
[" A","Milling of Asphalt 40mm to 100mm thick and dispose of at an approved dump-site including transport up to Vissershok. Contractor to provide delivery slips for proof of dumping at a approved dump-site","m²"]
[]
[" B","Milling of Asphalt 20mm to 60mm thick and dispose of at an approved dump-site including transport up to Vissershok. Contractor to provide delivery slips for proof of dumping at a approved dump-site","m²"]
[]
[null,"FIXTURES"]
[]
[" C","Take out existing kerbs, excavate carefully, lift, recover, stockpile and maintain.","m"]
[]
[" D","Take out existing bollards up to 1m in diameter excavate carefully, lift, recover, stockpile and maintain.","No"]
[]
[null,"EXISTING IN-SITU MATERIAL"]
[]
[" E","Excavate G3 material for reuse, stockpile and maintain.","m³"]
[]
[" F","Excavate G4 material for reuse, stockpile and maintain.","m³"]
[]
[" G","Excavate G5 material for reuse, stockpile and maintain.","m³"]
[]
[" H","Excavate G6 material for reuse, stockpile and maintain.","m³"]
[]
[" J","Excavate G7 material for reuse, stockpile and maintain.","m³"]
[]
[null,"SAW CUT"]
[]
[" K","Saw cut asphalt to thickness of up to 100mm.","m"]
[]
[" A","Saw cut concrete with thickness of up to 200mm.","m"]
[]
[" B","Saw cut concrete with thickness over 200mm.","m"]
[]
[" C","Saw cut paver's with thickness of up to 150mm.","m"]
[]
[" D","Saw cut paver's with thickness over 150mm.","m"]
[]
[null,"EXISTING SERVICES"]
[]
[" E","Temporary protection of existing fire and potable water infrastructure up to 450mm in diameter by means of vertical installed, crossed braced, 2600mm x 76mm x 228mm, H4 treated timber. The rate shall include handle, cut to size timber, reuse, install and periodically inspections as required by the Construction regulation 2014 for shoring. This item will be used for all temporary protection of existing water services encountered on site during the construction stage.","m²"]
[]
[" F","Permanent protection of existing fire and potable water infrastructure up to 450mm in diameter by means of mass concrete class 25/19. The rate shall include handle, lay, install and periodically inspections as required by the Construction regulation 2014 for protection. This item will be used for all permanent protection of existing water services encountered on site during the construction stage.","m³"]
[]
[" A","Temporary protection of existing electrical infrastructure up to 11kV by means of vertical installed, crossed braced, 2600mm x 76mm x 228mm, H4 treated timber. The rate shall include handle, cut to size timber, reuse, install and periodically inspections as required by the Construction regulation 2014 for shoring. This item will be used for all temporary protection of existing electrical services encountered on site during the construction stage.","m²"]
[]
[" B","Permanent protection of existing electrical infrastructure up to 11kV by means of mass concrete class 25/19. The rate shall include handle, lay, install and periodically inspections as required by the Construction regulation 2014 for protection. This item will be used for all permanent protection of existing electrical services encountered on site during the construction stage.","m³"]
[]
[" C","Supply of specialist ground penetrating scan/radar (GPR) equipment for the detection of underground services within the construction areas.  Penetration scan to detect services to a depth of 3m maximum.  The as-built information must be indicated on a drawing with at least x,y,z  notation and submitted to the Engineer for approval.","m²"]
[]
[" D","Excavate by hand in all materials to expose existing service as identified above or where ordered by the Engineer. This item excludes items as listed in the Bill of Quantities and any obligations as required by the Contractor and Construction Regulation 2014 that the Contractor must adhered to.","m³"]
[]
[" A","Dismantle existing pedestrian culvert structure and dispose of at a approved dump site or stockpile for re use.","m"]
[]
[null,"SECTION : EARTHWORKS (GENERAL AND SERVICES TUNNEL EXTENSION)"]
[]
[null,"SITE CLEARANCE"]
[]
[" A","Clear Site including paving, kerbs and asphalt up to 150mm thick and dispose of at an approved dump-site include transport up to Vissershok. Contractor to provide delivery slips for proof of dumping at the approved dump-site.","m²"]
[]
[" B","Clear Site including in-situ reinforced concrete demolishing up to 500 mm thick and dispose of at an approved dump-site include transport up to Vissershok.  Contractor to provide delivery slips for proof of dumping at the approved dump-site.","m³"]
[]
[null,"DISMANTLE, REMOVE AND REUSE"]
[]
[" C","Clear concrete and clay brick paver's up to 150 mm thick, stockpile unbroken paver's, maintain and reuse.","m²"]
[]
[" D","Dismantle and remove fire and potable water pipelines up to 400 mm diameter not encased in concrete and dispose of at an approved dump-site including transport up to Vissershok. Contractor to provide delivery slips for proof of dumping at the approved dump-site.","m"]
[]
[" E","Dismantle and remove uPVC and HDPE sleeves up to 250mm diameter not encased in concrete and dispose of at an approved dump-site including transport up to Vissershok. Contractor to provide delivery slips for proof of dumping at the approved dump-site.","m"]
[]
[null,"EARTHWORKS"]
[]
[null,"EXCAVATION"]
[]
[null,"Excavate in materials to level required amsl including layerworks in restricted confined areas and dispose of at Vissershok for the following:"]
[]
[" A","In stages 2 to 4 to reach each amsl level for basement and ramp excavation.","m³"]
[]
[" B","Up to the required amsl level for extension to services tunnel, basement and ramp.","m³"]
[]
[null,"Extra-over items for excavation in:"]
[]
[" C","Intermediate material","m³"]
[]
[" D","Hard rock material","m³"]
[]
[" E","Cart unsuitable materials and debris from stockpile or excavation operation to Visserhok (45km radius) and dump as ordered by the Engineer (provisional). The rate shall include double handling, haulage and limited haulage.","m3.km"]
[]
[null,"CARRY OUT TOPOGRAPHIC SURVEY OF SITE"]
[]
[null,"After the completion of the ramp and basement excavation to the required amsl, the Contractor shall carry out an As-built coordinated survey on the completed platform footprint based on the following minimum requirements: i.) Spot shots shall be taken on all platform edges, platform corners and at 5.0m grid intervals. ii.) Levels shall be taken at the start and end of all cuts and embankments. iii.) Levels shall be taken at the top and bottom of all cuts and embankments. iv.) Breaklines and triangles The As-builts shall be submitted to the Engineer in hard and soft copies ('rvt', 'dgn', 'dxf', 'dwg', and 'PDF' formats."]
[]
[" A","After completion of ramp, basement, platform and embankment excavation to the required amsl level.","m²"]
[]
[" B","Remove topsoil to nominal depth 150mm, stockpile and maintain.","m³"]
[]
[null,"Excavate in materials including layerworks in restricted confined areas and stockpile and remove from site to Vissershok, haulage included  for the following:"]
[]
[" C","Services corridor culvert/tunnel excavation","m³"]
[]
[null,"Extra-over items for excavation in:"]
[]
[" A","Intermediate material","m³"]
[]
[" B","Hard rock material","m³"]
[]
[null,"Excavate for founds in all materials and dispose of at Vissershok (45km radius) haulage included :"]
[]
[" C","Services corridor culvert/tunnel","m³"]
[]
[null,"Extra-over above items for excavation in:"]
[]
[" D","Intermediate material","m³"]
[]
[" E","Hard rock material","m³"]
[]
[" F","Extra excavation in all materials to provide working space for outside form-work","m³"]
[]
[null,"IMPORT MATERIAL"]
[]
[" G","G5 quality to complete backfilling for services culvert/tunnel from stockpile, handle, lay and compact to 98%IT Mod AASHTO. Contractor to allow in his rate testing for quality of material.","m³"]
[]
[" H","G5 quality to complete backfilling for ramp, structures and services culvert from importation from approved commercial sources, stockpile, handle, lay and compact to 98%IT Mod AASHTO. Contractor to include in his rate for testing of the quality of material off site.","m³"]
[]
[" J","Extra-over for backfill or fill material against structures.","m³"]
[]
[null,"BACKFILLING"]
[]
[null,"The rate shall include the loading of backfill materials within a 8km radius from temporary stockpiles, conveyance of the material to the areas to be backfilled, processing, watering, compaction to 93%IT Mod AASHTO, final grading, complying with the tolerances, and testing."]
[]
[" A","Backfilling with imported G5 material within areas where any underground structures of the Terminal 2 building and its ancillaries (foundations, basement and tunnels, etc.) have left open excavations below the required amsl level.","m³"]
[]
[null,"IMPORT MATERIAL"]
[]
[" B","Supply, handle, import and place 53mm even graded stone quality material to below finished floor level amsl to basement, 300mm thick, rate to include processing, import, placement, stockpiling, watering, compaction to required Mod AASHTO, final grading, complying with the tolerances, and testing.","m³"]
[]
[" C","Supply, handle, import and backfill between external foundations between lateral support wall and existing, T1, CTB and Skybridge with G7 quality material compacted to 93%IT in layers of 150mm.","m³"]
[]
[" D","Supply, handle, import and place evenly graded 50mm thick sand below surface bed. The rate shall include processing, placement, stockpiling, watering, compaction to required Mod AASHTO, final grading, complying with the tolerances, and testing.","m³"]
[]
[" A","Supply, handle, import and install non woven continuous filament needle punched polyester geotextile grade A5 above even smooth blinding concrete layer.","m²"]
[]
[null,"EARTHWORKS (ROADS, SUBGRADE)"]
[]
[null,"TREATMENT OF ROAD-BED (WORKING PLATFORM)"]
[]
[" B","In-place treatment of platform in soft/intermediate material by compacting to 93%IT Mod AASHTO. Rate to include 300mm scarifying, watering, shaping, compacting to the indicated density and all associated testing. (Provisional)","m³"]
[]
[null,"ACCOMMODATION OF TRAFFIC AND PEDESTRIANS"]
[]
[" C","Contractors provision for deviation of traffic during the contractors excavation and construction period and program as required by the Construction Regulations of 2014.","SUM"]
[]
[" D","Contractors provision of pedestrian bypass and accommodation of people movement as required by the contractors construction activities and program as required by the Construction Regulations of 2014.","SUM"]
[]
[null,"SECTION : WATER MAINS"]
[]
[null,"PIPE TRENCHES"]
[]
[null,"EXCAVATION"]
[]
[null,"Excavate in all materials including layerworks for trenches backfill, compact and dispose of surplus/unsuitable material to Squadron 35 on air-side, including transport up to 8 km radius, for pipes up to 100 mm diameter for total trench depth:"]
[]
[" A","Exceeding 0,0 m but not exceeding 1,0 m","m"]
[]
[" B","Exceeding 1,0 m but not exceeding 2,0 m","m"]
[]
[null,"Excavate in all materials including layerworks for trenches backfill, compact, and dispose of surplus/unsuitable material to Squadron 35 on air-side, including transport up to 8km radius, for pipes over 100 mm diameter up to 300mm diameter for total trench depth:"]
[]
[" C","Exceeding 0,0 m but not exceeding 1,0 m","m"]
[]
[" D","Exceeding 1,0 m but not exceeding 2,0 m","m"]
[]
[null,"Excavate in all materials including layerworks for trenches backfill, compact, and dispose of surplus/unsuitable material to Squadron 35 on air-side, including transport up to 8km radius, for pipes over 300 mm up to 600 mm  diameter for total trench depth:"]
[]
[" A","Exceeding 1,0 m but not exceeding 2,0 m","m"]
[]
[null,"Extra-over items above for (provisional):"]
[]
[" B","Intermediate excavation","m³"]
[]
[" C","Hard rock excavation","m³"]
[]
[" D","Excavate and dispose of unsuitable material from trench bottom and dispose of (Provisional)","m³"]
[]
[null,"EXCAVATION ANCILLARIES"]
[]
[null,"Make up deficiency in backfill material (Provisional):"]
[]
[" E","from other necessary excavations on site","m³"]
[]
[" F","by importation from commercial or off-site sources selected by the Contractor a G7 sand.","m³"]
[]
[" G","Compaction in road reserves above fill material in trench.","m³"]
[]
[null,"Shore trench with 2600 mm x 76 mm x 228 mm, H4 structural treated timber including cross bracing for a depth up to 2.5m."]
[]
[" H","Next to P1, P2 and T1 buildings for water and fire main excavation.","m²"]
[]
[" J","Next to IT, electrical, water, stormwater and fire infrastructure for water and fire main excavation.","m²"]
[]
[null,"Control water inflow from stormwater, sewer, water and fire main trenches:"]
[]
[" A","Provide and install equipment of for a pump delivering up to 20l/s @20m head in sump.","No"]
[]
[" B","Operate and maintain for the duration of the de-watering operation.","Day"]
[]
[" C","Remove equipment","SUM"]
[]
[null,"EXISTING SERVICES"]
[]
[null,"Services across and in trenches:"]
[]
[" D","Supply of specialist equipment for the detection of a particular service by ground penetrating scan/radar (GPR) equipment for the detection of underground services as ordered by the Engineer.  Contractor to allow for scanning and surveying of points by means of a x,y,z and provide the results to the Engineer.","SUM"]
[]
[" E","The use of GPR equipment in above item.","Day"]
[]
[" F","Excavate by hand in soft material to expose scanned services where ordered by the Engineer.","m³"]
[]
[null,"Dealing with services:"]
[]
[" A","Permanent protection with 25MPa concrete of IT and electrical services (multiple places).","m³"]
[]
[" B","Temporary protection with 2 600mmx76mm x 228mm,H4 treated timber of IT and electrical services (multiple places).","m²"]
[]
[null,"Services that intersect a trench"]
[]
[" C","Cables up to 11KV up to 15No in a cluster.","No"]
[]
[" D","Water mains up to 400 mm diameter.","No"]
[]
[" E","Stormwater pipes up to 1200 mm diameter.","No"]
[]
[null,"Services that adjoin a trench. Measurement is based on if multiple services are encountered, the measured service\\s are group as a cluster and measured as a linear single line and not separate:"]
[]
[" F","Cables up to 11KV up to 20No in a cluster.","m"]
[]
[" G","Sewer, fire and water mains up to 400 mm in diameter.","m"]
[]
[" H","Stormwater pipes up to 1200 mm in diameter.","m"]
[]
[null,"FINISHINGS"]
[]
[null,"Reinstate road surfaces:"]
[]
[" J","a) Complete with all courses except surfacing at P2/P1 cold storage area/zones with limited space.(G5 150mm, G3 150mm, C4 150mm)","m²"]
[]
[" A","b) G5 quality gravel surface 150mm.","m³"]
[]
[" B","c) Asphalt 40 mm thick on roadway and side walks with limited space.","m²"]
[]
[null,"PROVISION OF BEDDING"]
[]
[null,"Available from trench within construction zone (Sub-clause 3.4.1)"]
[]
[" A","a) Selected granular material","m³"]
[]
[" B","b) Selected fill material","m³"]
[]
[null,"Imported from:"]
[]
[null,"c) Commercial sources (Provisional)"]
[]
[" C","1) Selected granular material","m³"]
[]
[" D","2) Selected fill material","m³"]
[]
[" E","Concrete bedding (Provisional)","m³"]
[]
[null,"PIPELINE"]
[]
[null,"Supply stainless steel pipe grade 316L with T16 flanges, epoxy coated (FBE) or similar approved.  Rates to include supply, handle, lay, join with stainless steel bolts and gasket (EPDM) or similar approved, test and disinfect."]
[]
[" F","300 mm diameter nominal bore.","m"]
[]
[" G","150 mm diameter nominal bore.","m"]
[]
[" H","100 mm diameter nominal bore.","m"]
[]
[" J","Extra over for above pipeline items up to 300mm to be installed within basement area on soffit including design and supply of hangers and supports at 1m centres with carrying capacity of the pipe kg/m as minimum.","m"]
[]
[" A","Extra over for above pipeline items up to 150mm to be installed within basement area on soffit including design and supply of hangers and supports at 1m centres with carrying capacity of the pipe kg/m as minimum.","m"]
[]
[null,"Supply stainless steel pipe grade 316L with welded connections, epoxy coated (FBE) or similar approved.  Rates to include supply, handle, lay, join with stainless steel bolts and gasket (EPDM) or similar approved, test and disinfect."]
[]
[" B","300 mm diameter nominal bore.","m"]
[]
[" C","150 mm diameter nominal bore.","m"]
[]
[" D","100 mm diameter nominal bore.","m"]
[]
[" E","Extra over for above pipeline items up to 300mm to be installed within basement area on soffit including design and supply of hangers and supports at 1m centres with carrying capacity of the pipe kg/m as minimum.","m"]
[]
[" F","Extra over for above pipeline items up to 150mm to be installed within basement area on soffit including design and supply of hangers and supports at 1m centres with carrying capacity of the pipe kg/m as minimum.","m"]
[]
[null,"HDPE PE 100 PN 16 SDR 11 pipes. Rate to include supply, handle, lay, bed, join by means of butt-welding, test and disinfect."]
[]
[" G","355 mm diameter.","m"]
[]
[" H","250 mm diameter.","m"]
[]
[" A","160 mm diameter.","m"]
[]
[" B","Extra over for 355 mm diameter for the installation within basement on soffit including design and supply of hangers and supports at 1m centres.","m"]
[]
[" C","Extra over for up to 250mm diameter pipes for the installation on soffit of the basement including design and supply hangers at 1m centres. Rate to include access to soffit of basement from floor level by means of scaffolding and will depend on the contractors installation pace of the pipe.","m"]
[]
[" D","Extra-over for laying pipes through sleeve pipes.","m"]
[]
[null,"uPVC Class 16 pipes. Rate to include supply, handle, lay, bed, test and disinfect."]
[]
[" E","355 mm diameter.","m"]
[]
[" F","250 mm diameter.","m"]
[]
[" G","160 mm diameter.","m"]
[]
[null,"Special wrapping in corrosive soil with denso type mastic wrap or similar approved:"]
[]
[" H","For steel pipes up to 150 mm nominal bore.","m"]
[]
[null,"DISINFECT PIPELINES"]
[]
[" J","uPVC pipeline","SUM"]
[]
[" K","Steel pipeline","SUM"]
[]
[null,"SPECIALS AND FITTINGS"]
[]
[null,"Supply, lay, bed, hang,  join, including cut pipes to length and hangers where required, test and disinfect:"]
[]
[null,"Stainless steel grade 316L T16 flanged pipe fittings with casket and stainless steel bolts:"]
[]
[" A","300 mm diameter 45 deg.","No"]
[]
[" B","300 mm diameter 90 deg.","No"]
[]
[" C","250 mm diameter 45 deg.","No"]
[]
[" D","250 mm diameter 45 deg.","No"]
[]
[" E","150 mm diameter 45 deg.","No"]
[]
[" F","150 mm diameter 0 to up to 35 deg.","No"]
[]
[" G","100 mm diameter 90 deg.","No"]
[]
[" H","100 mm diameter 45 deg.","No"]
[]
[" J","100 mm diameter 0 to up to 35 deg.","No"]
[]
[" K","300 mm diameter equal tee.","No"]
[]
[" L","250 mm diameter equal tee.","No"]
[]
[" M","150 mm diameter equal tee.","No"]
[]
[" N","100 mm diameter equal tee","No"]
[]
[" P","350 mm diameter flanged adaptor.","No"]
[]
[" Q","250 mm diameter flanged adaptor.","No"]
[]
[" R","150 mm diameter flanged adaptor.","No"]
[]
[null,"Cast Iron FBE coated socketed PN 16 fittings:"]
[]
[" S","350 mm diameter 45 deg.","No"]
[]
[" A","350 mm diameter 90 deg.","No"]
[]
[" B","250 mm diameter 45 deg.","No"]
[]
[" C","150 mm diameter 90 deg.","No"]
[]
[null,"Cast Iron FBE coated flanged socketed Tees PN 16"]
[]
[" D","355mm x 355mm x 355mm","No"]
[]
[" E","160mm x 160mm x 160mm","No"]
[]
[null,"HDPE Butt-welded fittings PN 16 SDR 11:"]
[]
[" F","355 mm diameter 45 deg.","No"]
[]
[" G","355 mm diameter 90 deg.","No"]
[]
[" H","250 mm diameter 45 deg.","No"]
[]
[" J","160 mm diameter 90 deg.","No"]
[]
[" K","160 mm diameter 40 deg.","No"]
[]
[" L","355mm x 355mm x 355mm Tee.","No"]
[]
[" M","110mm x 110mm x 110mm Tee.","No"]
[]
[" N","160mm x 110mm x 160mm Tee.","No"]
[]
[" P","160mm x 100mm Reducer.","No"]
[]
[" Q","355mm x 160mm Reducer.","No"]
[]
[" R","250mm flanged adaptor T16.","No"]
[]
[" S","250mm flanged adaptor T16.","No"]
[]
[" T","355mm flanged adaptor T16.","No"]
[]
[null,"VALVES"]
[]
[null,"Supply, handle, lay in valve box or install on concrete support, joint, including cutting pipes where necessary and test."]
[]
[null,"T16 Flanged butterfly type isolating valves including EPDM gasket and stainless steel bolts."]
[]
[" A","350 mm diameter (NB).","No"]
[]
[" B","300 mm diameter (NB).","No"]
[]
[" C","100 mm diameter (NB).","No"]
[]
[" D","100 mm diameter double acting vent-o-mat or similar approved air-valve to PN 16.","No"]
[]
[" E","50 mm diameter double acting vent-o-mat or similar approved air-valve to PN 16.","No"]
[]
[null,"ANCILLARIES"]
[]
[null,"Anchor, Thrust blocks and pedestals"]
[]
[" A","Concrete Class 25/19","m³"]
[]
[null,"VALVE CHAMBERS AND MANHOLES:"]
[]
[" B","Valve chamber for depth up to 1.5m deep including Ductile heavy duty cover and frame to EN 124 D400.  Rate to include double brick wall, brickforce on each layer with 600 mm x 600 mm internal dimension.","No"]
[]
[" C","Air valve chamber for depth up to 1.5m deep including Ductile heavy duty cover and frame to EN 124 D400.  Rate to include double brick wall, brickforce on each layer with 600mm x 600mm internal dimension.","No"]
[]
[null,"SECTION : CABLE DUCTS"]
[]
[null,"PIPE TRENCHES"]
[]
[null,"EXCAVATION"]
[]
[null,"Excavate in all materials, including in layerworks for trenches backfill, compact, and dispose of surplus/unsuitable material, for ducts up to 110mm in a bundle of up to 6No for total trench depth: (All rates to include dispose of unsuitable material to a registered dump-site including haulage.)"]
[]
[" A","Exceeding 0,0 m but not exceeding 1,0 m","m"]
[]
[null,"Excavate in all materials including in layerworks for trenches backfill, compact, and dispose of surplus/unsuitable material, for ducts over 110mm up to 200mm in a bundle of up to 6No for total trench depth:"]
[]
[" B","Exceeding 0,0 m but not exceeding 1,5 m","m"]
[]
[null,"Extra-over above items for (provisional):"]
[]
[" C","Intermediate excavation","m³"]
[]
[" D","Hard rock excavation","m³"]
[]
[" E","Excavate and dispose of unsuitable material to a registered dump-site including haulage from trench bottom (Provisional)","m³"]
[]
[null,"EXCAVATION ANCILLARIES"]
[]
[null,"SAW CUT"]
[]
[" A","Saw cut asphalt to thickness of up to 100mm.","m"]
[]
[" B","Saw cut concrete with thickness of up to 200mm.","m"]
[]
[" C","Saw cut concrete with thickness over 200mm.","m"]
[]
[" D","Saw cut paver's with thickness of up to 150mm.","m"]
[]
[" E","Saw cut paver's with thickness over 150mm.","m"]
[]
[null,"Make up deficiency in backfill material (Provisional)"]
[]
[" F","by importation from commercial or off-site sources selected by the Contractor","m³"]
[]
[" G","Compaction in road reserves including aprons","m³"]
[]
[null,"PROVISION OF BEDDING"]
[]
[null,"Imported from"]
[]
[null,"c) Commercial sources (Provisional)"]
[]
[" H","1) Selected granular material","m³"]
[]
[" J","2) Selected fill material","m³"]
[]
[" K","Concrete class 15/19 bedding (Provisional)","m³"]
[]
[null,"Supply, handle, lay, bed and prove ducts including draw wire for the following sizes (Provisional):"]
[]
[" A","up to 160 mm diam. uPVC pipes","m"]
[]
[null,"Supply, handle, lay on cable trays, butt-weld or join and prove ducts including draw wire for the following sizes (Provisional):"]
[]
[" B","50 mm diameter HDPE duct pipe for optical fibre installation in services culvert on Cable trays as per ACSA standards.","m"]
[]
[" C","110 mm diameter HDPE duct pipe for optical fibre installation in services culvert on Cable trays as per ACSA standards.","m"]
[]
[" D","160 mm diameter HDPE duct pipe for optical fibre installation in services culvert on Cable trays as per ACSA standards.","m"]
[]
[null,"Extra over for the supply and installation of sub ducts within above duct pipe including connections. Internal fibre cable measured elsewhere and not under the Civil BoQ:"]
[]
[" E","3 No x 32 mm diameter HDPE sub-duct with smooth silicone interior inside 110mm or 160mm.","m"]
[]
[" F","40 mm diameter HDPE sub-duct with smooth silicone interior.","m"]
[]
[" G","50 mm diameter HDPE sub-duct with smooth silicone interior.","m"]
[]
[" H","4-way Bundled Micro-duct with 4 No x 18mm Micro-duct.","m"]
[]
[" A","12-way Bundled Micro-duct with 12 No x 8mm Micro-duct.","m"]
[]
[null,"CABLE TRAYS"]
[]
[" B","Supply, handle, join, splice, hang and install 600mm x 60mm heavy duty cable tray with a support weight of 120kg/m within the services culvert. Hot dipped galvanised before fabrication. Zinc electroplated after fabrication. Non water retention. U-shaped with equal height side walls. Punched hole pattern that accepts tray attachment hardware. All cable trays must be earthed. Supports attached to soffit of services culvert, walls or floors. No sharp edging ×¢â‚¬â€œ polishing required where applicable.","m"]
[]
[" C","Supply, handle, join, splice, hang and install 400mm x 60mm heavy duty cable tray with a support weight of 100kg/m within the services culvert. Hot dipped galvanised before fabrication. Zinc electroplated after fabrication. Non water retention. U-shaped with equal height side walls. Punched hole pattern that accepts tray attachment hardware. All cable trays must be earthed. Supports attached to soffit of services culvert, walls or floors. No sharp edging ×¢â‚¬â€œ polishing required where applicable.","m"]
[]
[" D","Design, handle and install hangers for 3No layered/stacked 600mm cable trays for a total height of 2650mm at 1m centres. Hangers to support a weight of at least 360kg/m.","No"]
[]
[" E","Design, handle and install hangers for up to 3No layered/stacked 400mm cable trays for a total height of 2650mm at 1m centres. Hangers to support a weight of at least 300kg/m.","No"]
[]
[null,"MANHOLES COMPLETE"]
[]
[" A","Double brick manhole 2000mm high with 600mm x 600mm inner clearance, 150mm 30MPA concrete base, bag washed and water proved with xypex or similar approved.","No"]
[]
[" B","1200 mm diameter concrete ring type manhole, water proved joints inside and outside on 1300mm x 1300mm  x 100mm 30MPa concrete base. Cover and frame measured elsewhere.","No"]
[]
[" C","Heavy duty, round with a 600mm clear opening ductile iron cover and frame, lockable Class D400 to EN 124 specification or similar approved.","No"]
[]
[null,"CABLE PROTECTION"]
[]
[" D","Pre-cast concrete cable cover slabs 1000mm x 250mm x 80mm to all in ground cable ducts or electrical services.","m"]
[]
[null,"SECTION : SEWERS"]
[]
[null,"PIPE TRENCHES"]
[]
[null,"EXCAVATION"]
[]
[null,"Excavate in all materials including layerworks for trenches backfill, compact and dispose of surplus/unsuitable material to Vissershok, including transport up to 45km radius, for pipes up to 160 mm diameter for total trench depth:"]
[]
[" A","Exceeding 0,0 m but not exceeding 1,0 m","m"]
[]
[" B","Exceeding 1,0 m but not exceeding 2,0 m","m"]
[]
[null,"Extra-over items above for (provisional):"]
[]
[" C","Intermediate excavation","m³"]
[]
[" D","Hard rock excavation","m³"]
[]
[" E","Excavate and dispose of unsuitable material from trench bottom and dispose of (Provisional)","m³"]
[]
[null,"EXCAVATION ANCILLARIES"]
[]
[null,"Make up deficiency in backfill material (Provisional)"]
[]
[" F","from other necessary excavations on site","m³"]
[]
[" G","by importation from commercial or off-site sources selected by the Contractor a G7 sand.","m³"]
[]
[" A","Compaction in road reserves above fill material in trench.","m³"]
[]
[null,"Shore trench with 2600 mm x 228 mm x 76 mm, H4 structural treated timber including cross bracing and to a depth of 2.5m."]
[]
[" B","Next to P1, P2 and T1 buildings for water and fire main excavation.","m²"]
[]
[" C","Next to IT, electrical, water, stormwater and fire infrastructure for water and fire main excavation.","m²"]
[]
[null,"EXISTING SERVICES"]
[]
[null,"Services across and in trenches:"]
[]
[null,"Location:"]
[]
[" D","Supply of specialist equipment for the detection of a particular service by ground penetrating scan equipment for the detection of underground services as ordered by the Engineer.  Contractor to allow for scanning and surveying of points by means of a x,y.z and provide the results to the Engineer.","SUM"]
[]
[" E","The use of equipment in above item.","Day"]
[]
[" F","Excavate by hand in soft material to expose scanned services where ordered by the Engineer.","m³"]
[]
[null,"Dealing with services:"]
[]
[" A","Permanent protection with 15MPa concrete of IT and electrical services (multiple places).","m³"]
[]
[null,"Services that intersect a trench"]
[]
[" B","Cables up to 11KV up to 15No in a cluster.","No"]
[]
[" C","Water mains up to 400 mm diameter.","No"]
[]
[" D","Stormwater pipes up to 1200 mm diameter.","No"]
[]
[null,"Services that adjoin a trench. Measurement is based on if multiple services are encountered, the measured service's are group as a cluster and measured as a linear single line and not separate."]
[]
[" E","Cables up to 11KV up to 15No in a cluster.","m"]
[]
[" F","Water mains up to 400 mm diameter.","m"]
[]
[" G","Stormwater pipes up to 1200 mm diameter.","m"]
[]
[null,"FINISHINGS"]
[]
[null,"Reinstate road surfaces"]
[]
[" H","a) Complete with all courses except surfacing at P2/P1 cold storage area/zones with limited space. ( G5 150mm, G3 150mm, C4 150mm)","m²"]
[]
[" J","b) G5 quality gravel surface.","m³"]
[]
[" K","c) Asphalt 40 mm thick on roadway and side walks with limited space.","m²"]
[]
[null,"PROVISION OF BEDDING"]
[]
[null,"Available from trench within construction zone (Sub-clause 3.4.1)"]
[]
[" A","a) Selected granular material","m³"]
[]
[" B","b) Selected fill material","m³"]
[]
[null,"Imported from:"]
[]
[null,"c) Commercial sources (Provisional)"]
[]
[" C","1) Selected granular material","m³"]
[]
[" D","2) Selected fill material","m³"]
[]
[" E","Concrete bedding  25MPa (Provisional)","m³"]
[]
[null,"PIPELINE"]
[]
[null,"Stainless steel grade 316L T16 welded joins:"]
[]
[" F","150 mm diameter nominal bore.","m"]
[]
[" G","100 mm diameter nominal bore.","m"]
[]
[" H","40/50 mm diameter nominal bore.","m"]
[]
[" J","Extra over for above pipeline items for the installation within basement on soffit with design and supply of hangers and supports for 1m centres.","m"]
[]
[null,"HDPE PE 100 PN 16 SDR 11 pipes. Rate to include supply, handle, lay, bed, join by means of butt-welding, test and disinfect."]
[]
[" K","160 mm diameter.","m"]
[]
[" A","110 mm diameter.","m"]
[]
[" B","Extra over for above pipeline items for the installation within basement on soffit with design and supply of hangers and supports for 1m centres.","m"]
[]
[" C","Extra-over for laying pipes through sleeve pipes.","m"]
[]
[null,"uPVC Class 16 pipes. Rate to include supply, handle, lay, bed, test and disinfect."]
[]
[" D","250 mm diameter.","m"]
[]
[" E","160 mm diameter.","m"]
[]
[null,"Special wrapping in corrosive soil with denso type mastic wrap or similar approved:"]
[]
[" F","For steel pipes up to 150 mm nominal bore.","m"]
[]
[null,"DISINFECT PIPELINES"]
[]
[" G","uPVC pipeline","SUM"]
[]
[" H","Steel pipeline","SUM"]
[]
[null,"SPECIALS AND FITTINGS"]
[]
[null,"Supply, lay, bed, hang  join, including cut pipes to length and hangers where required, test and disinfect:"]
[]
[null,"Stainless steel grade 316L T16 welded pipe fittings with casket and stainless steel bolts where required:"]
[]
[" A","150 mm diameter 45 deg.","No"]
[]
[" B","150 mm diameter 90 deg.","No"]
[]
[" C","100 mm diameter 45 deg.","No"]
[]
[" D","100 mm diameter 90 deg.","No"]
[]
[" E","40/50 mm diameter 45 deg.","No"]
[]
[" F","40/50 mm diameter 90 deg.","No"]
[]
[" G","150mm x 150mm x 150mm Tee.","No"]
[]
[" H","150mm x 150mm x 100mm Tee.","No"]
[]
[null,"HDPE Butt-welded fittings PN 16 SDR 11:"]
[]
[" J","110 mm diameter 90 deg.","No"]
[]
[" K","160 mm diameter 40 deg.","No"]
[]
[" L","110mm x 110mm x 110mm Tee.","No"]
[]
[" M","110mm x 110mm x 110mm x 110mm Cross Tee.","No"]
[]
[" N","160mm x 100mm Reducer.","No"]
[]
[" P","110mm end caps.","No"]
[]
[null,"VALVES"]
[]
[null,"Supply, handle, lay in valve box, pump stations or install on concrete support, joint, including cutting pipes where necessary and test."]
[]
[null,"PN16 butterfly type isolating valves and check valves including EPDM gasket and stainless steel bolts."]
[]
[" A","100 mm diameter butterfly valve (flanged T16)","No"]
[]
[" B","100 mm diameter check valves (flanged T16)","No"]
[]
[" C","40/50 mm diameter check valves (flanged T16)","No"]
[]
[null,"ANCILLARIES"]
[]
[null,"Anchor, Thrust blocks and pedestals"]
[]
[" D","Concrete Class 25/19","m³"]
[]
[" E","Concrete casing Class 25/19","m³"]
[]
[null,"MANHOLES"]
[]
[null,"Supply, handle and lay concrete ring type manholes, 1200mm diameter complete with 150mm x 1300mm 30 MPa concrete base, ductile iron manhole cover and frame to EN 124 D400 for the following depths:"]
[]
[" F","0.0 m to 0.5 m","No"]
[]
[" G","0.5 m to 1,0 m","No"]
[]
[" H","1,0 m to 1,5 m","No"]
[]
[" A","2,0 m to 2,5 m","No"]
[]
[" B","2,5 m to 3,5 m (Terminal Manhole)","No"]
[]
[null,"SUNDRIES"]
[]
[" C","Concrete in casement of pipes with concrete class 15/19.","m³"]
[]
[" D","Break into and connect to existing 1200mm manhole including 160mm flexible joints and make good all benching.","No"]
[]
[" E","Raising of existing 1200mm ring type manholes with 1200mm x 250mm rings.","No"]
[]
[" F","Raising of existing 1200mm ring type manholes with 1200mm x 500mm rings.","No"]
[]
[" G","Raising of existing double brick manholes with 14 MPa clay bricks including brickforce on each layer.","m²"]
[]
[" H","Install and operation of a temporary above floor lifting station or similar approved with the following specifications: H=5m, Q=6l/s as per Sanicubic.","No"]
[]
[" J","Supply, handle and install a 10l/s stainless steel type grease trap underground with double brick wall chamber with internal size to fit manufactures specifications or similar approved.","No"]
[]
[" K","Supply and install 100mm siphonic type floor drain with within basement with debris guard.","No"]
[]
[null,"SECTION :STORMWATER DRAINAGE"]
[]
[null,"PIPE TRENCHES"]
[]
[null,"EXCAVATION"]
[]
[null,"Excavate in all materials including layer works for trenches backfill, compact, and dispose of surplus/unsuitable material, for culverts up to 6m2 for total trench depth:"]
[]
[" A","Exceeding 0,0 m but not exceeding 1,0 m","m"]
[]
[" B","Exceeding 1,0 m but not exceeding 2,0 m","m"]
[]
[null,"Over 100mm up to 450 mm diameter for total trench depth including working space of up to diameter of pipe plus 400mm both sides:"]
[]
[" C","Exceeding 0,0 m but not exceeding 1,0 m","m"]
[]
[" D","Exceeding 1,0 m but not exceeding 2,0 m","m"]
[]
[" E","Exceeding 2,0 m but not exceeding 3,0 m","m"]
[]
[" F","Exceeding 3,0 m but not exceeding 4,0 m","m"]
[]
[null,"Over 450mm up to 750 mm diameter for total trench depth including working space of up to diameter of pipe plus 400mm both sides:"]
[]
[" G","Exceeding 1,0 m but not exceeding 2,0 m","m"]
[]
[" A","Exceeding 2,0 m but not exceeding 3,0 m","m"]
[]
[null,"Extra-over items above for (provisional):"]
[]
[" B","Intermediate excavation","m³"]
[]
[" C","Hard rock excavation","m³"]
[]
[" D","Excavate and dispose of unsuitable material from trench bottom and dispose of (Provisional)","m³"]
[]
[null,"EXCAVATION ANCILLARIES"]
[]
[null,"Make up deficiency in backfill material (Provisional)"]
[]
[" E","from other necessary excavations on site","m³"]
[]
[" F","by importation from commercial or off-site sources selected by the Contractor a G7 sand.","m³"]
[]
[" G","Compaction in road reserves above fill material in trench.","m³"]
[]
[null,"Shore trench with 3600mm x 228mm x 76mm, H4 structural treated timber including cross bracing up to a depth of 3.5m."]
[]
[" H","Next to P1, P2 and T1 buildings for water and fire main excavation.","m²"]
[]
[" J","Next to IT, electrical, water, stormwater and fire infrastructure for water and fire main excavation.","m²"]
[]
[null,"Permanent works : Control water inflow from storm water trenches/sumps."]
[]
[" A","Provide and install sump pump delivering up to 5l/s @20m head within manholes.","No"]
[]
[null,"EXISTING SERVICES"]
[]
[null,"Services across and in trenches"]
[]
[null,"Location:"]
[]
[" B","Supply of specialist equipment for the detection of a particular service by ground penetrating scan equipment for the detection of underground services as ordered by the Engineer.  Contractor to allow for scanning and surveying of points by means of a x,y,z and provide the results to the Engineer.","SUM"]
[]
[" C","The use of equipment in above item.","Day"]
[]
[" D","Excavate by hand in soft material to expose scanned services where ordered by the Engineer.","m³"]
[]
[null,"Dealing with services:"]
[]
[" E","Permanent protection with 15MPa concrete of IT and electrical services (multiple places).","m³"]
[]
[null,"Services that intersect a trench"]
[]
[" F","Up to 15No cluster of cables up to 11KV","No"]
[]
[" G","Water mains up to 400 mm diameter.","No"]
[]
[" H","Stormwater pipes up to 1200 mm diameter.","No"]
[]
[null,"Services that adjoin a trench. Measurement is based on if multiple services are encountered, the measured service's are group as a cluster and measured as a linear single line and not separate."]
[]
[" A","Cables up to 11KV up to 15No in a cluster.","m"]
[]
[" B","Water mains up to 400 mm diameter.","m"]
[]
[" C","Stormwater pipes up to 1200 mm diameter.","m"]
[]
[null,"FINISHINGS"]
[]
[null,"Reinstate road surfaces:"]
[]
[" D","c) Asphalt 40 mm thick on roadway and side walks with limited space.","m²"]
[]
[null,"PROVISION OF BEDDING"]
[]
[null,"Available from trench within construction zone (Sub-clause 3.4.1)"]
[]
[" E","a) Selected granular material","m³"]
[]
[" F","b) Selected fill material","m³"]
[]
[null,"Imported from:"]
[]
[null,"c) Commercial sources (Provisional)"]
[]
[" G","1) Selected granular material","m³"]
[]
[" H","2) Selected fill material","m³"]
[]
[" J","Concrete bedding class 25/19 (Provisional)","m³"]
[]
[null,"PIPELINE"]
[]
[null,"Stainless steel grade 316L T16 welded joins:"]
[]
[" A","200 mm diameter nominal bore.","m"]
[]
[" B","150 mm diameter nominal bore.","m"]
[]
[" C","Extra over for above pipeline items for the installation within basement on soffit level with design and supply of hangers and supports for 1m centres.","m"]
[]
[null,"HDPE PE 100 PN 16 SDR 11 pipes. Rate to include supply, handle, hang, lay, bed, join by means of butt-welding and test including hangers where required design and supply at 1m centres."]
[]
[" D","160 mm diameter.","m"]
[]
[" E","Extra over for up to 450mm diameter pipe for the installation within the services culvert with design and supply of hangers and supports at 1m centres. Rate to include for limited access to services culvert and will depend on the contractors installation pace of the pipe.","m"]
[]
[" F","Extra-over for laying pipes through sleeve pipes.","m"]
[]
[null,"uPVC Class 16 pipes. Rate to include supply, handle, lay, bed, test and disinfect."]
[]
[" G","250 mm diameter.","m"]
[]
[" H","160 mm diameter.","m"]
[]
[null,"Steel reinforced Class 100D spigot and socket concrete pipes. Rate to include supply, handle, hang, lay, bed and test."]
[]
[" A","600 mm diameter.","m"]
[]
[" B","450 mm diameter.","m"]
[]
[" C","375 mm diameter.","m"]
[]
[null,"Special wrapping in corrosive soil with Denso type mastic wrap or similar approved:"]
[]
[" D","For steel pipes up to 250 mm nominal bore.","m"]
[]
[null,"SPECIALS AND FITTINGS"]
[]
[null,"Supply, lay, bed, hang  join, including cut pipes to length where required, test and disinfect:"]
[]
[null,"Stainless steel grade 316L T16 welded pipe fittings with casket and stainless steel bolts where applicable:"]
[]
[" A","200 mm diameter up to 45 deg.","No"]
[]
[" B","200 mm diameter 90 deg.","No"]
[]
[" C","150 mm x 150 mm x 150mm equal tee.","No"]
[]
[" D","150mm x 150mm x 90mm reducing tee.","No"]
[]
[" E","200 mm x 200 mm x 200mm equal tee.","No"]
[]
[" F","200 mm flange adaptor T16.","No"]
[]
[" G","150 mm flange adaptor T16.","No"]
[]
[null,"HDPE Butt-welded fittings PN 16 SDR 11:"]
[]
[" H","150 mm diameter 45 deg.","No"]
[]
[" J","150 mm diameter 90 deg.","No"]
[]
[" K","100 mm diameter 45 deg.","No"]
[]
[" L","100 mm diameter 90 deg.","No"]
[]
[" M","160mm x 160mm x 160mm Tee.","No"]
[]
[" N","160mm x 110mm x 160mm Reducing Tee.","No"]
[]
[" P","160mm x 100mm Reducer.","No"]
[]
[" A","150mm end cap.","No"]
[]
[null,"VALVES"]
[]
[null,"Supply, handle, lay in valve box or install on concrete support, joint, including cutting pipes where necessary and test."]
[]
[null,"PN16 butterfly type isolating valves and check valves including EPDM gasket and stainless steel bolts."]
[]
[" B","150 mm diameter butterfly valve (flanged T16)","No"]
[]
[" C","150 mm diameter check valves (flanged T16)","No"]
[]
[" D","200 mm diameter butterfly valve (flanged T16)","No"]
[]
[" E","200 mm diameter check valves (flanged T16)","No"]
[]
[" F","40/50 mm diameter check valves (flanged T16)","No"]
[]
[null,"T16 Flanged isolating valves including EPDM gasket and stainless steel bolts."]
[]
[" G","450 mm diameter.","No"]
[]
[" H","160 mm diameter.","No"]
[]
[null,"ANCILLARIES"]
[]
[null,"Anchor, Thrust blocks and pedestals"]
[]
[" J","Concrete Class 25/19","m³"]
[]
[" K","Concrete casing Class 25/19","m³"]
[]
[null,"VALVE CHAMBERS AND MANHOLES"]
[]
[" A","Air valve chamber for depth up to 1.5m deep including Ductile heavy duty cover and frame to EN 124 D400.  Rate to include double brick wall, brickforce all courses, 600mm x 600mm internal dimension and cover.","No"]
[]
[null,"MANHOLES"]
[]
[null,"Supply, handle and lay concrete ring type manholes, 1000mm diameter complete with 150mm x 1300mm 30 MPa concrete base, ductile iron manhole cover and frame to EN 124 D400 for the following depths:"]
[]
[" A","0.0 m to 0.5 m","No"]
[]
[" B","0.5 m to 1,0 m","No"]
[]
[" C","1,0 m to 1,5 m","No"]
[]
[" D","2,0 m to 2,5 m","No"]
[]
[" E","2,5 m to 3,5 m","No"]
[]
[null,"SUNDRIES"]
[]
[" F","Concrete in casement of pipes with concrete class 40/19 within basement.","m³"]
[]
[" G","Break into and connect to existing 1000mm manhole, including up to 450mm flexible joint and make good all benching.","No"]
[]
[" H","Raising of existing 1000mm ring type manholes with 1000mm x 250mm rings.","No"]
[]
[" J","Raising of existing 1000mm ring type manholes with 1000mm x 500mm rings.","No"]
[]
[" K","Raising of existing double brick manholes with 10 MPa clay bricks including brickforce on all layers.","m²"]
[]
[" L","Supply, handle and install 90/100mm syphonic type drains with debris guard within concrete in basement floor level.","No"]
[]
[null,"MANHOLES"]
[]
[null,"Supply, handle and lay concrete ring type manholes, 1200mm diameter complete with 1300mm x 150mm 30MPa concrete base, ductile iron manhole cover and frame to EN 124 D400 for the following depths:"]
[]
[" A","0.0 m to 0.5 m","No"]
[]
[" B","0.5 m to 1,0 m","No"]
[]
[" C","1,0 m to 1,5 m","No"]
[]
[" D","2,0 m to 2,5 m","No"]
[]
[" E","2,5 m to 3,5 m","No"]
[]
[null,"Supply 15MPa clay bricks, handle, lay, bag-wash, water-prove and install with at least a 1000mm internal dimension, complete with 1500mmx 1500mm x 150mm, 30 MPa concrete base, double brick wall, brickforce on all layers and ductile iron manhole cover and frame to EN 124 D400 for the following depths:"]
[]
[" F","0.0 m to 0.5 m","No"]
[]
[" G","0.5 m to 1,0 m","No"]
[]
[" H","1,0 m to 1,5 m","No"]
[]
[" J","2,0 m to 2,5 m","No"]
[]
[" K","2,5 m to 3,5 m","No"]
[]
[null,"SUNDRIES"]
[]
[" A","Concrete in casement of pipes with concrete class 15/19.","m³"]
[]
[" B","Break into and connect to existing 1200mm manhole including 160mm flexible joints and make good all benching.","No"]
[]
[" C","Raising of existing 1200mm ring type manholes with up to 1200mm x 250mm rings.","No"]
[]
[" D","Raising of existing 1200mm ring type manholes with up to 1200mm x 500mm rings.","No"]
[]
[" E","Raising of existing double brick manholes with 10 mPa clay bricks including","m²"]
[]
[null,"SECTION : KERBING AND CHANNELLING"]
[]
[null,"KERBING AND CHANNELLING"]
[]
[null,"Supply, lay, grout, joint, and backfill for all radii and straights."]
[]
[" A","i) Barrier kerb (Type BK1)","m"]
[]
[" B","ii) Barrier kerb (Type BK2)","m"]
[]
[" C","iii) Edging (Type E3)","m"]
[]
[null,"Supply, handle, lay, grout and backfill for all radii 5 to 20 m in 300 mm lengths."]
[]
[" D","i) Barrier Kerb (Type BK2)","m"]
[]
[" E","ii) Channel (Type C1,C1)","m"]
[]
[null,"ANCILLARY ROADWORKS"]
[]
[null,"Non reflectorized paint applied at nominal rate of 0,42 l/m2"]
[]
[" F","a) Unbroken white line 100 mm wide on  road centre line","m"]
[]
[" G","b) Unbroken white line 300 mm wide","m"]
[]
[" H","c) White characters and symbols","No"]
[]
[" J","d) Word (STOP)","No"]
[]
[null,"Setting out and pre-marking for:"]
[]
[" K","a) Lines","m"]
[]
[" L","b) Words and Symbols","No"]
[]
[null,"SECTION : ASPHALT BASE AND SURFACING"]
[]
[null,"EXCAVATION"]
[]
[null,"Excavate in all materials and dispose of or backfill as ordered by the Engineer for:"]
[]
[" A","iii) Dispose of at Vissershok 45km radius","m³"]
[]
[null,"Treatment of road-bed"]
[]
[null,"a) Roadbed preparation and compaction of material:"]
[]
[" B","i) minimum of 93%IT of MAASHTO max density (100%IT for sand) in  Roads, 300mm deep","m³"]
[]
[" C","ii) minimum of 93%IT of MAASHTO max density (100%IT for sand) for kerbs 100mm thick","m³"]
[]
[" D","iii) minimum of 93%IT of MAASHTO max density (100%IT for sand) in Side-walks, 150mm deep","m³"]
[]
[null,"Selected layer from commercial sources compacted to 93%IT MAASHTO maximum densities (100%IT for sand) for:"]
[]
[" E","a) Roadways G7 material, 150mm deep in areas with unsuitable conditions.","m³"]
[]
[null,"ROADS (GENERAL)"]
[]
[null,"SUB-BASE"]
[]
[null,"Construct sub-base with G5 material from commercial source compacted to 96%IT MAASHTO density for:"]
[]
[" A","a) 150 mm in roads","m³"]
[]
[" B","b) 100 mm for kerbs","m³"]
[]
[" C","c) 100 mm in side walks","m³"]
[]
[null,"Construct sub base with G9 material from commercial source and compacted to 90%IT MAASHTO density:"]
[]
[" D","a) up to 600 mm in roads and ramp","m³"]
[]
[null,"Construct sub base with G7 material from commercial source and compacted to 93%IT MAASHTO density:"]
[]
[" E","a) 300 mm in roads and ramp","m³"]
[]
[null,"Construct sub base with G6 material from commercial source and compacted to 98%IT MAASHTO density:"]
[]
[" F","a) 150 mm in roads, ramp and paving","m³"]
[]
[null,"BASE"]
[]
[null,"Construct base with G5 material from commercial source and compacted to 98%IT MAASHTO density:"]
[]
[" A","a) 150 mm in roads, ramp and paving","m³"]
[]
[" B","b) Continuously graded BTB base 100mm thick (Provisional)","m³"]
[]
[null,"Construct base with G4 material from commercial source and compacted to 95%IT MAASHTO density:"]
[]
[" C","a) 300 mm in roads and ramp","m³"]
[]
[null,"Construct base with G3 material from commercial source and compacted to 97%IT MAASHTO density:"]
[]
[" D","a) 150 mm in roads and ramp","m³"]
[]
[null,"Construct base with C3 material from G4 commercial source and compacted to 97%IT MAASHTO density, rate to include 3%IT cement stabilisation, mixing, placing and compaction:"]
[]
[" E","a) 150 mm in paving areas, roads and ramp","m³"]
[]
[null,"PRIME COAT"]
[]
[" F","Prime coat using a cut back bitumen and grade MC-30 or similar approved","m²"]
[]
[null,"ASPHALT SURFACING"]
[]
[" A","For Side walks, supply and place with paver continuously graded 30 mm asphalt compacted to 93%IT Rice Density.","m²"]
[]
[" B","For Roads, supply and place with paver continuously graded 40 mm asphalt compacted to 93%IT Rice Density.","m²"]
[]
[" C","Supply, handle and construct new brick paving (20Mpa) including 20mm sand bedding.","m²"]
[]
[" D","Contractor can supply an alternative rate for milling of asphalt up to 60mm thick, handle,  process and place new 40mm overlay on tack coat and existing BTB/asphalt base. Rate to include all milling equipment, tack coat, 40mm asphalt overlay, rolling, compaction and testing. (minimum area to be overlay is 200m2 at a given time) This rate will be an alternative to above items for asphalt and prime coat.","m²"]
[]
[null,"GUARDRAILS"]
[]
[" E","Supply and erect galvanized steel guardrails on timber posts, backfilled with material available on Site.","m"]
[]
[" F","Extra-over above item horizontally curved guardrails factory-bent to a radius of less than 150 mm.","m"]
[]
[null,"SECTION: PUMP STATION"]
[]
[" A","Supply, handle, install and commission 20l/s at 30m head vortex type pump with guardrail and duct-foot bend.  Self-priming, single-stage, centrifugal pump designed for handling waste-water, process water and unscreened raw sewage.  The pump must be designed for intermittent and continuous operation. The liquid-less and maintenance free cooling system ensures that the pump can be used for submerged or dry installation. A S-tube type impeller will provide free spherical passage of solids up to 80 mm and must be suitable for waste-water with a dry matter content of up to 3 %IT.  Controls: Moisture sensor: without moisture sensors Water-in-oil sensor: without water-in-oil sensor Temp. sensor: No","No"]
[]
[null,"Materials:  Pump housing: EN 1561 EN-GJL-250 Impeller: Cast iron  Technical:  Actual calculated flow: 20 l/s Resulting head of the pump: 10 m Type of impeller: S-TUBE Maximum particle size: 80 mm Primary shaft seal: SIC/SIC Secondary shaft seal: CARBON/CERAMICS  Installation:  Maximum operating pressure: 600 kPa Flange standard: DIN Pump outlet: DN 100 Pressure rating: PN 10 Maximum installation depth: 20 m"]
[]
[" A","Supply, handle, install and commission  50l/s at 15m head vortex type pump with guardrail and duct-foot bend (Stormwater)Self-priming, single-stage, centrifugal pump designed for handling waste-water, process water and unscreened raw sewage.The pump must be designed for intermittent and continuous operation including a cooling jacket to ensures that the pump can operate submerged or dry installed without motor cooling. The single-channel impeller must handle solids up to 100 mm in size.A Smart-trim impeller clearance adjustment system must make it possible to maintain maximum performance throughout the lifetime of the pump.To facilitate easy transportation as well as installation on-site, the pump must be fitted with a robust lifting bracket. For installation on auto coupling, gasket system provides a leak-proof connection.","No"]
[]
[null,"Controls:  Moisture sensor: with moisture sensors Water-in-oil sensor: without water-in-oil sensor  Technical:  Actual calculated flow: 50 l/s Resulting head of the pump: 15 m Actual impeller diameter: 285 mm Type of impeller: 1-CHANNEL Maximum particle size:100 mm Primary shaft seal: SIC-SIC Secondary shaft seal: SIC-CARBON Approvals on nameplate: CE, EAC  Materials: Pump housing: Cast iron EN 1561, EN-GJL-250 ,AISI A48 30 Impeller: Cast iron EN 1561, EN-GJL-250, AISI A48 30 Motor: Cast iron EN 1561, EN-GJL-250, AISI A48 30  Size of outlet: 200mm PN 16"]
[]
[" A","Supply, handle, install and commission 5l/s at 10m head vortex type pump with guardrail and duct-foot bend (Stormwater)Vertical single-stage stainless steelsubmersible pump with vertical discharge port and integrated submersible 3-phase totallyenclosed motor in insulation class F. The pump must be fitted with a suction strainer.The impeller must conform to a SEMI OPEN impeller for 12 mm free passage suitable for pumping groundwater, surface water, rain water and similar.The pump must have a double shaft seal and anintermediate oil chamber pre-filled with non-toxicspecial oil.The pump must have a riser pipe, a cooling jacket for continuous cooling of the motor by the pumped liquid and long-life deep-groove greased-for-life ball bearings.","No"]
[]
[null,"Materials:  Pump housing: Stainless steel DIN W.-Nr. 1.4301 AISI 304  Impeller: Stainless steel DIN W.-Nr. 1.4301 AISI 304  Electrical data:  Power input - P1: 0.9 kW Mains frequency: 50 Hz Rated voltage: 3 x 400 V Rated current: 1.6 A  Cos phi - power factor: 0.83 Rated speed: 2815 rpm Enclosure class (IEC 34-5): IP68 Insulation class (IEC 85): F"]
[]
[" A","Design, supply, handle and install MCC control units for sewer pump system, BMS linking, ultrazonic level sensor and all switches.","Item",null," "]
[]
[" B","Design, supply, handle and install MCC control units for stormwater pump system, BMS linking, ultrazonic level sensor and all switches.","Item",null," "]
[]
[" C","Contractors mark-up on above items","%IT",null,{"v":0,"d":"0.00"}]
[]
[null,"CONCRETE WORKS"]
[]
[null,"SECTION : CONCRETE (STRUCTURAL)"]
[]
[null,"CONCRETE"]
[]
[null,"All cement to be 42.5N or similar approved. Concrete mix designs to be submitted to the Engineer for approval."]
[]
[null,"Blinding layer in Class 20 MPa/40 mm concrete"]
[]
[" A","50 mm minimum thickness","m²"]
[]
[null,"Reinforced concrete Class 30 MPa/20mm, rate to include for confined areas and for limited work space. Rate shall also include for water proving admixture to concrete mix, xypex ad-mix C-500 regular grade or similar approved for slabs, walls and screeds for the services tunnel. Minimum of 10kg/m3 to be added to concrete mix. A trial mix is to be done to determine set times and workability of the concrete for:"]
[]
[null,"The costs of making, storing and testing of concrete test cubes as required under Clause 7 'Tests' of SANS 1200 G shall include the cost of providing cube moulds necessary for the purpose, for testing costs and for submitting reports on the tests to the Engineer. The testing shall be undertaken by an independent firm or institution nominated by the Contractor to the approval of the Engineer."]
[]
[" A","Making and testing set of 3No 150mm  x 150mm x 150mm concrete strength test cubes.","No"]
[]
[" B","Services culvert floor up to 350mm thick.","m³"]
[]
[" C","Services culvert walls up to 350mm thick.","m³"]
[]
[" D","Services culvert soffit/slab covering up to 400mm thick.","m³"]
[]
[" E","Saw cut joints up to 50 mm deep.","m"]
[]
[null,"FORM-WORK"]
[]
[null,"Rough walls below ground"]
[]
[" F","Vertical plane","m²"]
[]
[null,"Smooth horizontal plane to:"]
[]
[" G","Slabs exceeding 250mm thick and not exceeding 500mm thick propped up exceeding 3.5m and not exceeding 5m high for the extension to the services tunnel.","m²"]
[]
[null,"Chamfers exceeding 20 mm x 20 mm and grooves"]
[]
[" H","Chamfer 30 mm x 30 mm","m"]
[]
[" J","Chamfer 40 mm x 40 mm","m"]
[]
[null,"Box out holes/form voids for puddle flange connections into services tunnel."]
[]
[null,"Circular up to 650mm diameter for depths over and up to:"]
[]
[" K","0 m 0,5 m","No"]
[]
[" L","0,5 m 1,0 m","No"]
[]
[" A","1,0 m 1,5 m","No"]
[]
[" B","1,5 m -3.5","No"]
[]
[null,"Large, other shapes of area's 1,0m2 to 3,5 m2  for depths over and up to:"]
[]
[" C","0 m 0,5 m","No"]
[]
[" D","0,5 m 1,0 m","No"]
[]
[" E","1,0 m 2,0 m","No"]
[]
[" F","2,0 m - 3,0 m","No"]
[]
[null,"REINFORCEMENT"]
[]
[null,"High-tensile steel reinforcement bars to structural concrete work rate to include bending to required steel bar code."]
[]
[" G","b) 10 mm","t"]
[]
[" H","c) 12 mm","t"]
[]
[" J","d) 16 mm","t"]
[]
[" K","e) 20 mm","t"]
[]
[" L","f) 32 mm","t"]
[]
[null,"High-tensile welded mesh reinforcement"]
[]
[" M","Type reference 193 standard square mesh sheets in slabs and walls.","m²"]
[]
[" N","Type reference 617 standard square mesh sheets in slabs and walls.","m²"]
[]
[" P","Type reference 888 standard square mesh sheets in slabs and walls.","m²"]
[]
[null,"UNFORMED SURFACE FINISHES"]
[]
[null,"Steel-floated finish to:"]
[]
[" A","Horizontal slab floors","m²"]
[]
[null,"JOINTS"]
[]
[" B","Waterproofing to joints horizontal and vertical include chipping any loose debris off the joint surface; high-pressure cleaning of the joint to open pore structure; application of  a swell profile hybrid type to P 2507 HM to centre of joint using thick bed of sika swell s-2; applying a slurry coat of xypex concentrate at a minimum rate of 1kg per square meter or similar approved to linear joint between wall and slab of services tunnel.","m"]
[]
[null,"BILL NO. 23"]
[]
[null,"PROVISIONAL AMOUNTS"]
[]
[null,"NOTE: \tcontractors are advised to study the Model bill Preambles for Trades before pricing this bill"]
[]
[null,"NOTE: \tcontractors are referred to the definition of general attendance on nominated sub-contractors given in Clause 9 of the JBCC Preliminaries"]
[]
[null,"NOTE: \tAll Provisional and Prime Cost Amounts are NET i.e: there is no cash discount"]
[]
[null,"NOTE: \tUnder no circumstances may any Prime Cost - Provisional Amount, etc be extended at an amount lower than the amount given in the Bill"]
[]
[null,"NOTE: \tAll contractors are advised that sub-contract appointments for the provisional amounts included in this bill, will either be a done as a Selected Sub-Contract appointment or a Domestic Sub-Contract appointment. There will be no Nominated Sub-Contract appointments."]
[]
[null,"NOTE: \tAll contractors are advised that some of the Provisional Amounts listed in this bill may be appointed as a design, supply and installation sub-contractor for their specific works"]
[]
[null,"----------------------------------------"]
[]
[null,"JOINERY TO ACSA, PRAYER ROOM, ETC."]
[]
[" A","Allow the Provisional Amount of  R120 000.00 (One Hundred and Twenty Thousand Rand) NET for the joinery to ACSA, prayer rooms, etc, to be executed by a sub-contractor","Item",null,{"v":120000,"d":"120,000.00"}]
[]
[" B","Add for profit","%IT",null,{"v":120000,"d":"120,000.00"}]
[]
[" C","Add for general attendance on sub-contractor","%IT",null,{"v":120000,"d":"120,000.00"}]
[]
[null,"JOINERY TO ACSA OFFICES"]
[]
[" D","Allow the Provisional Amount of R50 000.00 (Fifty Thousand Rand) NET for joinery to ACSA offices, to be executed by a sub-contractor","Item",null,{"v":50000,"d":"50,000.00"}]
[]
[" E","Add for profit","%IT",null,{"v":50000,"d":"50,000.00"}]
[]
[" F","Add for general attendance on sub-contractor","%IT",null,{"v":50000,"d":"50,000.00"}]
[]
[null,"JOINERY TO OVERSIZED BAGGAGE EXTENSION (2ND FLR)"]
[]
[" G","Allow the Provisional Amount of R70 000.00 (Seventy Thousand Rand) NET for joinery to oversized baggage extension on Second Floor, to be executed by a sub-contractor","Item",null,{"v":70000,"d":"70,000.00"}]
[]
[" H","Add for profit","%IT",null,{"v":70000,"d":"70,000.00"}]
[]
[" J","Add for general attendance on sub-contractor","%IT",null,{"v":70000,"d":"70,000.00"}]
[]
[null,"JOINERY TO BAGGAGE SORTATION AREA"]
[]
[" K","Allow the Provisional Amount of R70 000.00 (Seventy Thousand Rand) NET for joinery to baggage sortation area, to be executed by a sub-contractor","Item",null,{"v":70000,"d":"70,000.00"}]
[]
[" L","Add for profit","%IT",null,{"v":70000,"d":"70,000.00"}]
[]
[" M","Add for general attendance on sub-contractor","%IT",null,{"v":70000,"d":"70,000.00"}]
[]
[null,"JOINERY TO ABLUTION FACILITIES (GRN & 2ND FLR)"]
[]
[" A","Allow the Provisional Amount of R1 000 000.00 (One Million Rand) NET for joinery to ablution facilities to Ground Floor and Second Floor, to be executed by a sub-contractor","Item",null,{"v":1000000,"d":"1,000,000.00"}]
[]
[" B","Add for profit","%IT",null,{"v":1000000,"d":"1,000,000.00"}]
[]
[" C","Add for general attendance on sub-contractor","%IT",null,{"v":1000000,"d":"1,000,000.00"}]
[]
[null,"BATHROOM ACCESSORIES"]
[]
[" D","Allow the Provisional Amount of R160 000.00 (One Hundred and Sixty Thousand Rand) NET for bathroom accessories, to be executed by a sub-contractor","Item",null,{"v":160000,"d":"160,000.00"}]
[]
[" E","Add for profit","%IT",null,{"v":160000,"d":"160,000.00"}]
[]
[" F","Add for general attendance on sub-contractor","%IT",null,{"v":160000,"d":"160,000.00"}]
[]
[null,"STATUTORY SIGNAGE"]
[]
[" G","Allow the Provisional Amount of R3 050 000.00 (Three Million and Fifty Thousand Rand) NET for statutory signage, to be executed by a sub-contractor","Item",null,{"v":3050000,"d":"3,050,000.00"}]
[]
[" H","Add for profit","%IT",null,{"v":3050000,"d":"3,050,000.00"}]
[]
[" J","Add for general attendance on sub-contractor","%IT",null,{"v":3050000,"d":"3,050,000.00"}]
[]
[null,"BUILDING SIGNAGE"]
[]
[" K","Allow the Provisional Amount of R7 600 000.00 (Seven Million Six Hundred Thousand Rand) NET for building signage, to be executed by a sub-contractor","Item",null,{"v":7600000,"d":"7,600,000.00"}]
[]
[" L","Add for profit","%IT",null,{"v":7600000,"d":"7,600,000.00"}]
[]
[" M","Add for general attendance on sub-contractor","%IT",null,{"v":7600000,"d":"7,600,000.00"}]
[]
[null,"WAY FINDING SIGNAGE"]
[]
[" N","Allow the Provisional Amount of R1 550 000.00 (One Million Five Hundred and Fifty Thousand Rand) NET for way finding signage, to be executed by a sub-contractor","Item",null,{"v":1550000,"d":"1,550,000.00"}]
[]
[" P","Add for profit","%IT",null,{"v":1550000,"d":"1,550,000.00"}]
[]
[" Q","Add for general attendance on sub-contractor","%IT",null,{"v":1550000,"d":"1,550,000.00"}]
[]
[null,"FINISH TO ROOF"]
[]
[" A","Allow the Provisional Amount of R3 900 000.00 (Three Million Nine Hundred Thousand Rand) NET for finish to roof, to be executed by a sub-contractor","Item",null,{"v":3900000,"d":"3,900,000.00"}]
[]
[" B","Add for profit","%IT",null,{"v":3900000,"d":"3,900,000.00"}]
[]
[" C","Add for general attendance on sub-contractor","%IT",null,{"v":3900000,"d":"3,900,000.00"}]
[]
[null,"FINISH TO PLAZA"]
[]
[" D","Allow the Provisional Amount of R700 000.00 (Seven Hundred Thousand Rand) NET for finish to plaza, to be executed by a sub-contractor","Item",null,{"v":700000,"d":"700,000.00"}]
[]
[" E","Add for profit","%IT",null,{"v":700000,"d":"700,000.00"}]
[]
[" F","Add for general attendance on sub-contractor","%IT",null,{"v":700000,"d":"700,000.00"}]
[]
[null,"STRUCTURAL STEEL CLADDING TO COLUMNS"]
[]
[" G","Allow the Provisional Amount of R1 000 000.00 (One Million Rand) NET for structural steel cladding to columns, to be executed by a sub-contractor","Item",null,{"v":1000000,"d":"1,000,000.00"}]
[]
[" H","Add for profit","%IT",null,{"v":1000000,"d":"1,000,000.00"}]
[]
[" J","Add for general attendance on sub-contractor","%IT",null,{"v":1000000,"d":"1,000,000.00"}]
[]
[null,"STRUCTURAL STEEL TO LIFT"]
[]
[" K","Allow the Provisional Amount of R1 000 000.00 (One Million Rand) NET for structural steel to lift, to be executed by a sub-contractor","Item",null,{"v":1000000,"d":"1,000,000.00"}]
[]
[" L","Add for profit","%IT",null,{"v":1000000,"d":"1,000,000.00"}]
[]
[" M","Add for general attendance on sub-contractor","%IT",null,{"v":1000000,"d":"1,000,000.00"}]
[]
[null,"TURNSTILES"]
[]
[" N","Allow the Provisional Amount of R100 000.00 (One Hundred Thousand Rand) NET for turnstiles, to be executed by a sub-contractor","Item",null,{"v":100000,"d":"100,000.00"}]
[]
[" P","Add for profit","%IT",null,{"v":100000,"d":"100,000.00"}]
[]
[" Q","Add for general attendance on sub-contractor","%IT",null,{"v":100000,"d":"100,000.00"}]
[]
[null,"CORNER PROTECTORS"]
[]
[" A","Allow the Provisional Amount of R700 000.00 (Seven Hundred Thousand Rand) NET for corner protectors to basement columns, to be executed by a sub-contractor","Item",null,{"v":700000,"d":"700,000.00"}]
[]
[" B","Add for profit","%IT",null,{"v":700000,"d":"700,000.00"}]
[]
[" C","Add for general attendance on sub-contractor","%IT",null,{"v":700000,"d":"700,000.00"}]
[]
[null,"ALUMINIUM WORKS (FA×‡ADES, SHOPFRONTS, DOORS, WINDOWS, ETC.)"]
[]
[" D","Allow the Provisional Amount of R32 000 000.00 (Thirty Two Million Rand) NET for aluminium works for fa×§ades, shopfronts, doors, windows, etc, to be executed by a sub-contractor","Item",null,{"v":32000000,"d":"32,000,000.00"}]
[]
[" E","Add for profit","%IT",null,{"v":32000000,"d":"32,000,000.00"}]
[]
[" F","Add for general attendance on sub-contractor","%IT",null,{"v":32000000,"d":"32,000,000.00"}]
[]
[null,"ELECTRICAL INSTALLATION"]
[]
[" G","Allow the Provisional Amount of R117 458 072.00 (One Hundred and Seventeen Million Four Hundred and Fifty Eight Thousand and Seventy Two Rand) NET for electrical installation, to be executed by a sub-contractor","Item",null,{"v":117458072,"d":"117,458,072.00"}]
[]
[" H","Add for profit","%IT",null,{"v":117458072,"d":"117,458,072.00"}]
[]
[" J","Add for general attendance on sub-contractor","%IT",null,{"v":117458072,"d":"117,458,072.00"}]
[]
[null,"HVAC"]
[]
[" K","Allow the Provisional Amount of R51 335 664.00 (Fifty One Million Three Hundred and Thirty Five Thousand Six Hundred and Sixty Four Rand) NET for HVAC, to be executed by a sub-contractor","Item",null,{"v":51335664,"d":"51,335,664.00"}]
[]
[" L","Add for profit","%IT",null,{"v":51335664,"d":"51,335,664.00"}]
[]
[" M","Add for general attendance on sub-contractor","%IT",null,{"v":51335664,"d":"51,335,664.00"}]
[]
[null,"PLUMBING & DRAINAGE"]
[]
[" A","Allow the Provisional Amount of R10 855 578.00 (Ten Million Eight Hundred and Fifty Five Thousand Five Hundred and Seventy Eight Rand) NET for plumbing and drainage, to be executed by a sub-contractor","Item",null,{"v":10855578,"d":"10,855,578.00"}]
[]
[" B","Add for profit","%IT",null,{"v":10855578,"d":"10,855,578.00"}]
[]
[" C","Add for general attendance on sub-contractor","%IT",null,{"v":10855578,"d":"10,855,578.00"}]
[]
[null,"SPRINKLERS INSTALLATION"]
[]
[" D","Allow the Provisional Amount of R16 751 717.00 (Sixteen Million Seven Hundred and Fifty One Thousand Seven Hundred and Seventeen Rand) NET for sprinklers installation, to be executed by a sub-contractor","Item",null,{"v":16751717,"d":"16,751,717.00"}]
[]
[" E","Add for profit","%IT",null,{"v":16751717,"d":"16,751,717.00"}]
[]
[" F","Add for general attendance on sub-contractor","%IT",null,{"v":16751717,"d":"16,751,717.00"}]
[]
[null,"LIFTS & ESCALATORS"]
[]
[" G","Allow the Provisional Amount of R14 086 600.00 (Fourteen Million and Eighty Six Thousand Six Hundred Rand) NET for lifts & escalators, to be executed by a sub-contractor","Item",null,{"v":14086600,"d":"14,086,600.00"}]
[]
[" H","Add for profit","%IT",null,{"v":14086600,"d":"14,086,600.00"}]
[]
[" J","Add for general attendance on sub-contractor","%IT",null,{"v":14086600,"d":"14,086,600.00"}]
[]
[null,"FIRE PROTECTION"]
[]
[" K","Allow the Provisional Amount of R555 000.00 (Five Hundred and Fifty Five Thousand Rand) NET for fire protection, to be executed by a sub-contractor","Item",null,{"v":555000,"d":"555,000.00"}]
[]
[" L","Add for profit","%IT",null,{"v":555000,"d":"555,000.00"}]
[]
[" M","Add for general attendance on sub-contractor","%IT",null,{"v":555000,"d":"555,000.00"}]
[]
[null,"GLAZING TO CLERESTORY"]
[]
[" A","Allow the Provisional Amount of R2 400 000.00 (Two Million Four Hundred Thousand Rand) NET for glazing to clerestory, to be executed by a sub-contractor","Item",null,{"v":2400000,"d":"2,400,000.00"}]
[]
[" B","Add for profit","%IT",null,{"v":2400000,"d":"2,400,000.00"}]
[]
[" C","Add for general attendance on sub-contractor","%IT",null,{"v":2400000,"d":"2,400,000.00"}]
[]
[null,"SHOWER SCREENS"]
[]
[" D","Allow the Provisional Amount of R150 000.00 (One Hundred and Fifty Thousand Rand) NET for shower screens, to be executed by a sub-contractor","Item",null,{"v":150000,"d":"150,000.00"}]
[]
[" E","Add for profit","%IT",null,{"v":150000,"d":"150,000.00"}]
[]
[" F","Add for general attendance on sub-contractor","%IT",null,{"v":150000,"d":"150,000.00"}]
[]
[null,"CLOSER PANELS"]
[]
[" G","Allow the Provisional Amount of R2 200 000.00 (Two Million Two Hundred Thousand Rand) NET for gas installation to be executed by a sub-contractor","Item",null,{"v":2200000,"d":"2,200,000.00"}]
[]
[" H","Add for profit","%IT",null,{"v":2200000,"d":"2,200,000.00"}]
[]
[" J","Add for general attendance on sub-contractor","%IT",null,{"v":2200000,"d":"2,200,000.00"}]
[]
[null,"PLANT ROOM DOORS"]
[]
[" K","Allow the Provisional Amount of R100 000.00 (One Hundred Thousand Rand) NET for a plant room doors, to be executed by a sub-contractor","Item",null,{"v":100000,"d":"100,000.00"}]
[]
[" L","Add for profit","%IT",null,{"v":100000,"d":"100,000.00"}]
[]
[" M","Add for general attendance on sub-contractor","%IT",null,{"v":100000,"d":"100,000.00"}]
[]
[null,"DUCT COVERS"]
[]
[" N","Allow the Provisional Amount of R400 000.00 (Four Hundred Thousand Rand) NET for duct covers, to be executed by a sub-contractor","Item",null,{"v":400000,"d":"400,000.00"}]
[]
[" P","Add for profit","%IT",null,{"v":400000,"d":"400,000.00"}]
[]
[" Q","Add for general attendance on sub-contractor","%IT",null,{"v":400000,"d":"400,000.00"}]
[]
[null,"VENTILATION GRILLS"]
[]
[" A","Allow the Provisional Amount of R2 000 000.00 (Two Million Rand) NET for ventilation grills, to be executed by a sub-contractor","Item",null,{"v":2000000,"d":"2,000,000.00"}]
[]
[" B","Add for profit","%IT",null,{"v":2000000,"d":"2,000,000.00"}]
[]
[" C","Add for general attendance on sub-contractor","%IT",null,{"v":2000000,"d":"2,000,000.00"}]
[]
[null,"VANITIES"]
[]
[" D","Allow the Provisional Amount of R1 150 000.00 (One Million One Hundred and Fifty Thousand Rand) NET for vanities, to be executed by a sub-contractor","Item",null,{"v":1150000,"d":"1,150,000.00"}]
[]
[" E","Add for profit","%IT",null,{"v":1150000,"d":"1,150,000.00"}]
[]
[" F","Add for general attendance on sub-contractor","%IT",null,{"v":1150000,"d":"1,150,000.00"}]
[]
[null,"EXPANSION JOINTS"]
[]
[" G","Allow the Provisional Amount of R600 000.00 (Six Hundred Thousand Rand) NET for expansion joints, to be executed by a sub-contractor","Item",null,{"v":600000,"d":"600,000.00"}]
[]
[" H","Add for profit","%IT",null,{"v":600000,"d":"600,000.00"}]
[]
[" J","Add for general attendance on sub-contractor","%IT",null,{"v":600000,"d":"600,000.00"}]
[]
[null,"JOINERY TO STORAGE / CLEANERS"]
[]
[" K","Allow the Provisional Amount of R25 000.00 (Twenty Five Thousand Rand) NET for joinery to storage/cleaners, to be executed by a sub-contractor","Item",null,{"v":25000,"d":"25,000.00"}]
[]
[" L","Add for profit","%IT",null,{"v":25000,"d":"25,000.00"}]
[]
[" M","Add for general attendance on sub-contractor","%IT",null,{"v":25000,"d":"25,000.00"}]
[]
[null,"JOINERY TO STAFF AREA"]
[]
[" N","Allow the Provisional Amount of R85 000.00 (Eighty Five Thousand Rand) NET for joinery to staff area, to be executed by a sub-contractor","Item",null,{"v":85000,"d":"85,000.00"}]
[]
[" P","Add for profit","%IT",null,{"v":85000,"d":"85,000.00"}]
[]
[" Q","Add for general attendance on sub-contractor","%IT",null,{"v":85000,"d":"85,000.00"}]
[]
[null,"TIMBER BULKHEAD"]
[]
[" A","Allow the Provisional Amount of R1 200 000.00 (One Million Two Hundred Thousand Rand) NET for joinery to ACSA offices, to be executed by a sub-contractor","Item",null,{"v":1200000,"d":"1,200,000.00"}]
[]
[" B","Add for profit","%IT",null,{"v":1200000,"d":"1,200,000.00"}]
[]
[" C","Add for general attendance on sub-contractor","%IT",null,{"v":1200000,"d":"1,200,000.00"}]
[]
[null,"GENERAL JOINERY"]
[]
[" D","Allow the Provisional Amount of R7 450 000.00 (Seven Million Four Hundred and Fifty Thousand Rand) NET for general joinery, to be executed by a sub-contractor","Item",null,{"v":7450000,"d":"7,450,000.00"}]
[]
[" E","Add for profit","%IT",null,{"v":7450000,"d":"7,450,000.00"}]
[]
[" F","Add for general attendance on sub-contractor","%IT",null,{"v":7450000,"d":"7,450,000.00"}]
[]
[null,"SUNDRY METALWORK"]
[]
[" G","Allow the Provisional Amount of R6 900 000.00 (Six Million Nine Hundred Thousand Rand) NET for sundry metalwork, to be executed by a sub-contractor","Item",null,{"v":6900000,"d":"6,900,000.00"}]
[]
[" H","Add for profit","%IT",null,{"v":6900000,"d":"6,900,000.00"}]
[]
[" J","Add for general attendance on sub-contractor","%IT",null,{"v":6900000,"d":"6,900,000.00"}]
[]
[null,"WINDOW CLEANING"]
[]
[" K","Allow the Provisional Amount of R1 750 000.00 (One Million Seven Hundred and Fifty Thousand Rand) NET for window cleaning, to be executed by a sub-contractor","Item",null,{"v":1750000,"d":"1,750,000.00"}]
[]
[" L","Add for profit","%IT",null,{"v":1750000,"d":"1,750,000.00"}]
[]
[" M","Add for general attendance on sub-contractor","%IT",null,{"v":1750000,"d":"1,750,000.00"}]
[]
[null,"ROPE ACCESS (move to builders work)"]
[]
[" N","Allow the Provisional Amount of R50 000.00 (Fifty Thousand Rand) NET for rope access, to be executed by a sub-contractor","Item",null,{"v":50000,"d":"50,000.00"}]
[]
[" P","Add for profit","%IT",null,{"v":50000,"d":"50,000.00"}]
[]
[" Q","Add for general attendance on sub-contractor","%IT",null,{"v":50000,"d":"50,000.00"}]
[]
[null,"SCREEN WALLS TO PLANT ROOMS"]
[]
[" A","Allow the Provisional Amount of R8 450 000.00 (Eight Million Four Hundred and Fifty Thousand Rand) NET screen walls to plant rooms, to be executed by a sub-contractor","Item",null,{"v":8450000,"d":"8,450,000.00"}]
[]
[" B","Add for profit","%IT",null,{"v":8450000,"d":"8,450,000.00"}]
[]
[" C","Add for general attendance on sub-contractor","%IT",null,{"v":8450000,"d":"8,450,000.00"}]
[]
[null,"MENTIS GRATING"]
[]
[" D","Allow the Provisional Amount of R80 000.00 (Eighty Thousand Rand) NET for mentis grating, to be executed by a sub-contractor","Item",null,{"v":80000,"d":"80,000.00"}]
[]
[" E","Add for profit","%IT",null,{"v":80000,"d":"80,000.00"}]
[]
[" F","Add for general attendance on sub-contractor","%IT",null,{"v":80000,"d":"80,000.00"}]
[]
[null,"LIFT INSTALLATION"]
[]
[" G","Allow the Provisional Amount of R300 000.00 (Three Hundred Thousand Rand) NET for lift installation, to be executed by a sub-contractor","Item",null,{"v":300000,"d":"300,000.00"}]
[]
[" H","Add for profit","%IT",null,{"v":300000,"d":"300,000.00"}]
[]
[" J","Add for general attendance on sub-contractor","%IT",null,{"v":300000,"d":"300,000.00"}]
[]
[null,"EXTERNAL FEATURE MOULDINGS, ETC."]
[]
[" K","Allow the Provisional Amount of R550 000.00 (Five Hundred and Fifty Thousand Rand) NET for external feature mouldings, etc, to be executed by a sub-contractor","Item",null,{"v":550000,"d":"550,000.00"}]
[]
[" L","Add for profit","%IT",null,{"v":550000,"d":"550,000.00"}]
[]
[" M","Add for general attendance on sub-contractor","%IT",null,{"v":550000,"d":"550,000.00"}]
[]
[null,"WALL CLADDING TO STAFF AREA"]
[]
[" N","Allow the Provisional Amount of  R100 000.00 (One Hundred Thousand Rand) NET for wall cladding to staff area, to be executed by a sub-contractor","Item",null,{"v":100000,"d":"100,000.00"}]
[]
[" P","Add for profit","%IT",null,{"v":100000,"d":"100,000.00"}]
[]
[" Q","Add for general attendance on sub-contractor","%IT",null,{"v":100000,"d":"100,000.00"}]
[]
[null,"PROVISION FOR PARTITIONS TO BASEMENT & MEZZANINE FLOORS"]
[]
[" A","Allow the Provisional Amount of  R1 530 000.00 (One Million Five Hundred and Thirty Thousand Rand) NET for partitions to basement and mezzanine floors, to be executed by a sub-contractor","Item",null,{"v":1530000,"d":"1,530,000.00"}]
[]
[" B","Add for profit","%IT",null,{"v":1530000,"d":"1,530,000.00"}]
[]
[" C","Add for general attendance on sub-contractor","%IT",null,{"v":1530000,"d":"1,530,000.00"}]
[]
[null,"WALL PANELLING EVENT AREA"]
[]
[" D","Allow the Provisional Amount of  R300 000.00 (Three Hundred Thousand Rand) NET for wall panelling event area, to be executed by a sub-contractor","Item",null,{"v":300000,"d":"300,000.00"}]
[]
[" E","Add for profit","%IT",null,{"v":300000,"d":"300,000.00"}]
[]
[" F","Add for general attendance on sub-contractor","%IT",null,{"v":300000,"d":"300,000.00"}]
[]
[null,"ARCHITECTURAL FEATURES"]
[]
[" G","Allow the Provisional Amount of  R2 800 000.00 (Two Million Eight Hundred Thousand Rand) NET for architectural features, to be executed by a sub-contractor","Item",null,{"v":2800000,"d":"2,800,000.00"}]
[]
[" H","Add for profit","%IT",null,{"v":2800000,"d":"2,800,000.00"}]
[]
[" J","Add for general attendance on sub-contractor","%IT",null,{"v":2800000,"d":"2,800,000.00"}]
[]
[null,"ARCHITECTURAL SCREENING TO BAGGAGE HANDLING EQUIPMENT"]
[]
[" K","Allow the Provisional Amount of  R2 450 000.00 (Two Million Four Hundred and Fifty Thousand Rand) NET for architectural screening to baggage handling equipment, to be executed by a sub-contractor","Item",null,{"v":2450000,"d":"2,450,000.00"}]
[]
[" L","Add for profit","%IT",null,{"v":2450000,"d":"2,450,000.00"}]
[]
[" M","Add for general attendance on sub-contractor","%IT",null,{"v":2450000,"d":"2,450,000.00"}]
[]
[null,"WALL CLADDING"]
[]
[" A","Allow the Provisional Amount of R10 050 000.00 (Ten Million and Fifty Thousand Rand) NET for wall cladding, to be executed by a sub-contractor","Item",null,{"v":10050000,"d":"10,050,000.00"}]
[]
[" B","Add for profit","%IT",null,{"v":10050000,"d":"10,050,000.00"}]
[]
[" C","Add for general attendance on sub-contractor","%IT",null,{"v":10050000,"d":"10,050,000.00"}]
[]
[null,"ACOUSTIC PANELLING / FEATURE WALLING"]
[]
[" D","Allow the Provisional Amount of R16 400 000.00 (Sixteen Million Four Hundred Thousand Rand) NET for acoustic panelling/future walling, to be executed by a sub-contractor","Item",null,{"v":16400000,"d":"16,400,000.00"}]
[]
[" E","Add for profit","%IT",null,{"v":16400000,"d":"16,400,000.00"}]
[]
[" F","Add for general attendance on sub-contractor","%IT",null,{"v":16400000,"d":"16,400,000.00"}]
[]
[null,"HULABOND"]
[]
[" G","Allow the Provisional Amount of R22 500 000.00 (Twenty Two Million Five Hundred Thousand Rand) NET for Hulabond, to be executed by a sub-contractor","Item",null,{"v":22500000,"d":"22,500,000.00"}]
[]
[" H","Add for profit","%IT",null,{"v":22500000,"d":"22,500,000.00"}]
[]
[" J","Add for general attendance on sub-contractor","%IT",null,{"v":22500000,"d":"22,500,000.00"}]
[]
[null,"DECORATIVE SCREENS"]
[]
[" K","Allow the Provisional Amount of R6 000 000.00 (Six Million Rand) NET for decorative screens, to be executed by a sub-contractor","Item",null,{"v":6000000,"d":"6,000,000.00"}]
[]
[" L","Add for profit","%IT",null,{"v":6000000,"d":"6,000,000.00"}]
[]
[" M","Add for general attendance on sub-contractor","%IT",null,{"v":6000000,"d":"6,000,000.00"}]
[]
[null,"ENTRANCE PORTAL"]
[]
[" N","Allow the Provisional Amount of R1 000 000.00 (One Million Rand) NET for entrance portal, to be executed by a sub-contractor","Item",null,{"v":1000000,"d":"1,000,000.00"}]
[]
[" P","Add for profit","%IT",null,{"v":1000000,"d":"1,000,000.00"}]
[]
[" Q","Add for general attendance on sub-contractor","%IT",null,{"v":1000000,"d":"1,000,000.00"}]
[]
[null,"SUMP PUMPS"]
[]
[" A","Allow the Provisional Amount of R350 000.00 (Three Hundred and Fifty Thousand Rand) NET for sump pumps, to be executed by a sub-contractor","Item",null,{"v":350000,"d":"350,000.00"}]
[]
[" B","Add for profit","%IT",null,{"v":350000,"d":"350,000.00"}]
[]
[" C","Add for general attendance on sub-contractor","%IT",null,{"v":350000,"d":"350,000.00"}]
[]
[null,"QUEUING SYSTEM"]
[]
[" D","Allow the Provisional Amount of R7 350 000.00 (Seven Million Three Hundred and Fifty Thousand Rand) NET for queuing system, to be executed by a sub-contractor","Item",null,{"v":7350000,"d":"7,350,000.00"}]
[]
[" E","Add for profit","%IT",null,{"v":7350000,"d":"7,350,000.00"}]
[]
[" F","Add for general attendance on sub-contractor","%IT",null,{"v":7350000,"d":"7,350,000.00"}]
[]
[null,"RELOCATE MEDIA CENTRE"]
[]
[" G","Allow the Provisional Amount of R120 000.00 (One Hundred and Twenty Thousand Rand) NET for relocation of media centre, to be executed by a sub-contractor","Item",null,{"v":120000,"d":"120,000.00"}]
[]
[" H","Add for profit","%IT",null,{"v":120000,"d":"120,000.00"}]
[]
[" J","Add for general attendance on sub-contractor","%IT",null,{"v":120000,"d":"120,000.00"}]
[]
[null,"RELOCATE MEDICAL CENTRE"]
[]
[" K","Allow the Provisional Amount of R1 000 000.00 (One Million Rand) NET for relocation of medical centre, to be executed by a sub-contractor","Item",null,{"v":1000000,"d":"1,000,000.00"}]
[]
[" L","Add for profit","%IT",null,{"v":1000000,"d":"1,000,000.00"}]
[]
[" M","Add for general attendance on sub-contractor","%IT",null,{"v":1000000,"d":"1,000,000.00"}]
[]
[null,"BAG DROPS"]
[]
[" N","Allow the Provisional Amount of R3 200 000.00 (Three Million Two Hundred Thousand Rand) NET for bag drops, to be executed by a sub-contractor","Item",null,{"v":3200000,"d":"3,200,000.00"}]
[]
[" P","Add for profit","%IT",null,{"v":3200000,"d":"3,200,000.00"}]
[]
[" Q","Add for general attendance on sub-contractor","%IT",null,{"v":3200000,"d":"3,200,000.00"}]
[]
[null,"EMIGRATION KIOSKS"]
[]
[" A","Allow the Provisional Amount of R1 400 000.00 (One Million Four Hundred Thousand Rand) NET for emigration kiosks, to be executed by a sub-contractor","Item",null,{"v":1400000,"d":"1,400,000.00"}]
[]
[" B","Add for profit","%IT",null,{"v":1400000,"d":"1,400,000.00"}]
[]
[" C","Add for general attendance on sub-contractor","%IT",null,{"v":1400000,"d":"1,400,000.00"}]
[]
[null,"TI BIDVEST FE"]
[]
[" D","Allow the Provisional Amount of R950 000.00 (Nine Hundred and Fifty Thousand Rand) NET for TI Bidvest FE, to be executed by a sub-contractor","Item",null,{"v":950000,"d":"950,000.00"}]
[]
[" E","Add for profit","%IT",null,{"v":950000,"d":"950,000.00"}]
[]
[" F","Add for general attendance on sub-contractor","%IT",null,{"v":950000,"d":"950,000.00"}]
[]
[null,"CUSTOM CONTROL"]
[]
[" G","Allow the Provisional Amount of R1 250 000.00 (One Million Two Hundred and Fifty Thousand Rand) NET for custom control, to be executed by a sub-contractor","Item",null,{"v":1250000,"d":"1,250,000.00"}]
[]
[" H","Add for profit","%IT",null,{"v":1250000,"d":"1,250,000.00"}]
[]
[" J","Add for general attendance on sub-contractor","%IT",null,{"v":1250000,"d":"1,250,000.00"}]
[]
[null,"THEMING TO T2"]
[]
[" K","Allow the Provisional Amount of R2 500 000.00 (Two Million Five Hundred Thousand Rand) NET for theming to T2, to be executed by a sub-contractor","Item",null,{"v":2500000,"d":"2,500,000.00"}]
[]
[" L","Add for profit","%IT",null,{"v":2500000,"d":"2,500,000.00"}]
[]
[" M","Add for general attendance on sub-contractor","%IT",null,{"v":2500000,"d":"2,500,000.00"}]
[]
[null,"FF&E TO AIRLINE SUPPORT SERVICES"]
[]
[" N","Allow the Provisional Amount of R1 755 000.00 (One Million Seven Hundred and Fifty Five Thousand Rand) NET for FF&E to airline support services, to be executed by a sub-contractor","Item",null,{"v":1755000,"d":"1,755,000.00"}]
[]
[" P","Add for profit","%IT",null,{"v":1755000,"d":"1,755,000.00"}]
[]
[" Q","Add for general attendance on sub-contractor","%IT",null,{"v":1755000,"d":"1,755,000.00"}]
[]
[null,"INTERNAL PUBLIC FURNITURE TO T2"]
[]
[" A","Allow the Provisional Amount of R3 000 000.00 (Three Million Rand) NET for internal public furniture to T2, to be executed by a sub-contractor","Item",null,{"v":3000000,"d":"3,000,000.00"}]
[]
[" B","Add for profit","%IT",null,{"v":3000000,"d":"3,000,000.00"}]
[]
[" C","Add for general attendance on sub-contractor","%IT",null,{"v":3000000,"d":"3,000,000.00"}]
[]
[null,"FIREARM DISCHARGE BOX"]
[]
[" D","Allow the Provisional Amount of R250 000.00 (Two Hundred and Fifty Thousand Rand) NET for firearm discharge box, to be executed by a sub-contractor","Item",null,{"v":250000,"d":"250,000.00"}]
[]
[" E","Add for profit","%IT",null,{"v":250000,"d":"250,000.00"}]
[]
[" F","Add for general attendance on sub-contractor","%IT",null,{"v":250000,"d":"250,000.00"}]
[]
[null,"POST TENSIONING"]
[]
[" G","Allow the Provisional Amount of R9 450 000.00 (Nine Million Four Hundred and Fifty Thousand Rand) NET for post tensioning, to be executed by a sub-contractor","Item",null,{"v":9450000,"d":"9,450,000.00"}]
[]
[" H","Add for profit","%IT",null,{"v":9450000,"d":"9,450,000.00"}]
[]
[" J","Add for general attendance on sub-contractor","%IT",null,{"v":9450000,"d":"9,450,000.00"}]
[]
[null,"STREET FURNITURE TO T2"]
[]
[" K","Allow the Provisional Amount of R1 000 000.00 (One Million Rand) NET for street furniture to T2, to be executed by a sub-contractor","Item",null,{"v":1000000,"d":"1,000,000.00"}]
[]
[" L","Add for profit","%IT",null,{"v":1000000,"d":"1,000,000.00"}]
[]
[" M","Add for general attendance on sub-contractor","%IT",null,{"v":1000000,"d":"1,000,000.00"}]
[]
[null,"FUTURE POSITION OF T1 LINK"]
[]
[" N","Allow the Provisional Amount of R6 100 000.00 (Six Million One Hundred Thousand Rand) NET for future position of T1 link, to be executed by a sub-contractor","Item",null,{"v":6100000,"d":"6,100,000.00"}]
[]
[" P","Add for profit","%IT",null,{"v":6100000,"d":"6,100,000.00"}]
[]
[" Q","Add for general attendance on sub-contractor","%IT",null,{"v":6100000,"d":"6,100,000.00"}]
[]
[null,"ARRIVALS HALL ABLUTION RELOCATION"]
[]
[" A","Allow the Provisional Amount of R950 000.00 (Nine Hundred and Fifty Thousand Rand) NET for Arrivals Hall ablution relocation, to be executed by a sub-contractor","Item",null,{"v":950000,"d":"950,000.00"}]
[]
[" B","Add for profit","%IT",null,{"v":950000,"d":"950,000.00"}]
[]
[" C","Add for general attendance on sub-contractor","%IT",null,{"v":950000,"d":"950,000.00"}]
[]
[null,"HARD LANDSCAPING (BENCHES, ASHTRAYS, BOLLARDS, ETC.)"]
[]
[" D","Allow the Provisional Amount of R750 000.00 (Seven Hundred and Fifty Thousand Rand) NET for hard landscaping (benches, ashtrays, bollards, etc.), to be executed by a sub-contractor","Item",null,{"v":750000,"d":"750,000.00"}]
[]
[" E","Add for profit","%IT",null,{"v":750000,"d":"750,000.00"}]
[]
[" F","Add for general attendance on sub-contractor","%IT",null,{"v":750000,"d":"750,000.00"}]
[]
[null,"SOFT LANDSCAPING"]
[]
[" G","Allow the Provisional Amount of R2 000 000.00 (Two Million Rand) NET for soft landscaping, to be executed by a sub-contractor","Item",null,{"v":2000000,"d":"2,000,000.00"}]
[]
[" H","Add for profit","%IT",null,{"v":2000000,"d":"2,000,000.00"}]
[]
[" J","Add for general attendance on sub-contractor","%IT",null,{"v":2000000,"d":"2,000,000.00"}]
[]
[null,"RELOCATE AND RE-POSITION SECURITY / PARKING BOOMS"]
[]
[" K","Allow the Provisional Amount of R500 000.00 (Five Hundred Thousand Rand) NET for relocation and re-positioning of security/parking booms, to be executed by a sub-contractor","Item",null,{"v":500000,"d":"500,000.00"}]
[]
[" L","Add for profit","%IT",null,{"v":500000,"d":"500,000.00"}]
[]
[" M","Add for general attendance on sub-contractor","%IT",null,{"v":500000,"d":"500,000.00"}]
[]
[null,"EXISTING FA×‡ADES"]
[]
[" A","Allow the Provisional Amount of R1 500 000.00 (One Million Five Hundred Thousand Rand) NET for existing fa×§ades, to be executed by a sub-contractor","Item",null,{"v":1500000,"d":"1,500,000.00"}]
[]
[" B","Add for profit","%IT",null,{"v":1500000,"d":"1,500,000.00"}]
[]
[" C","Add for general attendance on sub-contractor","%IT",null,{"v":1500000,"d":"1,500,000.00"}]
[]
[null,"SAFETY ACCESS SYSTEM TO ROOF"]
[]
[" D","Allow the Provisional Amount of R1 500 000.00 (One Million Five Hundred Thousand Rand) NET for safety access system to roof, to be executed by a sub-contractor","Item",null,{"v":1500000,"d":"1,500,000.00"}]
[]
[" E","Add for profit","%IT",null,{"v":1500000,"d":"1,500,000.00"}]
[]
[" F","Add for general attendance on sub-contractor","%IT",null,{"v":1500000,"d":"1,500,000.00"}]
[]
[null,"FEATURE CANOPY"]
[]
[" G","Allow the Provisional Amount of R8 800 000.00 (Eight Million Eight Hundred Thousand Rand) NET for feature canopy, to be executed by a sub-contractor","Item",null,{"v":8800000,"d":"8,800,000.00"}]
[]
[" H","Add for profit","%IT",null,{"v":8800000,"d":"8,800,000.00"}]
[]
[" J","Add for general attendance on sub-contractor","%IT",null,{"v":8800000,"d":"8,800,000.00"}]
[]
[null,"ACOUSTIC TREATMENT TO ROOF"]
[]
[" K","Allow the Provisional Amount of  R3 000 000.00 (Three Million Rand) NET for acoustic treatment to roof, to be executed by a sub-contractor","Item",null,{"v":3000000,"d":"3,000,000.00"}]
[]
[" L","Add for profit","%IT",null,{"v":3000000,"d":"3,000,000.00"}]
[]
[" M","Add for general attendance on sub-contractor","%IT",null,{"v":3000000,"d":"3,000,000.00"}]
[]
[null,"PROVISION FOR BOX GUTTER TO MAIN ROOF"]
[]
[" N","Allow the Provisional Amount of  R360 000.00 (Three Hundred and Sixty Thousand Rand) NET for provision for box gutter to main roof, to be executed by a sub-contractor","Item",null,{"v":360000,"d":"360,000.00"}]
[]
[" P","Add for profit","%IT",null,{"v":360000,"d":"360,000.00"}]
[]
[" Q","Add for general attendance on sub-contractor","%IT",null,{"v":360000,"d":"360,000.00"}]
[]
[null,"MENTIS GRATING & BALUSTRADING TO ROOF LEVEL"]
[]
[" A","Allow the Provisional Amount of  R3 800 000.00 (Three Million Eight Hundred Thousand Rand) NET for mentis grating and balustrading to roof level, to be executed by a sub-contractor","Item",null,{"v":3800000,"d":"3,800,000.00"}]
[]
[" B","Add for profit","%IT",null,{"v":3800000,"d":"3,800,000.00"}]
[]
[" C","Add for general attendance on sub-contractor","%IT",null,{"v":3800000,"d":"3,800,000.00"}]
[]
[null,"GLASS LIFT STRUCTURE"]
[]
[" D","Allow the Provisional Amount of  R5 000 000.00 (Five Million Rand) NET for glass lift structure, to be executed by a sub-contractor","Item",null,{"v":5000000,"d":"5,000,000.00"}]
[]
[" E","Add for profit","%IT",null,{"v":5000000,"d":"5,000,000.00"}]
[]
[" F","Add for general attendance on sub-contractor","%IT",null,{"v":5000000,"d":"5,000,000.00"}]
[]
[null,"ALUMINIUM LOUVRES"]
[]
[" G","Allow the Provisional Amount of R1 350 000.00 (One Million Three Hundred and Fifty Thousand Rand) NET for aluminium louvres, to be executed by a sub-contractor","Item",null,{"v":1350000,"d":"1,350,000.00"}]
[]
[" H","Add for profit","%IT",null,{"v":1350000,"d":"1,350,000.00"}]
[]
[" J","Add for general attendance on sub-contractor","%IT",null,{"v":1350000,"d":"1,350,000.00"}]
[]
[null,"FIRE PROOFING"]
[]
[" K","Allow the Provisional Amount of R3 200 000.00 (Three Million Two Hundred Thousand Rand) NET for fire proofing, to be executed by a sub-contractor","Item",null,{"v":3200000,"d":"3,200,000.00"}]
[]
[" L","Add for profit","%IT",null,{"v":3200000,"d":"3,200,000.00"}]
[]
[" M","Add for general attendance on sub-contractor","%IT",null,{"v":3200000,"d":"3,200,000.00"}]
[]
[null,"BAGGAGE SORTATION SYSTEM EXTENSION & EARLY BAG STORE"]
[]
[" A","Allow the Provisional Amount of R155 000 000.00 (One Hundred and Fifty Five Million Rand) NET for baggage sortation system extension and early bag store, to be executed by a sub-contractor","Item",null,{"v":155000000,"d":"155,000,000.00"}]
[]
[" B","Add for profit","%IT",null,{"v":155000000,"d":"155,000,000.00"}]
[]
[" C","Add for general attendance on sub-contractor","%IT",null,{"v":155000000,"d":"155,000,000.00"}]
[]
[null,"ADDITIONAL CHECK-IN COUNTERS"]
[]
[" D","Allow the Provisional Amount of R49 000 000.00 (Forty Nine Million Rand) NET for additional check-in counters, to be executed by a sub-contractor","Item",null,{"v":49000000,"d":"49,000,000.00"}]
[]
[" E","Add for profit","%IT",null,{"v":49000000,"d":"49,000,000.00"}]
[]
[" F","Add for general attendance on sub-contractor","%IT",null,{"v":49000000,"d":"49,000,000.00"}]
[]
[null,"PRIMARY STRUCTURAL STEEL IN MEZZANINE FLOOR FOR BAGGAGE SORTATION SYSTEM"]
[]
[" G","Allow the Provisional Amount of R22 300 000.00 (Twenty Two Million Three Hundred Thousand Rand) NET for primary steel in mezzanine floor for baggage sortation system, to be executed by a sub-contractor","Item",null,{"v":22300000,"d":"22,300,000.00"}]
[]
[" H","Add for profit","%IT",null,{"v":22300000,"d":"22,300,000.00"}]
[]
[" J","Add for general attendance on sub-contractor","%IT",null,{"v":22300000,"d":"22,300,000.00"}]
[]
[null,"ICT"]
[]
[" K","Allow the Provisional Amount of R102 950 000.00 (One Hundred and Two Million Nine Hundred and Fifty Thousand Rand) NET for ICT, to be executed by a sub-contractor","Item",null,{"v":102950000,"d":"102,950,000.00"}]
[]
[" L","Add for profit","%IT",null,{"v":102950000,"d":"102,950,000.00"}]
[]
[" M","Add for general attendance on sub-contractor","%IT",null,{"v":102950000,"d":"102,950,000.00"}]

{"sheet":"New Civil Rates","index":14,"n_rows":53,"n_cols":11,"rows_kept":53,"merged":[[0,9,0,10],[3,1,3,2]]}
[{"$nulls":9},"Below rates exclude Turnout Factors [P&G, Sundry costs, Contingency, Esclation & Fees]"]
[null,null,"ELEMENT",{"$nulls":5},"UNIT","Current Rate March 2022 (ZAR)"]
[{"$nulls":3},"Multi","Lenth","Width","H/D","Rate"]
[null,"Concrete Aprons Stands (85mm) - (construction)",{"$nulls":7},{"$f":"SUM(J5:J15)","v":{"v":6576.62,"d":"R6,577"}}," /m2"]
[null,null,"Soil Poisining",{"v":1,"d":"1.00"},{"v":1,"d":"1.00"},{"v":1,"d":"1.00"},{"v":1,"d":"1.00"},{"v":32,"d":"32.00"},"m2",{"$f":"H5*G5*F5*E5*D5","v":{"v":32,"d":"32.00"}}]
[null,null,"Fill",{"v":1,"d":"1.00"},{"v":1,"d":"1.00"},{"v":1,"d":"1.00"},0.085,{"v":265,"d":"265.00"},"m3",{"$f":"H6*G6*F6*E6*D6","v":{"v":22.525000000000002,"d":"22.53"}}]
[null,null,"DPM",{"v":1,"d":"1.00"},{"v":1,"d":"1.00"},{"v":1,"d":"1.00"},{"v":1,"d":"1.00"},{"v":15,"d":"15.00"},"m2",{"$f":"H7*G7*F7*E7*D7","v":{"v":15,"d":"15.00"}}]
[null,null,"Concrete",{"v":1,"d":"1.00"},{"v":1,"d":"1.00"},{"v":1,"d":"1.00"},0.085,{"v":1763,"d":"1,763.00"},"m3",{"v":149.85500000000002,"d":"149.86"}]
[null,null,"Woodfloat",{"v":1,"d":"1.00"},{"v":1,"d":"1.00"},{"v":1,"d":"1.00"},{"v":1,"d":"1.00"},{"v":35,"d":"35.00"},"m2",{"v":35,"d":"35.00"}]
[null,null,"Mesh reinforcement",{"v":1,"d":"1.00"},{"v":1,"d":"1.00"},{"v":1,"d":"1.00"},{"v":1,"d":"1.00"},{"v":60,"d":"60.00"},"m2",{"v":60,"d":"60.00"}]
[null,null,"Sawcut joints",{"v":1,"d":"1.00"},{"v":1,"d":"1.00"},{"v":1,"d":"1.00"},{"v":1,"d":"1.00"},{"v":64,"d":"64.00"},"m",{"v":64,"d":"64.00"}]
[null,null,"Backing rope",{"v":1,"d":"1.00"},{"v":1,"d":"1.00"},{"v":1,"d":"1.00"},{"v":1,"d":"1.00"},{"v":25,"d":"25.00"},"m",{"v":25,"d":"25.00"}]
[null,null,"Polysulphide sealant",{"v":1,"d":"1.00"},{"v":1,"d":"1.00"},{"v":1,"d":"1.00"},{"v":1,"d":"1.00"},{"v":25,"d":"25.00"},"m",{"v":25,"d":"25.00"}]
[null,null,"Formwork",{"v":2,"d":"2.00"},{"v":1,"d":"1.00"},{"v":1,"d":"1.00"},0.85,{"v":3548,"d":"3,548.00"},"m2",{"$f":"H14*G14*F14*E14*D14","v":{"v":6031.599999999999,"d":"6,031.60"}}]
[null,null,"Sundries",{"$nulls":4},{"v":0.02,"d":"2%"},"m2",{"$f":"SUM(H5:H14*H15)","v":{"v":116.64000000000001,"d":"116.64"}}]
[]
[null,"Pavement Construction ",{"$nulls":7},{"$f":"SUM(J18:J24)","v":{"v":865.1,"d":"R865"}}," /m2"]
[null,null,"Excavation",{"v":1,"d":"1.00"},{"v":1,"d":"1.00"},{"v":1,"d":"1.00"},{"v":1,"d":"1.00"},{"v":116,"d":"116.00"},null,{"$f":"H18*G18*F18*E18*D18","v":{"v":116,"d":"116.00"}}]
[null,null,"Rip, scarify & compact",{"v":1,"d":"1.00"},{"v":1,"d":"1.00"},{"v":1,"d":"1.00"},{"v":1,"d":"1.00"},{"v":40,"d":"40.00"},null,{"v":40,"d":"40.00"}]
[null,null,"150mm G6 Layer",{"v":1,"d":"1.00"},{"v":1,"d":"1.00"},{"v":1,"d":"1.00"},0.15,{"v":380,"d":"380.00"},null,{"v":57,"d":"57.00"}]
[null,null,"150mm G7 Base course",{"v":1,"d":"1.00"},{"v":1,"d":"1.00"},{"v":1,"d":"1.00"},{"v":0.3,"d":"0.30"},{"v":410,"d":"410.00"},null,{"$f":"H21*G21*F21*E21*D21","v":{"v":123,"d":"123.00"}}]
[null,null,"Add cement stabilizer",{"v":130,"d":"130.00"},{"v":1,"d":"1.00"},{"v":1,"d":"1.00"},{"v":0.3,"d":"0.30"},{"v":4,"d":"4.00"},null,{"v":156,"d":"156.00"}]
[null,null,"800mm Interlocker paver",{"v":1,"d":"1.00"},{"v":1,"d":"1.00"},{"v":1,"d":"1.00"},{"v":1,"d":"1.00"},{"v":360,"d":"360.00"},null,{"v":360,"d":"360.00"}]
[null,null,"Sundries",{"$nulls":4},{"v":0.01,"d":"1%"},null,{"$f":"SUM(H18:H23*H24)","v":{"v":13.1,"d":"13.10"}}]
[]
[null,"Ashphalt Road Surface",{"$nulls":7},{"$f":"SUM(J27:J33)","v":{"v":767.8,"d":"767.80"}}," /m2"]
[null,null,"Excavation",{"v":1,"d":"1.00"},{"v":1,"d":"1.00"},{"v":1,"d":"1.00"},{"v":0.4,"d":"0.40"},{"v":116,"d":"116.00"},null,{"$f":"H27*G27*F27*E27*D27","v":{"v":46.400000000000006,"d":"46.40"}}]
[null,null,"Rip, scarify & compact",{"v":1,"d":"1.00"},{"v":1,"d":"1.00"},{"v":1,"d":"1.00"},{"v":1,"d":"1.00"},{"v":40,"d":"40.00"},null,{"v":40,"d":"40.00"}]
[null,null,"150mm G6 Layer",{"v":1,"d":"1.00"},{"v":1,"d":"1.00"},{"v":1,"d":"1.00"},0.15,{"v":380,"d":"380.00"},null,{"v":57,"d":"57.00"}]
[null,null,"150mm G7 Base course",{"v":1,"d":"1.00"},{"v":1,"d":"1.00"},{"v":1,"d":"1.00"},{"v":0.3,"d":"0.30"},{"v":410,"d":"410.00"},null,{"v":123,"d":"123.00"}]
[null,null,"Add cement stabilizer",{"v":130,"d":"130.00"},{"v":1,"d":"1.00"},{"v":1,"d":"1.00"},{"v":0.3,"d":"0.30"},{"v":4,"d":"4.00"},null,{"v":156,"d":"156.00"}]
[null,null,"Tarmac (Dependent on thickness of surface)",{"v":1,"d":"1.00"},{"v":1,"d":"1.00"},{"v":1,"d":"1.00"},{"v":1,"d":"1.00"},{"v":320,"d":"320.00"},null,{"v":320,"d":"320.00"}]
[null,null,"Sundries",{"$nulls":4},{"v":0.02,"d":"2%"},null,{"$f":"SUM(H27:H32*H33)","v":{"v":25.4,"d":"25.40"}}]
[]
[null,"Roadmarkings (Painting)"]
[null,null,"Setting out and pre-marking the lines",{"v":1,"d":"1.00"},{"v":1,"d":"1.00"},{"v":1,"d":"1.00"},{"v":1,"d":"1.00"},{"v":116,"d":"116.00"}," /m",{"$f":"H36*G36*F36*E36*D36","v":{"v":116,"d":"116.00"}}]
[]
[null,null,"White and Yellow lines (Broken and Unbroken)",{"v":1,"d":"1.00"},{"v":1,"d":"1.00"},{"v":1,"d":"1.00"},{"v":1,"d":"1.00"},{"v":26,"d":"26.00"}," /m",{"$f":"H38*G38*F38*E38*D38","v":{"v":26,"d":"26.00"}}]
[null,null,"150mm Wide",{"v":1,"d":"1.00"},{"v":1,"d":"1.00"},{"v":1,"d":"1.00"},{"v":1,"d":"1.00"},{"v":12,"d":"12.00"}," /m",{"v":12,"d":"12.00"}]
[null,null,"450mm Wide",{"v":1,"d":"1.00"},{"v":1,"d":"1.00"},{"v":1,"d":"1.00"},{"v":1,"d":"1.00"},{"v":21,"d":"21.00"}," /m",{"v":21,"d":"21.00"}]
[null,null,"900mm Wide",{"v":1,"d":"1.00"},{"v":1,"d":"1.00"},{"v":1,"d":"1.00"},{"v":1,"d":"1.00"},{"v":37,"d":"37.00"}," /m",{"v":37,"d":"37.00"}]
[null,null,"1800mm Wide",{"v":1,"d":"1.00"},{"v":1,"d":"1.00"},{"v":1,"d":"1.00"},{"v":1,"d":"1.00"},{"v":80,"d":"80.00"}," /m",{"v":80,"d":"80.00"}]
[null,null,"6000mm Wide",{"v":1,"d":"1.00"},{"v":1,"d":"1.00"},{"v":1,"d":"1.00"},{"v":1,"d":"1.00"},{"v":250,"d":"250.00"}," /m",{"v":250,"d":"250.00"}]
[]
[null,null,"White and Yellow lines (Broken and Unbroken)",{"v":1,"d":"1.00"},{"v":1,"d":"1.00"},{"v":1,"d":"1.00"},{"v":1,"d":"1.00"},{"v":3600,"d":"3,600.00"}," /Km",{"$f":"H45*G45*F45*E45*D45","v":{"v":3600,"d":"3,600.00"}}]
[null,null,"150mm Wide",{"v":1,"d":"1.00"},{"v":1,"d":"1.00"},{"v":1,"d":"1.00"},{"v":1,"d":"1.00"},{"v":8000,"d":"8,000.00"}," /Km",{"v":8000,"d":"8,000.00"}]
[null,null,"450mm Wide",{"v":1,"d":"1.00"},{"v":1,"d":"1.00"},{"v":1,"d":"1.00"},{"v":1,"d":"1.00"},{"v":18000,"d":"18,000.00"}," /Km",{"$f":"H47*G47*F47*E47*D47","v":{"v":18000,"d":"18,000.00"}}]
[null,null,"900mm Wide",{"v":1,"d":"1.00"},{"v":1,"d":"1.00"},{"v":1,"d":"1.00"},{"v":1,"d":"1.00"},{"v":36000,"d":"36,000.00"}," /Km",{"v":36000,"d":"36,000.00"}]
[null,null,"1800mm Wide",{"v":1,"d":"1.00"},{"v":1,"d":"1.00"},{"v":1,"d":"1.00"},{"v":1,"d":"1.00"},{"v":72000,"d":"72,000.00"}," /Km",{"v":72000,"d":"72,000.00"}]
[null,null,"6000mm Wide",{"v":1,"d":"1.00"},{"v":1,"d":"1.00"},{"v":1,"d":"1.00"},{"v":1,"d":"1.00"},{"v":240000,"d":"240,000.00"}," /Km",{"v":240000,"d":"240,000.00"}]
[]
[null,null,"White and Yellow lettering and symbols",{"v":1,"d":"1.00"},{"v":1,"d":"1.00"},{"v":1,"d":"1.00"},{"v":1,"d":"1.00"},{"v":85,"d":"85.00"}," /m2",{"v":85,"d":"85.00"}]
[null,null,"Red lettering and symbols",{"v":1,"d":"1.00"},{"v":1,"d":"1.00"},{"v":1,"d":"1.00"},{"v":1,"d":"1.00"},{"v":120,"d":"120.00"}," /m2",{"$f":"H53*G53*F53*E53*D53","v":{"v":120,"d":"120.00"}}]

{"sheet":"Civil Rehab Rates ","index":15,"n_rows":56,"n_cols":11,"rows_kept":56,"merged":[[1,9,1,10],[9,1,9,2]]}
[]
[{"$nulls":9},"Below rates exclude Turnout Factors [P&G, Sundry costs, Contingency, Esclation & Fees]"]
[null,null,"ELEMENT",{"$nulls":5},"UNIT","Current Rate March 2022 (ZAR)"]
[{"$nulls":3},"Multi","Lenth","Width","H/D","Rate"]
[null,"Demolition works"]
[null,null,"Breaking up existing pavement layers",{"v":1,"d":"1.00"},{"v":1,"d":"1.00"},{"v":1,"d":"1.00"},{"v":1,"d":"1.00"},{"v":55,"d":"55.00"},"m2",{"$f":"H6*G6*F6*E6*D6","v":{"v":55,"d":"55.00"}}," /m2"]
[null,null,"Breaking up existing concrete slab",{"v":1,"d":"1.00"},{"v":1,"d":"1.00"},{"v":1,"d":"1.00"},{"v":1,"d":"1.00"},{"v":270,"d":"270.00"},"m2",{"$f":"H7*G7*F7*E7*D7","v":{"v":270,"d":"270.00"}}," /m2"]
[null,null,"Miling out existing bituminious material",{"v":1,"d":"1.00"},{"v":1,"d":"1.00"},{"v":1,"d":"1.00"},{"v":1,"d":"1.00"},{"v":270,"d":"270.00"},"m3",{"v":270,"d":"270.00"}," /m3"]
[]
[null,"Concrete Rehab. Stands ",{"$nulls":7},{"v":699,"d":"R699"}," /m2"]
[null,null,"Soil Poisining",{"v":1,"d":"1.00"},{"v":1,"d":"1.00"},{"v":1,"d":"1.00"},{"v":1,"d":"1.00"},{"v":32,"d":"32.00"},"m2",{"$f":"H11*G11*F11*E11*D11","v":{"v":32,"d":"32.00"}}]
[null,null,"Fill",{"v":1,"d":"1.00"},{"v":1,"d":"1.00"},{"v":1,"d":"1.00"},0.085,{"v":265,"d":"265.00"},"m3",{"$f":"H12*G12*F12*E12*D12","v":{"v":22.525000000000002,"d":"22.53"}}]
[null,null,"DPM",{"v":1,"d":"1.00"},{"v":1,"d":"1.00"},{"v":1,"d":"1.00"},{"v":1,"d":"1.00"},{"v":15,"d":"15.00"},"m2",{"$f":"H13*G13*F13*E13*D13","v":{"v":15,"d":"15.00"}}]
[null,null,"Concrete",{"v":1,"d":"1.00"},{"v":1,"d":"1.00"},{"v":1,"d":"1.00"},0.085,{"v":1698,"d":"1,698.00"},"m3",144.33]
[null,null,"Woodfloat",{"v":1,"d":"1.00"},{"v":1,"d":"1.00"},{"v":1,"d":"1.00"},{"v":1,"d":"1.00"},{"v":35,"d":"35.00"},"m2",{"v":35,"d":"35.00"}]
[null,null,"Mesh reinforcement",{"v":1,"d":"1.00"},{"v":1,"d":"1.00"},{"v":1,"d":"1.00"},{"v":1,"d":"1.00"},{"v":60,"d":"60.00"},"m2",{"v":60,"d":"60.00"}]
[null,null,"Sawcut joints",{"v":1,"d":"1.00"},{"v":1,"d":"1.00"},{"v":1,"d":"1.00"},{"v":1,"d":"1.00"},{"v":120,"d":"120.00"},"m",{"v":120,"d":"120.00"}]
[null,null,"Backing rope",{"v":1,"d":"1.00"},{"v":1,"d":"1.00"},{"v":1,"d":"1.00"},{"v":1,"d":"1.00"},{"v":25,"d":"25.00"},"m",{"v":25,"d":"25.00"}]
[null,null,"Polysulphide sealant",{"v":1,"d":"1.00"},{"v":1,"d":"1.00"},{"v":1,"d":"1.00"},{"v":1,"d":"1.00"},{"v":25,"d":"25.00"},"m",{"v":25,"d":"25.00"}]
[null,null,"Formwork",{"v":1,"d":"1.00"},{"v":1,"d":"1.00"},{"v":1,"d":"1.00"},{"v":1,"d":"1.00"},0.85,"m2",0.85]
[null,null,"Sundries",{"$nulls":4},{"v":0.1,"d":"10%"},"m2",{"$f":"SUM(H11:H20*H21)","v":{"v":227.585,"d":"227.59"}}]
[]
[null,"Pavement Repairs",{"$nulls":7},{"v":584,"d":"R584"}," /m2"]
[null,null,"Excavation to reduce level",{"v":1,"d":"1.00"},{"v":1,"d":"1.00"},{"v":1,"d":"1.00"},{"v":1,"d":"1.00"},{"v":116,"d":"116.00"},null,{"$f":"H24*G24*F24*E24*D24","v":{"v":116,"d":"116.00"}}]
[null,null,"Rip, scarify & compact",{"v":1,"d":"1.00"},{"v":1,"d":"1.00"},{"v":1,"d":"1.00"},{"v":1,"d":"1.00"},{"v":40,"d":"40.00"},null,{"v":40,"d":"40.00"}]
[null,null,"150mm G6 Layer",{"v":1,"d":"1.00"},{"v":1,"d":"1.00"},{"v":1,"d":"1.00"},0.15,{"v":350,"d":"350.00"},null,{"v":52.5,"d":"52.50"}]
[null,null,"Add cement stabilizer",{"v":130,"d":"130.00"},{"v":1,"d":"1.00"},{"v":1,"d":"1.00"},{"v":0.3,"d":"0.30"},{"v":4,"d":"4.00"},null,{"v":156,"d":"156.00"}]
[null,null,"800mm Interlocker paver",{"v":1,"d":"1.00"},{"v":1,"d":"1.00"},{"v":1,"d":"1.00"},{"v":1,"d":"1.00"},{"v":360,"d":"360.00"},null,{"v":360,"d":"360.00"}]
[null,null,"Sundries",{"$nulls":4},{"v":0.1,"d":"10%"},null,{"$f":"SUM(H24:H28*H29)","v":{"v":87,"d":"87.00"}}]
[]
[null,"Asphalt Mill and Replace RWY/TWY",{"$nulls":7},{"v":16500,"d":"R16,500"}," /m2"]
[]
[null,"Ashphalt Road Surface (Repair)",{"$nulls":7},{"v":518,"d":"R518"}," /m2"]
[null,null,"Excavation to reduce level",{"v":1,"d":"1.00"},{"v":1,"d":"1.00"},{"v":1,"d":"1.00"},{"v":0.4,"d":"0.40"},{"v":116,"d":"116.00"},null,{"$f":"H34*G34*F34*E34*D34","v":{"v":46.400000000000006,"d":"46.40"}}]
[null,null,"Rip, scarify & compact",{"v":1,"d":"1.00"},{"v":1,"d":"1.00"},{"v":1,"d":"1.00"},{"v":1,"d":"1.00"},{"v":40,"d":"40.00"},null,{"v":40,"d":"40.00"}]
[null,null,"150mm G6 Layer",{"v":1,"d":"1.00"},{"v":1,"d":"1.00"},{"v":1,"d":"1.00"},0.15,{"v":350,"d":"350.00"},null,{"v":52.5,"d":"52.50"}]
[null,null,"Add cement stabilizer",{"v":130,"d":"130.00"},{"v":1,"d":"1.00"},{"v":1,"d":"1.00"},{"v":0.3,"d":"0.30"},{"v":4,"d":"4.00"},null,{"v":156,"d":"156.00"}]
[null,null,"Tarmac (Dependent on thickness of surface)",{"v":1,"d":"1.00"},{"v":1,"d":"1.00"},{"v":1,"d":"1.00"},{"v":1,"d":"1.00"},{"v":320,"d":"320.00"},null,{"v":320,"d":"320.00"}]
[null,null,"Sundries",{"$nulls":4},{"v":0.1,"d":"10%"},null,{"$f":"SUM(H34:H38*H39)","v":{"v":83,"d":"83.00"}}]
[]
[null,"Roadmarkings (Refurbishment)"]
[null,null,"Setting out and pre-marking the lines",{"v":1,"d":"1.00"},{"v":1,"d":"1.00"},{"v":1,"d":"1.00"},{"v":1,"d":"1.00"},{"v":116,"d":"116.00"},null,{"$f":"H42*G42*F42*E42*D42","v":{"v":116,"d":"116.00"}}," /m"]
[]
[null,null,"White and Yellow lines (Broken and Unbroken)",{"v":1,"d":"1.00"},{"v":1,"d":"1.00"},{"v":1,"d":"1.00"},{"v":1,"d":"1.00"},{"v":40,"d":"40.00"},null,{"$f":"H44*G44*F44*E44*D44","v":{"v":40,"d":"40.00"}}," /m"]
[null,null,"150mm Wide",{"v":1,"d":"1.00"},{"v":1,"d":"1.00"},{"v":1,"d":"1.00"},0.15,{"v":350,"d":"350.00"},null,{"v":52.5,"d":"52.50"}," /m"]
[null,null,"900mm Wide",{"v":1,"d":"1.00"},{"v":1,"d":"1.00"},{"v":1,"d":"1.00"},0.15,{"v":350,"d":"350.00"},null,{"v":52.5,"d":"52.50"}," /m"]
[null,null,"1800mm Wide",{"v":1,"d":"1.00"},{"v":1,"d":"1.00"},{"v":1,"d":"1.00"},0.15,{"v":350,"d":"350.00"},null,{"v":52.5,"d":"52.50"}," /m"]
[null,null,"6000mm Wide",{"v":1,"d":"1.00"},{"v":1,"d":"1.00"},{"v":1,"d":"1.00"},0.15,{"v":350,"d":"350.00"},null,{"v":52.5,"d":"52.50"}," /m"]
[]
[null,null,"White and Yellow lettering and symbols",{"v":1,"d":"1.00"},{"v":1,"d":"1.00"},{"v":1,"d":"1.00"},0.15,{"v":350,"d":"350.00"},null,{"v":52.5,"d":"52.50"}," /m2"]
[null,null,"Red lettering and symbols",{"v":1,"d":"1.00"},{"v":1,"d":"1.00"},{"v":1,"d":"1.00"},0.15,{"v":350,"d":"350.00"},null,{"v":52.5,"d":"52.50"}," /m2"]
[]
[null,null,"Exclusions"]
[null,null,"Removal of existing surface"]
[null,null,"Kerbs, channels, etc"]
[null,null,"Abnormal & problematic soil conditions"]

{"sheet":"Specialised Work","index":16,"n_rows":35,"n_cols":14,"rows_kept":35,"merged":[[11,1,11,2],[15,1,15,2],[19,1,19,2],[23,1,23,2]]}
{"$rows_empty":7}
[{"$nulls":10},1.01,1.063]
[]
[null,null,"ELEMENT",{"$nulls":5},"UNIT","March 2019 (ZAR)","March 2021 (ZAR)","March 2022 (ZAR)"]
[{"$nulls":3},"Multi","Lenth","Width","H/D","Rate"]
[null,"Installation of Check-in Counters - Double",{"$nulls":7},{"$f":"SUM(J13:J14)","v":{"v":12600000,"d":"R12,600,000"}},{"$f":"SUM(K13:K14)","v":{"v":12726000,"d":"R12,726,000"}},{"$f":"SUM(L13:L14)","v":{"v":13527738,"d":"R13,527,738"}}," /No"]
[null,null,"Double counter",{"v":1,"d":"1.00"},{"v":1,"d":"1.00"},{"v":1,"d":"1.00"},{"v":1,"d":"1.00"},{"v":12000000,"d":"12,000,000"},"Each",{"$f":"H13*G13*F13*E13*D13","v":{"v":12000000,"d":"12,000,000"}},{"$f":"J13*$K$8","v":{"v":12120000,"d":"12,120,000"}},{"$f":"K13*$L$8","v":{"v":12883560,"d":"12,883,560"}}]
[null,null,"Sundries",0.05,{"v":1,"d":"1.00"},{"v":1,"d":"1.00"},{"v":1,"d":"1.00"},{"v":12000000,"d":"12,000,000"},"Item",{"$f":"H14*G14*F14*E14*D14","v":{"v":600000,"d":"600,000"}},{"$f":"J14*$K$8","v":{"v":606000,"d":"606,000"}},{"$f":"K14*$L$8","v":{"v":644178,"d":"644,178"}}]
[]
[null,"Installation of Check-in Counters - Single",{"$nulls":7},{"$f":"SUM(J17:J18)","v":{"v":6300000,"d":"R6,300,000"}},{"$f":"SUM(K17:K18)","v":{"v":6363000,"d":"R6,363,000"}},{"$f":"SUM(L17:L18)","v":{"v":6763869,"d":"R6,763,869"}}," /No"]
[null,null,"Single counter",{"v":1,"d":"1.00"},{"v":1,"d":"1.00"},{"v":1,"d":"1.00"},{"v":1,"d":"1.00"},{"v":6000000,"d":"6,000,000"},"each",{"$f":"H17*G17*F17*E17*D17","v":{"v":6000000,"d":"6,000,000"}},{"$f":"J17*$K$8","v":{"v":6060000,"d":"6,060,000"}},{"$f":"K17*$L$8","v":{"v":6441780,"d":"6,441,780"}}]
[null,null,"Sundries",0.05,{"v":1,"d":"1.00"},{"v":1,"d":"1.00"},{"v":1,"d":"1.00"},{"v":6000000,"d":"6,000,000"},"Item",{"$f":"H18*G18*F18*E18*D18","v":{"v":300000,"d":"300,000"}},{"$f":"J18*$K$8","v":{"v":303000,"d":"303,000"}},{"$f":"K18*$L$8","v":{"v":322089,"d":"322,089"}}]
[]
[null,"Built-in Chairs",{"$nulls":7},{"$f":"SUM(J21:J22)","v":{"v":7875,"d":"R7,875"}},{"$f":"SUM(K21:K22)","v":{"v":7953.75,"d":"R7,954"}},{"$f":"SUM(L21:L22)","v":{"v":8454.83625,"d":"R8,455"}}," /No"]
[null,null,"Built-in seats",{"v":1,"d":"1.00"},{"v":1,"d":"1.00"},{"v":1,"d":"1.00"},{"v":1,"d":"1.00"},{"v":7500,"d":"7,500"},"each",{"$f":"H21*G21*F21*E21*D21","v":{"v":7500,"d":"7,500"}},{"$f":"J21*$K$8","v":{"v":7575,"d":"7,575"}},{"$f":"K21*$L$8","v":{"v":8052.224999999999,"d":"8,052"}}]
[null,null,"Sundries",0.05,{"v":1,"d":"1.00"},{"v":1,"d":"1.00"},{"v":1,"d":"1.00"},{"v":7500,"d":"7,500"},"Item",{"$f":"H22*G22*F22*E22*D22","v":375},{"$f":"J22*$K$8","v":{"v":378.75,"d":"379"}},{"$f":"K22*$L$8","v":{"v":402.61125,"d":"403"}}]
[]
[null,"Baggage Corousels",{"$nulls":7},{"$f":"SUM(J25:J26)","v":{"v":3300000,"d":"R3,300,000"}},{"$f":"SUM(K25:K26)","v":{"v":3333000,"d":"R3,333,000"}},{"$f":"SUM(L25:L26)","v":{"v":3542979,"d":"R3,542,979"}}," /No"]
[null,null,"Arrivals corousels ",{"v":1,"d":"1.00"},{"v":1,"d":"1.00"},{"v":1,"d":"1.00"},{"v":1,"d":"1.00"},{"v":2400000,"d":"2,400,000"},"each",{"$f":"H25*G25*F25*E25*D25","v":{"v":2400000,"d":"2,400,000"}},{"$f":"J25*$K$8","v":{"v":2424000,"d":"2,424,000"}},{"$f":"K25*$L$8","v":{"v":2576712,"d":"2,576,712"}},null,"Between R2.5m to R3.3m depends on the length."]
[null,null,"Installation, commisioning and handover",{"v":1,"d":"1.00"},{"v":1,"d":"1.00"},{"v":1,"d":"1.00"},{"v":1,"d":"1.00"},{"v":900000,"d":"900,000"},"Item",{"$f":"H26*G26*F26*E26*D26","v":{"v":900000,"d":"900,000"}},{"$f":"J26*$K$8","v":{"v":909000,"d":"909,000"}},{"$f":"K26*$L$8","v":{"v":966267,"d":"966,267"}}]
[]
[]
[null,"Elevators",{"$nulls":7},{"$f":"SUM(J30:J31)","v":{"v":1680000,"d":"R1,680,000"}},{"$f":"SUM(K30:K31)","v":{"v":1696800,"d":"R1,696,800"}},{"$f":"SUM(L30:L31)","v":{"v":1803698.4,"d":"R1,803,698"}}," /No"]
[null,null,"Elevator - 1.5 x 1.2",{"v":1,"d":"1.00"},{"v":1,"d":"1.00"},{"v":1,"d":"1.00"},{"v":1,"d":"1.00"},{"v":1600000,"d":"1,600,000"},"each",{"$f":"H30*G30*F30*E30*D30","v":{"v":1600000,"d":"1,600,000"}},{"$f":"J30*$K$8","v":{"v":1616000,"d":"1,616,000"}},{"$f":"K30*$L$8","v":{"v":1717808,"d":"1,717,808"}}]
[{"$nulls":3},0.05,{"v":1,"d":"1.00"},{"v":1,"d":"1.00"},{"v":1,"d":"1.00"},{"v":1600000,"d":"1,600,000"},"Item",{"$f":"H31*G31*F31*E31*D31","v":{"v":80000,"d":"80,000"}},{"$f":"J31*$K$8","v":{"v":80800,"d":"80,800"}},{"$f":"K31*$L$8","v":{"v":85890.4,"d":"85,890"}}]
[]
[null,"Baggage Scales",{"$nulls":7},{"$f":"SUM(J34:J35)","v":{"v":378000,"d":"R378,000"}},{"$f":"SUM(K34:K35)","v":{"v":381780,"d":"R381,780"}},{"$f":"SUM(L34:L35)","v":{"v":405832.14,"d":"R405,832"}}," /No"]
[null,null,"Baggage Scales ",{"v":1,"d":"1.00"},{"v":1,"d":"1.00"},{"v":1,"d":"1.00"},{"v":1,"d":"1.00"},{"v":360000,"d":"360,000"},"each",{"$f":"H34*G34*F34*E34*D34","v":{"v":360000,"d":"360,000"}},{"$f":"J34*$K$8","v":{"v":363600,"d":"363,600"}},{"$f":"K34*$L$8","v":{"v":386506.8,"d":"386,507"}}]
[null,null,"Sundries",0.05,{"v":1,"d":"1.00"},{"v":1,"d":"1.00"},{"v":1,"d":"1.00"},{"v":360000,"d":"360,000"},"Item",{"$f":"H35*G35*F35*E35*D35","v":{"v":18000,"d":"18,000"}},{"$f":"J35*$K$8","v":{"v":18180,"d":"18,180"}},{"$f":"K35*$L$8","v":{"v":19325.34,"d":"19,325"}}]

{"sheet":"Ground Floor Constrn","index":17,"n_rows":39,"n_cols":10,"rows_kept":39,"merged":[[0,0,0,8]]}
["GROUND FLOOR CONSTRUCTION",{"$nulls":8},1.063]
["Element/Component","Multi","Lenth","Width","H/D","Rate","Unit Rate","Unit","Element Rate"]
[null,null,{"v":1,"d":"1.00"},{"v":1,"d":"1.00"},0.085]
["Surface bed (100mm) Mesh Reinforced",{"$nulls":6},"m2",{"$f":"SUM(G5:G13)","v":{"v":518.35680225,"d":"518.36"}}]
["Soil Poisoning",{"v":1,"d":"1.00"},{"v":1,"d":"1.00"},{"v":1,"d":"1.00"},{"v":1,"d":"1.00"},{"v":32,"d":"32.00"},{"$f":"(F5*E5*D5*C5*B5)*$J$1","v":{"v":34.016,"d":"34.02"}}]
["Fill 150mm",{"v":1,"d":"1.00"},{"v":1,"d":"1.00"},{"v":1,"d":"1.00"},0.09,{"v":265,"d":"265.00"},{"$f":"(F6*E6*D6*C6*B6)*$J$1","v":{"v":25.352549999999997,"d":"25.35"}}]
["Compaction",{"v":1,"d":"1.00"},{"v":1,"d":"1.00"},{"v":1,"d":"1.00"},{"v":1,"d":"1.00"},{"v":15,"d":"15.00"},{"v":15.944999999999999,"d":"15.95"}]
["DPM",{"v":1,"d":"1.00"},{"v":1,"d":"1.00"},{"v":1,"d":"1.00"},{"v":1,"d":"1.000"},{"v":15,"d":"15.00"},{"v":15.944999999999999,"d":"15.95"}]
["Concrete",{"v":1,"d":"1.00"},{"v":1,"d":"1.00"},{"v":1,"d":"1.00"},{"v":0.085,"d":"0.09"},{"v":1689,"d":"1689.00"},{"v":152.60959499999998,"d":"152.61"}]
["Power Float",{"v":1,"d":"1.00"},{"v":1,"d":"1.00"},{"v":1,"d":"1.00"},{"v":1,"d":"1.00"},{"v":40,"d":"40.00"},{"v":42.519999999999996,"d":"42.52"}]
["Mesh Ref",{"v":1,"d":"1.00"},{"v":1,"d":"1.00"},{"v":1,"d":"1.00"},{"v":1,"d":"1.00"},{"v":120,"d":"120.00"},{"v":127.55999999999999,"d":"127.56"}]
["Formwork to edges",{"v":0.5,"d":"0.50"},{"v":1,"d":"1.00"},{"v":1,"d":"1.00"},{"v":1,"d":"1.00"},{"v":150,"d":"150.00"},{"v":79.725,"d":"79.73"}]
["Sundries @ 5%",{"v":1,"d":"1.00"},{"v":1,"d":"1.00"},{"v":1,"d":"1.00"},{"v":1,"d":"1.00"},{"v":0.05,"d":"5%"},{"$f":"SUM(G5:G12)*0.05","v":{"v":24.68365725,"d":"24.68"}}]
[]
[]
[]
[null,null,{"v":1,"d":"1.00"},{"v":1,"d":"1.00"},0.125]
["Surface Bed (125mm) Ramps",{"$nulls":6},"m2",{"$f":"SUM(G19:G27)","v":{"v":685.7678749999999,"d":"685.77"}}]
["Soil Poisoning",{"v":1,"d":"1.00"},{"v":1,"d":"1.00"},{"v":1,"d":"1.00"},{"v":1,"d":"1.00"},{"v":32,"d":"32.00"},{"$f":"(F19*E19*D19*C19*B19)*$J$1","v":{"v":34.016,"d":"34.02"}}]
["Fill 150mm",{"v":1,"d":"1.00"},{"v":1,"d":"1.00"},{"v":1,"d":"1.00"},{"v":0.8,"d":"0.80"},{"v":265,"d":"265.00"},{"v":225.356,"d":"225.36"}]
["Compaction",{"v":1,"d":"1.00"},{"v":1,"d":"1.00"},{"v":1,"d":"1.00"},{"v":1,"d":"1.00"},{"v":15,"d":"15.00"},{"v":15.944999999999999,"d":"15.95"}]
["DPM",{"v":1,"d":"1.00"},{"v":1,"d":"1.00"},{"v":1,"d":"1.00"},{"v":1,"d":"1.00"},{"v":15,"d":"15.00"},{"v":15.944999999999999,"d":"15.95"}]
["Concrete",{"v":1,"d":"1.00"},{"v":1,"d":"1.00"},{"v":1,"d":"1.00"},0.125,{"v":1689,"d":"1689.00"},{"v":224.425875,"d":"224.43"}]
["Power Float",{"v":1,"d":"1.00"},{"v":1,"d":"1.00"},{"v":1,"d":"1.00"},{"v":1,"d":"1.00"},{"v":40,"d":"40.00"},{"v":42.519999999999996,"d":"42.52"}]
["Mesh Ref",{"v":1,"d":"1.00"},{"v":1,"d":"1.00"},{"v":1,"d":"1.00"},{"v":1,"d":"1.00"},{"v":120,"d":"120.00"},{"v":127.55999999999999,"d":"127.56"}]
[]
[]
[null,null,{"v":1,"d":"1.00"},{"v":1,"d":"1.00"},0.125]
["Surface Bed (125mm)",{"$nulls":6},"m2",{"$f":"SUM(G30:G39)","v":{"v":728.2878750000001,"d":"728.29"}}]
["Soil Poisoning",{"v":1,"d":"1.00"},{"v":1,"d":"1.00"},{"v":1,"d":"1.00"},{"v":1,"d":"1.00"},{"v":32,"d":"32.00"},{"$f":"(F30*E30*D30*C30*B30)*$J$1","v":{"v":34.016,"d":"34.02"}}]
["Fill 150mm",{"v":1,"d":"1.00"},{"v":1,"d":"1.00"},{"v":1,"d":"1.00"},{"v":0.8,"d":"0.80"},{"v":280,"d":"280.00"},{"v":238.112,"d":"238.11"}]
["DPM",{"v":1,"d":"1.00"},{"v":1,"d":"1.00"},{"v":1,"d":"1.00"},{"v":1,"d":"1.00"},{"v":15,"d":"15.00"},{"v":15.944999999999999,"d":"15.95"}]
["Concrete",{"v":1,"d":"1.00"},{"v":1,"d":"1.00"},{"v":1,"d":"1.00"},0.125,{"v":1689,"d":"1689.00"},{"v":224.425875,"d":"224.43"}]
["Power Float",{"v":1,"d":"1.00"},{"v":1,"d":"1.00"},{"v":1,"d":"1.00"},{"v":1,"d":"1.00"},{"v":35,"d":"35.00"},{"v":37.205,"d":"37.21"}]
["Mesh Ref",{"v":1,"d":"1.00"},{"v":1,"d":"1.00"},{"v":1,"d":"1.00"},{"v":1,"d":"1.00"},{"v":60,"d":"60.00"},{"v":63.779999999999994,"d":"63.78"}]
["Sawcut Joints",{"v":0.6,"d":"0.60"},{"v":1,"d":"1.00"},{"v":1,"d":"1.00"},{"v":1,"d":"1.00"},{"v":30,"d":"30.00"},{"v":19.134,"d":"19.13"}]
["Backing Rope",{"v":0.6,"d":"0.60"},{"v":1,"d":"1.00"},{"v":1,"d":"1.00"},{"v":1,"d":"1.00"},{"v":25,"d":"25.00"},{"v":15.944999999999999,"d":"15.95"}]
["Polysulphide Sealant",{"v":0.6,"d":"0.60"},{"v":1,"d":"1.00"},{"v":1,"d":"1.00"},{"v":1,"d":"1.00"},{"v":25,"d":"25.00"},{"v":15.944999999999999,"d":"15.95"}]
["Formwork",{"v":0.4,"d":"0.40"},{"v":1,"d":"1.00"},{"v":1,"d":"1.00"},{"v":1,"d":"1.00"},{"v":150,"d":"150.00"},{"v":63.779999999999994,"d":"63.78"}]

{"sheet":"Fleet Maint","index":18,"n_rows":57,"n_cols":12,"rows_kept":57,"merged":[[0,10,0,11],[1,1,3,5]]}
[{"$nulls":10},1.063]
[null,"FLEET"]
[]
[]
[]
["VEHICLE PREVENTATIVE AND BREAKDOWN MAINTENANCE."]
[null,null,"Rate (2021)","Rate (2022)","Unit","Remarks"]
[1,"Normal Hours - Labour ",{"v":825,"d":"R825"},{"$f":"C8*$K$1","v":{"v":876.9749999999999,"d":"R877"}},"/Hr","per person per hour"]
[2,"Towing Charges",{"v":850,"d":"R850"},{"$f":"C9*$K$1","v":{"v":903.55,"d":"R904"}},"each"]
[3,"Roadworthy certifications",{"v":550,"d":"R550"},{"v":584.65,"d":"R585"},"each"]
[4,"Car wash, vacuum and tyres",{"v":85,"d":"R85"},{"v":90.35499999999999,"d":"R90"},"each"]
[5,"Variable permit cost",{"v":18000,"d":"R18,000"},{"v":19134,"d":"R19,134"},"/annum","The airside Induction Training (AIT), Airside Vehicle Operator Training (AVOP), Permanent Personal and Vehicle Permit costs shall be paid by the Service Provider to the training service provider and the Company permit office. Costs shall be claimed back from the Company for completed training and issued permits. Proof of al relevant documents i.e. training certs., receipts must be produced."]
[6,"Monthly contract administration fees (fixed)",{"v":46810,"d":"R46,810"},{"v":49759.03,"d":"R49,759"},null,"Entails the following: Management, Systems, Inspections, Customer Liaison, Infrastructure including call centre service and six field technicians (two per airport site)"]
[7,"Call out charges",{"v":0,"d":"R0"},{"v":0,"d":"R0"},"/Hr","No call out charge for the collection and delivery of vehicles from the Company sites for all services as they form part of the value added services."]
[]
[]
["BATTERY AND TYRE SUPPLY & MAINTENANCE."]
[null,null,"Rate (2021)","Rate (2022)","Unit","Remarks"]
[1,"Normal Hours - Labour ",{"v":125,"d":"R125"},{"$f":"C19*$K$1","v":{"v":132.875,"d":"R133"}},"/Hr","per person per hour"]
[2,"Towing Charges",{"v":850,"d":"R850"},{"$f":"C20*$K$1","v":{"v":903.55,"d":"R904"}},"each"]
[3,"Wheel alignment front & rear",{"v":87,"d":"R87"},{"v":92.481,"d":"R92"},"each"]
[4,"Call out charges",{"v":0,"d":"R0"},{"v":0,"d":"R0"},"/Hr","No call out charge for the collection and delivery of vehicles from the Company sites for all services as they form part of the value added services."]
[]
[]
["MARK-UP FEE %"]
["Value of Item/Service","On 3rd party procured items/services (incl. subcontractors)","Replacement/Spare parts"]
["R0 - 1,000",{"v":0.15,"d":"15%"},{"v":0.15,"d":"15%"}]
["R1,001 - R5,000",{"v":0.15,"d":"15%"},{"v":0.15,"d":"15%"}]
["R5,001 - R10,000",{"v":0.15,"d":"15%"},{"v":0.15,"d":"15%"}]
["+R10,000",{"v":0.15,"d":"15%"},{"v":0.15,"d":"15%"}]
[]
[]
[]
[{"$nulls":6},"Description                                       ","D/cab                                 "," S/cab                               ","   ½ ton                 "," Sedan                 "," Minibus"]
[{"$nulls":6},"Signage or branding                 ",{"v":16830,"d":"R16,830"},{"v":16830,"d":"R16,830"},{"v":13260,"d":"R13,260"},{"v":5610,"d":"R5,610"},{"v":18360,"d":"R18,360"}]
[]
[{"$nulls":6},"Maintenance plan             ",{"v":77028.36,"d":"R77,028"},{"v":77028.36,"d":"R77,028"},{"v":36648.6,"d":"R36,649"},{"v":58045.14,"d":"R58,045"},{"v":60373.8,"d":"R60,374"}]
[]
[{"$nulls":6},"Extended warranty                   ",{"v":7134.900000000001,"d":"R7,135"},{"v":7134.900000000001,"d":"R7,135"},"Std",{"v":7134.900000000001,"d":"R7,135"},{"v":6028.2,"d":"R6,028"}]
[]
[{"$nulls":6},"Towbar                ",{"v":6232.2,"d":"R6,232"},{"v":6232.2,"d":"R6,232"},{"v":3264,"d":"R3,264"},{"v":4590,"d":"R4,590"},{"v":6028.2,"d":"R6,028"}]
[]
[{"$nulls":6},"Nudge Bar             ",{"v":5742.6,"d":"R5,743"},{"v":5742.6,"d":"R5,743"}]
[]
[{"$nulls":6},"Rollbar               ",{"v":5293.8,"d":"R5,294"},{"v":5803.8,"d":"R5,804"}]
[]
[{"$nulls":6},"LED starbar beacon & siren   ",{"v":8670,"d":"R8,670"},{"v":8670,"d":"R8,670"},{"v":11229.18,"d":"R11,229"},{"v":8670,"d":"R8,670"},{"v":8670,"d":"R8,670"}]
[]
[{"$nulls":6},"Smash & grab  ",{"v":3570,"d":"R3,570"},{"v":3570,"d":"R3,570"},{"v":1524.9,"d":"R1,525"},{"v":3570,"d":"R3,570"},{"v":5100,"d":"R5,100"}]
[]
[{"$nulls":6},"Rubberising                ",{"v":3570,"d":"R3,570"},{"v":5538.6,"d":"R5,539"},{"v":3570,"d":"R3,570"}]
[]
[{"$nulls":6},"Fire extinguisher    ",{"v":459,"d":"R459"},{"v":459,"d":"R459"},{"v":459,"d":"R459"},{"v":459,"d":"R459"},{"v":459,"d":"R459"}]
[]
[{"$nulls":6},"License & registration            ",{"v":3060,"d":"R3,060"},{"v":3060,"d":"R3,060"},{"v":4590,"d":"R4,590"},{"v":3570,"d":"R3,570"},{"v":4080,"d":"R4,080"}]
[]
[{"$nulls":6},"Delivery costs        ",{"v":4590,"d":"R4,590"},{"v":4590,"d":"R4,590"},{"v":4590,"d":"R4,590"},{"v":4590,"d":"R4,590"},{"v":4590,"d":"R4,590"}]

{"sheet":"Electrical","index":19,"n_rows":217,"n_cols":6,"rows_kept":217}
[{"$nulls":5},1.063]
[]
[null,"DESCRIPTION","UNIT","2019 RATE","2021 RATE","2022 RATE"]
[]
[null,"Supply, deliver to site, off-load and store if necessary and install the following cables with copper conductors."]
[null,"Installation and testing of cables as per specification including clamps, ties and cable numbering system."]
[]
[null,"35mm² x 4C PVC/SWA/PVC + 25mm² x 1C Green insulated earth wire (600/1000V to SANS 1507)","m",{"v":75,"d":"R 75.00"},{"v":76.36600173460538,"d":"R76.37"},{"$f":"E8*$F$1","v":{"v":81.17705984388552,"d":"R81.18"}}]
[]
[null,"2.5mm² x 4C PVC/SWA/PVC ECC  (600/1000V to SANS 1507)","m",{"v":58,"d":"R 58.00"},{"v":59.05637467476149,"d":"R59.06"},{"$f":"E10*$F$1","v":{"v":62.776926279271464,"d":"R62.78"}}]
[]
[null,"2.5mm² x 3C PVC/SWA/PVC  (600/1000V to SANS 1507)","m",{"v":48,"d":"R 48.00"},{"v":48.874241110147445,"d":"R48.87"},{"$f":"E12*$F$1","v":{"v":51.95331830008673,"d":"R51.95"}}]
[]
[null,"2.5mm² x 3C PVC/PVC  (600/1000V to SANS 1507)","m",{"v":50,"d":"R 50.00"},{"v":50.910667823070256,"d":"R50.91"},{"$f":"E14*$F$1","v":{"v":54.11803989592368,"d":"R54.12"}}]
[]
[null," 2 x 2.5mm²  + 2,5mm² house wire (600/1000V to SANS 1507) (red, black & green/yellow)","m",{"v":35,"d":"R 35.00"},{"v":35.637467476149176,"d":"R35.64"},{"$f":"E16*$F$1","v":{"v":37.88262792714657,"d":"R37.88"}}]
[]
[null,"150mm² x 3c 11kV Cu PILC Cable ","m",{"v":1250,"d":"R 1,250.00"},{"v":1272.7666955767563,"d":"R1,272.77"},{"$f":"E18*$F$1","v":{"v":1352.9509973980919,"d":"R1,352.95"}}]
[]
[null,"150mm² x 3c 11kV Cu PILC Cable removal and handover","m",{"v":250,"d":"R 250.00"},{"v":254.55333911535126,"d":"R254.55"},{"$f":"E20*$F$1","v":{"v":270.5901994796184,"d":"R270.59"}}]
[]
[null,"Instrumentation Cable Supply & Installation"]
[]
[null,"Supply, deliver to site, off-load and store if necessary and install the following Dekabon cables (overall screened armoured) with copper conductors (600/1000V grade) to SANS 1507 as specified."]
[]
[null,"0.5mm² x 2 pair Dekabon IOS Cable","m",{"v":40,"d":"R 40.00"},{"v":40.72853425845621,"d":"R40.73"},{"$f":"E26*$F$1","v":{"v":43.294431916738944,"d":"R43.29"}}]
[]
[null,"1.5mm² x 3 core Cu/PVC/SWA/PVC","m"]
[]
[null,"1.5mm² x 2 pair Dekabon IOS Cable","m",{"v":55,"d":"R 55.00"},{"v":56.00173460537728,"d":"R56.00"},{"$f":"E30*$F$1","v":{"v":59.529843885516044,"d":"R59.53"}}]
[]
[null,"Electrical Cable Termination Supply & Installation"]
[]
[null,"Termination of cables shall include supply installation and testing of the IP68 CCG glands with corrosion  guard  , making-off the cable, lugs, and fitting the gland to the board gland plate, switchgear or appliance and final connection of cable tails into board or terminals.  Include for Reducing Glands and shrouds where applicable.  All exposed conductors to be tinned."]
[]
[null,"35mm² x 4C PVC/SWA + 25mm² x 1C Green insulated earth wire","Item",{"v":900,"d":"R 900.00"},{"v":916.3920208152646,"d":"R916.39"},{"$f":"E36*$F$1","v":{"v":974.1247181266261,"d":"R974.12"}}]
[]
[null,"2.5mm² x 4C PVC/SWA ECC ","Item",{"v":250,"d":"R 250.00"},{"v":254.55333911535126,"d":"R254.55"},{"$f":"E38*$F$1","v":{"v":270.5901994796184,"d":"R270.59"}}]
[null,"Extra over cost for Zone 1,  IIA, T3 Exd/e gland with corrosion guard","Item",{"v":100,"d":"R 100.00"},{"v":101.82133564614051,"d":"R101.82"},{"v":108.23607979184736,"d":"R108.24"}]
[]
[null,"2.5mm² x 3C PVC/SWA ","Item",{"v":250,"d":"R 250.00"},{"v":254.55333911535126,"d":"R254.55"},{"$f":"E41*$F$1","v":{"v":270.5901994796184,"d":"R270.59"}}]
[null,"Extra over cost for Zone 1,  IIA, T3 Exd/e gland with corrosion guard","Item",{"v":100,"d":"R 100.00"},{"v":101.82133564614051,"d":"R101.82"},{"v":108.23607979184736,"d":"R108.24"}]
[]
[null,"2.5mm² x 3C PVC ","Item",{"v":250,"d":"R 250.00"},{"v":254.55333911535126,"d":"R254.55"},{"$f":"E44*$F$1","v":{"v":270.5901994796184,"d":"R270.59"}}]
[null,"Extra over cost for Zone 1,  IIA, T3 Exd/e gland with corrosion guard","Item",{"v":100,"d":"R 100.00"},{"v":101.82133564614051,"d":"R101.82"},{"v":108.23607979184736,"d":"R108.24"}]
[]
[null,"150mm² x 3c 11kV Cu PILC Cable Termination on MV Switch","Item",{"v":8900,"d":"R 8,900.00"},{"v":9062.098872506505,"d":"R9,062.10"},{"$f":"E47*$F$1","v":{"v":9633.011101474414,"d":"R9,633.01"}}]
[]
[null,"150mm² x 3c 11kV Cu PILC Cable Joint","Item",{"v":9500,"d":"R 9,500.00"},{"v":9673.026886383348,"d":"R9,673.03"},{"$f":"E49*$F$1","v":{"v":10282.427580225498,"d":"R10,282.43"}}]
[]
[]
[null,"Instrumentation Cable Termination Supply & Installation"]
[null,"Install and terminate the following Dekabon cables with copper conductors (600/1000V grade) to SANS 1507 as specified."]
[]
[null,{"$f":"B26","v":"0.5mm² x 2 pair Dekabon IOS Cable"},"Item",{"v":500,"d":"R 500.00"},{"v":509.1066782307025,"d":"R509.11"},{"$f":"E55*$F$1","v":{"v":541.1803989592368,"d":"R541.18"}}]
[]
[null,{"$f":"B30","v":"1.5mm² x 2 pair Dekabon IOS Cable"},"Item",{"v":500,"d":"R 500.00"},{"v":509.1066782307025,"d":"R509.11"},{"$f":"E57*$F$1","v":{"v":541.1803989592368,"d":"R541.18"}}]
[]
[null,"CABLE TRAY / SUPPORT SYSTEM SUPPLY AND INSTALLATION"]
[]
[null,"Supply and install  medium duty 304L stainless steel cable tray as described below including all splices, bonding straps, nuts, bolts and any other clamp or support bracket required for the installation of the cable tray."]
[]
[null,"114mm straight length","m",{"$f":"446*1.1*1.1","v":{"v":539.6600000000001,"d":"R 539.66"}},{"v":549.489019947962,"d":"R549.49"},{"$f":"E63*$F$1","v":{"v":584.1068282046836,"d":"R584.11"}}]
[]
[null,"114mm internal bend","Item",{"$f":"580*1.1*1.1","v":{"v":701.8000000000001,"d":"R 701.80"}},{"v":714.5821335646142,"d":"R714.58"},{"$f":"E65*$F$1","v":{"v":759.6008079791849,"d":"R759.60"}}]
[]
[null,"114mm external bend","Item",{"$f":"D65","v":{"v":701.8000000000001,"d":"R 701.80"}},{"v":714.5821335646142,"d":"R714.58"},{"$f":"E67*$F$1","v":{"v":759.6008079791849,"d":"R759.60"}}]
[]
[null,"114mm tee section","Item",{"$f":"1250*1.1*1.1","v":{"v":1512.5000000000002,"d":"R 1,512.50"}},{"v":1540.0477016478753,"d":"R1,540.05"},{"$f":"E69*$F$1","v":{"v":1637.0707068516913,"d":"R1,637.07"}}]
[]
[null,"304mm straight length","m",{"$f":"833*1.1*1.1","v":{"v":1007.9300000000002,"d":"R 1,007.93"}},{"v":1026.2877883781441,"d":"R1,026.29"},{"$f":"E71*$F$1","v":{"v":1090.943919045967,"d":"R1,090.94"}}]
[]
[null,"304mm internal bend","Item",{"$f":"1250*1.1*1.2","v":{"v":1650,"d":"R 1,650.00"}},{"v":1680.0520381613185,"d":"R1,680.05"},{"$f":"E73*$F$1","v":{"v":1785.8953165654814,"d":"R1,785.90"}}]
[]
[null,"304mm external bend","Item",{"$f":"900*1.1*1.1","v":{"v":1089.0000000000002,"d":"R 1,089.00"}},{"v":1108.8343451864703,"d":"R1,108.83"},{"$f":"E75*$F$1","v":{"v":1178.6909089332178,"d":"R1,178.69"}}]
[]
[null,"304mm tee","Item",{"$f":"3180*1.1*1.1","v":{"v":3847.8000000000006,"d":"R 3,847.80"}},{"v":3917.8813529921954,"d":"R3,917.88"},{"$f":"E77*$F$1","v":{"v":4164.7078782307035,"d":"R4,164.71"}}]
[]
[null,"609mm straight length","m",{"$f":"2303*1.1*1.1","v":{"v":2786.6300000000006,"d":"R 2,786.63"}},{"v":2837.3838855160457,"d":"R2,837.38"},{"$f":"E79*$F$1","v":{"v":3016.1390703035563,"d":"R3,016.14"}}]
[]
[null,"609mm internal bend","Item",{"$f":"2750*1.1*1.1","v":{"v":3327.500000000001,"d":"R 3,327.50"}},{"v":3388.1049436253265,"d":"R3,388.10"},{"$f":"E81*$F$1","v":{"v":3601.5555550737217,"d":"R3,601.56"}}]
[]
[null,"609mm external bend","Item",{"$f":"1470*1.1*1.1","v":{"v":1778.7000000000005,"d":"R 1,778.70"}},{"v":1811.0960971379018,"d":"R1,811.10"},{"$f":"E83*$F$1","v":{"v":1925.1951512575895,"d":"R1,925.20"}}]
[]
[null,"609mm tee","Item",{"$f":"4210*1.1*1.1","v":{"v":5094.1,"d":"R 5,094.10"}},{"v":5186.880659150044,"d":"R5,186.88"},{"$f":"E85*$F$1","v":{"v":5513.654140676496,"d":"R5,513.65"}}]
[]
[null,"Supply and install 40 x 40 x 5mm 304L stainless steel angle iron support complete with all required fixings, floor mounting brackets and any other accessory required to complete the installation.","Item",{"v":3000,"d":"R 3,000.00"},{"v":3054.640069384215,"d":"R3,054.64"},{"$f":"E87*$F$1","v":{"v":3247.0823937554205,"d":"R3,247.08"}}]
[]
[null,"20mm galvanised recessed conduit","m",{"v":50,"d":"R 50.00"},{"v":50.910667823070256,"d":"R50.91"},{"$f":"E89*$F$1","v":{"v":54.11803989592368,"d":"R54.12"}}]
[]
[null,"50mm diameter- 4-way flush mounted conduit boxes","Item",{"v":40,"d":"R 40.00"},{"v":40.72853425845621,"d":"R40.73"},{"$f":"E91*$F$1","v":{"v":43.294431916738944,"d":"R43.29"}}]
[]
[null,"EQUIPMENT SUPPLY AND INSTALLATION"]
[null,"Supply and install as described below.  Rate to allow for all nuts, bolts and any other fixing materials required for the completion of the installation."]
[]
[null,"Type A  - 1200mm long, Zone 1, IIA, T3 IP66 rated light fitting with clear flame retardant uv stabilised polycarbonate diffuser and glass reinforced polyester body with 2 x 28w 4000K LED, surge protection & Exe cable glands (Magnitech Bay - Q LED).","Item",{"$f":"7493*1.1*1.1","v":{"v":9066.530000000002,"d":"R 9,066.53"}},{"v":9231.661942758026,"d":"R9,231.66"},{"$f":"E96*$F$1","v":{"v":9813.256645151781,"d":"R9,813.26"}}]
[]
[null,"Type A (E) - As Above but with maintained self testing battery back-up of 20% output for 60 minutes.","Item",{"$f":"12493*1.1*1.1","v":{"v":15116.530000000002,"d":"R 15,116.53"}},{"v":15391.852749349526,"d":"R15,391.85"},{"$f":"E98*$F$1","v":{"v":16361.539472558545,"d":"R16,361.54"}}]
[]
[null,"Type B - Aluminium Body with glass diffuser bulkhead with 1x36W 4000K LED with surge protection - Beka LED Nova.","Item",{"$f":"2350*1.1*1.1","v":{"v":2843.5000000000005,"d":"R 2,843.50"}},{"v":2895.2896790980058,"d":"R2,895.29"},{"$f":"E100*$F$1","v":{"v":3077.69292888118,"d":"R3,077.69"}}]
[]
[null,"Type EXIT - Zone 1, IIA, T3 Ex e non-maintained self testing battery back-up for 60 minutes: Krause Hinds.","Item",{"v":5000,"d":"R 5,000.00"},{"v":5091.066782307025,"d":"R5,091.07"},{"$f":"E102*$F$1","v":{"v":5411.8039895923675,"d":"R5,411.80"}}]
[]
[null,"Supply and install rated IP68 round connection box (CCG with corrosion guard) complete with  internal din rail and suitably sized terminals required for connections."]
[]
[null,"4 Way round connection box, size 0 ","Item",{"$f":"403*1.4","v":{"v":564.1999999999999,"d":"R 564.20"}},{"v":574.4759757155247,"d":"R574.48"},{"$f":"E106*$F$1","v":{"v":610.6679621856027,"d":"R610.67"}}]
[null,"4 Way round connection box, size 0  - Zone 1, IIA, T3 Ex e","Item",{"$f":"800*1.4","v":{"v":1120,"d":"R 1,120.00"}},{"v":1140.3989592367736,"d":"R1,140.40"},{"v":1212.2440936686903,"d":"R1,212.24"}]
[]
[null,"IP65 rated Normal single 16A, 230V, 3 pin, SSO complete with surface box and fittings.","Item",{"v":750,"d":"R 750.00"},{"v":763.6600173460538,"d":"R763.66"},{"$f":"E109*$F$1","v":{"v":811.7705984388551,"d":"R811.77"}}]
[]
[null,"1 Lever, 1 way 16A light switch complete with surface box and fittings.","Item",{"v":150,"d":"R 150.00"},{"v":152.73200346921075,"d":"R152.73"},{"$f":"E111*$F$1","v":{"v":162.35411968777103,"d":"R162.35"}}]
[null,"Extra over for Zone 1, IIA, T3 Ex e rated - Type Ceag EXB","Item",{"v":1500,"d":"R 1,500.00"},{"v":1527.3200346921076,"d":"R1,527.32"},{"v":1623.5411968777103,"d":"R1,623.54"}]
[]
[null,"Zone 1,  IIA, T3 Ex e rated rated Occupancy Sensor ","Item",{"v":5500,"d":"R 5,500.00"},{"v":5600.173460537728,"d":"R5,600.17"},{"$f":"E114*$F$1","v":{"v":5952.984388551605,"d":"R5,952.98"}}]
[]
[null,"Royce Thompson photo electric cell.","Item",{"v":550,"d":"R 550.00"},{"v":560.0173460537728,"d":"R560.02"},{"$f":"E116*$F$1","v":{"v":595.2984388551605,"d":"R595.30"}}]
[]
[null,"Zone 1,  IIA, T3 Ex e rated 40mm diameter mushroom head \"Twist to Release\" emergency stop unit :  Type Ceag EXB","Item",{"v":5000,"d":"R 5,000.00"},{"v":5091.066782307025,"d":"R5,091.07"},{"$f":"E118*$F$1","v":{"v":5411.8039895923675,"d":"R5,411.80"}}]
[]
[null,"Zone 1,  IIA, T3 Ex e rated start/stop stations: Type Ceag EXB","Item",{"v":6500,"d":"R 6,500.00"},{"v":6618.386816999133,"d":"R6,618.39"},{"$f":"E120*$F$1","v":{"v":7035.345186470078,"d":"R7,035.35"}}]
[]
[null,"Zone 1,  IIA, T3 Ex e rated rated three pole 32A isolator: Type Ceag EXB","Item",{"v":9000,"d":"R 9,000.00"},{"v":9163.920208152646,"d":"R9,163.92"},{"$f":"E122*$F$1","v":{"v":9741.247181266262,"d":"R9,741.25"}}]
[]
[null,"Zone 1,  IIA, T3 Ex e rated two pole 32A isolator: Type Ceag EXB","Item",{"v":8000,"d":"R 8,000.00"},{"v":8145.70685169124,"d":"R8,145.71"},{"$f":"E124*$F$1","v":{"v":8658.886383347788,"d":"R8,658.89"}}]
[]
[]
[null,"INSTRUMENTATION"]
[null,"Design, supply, delivery to site, installation according to manufacturer specifications and commissioning of a Dräger PIR 7000 type 334 (NPT) HART complete set 6813030 with Ex d junction box (made of aluminum), splash guard, status indicator and mounting set, already pre-assembled and output signal of 4-20mA analog output and 24V Relay outputs. Rate to allow for all stainless steel mounting brackets and fixings required for installation, including splash guard, alarm, warning light and gland reducer. Rate to allow for alarm sound / Flash. Instruments to be intrinsically safe. ","Item",{"v":19625,"d":"R 19,625.00"},{"v":19982.437120555074,"d":"R19,982.44"},{"$f":"E128*$F$1","v":{"v":21241.330659150044,"d":"R21,241.33"}}]
[null,"Refer to Drager regarding Control System Technical Manual."]
[]
[null,"Magnetic wand 4544101 348 ",null,{"v":334.43,"d":"R 334.43"},{"v":340.52109280138774,"d":"R340.52"},{"$f":"E131*$F$1","v":{"v":361.97392164787516,"d":"R361.97"}}]
[]
[null,"Dräger REGARD 2400 SC00014 382  ",null,{"v":10000,"d":"R 10,000.00"},{"v":10182.13356461405,"d":"R10,182.13"},{"$f":"E133*$F$1","v":{"v":10823.607979184735,"d":"R10,823.61"}}]
[]
[null,"Internal converter module SE Ex SC00016",null,{"v":1600,"d":"R 1,600.00"},{"v":1629.1413703382482,"d":"R1,629.14"},{"$f":"E135*$F$1","v":{"v":1731.7772766695578,"d":"R1,731.78"}}]
[]
[null,"SA00075 Strobe Light-Siren-Red-220V",null,{"v":1995,"d":"R 1,995.00"},{"v":2031.335646140503,"d":"R2,031.34"},{"$f":"E137*$F$1","v":{"v":2159.3097918473545,"d":"R2,159.31"}}]
[]
[null,"Commission gas detectors and control systems.",null,{"v":950,"d":"R 950.00"},{"v":967.3026886383349,"d":"R967.30"},{"$f":"E139*$F$1","v":{"v":1028.2427580225499,"d":"R1,028.24"}}]
[]
[null,"Glands",null,{"v":230,"d":"R 230.00"},{"v":234.18907198612317,"d":"R234.19"},{"$f":"E141*$F$1","v":{"v":248.94298352124892,"d":"R248.94"}}]
[]
[null,"EARTHING AND LIGHTNING PROTECTION "]
[]
[null,"Design, supply, install and commission a complete lightning protection system as required by SANS codes of practice. Earthing system components are estimated below. Rate to include all mounting clips, nuts, bolts, connections, exothermic welding and any other fixing materials required.","Item",{"v":8000,"d":"R 8,000.00"},{"v":8145.70685169124,"d":"R8,145.71"},{"$f":"E145*$F$1","v":{"v":8658.886383347788,"d":"R8,658.89"}}]
[]
[null,"Allow for the execution of a soil resistivity survey and for the preparation of drawings to be used for earthing and protection against lighting and \"As Built Drawings\" (This installation must be undertaken by a specialist Sub-contractor).","Item",{"v":5000,"d":"R 5,000.00"},{"v":5091.066782307025,"d":"R5,091.07"},{"$f":"E147*$F$1","v":{"v":5411.8039895923675,"d":"R5,411.80"}}]
[]
[null,"1 Ohm Earthing System. Include 300mm x 50mm x 10mm earth bar on insulators and sundry materials and connections / terminations. ","Item",{"v":10000,"d":"R 10,000.00"},{"v":10182.13356461405,"d":"R10,182.13"},{"$f":"E149*$F$1","v":{"v":10823.607979184735,"d":"R10,823.61"}}]
[]
[null,"3 Ohm separate Earthing for Instrumentation including 300mm x 50mm x 10mm earth bar on insulators. Include: For sundry materials and connections / terminations. ","Item",{"v":8000,"d":"R 8,000.00"},{"v":8145.70685169124,"d":"R8,145.71"},{"$f":"E151*$F$1","v":{"v":8658.886383347788,"d":"R8,658.89"}}]
[]
[null,"Bonding of all steel items in accordance with SANS 10142-1 including steel pipes, equipment, cable trays,  supports, handrails,  steel doors etc.","Item",{"v":5000,"d":"R 5,000.00"},{"v":5091.066782307025,"d":"R5,091.07"},{"$f":"E153*$F$1","v":{"v":5411.8039895923675,"d":"R5,411.80"}}]
[]
[null,"70mm² insulated stranded copper earth conductor.","m",{"v":105,"d":"R 105.00"},{"v":106.91240242844754,"d":"R106.91"},{"$f":"E155*$F$1","v":{"v":113.64788378143973,"d":"R113.65"}}]
[]
[null,"Termination including tinned lugs, washers, nuts and bolts.  All exposed connections to be taped with Denso tape.","Item",{"v":200,"d":"R 200.00"},{"v":203.64267129228102,"d":"R203.64"},{"$f":"E157*$F$1","v":{"v":216.47215958369472,"d":"R216.47"}}]
[]
[]
[null,"70mm² insulated stranded copper conductor in galvanised conduit.","m",{"v":105,"d":"R 105.00"},{"v":106.91240242844754,"d":"R106.91"},{"$f":"E160*$F$1","v":{"v":113.64788378143973,"d":"R113.65"}}]
[]
[null,"250 micron Copper plated earth electrode, 16mm diameter, 1.8m long.","Item",{"v":1200,"d":"R 1,200.00"},{"v":1221.856027753686,"d":"R1,221.86"},{"$f":"E162*$F$1","v":{"v":1298.8329575021683,"d":"R1,298.83"}}]
[]
[]
[null,"Site Installation, Testing and Commisioning.","Item",{"v":3000,"d":"R 3,000.00"},{"v":3054.640069384215,"d":"R3,054.64"},{"$f":"E165*$F$1","v":{"v":3247.0823937554205,"d":"R3,247.08"}}]
[]
[null,"As Built Drawings, O&M Manuals, Training of Employer's Staff.","Item",{"v":2000,"d":"R 2,000.00"},{"v":2036.42671292281,"d":"R2,036.43"},{"$f":"E167*$F$1","v":{"v":2164.721595836947,"d":"R2,164.72"}}]
[]
[null,"MISCELLANEOUS"]
[]
[null,"Supply and install 5 in 1 electrical safety signage as required by regulations. Rate to allow for all fixing materials.","Item",{"v":750,"d":"R 750.00"},{"v":763.6600173460538,"d":"R763.66"},{"$f":"E171*$F$1","v":{"v":811.7705984388551,"d":"R811.77"}}]
[]
[null,"Supply and install Room labels. Rate to allow for 100 x 400 white PVC board with black lettering.","Item",{"v":500,"d":"R 500.00"},{"v":509.1066782307025,"d":"R509.11"},{"$f":"E173*$F$1","v":{"v":541.1803989592368,"d":"R541.18"}}]
[]
[null,"Sum for Master Electrician to review the electrical design and make recommendations if necessary.","Item",{"v":10000,"d":"R 10,000.00"},{"v":10182.13356461405,"d":"R10,182.13"},{"$f":"E175*$F$1","v":{"v":10823.607979184735,"d":"R10,823.61"}}]
[]
[null,"Certificates of partial compliance and final compliance as required (COC) of the MCC and entire Electrical installation including zoned areas by a currently registered Master Installation Electrician. ","Item",{"v":15000,"d":"R 15,000.00"},{"v":15273.200346921076,"d":"R15,273.20"},{"$f":"E177*$F$1","v":{"v":16235.411968777104,"d":"R16,235.41"}}]
[]
[null,"Commissioning of complete installation including all small power and lighting, earthing protection, MCC's and instrumentation system.","Item",{"v":10000,"d":"R 10,000.00"},{"v":10182.13356461405,"d":"R10,182.13"},{"$f":"E179*$F$1","v":{"v":10823.607979184735,"d":"R10,823.61"}}]
[]
[null,"Compilation of Hand Over documents including all \"AS BUILT\" drawings, calibration sheets, loop drawings and hook up drawings, operation manuals and commissioning certificates.","Item",{"v":5000,"d":"R 5,000.00"},{"v":5091.066782307025,"d":"R5,091.07"},{"$f":"E181*$F$1","v":{"v":5411.8039895923675,"d":"R5,411.80"}}]
[]
[null,"Electrical and instrumentation training for all equipment supplied and installed.","Item",{"v":5000,"d":"R 5,000.00"},{"v":5091.066782307025,"d":"R5,091.07"},{"$f":"E183*$F$1","v":{"v":5411.8039895923675,"d":"R5,411.80"}}]
[]
[null,"Fire proofing and sealing of all cable entries after cable testing.  This work is to be undertaken by specialists with materials tested in accordance with SANS 10177 Part II and achieved a rating of 120 minutes.  All certificates shall be provided.  Type Pyrocote mineral wool with KBS® panel seal ABL fire and water resistant coating to ensure a smoke and gas tight seal","Item",{"v":15000,"d":"R 15,000.00"},{"v":15273.200346921076,"d":"R15,273.20"},{"$f":"E185*$F$1","v":{"v":16235.411968777104,"d":"R16,235.41"}}]
[]
[null,"Conduct a 7 day minimum electrical load assessment using Fluke Data Logger or equally approved instrument. ","Item",{"v":10000,"d":"R 10,000.00"},{"v":10182.13356461405,"d":"R10,182.13"},{"$f":"E187*$F$1","v":{"v":10823.607979184735,"d":"R10,823.61"}}]
[]
[null,"EH&S + ACSA permits","Item",{"v":16000,"d":"R 16,000.00"},{"v":16291.41370338248,"d":"R16,291.41"},{"$f":"E189*$F$1","v":{"v":17317.772766695576,"d":"R17,317.77"}}]
[]
[null,"Scaffolding","Item",{"v":20000,"d":"R 20,000.00"},{"v":20364.2671292281,"d":"R20,364.27"},{"$f":"E191*$F$1","v":{"v":21647.21595836947,"d":"R21,647.22"}}]
[]
[null,"FIRE DETECTION"]
[]
[null,"Complete supply and installation of 25mm galvanised conduit, conduit boxes and accessories with PH120 Fire Cable.","m",{"$f":"72.53+54.78","v":{"v":127.31,"d":"R 127.31"}},{"v":129.62874241110148,"d":"R129.63"},{"$f":"E195*$F$1","v":{"v":137.79535318300088,"d":"R137.80"}}]
[]
[null,"Oryx 2 Zone Panel complete with standby power unit and 2No. 12v Battery 7.2amp back-up Batteries and required 7787 Zener Barriers  in accordance with project Specifications.","Item",{"$f":"5496.27+406.41+3473.03*6","v":{"v":26740.86,"d":"R 26,740.86"}},{"v":27227.90081526453,"d":"R27,227.90"},{"$f":"E197*$F$1","v":{"v":28943.258566626195,"d":"R28,943.26"}}]
[]
[null,"Mini Flame Detector, IR3, 10-40 meters complete with tilt mount and interface module in accordance with project Specifications.","Item",{"$f":"40281.1+2310","v":{"v":42591.1,"d":"R 42,591.10"}},{"v":43366.82688638335,"d":"R43,366.83"},{"$f":"E199*$F$1","v":{"v":46098.9369802255,"d":"R46,098.94"}}]
[]
[null,"IS, Red, Surface Mount, Glass Manual Call Point  (Break Glass Units) fixed in accordance with project Specifications.","Item",{"v":600,"d":"R 600.00"},{"v":610.928013876843,"d":"R610.93"},{"$f":"E201*$F$1","v":{"v":649.4164787510841,"d":"R649.42"}}]
[]
[null,"Sonos, Ex IS Sounder/Beacon 24 V DC Red Lens in accordance with Specifications.","Item",{"v":4250,"d":"R 4,250.00"},{"v":4327.4067649609715,"d":"R4,327.41"},{"$f":"E203*$F$1","v":{"v":4600.033391153513,"d":"R4,600.03"}}]
[]
[null,"Site Installation, delivery, project management, transport, scaffolding,  sundries, consumables, testing and commisioning.","Item",{"$f":"8900+9085","v":{"v":17985,"d":"R 17,985.00"}},{"v":18312.56721595837,"d":"R18,312.57"},{"$f":"E205*$F$1","v":{"v":19466.258950563748,"d":"R19,466.26"}}]
[]
[null,"As Built Drawings, O&M Manuals, Training of Employer's Staff, Warranty.","Item",{"$f":"1752+325+180+5000","v":{"v":7257,"d":"R 7,257.00"}},{"v":7389.1743278404165,"d":"R7,389.17"},{"$f":"E207*$F$1","v":{"v":7854.692310494363,"d":"R7,854.69"}}]
[]
[null,"Interface module and wiring to existing Ziton panel on site.","Item",{"v":1368.74,"d":"R 1,368.74"},{"v":1393.6693495229836,"d":"R1,393.67"},{"$f":"E209*$F$1","v":{"v":1481.4705185429314,"d":"R1,481.47"}}]
[]
[null,"EC Glands","Item",{"v":6137.1,"d":"R 6,137.10"},{"v":6248.87718993929,"d":"R6,248.88"},{"$f":"E211*$F$1","v":{"v":6642.5564529054645,"d":"R6,642.56"}}]
[]
[null,"Amoured Cable for power","Item",{"v":72.51,"d":"R 72.51"},{"v":73.83065047701649,"d":"R73.83"},{"$f":"E213*$F$1","v":{"v":78.48198145706853,"d":"R78.48"}}]
[]
[null,"Wiring onto existing Ziton system","m",{"v":25,"d":"R 25.00"},{"v":25.455333911535128,"d":"R25.46"},{"$f":"E215*$F$1","v":{"v":27.05901994796184,"d":"R27.06"}}]
[]
[null,"Motor Trip Alarm - accept potential free contact from electrical panel and transmit fault signal to be displayed on main Fire Alarm panel","Item",{"v":2000,"d":"R 2,000.00"},{"v":2036.42671292281,"d":"R2,036.43"},{"$f":"E217*$F$1","v":{"v":2164.721595836947,"d":"R2,164.72"}}]

{"sheet":"Project Summary","index":20,"n_rows":50,"n_cols":11,"rows_kept":50,"merged":[[16,6,16,7],[17,6,17,7],[21,1,23,3]]}
{"$rows_empty":12}
[null,"CAPEX PROJECT SUMMARY"]
[]
[null,"FILL IN ONLY THE GREEN BOXES"]
[]
[{"$nulls":6},"Regulatory Category"]
[{"$nulls":6},"New Capacity"]
[]
[null,"Project Programme"]
[{"$nulls":4},"EIA",null,"Start Date","End Date"]
[null,"Please note that the programme dates and total capital cost boxes; are linked to the programme dates and cost you will be required to fill in on the estimate sheet",{"$nulls":4},{"$f":"'Estimate Example'!D38","v":"2016-01-31"},{"$f":"'Estimate Example'!G38","v":"2016-01-31"}]
[]
[{"$nulls":4},"Design & Construction",null,"Start Date","End Date"]
[{"$nulls":6},{"$f":"'Estimate Example'!D41","v":"2016-02-01"},{"$f":"'Estimate Example'!G42","v":"2024-12-31"}]
[]
[null,"Total Capital Cost (excluding VAT)",{"$nulls":4},{"$f":"'Estimate Example'!I87","v":{"v":5546574,"d":"5,546,574"}}]
[]
[]
[]
[null,"Project Description & Motivation"]
{"$rows_empty":9}
[{"$nulls":10},"Page 13"]
[{"$nulls":10},"Back to Contents"]
[]
[]
[]
[]
["New Capacity"]
["Efficiency Consideration/Technology"]
["Replacement and Refurbishment"]
["Statutory & Compliance"]

{"sheet":"List","index":21,"n_rows":0,"n_cols":0,"rows_kept":0,"hidden":true}

{"sheet":"Cost Programming","index":22,"n_rows":43,"n_cols":12,"rows_kept":43,"hidden":true,"merged":[[23,3,23,8],[24,3,24,5],[24,6,24,8],[25,3,25,5],[25,6,25,8],[28,3,28,5],[28,6,28,8],[29,3,29,5],[29,6,29,8],[30,3,30,8]]}
{"$rows_empty":13}
[null,"Project Cost",{"$f":"'Estimate Example'!I81","v":{"v":5296713,"d":"5,296,713"}}]
[null,"Pre Tender Escalation",{"$f":"E36*C14","v":{"v":-34308.554559042794,"d":"-34,308.55"}}]
[null,"Post Tender Escalation",{"$f":"(C14+C15)*E37 *0.6","v":{"v":221613.41861968124,"d":"221,613"}}]
[null,"TOTAL PROJECT COST",{"$f":"SUM(C14:C16)+'Estimate Example'!I62","v":{"v":5484017.8640606385,"d":"5,484,018"}}]
[]
[null,"PROJECT PROGRAMME "]
[]
[]
[]
[]
[null,"Commencement Date (1st of)",null,{"$f":"'Estimate Example'!D36","v":"2020-02-01"}]
[null,"Concept Design Period",{"$f":"'Estimate Example'!C37","v":3},{"$f":"D24","v":"2020-02-01"},null,null,{"$f":"EOMONTH(D25,C25-1)","v":"2020-04-30"},null,null,"Capex Approved"]
[null,"Basic Assessment",{"$f":"'Estimate Example'!C38","v":1},{"$f":"G25","v":"2020-04-30"},null,null,{"$f":"EOMONTH(D26,C26-1)","v":"2020-04-30"}]
[]
[]
[null,"Design Development Period",{"$f":"'Estimate Example'!C41","v":4},{"$f":"G25+1","v":"2020-05-01"},null,null,{"$f":"EOMONTH(D29,C29-1)","v":"2020-08-31"},null,null,"Tender Awarded"]
[null,"Construction Period",{"$f":"'Estimate Example'!C42","v":20},{"$f":"IF(G26>=G29,G26,G29)+30","v":"2020-09-30"},null,null,{"$f":"EOMONTH(D30,C30-1)","v":"2022-04-30"}]
[{"$nulls":3},{"$f":"G30","v":"2022-04-30"}]
[]
[null,null,"Beginning","End","%","Months"]
["Estimate Date",{"$f":"D24","v":"2020-02-01"},{"$f":"D24","v":"2020-02-01"},{"$f":"G29","v":"2020-08-31"}]
[null,null,{"$f":"D30+30","v":"2020-10-30"},{"$f":"G30","v":"2022-04-30"}]
[null,"Pre Tender Indices (BER)",{"$f":"'Estimate Example'!C48","v":200.7},{"$f":"'Estimate Example'!D48","v":199.4},{"$f":"(D36/C36-1)","v":{"v":-0.0064773293472844,"d":"-1%"}},{"$f":"'Estimate Example'!C41","v":4}]
[null,"Post Tender Indices( Haylett)",{"$f":"'Estimate Example'!C49","v":143.9},{"$f":"'Estimate Example'!D49","v":{"v":154,"d":"154.0"}},{"$f":"(D37/C37-1)","v":{"v":0.07018763029881847,"d":"7%"}},{"$f":"'Estimate Example'!C42","v":20}]
[null,"PPI Mech & Elec"]
[]
[]
[]
[{"$nulls":11},"Page 13"]
[{"$nulls":10},"Back to Contents"]

{"sheet":"Indices ","index":23,"n_rows":211,"n_cols":7,"rows_kept":211,"merged":[[5,0,6,0],[5,1,6,1],[5,2,6,4],[5,5,6,5],[5,6,6,6],[7,2,7,4],[8,2,8,4],[9,2,9,4],[10,2,10,4],[11,2,11,4],[12,2,12,4],[13,2,13,4],[14,2,14,4],[15,2,15,4],[16,2,16,4],[17,2,17,4],[18,2,18,4],[19,2,19,4],[20,2,20,4],[21,2,21,4],[22,2,22,4],[23,2,23,4],[24,2,24,4],[25,2,25,4],[26,2,26,4],[27,2,27,4],[28,2,28,4],[29,2,29,4],[30,2,30,4],[31,2,31,4],[32,2,32,4],[33,2,33,4],[34,2,34,4],[35,2,35,4],[36,2,36,4],[37,2,37,4],[38,2,38,4],[39,2,39,4],[40,2,40,4],[41,2,41,4],[42,2,42,4],[43,2,43,4],[44,2,44,4],[45,2,45,4],[46,2,46,4],[47,2,47,4],[48,2,48,4],[49,2,49,4],[50,2,50,4],[51,2,51,4],[52,2,52,4],[53,2,53,4],[54,2,54,4],[55,2,55,4],[56,2,56,4],[57,2,57,4],[58,2,58,4],[59,2,59,4],[60,2,60,4],[61,2,61,4],[62,2,62,4],[63,2,63,4],[64,2,64,4],[65,2,65,4],[66,2,66,4],[67,2,67,4],[68,2,68,4],[69,2,69,4],[70,2,70,4],[71,2,71,4],[72,2,72,4],[73,2,73,4],[74,2,74,4],[75,2,75,4],[76,2,76,4],[77,2,77,4],[78,2,78,4],[79,2,79,4],[80,2,80,4],[81,2,81,4],[82,2,82,4],[83,2,83,4],[84,2,84,4],[85,2,85,4],[86,2,86,4],[87,2,87,4],[88,2,88,4],[89,2,89,4],[90,2,90,4],[91,2,91,4],[92,2,92,4],[93,2,93,4],[94,2,94,4],[95,2,95,4],[96,2,96,4],[97,2,97,4],[98,2,98,4],[99,2,99,4],[100,2,100,4],[101,2,101,4],[102,2,102,4],[103,2,103,4],[104,2,104,4],[105,2,105,4],[106,2,106,4],[107,2,107,4],[108,2,108,4],[109,2,109,4],[110,2,110,4],[111,2,111,4],[112,2,112,4],[113,2,113,4],[114,2,114,4],[115,2,115,4],[116,2,116,4],[117,2,117,4],[118,2,118,4],[119,2,119,4],[120,2,120,4],[121,2,121,4],[122,2,122,4],[123,2,123,4],[124,2,124,4],[125,2,125,4],[126,2,126,4],[127,2,127,4],[128,2,128,4],[129,2,129,4],[130,2,130,4],[131,2,131,4],[132,2,132,4],[133,2,133,4],[134,2,134,4],[135,2,135,4],[136,2,136,4],[137,2,137,4],[138,2,138,4],[139,2,139,4],[140,2,140,4],[141,2,141,4],[142,2,142,4],[143,2,143,4],[144,2,144,4],[145,2,145,4],[146,2,146,4],[147,2,147,4],[148,2,148,4],[149,2,149,4],[150,2,150,4],[151,2,151,4],[152,2,152,4],[153,2,153,4],[154,2,154,4],[155,2,155,4],[156,2,156,4],[157,2,157,4],[158,2,158,4],[159,2,159,4],[160,2,160,4],[161,2,161,4],[162,2,162,4],[163,2,163,4],[164,2,164,4],[165,2,165,4],[166,2,166,4],[167,2,167,4],[168,2,168,4],[169,2,169,4],[170,2,170,4],[171,2,171,4],[172,2,172,4],[173,2,173,4],[174,2,174,4],[175,2,175,4],[176,2,176,4],[177,2,177,4],[178,2,178,4],[179,2,179,4],[180,2,180,4],[181,2,181,4],[182,2,182,4],[183,2,183,4],[184,2,184,4],[185,2,185,4],[186,2,186,4],[187,2,187,4],[188,2,188,4],[189,2,189,4],[190,2,190,4],[191,2,191,4],[192,2,192,4],[193,2,193,4],[194,2,194,4],[195,2,195,4],[196,2,196,4],[197,2,197,4],[198,2,198,4],[199,2,199,4],[200,2,200,4],[201,2,201,4],[202,2,202,4],[203,2,203,4],[204,2,204,4],[205,2,205,4],[206,2,206,4],[207,2,207,4],[208,2,208,4],[209,2,209,4],[210,2,210,4]]}
["ACSA PROJECT MANAGEMENT"]
["PROJECT BACK-UP INFORMATION-INFRASTRUCTURE"]
["INDICES",{"$nulls":5},"Updated: Fourth Quarter 2021"]
[]
[]
["YEAR","MONTH","DATE",null,null,"MFA BER Pre-Tender Indices","MFA HAYLETT Post-Tender Indices"]
[]
[2009,"2009-01-31","2009-01-31",null,null,{"v":145,"d":"145.0"},375.7]
[null,"2009-02-28","2009-02-28",null,null,138.7,377.4]
[null,"2009-03-31","2009-03-31",null,null,142.8,379.2]
[null,"2009-04-30","2009-04-30",null,null,146.9,378.3]
[null,"2009-05-31","2009-05-31",null,null,{"v":151,"d":"151.0"},375.8]
[null,"2009-06-30","2009-06-30",null,null,147.6,{"v":376,"d":"376.0"}]
[null,"2009-07-31","2009-07-31",null,null,144.3,381.4]
[null,"2009-08-31","2009-08-31",null,null,140.9,382.4]
[null,"2009-09-30","2009-09-30",null,null,142.5,384.1]
[null,"2009-10-31","2009-10-31",null,null,{"v":144,"d":"144.0"},382.8]
[null,"2009-11-30","2009-11-30",null,null,145.6,382.9]
[null,"2009-12-31","2009-12-31",null,null,145.6,383.5]
[2010,"2010-01-31","2010-01-31",null,null,145.7,{"v":386,"d":"386.0"}]
[null,"2010-02-28","2010-02-28",null,null,145.7,388.2]
[null,"2010-03-31","2010-03-31",null,null,145.4,389.5]
[null,"2010-04-30","2010-04-30",null,null,145.1,390.8]
[null,"2010-05-31","2010-05-31",null,null,144.8,395.1]
[null,"2010-06-30","2010-06-30",null,null,143.9,396.1]
[null,"2010-07-31","2010-07-31",null,null,142.9,395.4]
[null,"2010-08-31","2010-08-31",null,null,{"v":142,"d":"142.0"},394.2]
[null,"2010-09-30","2010-09-30",null,null,142.1,394.5]
[null,"2010-10-31","2010-10-31",null,null,142.3,395.7]
[null,"2010-11-30","2010-11-30",null,null,142.4,396.5]
[null,"2010-12-31","2010-12-31",null,null,141.9,397.5]
[2011,"2011-01-31","2011-01-31",null,null,141.3,400.5]
[null,"2011-02-28","2011-02-28",null,null,140.8,405.5]
[null,"2011-03-31","2011-03-31",null,null,143.6,410.8]
[null,"2011-04-30","2011-04-30",null,null,146.4,412.3]
[null,"2011-05-31","2011-05-31",null,null,149.2,{"v":412,"d":"412.0"}]
[null,"2011-06-30","2011-06-30",null,null,148.7,413.4]
[null,"2011-07-31","2011-07-31",null,null,148.3,419.2]
[null,"2011-08-31","2011-08-31",null,null,147.8,420.7]
[null,"2011-09-30","2011-09-30",null,null,150.8,422.6]
[null,"2011-10-31","2011-10-31",null,null,153.7,424.3]
[null,"2011-11-30","2011-11-30",null,null,156.7,{"v":427,"d":"427.0"}]
[null,"2011-12-31","2011-12-31",null,null,156.2,{"v":428,"d":"428.0"}]
[2012,"2012-01-31","2012-01-31",null,null,154.4,429.3]
[null,"2012-02-29","2012-02-29",null,null,153.3,433.7]
[null,"2012-03-31","2012-03-31",null,null,154.2,435.7]
[null,"2012-04-30","2012-04-30",null,null,155.2,437.5]
[null,"2012-05-31","2012-05-31",null,null,156.1,438.6]
[null,"2012-06-30","2012-06-30",null,null,157.9,439.5]
[null,"2012-07-31","2012-07-31",null,null,159.6,443.4]
[null,"2012-08-31","2012-08-31",null,null,161.4,{"v":443,"d":"443.0"}]
[null,"2012-09-30","2012-09-30",null,null,162.6,444.3]
[null,"2012-10-31","2012-10-31",null,null,163.7,445.2]
[null,"2012-11-30","2012-11-30",null,null,164.9,446.8]
[null,"2012-12-31","2012-12-31",null,null,166.6,448.1]
[2013,"2013-01-31","2013-01-31",null,null,{"v":169,"d":"169.0"},452.4]
[null,"2013-02-28","2013-02-28",null,null,{"v":171,"d":"171.0"},{"v":456,"d":"456.0"}]
[null,"2013-03-31","2013-03-31",null,null,169.2,460.9]
[null,"2013-04-30","2013-04-30",null,null,167.5,464.1]
[null,"2013-05-31","2013-05-31",null,null,165.7,463.3]
[null,"2013-06-30","2013-06-30",null,null,168.2,465.2]
[null,"2013-07-31","2013-07-31",null,null,170.8,471.5]
[null,"2013-08-31","2013-08-31",null,null,173.3,472.9]
[null,"2013-09-30","2013-09-30",null,null,172.8,475.5]
[null,"2013-10-31","2013-10-31",null,null,172.3,476.8]
[null,"2013-11-30","2013-11-30",null,null,171.8,477.2]
[null,"2013-12-31","2013-12-31",null,null,174.3,478.2]
[2014,"2014-01-31","2014-01-31",null,null,176.7,482.5]
[null,"2014-02-28","2014-02-28",null,null,"179.2**",490.6]
[null,"2014-03-31","2014-03-31",null,null,181.7,495.4]
[null,"2014-04-30","2014-04-30",null,null,184.1,495.1]
[null,"2014-05-31","2014-05-31",null,null,186.6,495.7]
[null,"2014-06-30","2014-06-30",null,null,188.1,497.3]
[null,"2014-07-31","2014-07-31",null,null,189.7,502.5]
[null,"2014-08-31","2014-08-31",null,null,191.2,504.6]
[null,"2014-09-30","2014-09-30",null,null,192.2,505.5]
[null,"2014-10-31","2014-10-31",null,null,193.1,507.6]
[null,"2014-11-30","2014-11-30",null,null,194.1,507.3]
[null,"2014-12-31","2014-12-31",null,null,195.6,506.6]
[2015,"2015-01-31","2015-01-31",null,null,196.9,506.7]
[null,"2015-02-28","2015-02-28",null,null,198.2,505.6]
[null,"2015-03-31","2015-03-31",null,null,195.9,508.2]
[null,"2015-04-30","2015-04-30",null,null,193.5,510.3]
[null,"2015-05-31","2015-05-31",null,null,191.2,510.3]
[null,"2015-06-30","2015-06-30",null,null,192.4,511.7]
[null,"2015-07-31","2015-07-31",null,null,193.6,514.9]
[null,"2015-08-31","2015-08-31",null,null,194.8,512.8]
[null,"2015-09-30","2015-09-30",null,null,194.4,512.3]
[null,"2015-10-31","2015-10-31",null,null,194.1,515.3]
[null,"2015-11-30","2015-11-30",null,null,193.7,515.5]
[null,"2015-12-31","2015-12-31",null,null,{"v":196,"d":"196.0"},515.9]
[2016,"2016-01-31","2016-01-31",null,null,198.4,521.5]
[null,"2016-02-29","2016-02-29",null,null,200.7,531.8]
[null,"2016-03-31","2016-03-31",null,null,200.3,{"v":533,"d":"533.0"}]
[null,"2016-04-30","2016-04-30",null,null,199.8,538.5]
[null,"2016-05-31","2016-05-31",null,null,199.4,544.7]
[null,"2016-06-30","2016-06-30",null,null,200.9,546.9]
[null,"2016-07-31","2016-07-31",null,null,202.5,551.9]
[null,"2016-08-31","2016-08-31",null,null,{"v":4,"d":"4.0"},553.3]
[null,"2016-09-30","2016-09-30",null,null,205.7,557.3]
[null,"2016-10-31","2016-10-31",null,null,207.3,559.1]
[null,"2016-11-30","2016-11-30",null,null,{"v":209,"d":"209.0"},560.4]
[null,"2016-12-31","2016-12-31",null,null,210.3,561.2]
[2017,"2017-01-31","2017-01-31",null,null,211.7,566.2]
[null,"2017-02-28","2017-02-28",null,null,{"v":213,"d":"213.0"},569.1]
[null,"2017-03-31","2017-03-31",null,null,{"v":215,"d":"215.0"},572.2]
[null,"2017-04-30","2017-04-30",null,null,{"v":217,"d":"217.0"},575.6]
[null,"2017-05-31","2017-05-31",null,null,{"v":219,"d":"219.0"},579.2]
[null,"2017-06-30","2017-06-30",null,null,{"v":220,"d":"220.0"},581.3]
[null,"2017-07-31","2017-07-31",null,null,{"v":221,"d":"221.0"},584.5]
[null,"2017-08-31","2017-08-31",null,null,{"v":222,"d":"222.0"},585.3]
[null,"2017-09-30","2017-09-30",null,null,{"v":224,"d":"224.0"},587.3]
[null,"2017-10-31","2017-10-31",null,null,{"v":226,"d":"226.0"},589.3]
[null,"2017-11-30","2017-11-30",null,null,{"v":228,"d":"228.0"},591.4]
[null,"2017-12-31","2017-12-31",null,null,229.3,592.2]
[2018,"2018-01-31","2018-01-31",null,null,226.9,594.1]
[null,"2018-02-28","2018-02-28",null,null,230.8,595.7]
[null,"2018-03-31","2018-03-31",null,null,{"v":230,"d":"230.0"},598.6]
[null,"2018-04-30","2018-04-30",null,null,229.2,601.6]
[null,"2018-05-31","2018-05-31",null,null,228.4,605.7]
[null,"2018-06-30","2018-06-30",null,null,230.9,608.6]
[null,"2018-07-31","2018-07-31",null,null,233.4,612.2]
[null,"2018-08-31","2018-08-31",null,null,235.9,613.5]
[null,"2018-09-30","2018-09-30",null,null,233.8,616.2]
[null,"2018-10-31","2018-10-31",null,null,231.8,{"v":619,"d":"619.0"}]
[null,"2018-11-30","2018-11-30",null,null,229.7,621.9]
[null,"2018-12-31","2018-12-31",null,null,236.1,622.7]
[2019,"2019-01-31","2019-01-31",null,null,113.4,110.2]
[null,"2019-02-28","2019-02-28",null,null,114.6,110.6]
[null,"2019-03-31","2019-03-31",null,null,{"v":115,"d":"115.0"},111.8]
[null,"2019-04-30","2019-04-30",null,null,115.4,112.6]
[null,"2019-05-31","2019-05-31",null,null,115.9,112.9]
[null,"2019-06-30","2019-06-30",null,null,{"v":116,"d":"116.0"},112.5]
[null,"2019-07-31","2019-07-31",null,null,116.1,112.9]
[null,"2019-08-31","2019-08-31",null,null,116.2,113.4]
[null,"2019-09-30","2019-09-30",null,null,116.1,113.9]
[null,"2019-10-31","2019-10-31",null,null,116.1,114.1]
[null,"2019-11-30","2019-11-30",null,null,{"v":116,"d":"116.0"},113.9]
[null,"2019-12-31","2019-12-31",null,null,117.1,113.9]
[2020,"2020-01-31","2020-01-31",null,null,{"v":116,"d":"116.0"},114.2]
[null,"2020-02-29","2020-02-29",null,null,116.1,114.6]
[null,"2020-03-31","2020-03-31",null,null,{"v":116,"d":"116.0"},114.2]
[null,"2020-04-30","2020-04-30",null,null,115.8,113.6]
[null,"2020-05-31","2020-05-31",null,null,115.6,113.8]
[null,"2020-06-30","2020-06-30",null,null,117.2,114.4]
[null,"2020-07-31","2020-07-31",null,null,118.8,115.9]
[null,"2020-08-31","2020-08-31",null,null,120.4,{"v":117,"d":"117.0"}]
[null,"2020-09-30","2020-09-30",null,null,119.5,118.2]
[null,"2020-10-31","2020-10-31",null,null,118.2,119.3]
[null,"2020-11-30","2020-11-30",null,null,117.7,119.5]
[null,"2020-12-31","2020-12-31",null,null,118.2,120.1]
[2021,"2021-01-31","2021-01-31",null,null,118.8,{"v":121,"d":"121.0"}]
[null,"2021-02-28","2021-02-28",null,null,119.3,123.4]
[null,"2021-03-31","2021-03-31",null,null,119.5,124.9]
[null,"2021-04-30","2021-04-30",null,null,119.7,126.9]
[null,"2021-05-31","2021-05-31",null,null,119.9,128.4]
[null,"2021-06-30","2021-06-30",null,null,120.5,130.8]
[null,"2021-07-31","2021-07-31",null,null,121.1,131.9]
[null,"2021-08-31","2021-08-31",null,null,121.8,132.4]
[null,"2021-09-30","2021-09-30",null,null,122.9,133.8]
[null,"2021-10-31","2021-10-31",null,null,{"v":124,"d":"124.0"},134.5]
[null,"2021-11-30","2021-11-30",null,null,125.2,134.6]
[null,"2021-12-31","2021-12-31",null,null,125.7,135.1]
[2022,"2022-01-31","2022-01-31",null,null,126.2,135.4]
[null,"2022-02-28","2022-02-28",null,null,126.7,{"v":136,"d":"136.0"}]
[null,"2022-03-31","2022-03-31",null,null,127.1,137.1]
[null,"2022-04-30","2022-04-30",null,null,127.6,137.4]
[null,"2022-05-31","2022-05-31",null,null,{"v":128,"d":"128.0"},137.7]
[null,"2022-06-30","2022-06-30",null,null,128.5,138.7]
[null,"2022-07-31","2022-07-31",null,null,128.9,139.2]
[null,"2022-08-31","2022-08-31",null,null,129.4,139.3]
[null,"2022-09-30","2022-09-30",null,null,130.5,140.4]
[null,"2022-10-31","2022-10-31",null,null,131.6,140.4]
[null,"2022-11-30","2022-11-30",null,null,132.7,140.6]
[null,"2022-12-31","2022-12-31",null,null,133.4,140.9]
[2023,"2023-01-31","2023-01-31",null,null,134.2,141.3]
[null,"2023-02-28","2023-02-28",null,null,134.9,142.3]
[null,"2023-03-31","2023-03-31",null,null,135.4,143.4]
[null,"2023-04-30","2023-04-30",null,null,135.9,143.7]
[null,"2023-05-31","2023-05-31",null,null,136.4,143.9]
[null,"2023-06-30","2023-06-30",null,null,{"v":137,"d":"137.0"},144.7]
[null,"2023-07-31","2023-07-31",null,null,137.5,145.3]
[null,"2023-08-31","2023-08-31",null,null,138.1,145.5]
[null,"2023-09-30","2023-09-30",null,null,{"v":139,"d":"139.0"},146.4]
[null,"2023-10-31","2023-10-31",null,null,{"v":140,"d":"140.0"},146.7]
[null,"2023-11-30","2023-11-30",null,null,140.9,146.8]
[null,"2023-12-31","2023-12-31",null,null,141.1,{"v":147,"d":"147.0"}]
[2024,"2023-01-31","2024-01-31",null,null,141.8,147.3]
[null,"2023-02-28","2024-02-28",null,null,142.3,148.3]
[null,"2023-03-31","2024-03-31",null,null,143.1,149.5]
[null,"2023-04-30","2024-04-30",null,null,143.9,149.8]
[null,"2023-05-31","2024-05-31",null,null,144.7,150.2]
[null,"2023-06-30","2024-06-30",null,null,145.2,151.1]
[null,"2023-07-31","2024-07-31",null,null,145.6,151.9]
[null,"2023-08-31","2024-08-31",null,null,{"v":146,"d":"146.0"},152.2]
[null,"2023-09-30","2024-09-30",null,null,147.2,{"v":153,"d":"153.0"}]
[null,"2023-10-31","2024-10-31",null,null,148.4,153.4]
[null,"2023-11-30","2024-11-30",null,null,149.6,153.8]
[null,"2023-12-31","2024-12-31",null,null,150.1,{"v":154,"d":"154.0"}]
[2025,"2023-01-31","2025-01-31",null,null,150.6,154.4]
[null,"2023-02-28","2025-02-28",null,null,151.1,155.2]
[null,"2023-03-31","2025-03-31",null,null,151.9,156.3]
[null,"2023-04-30","2025-04-30",null,null,152.7,156.6]
[null,"2023-05-31","2025-05-31",null,null,153.5,157.2]
[null,"2023-06-30","2025-06-30",null,null,153.9,158.2]
[null,"2023-07-31","2025-07-31",null,null,154.2,158.8]
[null,"2023-08-31","2025-08-31",null,null,154.6,159.2]
[null,"2023-09-30","2025-09-30",null,null,155.9,160.1]
[null,"2023-10-31","2025-10-31",null,null,157.1,160.5]
[null,"2023-11-30","2025-11-30",null,null,158.4,160.9]
[null,"2023-12-31","2025-12-31",null,null,{"v":159,"d":"159.0"},161.1]

{"sheet":"Estimate Example","index":24,"n_rows":125,"n_cols":27,"rows_kept":125,"merged":[[9,2,9,4],[11,2,11,8],[13,2,13,4],[15,2,15,4],[17,2,17,4],[19,2,19,4],[25,1,29,9],[35,3,35,8],[36,3,36,5],[36,6,36,8],[37,3,37,5],[37,6,37,8],[40,3,40,5],[40,6,40,8],[41,3,41,5],[41,6,41,8],[42,3,42,8],[53,2,53,3],[54,2,54,3],[57,1,57,3],[57,6,57,7],[58,1,58,3],[58,6,58,7],[59,6,59,7],[61,1,61,3],[61,6,61,7],[62,1,62,3],[62,6,62,7],[63,1,63,3],[63,6,63,7],[64,6,64,7],[65,6,65,7],[66,1,66,3],[66,6,66,7],[67,1,67,3],[67,6,67,7],[70,6,70,7],[73,1,73,3],[73,6,73,7],[74,6,74,7],[75,1,75,3],[75,6,75,7],[76,6,76,7],[77,6,78,7],[77,8,78,8],[79,6,79,7],[81,6,81,7],[82,6,82,7],[85,1,85,3],[85,6,85,7],[86,1,86,3],[89,1,89,3],[89,4,89,7],[92,1,92,3],[93,1,93,3],[94,1,94,3]]}
[]
[]
[]
[]
[]
[{"$nulls":14},"COMMERCIALISATION AND INFRASTRUCTURE DEVELOPMENT MANAGEMENT"]
[{"$nulls":14},"EAM PROJECTS"]
[null,"FILL IN ONLY THE GREY BOXES",{"$nulls":12},"EAS"]
[{"$nulls":14},"FLEET MANAGEMENT"]
[null,"ORACLE NUMBER",5136,{"$nulls":11},"PROJECT PROTFOLIO MANAGEMENT"]
[{"$nulls":14},"SECURITY SERVICES MANAGEMENT"]
[null,"PROJECT NAME/DESCRIPTION","HOTEL TAXIWAY",{"$nulls":11},"SERVICE DEVELOPMENT MANAGEMENT"]
[]
[null,"SITE / AIRPORT","CAPE TOWN INTERNATIONAL AIRPORT"]
[]
[null,"FUNCTIONAL DIVISION (OWNER)","EAM PROJECTS"]
[]
[null,"PMO (EXECUTOR)","MECHANICAL PROJECTS"]
[]
[null,"PROJECT MANAGER/ ENGINEER","AWELANI NETSHIVHANGONI"]
[]
[]
[]
[null,"PROJECT SCOPE "]
[]
[null,"Hotel taxi way inclusive of the following disciplines:\n1) Civil works\n2) Electrical works\n3) Mechanical installations\n4) Structural works\n7) Technology upgrades & controls (i.e.: BMS,Sensors)\n\nProject includes installationof  new track, temporary platform for aircraft to pass on during construction , focusing on reliability and compliance items. A comprehensive condition assesment needs to be conducted at the beginning of the project.\nMotor tripping on start up on gate close to Fire station, repeatedly.\nOld parts being replaced as they fail, rendering the gate unreliable.These facilities require urgent replacement. \nThe proposed replacement will reduce operational costs and improve safety and compliance. Mechanical Maintenance Department seeks to replace the hotel taxiway throughout at Cape Town International Airport. The current design is too heavy making the maintenance of the gate difficult e and are unreliable. This has led togatefailing open  for long periods with visotr accidently crossing the into the runaway and introducers freeely accessing the airside.This has also been an audit fidning. which can lead negative impact on ACSA’s reputation which could in turn negatively affect the business. The project also seeks to address the safety and security."]
[]
[]
[]
[]
[]
[]
[null,"PROJECT PROGRAMME "]
[]
[]
[null,"Commencement Date (1st of)",null,"2020-02-01",{"$nulls":5},"Aligned to your project charter"]
[null,"Concept Design Period:",3,"2015-11-01",null,null,{"$f":"EOMONTH(D37,C37-1)","v":"2016-01-31"},null,null,"Capex Approved"]
[null,"Basic Assessment/Stage 1 Report:",1,{"$f":"G37","v":"2016-01-31"},null,null,{"$f":"EOMONTH(D38,C38-1)","v":"2016-01-31"},null,null,"Only pojects with enviromental studies, i.e. EIA, etc"]
[]
[]
[null,"Design Development Period (up to contract award):",4,{"$f":"G37+1","v":"2016-02-01"},null,null,{"$f":"EOMONTH(D41,C41-1)","v":"2016-05-31"},null,null,"Tender Awarded"]
[null,"Construction Period:",20,"2023-05-01",null,null,{"$f":"EOMONTH(D42,C42-1)","v":"2024-12-31"},null,null,"Construction commencement"]
[{"$nulls":3},{"$f":"G42","v":"2024-12-31"}]
[]
[null,null,"Beginning","End","%","Months"]
[null,"Pre tender Programme:","2022-02-16",{"$f":"'Indices '!C147","v":"2020-08-31"},null,7,"Project Brief Signed"]
[null,"Post tender Programme:","2023-05-01",{"$f":"'Indices '!C167","v":"2022-04-30"},null,20]
[null,"Pre Tender Indices (BER):",{"v":200.7,"d":"200.70"},{"v":199.4,"d":"199.40"},{"$f":"(D48/C48-1)","v":{"v":-0.0064773293472844,"d":"-0.6%"}}]
[null,"Post Tender Indices( Haylett):",{"v":143.9,"d":"143.90"},{"v":154,"d":"154.00"},{"$f":"(D49/C49-1)","v":{"v":0.07018763029881847,"d":"7%"}},null,"Tender Submission"]
[null,"PPI Mech & Elec:",{"v":0,"d":"0.0"},{"v":0,"d":"0.0"},{"v":0.35,"d":"35%"},0]
[]
[null,"PROJECT COST "]
[]
[null,"Base Date of  Estimate Rates","2015-11-15"]
[null,"Date when estimate was prepared","2022-07-01",{"$nulls":8},"Aportioning"]
[]
[]
[null,"ITEMS ",null,null,"QUANTITY","UOM","RATE",null,"AMOUNT ",null,"ITEMS ",null,null,"QUANTITY","UOM","RATE",null,"AMOUNT "]
[null,"EIA Process",null,null,1,"Sum",0,null,{"$f":"E59*G59","v":0},null,"EIA Process",null,null,{"v":1,"d":"1.00"},"Sum",0,null,0]
[null,"Geotechnical",{"$nulls":6},{"$f":"E60*G60","v":0},null,"Geotechnical",{"$nulls":6},0]
[]
[null,"SUB-TOTAL",{"$nulls":6},{"$f":"SUM(I59:I61)","v":0},null,"SUB-TOTAL",{"$nulls":6},0]
[null,"Mechanical Works (New) rates excluding P&G, Contingency, Fees & Disbursments",null,null,1,"EA",{"v":1793010,"d":"1,793,010"},null,{"$f":"ROUNDUP(E63*G63,0)","v":{"v":1793010,"d":"1,793,010"}},null,"Mechanical Works (New) rates excluding P&G, Contingency, Fees & Disbursments",null,null,{"v":1,"d":"1.00"},"EA",{"v":1893212.47,"d":"1,893,212.47"},null,{"v":1893213,"d":"1,893,213.00"},{"$nulls":6},"value I want to get",{"v":1793010,"d":"1,793,010.00"},"value I want to change"]
[null,"P&G on Mechanical Works",{"$nulls":4},{"v":0.1,"d":"10%"},null,{"$f":"ROUNDUP(I63*G64,0)","v":{"v":179301,"d":"179,301"}},null,"P&G on Mechanical Works",{"$nulls":4},{"v":0.1,"d":"0.10"},null,{"v":189322,"d":"189,322.00"},null,{"$f":"R63+R64","v":{"v":2082535,"d":"2,082,535.00"}},null,null,{"$f":"T64/$R$74","v":{"v":0.48537795798806815,"d":"49%"}},null,{"$f":"W64*W74","v":{"v":1972310.8827967828,"d":"1,972,310.88"}},{"$f":"0.1*Z63","v":{"v":179301,"d":"179,301.00"}}]
[{"$nulls":25},{"$f":"Z63+Z64","v":{"v":1972311,"d":"1,972,311.00"}}]
[]
[null,"Controls Work rates excluding P&G, Contingency, Fees & Disbursments",null,null,1,"sum",{"v":1320035,"d":"1,320,035"},null,{"$f":"ROUNDUP(E67*G67,0)","v":{"v":1320035,"d":"1,320,035"}},null,"Controls Work rates excluding P&G, Contingency, Fees & Disbursments",null,null,{"v":1,"d":"1.00"},"sum",{"v":1393805.23,"d":"1,393,805.23"},null,{"v":1393806,"d":"1,393,806.00"},{"$nulls":7},{"v":1320035.4545454546,"d":"1,320,035.45"}]
[null,"P&G on Electrical works",{"$nulls":4},{"v":0.1,"d":"10%"},null,{"$f":"ROUNDUP(I67*G68,0)","v":{"v":132004,"d":"132,004"}},null,"P&G on Electrical works",{"$nulls":4},{"v":0.1,"d":"0.10"},null,{"v":139381,"d":"139,381.00"},null,{"$f":"R67+R68","v":{"v":1533187,"d":"1,533,187.00"}},null,null,{"$f":"T68/$R$74","v":{"v":0.35734101720924366,"d":"36%"}},null,{"$f":"W68*W74","v":{"v":1452038.6958502743,"d":"1,452,038.70"}},{"$f":"10%*Z67","v":{"v":132003.54545454547,"d":"132,003.55"}}]
[{"$nulls":25},{"$f":"Z67+Z68","v":{"v":1452039,"d":"1,452,039.00"}}]
[]
[null,"Electrical works",null,null,1,"ea",{"v":639104.1,"d":"639,104"},null,{"$f":"ROUNDUP(E71*G71,0)","v":{"v":639105,"d":"639,105"}},null,"Electrical works",null,null,{"v":1,"d":"1.00"},"ea",{"v":674820.78,"d":"674,820.78"},null,{"v":674821,"d":"674,821.00"}]
[{"$nulls":19},{"$f":"R71+R72","v":{"v":674821,"d":"674,821.00"}},null,null,{"$f":"T72/$R$74","v":{"v":0.15728102480268816,"d":"16%"}},null,{"$f":"W72*W74","v":{"v":639104.1697929725,"d":"639,104.17"}}]
[]
[null,"SUB-TOTAL",{"$nulls":6},{"v":4063453.7484400296,"d":"4,063,454"},{"$f":"SUM(I63:I73)","v":{"v":4063455,"d":"4,063,455"}},"SUB-TOTAL",{"$nulls":6},{"$f":"SUM(R63:R73)","v":{"v":4290543,"d":"4,290,543.00"}},{"$nulls":4},{"$f":"I74","v":{"v":4063453.7484400296,"d":"4,063,454"}}]
[null,"Contingencies",{"$nulls":4},{"$f":"Assumptions!D19","v":{"v":0.1,"d":"10%"}},null,{"$f":"ROUNDUP($G$75*$I$74,0)","v":{"v":406346,"d":"406,346"}}]
[null,"SUB-TOTAL",{"$nulls":6},{"$f":"ROUNDUP(SUM(I74:I75),0)","v":{"v":4469800,"d":"4,469,800"}}]
[null,"Proffesional Fees (including Disbursements & supervision) Kick off fees",{"$nulls":4},{"v":0.16,"d":"16%"},null,{"$f":"I76*G77","v":{"v":715168,"d":"715,168"}}]
[null,"ACSA Umbrella Insurance",{"$nulls":4},{"v":0.025,"d":"2.5%"},null,{"$f":"ROUNDUP(I76*G78,0)","v":{"v":111745,"d":"111,745"}}]
[null,"ACSA Direct Costs (marketing, temp accomodation etc)"]
[null,"Foreex Adjustment",{"$nulls":6},0]
[null,"SUB-TOTAL",{"$nulls":6},{"$f":"ROUNDUP(SUM(I76:I80),0)","v":{"v":5296713,"d":"5,296,713"}}]
[null,"Pre-Construction Escalation","BER",{"$nulls":3},{"$f":"E48","v":{"v":-0.0064773293472844,"d":"-1%"}},null,{"$f":"ROUNDUP(I81*G82,0)","v":{"v":-34309,"d":"-34,309"}}]
[null,"SUB-TOTAL",{"$nulls":6},{"$f":"ROUNDUP(SUM(I81:I82),0)","v":{"v":5262404,"d":"5,262,404"}}]
[{"$nulls":5},"If Mechanical /Electrical work in nature change forumlar in cell G79 to E46"]
[null,{"$f":"B50","v":"PPI Mech & Elec:"},"PPI",{"$nulls":3},{"v":0.09,"d":"9%"},0.6,{"$f":"ROUNDUP(I83*G85*H85,0)","v":{"v":284170,"d":"284,170"}}]
[null,"SUB-TOTAL",{"$nulls":6},{"$f":"ROUNDUP(SUM(I83:I85),0)","v":{"v":5546574,"d":"5,546,574"}}]
[null,"TOTAL PROJECT COST ",{"$nulls":6},{"$f":"ROUNDUP(I86+I62,0)","v":{"v":5546574,"d":"5,546,574"}},{"v":5546573.87,"d":"5,546,573.87"}]
[]
[null,"EXCLUSIONS"]
[null,"VAT",null,null,"Prof Fees"]
[{"$nulls":4},{"$f":"B59","v":"EIA Process"},null,null,{"$f":"$I$59","v":0}]
[{"$nulls":4},"Proff Fees total",null,null,{"$f":"$I$77","v":{"v":715168,"d":"715,168"}},{"$f":"I76+I78+I80+I82+I85+H95","v":{"v":5188990,"d":"5,188,990"}},{"$nulls":15},{"$f":"J94-H92","v":{"v":4831406,"d":"4,831,406"}}]
[{"$nulls":4},{"$f":"B37","v":"Concept Design Period:"},null,{"v":0.15,"d":"15%"},{"$f":"($H$92*$G$93)","v":{"v":107275.2,"d":"107,275"}},{"$f":"$H$91+$H$93+$H$94","v":{"v":357584,"d":"357,584"}}]
[{"$nulls":4},{"$f":"B41","v":"Design Development Period (up to contract award):"},null,{"v":0.35,"d":"35%"},{"$f":"$H$92*$G$94","v":{"v":250308.8,"d":"250,308.80"}},{"$f":"ROUND(SUM(I92:I93),0)","v":{"v":5546574,"d":"5,546,574"}},{"$f":"I94","v":{"v":5546574,"d":"5,546,574"}}]
[{"$nulls":4},{"$f":"B42","v":"Construction Period:"},null,{"v":0.5,"d":"50%"},{"$f":"$H$92*$G$95","v":{"v":357584,"d":"357,584.00"}},{"$f":"I94=Cashflow!E22","v":true},{"$f":"J94=J87","v":false}]
{"$rows_empty":8}
[null,"O R TAMBO INTERNATIONAL AIRPORT"]
[null,"CAPE TOWN INTERNATIONAL AIRPORT"]
[null,"KING SHAKA INTERNATIONAL AIRPORT"]
[null,"BLOEMFONTEIN AIRPORT"]
[null,"EAST LONDON AIRPORT"]
[null,"GEORGE AIRPORT"]
[null,"PORT ELIZABETH AIRPORT"]
[null,"KIMBERLY AIRPORT"]
[null,"UPINGTON AIRPORT"]
[]
[]
[null,"PROJECTS"]
[null,"ENGINEERING PROJECTS"]
[null,"MAINTANANCE & ENGINEERING"]
[null,"OPERATIONS"]
[null,"SECURITY"]
[null,"COMMUNICATIONS"]
[null,"PROPERTY"]
[null,"RETAIL"]
[null,"IT"]
[null,"OPERATIONS"]
[null,"OTHER"]

{"sheet":"Cashflow","index":25,"n_rows":46,"n_cols":19,"rows_kept":46,"merged":[[16,6,16,16],[16,17,16,18]]}
{"$rows_empty":16}
[{"$nulls":6},"ANNUAL CASH FLOW PER FINACIAL YEAR"]
[null,null,"Tender","Compl.","Total",null,"2018-04-01",{"$f":"+G19+1","v":"2019-04-01"},"2020-04-01","2021-04-01","2022-04-01",{"$f":"+K19+1","v":"2023-04-01"},{"$f":"+L19+1","v":"2024-04-01"},"2025-04-01","2026-04-01","2027-04-01","2028-04-01",{"$f":"+Q19+1","v":"2029-04-01"},{"$f":"+R19+1","v":"2028-04-01"}]
[{"$nulls":6},"2019-03-31","2020-03-31","2021-03-31","2022-03-31","2023-03-31","2024-03-31","2025-03-31","2026-03-31","2027-03-31","2028-03-31","2029-03-31",{"$f":"+P19","v":"2028-03-31"},{"$f":"+Q19","v":"2029-03-31"}]
[null,"Kick-off Fees and EIA",{"$f":"'Estimate Example'!D37","v":"2015-11-01"},{"$f":"'Estimate Example'!G41","v":"2016-05-31"},{"$f":"'Estimate Example'!I93","v":{"v":357584,"d":"357,584 "}},null,{"$f":"IF(AND(G19>=$C$20,G19<=$D$20),ROUND($E$20*(1-((1-((G19-$C$20)/($D$20-$C$20)))^1.62203))^1.96337,0),IF(AND(G19>=$C$20,(G19-$D$20)<365),ROUND(D20*(1-((1-(($D$20-$C$20)/($D$20-$C$20)))^1.62203))^1.96337,0),0))","v":0},{"$f":"IF(AND(H19>=$C$20,H19<=$D$20),ROUND($E$20*(1-((1-((H19-$C$20)/($D$20-$C$20)))^1.62203))^1.96337,0),IF(AND(H19>=$C$20,(H19-$D$20)<365),ROUND(E20*(1-((1-(($D$20-$C$20)/($D$20-$C$20)))^1.62203))^1.96337,0),0))","v":0},{"$f":"IF(AND(I19>=$C$20,I19<=$D$20),ROUND($E$20*(1-((1-((I19-$C$20)/($D$20-$C$20)))^1.62203))^1.96337,0),IF(AND(I19>=$C$20,(I19-$D$20)<365),ROUND(F20*(1-((1-(($D$20-$C$20)/($D$20-$C$20)))^1.62203))^1.96337,0),0))","v":0},0,0,0,0,0,0,0,0,{"$f":"IF(AND(R19>=$C$20,R19<=$D$20),ROUND($E$20*(1-((1-((R19-$C$20)/($D$20-$C$20)))^1.62203))^1.96337,0),IF(AND(R19>=$C$20,(R19-$D$20)<365),ROUND(O20*(1-((1-(($D$20-$C$20)/($D$20-$C$20)))^1.62203))^1.96337,0),0))","v":0},{"$f":"IF(AND(S19>=$C$20,S19<=$D$20),ROUND($E$20*(1-((1-((S19-$C$20)/($D$20-$C$20)))^1.62203))^1.96337,0),IF(AND(S19>=$C$20,(S19-$D$20)<365),ROUND(P20*(1-((1-(($D$20-$C$20)/($D$20-$C$20)))^1.62203))^1.96337,0),0))","v":0}]
[null,"Construction",{"$f":"'Estimate Example'!D42","v":"2023-05-01"},{"$f":"'Estimate Example'!G42","v":"2024-12-31"},{"$f":"'Estimate Example'!I92","v":{"v":5188990,"d":"5,188,990 "}},null,{"$f":"IF(AND(G19>=$C$21,G19<=$D$21),ROUND($E$21*(1-((1-((G19-$C$21)/($D$21-$C$21)))^1.62203))^1.96337,0),IF(AND(G19>=$C$21,(G19-$D$21)<365),ROUND($E$21*(1-((1-(($D$21-$C$21)/(C21-$C$21)))^1.62203))^1.96337,0),0))","v":0},{"$f":"IF(AND(H19>=$C$21,H19<=$D$21),ROUND($E$21*(1-((1-((H19-$C$21)/($D$21-$C$21)))^1.62203))^1.96337,0),IF(AND(H19>=$C$21,(H19-$D$21)<365),ROUND($E$21*(1-((1-(($D$21-$C$21)/(D21-$C$21)))^1.62203))^1.96337,0),0))","v":0},{"$f":"IF(AND(I19>=$C$21,I19<=$D$21),ROUND($E$21*(1-((1-((I19-$C$21)/($D$21-$C$21)))^1.62203))^1.96337,0),IF(AND(I19>=$C$21,(I19-$D$21)<365),ROUND($E$21*(1-((1-(($D$21-$C$21)/($E$21-$C$21)))^1.62203))^1.96337,0),0))","v":0},{"$f":"IF(AND(J19>=$C$21,J19<=$D$21),ROUND($E$21*(1-((1-((J19-$C$21)/($D$21-$C$21)))^1.62203))^1.96337,0),IF(AND(J19>=$C$21,(J19-$D$21)<365),ROUND($E$21*(1-((1-(($D$21-$C$21)/($E$21-$C$21)))^1.62203))^1.96337,0),0))","v":0},0,{"v":2762385,"d":"2,762,385.00"},0,0,0,0,0,{"$f":"IF(AND(R19>=$C$21,R19<=$D$21),ROUND($E$21*(1-((1-((R19-$C$21)/($D$21-$C$21)))^1.62203))^1.96337,0),IF(AND(R19>=$C$21,(R19-$D$21)<365),ROUND($E$21*(1-((1-(($D$21-$C$21)/($E$21-$C$21)))^1.62203))^1.96337,0),0))","v":0},0]
[{"$nulls":4},{"$f":"ROUND(SUM(E20:E21),0)","v":{"v":5546574,"d":"5,546,574 "}}]
[]
[]
[]
[{"$nulls":18},"Page 15"]
[{"$nulls":17},"Back to Contents"]
{"$rows_empty":15}
["New Capacity"]
["Efficiency Consideration/Technology"]
["Replacement and Refurbishment"]
["Statutory & Compliance"]

{"sheet":"S Curve ","index":26,"n_rows":54,"n_cols":10,"rows_kept":54,"merged":[[0,0,0,9],[1,0,1,2],[6,0,6,3],[16,0,16,9],[17,0,17,9],[26,1,26,3],[26,6,26,8]]}
[]
["NOTES"]
["1) This spreadsheet is included to provide an indicative cashflow not taking into account any project specific conditions."]
["2) The user is required to adjust the cashflow taking into account the conditions/ environment that surrounds their project."]
["3) The cashflow on this spreadsheet only takes into account the period when contractor takes occupation of the site till project close out"]
[]
["GENERIC PROFILE OF A PROJECTS CASHFLOW"]
["1) Initial stage:-  R0 profile- allow time for project brief, charter and capex application at the beginning of the project"]
["2) Planning and design stage:- 20-45% of project capital to be spent at this stage. This stage takes into account that consultants have been appointed to render services to stage 1-3/4. depending on the complexity, "]
["professional services at hand and whether an EIA/BA will be required, the value spent at this stage will sit between allowed percentage. Please note that for engineering "]
["projects  at this stage the value is normally higher, engineers and project managers to take cognisance of the project requirements and apply inaccordance. "]
["3) Construction stage -the remainder  excluding 5% of the project cost taking into account initial slow start e.g  site establishment then project peak, project plateau and project slow down towards completion"]
["4) Close out stage- Release the remining 5% after finalisation of close out report including manuals and as built drawings and  final completion certificate has been issued"]
[]
[]
[]
["PROJECTED  CASHFLOW"]
["BUILDING WORK"]
[]
["Contractual commencement date:  ",{"$nulls":5},{"$f":"'Estimate Example'!D42","v":"2023-05-01"}]
["Contractual completion date:",{"$nulls":5},{"$f":"'Estimate Example'!G42","v":"2024-12-31"}]
[]
[]
["Current Contract Value :              ",null,null,{"$f":"'Estimate Example'!I87","v":{"v":5546574,"d":"R 5,546,574.00"}},null," ","Excluding VAT"]
["Contract Period:",null,null,{"$f":"(G21-G20)/30","v":20.333333333333332},null,null,"months"]
[]
[null,"ESTIMATED CASHFLOW",{"$nulls":4},"ACTUAL CASHFLOW"]
["Month","Monthly","%","Cumulative","%",null,"Monthly","%","Cumulative","%"]
[1,{"$f":"D29","v":{"v":7614.353637094741,"d":"7,614"}},{"$f":"B29/$D$24","v":{"v":1.3728030378923532E-3,"d":"0.14%"}},{"$f":"$D$24*(1-(1-((A29*30)/($D$25*30)))^1.64974)^2.60732","v":{"v":7614.353637094741,"d":"7,614"}},{"$f":"D29/$D$24","v":{"v":1.3728030378923532E-3,"d":"0.14%"}},null,null,{"$f":"G29/$D$24","v":{"v":0,"d":"0.00%"}},{"$f":"G29","v":0},{"$f":"I29/$D$24","v":{"v":0,"d":"0.00%"}}]
[{"$f":"A29+1","v":2},{"$f":"D30-D29","v":{"v":36812.064810286334,"d":"36,812"}},{"v":0.006636901411625687,"d":"0.66%"},{"v":44426.418447381075,"d":"44,426"},{"v":0.00800970444951804,"d":"0.80%"},null,null,{"v":0,"d":"0.00%"},{"$f":"I29+G30","v":0},{"v":0,"d":"0.00%"}]
[3,{"v":77846.95844149959,"d":"77,847"},{"v":0.014035142854219486,"d":"1.40%"},{"v":122273.37688888067,"d":"122,273"},{"v":0.022044847303737528,"d":"2.20%"},null,null,{"v":0,"d":"0.00%"},0,{"v":0,"d":"0.00%"}]
[4,{"v":124928.12255270542,"d":"124,928"},{"v":0.02252347531155366,"d":"2.25%"},{"v":247201.4994415861,"d":"247,201"},{"v":0.04456832261529119,"d":"4.46%"},null,null,{"v":0,"d":"0.00%"},0,{"v":0,"d":"0.00%"}]
[5,{"v":174541.28237547434,"d":"174,541"},{"v":0.03146830500692398,"d":"3.15%"},{"v":421742.78181706043,"d":"421,743"},{"v":0.07603662762221516,"d":"7.60%"},null,null,{"v":0,"d":"0.00%"},0,{"v":0,"d":"0.00%"}]
[6,{"v":224103.85538392758,"d":"224,104"},{"v":0.0404040143309956,"d":"4.04%"},{"v":645846.637200988,"d":"645,847"},{"v":0.11644064195321076,"d":"11.64%"},null,null,{"v":0,"d":"0.00%"},0,{"v":0,"d":"0.00%"}]
[7,{"v":271573.539434848,"d":"271,574"},{"v":0.0489623936207915,"d":"4.90%"},{"v":917420.176635836,"d":"917,420"},{"v":0.16540303557400227,"d":"16.54%"},null,null,{"v":0,"d":"0.00%"},0,{"v":0,"d":"0.00%"}]
[8,{"v":315272.0856377247,"d":"315,272"},{"v":0.05684086891074107,"d":"5.68%"},{"v":1232692.2622735607,"d":"1,232,692"},{"v":0.22224390448474332,"d":"22.22%"},null,null,{"v":0,"d":"0.00%"},0,{"v":0,"d":"0.00%"}]
[9,{"v":353788.5548233292,"d":"353,789"},{"v":0.06378505989883651,"d":"6.38%"},{"v":1586480.81709689,"d":"1,586,481"},{"v":0.28602896438357983,"d":"28.60%"},null,null,{"v":0,"d":"0.00%"},0,{"v":0,"d":"0.00%"}]
[10,{"v":385918.65351191186,"d":"385,919"},{"v":0.06957784273894332,"d":"6.96%"},{"v":1972399.4706088018,"d":"1,972,399"},{"v":0.3556068071225232,"d":"35.56%"},null,null,{"v":0,"d":"0.00%"},0,{"v":0,"d":"0.00%"}]
[11,{"v":410622.09383043624,"d":"410,622"},{"v":0.07403166239744322,"d":"7.40%"},{"v":2383021.564439238,"d":"2,383,022"},{"v":0.42963846951996637,"d":"42.96%"},null,null,{"v":0,"d":"0.00%"},0,{"v":0,"d":"0.00%"}]
[12,{"v":426988.6974012833,"d":"426,989"},{"v":0.07698242147337858,"d":"7.70%"},{"v":2810010.2618405214,"d":"2,810,010"},{"v":0.506620890993345,"d":"50.66%"},null,null,{"v":0,"d":"0.00%"},0,{"v":0,"d":"0.00%"}]
[13,{"v":434207.0440331809,"d":"434,207"},{"v":0.07828382782474026,"d":"7.83%"},{"v":3244217.3058737023,"d":"3,244,217"},{"v":0.5849047188180853,"d":"58.49%"},null,null,{"v":0,"d":"0.00%"},0,{"v":0,"d":"0.00%"}]
[14,{"v":431529.66017697845,"d":"431,530"},{"v":0.07780111834386028,"d":"7.78%"},{"v":3675746.9660506807,"d":"3,675,747"},{"v":0.6627058371619455,"d":"66.27%"},null,null,{"v":0,"d":"0.00%"},0,{"v":0,"d":"0.00%"}]
[15,{"v":418226.094419552,"d":"418,226"},{"v":0.07540259886905899,"d":"7.54%"},{"v":4093973.0604702327,"d":"4,093,973"},{"v":0.7381084360310045,"d":"73.81%"},null,null,{"v":0,"d":"0.00%"},0,{"v":0,"d":"0.00%"}]
[16,{"$f":"D44-D43","v":{"v":393507.15935244877,"d":"393,507"}},{"$f":"B44/$D$24","v":{"v":0.07094598563950445,"d":"7.09%"}},{"$f":"$D$24*(1-(1-((A44*30)/($D$25*30)))^1.64974)^2.60732","v":{"v":4487480.2198226815,"d":"4,487,480"}},{"$f":"D44/$D$24","v":{"v":0.809054421670509,"d":"80.91%"}},null,null,{"v":0,"d":"0.00%"},0,{"v":0,"d":"0.00%"}]
[17,{"v":356380.72682983987,"d":"356,381"},{"v":0.06425240640976572,"d":"6.43%"},{"v":4843860.946652521,"d":"4,843,861"},{"v":0.8733068280802747,"d":"87.33%"},null,null,{"v":0,"d":"0.00%"},0,{"v":0,"d":"0.00%"}]
[18,{"v":305325.02267950773,"d":"305,325"},{"v":0.05504749827181747,"d":"5.50%"},{"v":5149185.969332029,"d":"5,149,186"},{"v":0.9283543263520921,"d":"92.84%"},null,null,{"v":0,"d":"0.00%"},0,{"v":0,"d":"0.00%"}]
[19,{"v":237349.14621873666,"d":"237,349"},{"v":0.04279202733412313,"d":"4.28%"},{"v":5386535.115550766,"d":"5,386,535"},{"v":0.9711463536862153,"d":"97.11%"},null,null,{"v":0,"d":"0.00%"},0,{"v":0,"d":"0.00%"}]
[20,{"$f":"D48-D47","v":{"v":143652.12156006508,"d":"143,652"}},{"$f":"B48/$D$24","v":{"v":0.02589925268464192,"d":"2.59%"}},{"$f":"$D$24*(1-(1-((A48*30)/($D$25*30)))^1.64974)^2.60732","v":{"v":5530187.237110831,"d":"5,530,187"}},{"$f":"D48/$D$24","v":{"v":0.9970456063708572,"d":"99.70%"}},null,null,{"v":0,"d":"0.00%"},0,{"v":0,"d":"0.00%"}]
[21,{"$error":"#NUM!"},{"$error":"#NUM!"},{"$error":"#NUM!"},{"$error":"#NUM!"},null,null,{"v":0,"d":"0.00%"},0,{"v":0,"d":"0.00%"}]
[22,{"$error":"#NUM!"},{"$error":"#NUM!"},{"$error":"#NUM!"},{"$error":"#NUM!"},null,null,{"v":0,"d":"0.00%"},0,{"v":0,"d":"0.00%"}]
[23,{"$error":"#NUM!"},{"$error":"#NUM!"},{"$error":"#NUM!"},{"$error":"#NUM!"},null,null,{"v":0,"d":"0.00%"},0,{"v":0,"d":"0.00%"}]
[24,{"$error":"#NUM!"},{"$error":"#NUM!"},{"$error":"#NUM!"},{"$error":"#NUM!"},null,null,{"v":0,"d":"0.00%"},0,{"v":0,"d":"0.00%"}]
[25,null,{"v":0,"d":"0.00%"},null,{"v":0,"d":"0.00%"},null,null,{"v":0,"d":"0.00%"},0,{"v":0,"d":"0.00%"}]
[26,null,{"v":0,"d":"0.00%"},null,{"v":0,"d":"0.00%"},null,null,{"v":0,"d":"0.00%"},0,{"v":0,"d":"0.00%"}]

{"sheet":"Proj. Programme Example","index":27,"n_rows":41,"n_cols":9,"rows_kept":41,"merged":[[0,0,0,7],[1,0,2,0],[1,1,2,1],[1,2,1,4],[1,5,1,7],[3,0,21,0],[7,2,12,5],[22,0,35,0],[36,0,36,7],[37,1,37,2],[37,3,37,5],[37,6,37,7],[38,1,38,2],[38,3,38,5],[38,6,38,7],[39,1,39,2],[39,3,39,5],[39,6,39,7],[40,1,40,2],[40,3,40,5],[40,6,40,7]]}
["ORACLE PROJECT NO:  9999 : TERMINAL B REFURBISHMENT"]
["Services","Project Activities","Start Date",null,null,"Finish Date"]
[null,null,"Planned","Actual / Forecast","Late","Planned","Actual / Forecast","Late"]
["Consultant (from the panel of consultants)","Project Brief signed","2019-08-07",{"$f":"C4","v":"2019-08-07"},"DD/MM/YYYY","2019-08-31",{"$f":"F4","v":"2019-08-31"},"DD/MM/YYYY"]
[null,"Business Case",{"$f":"F4+45","v":"2019-10-15"},{"$f":"C5","v":"2019-10-15"},null,{"$f":"C5","v":"2019-10-15"},{"$f":"F5","v":"2019-10-15"}]
[null,"Project Charter","2020-02-28",{"$f":"C6","v":"2020-02-28"},"DD/MM/YYYY",{"$f":"C6+31","v":"2020-03-30"},{"$f":"F6","v":"2020-03-30"},"DD/MM/YYYY"]
[null,"Capex Approval for Stage 1-4",{"$f":"F6+15","v":"2020-04-14"},"2020-04-14","DD/MM/YYYY",{"$f":"C7","v":"2020-04-14"},"2020-04-14","DD/MM/YYYY"]
[null,"Formulation CFST","N/A since the panel will be used",{"$nulls":3},"00:00:00","DD/MM/YYYY"]
[null,"Creating Tender Doc",{"$nulls":4},"00:00:00","DD/MM/YYYY"]
[null,"Advertising: Open",{"$nulls":4},"00:00:00","DD/MM/YYYY"]
[null,"Advertising: Close",{"$nulls":4},"00:00:00","DD/MM/YYYY"]
[null,"Evaluation: Start",{"$nulls":4},"00:00:00","DD/MM/YYYY"]
[null,"Evaluation: Finish",{"$nulls":4},"00:00:00","DD/MM/YYYY"]
[null,"Submission to BAC",{"$f":"F7+31","v":"2020-05-15"},{"$f":"C14","v":"2020-05-15"},"DD/MM/YYYY",{"$f":"C14","v":"2020-05-15"},"2020-05-15","DD/MM/YYYY"]
[null,"Contract Award",{"$f":"C14+7","v":"2020-05-22"},{"$f":"C15","v":"2020-05-22"},"DD/MM/YYYY",{"$f":"C15","v":"2020-05-22"},"2020-05-22","DD/MM/YYYY"]
[null,"Contract Signing",{"$f":"C15+7","v":"2020-05-29"},"2020-05-29","DD/MM/YYYY",{"$f":"C16","v":"2020-05-29"},"2020-05-29","DD/MM/YYYY"]
[null,"As-built drawings",{"$f":"F16+7","v":"2020-06-05"},"2020-06-05",null,{"$f":"C17+90","v":"2020-09-03"},{"$f":"F17","v":"2020-09-03"}]
[null,"Condition assessment",{"$f":"F17+3","v":"2020-09-06"},"2020-09-06",null,{"$f":"C18+120","v":"2021-01-04"},"2021-01-04"]
[null,"Stage 1 Concept report",{"$f":"F18+3","v":"2021-01-07"},"2021-01-07",null,{"$f":"C19+90","v":"2021-04-07"},"2021-04-07"]
[null,"Stage 3 Report",{"$f":"F19+3","v":"2021-04-10"},"2021-04-10","DD/MM/YYYY",{"$f":"C20+90","v":"2021-07-09"},"2021-07-09","DD/MM/YYYY"]
[null,"Stage 4 Tendering (preparation of document)",{"$f":"F20+3","v":"2021-07-12"},"2021-07-12","DD/MM/YYYY",{"$f":"C21+20","v":"2021-08-01"},"2021-08-01","DD/MM/YYYY"]
[null,"Capex Approval for Stage 5-6",{"$f":"C26","v":"2021-10-06"},"2021-10-06","DD/MM/YYYY",{"$f":"C22","v":"2021-10-06"},"2021-10-06","DD/MM/YYYY"]
["Contractor","Advertising: Open",{"$f":"F21+3","v":"2021-08-04"},{"$f":"C23","v":"2021-08-04"},"DD/MM/YYYY",{"$f":"C23","v":"2021-08-04"},"2021-08-04","DD/MM/YYYY"]
[null,"Advertising: Close",{"$f":"F23+40","v":"2021-09-13"},{"$f":"C24","v":"2021-09-13"},"DD/MM/YYYY",{"$f":"C24","v":"2021-09-13"},"2021-09-13","DD/MM/YYYY"]
[null,"Evaluation: Start",{"$f":"F24+3","v":"2021-09-16"},"2021-09-16","DD/MM/YYYY",{"$f":"C25","v":"2021-09-16"},"2021-09-16","DD/MM/YYYY"]
[null,"Evaluation: Finish",{"$f":"F25+20","v":"2021-10-06"},"2021-10-06","DD/MM/YYYY",{"$f":"C26","v":"2021-10-06"},"2021-10-06","DD/MM/YYYY"]
[null,"Submission to BAC",{"$f":"F26+5","v":"2021-10-11"},"2021-10-11","DD/MM/YYYY",{"$f":"C27+7","v":"2021-10-18"},"2021-10-18","DD/MM/YYYY"]
[null,"Contract Award",{"$f":"F27","v":"2021-10-18"},"2021-10-18","DD/MM/YYYY",{"$f":"C28","v":"2021-10-18"},"2021-10-18","DD/MM/YYYY"]
[null,"Contract Signing",{"$f":"F28+3","v":"2021-10-21"},"2021-10-21","DD/MM/YYYY",{"$f":"C29+17","v":"2021-11-07"},"2021-11-07","DD/MM/YYYY","Note:"]
[null,"Site Hand Over",{"$f":"F29+2","v":"2021-11-09"},"2021-11-09","DD/MM/YYYY",{"$f":"C30","v":"2021-11-09"},"2021-11-09","DD/MM/YYYY","The start of project is on the verge of builders' break"]
[null,"Construction Commencement","2022-04-01","2022-04-01","DD/MM/YYYY",{"$f":"C31","v":"2022-04-01"},"2022-04-01","DD/MM/YYYY","Considered delaying the project start date to 01 April 2022, due to Terminal A project expected to conclude on 29 March 2022. Planning to avoid two projects running in both terminals at the same time for operational reasons."]
[null,"Practical Completion",{"$f":"F31+670","v":"2024-01-31"},"2024-01-31","DD/MM/YYYY",{"$f":"C32","v":"2024-01-31"},"2024-01-31","DD/MM/YYYY"]
[null,"Final Completion",{"$f":"F32+90","v":"2024-04-30"},"2024-04-30","DD/MM/YYYY",{"$f":"C33","v":"2024-04-30"},"2024-04-30","DD/MM/YYYY"]
[null,"Hand Over to End-User",{"$f":"F33+7","v":"2024-05-07"},"2024-05-07","DD/MM/YYYY",{"$f":"C34","v":"2024-05-07"},"2024-05-07","DD/MM/YYYY"]
[null,"Project Close Out",{"$f":"F34+7","v":"2024-05-14"},"2024-05-14","DD/MM/YYYY",{"$f":"C35+7","v":"2024-05-21"},"2024-05-21","DD/MM/YYYY"]
[null,"Project Capitalisation",{"$f":"F35+7","v":"2024-05-28"},"2024-05-28","DD/MM/YYYY",{"$f":"C36","v":"2024-05-28"},"2024-05-28","DD/MM/YYYY"]
["SIGNATORY"]
["PMO","Manager",null,"Signature",null,null,"Date"]
["ME","Seniror Manager:"]
["ME","Group Manager:"]
["ME","Group Executive: "]

{"sheet":"Additional Information (2)","index":28,"n_rows":33,"n_cols":1,"rows_kept":33}
{"$rows_empty":12}
["Consultants"]
[]
["1.Clearly stipulate the pricing guide/ Gazetteed fees scale as a basis for the fees"]
["2. The amount stipulated should be the construction cost excluding indirect costs,i.e insurance, prof fees, etc"]
["3. Clearly stipulate whether the price will be fixed or on a percentage basis"]
[]
["Checks:"]
["1.Calculate the fee per discipline internally to provide guidance on expected fee"]
["2. Conduct arithmetic checks and note any errors and their materiality"]
["3.Review the range of successful bidders prices to get an understanding of the market prices.Remove the outliers and get an average  price"]
[]
[]
["Contractor"]
[]
["1.Clearly stipulate the construction grade you require to complete the works"]
["2. Verify the BOQ is accurately assembled and error free"]
[]
[]
["Checks:"]
["1. Conduct arithmetic checks and note any errors and their materiality"]
["2.Review rates of the successful bidders-check for front loading"]

{"sheet":"Master Apron stands","index":29,"n_rows":80,"n_cols":26,"rows_kept":80,"merged":[[2,0,2,22],[4,0,4,22],[6,0,6,22],[10,0,10,19]]}
[]
[]
[{"$f":"[5]Cover!$A$5","v":"AIRPORT DEVELOPMENT COST"}]
[]
["2.  STANDS, TAXILANES AND SERVICE ROADS"]
[]
["2017-11-01"]
[]
[]
[]
["2.1 TYPICAL DESIGN CRITERIA & MASTER RATES",{"$nulls":19},2009,null,null,2021]
[{"$nulls":18},"Measurement",null,"Rate",null,null,"Rate"]
[]
[{"$nulls":13},"a.","Distance to Terminal / Obstacle:",{"$nulls":3},"7.5m",null,{"v":1000,"d":"R 1,000/m²"},null,"Allowance",{"$f":"U14*1.15","v":{"v":1150,"d":"R 1,150/m²"}},null," -Estimate"]
[]
[]
[{"$nulls":13},"b.","Nose Service Road:",{"$nulls":3},"10, 13.5 or 17m"]
[{"$nulls":14},"• At remote stands typically 10m wide",{"$nulls":5},{"$f":"ROUND('Code F,C Taxilane & Serv Roads'!AI51,-1)","v":{"v":700,"d":"R 700/m²"}},null,"page 4",{"$f":"ROUND('Code F,C Taxilane & Serv Roads'!AM51,-1)","v":{"v":1290,"d":"R 1,290/m²"}}]
[{"$nulls":14},"• Low traffic 13.5m",{"$nulls":5},{"$f":"U18","v":{"v":700,"d":"R 700/m²"}},null,"page 4"]
[{"$nulls":14},"• High traffic 17m",{"$nulls":5},{"$f":"ROUND('Code F,C Taxilane & Serv Roads'!AV51,-1)","v":{"v":760,"d":"R 760/m²"}},null,"page 4",{"$f":"ROUND('Code F,C Taxilane & Serv Roads'!AZ51,-1)","v":{"v":1400,"d":"R 1,400/m²"}},null,"  - Two dedicated Bus lanes 3.5m each"]
[{"$nulls":25},"  - Slow traffic 5m wide each"]
[]
[{"$nulls":13},"c.","Manoeuvring Area (depending on circumstance)",{"$nulls":3},"0 - 7.5m",null,{"$f":"U14","v":{"v":1000,"d":"R 1,000/m²"}},null,"Allowance",{"$f":"X14","v":{"v":1150,"d":"R 1,150/m²"}}]
[{"$nulls":14},"• For pushback activities"]
[]
[{"$nulls":13},"d.","Aircraft Stands (ICAO parameters)"]
[]
[{"$nulls":15},"typical aircraft","width","length"]
[{"$nulls":14},"• Code F","A380, B747 8L",{"v":80,"d":"80m"},{"v":85,"d":"85m"},{"$f":"Q29*R29","v":{"v":6800,"d":"6,800m²"}},null,{"$f":"ROUND('Code C,E & F stands'!H75,-1)","v":{"v":1770,"d":"R 1,770/m²"}},null,"page 3",{"$f":"ROUND('Code C,E & F stands'!L75,-1)","v":{"v":3170,"d":"R 3,170/m²"}}]
[{"$nulls":14},"• Code E","A340, B747, B777",{"v":65,"d":"65m"},{"v":80,"d":"80m"},{"$f":"Q30*R30","v":{"v":5200,"d":"5,200m²"}},null,{"$f":"ROUND('Code C,E & F stands'!U75,-1)","v":{"v":1840,"d":"R 1,840/m²"}},null,"page 3",{"$f":"ROUND('Code C,E & F stands'!Y75,-1)","v":{"v":3290,"d":"R 3,290/m²"}}]
[{"$nulls":14},"• Code C","A321, B737, MD90",{"v":40,"d":"40m"},{"v":56,"d":"56m"},{"$f":"Q31*R31","v":{"v":2240,"d":"2,240m²"}},null,{"$f":"ROUND('Code C,E & F stands'!AH75,-1)","v":{"v":2090,"d":"R 2,090/m²"}},null,"page 3",{"$f":"ROUND('Code C,E & F stands'!AL75,-1)","v":{"v":3750,"d":"R 3,750/m²"}}]
[]
[{"$nulls":14},"NOTE:","Width excludes Wing Tip Clearance, Length excludes service area"]
[]
[]
[{"$nulls":13},"e.","MINIMUM Wing Tip Clearances ",{"$nulls":5},{"$f":"U23","v":{"v":1000,"d":"R 1,000/m²"}},null,"Allowance",{"$f":"X23","v":{"v":1150,"d":"R 1,150/m²"}}]
[{"$nulls":14},"• Code F, E & D",{"$nulls":3},{"v":7.5,"d":"7.5m"}]
[{"$nulls":14},"• Code C",{"$nulls":3},{"v":7.5,"d":"7.5m"}]
[]
[]
[{"$nulls":13},"f.","Tail Service Road - Taxilane rate",{"$nulls":3},"10m",null,{"$f":"U47","v":{"v":660,"d":"R 660/m²"}},null,"page 4",{"$f":"X47","v":{"v":1220,"d":"R 1,220/m²"}}]
[]
[]
[{"$nulls":13},"g.","Taxilane"]
[{"$nulls":14},"Any taxi lane must have centerline clearance to obstacles as follows (obstacle clearance on both wings):-"]
[]
[{"$nulls":14},"• Code F",{"v":50.5,"d":"50.5m"},", thus total MAX width",null,{"$f":"P47*2","v":{"v":101,"d":"101m"}},null,{"$f":"ROUND('Code F,C Taxilane & Serv Roads'!H51,-1)","v":{"v":660,"d":"R 660/m²"}},null,"page 4",{"$f":"ROUND('Code F,C Taxilane & Serv Roads'!M51,-1)","v":{"v":1220,"d":"R 1,220/m²"}}]
[{"$nulls":14},"• Code E",{"v":42.5,"d":"42.5m"},", thus total MAX width",null,{"$f":"P48*2","v":{"v":85,"d":"85m"}},null,{"$f":"ROUND('Code F,C Taxilane & Serv Roads'!H51,-1)","v":{"v":660,"d":"R 660/m²"}},null,"page 4",{"$f":"ROUND('Code F,C Taxilane & Serv Roads'!M51,-1)","v":{"v":1220,"d":"R 1,220/m²"}}]
[{"$nulls":14},"• Code C",{"v":24.5,"d":"24.5m"},", thus total MAX width",null,{"$f":"P49*2","v":{"v":49,"d":"49m"}},null,{"$f":"ROUND('Code F,C Taxilane & Serv Roads'!V51,-1)","v":{"v":570,"d":"R 570/m²"}},null,"page 4",{"$f":"ROUND('Code F,C Taxilane & Serv Roads'!Z51,-1)","v":{"v":1060,"d":"R 1,060/m²"}}]
[{"$nulls":14},"• Code B",{"v":16.5,"d":"16.5m"},", thus total MAX width",null,{"$f":"P50*2","v":{"v":33,"d":"33m"}}]
[{"$nulls":14},"• Code A",{"v":12,"d":"12.0m"},", thus total MAX width",null,{"$f":"P51*2","v":{"v":24,"d":"24m"}}]
[]
[{"$nulls":13},"h.","Design Criteria"]
[{"$nulls":14},"• Tug weight assumption: 60ton with tow (if 72ton then tyre width modification required), towbarless lighter"]
[{"$nulls":14},"• Estimated lifespan: 20 years (asphalt), 30 years (concrete)"]
[{"$nulls":14},"• Estimates to include a rough sketch to indicate dimensions assumptions"]
[]
[{"$nulls":13},"i.","Exclusions:-"]
[{"$nulls":14},"• All Bulk Earthworks, only design layerworks included in above"]
[{"$nulls":14},"• Extraordinary ground conditions are excluded (coastal / RAS)"]
[{"$nulls":14},"• Layerwork rates assumed to be imported from commercial sources (review distance)"]
[{"$nulls":14},"• Bulk services reticulation to stands (Fuel, Stormwater, Water, Electricity, etc.)"]
[{"$nulls":14},"• Sewer Dump Facility"]
[{"$nulls":14},"• Anti-pollution Facility"]
[{"$nulls":14},"• Stormwater attenuation"]
[{"$nulls":14},"• Relocation of existing services"]
[{"$nulls":14},"• Sustainability considerations according to ACSA policies"]
[{"$nulls":14},"  (e.g. preservation of topsoil, rehabilitation of land damaged, landscaping, minimal off-site carting)"]
[{"$nulls":14},"• Fire fighting considerations e.g. emergency cut-off valves, drains, cambered aprons"]
[{"$nulls":14},"• 400Khz supply excluded, but sleeves allowance included"]
[{"$nulls":14},"• Ground power supply & backup generators"]
[{"$nulls":14},"• CCTV installation & WIFI for BRS (allow R50 000 per stand)"]
[{"$nulls":14},"• Aircraft Docking System ADS (incl. electrical, electronic, cameras & bracket R 800 000 per stand)"]
[{"$nulls":14},"• Fencing & security"]
[{"$nulls":14},"• P&G, Contingencies, Escalation and Fees"]
[{"$nulls":14},"• Directs not e.g. Environmental Impact assessment, security, insurance"]
[]
[]
[{"$nulls":17},"Page 18"]
[{"$nulls":16},"Back to Contents"]

{"sheet":"Code C,E & F stands","index":30,"n_rows":86,"n_cols":39,"rows_kept":86,"merged":[[2,0,2,34],[4,0,4,34],[6,0,6,34],[10,0,10,34],[11,1,11,3],[12,4,13,13],[15,7,16,12],[15,20,16,25],[15,33,16,38],[16,0,16,1],[16,13,16,14],[16,26,16,27],[17,0,17,1],[17,7,17,8],[17,9,17,10],[17,11,17,12],[17,20,17,21],[17,22,17,23],[17,24,17,25],[17,33,17,34],[17,35,17,36],[17,37,17,38]]}
[]
[]
[{"$f":"[5]Cover!$A$5","v":"AIRPORT DEVELOPMENT COST"}]
[]
[{"$f":"'Master Apron stands'!A5:W5","v":"2.  STANDS, TAXILANES AND SERVICE ROADS"}]
[]
[{"$f":"'Master Apron stands'!A7","v":"2017-11-01"}]
[]
[]
[]
["2.2  APPROXIMATE RATE BUILD-UP FOR STANDS"]
[null,"BER Index"]
[null,"Base Date","2017-11-01",{"v":217.6,"d":"217.60"},{"$f":"'New Bldg Rates'!M4","v":"Reference 2021 Q4 Table 2 - BER Building Cost Index"}]
[null,"Current Date","2022-03-01",{"$f":"'New Bldg Rates'!L5","v":{"v":267.26588,"d":"267.27"}}]
[]
[{"$nulls":5},"WHBO TENDER RATES",null,"Estimated Rates",{"$nulls":10},"WHBO TENDER RATES",null,{"$f":"'Code C,E & F stands'!$H$16","v":"Estimated Rates"},{"$nulls":10},"WHBO TENDER RATES",null,{"$f":"'Code C,E & F stands'!$H$16","v":"Estimated Rates"}]
["Code F Stands",null,"width","length",{"$nulls":9},"Code E Stands",null,"width","length",{"$nulls":9},"Code C Stands",null,"width","length"]
["(MARS Configuration, 1x Code F or 2x Code C)",null,{"$f":"'Master Apron stands'!Q29","v":{"v":80,"d":"80m"}},{"$f":"'Master Apron stands'!R29","v":{"v":85,"d":"85m"}},{"$f":"C18*D18","v":{"v":6800,"d":"6,800m²"}},null,null,"Base Date Jan '09",null,"Base Date Nov '17",null,{"$f":"C14","v":"2022-03-01"},{"$nulls":3},{"$f":"'Master Apron stands'!Q30","v":{"v":65,"d":"65m"}},{"$f":"'Master Apron stands'!R30","v":{"v":80,"d":"80m"}},{"$f":"P18*Q18","v":{"v":5200,"d":"5,200m²"}},null,null,{"$f":"'Code C,E & F stands'!$H$18","v":"Base Date Jan '09"},null,"Base Date Nov '17",null,{"$f":"L18","v":"2022-03-01"},{"$nulls":3},{"$f":"'Master Apron stands'!Q31","v":{"v":40,"d":"40m"}},{"$f":"'Master Apron stands'!R31","v":{"v":56,"d":"56m"}},{"$f":"AC18*AD18","v":{"v":2240,"d":"2,240m²"}},null,null,{"$f":"'Code C,E & F stands'!$H$18","v":"Base Date Jan '09"},null,"Base Date Nov '17",null,{"$f":"L18","v":"2022-03-01"}]
[]
[]
["Civils & Surfacing",{"$nulls":12},"Civils & Surfacing",{"$nulls":12},"Civils & Surfacing"]
["•","Roadmarking",{"$nulls":3},{"v":5.93,"d":"R 5.93"},null,{"v":8,"d":"R 8"},null,{"$f":"(H22*(217/145-1))+H22","v":{"v":11.972413793103449,"d":"R 12"}},null,{"$f":"(J22*($D$14/$D$13-1))+J22","v":{"v":14.705044614604462,"d":"R 15"}},null,"•","Roadmarking",{"$nulls":3},{"v":5.93,"d":"R 5.93"},null,{"v":8,"d":"R 8"},null,{"$f":"(U22*(217/145-1))+U22","v":{"v":11.972413793103449,"d":"R 12"}},null,{"$f":"(W22*($D$14/$D$13-1))+W22","v":{"v":14.705044614604462,"d":"R 15"}},null,"•","Roadmarking",{"$nulls":3},{"v":5.93,"d":"R 5.93"},null,{"v":8,"d":"R 8"},null,{"$f":"(AH22*(217/145-1))+AH22","v":{"v":11.972413793103449,"d":"R 12"}},null,{"$f":"(AJ22*($D$14/$D$13-1))+AJ22","v":{"v":14.705044614604462,"d":"R 15"}}]
["•","Surface texturing and curing",{"$nulls":3},{"$f":"6.9+6.9","v":{"v":13.8,"d":"R 13.80"}},null,{"$f":"14+7","v":{"v":21,"d":"R 21"}},null,{"$f":"(H23*(217/145-1))+H23","v":{"v":31.427586206896553,"d":"R 31"}},null,{"$f":"(H23*($D$14/$D$13-1))+J23","v":{"v":36.22070881719067,"d":"R 36"}},null,"•","Surface texturing and curing",{"$nulls":3},{"$f":"6.9+6.9","v":{"v":13.8,"d":"R 13.80"}},null,{"$f":"14+7","v":{"v":21,"d":"R 21"}},null,{"$f":"(U23*(217/145-1))+U23","v":{"v":31.427586206896553,"d":"R 31"}},null,{"$f":"(U23*($D$14/$D$13-1))+W23","v":{"v":36.22070881719067,"d":"R 36"}},null,"•","Surface texturing and curing",{"$nulls":3},{"$f":"6.9+6.9","v":{"v":13.8,"d":"R 13.80"}},null,{"$f":"14+7","v":{"v":21,"d":"R 21"}},null,{"$f":"(AH23*(217/145-1))+AH23","v":{"v":31.427586206896553,"d":"R 31"}},null,{"$f":"(AH23*($D$14/$D$13-1))+AJ23","v":{"v":36.22070881719067,"d":"R 36"}}]
["•","Concrete joints",{"$nulls":3},{"v":41,"d":"R 41.00"},null,{"$f":"+F24*1.1","v":{"v":45.1,"d":"R 45"}},null,{"v":67.49448275862069,"d":"R 67"},null,{"v":77.78828417406187,"d":"R 78"},null,"•","Concrete joints",{"$nulls":3},{"v":41,"d":"R 41.00"},null,{"$f":"+S24*1.1","v":{"v":45.1,"d":"R 45"}},null,{"v":67.49448275862069,"d":"R 67"},null,{"v":77.78828417406187,"d":"R 78"},null,"•","Concrete joints",{"$nulls":3},{"v":58,"d":"R 58.00"},null,{"$f":"+AF24*1.1","v":{"v":63.800000000000004,"d":"R 64"}},null,{"v":95.48000000000002,"d":"R 95"},null,{"v":110.0419629779412,"d":"R 110"}]
["•","370mm concrete (5MPa flexural strength)",null,null,{"v":1150,"d":"R 1,150/m³"},{"$f":"414+1150*0.01","v":{"v":425.5,"d":"R 425.50"}},null,{"$f":"E25*0.37","v":{"v":425.5,"d":"R 426"}},null,{"v":636.7827586206897,"d":"R 637"},null,{"v":733.9005524626015,"d":"R 734"},null,"•","370mm concrete (5MPa flexural strength)",null,null,{"$f":"E25","v":{"v":1150,"d":"R 1,150/m³"}},{"$f":"414+1150*0.01","v":{"v":425.5,"d":"R 425.50"}},null,{"$f":"R25*0.37","v":{"v":425.5,"d":"R 426"}},null,{"v":636.7827586206897,"d":"R 637"},null,{"v":733.9005524626015,"d":"R 734"},null,"•","345mm concrete (5MPa flexural strength)",null,null,{"$f":"R25","v":{"v":1150,"d":"R 1,150/m³"}},{"$f":"399.5/0.325*0.33","v":{"v":405.6461538461539,"d":"R 405.65"}},null,{"$f":"AE25*0.345","v":{"v":396.74999999999994,"d":"R 397"}},null,{"v":593.7568965517241,"d":"R 594"},null,{"v":684.3126772962094,"d":"R 684"}]
["•","Stabilised layer C2 200mm (97% MOD AASHTO)",null,null,{"v":385,"d":"R 385/m³"},null,null,{"$f":"E26*0.2","v":{"v":77,"d":"R 77"}},null,{"v":115.2344827586207,"d":"R 115"},null,{"v":132.80926566303248,"d":"R 133"},null,"•","Stabilised layer C2 200mm (97% MOD AASHTO)",null,null,{"v":385,"d":"R 385/m³"},null,null,{"$f":"R26*0.2","v":{"v":77,"d":"R 77"}},null,{"v":115.2344827586207,"d":"R 115"},null,{"v":132.80926566303248,"d":"R 133"},null,"•","Stabilised layer C3 150mm (97% MOD AASHTO)",null,null,{"$f":"R27","v":{"v":375,"d":"R 375/m³"}},null,null,{"$f":"AE26*0.15","v":{"v":56.25,"d":"R 56"}},null,{"v":84.18103448275863,"d":"R 84"},null,{"v":97.01975576033216,"d":"R 97"}]
["•","Stabilised layer C3 150mm (97% MOD AASHTO)",null,null,{"v":375,"d":"R 375/m³"},{"$f":"+F28","v":{"v":61.794,"d":"R 61.79"}},null,{"$f":"E27*0.15","v":{"v":56.25,"d":"R 56"}},null,{"v":84.18103448275863,"d":"R 84"},null,{"v":97.01975576033216,"d":"R 97"},null,"•","Stabilised layer C3 150mm (97% MOD AASHTO)",null,null,{"v":375,"d":"R 375/m³"},{"$f":"+S28","v":{"v":61.794,"d":"R 61.79"}},null,{"$f":"R27*0.15","v":{"v":56.25,"d":"R 56"}},null,{"v":84.18103448275863,"d":"R 84"},null,{"v":97.01975576033216,"d":"R 97"},null,"•","Stabilised layer C4 150mm (97% MOD AASHTO)",null,null,{"$f":"R28","v":{"v":360,"d":"R 360/m³"}},{"$f":"146.85*0.15+265.11*0.15","v":{"v":61.794,"d":"R 61.79"}},null,{"$f":"AE27*0.15","v":{"v":54,"d":"R 54"}},null,{"v":80.81379310344829,"d":"R 81"},null,{"v":93.13896552991888,"d":"R 93"}]
["•","Stabilised layer C4 150mm (95% MOD AASHTO)",null,null,{"v":360,"d":"R 360/m³"},{"$f":"146.85*0.15+265.11*0.15","v":{"v":61.794,"d":"R 61.79"}},null,{"$f":"E28*0.15","v":{"v":54,"d":"R 54"}},null,{"v":80.81379310344829,"d":"R 81"},null,{"v":93.13896552991888,"d":"R 93"},null,"•","Stabilised layer C4 150mm (97% MOD AASHTO)",null,null,{"v":360,"d":"R 360/m³"},{"$f":"146.85*0.15+265.11*0.15","v":{"v":61.794,"d":"R 61.79"}},null,{"$f":"R28*0.15","v":{"v":54,"d":"R 54"}},null,{"v":80.81379310344829,"d":"R 81"},null,{"v":93.13896552991888,"d":"R 93"},null,"•","G7 Selected layer 150mm (95% MOD AASHTO)",null,null,{"$f":"R29","v":{"v":190,"d":"R 190/m³"}},{"$f":"+AF29","v":{"v":27,"d":"R 27.00"}},null,{"$f":"AE28*0.15","v":{"v":28.5,"d":"R 29"}},null,{"v":42.65172413793104,"d":"R 43"},null,{"v":49.15667625190163,"d":"R 49"}]
["•","G7 Selected layer 150mm (93% MOD AASHTO)",null,null,{"v":190,"d":"R 190/m³"},{"$f":"170.66*0.15","v":{"v":25.599,"d":"R 25.60"}},null,{"$f":"E29*0.15","v":{"v":28.5,"d":"R 29"}},null,{"v":42.65172413793104,"d":"R 43"},null,{"v":49.15667625190163,"d":"R 49"},null,"•","G7 Selected layer 150mm (95% MOD AASHTO)",null,null,{"v":190,"d":"R 190/m³"},{"$f":"170.66*0.15","v":{"v":25.599,"d":"R 25.60"}},null,{"$f":"R29*0.15","v":{"v":28.5,"d":"R 29"}},null,{"v":42.65172413793104,"d":"R 43"},null,{"v":49.15667625190163,"d":"R 49"},null,"•","G7 Selected layer 150mm (93% MOD AASHTO)",null,null,{"$f":"AE28","v":{"v":190,"d":"R 190/m³"}},{"$f":"180*0.15","v":{"v":27,"d":"R 27.00"}},null,{"$f":"AE29*0.15","v":{"v":28.5,"d":"R 29"}},null,{"v":42.65172413793104,"d":"R 43"},null,{"v":49.15667625190163,"d":"R 49"}]
["•","G9 Selected layer 150mm (90% MOD AASHTO)",null,null,{"v":160,"d":"R 160/m³"},{"$f":"170.66*0.15","v":{"v":25.599,"d":"R 25.60"}},null,{"$f":"E30*0.15","v":{"v":24,"d":"R 24"}},null,{"v":35.91724137931035,"d":"R 36"},null,{"v":41.39509579107505,"d":"R 41"},null,"•","G9 Selected layer 150mm (90% MOD AASHTO)",null,null,{"v":160,"d":"R 160/m³"},{"$f":"170.66*0.15","v":{"v":25.599,"d":"R 25.60"}},null,{"$f":"R30*0.15","v":{"v":24,"d":"R 24"}},null,{"v":35.91724137931035,"d":"R 36"},null,{"v":41.39509579107505,"d":"R 41"},null,"•","G9 Selected layer 150mm (90% MOD AASHTO)",null,null,{"$f":"R30","v":{"v":160,"d":"R 160/m³"}},{"$f":"170.66*0.15","v":{"v":25.599,"d":"R 25.60"}},null,{"$f":"AE30*0.15","v":{"v":24,"d":"R 24"}},null,{"v":35.91724137931035,"d":"R 36"},null,{"v":41.39509579107505,"d":"R 41"}]
["•","In-situ compaction",{"$nulls":5},{"v":10,"d":"R 10"},null,{"v":14.965517241379311,"d":"R 15"},null,{"v":17.247956579614605,"d":"R 17"},null,"•","In-situ compaction",{"$nulls":5},{"$f":"'Code C,E & F stands'!$H$31","v":{"v":10,"d":"R 10"}},null,{"v":14.965517241379311,"d":"R 15"},null,{"v":17.247956579614605,"d":"R 17"},null,"•","In-situ compaction",{"$nulls":5},{"$f":"'Code C,E & F stands'!$H$31","v":{"v":10,"d":"R 10"}},null,{"v":14.965517241379311,"d":"R 15"},null,{"v":17.247956579614605,"d":"R 17"}]
["•","Sub-soil drainage",{"$nulls":3},{"v":16.733685752598575,"d":"R 16.73"},null,{"$f":"+F32*1.05","v":{"v":17.570370040228504,"d":"R 18"}},null,{"v":26.29496757744542,"d":"R 26"},null,{"v":30.305297954162256,"d":"R 30"},null,"•","Sub-soil drainage",{"$nulls":3},{"v":16.733685752598575,"d":"R 16.73"},null,{"$f":"+S32*1.05","v":{"v":17.570370040228504,"d":"R 18"}},null,{"v":26.29496757744542,"d":"R 26"},null,{"v":30.305297954162256,"d":"R 30"},null,"•","Sub-soil drainage",{"$nulls":3},{"v":16.388063222458126,"d":"R 16.39"},null,{"$f":"+AF32*1.05","v":{"v":17.207466383581032,"d":"R 17"}},null,{"v":25.751863484393684,"d":"R 26"},null,{"v":29.67936330291836,"d":"R 30"}]
["•","Earthworks (Box Cut)",null,null,{"v":55,"d":"R 55/m³"},{"$f":"(1*45)*0.975","v":{"v":43.875,"d":"R 43.88"}},null,{"$f":"(E33)*(0.37+0.2+0.15*4)","v":{"v":64.35,"d":"R 64"}},null,{"v":96.30310344827586,"d":"R 96"},null,{"v":110.99060058981998,"d":"R 111"},null,"•","Earthworks (Box Cut)",null,null,{"$f":"E33","v":{"v":55,"d":"R 55/m³"}},{"$f":"(1*45)*0.975","v":{"v":43.875,"d":"R 43.88"}},null,{"$f":"(R33)*(0.37+0.2+0.15*4)","v":{"v":64.35,"d":"R 64"}},null,{"v":96.30310344827586,"d":"R 96"},null,{"v":110.99060058981998,"d":"R 111"},null,"•","Earthworks (Box Cut)",null,null,{"$f":"R33","v":{"v":55,"d":"R 55/m³"}},{"$f":"(1*45)*1.08","v":{"v":48.6,"d":"R 48.60"}},null,{"$f":"(AE33)*(0.345+0.15*5)","v":{"v":60.225,"d":"R 60"}},null,{"v":90.1298275862069,"d":"R 90"},null,{"v":103.87581850072895,"d":"R 104"}]
["•","Clearing & grubbing",{"$nulls":3},{"$f":"11544.79/10000","v":{"v":1.154479,"d":"R 1.15"}},null,{"$f":"+F34*1.1","v":{"v":1.2699269000000002,"d":"R 1"}},null,{"v":1.9005112917241385,"d":"R 2"},null,{"v":2.1903644030484584,"d":"R 2"},null,"•","Clearing & grubbing",{"$nulls":3},{"$f":"11544.79/10000","v":{"v":1.154479,"d":"R 1.15"}},null,{"$f":"+S34*1.1","v":{"v":1.2699269000000002,"d":"R 1"}},null,{"v":1.9005112917241385,"d":"R 2"},null,{"v":2.1903644030484584,"d":"R 2"},null,"•","Clearing & grubbing",{"$nulls":3},{"$f":"11544.79/10000","v":{"v":1.154479,"d":"R 1.15"}},null,{"$f":"+AF34*1.1","v":{"v":1.2699269000000002,"d":"R 1"}},null,{"v":1.9005112917241385,"d":"R 2"},null,{"v":2.1903644030484584,"d":"R 2"}]
[null,"Sub-Total : Civils & Surfacing",{"$nulls":3},{"$f":"SUM(F22:F34)","v":{"v":722.7791647525987,"d":"R 722.78"}},"/m2",{"$f":"SUM(H22:H34)","v":{"v":832.5402969402285,"d":"R 833"}},"/m²",{"$f":"SUM(J22:J34)","v":{"v":1245.9396168002042,"d":"R 1,246"}},"/m²",{"$f":"SUM(L22:L34)","v":{"v":1436.868568591364,"d":"R 1,437"}},"/m²",null,"Sub-Total : Civils & Surfacing",{"$nulls":3},{"$f":"SUM(S22:S34)","v":{"v":722.7791647525987,"d":"R 722.78"}},"/m2",{"$f":"SUM(U22:U34)","v":{"v":832.5402969402285,"d":"R 833"}},"/m²",{"$f":"SUM(W22:W34)","v":{"v":1245.9396168002042,"d":"R 1,246"}},"/m²",{"$f":"SUM(Y22:Y34)","v":{"v":1436.868568591364,"d":"R 1,437"}},"/m²",null,"Sub-Total : Civils & Surfacing",{"$nulls":3},{"$f":"SUM(AF22:AF34)","v":{"v":690.9116960686121,"d":"R 690.91"}},"/m2",{"$f":"SUM(AH22:AH34)","v":{"v":769.502393283581,"d":"R 770"}},"/m²",{"$f":"SUM(AJ22:AJ34)","v":{"v":1151.6001333968075,"d":"R 1,152"}},"/m²",{"$f":"SUM(AL22:AL34)","v":{"v":1328.1410660773854,"d":"R 1,328"}},"/m²"]
[]
[]
["Stormwater",{"$nulls":12},"Stormwater",{"$nulls":12},"Stormwater"]
["•","Slot Drain incl concrete pipework",{"$nulls":3},{"$f":"+E44/E18","v":{"v":251.67058823529416,"d":"R 251.67"}},null,{"$f":"+E44/E18","v":{"v":251.67058823529416,"d":"R 252"}},null,{"$f":"(H39*(217/145-1))+H39","v":{"v":376.6380527383368,"d":"R 377"}},null,{"$f":"(J39*($D$14/$D$13-1))+J39","v":{"v":462.60340352296873,"d":"R 463"}},null,"•","Slot Drain incl concrete pipework",{"$nulls":3},{"$f":"+R44/R18","v":{"v":298.9538461538462,"d":"R 298.95"}},null,{"$f":"+R44/R18","v":{"v":298.9538461538462,"d":"R 299"}},null,{"$f":"(U39*(217/145-1))+U39","v":{"v":447.39989389920436,"d":"R 447"}},null,{"$f":"(W39*($D$14/$D$13-1))+W39","v":{"v":549.5162056749884,"d":"R 550"}},null,"•","Slot Drain incl concrete pipework",{"$nulls":3},{"$f":"+AE44/AE18","v":{"v":167.5,"d":"R 167.50"}},null,{"$f":"AE44/AE18","v":{"v":167.5,"d":"R 168"}},null,{"$f":"(AH39*(217/145-1))+AH39","v":{"v":250.67241379310346,"d":"R 251"}},null,{"$f":"(AJ39*($D$14/$D$13-1))+AJ39","v":{"v":307.8868716182809,"d":"R 308"}}]
["•","Slot drain",{"$f":"D18*2+C18","v":250},{"$f":"5200*1.12","v":{"v":5824.000000000001,"d":"5,824"}},{"$f":"+D40*C40","v":{"v":1456000.0000000002,"d":"R 1,456,000"}},{"$nulls":8},"•","Slot drain",{"$f":"Q18*2+P18","v":225},{"$f":"5200*1.12","v":{"v":5824.000000000001,"d":"5,824"}},{"$f":"+Q40*P40","v":{"v":1310400.0000000002,"d":"R 1,310,400"}},{"$nulls":8},"•","Slot drain",{"$f":"AC18","v":40},{"$f":"5200*1.12","v":{"v":5824.000000000001,"d":"5,824"}},{"$f":"+AD40*AC40","v":{"v":232960.00000000003,"d":"R 232,960"}}]
["•","Concrete pipework, varying",{"$f":"D18","v":85},{"$f":"2000*1.12","v":{"v":2240,"d":"2,240"}},{"$f":"+D41*C41","v":{"v":190400,"d":"190,400"}},{"$nulls":8},"•","Concrete pipework, varying",{"$f":"Q18","v":80},{"$f":"2000*1.12","v":{"v":2240,"d":"2,240"}},{"$f":"+Q41*P41","v":{"v":179200,"d":"179,200"}},{"$nulls":8},"•","Concrete pipework, varying",{"$f":"AC18","v":40},{"$f":"2000*1.12","v":{"v":2240,"d":"2,240"}},{"$f":"+AD41*AC41","v":{"v":89600,"d":"89,600"}}]
["•","Oil seperator",1,{"$f":"25000*1.12","v":{"v":28000.000000000004,"d":"28,000"}},{"$f":"+D42*C42","v":{"v":28000.000000000004,"d":"28,000"}},{"$nulls":8},"•","Oil seperator",1,{"$f":"25000*1.12","v":{"v":28000.000000000004,"d":"28,000"}},{"$f":"+Q42*P42","v":{"v":28000.000000000004,"d":"28,000"}},{"$nulls":8},"•","Oil seperator",1,{"$f":"25000*1.12","v":{"v":28000.000000000004,"d":"28,000"}},{"$f":"+AD42*AC42","v":{"v":28000.000000000004,"d":"28,000"}}]
["•","Catchpits/manholes",3,{"$f":"11000*1.12","v":{"v":12320.000000000002,"d":"12,320"}},{"$f":"+D43*C43","v":{"v":36960.00000000001,"d":"36,960"}},{"$nulls":8},"•","Catchpits/manholes",3,{"$f":"11000*1.12","v":{"v":12320.000000000002,"d":"12,320"}},{"$f":"+Q43*P43","v":{"v":36960.00000000001,"d":"36,960"}},{"$nulls":8},"•","Catchpits/manholes",2,{"$f":"11000*1.12","v":{"v":12320.000000000002,"d":"12,320"}},{"$f":"+AD43*AC43","v":{"v":24640.000000000004,"d":"24,640"}}]
[{"$nulls":4},{"$f":"SUM(E40:E43)","v":{"v":1711360.0000000002,"d":"R 1,711,360"}},{"$nulls":12},{"$f":"SUM(R40:R43)","v":{"v":1554560.0000000002,"d":"R 1,554,560"}},{"$nulls":12},{"$f":"SUM(AE40:AE43)","v":{"v":375200,"d":"R 375,200"}}]
[]
["Sleeves",{"$nulls":4},{"$f":"+E51/E18","v":{"v":129.7058823529412,"d":"R 129.71"}},null,{"$f":"E51/E18","v":{"v":129.7058823529412,"d":"R 130"}},null,{"$f":"(H46*(217/145-1))+H46","v":{"v":194.11156186612578,"d":"R 194"}},null,{"$f":"(J46*($D$14/$D$13-1))+J46","v":{"v":238.41634834707972,"d":"R 238"}},null,"Sleeves",{"$nulls":4},{"$f":"+R51/R18","v":{"v":156.3423076923077,"d":"R 156.34"}},null,{"$f":"R51/R18","v":{"v":156.3423076923077,"d":"R 156"}},null,{"$f":"(U46*(217/145-1))+U46","v":{"v":233.97435013262606,"d":"R 234"}},null,{"$f":"(W46*($D$14/$D$13-1))+W46","v":{"v":287.37757622070046,"d":"R 287"}},null,"Sleeves",{"$nulls":4},{"$f":"+AE51/AE18","v":{"v":153.00000000000003,"d":"R 153.00"}},null,{"$f":"AE51/AE18","v":{"v":153.00000000000003,"d":"R 153"}},null,{"$f":"(AH46*(217/145-1))+AH46","v":{"v":228.9724137931035,"d":"R 229"}},null,{"$f":"(AJ46*($D$14/$D$13-1))+AJ46","v":{"v":281.2339782543104,"d":"R 281"}}]
["•","4 x 3/110mm comms sleeves",{"$f":"D18+C18/4","v":105},{"$f":"100*12*1.12","v":{"v":1344.0000000000002,"d":"1,344"}},{"$f":"+D47*C47","v":{"v":141120.00000000003,"d":"R 141,120"}},{"$nulls":8},"•","4 x 3/110mm comms sleeves",{"$f":"Q18+P18/4","v":{"v":96.25,"d":"96"}},{"$f":"100*12*1.12","v":{"v":1344.0000000000002,"d":"1,344"}},{"$f":"+Q47*P47","v":{"v":129360.00000000003,"d":"R 129,360"}},{"$nulls":8},"•","4 x 3/110mm comms sleeves",{"$f":"AC18","v":40},{"$f":"100*12*1.12","v":{"v":1344.0000000000002,"d":"1,344"}},{"$f":"+AD47*AC47","v":{"v":53760.00000000001,"d":"R 53,760"}}]
["•","3 x 1/110 Electrical sleeves",{"$f":"D18*3","v":255},{"$f":"200*1.12","v":{"v":224.00000000000003,"d":"224"}},{"$f":"+D48*C48","v":{"v":57120.00000000001,"d":"57,120"}},{"$nulls":8},"•","3 x 1/110 Electrical sleeves",{"$f":"Q18*3","v":240},{"$f":"200*1.12","v":{"v":224.00000000000003,"d":"224"}},{"$f":"+Q48*P48","v":{"v":53760.00000000001,"d":"53,760"}},{"$nulls":8},"•","2 x 1/110 Electrical sleeves",{"$f":"AC18*2","v":80},{"$f":"200*1.12","v":{"v":224.00000000000003,"d":"224"}},{"$f":"+AD48*AC48","v":{"v":17920.000000000004,"d":"17,920"}}]
["•","Concrete service duct",{"$f":"+C47","v":105},{"$f":"5500*1.12","v":{"v":6160.000000000001,"d":"6,160"}},{"$f":"+D49*C49","v":{"v":646800.0000000001,"d":"646,800"}},{"$nulls":8},"•","Concrete service duct",{"$f":"+P47","v":{"v":96.25,"d":"96"}},{"$f":"5500*1.12","v":{"v":6160.000000000001,"d":"6,160"}},{"$f":"+Q49*P49","v":{"v":592900.0000000001,"d":"592,900"}},{"$nulls":8},"•","Concrete service duct",{"$f":"+AC47","v":40},{"$f":"5500*1.12","v":{"v":6160.000000000001,"d":"6,160"}},{"$f":"+AD49*AC49","v":{"v":246400.00000000003,"d":"246,400"}}]
["•","Manholes",3,{"$f":"11000*1.12","v":{"v":12320.000000000002,"d":"12,320"}},{"$f":"+D50*C50","v":{"v":36960.00000000001,"d":"36,960"}},{"$nulls":8},"•","Manholes",3,{"$f":"11000*1.12","v":{"v":12320.000000000002,"d":"12,320"}},{"$f":"+Q50*P50","v":{"v":36960.00000000001,"d":"36,960"}},{"$nulls":8},"•","Manholes",2,{"$f":"11000*1.12","v":{"v":12320.000000000002,"d":"12,320"}},{"$f":"+AD50*AC50","v":{"v":24640.000000000004,"d":"24,640"}}]
[{"$nulls":4},{"$f":"SUM(E47:E50)","v":{"v":882000.0000000001,"d":"R 882,000"}},{"$nulls":12},{"$f":"SUM(R47:R50)","v":{"v":812980.0000000001,"d":"R 812,980"}},{"$nulls":12},{"$f":"SUM(AE47:AE50)","v":{"v":342720.00000000006,"d":"R 342,720"}}]
[]
["Fire Water",{"$nulls":4},{"$f":"+E58/E18","v":{"v":50.605661764705886,"d":"R 50.61"}},null,{"$f":"E58/E18","v":{"v":50.605661764705886,"d":"R 51"}},null,{"$f":"(H53*(217/145-1))+H53","v":{"v":75.73399036511157,"d":"R 76"}},null,{"$f":"(J53*($D$14/$D$13-1))+J53","v":{"v":93.0198142501979,"d":"R 93"}},null,"Fire Water",{"$nulls":4},{"$f":"+R58/R18","v":{"v":56.43701923076923,"d":"R 56.44"}},null,{"$f":"R58/R18","v":{"v":56.43701923076923,"d":"R 56"}},null,{"$f":"(U53*(217/145-1))+U53","v":{"v":84.46091843501327,"d":"R 84"}},null,{"$f":"(W53*($D$14/$D$13-1))+W53","v":{"v":103.73861071296895,"d":"R 104"}},null,"Fire Water",{"$nulls":4},{"$f":"+AE58/AE18","v":{"v":79.82916772959183,"d":"R 79.83"}},null,{"$f":"AE58/AE18","v":{"v":79.82916772959183,"d":"R 80"}},null,{"$f":"(AH53*(217/145-1))+AH53","v":{"v":119.46847860221675,"d":"R 119"}},null,{"$f":"(AJ53*($D$14/$D$13-1))+AJ53","v":{"v":146.73643412629883,"d":"R 147"}}]
["•","GMS Water pipe",{"$f":"D18+10","v":95},{"$f":"(113+1760+20)*1.1","v":{"v":2082.3,"d":"2,082"}},{"$f":"+D54*C54","v":{"v":197818.50000000003,"d":"R 197,819"}},{"$nulls":8},"•","GMS Water pipe",{"$f":"65+10","v":75},{"$f":"(113+1760+20)*1.1","v":{"v":2082.3,"d":"2,082"}},{"$f":"+Q54*P54","v":{"v":156172.5,"d":"R 156,173"}},{"$nulls":8},"•","GMS Water pipe",{"$f":"43.5+10","v":{"v":53.5,"d":"54"}},{"$f":"(113+1760+20)*1.1","v":{"v":2082.3,"d":"2,082"}},{"$f":"+AD54*AC54","v":{"v":111403.05,"d":"R 111,403"}}]
["•","Fittings","Item",{"$f":"40000*1.1","v":{"v":44000,"d":"44,000"}},{"$f":"+D55","v":{"v":44000,"d":"44,000"}},{"$nulls":8},"•","Fittings","Item",{"v":35000,"d":"35,000"},{"$f":"+Q55","v":{"v":35000,"d":"35,000"}},{"$nulls":8},"•","Fittings","Item",{"$f":"20000*1.1","v":{"v":22000,"d":"22,000"}},{"$f":"+AD55","v":{"v":22000,"d":"22,000"}}]
["•","Hydrants complete",1,{"$f":"(70500+2500)*1.1","v":{"v":80300,"d":"80,300"}},{"$f":"+D56*C56","v":{"v":80300,"d":"80,300"}},{"$nulls":8},"•","Hydrants complete",1,{"$f":"(70500+2500)*1.1","v":{"v":80300,"d":"80,300"}},{"$f":"+Q56*P56","v":{"v":80300,"d":"80,300"}},{"$nulls":8},"•","Hydrants complete (1 per 2.33 stands)",{"$f":"3/7","v":{"v":0.42857142857142855,"d":"0.43"}},{"$f":"(70500+2500)*1.1","v":{"v":80300,"d":"80,300"}},{"$f":"+AD56*AC56","v":{"v":34414.28571428571,"d":"34,414"}}]
["•","Cathodic protection","Item",null,{"$f":"20000*1.1","v":{"v":22000,"d":"22,000"}},{"$nulls":8},"•","Cathodic protection","Item",null,{"$f":"20000*1.1","v":{"v":22000,"d":"22,000"}},{"$nulls":8},"•","Cathodic protection","Item",null,{"$f":"10000*1.1","v":{"v":11000,"d":"11,000"}}]
[{"$nulls":4},{"$f":"SUM(E54:E57)","v":{"v":344118.5,"d":"R 344,119"}},{"$nulls":12},{"$f":"SUM(R54:R57)","v":{"v":293472.5,"d":"R 293,473"}},{"$nulls":12},{"$f":"SUM(AE54:AE57)","v":{"v":178817.3357142857,"d":"R 178,817"}}]
["Sewer",{"$nulls":4},{"$f":"+E61/E18","v":{"v":0,"d":"R 0.00"}},null,{"$f":"+F59*1.1","v":{"v":0,"d":"R 0"}},{"$nulls":5},"Sewer",{"$nulls":4},{"$f":"+R61/R18","v":{"v":0,"d":"R 0.00"}},null,{"$f":"+S59*1.1","v":{"v":0,"d":"R 0"}},{"$nulls":5},"Sewer",{"$nulls":4},{"$f":"+AE61/AE18","v":{"v":0,"d":"R 0.00"}},null,{"$f":"+AF59*1.1","v":{"v":0,"d":"R 0"}}]
[null,"400mm pipe, complete - EXCLUDED",{"$f":"83.75*0","v":0},{"v":2178,"d":"2,178"},{"$f":"+D60*C60","v":0},{"$nulls":9},"400mm pipe, complete - EXCLUDED",{"$f":"83.75*0","v":0},{"v":2178,"d":"2,178"},{"$f":"+Q60*P60","v":0},{"$nulls":9},"400mm pipe, complete EXCLUDED",0,{"v":2178,"d":"2,178"},{"$f":"+AD60*AC60","v":0}]
[{"$nulls":4},{"$f":"SUM(E60:E60)","v":0},{"$nulls":12},{"$f":"SUM(R60:R60)","v":0},{"$nulls":12},{"$f":"SUM(AE60:AE60)","v":0}]
[]
["Electrical",{"$nulls":4},{"$f":"+E67/E18","v":{"v":143.57637026143792,"d":"R 143.58"}},null,{"$f":"E67/E18","v":{"v":143.57637026143792,"d":"R 144"}},null,{"$f":"(H63*(217/145-1))+H63","v":{"v":214.8694644602209,"d":"R 215"}},null,{"$f":"(J63*($D$14/$D$13-1))+J63","v":{"v":263.9121162871768,"d":"R 264"}},null,"Electrical",{"$nulls":4},{"$f":"+R67/R18","v":{"v":152.06017649572652,"d":"R 152.06"}},null,{"$f":"R67/R18","v":{"v":152.06017649572652,"d":"R 152"}},null,{"$f":"(U63*(217/145-1))+U63","v":{"v":227.56591930739762,"d":"R 228"}},null,{"$f":"(W63*($D$14/$D$13-1))+W63","v":{"v":279.5064599342859,"d":"R 280"}},null,"Electrical",{"$nulls":4},{"$f":"+AE67/AE18","v":{"v":274.83318750000007,"d":"R 274.83"}},null,{"$f":"AE67/AE18","v":{"v":274.83318750000007,"d":"R 275"}},null,{"$f":"(AH63*(217/145-1))+AH63","v":{"v":411.3020806034484,"d":"R 411"}},null,{"$f":"(AJ63*($D$14/$D$13-1))+AJ63","v":{"v":505.17928547018187,"d":"R 505"}}]
["•","35m highmast, kiosk, 3x stand signs","Item",null,{"$f":"(141781+45540+4000+12355+4000+5500+1000+7588*2+1000*2+17090+1000+36200+6500+3*28000+3*11000+3*3000)*1.08*1.12","v":{"v":505784.5632000001,"d":"R 505,785"}},{"$nulls":8},"•","35m highmast, kiosk, 1x stand sign","Item",null,{"$f":"(141781+45540+4000+12355+4000+5500+1000+7588*2+1000*2+17090+1000+36200+6500+1*28000+1*11000+1*3000)*1.08*1.12","v":{"v":404178.16320000007,"d":"R 404,178"}},{"$nulls":8},"•","22m highmast, kiosk, 1x stand sign","Item",null,{"$f":"(86222+26600+4000+11404+4000+5500+1000+5563*2+1000*2+17090+1000+35200+6500+1*28000+1*11000+1*3000)*1.08*1.12","v":{"v":306805.3632000001,"d":"R 306,805"}}]
["•","Cabling, terminations, etc","Item",null,{"$f":"(4010+3400+(4416700+342679-324855-4404160+63201+14137+98868+114576+63386+108253+12146+12260+7922+18810+3465+17655+20460+8085+9735+5885+5940+6820))/16*1.08*1.12","v":{"v":47580.976800000004,"d":"47,581"}},{"$nulls":8},"•","Cabling, terminations, etc","Item",null,{"$f":"(4010+3400+(4416700+342679-324855-4404160+63201+14137+98868+114576+63386+108253+12146+12260+7922+18810+3465+17655+20460+8085+9735+5885+5940+6820))/16*1.08*1.12","v":{"v":47580.976800000004,"d":"47,581"}},{"$nulls":8},"•","Cabling, terminations, etc","Item",null,{"$f":"(4010+3400+(4416700+342679-324855-4404160+63201+14137+98868+114576+63386+108253+12146+12260+7922+18810+3465+17655+20460+8085+9735+5885+5940+6820))/16*1.08*1.12","v":{"v":47580.976800000004,"d":"47,581"}}]
["•","MV reticulation (1 mini-sub/3.5 stands, 95mm² cabling on stand)","Item",null,{"$f":"+((195700/9+(338625+5000+6500+3000)/3.5+1500*85*2))*1.12","v":{"v":422953.7777777778,"d":"422,954"}},{"$nulls":8},"•","MV reticulation (1 mini-sub/3.5 stands, 95mm² cabling on stand)","Item",null,{"$f":"+((195700/9+(338625+5000+6500+3000)/3.5+1500*60*2))*1.12","v":{"v":338953.7777777778,"d":"338,954"}},{"$nulls":8},"•","MV reticulation (1 mini-sub/3.5 stands, 95mm² cabling on stand)","Item",null,{"$f":"+(195700/7+(338625+5000+6500+3000)/3.5+43.5*2*1200)*1.12","v":{"v":261240.00000000003,"d":"261,240"}}]
[{"$nulls":4},{"$f":"SUM(E64:E66)","v":{"v":976319.3177777778,"d":"R 976,319"}},{"$nulls":12},{"$f":"SUM(R64:R66)","v":{"v":790712.9177777779,"d":"R 790,713"}},{"$nulls":12},{"$f":"SUM(AE64:AE66)","v":{"v":615626.3400000001,"d":"R 615,626"}}]
[]
["Fuel ",{"$nulls":4},{"$f":"+E72/E18","v":{"v":366.1399544117648,"d":"R 366.14"}},null,{"$f":"E72/E18","v":{"v":366.1399544117648,"d":"R 366"}},null,{"$f":"(H69*(217/145-1))+H69","v":{"v":547.9473800507101,"d":"R 548"}},null,{"$f":"(J69*($D$14/$D$13-1))+J69","v":{"v":673.0130456017806,"d":"R 673"}},null,"Fuel",{"$nulls":4},{"$f":"+R72/R18","v":{"v":341.9731192307692,"d":"R 341.97"}},null,{"$f":"R72/R18","v":{"v":341.9731192307692,"d":"R 342"}},null,{"$f":"(U69*(217/145-1))+U69","v":{"v":511.780461193634,"d":"R 512"}},null,{"$f":"(W69*($D$14/$D$13-1))+W69","v":{"v":628.5912469104891,"d":"R 629"}},null,"Fuel",{"$nulls":4},{"$f":"+AE72/AE18","v":{"v":640.8125535714286,"d":"R 640.81"}},null,{"$f":"AE72/AE18","v":{"v":640.8125535714286,"d":"R 641"}},null,{"$f":"(AH69*(217/145-1))+AH69","v":{"v":959.0091318965517,"d":"R 959"}},null,{"$f":"(AJ69*($D$14/$D$13-1))+AJ69","v":{"v":1177.8971487333085,"d":"R 1,178"}}]
["•","3x Hydrants, pipework, cathodic protection, valve chamber (1 per 3 stands), ESD (Emergency shut-down valve)","Item",null,{"v":2236042.43,"d":"R 2,236,042"},{"$nulls":8},"•","1x Hydrant, pipework, cathodic protection, valve chamber (1 per 3 stands), ESD","Item",null,{"v":1584247.26,"d":"R 1,584,247"},{"$nulls":8},"•","1x Hydrant, pipework, cathodic protection, valve chamber (1 per 3 stands), ESD","Item",null,{"v":1315902.66,"d":"R 1,315,903"}]
["•","Fuel civils","Item",null,{"v":253709.26,"d":"253,709"},{"$nulls":8},"•","Fuel civils","Item",null,{"v":194012.96,"d":"194,013"},{"$nulls":8},"•","Fuel civils","Item",null,{"v":119517.46,"d":"119,517"}]
[{"$nulls":4},{"$f":"SUM(E70:E71)","v":{"v":2489751.6900000004,"d":"R 2,489,752"}},{"$nulls":12},{"$f":"SUM(R70:R71)","v":{"v":1778260.22,"d":"R 1,778,260"}},{"$nulls":12},{"$f":"SUM(AE70:AE71)","v":{"v":1435420.1199999999,"d":"R 1,435,420"}}]
[]
[]
[null,"Total",{"$nulls":3},{"$f":"SUM(F35:F74)","v":{"v":1664.4776217787428,"d":"R 1,664.48"}},"/m2",{"$f":"ROUND(SUM(H35:H74),-1)","v":{"v":1770,"d":"R 1,770"}},"/m²",{"$f":"ROUND(SUM(J35:J74),-1)","v":{"v":2660,"d":"R 2,660"}},"/m²",{"$f":"ROUND(SUM(L35:L74),-1)","v":{"v":3170,"d":"R 3,170"}},"/m²",null,"Total",{"$nulls":3},{"$f":"SUM(S35:S74)","v":{"v":1728.5456335560177,"d":"R 1,728.55"}},"/m2",{"$f":"ROUND(SUM(U35:U74),-1)","v":{"v":1840,"d":"R 1,840"}},"/m²",{"$f":"ROUND(SUM(W35:W74),-1)","v":{"v":2750,"d":"R 2,750"}},"/m²",{"$f":"ROUND(SUM(Y35:Y74),-1)","v":{"v":3290,"d":"R 3,290"}},"/m²",null,"Total",{"$nulls":3},{"$f":"SUM(AF35:AF74)","v":{"v":2006.8866048696327,"d":"R 2,006.89"}},"/m2",{"$f":"ROUND(SUM(AH35:AH74),-1)","v":{"v":2090,"d":"R 2,090"}},"/m²",{"$f":"ROUND(SUM(AJ35:AJ74),-1)","v":{"v":3120,"d":"R 3,120"}},"/m²",{"$f":"ROUND(SUM(AL35:AL74),-1)","v":{"v":3750,"d":"R 3,750"}},"/m²"]
[]
[]
[null,"Macerator & sewer dump facility  required - operations dependant"]
[{"$nulls":38},"Page 19"]
[{"$nulls":37},"Back to Contents"]
[]
[null,"Security Fencing"]
[null,"• Concrete panel fencing"]
[null,"• Security (PIDS)",null,{"v":3000,"d":"R 3,000/m"},null,"/m"]
[null,"• Lighting",null,{"v":1400,"d":"R 1,400/m"},null,"/m"]
[{"$nulls":3},{"v":400,"d":"R 400/m"},null,"/m"]

{"sheet":"Code F,C Taxilane & Serv Roads","index":31,"n_rows":65,"n_cols":53,"rows_kept":65,"merged":[[2,0,2,48],[4,0,4,48],[6,0,6,48],[10,0,10,48],[11,1,11,3],[12,4,13,13],[15,7,16,13],[15,21,16,26],[15,34,16,39],[15,47,16,52],[16,0,16,1],[16,14,16,15],[16,27,16,31],[16,40,16,44],[17,7,17,8],[17,10,17,11],[17,12,17,13],[17,21,17,22],[17,23,17,24],[17,25,17,26],[17,34,17,35],[17,36,17,37],[17,38,17,39],[17,47,17,48],[17,49,17,50],[17,51,17,52],[18,10,18,11],[18,12,18,13],[18,23,18,24],[18,25,18,26],[18,36,18,37],[18,38,18,39],[18,49,18,50],[18,51,18,52]]}
[]
[]
[{"$f":"[5]Cover!$A$5","v":"AIRPORT DEVELOPMENT COST"}]
[]
[{"$f":"'Master Apron stands'!A5:W5","v":"2.  STANDS, TAXILANES AND SERVICE ROADS"}]
[]
[{"$f":"'Master Apron stands'!A7","v":"2017-11-01"}]
[]
[]
[]
["2.3  APPROXIMATE RATE BUILD-UP FOR TAXILANES & SERVICE ROADS"]
[null,"BER Index"]
[null,"Base Date","2017-11-01",{"v":217.6,"d":"217.60"},{"$f":"'New Bldg Rates'!M4","v":"Reference 2021 Q4 Table 2 - BER Building Cost Index"}]
[null,"Current Date",{"$f":"'Code C,E & F stands'!C14","v":"2022-03-01"},{"$f":"'New Bldg Rates'!L5","v":{"v":267.26588,"d":"267.27"}}]
[]
[{"$nulls":5},"WHBO TENDER RATES",null,{"$f":"'Code C,E & F stands'!$H$16","v":"Estimated Rates"},{"$nulls":11},"WHBO TENDER RATES",null,{"$f":"'Code C,E & F stands'!$H$16","v":"Estimated Rates"},{"$nulls":10},"WHBO TENDER RATES",null,{"$f":"'Code C,E & F stands'!$H$16","v":"Estimated Rates"},{"$nulls":10},"WHBO TENDER RATES",null,{"$f":"'Code C,E & F stands'!$H$16","v":"Estimated Rates"}]
["Code E/F Taxilane",{"$nulls":13},"Code C Taxilane",{"$nulls":12},"Service Roads (10m wide) - AIRSIDE",{"$nulls":12},"Service Roads (dual carriageway, 15m wide)"]
[{"$nulls":7},{"$f":"'Code C,E & F stands'!$H$18","v":"Base Date Jan '09"},null,null,"Base Date Nov '17",null,{"$f":"'Code C,E & F stands'!L18","v":"2022-03-01"},{"$nulls":8},{"$f":"'Code C,E & F stands'!$H$18","v":"Base Date Jan '09"},null,"Base Date Nov '17",null,{"$f":"'Code C,E & F stands'!L18","v":"2022-03-01"},{"$nulls":8},{"$f":"'Code C,E & F stands'!$H$18","v":"Base Date Jan '09"},null,"Base Date Nov '17",null,{"$f":"Z18","v":"2022-03-01"},null,null,"(not necessarily airside)",{"$nulls":5},{"$f":"'Code C,E & F stands'!$H$18","v":"Base Date Jan '09"},null,"Base Date Nov '17",null,{"$f":"Z18","v":{"v":44621,"d":"R 44,621"}}]
[{"$nulls":31},{"v":10,"d":"10m"},{"$nulls":12},{"v":15,"d":"15m"}]
[]
[]
["Civils & Surfacing",{"$nulls":13},"Civils & Surfacing",{"$nulls":12},"Civils & Surfacing",{"$nulls":12},"Civils & Surfacing"]
["•","Roadmarking",{"$nulls":3},{"v":5.93,"d":"R 5.93"},null,{"v":8,"d":"R 8"},null,null,{"$f":"(H23*(217/145-1))+H23","v":{"v":11.972413793103449,"d":"R 12"}},null,{"$f":"(K23*($D$14/$D$13-1))+K23","v":{"v":14.705044614604462,"d":"R 15"}},null,"•","Roadmarking",{"$nulls":3},{"v":5.93,"d":"R 5.93"},null,{"v":8,"d":"R 8"},null,{"$f":"(V23*(217/145-1))+V23","v":{"v":11.972413793103449,"d":"R 12"}},null,{"$f":"(X23*($D$14/$D$13-1))+X23","v":{"v":14.705044614604462,"d":"R 15"}},null,"•","Roadmarking",{"$nulls":3},{"v":5.93,"d":"R 5.93"},null,{"v":2.5,"d":"R 3"},null,{"$f":"(AI23*(217/145-1))+AI23","v":{"v":3.741379310344828,"d":"R 4"}},null,{"$f":"(AK23*($D$14/$D$13-1))+AK23","v":{"v":4.595326442063895,"d":"R 5"}},null,"•","Roadmarking",{"$nulls":3},{"v":5.93,"d":"R 5.93"},null,{"$f":"+AT23*1.1","v":{"v":6.523000000000001,"d":"R 7"}},null,{"$f":"(AV23*(217/145-1))+AV23","v":{"v":9.762006896551725,"d":"R 10"}},null,{"$f":"(AX23*($D$14/$D$13-1))+AX23","v":{"v":11.990125752633114,"d":"R 12"}}]
["•","Stone mastic asphalt AE-2 mod binder (80/100) 40mm",{"$nulls":3},{"$f":"104.45+2.92","v":{"v":107.37,"d":"R 107.37"}},null,{"$f":"+F24","v":{"v":107.37,"d":"R 107"}},null,null,{"$f":"(H24*(217/145-1))+H24","v":{"v":160.68475862068968,"d":"R 161"}},null,{"$f":"(K24*($D$14/$D$13-1))+K24","v":{"v":197.36008003376017,"d":"R 197"}},null,"•","Stone mastic asphalt AE-2 mod binder (80/100) 40mm",{"$nulls":3},{"$f":"104.45+2.92","v":{"v":107.37,"d":"R 107.37"}},null,{"$f":"+T24","v":{"v":107.37,"d":"R 107"}},null,{"$f":"(V24*(217/145-1))+V24","v":{"v":160.68475862068968,"d":"R 161"}},null,{"$f":"(X24*($D$14/$D$13-1))+X24","v":{"v":197.36008003376017,"d":"R 197"}},null,"•","Kerbing",{"$nulls":5},{"$f":"130*2/AF19","v":{"v":26,"d":"R 26"}},null,{"$f":"(AI24*(217/145-1))+AI24","v":{"v":38.91034482758621,"d":"R 39"}},null,{"$f":"(AK24*($D$14/$D$13-1))+AK24","v":{"v":47.7913949974645,"d":"R 48"}},null,"•","Kerbing",{"$nulls":3},{"$f":"130*2/AS19","v":{"v":17.333333333333332,"d":"R 17.33"}},null,{"$f":"+AT24","v":{"v":17.333333333333332,"d":"R 17"}},null,{"$f":"(AV24*(217/145-1))+AV24","v":{"v":25.94022988505747,"d":"R 26"}},null,{"$f":"(AX24*($D$14/$D$13-1))+AX24","v":{"v":31.860929998309665,"d":"R 32"}}]
["•","Coarse continuously graded hotmix (60/70) (BTB)  90mm",{"$nulls":3},{"$f":"166.39+6.11+2.92","v":{"v":175.42,"d":"R 175.42"}},null,{"$f":"+F25/80*90","v":{"v":197.34749999999997,"d":"R 197"}},null,null,{"v":295.3407413793103,"d":"R 295"},null,{"v":362.7504740100817,"d":"R 363"},null,"•","Coarse continuously graded hotmix (60/70) (BTB)  60mm",{"$nulls":3},{"$f":"124.8+6.11+2.92","v":{"v":133.82999999999998,"d":"R 133.83"}},null,{"$f":"+T25","v":{"v":133.82999999999998,"d":"R 134"}},null,{"v":200.2835172413793,"d":"R 200"},null,{"v":245.99701509656435,"d":"R 246"},null,"•","Medium continuously graded hot mix (60/70) 40mm",{"$nulls":3},{"$f":"81.49+6.11+2.92","v":{"v":90.52,"d":"R 90.52"}},null,{"$f":"+AG25","v":{"v":90.52,"d":"R 91"}},null,{"v":135.46786206896553,"d":"R 135"},null,{"v":166.3875798142495,"d":"R 166"},null,"•","Medium continuously graded hot mix (60/70) 40mm",{"$nulls":3},{"$f":"81.49+6.11+2.92","v":{"v":90.52,"d":"R 90.52"}},null,{"$f":"+AT25","v":{"v":90.52,"d":"R 91"}},null,{"v":135.46786206896553,"d":"R 135"},null,{"v":166.3875798142495,"d":"R 166"}]
["•","G1 crushed stone 125mm (88% ARD)",null,null,{"v":350,"d":"R 350/m³"},{"$f":"345.66*0.15","v":{"v":51.849000000000004,"d":"R 51.85"}},null,{"$f":"E26*0.125","v":{"v":43.75,"d":"R 44"}},null,null,{"v":65.47413793103449,"d":"R 65"},null,{"v":80.41821273611816,"d":"R 80"},null,"•","G1 crushed stone 125mm (88% ARD)",null,null,{"$f":"E26","v":{"v":350,"d":"R 350/m³"}},{"$f":"345.66*0.125","v":{"v":43.2075,"d":"R 43.21"}},null,{"$f":"S26*0.125","v":{"v":43.75,"d":"R 44"}},null,{"v":65.47413793103449,"d":"R 65"},null,{"v":80.41821273611816,"d":"R 80"},null,"•","G1 crushed stone 150mm (88% ARD)",null,null,{"$f":"E26","v":{"v":350,"d":"R 350/m³"}},{"$f":"345.66*0.125","v":{"v":43.2075,"d":"R 43.21"}},null,{"$f":"AF26*0.15","v":{"v":52.5,"d":"R 53"}},null,{"v":78.56896551724138,"d":"R 79"},null,{"v":96.50185528334178,"d":"R 97"},null,"•","G1 crushed stone 150mm (88% ARD)",null,null,{"$f":"E26","v":{"v":350,"d":"R 350/m³"}},{"$f":"345.66*0.125","v":{"v":43.2075,"d":"R 43.21"}},null,{"$f":"AS26*0.15","v":{"v":52.5,"d":"R 53"}},null,{"v":78.56896551724138,"d":"R 79"},null,{"v":96.50185528334178,"d":"R 97"}]
["•","Stabilised layer C3 150mm (97% MOD AASHTO)",null,null,{"$f":"'Code C,E & F stands'!E27","v":{"v":375,"d":"R 375/m³"}},{"$f":"146.85*0.15+265.11*0.15","v":{"v":61.794,"d":"R 61.79"}},null,{"$f":"E27*0.15","v":{"v":56.25,"d":"R 56"}},null,null,{"v":84.18103448275863,"d":"R 84"},null,{"v":103.39484494643764,"d":"R 103"},null,"•","Stabilised layer C3 150mm (97% MOD AASHTO)",null,null,{"$f":"E27","v":{"v":375,"d":"R 375/m³"}},{"$f":"146.85*0.15+265.11*0.15","v":{"v":61.794,"d":"R 61.79"}},null,{"$f":"S27*0.15","v":{"v":56.25,"d":"R 56"}},null,{"v":84.18103448275863,"d":"R 84"},null,{"v":103.39484494643764,"d":"R 103"},null,"•","Stabilised layer C3 150mm (97% MOD AASHTO)",null,null,{"$f":"S27","v":{"v":375,"d":"R 375/m³"}},{"$f":"146.85*0.15+265.11*0.15","v":{"v":61.794,"d":"R 61.79"}},null,{"$f":"AF27*0.15","v":{"v":56.25,"d":"R 56"}},null,{"v":84.18103448275863,"d":"R 84"},null,{"v":103.39484494643764,"d":"R 103"},null,"•","Stabilised layer C3 150mm (97% MOD AASHTO)",null,null,{"$f":"AF27","v":{"v":375,"d":"R 375/m³"}},{"$f":"146.85*0.15+265.11*0.15","v":{"v":61.794,"d":"R 61.79"}},null,{"$f":"AS27*0.15","v":{"v":56.25,"d":"R 56"}},null,{"v":84.18103448275863,"d":"R 84"},null,{"v":103.39484494643764,"d":"R 103"}]
["•","Stabilised layer C3 150mm (97% MOD AASHTO)",null,null,{"$f":"E27","v":{"v":375,"d":"R 375/m³"}},{"$f":"146.85*0.15+265.11*0.15","v":{"v":61.794,"d":"R 61.79"}},null,{"$f":"E28*0.15","v":{"v":56.25,"d":"R 56"}},null,null,{"v":84.18103448275863,"d":"R 84"},null,{"v":103.39484494643764,"d":"R 103"},null,"•","Stabilised layer C3 150mm (97% MOD AASHTO)",null,null,{"$f":"E28","v":{"v":375,"d":"R 375/m³"}},{"$f":"146.85*0.15+265.11*0.15","v":{"v":61.794,"d":"R 61.79"}},null,{"$f":"S28*0.15","v":{"v":56.25,"d":"R 56"}},null,{"v":84.18103448275863,"d":"R 84"},null,{"v":103.39484494643764,"d":"R 103"},null,"•","Stabilised layer C4 150mm (95% MOD AASHTO)",null,null,{"$f":"S29","v":{"v":360,"d":"R 360/m³"}},{"$f":"146.85*0.15+178.18*0.15","v":{"v":48.7545,"d":"R 48.75"}},null,{"$f":"AF28*0.15","v":{"v":54,"d":"R 54"}},null,{"v":80.81379310344829,"d":"R 81"},null,{"v":99.25905114858014,"d":"R 99"},null,"•","Stabilised layer C4 150mm (95% MOD AASHTO)",null,null,{"$f":"AF28","v":{"v":360,"d":"R 360/m³"}},{"$f":"146.85*0.15+178.18*0.15","v":{"v":48.7545,"d":"R 48.75"}},null,{"$f":"AS28*0.15","v":{"v":54,"d":"R 54"}},null,{"v":80.81379310344829,"d":"R 81"},null,{"v":99.25905114858014,"d":"R 99"}]
["•","Stabilised layer C4 150mm (95% MOD AASHTO)",null,null,{"$f":"'Code C,E & F stands'!E28","v":{"v":360,"d":"R 360/m³"}},{"$f":"146.85*0.2+265.11*0.2","v":{"v":82.39200000000001,"d":"R 82.39"}},null,{"$f":"E29*0.15","v":{"v":54,"d":"R 54"}},null,null,{"v":80.81379310344829,"d":"R 81"},null,{"v":99.25905114858014,"d":"R 99"},null,"•","Stabilised layer C4 150mm (95% MOD AASHTO)",null,null,{"$f":"E29","v":{"v":360,"d":"R 360/m³"}},{"$f":"146.85*0.2+265.11*0.2","v":{"v":82.39200000000001,"d":"R 82.39"}},null,{"$f":"S29*0.15","v":{"v":54,"d":"R 54"}},null,{"v":80.81379310344829,"d":"R 81"},null,{"v":99.25905114858014,"d":"R 99"},null,"•","G7 Selected layer 150mm (95% MOD AASHTO)",null,null,{"$f":"S30","v":{"v":190,"d":"R 190/m³"}},{"$f":"+AG30","v":{"v":25.599,"d":"R 25.60"}},null,{"$f":"AF29*0.15","v":{"v":28.5,"d":"R 29"}},null,{"v":42.65172413793104,"d":"R 43"},null,{"v":52.3867214395284,"d":"R 52"},null,"•","G7 Selected layer 150mm (95% MOD AASHTO)",null,null,{"$f":"AF29","v":{"v":190,"d":"R 190/m³"}},{"$f":"170.66*0.15","v":{"v":25.599,"d":"R 25.60"}},null,{"$f":"AS29*0.15","v":{"v":28.5,"d":"R 29"}},null,{"v":42.65172413793104,"d":"R 43"},null,{"v":52.3867214395284,"d":"R 52"}]
["•","G7 Selected layer 150mm (95% MOD AASHTO)",null,null,{"$f":"'Code C,E & F stands'!E29","v":{"v":190,"d":"R 190/m³"}},{"$f":"+F31","v":{"v":27,"d":"R 27.00"}},null,{"$f":"E30*0.15","v":{"v":28.5,"d":"R 29"}},null,null,{"v":42.65172413793104,"d":"R 43"},null,{"v":52.3867214395284,"d":"R 52"},null,"•","G7 Selected layer 200mm (93% MOD AASHTO)",null,null,{"$f":"E30","v":{"v":190,"d":"R 190/m³"}},null,null,{"$f":"S30*0.2","v":{"v":38,"d":"R 38"}},null,{"v":56.868965517241385,"d":"R 57"},null,{"v":69.8489619193712,"d":"R 70"},null,"•","G7 Selected layer 150mm (93% MOD AASHTO)",null,null,{"$f":"AF29","v":{"v":190,"d":"R 190/m³"}},{"$f":"170.66*0.15","v":{"v":25.599,"d":"R 25.60"}},null,{"$f":"AF30*0.15","v":{"v":28.5,"d":"R 29"}},null,{"v":42.65172413793104,"d":"R 43"},null,{"v":52.3867214395284,"d":"R 52"},null,"•","G7 Selected layer 150mm (93% MOD AASHTO)",null,null,{"$f":"AS29","v":{"v":190,"d":"R 190/m³"}},{"$f":"170.66*0.15","v":{"v":25.599,"d":"R 25.60"}},null,{"$f":"AS30*0.15","v":{"v":28.5,"d":"R 29"}},null,{"v":42.65172413793104,"d":"R 43"},null,{"v":52.3867214395284,"d":"R 52"}]
["•","G7 Selected layer 150mm (93% MOD AASHTO)",null,null,{"$f":"'Code C,E & F stands'!E29","v":{"v":190,"d":"R 190/m³"}},{"$f":"180*0.15","v":{"v":27,"d":"R 27.00"}},null,{"$f":"E31*0.15","v":{"v":28.5,"d":"R 29"}},null,null,{"v":42.65172413793104,"d":"R 43"},null,{"v":52.3867214395284,"d":"R 52"},null,"•","Sub-soil drainage",{"$nulls":3},{"v":16.388063222458126,"d":"R 16.39"},null,{"$f":"+T31*1.05","v":{"v":17.207466383581032,"d":"R 17"}},null,{"v":25.751863484393684,"d":"R 26"},null,{"v":31.6295701093582,"d":"R 32"},null,"•","Earthworks (Box Cut)",null,null,{"$f":"S33","v":{"v":55,"d":"R 55/m³"}},{"$f":"(1*45)*(0.77)","v":{"v":34.65,"d":"R 34.65"}},null,{"$f":"AF31*(0.04+0.15*5)","v":{"v":43.45,"d":"R 43"}},null,{"v":65.02517241379311,"d":"R 65"},null,{"v":79.8667735630705,"d":"R 80"},null,"•","Earthworks (Box Cut)",null,null,{"$f":"AF31","v":{"v":55,"d":"R 55/m³"}},{"$f":"(1*45)*(0.79)","v":{"v":35.550000000000004,"d":"R 35.55"}},null,{"$f":"AS31*(0.04+0.15*5)","v":{"v":43.45,"d":"R 43"}},null,{"v":65.02517241379311,"d":"R 65"},null,{"v":79.8667735630705,"d":"R 80"}]
["•","In-situ compaction",{"$nulls":5},{"$f":"'Code C,E & F stands'!$H$31","v":{"v":10,"d":"R 10"}},null,null,{"v":14.965517241379311,"d":"R 15"},null,{"v":18.38130576825558,"d":"R 18"},null,"•","In-situ compaction",{"$nulls":5},{"$f":"'Code C,E & F stands'!$H$31","v":{"v":10,"d":"R 10"}},null,{"v":14.965517241379311,"d":"R 15"},null,{"v":18.38130576825558,"d":"R 18"},null,"•","In-situ compaction",{"$nulls":5},{"$f":"'Code C,E & F stands'!$H$31","v":{"v":10,"d":"R 10"}},null,{"v":14.965517241379311,"d":"R 15"},null,{"v":18.38130576825558,"d":"R 18"},null,"•","In-situ compaction",{"$nulls":5},{"$f":"'Code C,E & F stands'!$H$31","v":{"v":10,"d":"R 10"}},null,{"v":14.965517241379311,"d":"R 15"},null,{"v":18.38130576825558,"d":"R 18"}]
["•","Sub-soil drainage",{"$nulls":3},{"v":16.733685752598575,"d":"R 16.73"},null,{"$f":"+F33*1.05","v":{"v":17.570370040228504,"d":"R 18"}},null,null,{"v":26.29496757744542,"d":"R 26"},null,{"v":32.29663441708372,"d":"R 32"},null,"•","Earthworks (Box Cut)",null,null,{"$f":"E34","v":{"v":55,"d":"R 55/m³"}},{"$f":"(1*45)*(0.675)","v":{"v":30.375000000000004,"d":"R 30.38"}},null,{"$f":"S33*(0.04+0.06+0.125+3*0.15+0.2)","v":{"v":48.125,"d":"R 48"}},null,{"v":72.02155172413794,"d":"R 72"},null,{"v":88.46003400972998,"d":"R 88"},null,"•","Clearing & grubbing",{"$nulls":3},{"$f":"11544.79/10000","v":{"v":1.154479,"d":"R 1.15"}},null,{"$f":"+AG33*1.1","v":{"v":1.2699269000000002,"d":"R 1"}},null,{"v":1.9005112917241385,"d":"R 2"},null,{"v":2.334291465223293,"d":"R 2"},null,"•","Clearing & grubbing",{"$nulls":3},{"$f":"11544.79/10000","v":{"v":1.154479,"d":"R 1.15"}},null,{"$f":"+AT33*1.1","v":{"v":1.2699269000000002,"d":"R 1"}},null,{"v":1.9005112917241385,"d":"R 2"},null,{"v":2.334291465223293,"d":"R 2"}]
["•","Earthworks (Box Cut)",null,null,{"$f":"'Code C,E & F stands'!E33","v":{"v":55,"d":"R 55/m³"}},{"$f":"(1*45)*(0.65+0.08+0.04)","v":{"v":34.65,"d":"R 34.65"}},null,{"$f":"E34*(0.04+0.09+0.125+5*0.15)","v":{"v":55.27499999999999,"d":"R 55"}},null,null,{"v":82.72189655172413,"d":"R 83"},null,{"v":101.60266763403268,"d":"R 102"},null,"•","Clearing & grubbing",{"$nulls":3},{"$f":"11544.79/10000","v":{"v":1.154479,"d":"R 1.15"}},null,{"$f":"+T34*1.1","v":{"v":1.2699269000000002,"d":"R 1"}},null,{"v":1.9005112917241385,"d":"R 2"},null,{"v":2.334291465223293,"d":"R 2"},null,null,"Sub-Total : Civils & Surfacing",{"$nulls":3},{"$f":"SUM(AG31:AG31)","v":{"v":34.65,"d":"R 34.65"}},"/m2",{"$f":"SUM(AI23:AI33)","v":{"v":393.48992689999994,"d":"R 393"}},"/m²",{"$f":"SUM(AK23:AK33)","v":{"v":588.8780285331035,"d":"R 589"}},"/m²",{"$f":"SUM(AM23:AM33)","v":{"v":723.2858663077437,"d":"R 723"}},"/m²",null,"Sub-Total : Civils & Surfacing",{"$nulls":3},{"$f":"SUM(AT31:AT31)","v":{"v":35.550000000000004,"d":"R 35.55"}},"/m2",{"$f":"SUM(AV23:AV33)","v":{"v":388.8462602333333,"d":"R 389"}},"/m²",{"$f":"SUM(AX23:AX33)","v":{"v":581.9285411767817,"d":"R 582"}},"/m²",{"$f":"SUM(AZ23:AZ33)","v":{"v":714.7502006191581,"d":"R 715"}},"/m²"]
["•","Clearing & grubbing",{"$nulls":3},{"$f":"11544.79/10000","v":{"v":1.154479,"d":"R 1.15"}},null,{"$f":"+F35*1.1","v":{"v":1.2699269000000002,"d":"R 1"}},null,null,{"v":1.9005112917241385,"d":"R 2"},null,{"v":2.334291465223293,"d":"R 2"}]
[null,"Sub-Total : Civils & Surfacing",{"$nulls":3},{"$f":"SUM(F34:F34)","v":{"v":34.65,"d":"R 34.65"}},"/m2",{"$f":"SUM(H23:H35)","v":{"v":664.0827969402284,"d":"R 664"}},"/m²",{"$f":"+(H36-F36)/F36","v":{"v":18.165448685143676,"d":"1816.54%"}},{"$f":"SUM(K23:K35)","v":{"v":993.8342547312386,"d":"R 994"}},"/m²",{"$f":"SUM(M23:M35)","v":{"v":1220.670894599672,"d":"R 1,221"}},"/m²",null,"Sub-Total : Civils & Surfacing",{"$nulls":3},{"$f":"SUM(T33:T33)","v":{"v":30.375000000000004,"d":"R 30.38"}},"/m2",{"$f":"SUM(V23:V34)","v":{"v":574.052393283581,"d":"R 574"}},"/m²",{"$f":"SUM(X23:X35)","v":{"v":859.0990989140487,"d":"R 859"}},"/m²",{"$f":"SUM(Z23:Z35)","v":{"v":1055.183256794441,"d":"R 1,055"}},"/m²"]
[]
[{"$nulls":27},"Stormwater",{"$nulls":4},{"$f":"+AF41/10","v":{"v":253.86666666666665,"d":"R 253.87"}},null,{"$f":"AF41/AF19","v":{"v":253.86666666666665,"d":"R 254"}},null,{"$f":"(AI38*(217/145-1))+AI38","v":{"v":379.9245977011494,"d":"R 380"}},null,{"$f":"(AK38*($D$14/$D$13-1))+AK38","v":{"v":466.6400824367816,"d":"R 467"}},null,"Stormwater",{"$nulls":4},{"$f":"+AS41/15","v":{"v":338.4888888888889,"d":"R 338.49"}},null,{"$f":"AS41/AS19","v":{"v":338.4888888888889,"d":"R 338"}},null,{"$f":"(AV38*(217/145-1))+AV38","v":{"v":506.56613026819923,"d":"R 507"}},null,{"$f":"(AX38*($D$14/$D$13-1))+AX38","v":{"v":622.1867765823755,"d":"R 622"}}]
[{"$nulls":27},"•","Concrete pipework with inlets",1,{"$f":"2000*1.12","v":{"v":2240,"d":"2,240"}},{"$f":"+AE39*AD39","v":{"v":2240,"d":"R 2,240"}},{"$nulls":8},"•","Concrete pipework with inlets",2,{"$f":"2000*1.12","v":{"v":2240,"d":"2,240"}},{"$f":"+AR39*AQ39","v":{"v":4480,"d":"R 4,480"}}]
[{"$nulls":27},"•","Catchpits/manholes",{"$f":"1/30","v":{"v":0.03333333333333333,"d":"0.033"}},{"$f":"8000*1.12","v":{"v":8960,"d":"8,960"}},{"$f":"+AE40*AD40","v":{"v":298.6666666666667,"d":"299"}},{"$nulls":8},"•","Catchpits/manholes",{"$f":"2/30","v":{"v":0.06666666666666667,"d":"0.067"}},{"$f":"8000*1.12","v":{"v":8960,"d":"8,960"}},{"$f":"+AR40*AQ40","v":{"v":597.3333333333334,"d":"597"}}]
[{"$nulls":31},{"$f":"SUM(AF39:AF40)","v":{"v":2538.6666666666665,"d":"R 2,539"}},{"$nulls":12},{"$f":"SUM(AS39:AS40)","v":{"v":5077.333333333333,"d":"R 5,077"}}]
[{"$nulls":27},"Sleeves",{"$nulls":4},{"$f":"+AF46/10","v":{"v":52.26666666666667,"d":"R 52.27"}},null,{"$f":"AF46/AF19","v":{"v":52.26666666666667,"d":"R 52"}},null,{"$f":"(AI42*(217/145-1))+AI42","v":{"v":78.21977011494255,"d":"R 78"}},null,{"$f":"(AK42*($D$14/$D$13-1))+AK42","v":{"v":96.07295814874918,"d":"R 96"}},null,"Sleeves",{"$nulls":4},{"$f":"+AS46/15","v":{"v":34.84444444444445,"d":"R 34.84"}},null,{"$f":"AS46/AS19","v":{"v":34.84444444444445,"d":"R 35"}},null,{"$f":"(AV42*(217/145-1))+AV42","v":{"v":52.1465134099617,"d":"R 52"}},null,{"$f":"(AX42*($D$14/$D$13-1))+AX42","v":{"v":64.04863876583278,"d":"R 64"}}]
[{"$nulls":27},"•","1/110 Electrical sleeves",1,{"$f":"(100+100)*1.12","v":{"v":224.00000000000003,"d":"224"}},{"$f":"+AE43*AD43","v":{"v":224.00000000000003,"d":"R 224"}},{"$nulls":8},"•","1/110 Electrical sleeves",1,{"$f":"(100+100)*1.12","v":{"v":224.00000000000003,"d":"224"}},{"$f":"+AR43*AQ43","v":{"v":224.00000000000003,"d":"R 224"}}]
[{"$nulls":27},"•","Additional sleeves req?",null,null,"note",{"$nulls":8},"•","Additional sleeves req?",null,null,"note"]
[{"$nulls":27},"•","Manholes",{"$f":"1/30","v":{"v":0.03333333333333333,"d":"0.033"}},{"$f":"8000*1.12","v":{"v":8960,"d":"8,960"}},{"$f":"+AE45*AD45","v":{"v":298.6666666666667,"d":"299"}},{"$nulls":8},"•","Manholes",{"$f":"1/30","v":{"v":0.03333333333333333,"d":"0.033"}},{"$f":"8000*1.12","v":{"v":8960,"d":"8,960"}},{"$f":"+AR45*AQ45","v":{"v":298.6666666666667,"d":"299"}}]
[{"$nulls":31},{"$f":"SUM(AF43:AF45)","v":{"v":522.6666666666667,"d":"R 523"}},{"$nulls":12},{"$f":"SUM(AS43:AS45)","v":{"v":522.6666666666667,"d":"R 523"}}]
[]
[]
[]
[]
[null,"Total",{"$nulls":3},{"$f":"SUM(F37:F50)","v":{"v":0,"d":"R 0.00"}},"/m2",{"$f":"ROUND(SUM(H36:H49),-1)","v":{"v":660,"d":"R 660"}},"/m²",null,{"$f":"ROUND(SUM(K36:K49),-1)","v":{"v":990,"d":"R 990"}},"/m²",{"$f":"ROUND(SUM(M36:M49),-1)","v":{"v":1220,"d":"R 1,220"}},"/m²",null,"Total",{"$nulls":3},{"$f":"SUM(T36:T50)","v":{"v":30.375000000000004,"d":"R 30.38"}},"/m2",{"$f":"ROUND(SUM(V36:V49),-1)","v":{"v":570,"d":"R 570"}},"/m²",{"$f":"ROUND(SUM(X36:X49),-1)","v":{"v":860,"d":"R 860"}},"/m²",{"$f":"ROUND(SUM(Z36:Z49),-1)","v":{"v":1060,"d":"R 1,060"}},"/m²",null,"Total",{"$nulls":3},{"$f":"SUM(AG34:AG50)","v":{"v":340.7833333333333,"d":"R 340.78"}},"/m2",{"$f":"ROUND(SUM(AI34:AI49),-1)","v":{"v":700,"d":"R 700"}},"/m²",{"$f":"ROUND(SUM(AK34:AK49),-1)","v":{"v":1050,"d":"R 1,050"}},"/m²",{"$f":"ROUND(SUM(AM34:AM49),-1)","v":{"v":1290,"d":"R 1,290"}},"/m²",null,"Total",{"$nulls":3},{"$f":"SUM(AT34:AT50)","v":{"v":408.8833333333333,"d":"R 408.88"}},"/m2",{"$f":"ROUND(SUM(AV34:AV49),-1)","v":{"v":760,"d":"R 760"}},"/m²",{"$f":"ROUND(SUM(AX34:AX49),-1)","v":{"v":1140,"d":"R 1,140"}},"/m²",{"$f":"ROUND(SUM(AZ34:AZ49),-1)","v":{"v":1400,"d":"R 1,400"}},"/m²"]
[]
[]
[]
[]
["Optional Lighting",{"$nulls":13},"Optional Lighting",{"$nulls":12},"Optional Lighting",{"$nulls":4},{"$f":"+AF57/10","v":{"$error":"#VALUE!"}},{"$nulls":7},"Optional Lighting",{"$nulls":4},{"$f":"+AS57/10","v":{"$error":"#VALUE!"}}]
["•","Centre lighting",null,{"$f":"(4200000/1100)*1.12","v":{"v":4276.363636363637,"d":"R 4,276"}},"/m",{"$f":"+D57/(25.25+50.5)","v":{"v":56.45364536453646,"d":"R 56.45"}},{"$nulls":4},{"$f":"D57*1.12","v":{"v":4789.527272727274,"d":"R 4,790"}},"/m",{"$f":"(K57*($D$14/$D$13-1))+K57","v":{"v":5882.707818609627,"d":"R 5,883"}},"/m","•","Centre lighting",null,{"$f":"(4200000/1100)*1.12","v":{"v":4276.363636363637,"d":"R 4,276"}},"/m",{"$f":"+R57/(25.25+50.5)","v":{"v":56.45364536453646,"d":"R 56.45"}},{"$nulls":3},{"$f":"R57*1.12","v":{"v":4789.527272727274,"d":"R 4,790"}},"/m",{"$f":"(X57*($D$14/$D$13-1))+X57","v":{"v":5882.707818609627,"d":"R 5,883"}},"/m","•","Light poles & reticulation",1,{"v":493,"d":"R 493"},"/m",{"$nulls":4},{"$f":"AE57*1.12","v":{"v":552.1600000000001,"d":"R 552"}},"/m",{"$f":"(AK57*($D$14/$D$13-1))+AK57","v":{"v":678.1871705000001,"d":"R 678"}},"/m","•","Light poles & reticulation",1,{"v":493,"d":"R 493"},"/m",{"$nulls":4},{"$f":"AR57*1.12","v":{"v":552.1600000000001,"d":"R 552"}},"/m",{"$f":"(AX57*($D$14/$D$13-1))+AX57","v":{"v":678.1871705000001,"d":"R 678"}},"/m"]
["•","Optional extra for edge lighting (both sides)",null,{"$f":"D57*2","v":{"v":8552.727272727274,"d":"R 8,553"}},"/m",null,{"$f":"+D58/(25.25+50.5)","v":{"v":112.90729072907293,"d":"R 113"}},{"$nulls":3},{"$f":"D58*1.12","v":{"v":9579.054545454548,"d":"R 9,579"}},"/m",{"v":11765.415637219254,"d":"R 11,765"},"/m","•","Optional extra for edge lighting (both sides)",null,{"$f":"R57*2","v":{"v":8552.727272727274,"d":"R 8,553"}},"/m",null,{"$f":"+R58/(25.25+50.5)","v":{"v":112.90729072907293,"d":"R 113"}},null,null,{"$f":"R58*1.12","v":{"v":9579.054545454548,"d":"R 9,579"}},"/m",{"v":11765.415637219254,"d":"R 11,765"},"/m"]
[]
[]
[{"$nulls":52},"Page 20"]
[{"$nulls":51},"Back to Contents"]
[]
[]
[{"$nulls":9},{"$f":"+(H51-F51)/F51","v":{"$error":"#DIV/0!"}}]

{"sheet":"Sample Estimate","index":32,"n_rows":65,"n_cols":17,"rows_kept":65,"merged":[[2,0,2,11],[4,0,4,11],[6,0,6,11],[10,0,10,11],[14,0,14,5],[14,7,14,10],[15,0,15,5],[17,0,17,5]]}
[]
[]
[{"$f":"[5]Cover!$A$5","v":"AIRPORT DEVELOPMENT COST"}]
[]
[{"$f":"'Master Apron stands'!$A$5","v":"2.  STANDS, TAXILANES AND SERVICE ROADS"}]
[]
[{"$f":"'Master Apron stands'!A7","v":"2017-11-01"}]
[]
[]
[]
["2.4  SAMPLE ESTIMATE FOR STANDS, TAXILANES & SERVICE ROADS"]
[]
[]
[]
["7No x Code C ",{"$nulls":6},"Order-of-Magnitude Assessment",{"$nulls":6},"w","l","No"]
["remote stands",{"$nulls":12},"Code c",{"$f":"'Master Apron stands'!Q31","v":40},{"$f":"'Master Apron stands'!R31","v":56},7]
["adjacent to existing Taxiway - allow 47m wide apron behind aircraft",{"$nulls":12},"Wingtip clearance",{"$f":"'Master Apron stands'!S38","v":7.5},null,7]
["(Golf Apron - Alpha Taxiway)",{"$nulls":12},"Overall length",{"$f":"O16*Q16+O17*Q17","v":332.5}]
[{"$nulls":5},{"$f":"O18*O22","v":{"v":37240,"d":"37,240m²"}}]
[{"$nulls":13},"Service road front",10]
[{"v":1,"d":"1.)"},"Area adjacent to service road",null,"n/a",{"v":5,"d":"5m"},null,null,{"$f":"'Master Apron stands'!X14","v":{"v":1150,"d":"R 1,150/m²"}},null,{"$f":"F21*H21","v":0},{"$nulls":3},"Apron back",46]
[{"$nulls":13},"Overall width",{"$f":"P16+O20+O21","v":112}]
[{"$f":"A21+1","v":{"v":2,"d":"2.)"}},"Service Roads"]
[null,"• Front & Side service road",null,{"$f":"O18+P16*2","v":{"v":444.5,"d":"445m"}},{"v":10,"d":"10m"},{"$f":"D24*E24","v":{"v":4445,"d":"4,445m²"}},null,{"$f":"'Master Apron stands'!X41","v":{"v":1220,"d":"R 1,220/m²"}},null,{"$f":"F24*H24","v":{"v":5422900,"d":"5,422,900"}}]
[null,"• Tail service road",null,"use apron",{"v":10,"d":"10m"},null,null,{"$f":"'Master Apron stands'!X41","v":{"v":1220,"d":"R 1,220/m²"}},null,{"$f":"F25*H25","v":0}]
[]
[{"$f":"A23+1","v":{"v":3,"d":"3.)"}},"Stands "]
[null,"• 7No Code C Stand",{"v":7,"d":"7No"},{"$f":"O16","v":{"v":40,"d":"40m"}},{"$f":"P16","v":{"v":56,"d":"56m"}},{"$f":"D28*E28*C28","v":{"v":15680,"d":"15,680m²"}},null,{"$f":"'Master Apron stands'!X31","v":{"v":3750,"d":"R 3,750/m²"}},null,{"$f":"F28*H28","v":{"v":58800000,"d":"58,800,000"}}]
[]
[]
[{"$f":"A27+1","v":{"v":4,"d":"4.)"}},"Areas between to stand boxes"]
[null,"• Total Code C",{"v":7,"d":"7No"},{"$f":"O16+O17","v":{"v":47.5,"d":"48m"}},{"$f":"E28","v":{"v":56,"d":"56m"}},{"$f":"D32*E32*C32","v":{"v":18620,"d":"18,620m²"}}]
[null,"• Deduct stand boxes",{"$nulls":3},{"$f":"-SUM(F28:F28)","v":{"v":-15680,"d":"-15,680m²"}}]
[{"$nulls":5},{"$f":"SUM(F32:F33)","v":{"v":2940,"d":"2,940m²"}},null,{"$f":"H28","v":{"v":3750,"d":"R 3,750/m²"}},null,{"$f":"F34*H34","v":{"v":11025000,"d":"11,025,000"}}]
[]
[{"$f":"A31+1","v":{"v":5,"d":"5.)"}},"Taxi Lane (behind aircraft - concrete)",null,{"$f":"O18","v":{"v":332.5,"d":"333m"}},{"$f":"O21","v":{"v":46,"d":"46m"}},{"$f":"D36*E36","v":{"v":15295,"d":"15,295m²"}},null,{"$f":"'Master Apron stands'!X49","v":{"v":1060,"d":"R 1,060/m²"}},null,{"$f":"F36*H36","v":{"v":16212700,"d":"16,212,700"}}]
[]
[{"$f":"A36+1","v":{"v":6,"d":"6.)"}},"CCTV & Wifi for BRS",{"$f":"SUM(C28:C28)","v":{"v":7,"d":"7No"}},{"$nulls":4},{"$f":"50000*1.1","v":{"v":55000.00000000001,"d":"R 55,000/No"}},null,{"$f":"C38*H38","v":{"v":385000.00000000006,"d":"385,000"}}]
[]
[{"$f":"A38+1","v":{"v":7,"d":"7.)"}},"Fencing"]
[null,"• Concrete panels incl. PIDS & Lighting",null,"n/a",{"$nulls":3},{"$f":"'New Bldg Rates'!H54","v":{"v":5973.705311866126,"d":"R 5,974/m"}}]
[]
[{"$nulls":7},{"$f":"J43/$F$19","v":{"v":2466.315789473684,"d":"R 2,466/m²"}},null,{"$f":"SUM(J21:J41)","v":{"v":91845600,"d":"R 91,845,600"}}]
[null,"Add:"]
[null,"• Preliminaries (P&G)",{"$nulls":5},{"$f":"'New Bldg Rates'!L16","v":{"v":0.15,"d":"15.0%"}},null,{"$f":"J43*H45","v":{"v":13776840,"d":"13,776,840"}}]
[]
[]
[{"$nulls":4},"Sub-Total",null,null,{"$f":"J48/$F$19","v":{"v":2836.2631578947367,"d":"R 2,836/m²"}},null,{"$f":"SUM(J43:J47)","v":{"v":105622440,"d":"R 105,622,440"}}]
[]
[null,"• Insurances, security, etc",{"$nulls":5},{"$f":"'New Bldg Rates'!M16","v":{"v":0.02,"d":"2.0%"}},null,{"$f":"(J48)*H50","v":{"v":2112448.8,"d":"2,112,449"}}]
[]
[null,"• Contingencies",{"$nulls":5},{"$f":"'New Bldg Rates'!N16","v":{"v":0.1,"d":"10.0%"}},null,{"$f":"SUM(J48:J51)*H52","v":{"v":10773488.88,"d":"10,773,489"}}]
[]
[null,"Add:"]
[null,"• Escalation"]
[null,"Base date",{"$f":"'Master Apron stands'!A7","v":"2017-11-01"}]
[null,"Commencement date","2019-03-01",{"$f":"(C57-C56)/(365/12)","v":{"v":15.945205479452055,"d":"16mths"}},{"v":0.07,"d":"7%"},"p.a.",{"$nulls":3},{"$f":"J48*(E57/12)*D57","v":{"v":9824333.802739726,"d":"9,824,334"}}]
[null,"Completion date","2019-08-01",{"$f":"(C58-C57)/(365/12)","v":{"v":5.03013698630137,"d":"5mths"}},{"v":0.07,"d":"7%"},"p.a., cashflow",null,0.6,null,{"$f":"(J57+J48)*(E58/12*D58)*H58","v":{"v":2032495.8039901522,"d":"2,032,496"}}]
[]
[]
[null,"• Professional Fees",{"$nulls":5},{"$f":"'New Bldg Rates'!O16","v":{"v":0.18,"d":"18.0%"}},null,{"$f":"SUM(J47:J59)*H61","v":{"v":23465737.311611377,"d":"23,465,737"}}]
[]
[]
[]
[null,"Total",{"$nulls":4},"overall",{"$f":"J65/F19","v":{"v":4130.798727130538,"d":"R 4,131/m²"}},null,{"$f":"SUM(J47:J63)","v":{"v":153830944.59834126,"d":"R 153,830,945"}}]

{"sheet":"ICAO Tables (Taxiw)","index":33,"n_rows":63,"n_cols":40,"rows_kept":63,"merged":[[2,0,2,42],[4,0,4,42],[6,0,6,42],[9,0,9,42],[11,15,11,28],[13,3,13,9],[13,17,13,32],[13,33,13,35],[13,36,13,38],[13,39,13,41],[14,3,14,4],[14,5,15,9],[14,15,14,16],[14,17,14,24],[14,25,14,32],[14,33,14,35],[14,36,14,38],[14,39,14,41],[15,3,15,4],[15,15,15,16],[15,17,15,18],[15,19,15,20],[15,21,15,22],[15,23,15,24],[15,25,15,26],[15,27,15,28],[15,29,15,30],[15,31,15,32],[15,33,15,35],[15,36,15,38],[15,39,15,41],[16,3,17,4],[16,5,17,9],[16,15,17,16],[16,17,17,18],[16,19,17,20],[16,21,17,22],[16,23,17,24],[16,25,17,26],[16,27,17,28],[16,29,17,30],[16,31,17,32],[16,33,17,35],[16,36,17,38],[16,39,17,41],[18,3,19,4],[18,5,19,9],[18,15,19,16],[18,17,19,18],[18,19,19,20],[18,21,19,22],[18,23,19,24],[18,25,19,26],[18,27,19,28],[18,29,19,30],[18,31,19,32],[18,33,19,35],[18,36,19,38],[18,39,19,41],[20,3,21,4],[20,5,21,9],[20,15,21,16],[20,17,21,18],[20,19,21,20],[20,21,21,22],[20,23,21,24],[20,25,21,26],[20,27,21,28],[20,29,21,30],[20,31,21,32],[20,33,21,35],[20,36,21,38],[20,39,21,41],[22,3,23,4],[22,5,23,9],[22,15,23,16],[22,17,23,18],[22,19,23,20],[22,21,23,22],[22,23,23,24],[22,25,23,26],[22,27,23,28],[22,29,23,30],[22,31,23,32],[22,33,23,35],[22,36,23,38],[22,39,23,41],[24,15,25,16],[24,17,25,18],[24,19,25,20],[24,21,25,22],[24,23,25,24],[24,25,25,26],[24,27,25,28],[24,29,25,30],[24,31,25,32],[24,33,25,35],[24,36,25,38],[24,39,25,41],[25,1,27,12],[26,15,27,16],[26,17,27,18],[26,19,27,20],[26,21,27,22],[26,23,27,24],[26,25,27,26],[26,27,27,28],[26,29,27,30],[26,31,27,32],[26,33,27,35],[26,36,27,38],[26,39,27,41],[29,1,29,12],[31,1,31,12],[32,1,32,2],[32,3,33,7],[32,8,33,12],[32,15,32,29],[33,1,33,2],[34,1,35,2],[34,3,35,7],[34,8,35,12],[34,15,35,29],[36,1,37,2],[36,3,37,7],[36,8,37,12],[38,1,39,2],[38,3,39,7],[38,8,39,12],[38,31,39,39],[40,1,41,2],[40,3,41,7],[40,8,41,12],[42,1,43,2],[42,3,43,7],[42,8,43,12],[44,1,45,2],[44,3,45,7],[44,8,45,12],[48,1,48,14],[50,1,50,2],[50,3,51,14],[51,1,51,2],[52,1,53,2],[52,3,53,14],[54,1,55,2],[54,3,55,14],[56,1,57,2],[56,3,57,14],[58,1,59,2],[58,3,59,14],[60,1,61,2],[60,3,61,14],[62,1,63,2],[62,3,63,14]]}
[]
[]
[{"$f":"[5]Cover!$A$5","v":"AIRPORT DEVELOPMENT COST"}]
[]
["3.  TAXIWAYS"]
[]
[]
[]
[]
["3.1 TABLES EXTRACTED FROM ICAO ANNEX 14 VOLUME 1 - TAXIWAYS (FOR INFORMATION ONLY)"]
[]
[null,null,"page 1-8 Table 1-1 Aerodrome Reference Code",{"$nulls":12},"page 3-13 Table 3-1 Taxiway minimum separation distances"]
[]
[{"$nulls":3},"CODE ELEMENT 1",{"$nulls":13},"DISTANCE BETWEEN TWY CENTRE LINE AND RWY centreline (meters)",{"$nulls":15},"TWY centreline",null,null,"TWY centreline",null,null,"Taxilane centre"]
[{"$nulls":3},"Code",null,"Aerodrome reference field length *",{"$nulls":9},"Code",null,"Instrument Runways Code number",{"$nulls":7},"Non-Instrument Runways Code number",{"$nulls":7},"to TWY centreline",null,null,"to object",null,null,"line to object"]
[{"$nulls":3},"number",{"$nulls":11},"letter",null,1,null,{"$f":"R16+1","v":2},null,{"$f":"T16+1","v":3},null,{"$f":"V16+1","v":4},null,1,null,{"$f":"Z16+1","v":2},null,{"$f":"AB16+1","v":3},null,{"$f":"AD16+1","v":4},null,"(meters)",null,null,"(meters) *",null,null,"(meters)"]
[{"$nulls":3},1,null,"Less than 800m",{"$nulls":9},"A",null,82.5,null,82.5,null,0,null,0,null,37.5,null,47.5,null,0,null,0,null,23.75,null,null,16.25,null,null,12]
[]
[{"$nulls":3},{"$f":"D17+1","v":2},null,"800m up to but not including 1 200m",{"$nulls":9},"B",null,87,null,87,null,0,null,0,null,42,null,52,null,0,null,0,null,33.5,null,null,21.5,null,null,16.5]
[]
[{"$nulls":3},{"$f":"D19+1","v":3},null,"1 200m up to but not including 1 800m",{"$nulls":9},"C",null,0,null,0,null,168,null,0,null,0,null,0,null,93,null,0,null,44,null,null,26,null,null,24.5]
[]
[{"$nulls":3},{"$f":"D21+1","v":4},null,"1 800m and over",{"$nulls":9},"D",null,0,null,0,null,176,null,176,null,0,null,0,null,101,null,101,null,66.5,null,null,40.5,null,null,36]
[]
[{"$nulls":15},"E",null,0,null,0,null,0,null,182.5,null,0,null,0,null,0,null,107.5,null,80,null,null,47.5,null,null,42.5]
[null,"* Aeroplane reference field length is the minimum length required for the take-off at maximum certificated take-off mass at sea level, standard atmospheric conditions, still air and zero runway slope"]
[{"$nulls":15},"F",null,0,null,0,null,0,null,190,null,0,null,0,null,0,null,115,null,97.5,null,null,57.5,null,null,50.5]
[]
[]
[null,"page 1-8 Table 1-1 Aerodrome Reference Code",{"$nulls":13},"* Other than aircraft stand taxilane, distance can be used for taxiway strip as well (incl. taxiway width)"]
[]
[null,"CODE ELEMENT 2"]
[null,"Code",null,"Wing span",{"$nulls":4},"Outer main gear wheel span (extreme distance)",{"$nulls":6},"page 3-15 3.10.1 Recommended width of Taxiway Shoulders",{"$nulls":15},"page 3-15 - 3-16 Taxiway strip recommendations"]
[null,"letter"]
[null,"A",null,"Up to but not including 15m",{"$nulls":4},"Up to but not including 4.5m",{"$nulls":6},"Taxiway shoulders should extend symmetrically on each side of the taxiway so that overall width of the taxiway and its shoulders is not less than:-",{"$nulls":15},"Width of taxiway strips"]
[{"$nulls":31},"As per * in table 3-1 above"]
[null,"B",null,"15m up to but not including 24m",{"$nulls":4},"4.5m up to but not including 6m",{"$nulls":6},"• 60m where the code letter is F"]
[{"$nulls":15},"• 44m where the code letter is E",{"$nulls":15},"Grading of taxiway strips"]
[null,"C",null,"24m up to but not including 36m",{"$nulls":4},"6m up to but not including 9m",{"$nulls":6},"• 38m where the code letter is D",{"$nulls":15},"Each side from centreline of taxiway the portion of the strip to be graded:-"]
[{"$nulls":15},"• 25m where the code letter is C"]
[null,"D",null,"36m up to but not including 52m",{"$nulls":4},"9m up to but not including 14m",{"$nulls":22},"• 11m for code A"]
[{"$nulls":15},"• where turbo-prop aeroplanes are used preparation against erosion is recommended",{"$nulls":15},"• 12.5m for code B & C"]
[null,"E",null,"52m up to but not including 65m",{"$nulls":4},"9m up to but not including 14m",{"$nulls":6},"• drains should be appropriately placed to prevent damage to run-off aeroplanes",{"$nulls":15},"• 19m for code D"]
[{"$nulls":31},"• 22m for code E"]
[null,"F",null,"65m up to but not including 80m",{"$nulls":4},"14m up to but not including 16m",{"$nulls":22},"• 30m for code F"]
[]
[]
[]
[null,"page 3-11 Table 3.9.5 Width of Taxiways"]
[]
[null,"Code",null,"Taxiway Width"]
[null,"letter"]
[null,"A",null,"7.5m"]
[]
[null,"B",null,"10.5m"]
[]
[null,"C",null,"15m for aeroplanes with wheel base < 18m,                                            18m for aeroplanes with wheel base = or > 18m"]
[]
[null,"D",null,"18m for aeroplanes with outer main gear wheel span <9m,                   23m for aeroplanes with outer main gear wheel span = or > 9m"]
[]
[null,"E",null,"23m"]
[]
[null,"F",null,"25m"]

{"sheet":"Sketches (Taxiw)","index":34,"n_rows":10,"n_cols":1,"rows_kept":10,"merged":[[2,0,2,42],[4,0,4,42],[6,0,6,42],[9,0,9,42],[38,1,38,7],[38,8,38,13],[38,14,38,16],[39,1,39,7]]}
[]
[]
[{"$f":"[5]Cover!$A$5","v":"AIRPORT DEVELOPMENT COST"}]
[]
[{"$f":"'ICAO Tables (Taxiw)'!A5:AQ5","v":"3.  TAXIWAYS"}]
[]
[]
[]
[]
["3.2 DIAGRAMS - TAXIWAYS (CODE F)"]

{"sheet":"Master Taxiways","index":35,"n_rows":59,"n_cols":24,"rows_kept":59,"merged":[[2,0,2,23],[4,0,4,23],[6,0,6,23],[10,0,10,23],[11,20,11,23]]}
[]
[]
[{"$f":"[5]Cover!$A$5","v":"AIRPORT DEVELOPMENT COST"}]
[]
[{"$f":"'ICAO Tables (Taxiw)'!A5:AQ5","v":"3.  TAXIWAYS"}]
[]
["2009-01-01"]
[]
[]
[]
["3.3 TYPICAL DESIGN CRITERIA & MASTER RATES (Code F)"]
[{"$nulls":18},"Measurement",null,"Rate"]
[{"$nulls":20},2009,null,2020]
[]
[{"$nulls":13},"a.","Distance taxiway c/l to Code 4 runway c/l:",{"$nulls":3},"190m"]
[]
[{"$nulls":13},"b.","Taxiway incl. layerworks & edge lighting",{"$nulls":3},{"$f":"'Code F Taxiway & SH'!C22","v":{"v":25,"d":"25m wide"}},null,{"$f":"ROUND('Code F Taxiway & SH'!H54,-2)","v":{"v":1100,"d":"R 1,100/m²"}},null,{"$f":"ROUND('Code F Taxiway & SH'!M54,-2)","v":{"v":2000,"d":"R 2,000/m²"}},"page 9"]
[]
[{"$nulls":13},"c.","Taxiway shoulders (17.5m both sides)",{"$nulls":3},{"$f":"'Code F Taxiway & SH'!S22*2","v":{"v":35,"d":"35m wide"}},null,{"$f":"'Code F Taxiway & SH'!X39","v":{"v":500,"d":"R 500/m²"}},null,{"$f":"'Code F Taxiway & SH'!AB39","v":{"v":920,"d":"R 920/m²"}},"page 9"]
[]
[{"$nulls":13},"d.","Taxiway strip (27.5m both sides)",{"$nulls":3},{"$f":"'Code F Taxiway & SH'!AH22*2","v":{"v":55,"d":"55m wide"}},null,{"$f":"'Code F Taxiway & SH'!AM31","v":{"v":50,"d":"R 50/m²"}},null,{"$f":"'Code F Taxiway & SH'!AQ31","v":{"v":90,"d":"R 90/m²"}},"page 9"]
[]
[{"$nulls":17},"Total width",{"$f":"SUM(S17:S22)","v":{"v":115,"d":"115m wide"}}]
[]
[{"$nulls":13},"e.","Optional centreline lead-in/lead-off lights, Apron Edge Lights",{"$nulls":5},{"$f":"ROUND('Code F Taxiway & SH'!E57,-2)","v":{"v":3800,"d":"R 3,800/m"}},null,{"$f":"ROUND('Code F Taxiway & SH'!M57,-2)","v":{"v":7000,"d":"R 7,000/m"}},"allowance"]
[]
[{"$nulls":13},"f.","Optional illumininated signs, stop bars",{"$nulls":4},"R7 500 -",{"v":40000,"d":"R 40,000/No"},null,{"$f":"40000*1.15","v":{"v":46000,"d":"R 46,000/No"}},"allowance"]
[]
[]
[]
[{"$nulls":13},"g.","Exclusions:-"]
[{"$nulls":14},"• All Bulk Earthworks, only design layerworks included in above"]
[{"$nulls":14},"• Extraordinary ground conditions are excluded (coastal / RAS)"]
[{"$nulls":14},"• Layerwork rates assumed to be imported from commercial sources (review distance)"]
[{"$nulls":14},"• Bulk services reticulation to stands (Fuel, Stormwater, Water, etc.)"]
[{"$nulls":14},"• Ground power supply & backup generators"]
[{"$nulls":14},"• Stormwater attenuation"]
[{"$nulls":14},"• Relocation of existing services"]
[{"$nulls":14},"• Sustainability considerations according to ACSA policies"]
[{"$nulls":14},"  (e.g. preservation of topsoil, rehabilitation of land damaged, landscaping, minimal off-site carting)"]
[{"$nulls":14},"• Fire fighting considerations e.g. emergency roads and signs"]
[{"$nulls":14},"• Fencing & security"]
[{"$nulls":14},"• Barriers, blast fences, etc."]
[{"$nulls":14},"• P&G, Contingencies, Escalation and Fees"]
[{"$nulls":14},"• Directs not e.g. Enviromental Impact assessment, security, insurance"]
[]
[{"$nulls":14},"NOTE: Due to the scope of runways & taxiways and the level relationship between existing levels,"]
[{"$nulls":14},"required levels, spoil to be removed off-site and replaced before layerworks can be even constructed,"]
[{"$nulls":14},"level relation to neighbouring structures, and other taxiways or runways, it is extremely important"]
[{"$nulls":14},"that the bulk earthworks allowance be adequate to accommodate these requirements"]
[]
[]
[]
[]
[]
[]
[null,"Parallel Taxiways"]
[null,"RET (Rapid Exit Taxiways)"]
[null,"Direct push back from stand into Taxiways to be avoided"]

{"sheet":"Code F Runway & SH (2)","index":36,"n_rows":64,"n_cols":43,"rows_kept":64,"merged":[[2,0,2,34],[4,0,4,34],[6,0,6,34],[9,1,9,3],[10,4,11,17],[13,0,13,38],[16,7,17,12],[16,22,17,27],[16,37,17,42],[17,0,18,4],[17,14,18,19],[17,29,18,34],[18,7,18,8],[18,9,18,10],[18,11,18,12],[18,22,18,23],[18,24,18,25],[18,26,18,27],[18,37,18,38],[18,39,18,40],[18,41,18,42],[19,9,19,10],[19,11,19,12],[19,24,19,25],[19,26,19,27],[19,39,19,40],[19,41,19,42],[34,37,35,42],[35,3,35,4],[35,29,36,34],[36,37,36,38],[36,39,36,40],[36,41,36,42],[37,3,37,4],[39,3,39,4],[41,3,41,4],[43,3,43,4],[45,3,45,4],[47,3,47,4],[49,3,49,4],[50,39,50,40],[50,41,50,42],[51,37,52,42],[52,29,53,34],[53,37,53,38],[53,39,53,40],[53,41,53,42]]}
[]
[]
[{"$f":"[5]Cover!$A$5","v":"AIRPORT DEVELOPMENT COST"}]
[]
[{"$f":"'Master Runways'!A5:W5","v":"4.  RUNWAYS"}]
[]
[{"$f":"'Master Apron stands'!A7","v":"2017-11-01"}]
[]
[]
[null,"BER Index"]
[null,"Base Date","2017-11-01",{"v":217.6,"d":"217.60"},{"$f":"'New Bldg Rates'!M4","v":"Reference 2021 Q4 Table 2 - BER Building Cost Index"}]
[null,"Current Date",{"$f":"'Code C,E & F stands'!C14","v":"2022-03-01"},{"$f":"'New Bldg Rates'!L5","v":{"v":267.26588,"d":"267.27"}}]
[]
["4.4  APPROXIMATE RATE BUILD-UP FOR TAXIWAYS WITH ASSOCIATED SHOULDERS & STRIPS (Code F)"]
[]
[]
[{"$nulls":5},"Base April '08",null,{"$f":"'Code C,E & F stands'!$H$16","v":"Estimated Rates"},{"$nulls":12},"Base April '08",null,{"$f":"'Code C,E & F stands'!$H$16","v":"Estimated Rates"},{"$nulls":12},"Base April '08",null,{"$f":"'Code C,E & F stands'!$H$16","v":"Estimated Rates"}]
["Runway Travel Way - Code F (all aircraft)",{"$nulls":13},"Shoulders",{"$nulls":14},"Runway End Safety Area (RESA)"]
[{"$nulls":7},{"$f":"'Code C,E & F stands'!$H$18","v":"Base Date Jan '09"},null,"Base Date Nov '17",null,{"$f":"'Code F,C Taxilane & Serv Roads'!Z18","v":"2022-03-01"},{"$nulls":10},{"$f":"'Code C,E & F stands'!$H$18","v":"Base Date Jan '09"},null,"Base Date Nov '17",null,{"$f":"L19","v":"2022-03-01"},{"$nulls":10},{"$f":"'Code C,E & F stands'!$H$18","v":"Base Date Jan '09"},null,"Base Date Nov '17",null,{"$f":"L19","v":"2022-03-01"}]
[]
[null,null,60,"m wide",{"$nulls":13},7.5,"m wide each side",{"$nulls":13},240,"m long each end"]
["Civils",{"$nulls":13},"Civils",{"$nulls":17},{"$f":"60*2","v":120},"m wide each side"]
["•","Stone mastic asphalt AE-2 mod binder (80/100) 40mm",{"$nulls":3},{"$f":"104.45+2.92","v":{"v":107.37,"d":"R 107.37"}},null,{"$f":"+F23","v":{"v":107.37,"d":"R 107"}},null,{"$f":"(H23*(217/145-1))+H23","v":{"v":160.68475862068968,"d":"R 161"}},null,{"$f":"(J23*($D$12/$D$11-1))+J23","v":{"v":197.36008003376017,"d":"R 197"}},null,null,"•","50 mm thick, medium grade using 150/200",{"$nulls":13},"Civils"]
["•","Coarse continuously graded hotmix (60/70) 90mm",{"$nulls":3},{"$f":"166.39+6.11+2.92","v":{"v":175.42,"d":"R 175.42"}},null,{"$f":"+F24/80*90","v":{"v":197.34749999999997,"d":"R 197"}},null,{"$f":"(H24*(217/145-1))+H24","v":{"v":295.3407413793103,"d":"R 295"}},null,{"$f":"(J24*($D$12/$D$11-1))+J24","v":{"v":362.7504740100817,"d":"R 363"}},{"$nulls":3}," penetration-grade rubber bitumen",{"$nulls":4},{"v":208.17,"d":"R 208.17"},null,{"$f":"+U24*1.05","v":{"v":218.5785,"d":"R 219"}},null,{"$f":"(W24*(217/145-1))+W24","v":{"v":327.11403103448276,"d":"R 327"}},null,{"$f":"(Y24*($D$12/$D$11-1))+Y24","v":{"v":401.77582428666517,"d":"R 402"}},null,null,"•","Topsoil, grassing & sculpting",{"$nulls":6},{"$f":"'Code F Taxiway & SH'!AM25","v":{"v":35,"d":"R 35"}},null,{"$f":"(AL24*(217/145-1))+AL24","v":{"v":52.37931034482759,"d":"R 52"}},null,{"$f":"(AN24*($D$12/$D$11-1))+AN24","v":{"v":64.33457018889452,"d":"R 64"}}]
["•","G1 crushed stone 125mm",null,null,{"$f":"'Code F,C Taxilane & Serv Roads'!AF26","v":{"v":350,"d":"R 350/m³"}},{"$f":"345.66*0.15","v":{"v":51.849000000000004,"d":"R 51.85"}},null,{"$f":"E25*0.125","v":{"v":43.75,"d":"R 44"}},null,{"$f":"(H25*(217/145-1))+H25","v":{"v":65.47413793103449,"d":"R 65"}},null,{"v":80.41821273611816,"d":"R 80"},null,null,"•","G1 crushed stone 125mm",{"$nulls":3},{"$f":"E25","v":{"v":350,"d":"R 350/m³"}},{"$f":"345.66*0.15","v":{"v":51.849000000000004,"d":"R 51.85"}},null,{"$f":"T25*0.125","v":{"v":43.75,"d":"R 44"}},null,{"$f":"(W25*(217/145-1))+W25","v":{"v":65.47413793103449,"d":"R 65"}},null,{"v":80.41821273611816,"d":"R 80"},null,null,"•","Selected layer G7 150mm",{"$nulls":3},{"$f":"T28","v":{"v":190,"d":"R 190/m³"}},{"$f":"170.66*0.15","v":{"v":25.599,"d":"R 25.60"}},null,{"$f":"AI25*0.15","v":{"v":28.5,"d":"R 29"}},null,{"$f":"(AL25*(217/145-1))+AL25","v":{"v":42.65172413793104,"d":"R 43"}},null,{"v":52.3867214395284,"d":"R 52"}]
["•","Stabilised layer C3 175mm",null,null,{"$f":"'Code C,E & F stands'!E27","v":{"v":375,"d":"R 375/m³"}},{"$f":"146.85*0.15+265.11*0.15","v":{"v":61.794,"d":"R 61.79"}},null,{"$f":"E26*0.175","v":{"v":65.625,"d":"R 66"}},null,{"v":98.21120689655173,"d":"R 98"},null,{"v":120.62731910417723,"d":"R 121"},null,null,"•","Stabilised layer C4 125mm",{"$nulls":3},{"$f":"'Code F Taxiway & SH'!U28","v":{"v":360,"d":"R 360/m³"}},{"$f":"146.85*0.2+265.11*0.2","v":{"v":82.39200000000001,"d":"R 82.39"}},null,{"$f":"T26*0.125","v":{"v":45,"d":"R 45"}},null,{"v":67.3448275862069,"d":"R 67"},null,{"v":82.7158759571501,"d":"R 83"},null,null,"•","Selected layer G7 150mm",{"$nulls":3},{"$f":"T28","v":{"v":190,"d":"R 190/m³"}},{"$f":"170.66*0.15","v":{"v":25.599,"d":"R 25.60"}},null,{"$f":"AI26*0.15","v":{"v":28.5,"d":"R 29"}},null,{"v":42.65172413793104,"d":"R 43"},null,{"v":52.3867214395284,"d":"R 52"}]
["•","Stabilised layer C3 200mm",null,null,{"$f":"E26","v":{"v":375,"d":"R 375/m³"}},{"$f":"146.85*0.15+265.11*0.15","v":{"v":61.794,"d":"R 61.79"}},null,{"$f":"E27*0.2","v":{"v":75,"d":"R 75"}},null,{"v":112.24137931034483,"d":"R 112"},null,{"v":137.85979326191682,"d":"R 138"},null,null,"•","Selected layer G5 150mm",{"$nulls":3},{"v":220,"d":"R 220/m³"},{"$f":"+U29","v":{"v":25.599,"d":"R 25.60"}},null,{"$f":"T27*0.15","v":{"v":33,"d":"R 33"}},null,{"v":49.38620689655173,"d":"R 49"},null,{"v":60.658309035243406,"d":"R 61"},null,null,"•","In-situ compaction",{"$nulls":6},{"$f":"'Code C,E & F stands'!$H$31","v":{"v":10,"d":"R 10"}},null,{"v":14.965517241379311,"d":"R 15"},null,{"v":18.38130576825558,"d":"R 18"}]
["•","G7 Selected layer 150mm",null,null,{"$f":"'Code C,E & F stands'!E29","v":{"v":190,"d":"R 190/m³"}},{"$f":"+F29","v":{"v":27,"d":"R 27.00"}},null,{"$f":"E28*0.15","v":{"v":28.5,"d":"R 29"}},null,{"v":42.65172413793104,"d":"R 43"},null,{"v":52.3867214395284,"d":"R 52"},null,null,"•","Selected layer G7 115mm",{"$nulls":3},{"$f":"E28","v":{"v":190,"d":"R 190/m³"}},{"$f":"170.66*0.15","v":{"v":25.599,"d":"R 25.60"}},null,{"$f":"T28*0.115","v":{"v":21.85,"d":"R 22"}},null,{"v":32.6996551724138,"d":"R 33"},null,{"v":40.16315310363844,"d":"R 40"},null,null,"•","Clearing & grubbing",{"$nulls":4},{"$f":"11544.79/10000","v":{"v":1.154479,"d":"R 1.15"}},null,{"$f":"+AJ28*1.1","v":{"v":1.2699269000000002,"d":"R 1"}},null,{"v":1.9005112917241385,"d":"R 2"},null,{"v":2.334291465223293,"d":"R 2"}]
["•","G7 Selected layer 300mm",null,null,{"$f":"E28","v":{"v":190,"d":"R 190/m³"}},{"$f":"180*0.15","v":{"v":27,"d":"R 27.00"}},null,{"$f":"E29*0.3","v":{"v":57,"d":"R 57"}},null,{"v":85.30344827586208,"d":"R 85"},null,{"v":104.7734428790568,"d":"R 105"},null,null,"•","Selected layer G7 200mm",{"$nulls":3},{"$f":"'Code F Taxiway & SH'!U31","v":{"v":190,"d":"R 190/m³"}},{"$f":"170.66*0.15","v":{"v":25.599,"d":"R 25.60"}},null,{"$f":"T29*0.2","v":{"v":38,"d":"R 38"}},null,{"v":56.868965517241385,"d":"R 57"},null,{"v":69.8489619193712,"d":"R 70"},{"$nulls":5},"Sub-Total : Civils & Surfacing",null,null,{"$f":"SUM(#REF!)","v":{"$error":"#REF!"}},"/m2",{"$f":"SUM(AL22:AL28)","v":{"v":103.2699269,"d":"R 103"}},"/m²",{"$f":"SUM(AN22:AN28)","v":{"v":154.5487871537931,"d":"R 155"}},"/m²",{"$f":"SUM(AP22:AP28)","v":{"v":189.8236103014302,"d":"R 190"}},"/m²"]
["•","In-situ compaction",{"$nulls":5},{"$f":"'Code C,E & F stands'!$H$31","v":{"v":10,"d":"R 10"}},null,{"v":14.965517241379311,"d":"R 15"},null,{"v":18.38130576825558,"d":"R 18"},null,null,"•","G7 Selected layer 300mm",{"$nulls":3},{"$f":"E29","v":{"v":190,"d":"R 190/m³"}},null,{"$f":"T30*0.3","v":{"v":57,"d":"R 57"}},{"$f":"T30*0.3","v":{"v":57,"d":"R 57"}},null,{"v":85.30344827586208,"d":"R 85"},null,{"v":104.7734428790568,"d":"R 105"}]
["•","Sub-soil drainage",{"$nulls":3},{"$f":"2158863/(19774+48298+60941)","v":{"v":16.733685752598575,"d":"R 16.73"}},null,{"$f":"'Code C,E & F stands'!H32","v":{"v":17.570370040228504,"d":"R 18"}},null,{"v":26.29496757744542,"d":"R 26"},null,{"v":32.29663441708372,"d":"R 32"},null,null,"•","Earthworks (Box Cut)",{"$nulls":3},{"$f":"E32","v":{"v":55,"d":"R 55/m³"}},{"$f":"(1*45)*(0.65)","v":{"v":29.25,"d":"R 29.25"}},null,{"$f":"T31*(0.05+0.125+0.15+0.15+0.115)","v":{"v":32.449999999999996,"d":"R 32"}},null,{"v":48.56310344827586,"d":"R 49"},null,{"v":59.647337217989346,"d":"R 60"}]
["•","Earthworks (Box Cut)",null,null,{"$f":"'Code C,E & F stands'!E33","v":{"v":55,"d":"R 55/m³"}},{"$f":"(1*45)*(0.65+0.08+0.04)","v":{"v":34.65,"d":"R 34.65"}},null,{"$f":"(0.04+0.09+0.125+0.175+0.2+0.15+0.3)*E32","v":{"v":59.400000000000006,"d":"R 59"}},null,{"v":88.89517241379312,"d":"R 89"},null,{"v":109.18495626343815,"d":"R 109"},null,null,"•","In-situ compaction",{"$nulls":6},{"$f":"'Code C,E & F stands'!$H$31","v":{"v":10,"d":"R 10"}},null,{"v":14.965517241379311,"d":"R 15"},null,{"v":18.38130576825558,"d":"R 18"},{"$nulls":3},"Total",{"$nulls":4},{"$f":"SUM(AJ29:AJ31)","v":{"$error":"#REF!"}},"/m2",{"$f":"ROUND(SUM(AL29:AL31),-1)","v":{"v":100,"d":"R 100"}},"/m2",{"$f":"ROUND(SUM(AN29:AN31),-1)","v":{"v":150,"d":"R 150"}},"/m2",{"$f":"ROUND(SUM(AP29:AP31),-1)","v":{"v":190,"d":"R 190"}},"/m2"]
["•","Clearing & grubbing",{"$nulls":3},{"$f":"11544.79/10000","v":{"v":1.154479,"d":"R 1.15"}},null,{"$f":"+F33*1.1","v":{"v":1.2699269000000002,"d":"R 1"}},null,{"v":1.9005112917241385,"d":"R 2"},null,{"v":2.334291465223293,"d":"R 2"},null,null,"•","Clearing & grubbing",{"$nulls":4},{"$f":"11544.79/10000","v":{"v":1.154479,"d":"R 1.15"}},null,{"$f":"+U33*1.1","v":{"v":1.2699269000000002,"d":"R 1"}},null,{"v":1.9005112917241385,"d":"R 2"},null,{"v":2.334291465223293,"d":"R 2"}]
[null,"Sub-Total : Civils & Surfacing",{"$nulls":3},{"$f":"SUM(F32:F32)","v":{"v":34.65,"d":"R 34.65"}},"/m2",{"$f":"SUM(H23:H33)","v":{"v":662.8327969402284,"d":"R 663"}},"/m²",{"$f":"SUM(J23:J33)","v":{"v":991.9635650760663,"d":"R 992"}},"/m²",{"$f":"SUM(L23:L33)","v":{"v":1218.37323137864,"d":"R 1,218"}},"/m²",{"$nulls":4},"Sub-Total : Civils & Surfacing",null,null,{"$f":"SUM(U31:U31)","v":{"v":29.25,"d":"R 29.25"}},"/m2",{"$f":"SUM(W22:W33)","v":{"v":500.89842689999995,"d":"R 501"}},"/m²",{"$f":"SUM(Y23:Y33)","v":{"v":749.6204043951724,"d":"R 750"}},"/m²",{"$f":"SUM(AA23:AA33)","v":{"v":920.7167143687116,"d":"R 921"}},"/m²"]
[{"$nulls":35},"Base April '08",null,{"$f":"'Code C,E & F stands'!$H$16","v":"Estimated Rates"}]
["Drainage",null,null,{"$f":"7910203*1.05","v":{"v":8305713.15,"d":"R 8,305,713"}},{"$nulls":3},{"$f":"D36/$E$56","v":{"v":37.616454483695655,"d":"R 38"}},null,{"$f":"(H36*(217/145-1))+H36","v":{"v":56.29496981353074,"d":"R 56"}},null,{"$f":"(J36*($D$12/$D$11-1))+J36","v":{"v":69.14395517824784,"d":"R 69"}},{"$nulls":17},"Graded trip (RSA)"]
[{"$nulls":15},"Total",{"$nulls":4},{"$f":"SUM(U34:U36)","v":{"v":29.25,"d":"R 29.25"}},"/m2",{"$f":"ROUND(SUM(W34:W36),-1)","v":{"v":500,"d":"R 500"}},"/m2",{"$f":"ROUND(SUM(Y34:Y36),-1)","v":{"v":750,"d":"R 750"}},"/m2",{"$f":"ROUND(SUM(AA34:AA36),-1)","v":{"v":920,"d":"R 920"}},"/m2",{"$nulls":9},{"$f":"'Code C,E & F stands'!$H$18","v":"Base Date Jan '09"},null,"Base Date Nov '17",null,"Current Date Mar '19"]
["Roadmarking",null,null,{"$f":"(21600+172800+5876+240000+162000+630000+180900+10838+6885+17000+160000)*1.05","v":{"v":1688293.9500000002,"d":"R 1,688,294"}},null,{"$f":"+#REF!/25","v":{"$error":"#REF!"}},null,{"$f":"D38/$E$56","v":{"v":7.64625883152174,"d":"R 8"}},null,{"$f":"(H38*(217/145-1))+H38","v":{"v":11.443021837518742,"d":"R 11"}},null,{"$f":"(J38*($D$12/$D$11-1))+J38","v":{"v":14.05482215654257,"d":"R 14"}}]
[{"$nulls":32},37.5,"m wide each side"]
["Ducts & Sleeves",null,null,{"$f":"1283646*1.05","v":{"v":1347828.3,"d":"R 1,347,828"}},null,{"$f":"+#REF!/25","v":{"$error":"#REF!"}},null,{"$f":"D40/$E$56","v":{"v":6.104294836956522,"d":"R 6"}},null,{"$f":"(H40*(217/145-1))+H40","v":{"v":9.135392962893555,"d":"R 9"}},null,{"$f":"(J40*($D$12/$D$11-1))+J40","v":{"v":11.220490989768166,"d":"R 11"}},null,null,"NAVAIDS & Visual Aids to consider:-",{"$nulls":14},"Civils"]
[{"$nulls":14},"•","PALS CAT II or III (Precision Approach Light System)",{"$nulls":13},"•","Topsoil, grassing & sculpting",{"$nulls":6},{"$f":"AL24","v":{"v":35,"d":"R 35"}},null,{"$f":"(AL41*(217/145-1))+AL41","v":{"v":52.37931034482759,"d":"R 52"}},null,{"$f":"(AN41*($D$12/$D$11-1))+AN41","v":{"v":64.33457018889452,"d":"R 64"}}]
["Concrete works for bases, foundations, etc.",null,null,{"$f":"2170850*1.05","v":{"v":2279392.5,"d":"R 2,279,393"}},{"$nulls":3},{"$f":"D42/$E$56","v":{"v":10.323335597826087,"d":"R 10"}},null,{"$f":"(H42*(217/145-1))+H42","v":{"v":15.449405687781113,"d":"R 15"}},null,{"$f":"(J42*($D$12/$D$11-1))+J42","v":{"v":18.975638817195883,"d":"R 19"}},null,null,"•","ILS Cat II or III (Instrument Landing System - Visual)",{"$nulls":13},"•","Selected layer G7 105mm",{"$nulls":3},{"$f":"T28","v":{"v":190,"d":"R 190/m³"}},{"$f":"170.66*0.15","v":{"v":25.599,"d":"R 25.60"}},null,{"$f":"AI42*0.11","v":{"v":20.9,"d":"R 21"}},null,{"$f":"(AL42*(217/145-1))+AL42","v":{"v":31.27793103448276,"d":"R 31"}},null,{"v":38.41692905565416,"d":"R 38"}]
[{"$nulls":14},"•","SALS Simple Approach Lighting System)",{"$nulls":13},"•","Selected layer G7 150mm",{"$nulls":3},{"$f":"T29","v":{"v":190,"d":"R 190/m³"}},{"$f":"170.66*0.15","v":{"v":25.599,"d":"R 25.60"}},null,{"$f":"AI43*0.15","v":{"v":28.5,"d":"R 29"}},null,{"v":42.65172413793104,"d":"R 43"},null,{"v":52.3867214395284,"d":"R 52"}]
["Electrical",null,null,{"$f":"(3429692+2169420+1743426+245054+2740017)*1.05","v":{"v":10843989.450000001,"d":"R 10,843,989"}},null,{"$f":"+#REF!/32.5","v":{"$error":"#REF!"}},null,{"$f":"D44/$E$56","v":{"v":49.112271059782614,"d":"R 49"}},null,{"$f":"(H44*(217/145-1))+H44","v":{"v":73.49905393084708,"d":"R 73"}},null,{"$f":"(J44*($D$12/$D$11-1))+J44","v":{"v":90.27476713233136,"d":"R 90"}},null,null,"•","VOR/DME (VHF Omni-directional Radio Range / Distance Measuring Equipment), visual",{"$nulls":13},"•","In-situ compaction",{"$nulls":6},{"$f":"'Code C,E & F stands'!$H$31","v":{"v":10,"d":"R 10"}},null,{"v":14.965517241379311,"d":"R 15"},null,{"v":18.38130576825558,"d":"R 18"}]
[{"$nulls":14},"•","DVOR (Doppler Very High Frequency Omni-Directional Range",{"$nulls":13},"•","Clearing & grubbing",{"$nulls":4},{"$f":"11544.79/10000","v":{"v":1.154479,"d":"R 1.15"}},null,{"$f":"+AJ45*1.1","v":{"v":1.2699269000000002,"d":"R 1"}},null,{"v":1.9005112917241385,"d":"R 2"},null,{"v":2.334291465223293,"d":"R 2"}]
["Fibre Optic cabling",null,null,{"$f":"2258700*1.05","v":{"v":2371635,"d":"R 2,371,635"}},null,{"$f":"+E52/32.5","v":{"v":0,"d":"R 0.00"}},null,{"$f":"D46/$E$56","v":{"v":10.741100543478261,"d":"R 11"}},null,{"$f":"(H46*(217/145-1))+H46","v":{"v":16.07461253748126,"d":"R 16"}},null,{"$f":"(J46*($D$12/$D$11-1))+J46","v":{"v":19.74354533772501,"d":"R 20"}},null,null,"•","PAPI (Precision Approach Path Indicator)",{"$nulls":16},"Sub-Total : Civils & Surfacing",null,null,{"$f":"SUM(#REF!)","v":{"$error":"#REF!"}},"/m2",{"$f":"SUM(AL40:AL45)","v":{"v":95.66992690000001,"d":"R 96"}},"/m²",{"$f":"SUM(AN39:AN45)","v":{"v":143.17499405034485,"d":"R 143"}},"/m²",{"$f":"SUM(AP39:AP45)","v":{"v":175.85381791755594,"d":"R 176"}},"/m²"]
[{"$nulls":14},"•","Pilot Controlled Lighting (controlled from aircraft if authority automates this options)"]
["Airfield Ground Lighting",null,null,{"$f":"'[5]CT Runway'!J28*1.05","v":{"v":111748916.16000001,"d":"R 111,748,916"}},null,{"$f":"+E54/32.5","v":{"v":0,"d":"R 0.00"}},null,{"$f":"D48/$E$56","v":{"v":506.1092217391305,"d":"R 506"}},null,{"$f":"(H48*(217/145-1))+H48","v":{"v":757.4186283958022,"d":"R 757"}},null,{"$f":"(J48*($D$12/$D$11-1))+J48","v":{"v":930.2948356920821,"d":"R 930"}}]
[{"$nulls":14},"Lights to consider:-",{"$nulls":15},"Total",{"$nulls":4},{"$f":"SUM(AJ46:AJ48)","v":{"$error":"#REF!"}},"/m2",{"$f":"ROUND(SUM(AL46:AL48),-1)","v":{"v":100,"d":"R 100"}},"/m2",{"$f":"ROUND(SUM(AN46:AN48),-1)","v":{"v":140,"d":"R 140"}},"/m2",{"$f":"ROUND(SUM(AP46:AP48),-1)","v":{"v":180,"d":"R 180"}},"/m2"]
["NAVAIDS",null,null,{"$f":"'[5]CT Runway'!J29*1.05","v":{"v":31778372.85,"d":"R 31,778,373"}},null,{"$f":"+E56/32.5","v":{"v":6793.846153846154,"d":"R 6,793.85"}},null,{"$f":"D50/$E$56","v":{"v":143.92379008152176,"d":"R 144"}},null,{"$f":"(H50*(217/145-1))+H50","v":{"v":215.38939619096706,"d":"R 215"}},null,{"$f":"(J50*($D$12/$D$11-1))+J50","v":{"v":264.5507192814681,"d":"R 265"}},null,null,"•","Approach Lighting System (ALS)"]
[{"$nulls":14},"•","Land and Hold Short Lights"]
[{"$nulls":14},"•","Runway Centerline Lighting System",{"$nulls":19},"Base April '08",null,{"$f":"'Code C,E & F stands'!$H$16","v":"Estimated Rates"}]
[null,"Total (excluding shoulders & strip)",{"$nulls":3},{"$f":"SUM(F34:F52)","v":{"$error":"#REF!"}},"/m2",{"$f":"ROUND(SUM(H34:H52),-1)","v":{"v":1430,"d":"R 1,430"}},"/m²",{"$f":"ROUND(SUM(J34:J52),-1)","v":{"v":2150,"d":"R 2,150"}},"/m²",{"$f":"ROUND(SUM(L34:L52),-1)","v":{"v":2640,"d":"R 2,640"}},"/m²",null,"•","Runway Edge Lights",{"$nulls":13},"Strip (RSA)"]
[{"$nulls":14},"•","Runway End Identification Lights (threshold)",{"$nulls":21},{"$f":"'Code C,E & F stands'!$H$18","v":"Base Date Jan '09"},null,"Base Date Nov '17",null,"Current Date Mar '19"]
[{"$nulls":14},"•","Runway End Lights (sides)"]
[null,"CT Runway ",{"$f":"3500+90*2","v":{"v":3680,"d":"3,680m"}},{"v":60,"d":"x 60m"},{"$f":"C56*D56","v":{"v":220800,"d":"220,800m²"}},{"$f":"(H53*C21+W37*R21*2+AL49*AG39*2)/C21+(#REF!*AL49)/('Master Runways'!Q19*'Master Runways'!P15)","v":{"$error":"#REF!"}},{"$nulls":8},"•","Taxiway Centerline Lead-On / Lead-Off Lights",{"$nulls":16},75,"m wide each side"]
[{"$nulls":14},"•","Touchdown Zone Lights (TDZ Lights)",{"$nulls":13},"Civils"]
[{"$nulls":29},"•","Topsoil, grassing & sculpting",{"$nulls":6},{"$f":"'Code F Taxiway & SH'!AM25","v":{"v":35,"d":"R 35"}},null,{"$f":"(AL58*(217/145-1))+AL58","v":{"v":52.37931034482759,"d":"R 52"}},null,{"$f":"(AN58*($D$12/$D$11-1))+AN58","v":{"v":64.33457018889452,"d":"R 64"}}]
[{"$nulls":29},"•","In-situ compaction",{"$nulls":6},{"$f":"'Code F Taxiway & SH'!AM26","v":{"v":10,"d":"R 10"}},null,{"v":14.965517241379311,"d":"R 15"},null,{"v":18.38130576825558,"d":"R 18"}]
[{"$nulls":29},"•","Clearing & grubbing",{"$nulls":4},{"$f":"11544.79/10000","v":{"v":1.154479,"d":"R 1.15"}},null,{"$f":"'Code F Taxiway & SH'!AM27","v":{"v":1.2699269000000002,"d":"R 1"}},null,{"v":1.9005112917241385,"d":"R 2"},null,{"v":2.334291465223293,"d":"R 2"}]
[{"$nulls":32},"Sub-Total : Civils & Surfacing",null,null,{"$f":"SUM(#REF!)","v":{"$error":"#REF!"}},"/m2",{"$f":"SUM(AL57:AL60)","v":{"v":46.2699269,"d":"R 46"}},"/m²",{"$f":"SUM(AN54:AN60)","v":{"v":69.24533887793105,"d":"R 69"}},"/m²",{"$f":"SUM(AP54:AP60)","v":{"v":85.05016742237339,"d":"R 85"}},"/m²"]
[]
[]
[{"$nulls":30},"Total",{"$nulls":4},{"$f":"SUM(AJ62:AJ63)","v":{"v":0,"d":"R 0.00"}},"/m2",{"$f":"ROUND(SUM(AL61:AL63),-1)","v":{"v":50,"d":"R 50"}},"/m2",{"$f":"ROUND(SUM(AN61:AN63),-1)","v":{"v":70,"d":"R 70"}},"/m2",{"$f":"ROUND(SUM(AP61:AP63),-1)","v":{"v":90,"d":"R 90"}},"/m2"]

{"sheet":"Code F Taxiway & SH","index":37,"n_rows":58,"n_cols":44,"rows_kept":58,"merged":[[2,0,2,35],[4,0,4,35],[6,0,6,35],[10,0,10,39],[12,1,12,3],[13,4,14,16],[17,7,18,13],[17,23,18,28],[17,38,18,43],[18,0,19,4],[18,15,19,19],[18,20,19,20],[18,30,19,34],[18,35,19,35],[19,7,19,8],[19,10,19,11],[19,12,19,13],[19,23,19,24],[19,25,19,26],[19,27,19,28],[19,38,19,39],[19,40,19,41],[19,42,19,43],[20,10,20,11],[20,12,20,13],[20,25,20,26],[20,27,20,28],[20,40,20,41],[20,42,20,43]]}
[]
[]
[{"$f":"[5]Cover!$A$5","v":"AIRPORT DEVELOPMENT COST"}]
[]
[{"$f":"'Master Taxiways'!A5:X5","v":"3.  TAXIWAYS"}]
[]
[{"$f":"'Master Apron stands'!A7","v":"2017-11-01"}]
[]
[]
[]
["3.4  APPROXIMATE RATE BUILD-UP FOR TAXIWAYS WITH ASSOCIATED SHOULDERS & STRIPS"]
[]
[null,"BER Index"]
[null,"Base Date","2017-11-01",{"v":217.6,"d":"217.60"},{"$f":"'New Bldg Rates'!M4","v":"Reference 2021 Q4 Table 2 - BER Building Cost Index"}]
[null,"Current Date",{"$f":"'Code F Runway & SH (2)'!C12","v":"2022-03-01"},{"$f":"'New Bldg Rates'!L5","v":{"v":267.26588,"d":"267.27"}}]
[]
[]
[{"$nulls":5},"Base April '08",null,{"$f":"'Code C,E & F stands'!$H$16","v":"Estimated Rates"},{"$nulls":13},"Base April '08",null,{"$f":"'Code C,E & F stands'!$H$16","v":"Estimated Rates"},{"$nulls":12},"Base April '08",null,{"$f":"'Code C,E & F stands'!$H$16","v":"Estimated Rates"}]
["Taxiway Travel Way - Code F (all aircraft)",{"$nulls":14},"Shoulders",{"$nulls":14},"Strip"]
[{"$nulls":7},{"$f":"'Code C,E & F stands'!$H$18","v":"Base Date Jan '09"},null,null,"Base Date Nov '17",null,{"$f":"'Code F Runway & SH (2)'!L19","v":"2022-03-01"},{"$nulls":10},{"$f":"'Code C,E & F stands'!$H$18","v":"Base Date Jan '09"},null,"Base Date Nov '17",null,{"$f":"M20","v":"2022-03-01"},{"$nulls":10},{"$f":"'Code C,E & F stands'!$H$18","v":"Base Date Jan '09"},null,"Base Date Nov '17",null,{"$f":"M20","v":"2022-03-01"}]
[]
[null,null,25,"m wide",{"$nulls":14},17.5,"m wide each side",{"$nulls":13},27.5,"m wide each side"]
[]
["Civils",{"$nulls":14},"Civils",{"$nulls":14},"Civils"]
["•","Roadmarking",{"$nulls":3},{"v":5.93,"d":"R 5.93"},null,{"v":8,"d":"R 8"},null,null,{"$f":"(H25*(217/145-1))+H25","v":{"v":11.972413793103449,"d":"R 12"}},null,{"$f":"(K25*($D$15/$D$14-1))+K25","v":{"v":14.705044614604462,"d":"R 15"}},null,null,"•","50 mm thick, medium grade using 150/200",{"$nulls":13},"•","Topsoil, grassing & sculpting",{"$nulls":6},{"v":35,"d":"R 35"},null,{"$f":"(AM25*(217/145-1))+AM25","v":{"v":52.37931034482759,"d":"R 52"}},null,{"$f":"(AO25*($D$15/$D$14-1))+AO25","v":{"v":64.33457018889452,"d":"R 64"}}]
["•","Stone mastic asphalt AE-2 mod binder (80/100) 40mm",{"$nulls":3},{"$f":"104.45+2.92","v":{"v":107.37,"d":"R 107.37"}},null,{"$f":"+F26","v":{"v":107.37,"d":"R 107"}},null,null,{"$f":"(H26*(217/145-1))+H26","v":{"v":160.68475862068968,"d":"R 161"}},null,{"$f":"(K26*($D$15/$D$14-1))+K26","v":{"v":197.36008003376017,"d":"R 197"}},{"$nulls":3}," penetration-grade rubber bitumen",{"$nulls":4},{"v":208.17,"d":"R 208.17"},null,{"$f":"+V26*1.05","v":{"v":218.5785,"d":"R 219"}},null,{"$f":"(X26*(217/145-1))+X26","v":{"v":327.11403103448276,"d":"R 327"}},null,{"$f":"(Z26*($D$15/$D$14-1))+Z26","v":{"v":401.77582428666517,"d":"R 402"}},null,null,"•","In-situ compaction",{"$nulls":6},{"$f":"'Code C,E & F stands'!$H$31","v":{"v":10,"d":"R 10"}},null,{"$f":"(AM26*(217/145-1))+AM26","v":{"v":14.965517241379311,"d":"R 15"}},null,{"$f":"(AO26*($D$15/$D$14-1))+AO26","v":{"v":18.38130576825558,"d":"R 18"}}]
["•","Coarse continuously graded hotmix (60/70) 90mm",{"$nulls":3},{"$f":"166.39+6.11+2.92","v":{"v":175.42,"d":"R 175.42"}},null,{"$f":"+F27/80*90","v":{"v":197.34749999999997,"d":"R 197"}},null,null,{"v":295.3407413793103,"d":"R 295"},null,{"v":362.7504740100817,"d":"R 363"},null,null,"•","G1 crushed stone 125mm",{"$nulls":3},{"$f":"E28","v":{"v":350,"d":"R 350/m³"}},{"$f":"345.66*0.15","v":{"v":51.849000000000004,"d":"R 51.85"}},null,{"$f":"U27*0.125","v":{"v":43.75,"d":"R 44"}},null,{"$f":"(X27*(217/145-1))+X27","v":{"v":65.47413793103449,"d":"R 65"}},null,{"v":80.41821273611816,"d":"R 80"},null,null,"•","Clearing & grubbing",{"$nulls":4},{"$f":"11544.79/10000","v":{"v":1.154479,"d":"R 1.15"}},null,{"$f":"+AK27*1.1","v":{"v":1.2699269000000002,"d":"R 1"}},null,{"$f":"(AM27*(217/145-1))+AM27","v":{"v":1.9005112917241385,"d":"R 2"}},null,{"v":2.334291465223293,"d":"R 2"}]
["•","G1 crushed stone 125mm",null,null,{"$f":"'Code F,C Taxilane & Serv Roads'!AF26","v":{"v":350,"d":"R 350/m³"}},{"$f":"345.66*0.15","v":{"v":51.849000000000004,"d":"R 51.85"}},null,{"$f":"E28*0.125","v":{"v":43.75,"d":"R 44"}},null,null,{"v":65.47413793103449,"d":"R 65"},null,{"v":80.41821273611816,"d":"R 80"},null,null,"•","Stabilised layer C4 125mm",{"$nulls":3},{"$f":"'Code C,E & F stands'!E28","v":{"v":360,"d":"R 360/m³"}},{"$f":"146.85*0.2+265.11*0.2","v":{"v":82.39200000000001,"d":"R 82.39"}},null,{"$f":"U28*0.125","v":{"v":45,"d":"R 45"}},null,{"v":67.3448275862069,"d":"R 67"},null,{"v":82.7158759571501,"d":"R 83"},{"$nulls":5},"Sub-Total : Civils & Surfacing",null,null,{"$f":"SUM(#REF!)","v":{"$error":"#REF!"}},"/m2",{"$f":"SUM(AM23:AM27)","v":{"v":46.2699269,"d":"R 46"}},"/m²",{"$f":"SUM(AO23:AO27)","v":{"v":69.24533887793105,"d":"R 69"}},"/m²",{"$f":"SUM(AQ23:AQ27)","v":{"v":85.05016742237339,"d":"R 85"}},"/m²"]
["•","Stabilised layer C3 175mm",null,null,{"$f":"'Code C,E & F stands'!E27","v":{"v":375,"d":"R 375/m³"}},{"$f":"146.85*0.15+265.11*0.15","v":{"v":61.794,"d":"R 61.79"}},null,{"$f":"E29*0.175","v":{"v":65.625,"d":"R 66"}},null,null,{"v":98.21120689655173,"d":"R 98"},null,{"v":120.62731910417723,"d":"R 121"},null,null,"•","Selected layer G5 150mm",{"$nulls":3},{"v":220,"d":"R 220/m³"},{"$f":"+V31","v":{"v":25.599,"d":"R 25.60"}},null,{"$f":"U29*0.15","v":{"v":33,"d":"R 33"}},null,{"v":49.38620689655173,"d":"R 49"},null,{"v":60.658309035243406,"d":"R 61"}]
["•","Stabilised layer C3 200mm",null,null,{"$f":"E29","v":{"v":375,"d":"R 375/m³"}},{"$f":"146.85*0.15+265.11*0.15","v":{"v":61.794,"d":"R 61.79"}},null,{"$f":"E30*0.2","v":{"v":75,"d":"R 75"}},null,null,{"v":112.24137931034483,"d":"R 112"},null,{"v":137.85979326191682,"d":"R 138"},null,null,"•","Selected layer G7 115mm",{"$nulls":3},{"$f":"E31","v":{"v":190,"d":"R 190/m³"}},{"$f":"170.66*0.15","v":{"v":25.599,"d":"R 25.60"}},null,{"$f":"U30*0.115","v":{"v":21.85,"d":"R 22"}},null,{"v":32.6996551724138,"d":"R 33"},null,{"v":40.16315310363844,"d":"R 40"}]
["•","G7 Selected layer 150mm",null,null,{"$f":"'Code C,E & F stands'!E29","v":{"v":190,"d":"R 190/m³"}},{"$f":"+F32","v":{"v":27,"d":"R 27.00"}},null,{"$f":"E31*0.15","v":{"v":28.5,"d":"R 29"}},null,null,{"v":42.65172413793104,"d":"R 43"},null,{"v":52.3867214395284,"d":"R 52"},null,null,"•","Selected layer G7 200mm",{"$nulls":3},{"$f":"E32","v":{"v":190,"d":"R 190/m³"}},{"$f":"170.66*0.15","v":{"v":25.599,"d":"R 25.60"}},null,{"$f":"U31*0.2","v":{"v":38,"d":"R 38"}},null,{"v":56.868965517241385,"d":"R 57"},null,{"v":69.8489619193712,"d":"R 70"},{"$nulls":3},"Total",{"$nulls":4},{"$f":"SUM(AK28:AK30)","v":{"$error":"#REF!"}},"/m2",{"$f":"ROUND(SUM(AM28:AM30),-1)","v":{"v":50,"d":"R 50"}},"/m2",{"$f":"ROUND(SUM(AO28:AO30),-1)","v":{"v":70,"d":"R 70"}},"/m2",{"$f":"ROUND(SUM(AQ28:AQ30),-1)","v":{"v":90,"d":"R 90"}},"/m2"]
["•","G7 Selected layer 300mm",null,null,{"$f":"E31","v":{"v":190,"d":"R 190/m³"}},{"$f":"180*0.15","v":{"v":27,"d":"R 27.00"}},null,{"$f":"E32*0.3","v":{"v":57,"d":"R 57"}},null,null,{"v":85.30344827586208,"d":"R 85"},null,{"v":104.7734428790568,"d":"R 105"},null,null,"•","G7 Selected layer 300mm",{"$nulls":3},{"$f":"E32","v":{"v":190,"d":"R 190/m³"}},null,{"$f":"U32*0.3","v":{"v":57,"d":"R 57"}},{"$f":"U32*0.3","v":{"v":57,"d":"R 57"}},null,{"v":85.30344827586208,"d":"R 85"},null,{"v":104.7734428790568,"d":"R 105"}]
["•","In-situ compaction",{"$nulls":5},{"$f":"'Code C,E & F stands'!$H$31","v":{"v":10,"d":"R 10"}},null,null,{"v":14.965517241379311,"d":"R 15"},null,{"v":18.38130576825558,"d":"R 18"},null,null,"•","Earthworks (Box Cut)",{"$nulls":3},{"$f":"E35","v":{"v":55,"d":"R 55/m³"}},{"$f":"(1*45)*(0.65)","v":{"v":29.25,"d":"R 29.25"}},null,{"$f":"U33*(0.05+0.125+0.15+0.15+0.115)","v":{"v":32.449999999999996,"d":"R 32"}},null,{"v":48.56310344827586,"d":"R 49"},null,{"v":59.647337217989346,"d":"R 60"}]
["•","Sub-soil drainage",{"$nulls":3},{"$f":"2158863/(19774+48298+60941)","v":{"v":16.733685752598575,"d":"R 16.73"}},null,{"$f":"'Code C,E & F stands'!H32","v":{"v":17.570370040228504,"d":"R 18"}},null,null,{"v":26.29496757744542,"d":"R 26"},null,{"v":32.29663441708372,"d":"R 32"},null,null,"•","In-situ compaction",{"$nulls":6},{"$f":"'Code C,E & F stands'!$H$31","v":{"v":10,"d":"R 10"}},null,{"v":14.965517241379311,"d":"R 15"},null,{"v":18.38130576825558,"d":"R 18"}]
["•","Earthworks (Box Cut)",null,null,{"$f":"'Code C,E & F stands'!E33","v":{"v":55,"d":"R 55/m³"}},{"$f":"(1*45)*(0.65+0.08+0.04)","v":{"v":34.65,"d":"R 34.65"}},null,{"$f":"(0.04+0.09+0.125+0.175+0.2+0.15+0.3)*E35","v":{"v":59.400000000000006,"d":"R 59"}},null,null,{"v":88.89517241379312,"d":"R 89"},null,{"v":109.18495626343815,"d":"R 109"},null,null,"•","Clearing & grubbing",{"$nulls":4},{"$f":"11544.79/10000","v":{"v":1.154479,"d":"R 1.15"}},null,{"$f":"+V35*1.1","v":{"v":1.2699269000000002,"d":"R 1"}},null,{"v":1.9005112917241385,"d":"R 2"},null,{"v":2.334291465223293,"d":"R 2"}]
["•","Clearing & grubbing",{"$nulls":3},{"$f":"11544.79/10000","v":{"v":1.154479,"d":"R 1.15"}},null,{"$f":"+F36*1.1","v":{"v":1.2699269000000002,"d":"R 1"}},null,null,{"v":1.9005112917241385,"d":"R 2"},null,{"v":2.334291465223293,"d":"R 2"},{"$nulls":5},"Sub-Total : Civils & Surfacing",null,null,{"$f":"SUM(V33:V33)","v":{"v":29.25,"d":"R 29.25"}},"/m2",{"$f":"SUM(X23:X35)","v":{"v":500.89842689999995,"d":"R 501"}},"/m²",{"$f":"SUM(Z23:Z35)","v":{"v":749.6204043951724,"d":"R 750"}},"/m²",{"$f":"SUM(AB23:AB35)","v":{"v":920.7167143687116,"d":"R 921"}},"/m²"]
[null,"Sub-Total : Civils & Surfacing",{"$nulls":3},{"$f":"SUM(F35:F35)","v":{"v":34.65,"d":"R 34.65"}},"/m2",{"$f":"SUM(H25:H36)","v":{"v":670.8327969402284,"d":"R 671"}},"/m²",null,{"$f":"SUM(K25:K36)","v":{"v":1003.9359788691697,"d":"R 1,004"}},"/m²",{"$f":"SUM(M25:M36)","v":{"v":1233.0782759932445,"d":"R 1,233"}},"/m²"]
[]
["Stormwater",{"$nulls":15},"Total",{"$nulls":4},{"$f":"SUM(V36:V38)","v":{"v":29.25,"d":"R 29.25"}},"/m2",{"$f":"ROUND(SUM(X36:X38),-1)","v":{"v":500,"d":"R 500"}},"/m2",{"$f":"ROUND(SUM(Z36:Z38),-1)","v":{"v":750,"d":"R 750"}},"/m2",{"$f":"ROUND(SUM(AB36:AB38),-1)","v":{"v":920,"d":"R 920"}},"/m2"]
["•","Concrete pipework with inlets",{"$nulls":3},{"$f":"+E43/25","v":{"v":212.05333333333337,"d":"R 212.05"}},null,{"$f":"E43/C22","v":{"v":212.05333333333337,"d":"R 212"}},null,null,{"$f":"(H40*(217/145-1))+H40","v":{"v":317.3487816091955,"d":"R 317"}},null,{"$f":"(K40*($D$15/$D$14-1))+K40","v":{"v":389.7817159177824,"d":"R 390"}}]
["•","Concrete pipework, varying",2,{"$f":"2000*1.12","v":{"v":2240,"d":"2,240"}},{"$f":"+D41*C41","v":{"v":4480,"d":"R 4,480.00"}}]
["•","Catchpits/manholes",{"$f":"2/30","v":{"v":0.06666666666666667,"d":"0.07"}},{"$f":"11000*1.12","v":{"v":12320.000000000002,"d":"12,320"}},{"$f":"+D42*C42","v":{"v":821.3333333333335,"d":"821"}}]
[{"$nulls":4},{"$f":"SUM(E41:E42)","v":{"v":5301.333333333334,"d":"R 5,301.33"}}]
["Sleeves",{"$nulls":4},{"$f":"+E48/25","v":{"v":64.21333333333334,"d":"R 64.21"}},null,{"$f":"+E48/C22","v":{"v":64.21333333333334,"d":"R 64"}},null,null,{"$f":"(H44*(217/145-1))+H44","v":{"v":96.0985747126437,"d":"R 96"}},null,{"$f":"(K44*($D$15/$D$14-1))+K44","v":{"v":118.03249143989183,"d":"R 118"}}]
[null,"3/110mm comms sleeves",1,{"$f":"(100*3+200)*1.12","v":560},{"$f":"+D45*C45","v":{"v":560,"d":"R 560.00"}}]
[null,"1/110 Electrical sleeves",1,{"$f":"(100+100)*1.12","v":{"v":224.00000000000003,"d":"224"}},{"$f":"+D46*C46","v":{"v":224.00000000000003,"d":"224"}}]
[null,"Manholes",{"$f":"2/30","v":0.06666666666666667},{"$f":"11000*1.12","v":{"v":12320.000000000002,"d":"12,320"}},{"$f":"+D47*C47","v":{"v":821.3333333333335,"d":"821"}}]
[{"$nulls":4},{"$f":"SUM(E45:E47)","v":{"v":1605.3333333333335,"d":"R 1,605.33"}}]
["Electrical",{"$nulls":4},{"$f":"+E51/32.5","v":{"v":97.9020979020979,"d":"R 97.90"}},null,{"$f":"E50/C22","v":{"v":127.27272727272728,"d":"R 127"}},null,null,{"$f":"(H49*(217/145-1))+H49","v":{"v":190.4702194357367,"d":"R 190"}},null,{"$f":"(K49*($D$15/$D$14-1))+K49","v":{"v":233.94389159598012,"d":"R 234"}}]
[null,"Edge lighting (both sides)","per meter",null,{"$f":"3500000/1100","v":{"v":3181.818181818182,"d":"3,182"}}]
[{"$nulls":4},{"$f":"SUM(E50:E50)","v":{"v":3181.818181818182,"d":"R 3,181.82"}}]
[]
[]
[null,"Total (excluding shoulders & strip)",{"$nulls":3},{"$f":"SUM(F37:F53)","v":{"v":408.81876456876466,"d":"R 408.82"}},"/m2",{"$f":"ROUND(SUM(H37:H53),-1)","v":{"v":1070,"d":"R 1,070"}},"/m²",null,{"$f":"ROUND(SUM(K37:K53),-1)","v":{"v":1610,"d":"R 1,610"}},"/m²",{"$f":"ROUND(SUM(M37:M53),-1)","v":{"v":1970,"d":"R 1,970"}},"/m²"]
[]
[]
["•","Optional extra for centre line lighting (intersections)",null,null,{"$f":"4200000/1100","v":{"v":3818.181818181818,"d":"R 3,818"}},"/m",null,"/m",null,null,{"$f":"(E57*(217/145-1))+E57","v":{"v":5714.1065830721,"d":"R 5,714"}},"/m",{"$f":"(K57*($D$15/$D$14-1))+K57","v":{"v":7018.316747879402,"d":"R 7,018"}},"/m"]
["•","Illuminated signage - layout dependant @ R40,000/sign"]

{"sheet":"Sample Estimate (2)","index":38,"n_rows":65,"n_cols":17,"rows_kept":65,"merged":[[2,0,2,10],[4,0,4,10],[6,0,6,10],[10,0,10,10],[14,0,14,5],[14,7,14,10],[15,0,15,5],[16,0,16,5]]}
[]
[]
[{"$f":"[5]Cover!$A$5","v":"AIRPORT DEVELOPMENT COST"}]
[]
[{"$f":"'Code F Taxiway & SH'!A5:AJ5","v":"3.  TAXIWAYS"}]
[]
[{"$f":"'Master Apron stands'!A7","v":"2017-11-01"}]
[]
[]
[]
["3.5  SAMPLE ESTIMATE TYPICAL TAXIWAY"]
[]
[]
[]
["Code F Taxiways",{"$nulls":6},"Order-of-Magnitude Assessment",{"$nulls":5},"w","l","No","Total"]
[{"$nulls":12},"Taxiway",{"$f":"12.5*2","v":25},1500,1,{"$f":"N16*O16*P16","v":{"v":37500,"d":"37,500m²"}}]
["1500m sample",{"$nulls":11},"Shoulders",{"$f":"17.5","v":17.5},{"$f":"$O$16","v":1500},2,{"$f":"N17*O17*P17","v":{"v":52500,"d":"52,500m²"}}]
[{"$nulls":4},"Total",{"$f":"Q19","v":{"v":172500,"d":"172,500m²"}},{"$nulls":6},"Strip",27.5,{"$f":"$O$16","v":1500},2,{"$f":"N18*O18*P18","v":{"v":82500,"d":"82,500m²"}}]
[{"$nulls":4},"Taxiway only",{"$f":"Q16","v":{"v":37500,"d":"37,500m²"}},{"$nulls":10},{"$f":"SUM(Q16:Q18)","v":{"v":172500,"d":"172,500m²"}}]
[]
[{"v":1,"d":"1.)"},"Taxiway",null,null,{"$f":"Q16","v":{"v":37500,"d":"37,500m²"}},{"$f":"'Code F Taxiway & SH'!M54","v":{"v":1970,"d":"R 1,970/m²"}},{"$nulls":3},{"$f":"E21*F21","v":{"v":73875000,"d":"R 73,875,000"}}]
[]
[{"$f":"A21+1","v":{"v":2,"d":"2.)"}},"Shoulders",null,null,{"$f":"Q17","v":{"v":52500,"d":"52,500m²"}},{"$f":"'Code F Taxiway & SH'!AB39","v":{"v":920,"d":"R 920/m²"}},{"$nulls":3},{"$f":"E23*F23","v":{"v":48300000,"d":"R 48,300,000"}}]
[]
[{"$f":"A23+1","v":{"v":3,"d":"3.)"}},"Strip",null,null,{"$f":"Q18","v":{"v":82500,"d":"82,500m²"}},{"$f":"'Code F Taxiway & SH'!AQ31","v":{"v":90,"d":"R 90/m²"}},{"$nulls":3},{"$f":"E25*F25","v":{"v":7425000,"d":"R 7,425,000"}}]
[]
[{"$f":"A25+1","v":{"v":4,"d":"4.)"}},"Illuminated directional taxiway signage allowance",{"$nulls":7},{"v":100000,"d":"R 100,000"}]
[]
[{"$f":"A27+1","v":{"v":5,"d":"5.)"}},"Fencing"]
[null,"• Concrete panels incl. PIDS & Lighting",null,"n/a",{"$nulls":3},{"$f":"'New Bldg Rates'!H54","v":{"v":5973.705311866126,"d":"R 5,974/m"}},null,0]
[]
[null,"Sub-Total",{"$nulls":5},{"$f":"J32/F19","v":{"v":3458.6666666666665,"d":"R 3,459/m²"}},null,{"$f":"SUM(J21:J30)","v":{"v":129700000,"d":"R 129,700,000"}}]
[]
[]
[]
[null,"Sub-Total (pre P&G)",null,null,"Overall area",{"$f":"F18","v":{"v":172500,"d":"172,500m²"}},null,{"$f":"J36/F36","v":{"v":751.8840579710145,"d":"R 752/m²"}},null,{"$f":"J32","v":{"v":129700000,"d":"R 129,700,000"}}]
[{"$nulls":4},"Taxiway area",{"$f":"F19","v":{"v":37500,"d":"37,500m²"}},null,{"$f":"J37/F37","v":{"v":3458.6666666666665,"d":"R 3,459/m²"}},null,{"$f":"J36","v":{"v":129700000,"d":"R 129,700,000"}}]
[{"$nulls":4},"Taxiway per meter",{"$f":"O17","v":{"v":1500,"d":"1,500m"}},null,{"$f":"J38/F38","v":{"v":86466.66666666667,"d":"R 86,467/m"}},null,{"$f":"J37","v":{"v":129700000,"d":"R 129,700,000"}}]
[]
[]
[null,"Add:"]
[null,"• Preliminaries (P&G)",{"$nulls":5},{"$f":"'New Bldg Rates'!L23","v":{"v":0.15,"d":"15.0%"}},null,{"$f":"J32*H42","v":{"v":19455000,"d":"19,455,000"}}]
[]
[]
[{"$nulls":4},"Sub-Total",{"$nulls":4},{"$f":"J42+J32","v":{"v":149155000,"d":"R 149,155,000"}}]
[]
[null,"• Insurances, security, etc",{"$nulls":5},{"$f":"'New Bldg Rates'!M23","v":{"v":0.02,"d":"2.0%"}},null,{"$f":"(J45)*H47","v":{"v":2983100,"d":"2,983,100"}}]
[]
[null,"• Contingencies",{"$nulls":5},{"$f":"'New Bldg Rates'!N23","v":{"v":0.1,"d":"10.0%"}},null,{"$f":"SUM(J45:J48)*H49","v":{"v":15213810,"d":"15,213,810"}}]
[]
[null,"Add:"]
[null,"• Escalation"]
[null,"Base date",{"$f":"'Master Apron stands'!A7","v":"2017-11-01"}]
[null,"Commencement date",{"$f":"'Sample Estimate'!C57","v":"2019-03-01"},{"$f":"(C54-C53)/(365/12)","v":{"v":15.945205479452055,"d":"16mths"}},{"v":0.07,"d":"7%"},"p.a.",{"$nulls":3},{"$f":"J45*(E54/12)*D54","v":{"v":13873458.219178082,"d":"13,873,458"}}]
[null,"Completion date",{"$f":"'Sample Estimate'!C58","v":"2019-08-01"},{"$f":"(C55-C54)/(365/12)","v":{"v":5.03013698630137,"d":"5mths"}},{"v":0.07,"d":"7%"},"p.a., cashflow",null,0.6,null,{"$f":"(J54+J45)*(E55/12*D55)*H55","v":{"v":2870194.1712779133,"d":"2,870,194"}}]
[]
[]
[null,"• Professional Fees",{"$nulls":5},{"$f":"'New Bldg Rates'!O23","v":{"v":0.18,"d":"18.0%"}},null,{"$f":"SUM(J44:J56)*H58","v":{"v":33137201.230282076,"d":"33,137,201"}}]
[]
[null,"Total",{"$nulls":7},{"$f":"SUM(J44:J58)","v":{"v":217232763.62073806,"d":"R 217,232,764"}}]
[]
[]
[null,"Total",null,null,"Overall area",{"$f":"F36","v":{"v":172500,"d":"172,500m²"}},null,{"$f":"J63/F63","v":{"v":1259.3203688158728,"d":"R 1,259/m²"}},null,{"$f":"J60","v":{"v":217232763.62073806,"d":"R 217,232,764"}}]
[{"$nulls":4},"Taxiway area",{"$f":"F37","v":{"v":37500,"d":"37,500m²"}},null,{"$f":"J64/F64","v":{"v":5792.873696553015,"d":"R 5,793/m²"}},null,{"$f":"J63","v":{"v":217232763.62073806,"d":"R 217,232,764"}}]
[{"$nulls":4},"Taxiway per meter",{"$f":"F38","v":{"v":1500,"d":"1,500m"}},null,{"$f":"J65/F65","v":{"v":144821.84241382536,"d":"R 144,822/m"}},null,{"$f":"J64","v":{"v":217232763.62073806,"d":"R 217,232,764"}}]

{"sheet":"ICAO Tables","index":39,"n_rows":64,"n_cols":33,"rows_kept":64,"merged":[[2,0,2,42],[4,0,4,42],[6,0,6,42],[9,0,9,42],[12,14,12,30],[14,3,14,9],[15,3,15,4],[15,5,16,9],[16,3,16,4],[17,3,18,4],[17,5,18,9],[19,3,20,4],[19,5,20,9],[21,3,22,4],[21,5,22,9],[23,3,24,4],[23,5,24,9],[26,1,28,12],[30,1,30,12],[32,1,32,12],[33,1,33,2],[33,3,34,7],[33,8,34,12],[34,1,34,2],[35,1,36,2],[35,3,36,7],[35,8,36,12],[36,16,36,30],[37,1,38,2],[37,3,38,7],[37,8,38,12],[39,1,40,2],[39,3,40,7],[39,8,40,12],[39,16,39,23],[39,24,39,30],[41,1,42,2],[41,3,42,7],[41,8,42,12],[41,16,42,23],[41,24,42,30],[43,1,44,2],[43,3,44,7],[43,8,44,12],[43,16,44,23],[43,24,44,30],[45,1,46,2],[45,3,46,7],[45,8,46,12],[45,16,46,23],[45,24,46,30],[47,16,48,23],[49,1,49,14],[51,1,51,2],[51,3,51,14],[51,16,51,30],[52,1,52,2],[52,3,52,4],[52,5,52,6],[52,7,52,8],[52,9,52,10],[52,11,52,12],[52,13,52,14],[53,1,54,2],[53,3,54,4],[53,5,54,6],[53,7,54,8],[53,9,54,10],[53,11,54,12],[53,13,54,14],[53,16,54,30],[55,1,56,2],[55,3,56,4],[55,5,56,6],[55,7,56,8],[55,9,56,10],[55,11,56,12],[55,13,56,14],[57,1,58,2],[57,3,58,4],[57,5,58,6],[57,7,58,8],[57,9,58,10],[57,11,58,12],[57,13,58,14],[59,1,60,2],[59,3,60,4],[59,5,60,6],[59,7,60,8],[59,9,60,10],[59,11,60,12],[59,13,60,14]]}
[]
[]
[{"$f":"[5]Cover!$A$5","v":"AIRPORT DEVELOPMENT COST"}]
[]
["4.  RUNWAYS"]
[]
[]
[]
[]
["4.1 TABLES EXTRACTED FROM ICAO ANNEX 14 VOLUME 1 - RUNWAYS (FOR INFORMATION ONLY)"]
[]
[]
[null,null,"page 1-8 Table 1-1 Aerodrome Reference Code",{"$nulls":11},"Illustration of Declared Distances",{"$nulls":17},"page 3-6 - 3-7 Runway strips recommendations"]
[{"$nulls":32},"(all dimensions include extended centreline beyond threshold lines)"]
[{"$nulls":3},"CODE ELEMENT 1"]
[{"$nulls":3},"Code",null,"Aerodrome reference field length *",{"$nulls":26},"Length of runway strips"]
[{"$nulls":3},"number",{"$nulls":28},"from the threshold and beyond end of runway or stopway for at least:-"]
[{"$nulls":3},1,null,"Less than 800m",{"$nulls":26},"• 60m for code 2,3 & 4"]
[{"$nulls":32},"• 60m for code 1 and runway is instrument"]
[{"$nulls":3},{"$f":"D18+1","v":2},null,"800m up to but not including 1 200m",{"$nulls":26},"• 30m for code 1 and runway is non-instrument"]
[]
[{"$nulls":3},{"$f":"D20+1","v":3},null,"1 200m up to but not including 1 800m",{"$nulls":26},"Width of runway strips"]
[{"$nulls":32},"including the precision & non-precision approach runway and "]
[{"$nulls":3},{"$f":"D22+1","v":4},null,"1 800m and over",{"$nulls":26},"wherever practical, on each side from runway centreline:-"]
[{"$nulls":32},"• 150m for code 3 & 4"]
[{"$nulls":32},"• 75m for code 1 & 2"]
[null,"* Aeroplane reference field length is the minimum length required for the take-off at maximum certificated take-off mass at sea level, standard atmospheric conditions, still air and zero runway slope"]
[{"$nulls":32},"including the non-instrument runway and "]
[{"$nulls":32},"wherever practical, on each side from runway centreline:-"]
[{"$nulls":32},"• 75m for code 3 & 4"]
[null,"page 1-8 Table 1-1 Aerodrome Reference Code",{"$nulls":12},"ASDA",": Accelerate stop distance available",{"$nulls":16},"• 40m for code 2"]
[{"$nulls":14},"LDA",": Landing distance available",{"$nulls":16},"• 30m for code 1"]
[null,"CODE ELEMENT 2",{"$nulls":12},"TODA",": Take-off distance available"]
[null,"Code",null,"Wing span",{"$nulls":4},"Outer main gear wheel span (extreme distance)",{"$nulls":5},"TORA",": Take-off run available",{"$nulls":16},"Grading of runway strips"]
[null,"letter",{"$nulls":30},"each side from centreline of runway the portion of the strip to be graded:-"]
[null,"A",null,"Up to but not including 15m",{"$nulls":4},"Up to but not including 4.5m",{"$nulls":23},"• 75m for code 3 & 4"]
[{"$nulls":16},"page 3-2 3.1.11 & 3.1.12 Recommended distance between parallel runways",{"$nulls":15},"• 40m for code 2"]
[null,"B",null,"15m up to but not including 24m",{"$nulls":4},"4.5m up to but not including 6m",{"$nulls":23},"• 30m for code 1"]
[{"$nulls":32},"• A blast pad of at least 30m within the strip is recommended against"]
[null,"C",null,"24m up to but not including 36m",{"$nulls":4},"6m up to but not including 9m",{"$nulls":7},"Instrument Runways",{"$nulls":7},"Non - instrument Runways",{"$nulls":7},"   erosion"]
[]
[null,"D",null,"36m up to but not including 52m",{"$nulls":4},"9m up to but not including 14m",{"$nulls":7},"1 035m for independent parallel approaches",{"$nulls":7},"210m where code is 3 or 4",{"$nulls":7},"Objects on runway strips"]
[{"$nulls":32},"No fixed object other than visual aids within"]
[null,"E",null,"52m up to but not including 65m",{"$nulls":4},"9m up to but not including 14m",{"$nulls":7},"915m for dependent parallel approaches",{"$nulls":7},"150m where code is 2",{"$nulls":7},"• 77.5m of runway centreline of precision approach cat I, II or III"]
[{"$nulls":32},"  where code number is 4 & F"]
[null,"F",null,"65m up to but not including 80m",{"$nulls":4},"14m up to but not including 16m",{"$nulls":7},"760m for independent parallel departures",{"$nulls":7},"120m where code is 1",{"$nulls":7},"• 60m of runway centreline of precision approach cat I, II or III"]
[{"$nulls":32},"  where code number is 3 & 4"]
[{"$nulls":16},"760m for segregated parallel operations",{"$nulls":15},"• 45m of runway centreline of precision approach cat I"]
[{"$nulls":32},"  where code number is 1 & 2"]
[null,"page 3-2 Table 3.1.10 Width of Runways"]
[{"$nulls":32},"• no mobile object is permitted on this part of the runway strip "]
[null,"Code",null,"Code letter",{"$nulls":12},"page 3-5 3.2.3 & 3.2.4 Recommended width, slope & strength of runway shoulders",{"$nulls":15},"   during use for landing & take-off"]
[null,"number",null,"A",null,"B",null,"C",null,"D",null,"E",null,"F"]
[null,"1*",null,{"v":18,"d":"18m"},null,{"v":18,"d":"18m"},null,{"v":23,"d":"23m"},null,0,null,0,null,0,null,null,"Runway shoulders should extend symmetrically on each side of the runway so that overall width of the runway and its shoulders is not less than:-"]
[{"$nulls":32},"page 3-8 RESA - Runway End Safety Area"]
[null,"2*",null,{"v":23,"d":"23m"},null,{"v":23,"d":"23m"},null,{"v":30,"d":"30m"},null,0,null,0,null,0,null,null,"• 60m where the code letter is D or E"]
[{"$nulls":16},"• 75m where the code letter is F",{"$nulls":15},"Recommended Dimensions"]
[null,3,null,{"v":30,"d":"30m"},null,{"v":30,"d":"30m"},null,{"v":30,"d":"30m"},null,{"v":45,"d":"45m"},null,0,null,0,null,null,"• at max 2.5% slope",{"$nulls":15},"• Twice the runway width (where practical, equal to graded strip)"]
[{"$nulls":16},"• with surfacing to support aeroplane as to not induce structural damage",{"$nulls":15},"• 240m for code 3 & 4 (minimum 90m) from runway strip"]
["* The width of a precision approach runway should not be less than 30m where the code number is 1 or 2",4,null,0,null,0,null,{"v":45,"d":"45m"},null,{"v":45,"d":"45m"},null,{"v":45,"d":"45m"},null,{"v":60,"d":"60m"},null,null,"  and to support ground vehicles which may operate on the shoulder",{"$nulls":15},"• 120m for code 1 & 2 (minimum 90m) from runway strip"]
[{"$nulls":32},"• can be lower grade than runway strip, but surface should be "]
[{"$nulls":32},"   adequate for overshooting aeroplanes and rescue & fire fighting"]
[{"$nulls":32},"• Engineered Materials Arresting System (EMAS) should be applied where "]
[{"$nulls":32},"   between 90m and 240m can not be achieved"]

{"sheet":"Sketches","index":40,"n_rows":57,"n_cols":42,"rows_kept":57,"merged":[[2,0,2,42],[4,0,4,42],[6,0,6,42],[9,0,9,42],[17,28,18,31],[21,28,22,31],[26,39,26,41],[29,28,29,31],[29,34,29,35],[30,38,30,40],[32,28,32,31],[55,1,55,7],[55,8,55,13],[55,14,55,16],[56,1,56,7]]}
[]
[]
[{"$f":"[5]Cover!$A$5","v":"AIRPORT DEVELOPMENT COST"}]
[]
[{"$f":"'ICAO Tables'!A5:AQ5","v":"4.  RUNWAYS"}]
[]
[]
[]
[]
["4.2 DIAGRAMS - RUNWAYS (CODE F)"]
{"$rows_empty":7}
[{"$nulls":28},"Strip",{"$nulls":3},"75m"]
[]
[{"$nulls":35},"150m"]
[{"$nulls":28},"Graded Strip"]
[{"$nulls":28},"Graded Strip"]
[{"$nulls":32},"37.5m"]
[]
[{"$nulls":41},"120m"]
[]
[{"$nulls":39},"RESA"]
[]
[]
[{"$nulls":28},"Graded Strip",{"$nulls":5},"60m"]
[{"$nulls":38},"240m"]
[]
[{"$nulls":28},"Strip"]
[]
[]
[]
[{"$nulls":31},"ICAO Recommended"]
{"$rows_empty":18}
[null,"      Blast Pad (either side)",{"$nulls":6},"Displaced Threshhold",{"$nulls":5},"Threshhold",{"$nulls":5},"Touchdown Zone Marks",{"$nulls":6},"Fixed Distance Marks"]
[null,"(blast erosion protection)"]

{"sheet":"Master Runways","index":41,"n_rows":58,"n_cols":25,"rows_kept":58,"merged":[[2,0,2,22],[4,0,4,22],[6,0,6,22],[10,0,10,22],[11,19,11,22]]}
[]
[]
[{"$f":"[5]Cover!$A$5","v":"AIRPORT DEVELOPMENT COST"}]
[]
[{"$f":"Sketches!A5","v":"4.  RUNWAYS"}]
[]
["2009-01-01"]
[]
[]
[]
["4.3 TYPICAL DESIGN CRITERIA & MASTER RATES (Code F)"]
[{"$nulls":17},"Measurement",null,"Rate"]
[{"$nulls":19},2009,null,2021]
[]
[{"$nulls":12},"a.","Runway incl. layerworks & lighting",null,{"v":60,"d":"60m wide"},{"v":4200,"d":"x 4,200m"},{"$f":"P15*Q15","v":{"v":252000,"d":"252,000m²"}},null,{"$f":"'Code F Runway & SH'!H53","v":{"v":1430,"d":"R 1,430/m²"}},null,{"$f":"'Code F Runway & SH'!L53","v":{"v":2637,"d":"R 2,637/m²"}},"page 14",null,{"$f":"R15*V15","v":{"v":664524000,"d":"664,524,000"}}]
[]
[{"$nulls":12},"b.","Runway Shoulders (7.5m both sides)",null,{"$f":"7.5*2","v":{"v":15,"d":"15m wide"}},{"v":4200,"d":"x 4,200m"},{"$f":"P17*Q17","v":{"v":63000,"d":"63,000m²"}},null,{"$f":"'Code F Runway & SH'!W37","v":{"v":500,"d":"R 500/m²"}},null,{"$f":"'Code F Runway & SH'!AA37","v":{"v":920,"d":"R 920/m²"}},"page 14",null,{"$f":"R17*V17","v":{"v":57960000,"d":"57,960,000"}}]
[]
[{"$nulls":12},"c.","RSA (Runway Safety Area, Graded Strip)",null,{"$f":"37.5*2","v":{"v":75,"d":"75m wide"}},{"v":4200,"d":"x 4,200m"},{"$f":"Q19*P19","v":{"v":315000,"d":"315,000m²"}},null,{"$f":"'Code F Runway & SH'!AL49","v":{"v":100,"d":"R 100/m²"}},null,{"$f":"'Code F Runway & SH'!AP49","v":{"v":180,"d":"R 180/m²"}},"page 14",null,{"v":56700000,"d":"56,700,000"}]
[{"$nulls":16},"(37.5m x 2, around side of RWY)"]
[]
[{"$nulls":15},{"v":120,"d":"120m"},{"$f":"P15+P17+P19","v":{"v":150,"d":"x 150m"}},{"$f":"P22*Q22","v":{"v":18000,"d":"18,000m²"}},null,{"$f":"'Code F Runway & SH'!AL49","v":{"v":100,"d":"R 100/m²"}},null,{"$f":"'Code F Runway & SH'!AP49","v":{"v":180,"d":"R 180/m²"}},"page 14",null,{"v":3240000,"d":"3,240,000"}]
[{"$nulls":16},"(60m end x 2)"]
[]
[{"$nulls":12},"d.","RSA (Runway Safety Area, Ungraded Strip)",null,{"$f":"75*2","v":{"v":150,"d":"150m wide"}},{"v":4200,"d":"x 4,200m"},{"$f":"Q25*P25","v":{"v":630000,"d":"630,000m²"}},null,{"$f":"'Code F Runway & SH'!AL64","v":{"v":50,"d":"R 50/m²"}},null,{"$f":"'Code F Runway & SH'!AP64","v":{"v":90,"d":"R 90/m²"}},"page 14",null,{"v":56700000,"d":"56,700,000"}]
[{"$nulls":16},"(75m x 2, around side of RWY)"]
[]
[{"$nulls":15},{"v":60,"d":"60m"},{"$f":"P15+P17+P19+P25","v":{"v":300,"d":"x 300m"}},{"$f":"P28*Q28","v":{"v":18000,"d":"18,000m²"}},null,{"$f":"'Code F Runway & SH'!AL64","v":{"v":50,"d":"R 50/m²"}},null,{"$f":"'Code F Runway & SH'!AP64","v":{"v":90,"d":"R 90/m²"}},"page 14",null,{"v":1620000,"d":"1,620,000"}]
[{"$nulls":16},"(60m adjacent to end x 2)"]
[]
[]
[{"$nulls":12},"e.","RESA (Runway End Safety Area)",null,{"v":120,"d":"120m"},{"$f":"(240)*2","v":{"v":480,"d":"x 480m"}},{"$f":"P32*Q32","v":{"v":57600,"d":"57,600m²"}},null,{"$f":"'Code F Runway & SH'!AL32","v":{"v":100,"d":"R 100/m²"}},null,{"$f":"'Code F Runway & SH'!AP32","v":{"v":190,"d":"R 190/m²"}},"page 14",null,{"v":10944000,"d":"10,944,000"}]
[{"$nulls":16},"(2 x runway width x 240 each end)"]
[{"$nulls":12},"f.","Illumininated signs (Stop Bars, directional, etc.)",{"$nulls":4},"R7 500 -",{"v":40000,"d":"R 40,000/No"},null,{"$f":"40000*1.15","v":{"v":46000,"d":"R 46,000/No"}},"page 14"]
[]
[{"$nulls":12},"g.","Exclusions:-",{"$nulls":10},{"$f":"SUM(Y15:Y33)","v":{"v":851688000,"d":"851,688,000"}}]
[{"$nulls":13},"• All Bulk Earthworks, only design layerworks included in above"]
[{"$nulls":13},"• Extraordinary ground conditions are excluded (coastal / RAS)"]
[{"$nulls":13},"• Layerwork rates assumed to be imported from commercial sources (review distance)"]
[{"$nulls":13},"• Bulk services reticulation to stands (Fuel, Stormwater, Water, etc.)"]
[{"$nulls":13},"• Ground power supply & backup generators"]
[{"$nulls":13},"• Stormwater attenuation"]
[{"$nulls":13},"• Relocation of existing services"]
[{"$nulls":13},"• Sustainability considerations according to ACSA policies"]
[{"$nulls":13},"  (e.g. preservation of topsoil, rehabilitation of land damaged, landscaping, minimal off-site carting)"]
[{"$nulls":13},"• Fire fighting considerations e.g. emergency roads and signs"]
[{"$nulls":13},"• Fencing & security"]
[{"$nulls":13},"• Barriers, blast fences, etc."]
[{"$nulls":13},"• P&G, Contingencies, Escalation and Fees"]
[{"$nulls":13},"• Directs not e.g. Enviromental Impact assessment, security, insurance"]
[{"$nulls":13},"• Existing services or NAVAIDS may need relocation - review with services department/engineer"]
[{"$nulls":13},"• Tie-in and rehabilitation of existing to be considered in contingency allowance"]
[{"$nulls":13},"• AGL (Airfield ground lighting) buildings either side or related structures"]
[]
[{"$nulls":13},"NOTE: Due to the scope of runways & taxiways and the level relationship between existing levels,"]
[{"$nulls":13},"required levels, spoil to be removed off-site and replaced before layerworks can be even constructed,"]
[{"$nulls":13},"level relation to neighbouring structures, and other taxiways or runways, it is extremely important"]
[{"$nulls":13},"that the bulk earthworks allowance be adequate to accommodate these requirements"]

{"sheet":"Code F Runway & SH","index":42,"n_rows":70,"n_cols":43,"rows_kept":70,"merged":[[2,0,2,34],[4,0,4,34],[6,0,6,34],[10,0,10,38],[12,1,12,3],[13,4,14,14],[16,7,17,12],[16,22,17,27],[16,37,17,42],[17,0,18,4],[17,14,18,19],[17,29,18,34],[18,7,18,8],[18,9,18,10],[18,11,18,12],[18,22,18,23],[18,24,18,25],[18,26,18,27],[18,37,18,38],[18,39,18,40],[18,41,18,42],[19,9,19,10],[19,11,19,12],[19,24,19,25],[19,26,19,27],[19,39,19,40],[19,41,19,42],[34,37,35,42],[35,3,35,4],[35,29,36,34],[36,37,36,38],[36,39,36,40],[36,41,36,42],[37,3,37,4],[37,39,37,40],[37,41,37,42],[39,3,39,4],[41,3,41,4],[43,3,43,4],[45,3,45,4],[47,3,47,4],[49,3,49,4],[51,37,52,42],[52,29,53,34],[53,37,53,38],[53,39,53,40],[53,41,53,42],[54,39,54,40],[54,41,54,42]]}
[]
[]
[{"$f":"[5]Cover!$A$5","v":"AIRPORT DEVELOPMENT COST"}]
[]
[{"$f":"'Master Runways'!A5:W5","v":"4.  RUNWAYS"}]
[]
[{"$f":"'Master Apron stands'!A7","v":"2017-11-01"}]
[]
[]
[]
["4.4  APPROXIMATE RATE BUILD-UP FOR TAXIWAYS WITH ASSOCIATED SHOULDERS & STRIPS (Code F)"]
[]
[null,"BER Index"]
[null,"Base Date","2017-11-01",{"v":217.6,"d":"217.60"},{"$f":"'New Bldg Rates'!M4","v":"Reference 2021 Q4 Table 2 - BER Building Cost Index"}]
[null,"Current Date",{"$f":"'Code F Taxiway & SH'!C15","v":"2022-03-01"},{"$f":"'New Bldg Rates'!L5","v":{"v":267.26588,"d":"267.27"}}]
[]
[{"$nulls":5},"Base April '08",null,{"$f":"'Code C,E & F stands'!$H$16","v":"Estimated Rates"},{"$nulls":12},"Base April '08",null,{"$f":"'Code C,E & F stands'!$H$16","v":"Estimated Rates"},{"$nulls":12},"Base April '08",null,{"$f":"'Code C,E & F stands'!$H$16","v":"Estimated Rates"}]
["Runway Travel Way - Code F (all aircraft)",{"$nulls":13},"Shoulders",{"$nulls":14},"Runway End Safety Area (RESA)"]
[{"$nulls":7},{"$f":"'Code C,E & F stands'!$H$18","v":"Base Date Jan '09"},null,"Base Date Nov '17",null,{"$f":"'Code F Taxiway & SH'!M20","v":"2022-03-01"},{"$nulls":10},{"$f":"'Code C,E & F stands'!$H$18","v":"Base Date Jan '09"},null,"Base Date Nov '17",null,{"$f":"L19","v":"2022-03-01"},{"$nulls":10},{"$f":"'Code C,E & F stands'!$H$18","v":"Base Date Jan '09"},null,"Base Date Nov '17",null,{"$f":"L19","v":"2022-03-01"}]
[]
[null,null,60,"m wide",{"$nulls":13},7.5,"m wide each side",{"$nulls":13},240,"m long each end"]
["Civils",{"$nulls":13},"Civils",{"$nulls":17},{"$f":"60*2","v":120},"m wide each side"]
["•","Stone mastic asphalt AE-2 mod binder (80/100) 40mm",{"$nulls":3},{"$f":"104.45+2.92","v":{"v":107.37,"d":"R 107.37"}},null,{"$f":"+F23","v":{"v":107.37,"d":"R 107"}},null,{"$f":"(H23*(217/145-1))+H23","v":{"v":160.68475862068968,"d":"R 161"}},null,{"$f":"(J23*($D$15/$D$14-1))+J23","v":{"v":197.36008003376017,"d":"R 197"}},null,null,"•","50 mm thick, medium grade using 150/200",{"$nulls":13},"Civils"]
["•","Coarse continuously graded hotmix (60/70) 90mm",{"$nulls":3},{"$f":"166.39+6.11+2.92","v":{"v":175.42,"d":"R 175.42"}},null,{"$f":"+F24/80*90","v":{"v":197.34749999999997,"d":"R 197"}},null,{"$f":"(H24*(217/145-1))+H24","v":{"v":295.3407413793103,"d":"R 295"}},null,{"$f":"(J24*($D$15/$D$14-1))+J24","v":{"v":362.7504740100817,"d":"R 363"}},{"$nulls":3}," penetration-grade rubber bitumen",{"$nulls":4},{"v":208.17,"d":"R 208.17"},null,{"$f":"+U24*1.05","v":{"v":218.5785,"d":"R 219"}},null,{"$f":"(W24*(217/145-1))+W24","v":{"v":327.11403103448276,"d":"R 327"}},null,{"$f":"(Y24*($D$15/$D$14-1))+Y24","v":{"v":401.77582428666517,"d":"R 402"}},null,null,"•","Topsoil, grassing & sculpting",{"$nulls":6},{"$f":"'Code F Taxiway & SH'!AM25","v":{"v":35,"d":"R 35"}},null,{"$f":"(AL24*(217/145-1))+AL24","v":{"v":52.37931034482759,"d":"R 52"}},null,{"$f":"(AN24*($D$15/$D$14-1))+AN24","v":{"v":64.33457018889452,"d":"R 64"}}]
["•","G1 crushed stone 125mm",null,null,{"$f":"'Code F,C Taxilane & Serv Roads'!AF26","v":{"v":350,"d":"R 350/m³"}},{"$f":"345.66*0.15","v":{"v":51.849000000000004,"d":"R 51.85"}},null,{"$f":"E25*0.125","v":{"v":43.75,"d":"R 44"}},null,{"$f":"(H25*(217/145-1))+H25","v":{"v":65.47413793103449,"d":"R 65"}},null,{"v":80.41821273611816,"d":"R 80"},null,null,"•","G1 crushed stone 125mm",{"$nulls":3},{"$f":"E25","v":{"v":350,"d":"R 350/m³"}},{"$f":"345.66*0.15","v":{"v":51.849000000000004,"d":"R 51.85"}},null,{"$f":"T25*0.125","v":{"v":43.75,"d":"R 44"}},null,{"$f":"(W25*(217/145-1))+W25","v":{"v":65.47413793103449,"d":"R 65"}},null,{"$f":"(Y25*($D$15/$D$14-1))+Y25","v":{"v":80.41821273611816,"d":"R 80"}},null,null,"•","Selected layer G7 150mm",{"$nulls":3},{"$f":"T28","v":{"v":190,"d":"R 190/m³"}},{"$f":"170.66*0.15","v":{"v":25.599,"d":"R 25.60"}},null,{"$f":"AI25*0.15","v":{"v":28.5,"d":"R 29"}},null,{"$f":"(AL25*(217/145-1))+AL25","v":{"v":42.65172413793104,"d":"R 43"}},null,{"$f":"(AN25*($D$15/$D$14-1))+AN25","v":{"v":52.3867214395284,"d":"R 52"}}]
["•","Stabilised layer C3 175mm",null,null,{"$f":"'Code C,E & F stands'!E27","v":{"v":375,"d":"R 375/m³"}},{"$f":"146.85*0.15+265.11*0.15","v":{"v":61.794,"d":"R 61.79"}},null,{"$f":"E26*0.175","v":{"v":65.625,"d":"R 66"}},null,{"v":98.21120689655173,"d":"R 98"},null,{"v":120.62731910417723,"d":"R 121"},null,null,"•","Stabilised layer C4 125mm",{"$nulls":3},{"$f":"'Code F Taxiway & SH'!U28","v":{"v":360,"d":"R 360/m³"}},{"$f":"146.85*0.2+265.11*0.2","v":{"v":82.39200000000001,"d":"R 82.39"}},null,{"$f":"T26*0.125","v":{"v":45,"d":"R 45"}},null,{"v":67.3448275862069,"d":"R 67"},null,{"v":82.7158759571501,"d":"R 83"},null,null,"•","Selected layer G7 150mm",{"$nulls":3},{"$f":"T28","v":{"v":190,"d":"R 190/m³"}},{"$f":"170.66*0.15","v":{"v":25.599,"d":"R 25.60"}},null,{"$f":"AI26*0.15","v":{"v":28.5,"d":"R 29"}},null,{"v":42.65172413793104,"d":"R 43"},null,{"v":52.3867214395284,"d":"R 52"}]
["•","Stabilised layer C3 200mm",null,null,{"$f":"E26","v":{"v":375,"d":"R 375/m³"}},{"$f":"146.85*0.15+265.11*0.15","v":{"v":61.794,"d":"R 61.79"}},null,{"$f":"E27*0.2","v":{"v":75,"d":"R 75"}},null,{"v":112.24137931034483,"d":"R 112"},null,{"v":137.85979326191682,"d":"R 138"},null,null,"•","Selected layer G5 150mm",{"$nulls":3},{"v":220,"d":"R 220/m³"},{"$f":"+U29","v":{"v":25.599,"d":"R 25.60"}},null,{"$f":"T27*0.15","v":{"v":33,"d":"R 33"}},null,{"v":49.38620689655173,"d":"R 49"},null,{"v":60.658309035243406,"d":"R 61"},null,null,"•","In-situ compaction",{"$nulls":6},{"$f":"'Code C,E & F stands'!$H$31","v":{"v":10,"d":"R 10"}},null,{"v":14.965517241379311,"d":"R 15"},null,{"v":18.38130576825558,"d":"R 18"}]
["•","G7 Selected layer 150mm",null,null,{"$f":"'Code C,E & F stands'!E29","v":{"v":190,"d":"R 190/m³"}},{"$f":"+F29","v":{"v":27,"d":"R 27.00"}},null,{"$f":"E28*0.15","v":{"v":28.5,"d":"R 29"}},null,{"v":42.65172413793104,"d":"R 43"},null,{"v":52.3867214395284,"d":"R 52"},null,null,"•","Selected layer G7 115mm",{"$nulls":3},{"$f":"E28","v":{"v":190,"d":"R 190/m³"}},{"$f":"170.66*0.15","v":{"v":25.599,"d":"R 25.60"}},null,{"$f":"T28*0.115","v":{"v":21.85,"d":"R 22"}},null,{"v":32.6996551724138,"d":"R 33"},null,{"v":40.16315310363844,"d":"R 40"},null,null,"•","Clearing & grubbing",{"$nulls":4},{"$f":"11544.79/10000","v":{"v":1.154479,"d":"R 1.15"}},null,{"$f":"+AJ28*1.1","v":{"v":1.2699269000000002,"d":"R 1"}},null,{"$f":"(AL28*(217/145-1))+AL28","v":{"v":1.9005112917241385,"d":"R 2"}},null,{"$f":"(AN28*($D$15/$D$14-1))+AN28","v":{"v":2.334291465223293,"d":"R 2"}}]
["•","G7 Selected layer 300mm",null,null,{"$f":"E28","v":{"v":190,"d":"R 190/m³"}},{"$f":"180*0.15","v":{"v":27,"d":"R 27.00"}},null,{"$f":"E29*0.3","v":{"v":57,"d":"R 57"}},null,{"v":85.30344827586208,"d":"R 85"},null,{"v":104.7734428790568,"d":"R 105"},null,null,"•","Selected layer G7 200mm",{"$nulls":3},{"$f":"'Code F Taxiway & SH'!U31","v":{"v":190,"d":"R 190/m³"}},{"$f":"170.66*0.15","v":{"v":25.599,"d":"R 25.60"}},null,{"$f":"T29*0.2","v":{"v":38,"d":"R 38"}},null,{"v":56.868965517241385,"d":"R 57"},null,{"v":69.8489619193712,"d":"R 70"},{"$nulls":5},"Sub-Total : Civils & Surfacing",null,null,{"$f":"SUM(#REF!)","v":{"$error":"#REF!"}},"/m2",{"$f":"SUM(AL22:AL28)","v":{"v":103.2699269,"d":"R 103"}},"/m²",{"$f":"SUM(AN22:AN28)","v":{"v":154.5487871537931,"d":"R 155"}},"/m²",{"$f":"SUM(AP22:AP28)","v":{"v":189.8236103014302,"d":"R 190"}},"/m²"]
["•","In-situ compaction",{"$nulls":5},{"$f":"'Code C,E & F stands'!$H$31","v":{"v":10,"d":"R 10"}},null,{"v":14.965517241379311,"d":"R 15"},null,{"v":18.38130576825558,"d":"R 18"},null,null,"•","G7 Selected layer 300mm",{"$nulls":3},{"$f":"E29","v":{"v":190,"d":"R 190/m³"}},null,{"$f":"T30*0.3","v":{"v":57,"d":"R 57"}},{"$f":"T30*0.3","v":{"v":57,"d":"R 57"}},null,{"v":85.30344827586208,"d":"R 85"},null,{"v":104.7734428790568,"d":"R 105"}]
["•","Sub-soil drainage",{"$nulls":3},{"$f":"2158863/(19774+48298+60941)","v":{"v":16.733685752598575,"d":"R 16.73"}},null,{"$f":"'Code C,E & F stands'!H32","v":{"v":17.570370040228504,"d":"R 18"}},null,{"v":26.29496757744542,"d":"R 26"},null,{"v":32.29663441708372,"d":"R 32"},null,null,"•","Earthworks (Box Cut)",{"$nulls":3},{"$f":"E32","v":{"v":55,"d":"R 55/m³"}},{"$f":"(1*45)*(0.65)","v":{"v":29.25,"d":"R 29.25"}},null,{"$f":"T31*(0.05+0.125+0.15+0.15+0.115)","v":{"v":32.449999999999996,"d":"R 32"}},null,{"v":48.56310344827586,"d":"R 49"},null,{"v":59.647337217989346,"d":"R 60"}]
["•","Earthworks (Box Cut)",null,null,{"$f":"'Code C,E & F stands'!E33","v":{"v":55,"d":"R 55/m³"}},{"$f":"(1*45)*(0.65+0.08+0.04)","v":{"v":34.65,"d":"R 34.65"}},null,{"$f":"(0.04+0.09+0.125+0.175+0.2+0.15+0.3)*E32","v":{"v":59.400000000000006,"d":"R 59"}},null,{"v":88.89517241379312,"d":"R 89"},null,{"v":109.18495626343815,"d":"R 109"},null,null,"•","In-situ compaction",{"$nulls":6},{"$f":"'Code C,E & F stands'!$H$31","v":{"v":10,"d":"R 10"}},null,{"v":14.965517241379311,"d":"R 15"},null,{"v":18.38130576825558,"d":"R 18"},{"$nulls":3},"Total",{"$nulls":4},{"$f":"SUM(AJ29:AJ31)","v":{"$error":"#REF!"}},"/m2",{"$f":"ROUND(SUM(AL29:AL31),-1)","v":{"v":100,"d":"R 100"}},"/m2",{"$f":"ROUND(SUM(AN29:AN31),-1)","v":{"v":150,"d":"R 150"}},"/m2",{"$f":"ROUND(SUM(AP29:AP31),-1)","v":{"v":190,"d":"R 190"}},"/m2"]
["•","Clearing & grubbing",{"$nulls":3},{"$f":"11544.79/10000","v":{"v":1.154479,"d":"R 1.15"}},null,{"$f":"+F33*1.1","v":{"v":1.2699269000000002,"d":"R 1"}},null,{"v":1.9005112917241385,"d":"R 2"},null,{"v":2.334291465223293,"d":"R 2"},null,null,"•","Clearing & grubbing",{"$nulls":4},{"$f":"11544.79/10000","v":{"v":1.154479,"d":"R 1.15"}},null,{"$f":"+U33*1.1","v":{"v":1.2699269000000002,"d":"R 1"}},null,{"v":1.9005112917241385,"d":"R 2"},null,{"v":2.334291465223293,"d":"R 2"}]
[null,"Sub-Total : Civils & Surfacing",{"$nulls":3},{"$f":"SUM(F32:F32)","v":{"v":34.65,"d":"R 34.65"}},"/m2",{"$f":"SUM(H23:H33)","v":{"v":662.8327969402284,"d":"R 663"}},"/m²",{"$f":"SUM(J22:J33)","v":{"v":991.9635650760663,"d":"R 992"}},"/m²",{"$f":"SUM(L22:L33)","v":{"v":1218.37323137864,"d":"R 1,218"}},"/m²",{"$nulls":4},"Sub-Total : Civils & Surfacing",null,null,{"$f":"SUM(U31:U31)","v":{"v":29.25,"d":"R 29.25"}},"/m2",{"$f":"SUM(W22:W33)","v":{"v":500.89842689999995,"d":"R 501"}},"/m²",{"$f":"SUM(Y22:Y33)","v":{"v":749.6204043951724,"d":"R 750"}},"/m²",{"$f":"SUM(AA22:AA33)","v":{"v":920.7167143687116,"d":"R 921"}},"/m²"]
[{"$nulls":35},"Base April '08",null,{"$f":"'Code C,E & F stands'!$H$16","v":"Estimated Rates"}]
["Drainage",null,null,{"$f":"7910203*1.05","v":{"v":8305713.15,"d":"R 8,305,713"}},{"$nulls":3},{"$f":"D36/$E$56","v":{"v":37.616454483695655,"d":"R 38"}},null,{"$f":"(H36*(217/145-1))+H36","v":{"v":56.29496981353074,"d":"R 56"}},null,{"$f":"(J36*($D$15/$D$14-1))+J36","v":{"v":69.14395517824784,"d":"R 69"}},{"$nulls":17},"Graded trip (RSA)"]
[{"$nulls":15},"Total",{"$nulls":4},{"$f":"SUM(U34:U36)","v":{"v":29.25,"d":"R 29.25"}},"/m2",{"$f":"ROUND(SUM(W34:W36),-1)","v":{"v":500,"d":"R 500"}},"/m2",{"$f":"ROUND(SUM(Y34:Y36),-1)","v":{"v":750,"d":"R 750"}},"/m2",{"$f":"ROUND(SUM(AA34:AA36),-1)","v":{"v":920,"d":"R 920"}},"/m2",{"$nulls":9},{"$f":"'Code C,E & F stands'!$H$18","v":"Base Date Jan '09"},null,"Base Date Nov '17",null,"Current Date Mar '19"]
["Roadmarking",null,null,{"$f":"(21600+172800+5876+240000+162000+630000+180900+10838+6885+17000+160000)*1.05","v":{"v":1688293.9500000002,"d":"R 1,688,294"}},{"$nulls":3},{"$f":"D38/$E$56","v":{"v":7.64625883152174,"d":"R 8"}},null,{"$f":"(H38*(217/145-1))+H38","v":{"v":11.443021837518742,"d":"R 11"}},null,{"$f":"(J38*($D$15/$D$14-1))+J38","v":{"v":14.05482215654257,"d":"R 14"}}]
[{"$nulls":32},37.5,"m wide each side"]
["Ducts & Sleeves",null,null,{"$f":"1283646*1.05","v":{"v":1347828.3,"d":"R 1,347,828"}},{"$nulls":3},{"$f":"D40/$E$56","v":{"v":6.104294836956522,"d":"R 6"}},null,{"$f":"(H40*(217/145-1))+H40","v":{"v":9.135392962893555,"d":"R 9"}},null,{"v":11.220490989768166,"d":"R 11"},null,null,"NAVAIDS & Visual Aids to consider:-",{"$nulls":14},"Civils"]
[{"$nulls":14},"•","PALS CAT II or III (Precision Approach Light System)",{"$nulls":13},"•","Topsoil, grassing & sculpting",{"$nulls":6},{"$f":"AL24","v":{"v":35,"d":"R 35"}},null,{"$f":"(AL41*(217/145-1))+AL41","v":{"v":52.37931034482759,"d":"R 52"}},null,{"$f":"(AN41*($D$15/$D$14-1))+AN41","v":{"v":64.33457018889452,"d":"R 64"}}]
["Concrete works for bases, foundations, etc.",null,null,{"$f":"2170850*1.05","v":{"v":2279392.5,"d":"R 2,279,393"}},{"$nulls":3},{"$f":"D42/$E$56","v":{"v":10.323335597826087,"d":"R 10"}},null,{"$f":"(H42*(217/145-1))+H42","v":{"v":15.449405687781113,"d":"R 15"}},null,{"v":18.975638817195883,"d":"R 19"},null,null,"•","ILS Cat II or III (Instrument Landing System - Visual)",{"$nulls":13},"•","Selected layer G7 105mm",{"$nulls":3},{"$f":"T28","v":{"v":190,"d":"R 190/m³"}},{"$f":"170.66*0.15","v":{"v":25.599,"d":"R 25.60"}},null,{"$f":"AI42*0.11","v":{"v":20.9,"d":"R 21"}},null,{"$f":"(AL42*(217/145-1))+AL42","v":{"v":31.27793103448276,"d":"R 31"}},null,{"$f":"(AN42*($D$15/$D$14-1))+AN42","v":{"v":38.41692905565416,"d":"R 38"}}]
[{"$nulls":14},"•","SALS Simple Approach Lighting System)",{"$nulls":13},"•","Selected layer G7 150mm",{"$nulls":3},{"$f":"T29","v":{"v":190,"d":"R 190/m³"}},{"$f":"170.66*0.15","v":{"v":25.599,"d":"R 25.60"}},null,{"$f":"AI43*0.15","v":{"v":28.5,"d":"R 29"}},null,{"$f":"(AL43*(217/145-1))+AL43","v":{"v":42.65172413793104,"d":"R 43"}},null,{"$f":"(AN43*($D$15/$D$14-1))+AN43","v":{"v":52.3867214395284,"d":"R 52"}}]
["Electrical",null,null,{"$f":"(3429692+2169420+1743426+245054+2740017)*1.05","v":{"v":10843989.450000001,"d":"R 10,843,989"}},{"$nulls":3},{"$f":"D44/$E$56","v":{"v":49.112271059782614,"d":"R 49"}},null,{"$f":"(H44*(217/145-1))+H44","v":{"v":73.49905393084708,"d":"R 73"}},null,{"v":90.27476713233136,"d":"R 90"},null,null,"•","VOR/DME (VHF Omni-directional Radio Range / Distance Measuring Equipment), visual",{"$nulls":13},"•","In-situ compaction",{"$nulls":6},{"$f":"'Code C,E & F stands'!$H$31","v":{"v":10,"d":"R 10"}},null,{"v":14.965517241379311,"d":"R 15"},null,{"v":18.38130576825558,"d":"R 18"}]
[{"$nulls":14},"•","DVOR (Doppler Very High Frequency Omni-Directional Range",{"$nulls":13},"•","Clearing & grubbing",{"$nulls":4},{"$f":"11544.79/10000","v":{"v":1.154479,"d":"R 1.15"}},null,{"$f":"+AJ45*1.1","v":{"v":1.2699269000000002,"d":"R 1"}},null,{"v":1.9005112917241385,"d":"R 2"},null,{"v":2.334291465223293,"d":"R 2"}]
["Fibre Optic cabling",null,null,{"$f":"2258700*1.05","v":{"v":2371635,"d":"R 2,371,635"}},null,{"$f":"+E52/32.5","v":{"v":0,"d":"R 0.00"}},null,{"$f":"D46/$E$56","v":{"v":10.741100543478261,"d":"R 11"}},null,{"$f":"(H46*(217/145-1))+H46","v":{"v":16.07461253748126,"d":"R 16"}},null,{"v":19.74354533772501,"d":"R 20"},null,null,"•","PAPI (Precision Approach Path Indicator)",{"$nulls":16},"Sub-Total : Civils & Surfacing",null,null,{"$f":"SUM(#REF!)","v":{"$error":"#REF!"}},"/m2",{"$f":"SUM(AL40:AL45)","v":{"v":95.66992690000001,"d":"R 96"}},"/m²",{"$f":"SUM(AN40:AN45)","v":{"v":143.17499405034485,"d":"R 143"}},"/m²",{"$f":"SUM(AP40:AP45)","v":{"v":175.85381791755594,"d":"R 176"}},"/m²"]
[{"$nulls":14},"•","Pilot Controlled Lighting (controlled from aircraft if authority automates this options)"]
["Airfield Ground Lighting",null,null,{"$f":"'[5]CT Runway'!J28*1.05","v":{"v":111748916.16000001,"d":"R 111,748,916"}},null,{"$f":"+E54/32.5","v":{"v":0,"d":"R 0.00"}},null,{"$f":"D48/$E$56","v":{"v":506.1092217391305,"d":"R 506"}},null,{"$f":"(H48*(217/145-1))+H48","v":{"v":757.4186283958022,"d":"R 757"}},null,{"v":930.2948356920821,"d":"R 930"}]
[{"$nulls":14},"Lights to consider:-",{"$nulls":15},"Total",{"$nulls":4},{"$f":"SUM(AJ46:AJ48)","v":{"$error":"#REF!"}},"/m2",{"$f":"ROUND(SUM(AL46:AL48),-1)","v":{"v":100,"d":"R 100"}},"/m2",{"$f":"ROUND(SUM(AN46:AN48),-1)","v":{"v":140,"d":"R 140"}},"/m2",{"$f":"ROUND(SUM(AP46:AP48),-1)","v":{"v":180,"d":"R 180"}},"/m2"]
["NAVAIDS",null,null,{"$f":"'[5]CT Runway'!J29*1.05","v":{"v":31778372.85,"d":"R 31,778,373"}},null,{"$f":"+E56/32.5","v":{"v":6793.846153846154,"d":"R 6,793.85"}},null,{"$f":"D50/$E$56","v":{"v":143.92379008152176,"d":"R 144"}},null,{"$f":"(H50*(217/145-1))+H50","v":{"v":215.38939619096706,"d":"R 215"}},null,{"v":264.5507192814681,"d":"R 265"},null,null,"•","Approach Lighting System (ALS)"]
[{"$nulls":14},"•","Land and Hold Short Lights"]
[{"$nulls":14},"•","Runway Centerline Lighting System",{"$nulls":19},"Base April '08",null,{"$f":"'Code C,E & F stands'!$H$16","v":"Estimated Rates"}]
[null,"Total (excluding shoulders & strip)",{"$nulls":3},{"$f":"SUM(F34:F52)","v":{"v":6828.496153846154,"d":"R 6,828.50"}},"/m2",{"$f":"ROUND(SUM(H34:H52),-1)","v":{"v":1430,"d":"R 1,430"}},"/m²",{"$f":"ROUND(SUM(J34:J52),-1)","v":{"v":2150,"d":"R 2,150"}},"/m²",{"$f":"ROUND(SUM(L34:L52),0)","v":{"v":2637,"d":"R 2,637"}},"/m²",null,"•","Runway Edge Lights",{"$nulls":13},"Strip (RSA)"]
[{"$nulls":14},"•","Runway End Identification Lights (threshold)",{"$nulls":21},{"$f":"'Code C,E & F stands'!$H$18","v":"Base Date Jan '09"},null,"Base Date Nov '17",null,{"$f":"L19","v":{"v":44621,"d":"R 44,621"}}]
[{"$nulls":14},"•","Runway End Lights (sides)"]
[null,"CT Runway ",{"$f":"3500+90*2","v":{"v":3680,"d":"3,680m"}},{"v":60,"d":"x 60m"},{"$f":"C56*D56","v":{"v":220800,"d":"220,800m²"}},{"$f":"(L53*C21+W37*R21*2+AL49*AG39*2)/C21+(AL49)/('Master Runways'!Q19*'Master Runways'!P15)","v":{"v":2887.000396825397,"d":"R 2,887"}},{"$nulls":3},{"$f":"(E56*($D$15/$D$14-1))+E56","v":{"v":271196.2605882353,"d":"R 271,196"}},null,{"$f":"(E56*($D$15/$D$14-1))+J56","v":{"v":321592.52117647056,"d":"R 321,593"}},null,null,"•","Taxiway Centerline Lead-On / Lead-Off Lights",{"$nulls":16},75,"m wide each side"]
[{"$nulls":14},"•","Touchdown Zone Lights (TDZ Lights)",{"$nulls":13},"Civils"]
[{"$nulls":29},"•","Topsoil, grassing & sculpting",{"$nulls":6},{"$f":"'Code F Taxiway & SH'!AM25","v":{"v":35,"d":"R 35"}},null,{"$f":"(AL58*(217/145-1))+AL58","v":{"v":52.37931034482759,"d":"R 52"}},null,{"$f":"(AN58*($D$15/$D$14-1))+AN58","v":{"v":64.33457018889452,"d":"R 64"}}]
[{"$nulls":29},"•","In-situ compaction",{"$nulls":6},{"$f":"'Code F Taxiway & SH'!AM26","v":{"v":10,"d":"R 10"}},null,{"$f":"(AL59*(217/145-1))+AL59","v":{"v":14.965517241379311,"d":"R 15"}},null,{"$f":"(AN59*($D$15/$D$14-1))+AN59","v":{"v":18.38130576825558,"d":"R 18"}}]
[{"$nulls":29},"•","Clearing & grubbing",{"$nulls":4},{"$f":"11544.79/10000","v":{"v":1.154479,"d":"R 1.15"}},null,{"$f":"'Code F Taxiway & SH'!AM27","v":{"v":1.2699269000000002,"d":"R 1"}},null,{"$f":"(AL60*(217/145-1))+AL60","v":{"v":1.9005112917241385,"d":"R 2"}},null,{"$f":"(AN60*($D$15/$D$14-1))+AN60","v":{"v":2.334291465223293,"d":"R 2"}}]
[{"$nulls":32},"Sub-Total : Civils & Surfacing",null,null,{"$f":"SUM(#REF!)","v":{"$error":"#REF!"}},"/m2",{"$f":"SUM(AL57:AL60)","v":{"v":46.2699269,"d":"R 46"}},"/m²",{"$f":"SUM(AN57:AN60)","v":{"v":69.24533887793105,"d":"R 69"}},"/m²",{"$f":"SUM(AP57:AP60)","v":{"v":85.05016742237339,"d":"R 85"}},"/m²"]
[]
[]
[{"$nulls":30},"Total",{"$nulls":4},{"$f":"SUM(AJ62:AJ63)","v":{"v":0,"d":"R 0.00"}},"/m2",{"$f":"ROUND(SUM(AL61:AL63),-1)","v":{"v":50,"d":"R 50"}},"/m2",{"$f":"ROUND(SUM(AN61:AN63),-1)","v":{"v":70,"d":"R 70"}},"/m2",{"$f":"ROUND(SUM(AP61:AP63),-1)","v":{"v":90,"d":"R 90"}},"/m2"]
[]
[]
[]
[]
[]
[{"$nulls":35},"Page 30"]

{"sheet":"Sample Estimate (3)","index":43,"n_rows":71,"n_cols":18,"rows_kept":71,"merged":[[2,0,2,10],[4,0,4,10],[6,0,6,10],[10,0,10,10],[14,0,14,5],[14,7,14,10],[15,0,15,5],[16,0,16,5],[17,17,18,17],[19,17,20,17]]}
[]
[]
[{"$f":"[5]Cover!$A$5","v":"AIRPORT DEVELOPMENT COST"}]
[]
[{"$f":"'ICAO Tables'!A5:AQ5","v":"4.  RUNWAYS"}]
[]
[{"$f":"'Master Apron stands'!A7","v":"2017-11-01"}]
[]
[]
[]
["4.5  SAMPLE ESTIMATE FOR TYPICAL RUNWAY"]
[]
[]
[]
["Code F RUNWAY",{"$nulls":6},"Order-of-Magnitude Assessment",{"$nulls":5},"w","l","No","Total"]
[{"$nulls":12},"Runway",60,4200,1,{"$f":"N16*O16*P16","v":{"v":252000,"d":"252,000m²"}}]
["4200m sample",{"$nulls":11},"Shoulders",7.5,{"$f":"$O$16","v":4200},2,{"v":63000,"d":"63,000m²"}]
[{"$nulls":4},"Total",{"$f":"Q24","v":{"v":1353600,"d":"1,353,600m"}},{"$nulls":6},"Graded Strip (edge)",37.5,{"$f":"$O$16","v":4200},2,{"v":315000,"d":"315,000m²"},{"$f":"Q18+Q19","v":{"v":333000,"d":"333,000m²"}}]
[{"$nulls":4},"Runway only",{"$f":"Q16","v":252000},{"$nulls":6},"Graded Strip (end)",{"$f":"(N16/2+N17+N18)*2","v":150},60,2,{"v":18000,"d":"18,000m²"}]
[{"$nulls":12},"Strip (edge)",75,{"$f":"$O$16","v":4200},2,{"v":630000,"d":"630,000m²"},{"$f":"Q20+Q21","v":{"v":648000,"d":"648,000m²"}}]
[{"v":1,"d":"1.)"},{"$f":"M16","v":"Runway"},null,null,{"$f":"Q16","v":{"v":252000,"d":"252,000m²"}},{"$f":"'Master Runways'!V15","v":{"v":2637,"d":"R 2,637/m²"}},{"$nulls":3},{"$f":"E21*F21","v":{"v":664524000,"d":"R 664,524,000"}},null,null,"Strip (end)",{"$f":"N16/2+N17+N18+N20","v":150},60,2,{"v":18000,"d":"18,000m²"}]
[{"$nulls":12},"RESA ",{"$f":"2*N16","v":120},240,2,{"v":57600,"d":"57,600m²"}]
[{"$f":"A21+1","v":{"v":2,"d":"2.)"}},{"$f":"M17","v":"Shoulders"},null,null,{"$f":"Q17","v":{"v":63000,"d":"63,000m²"}},{"$f":"'Master Runways'!V17","v":{"v":920,"d":"R 920/m²"}},{"$nulls":3},{"$f":"E23*F23","v":{"v":57960000,"d":"R 57,960,000"}}]
[{"$nulls":16},{"$f":"SUM(Q16:Q23)","v":{"v":1353600,"d":"1,353,600m²"}}]
[{"$f":"A23+1","v":{"v":3,"d":"3.)"}},"Graded Strip",null,null,{"$f":"R18","v":{"v":333000,"d":"333,000m²"}},{"$f":"'Master Runways'!V19","v":{"v":180,"d":"R 180/m²"}},{"$nulls":3},{"$f":"E25*F25","v":{"v":59940000,"d":"R 59,940,000"}}]
[]
[{"$f":"A25+1","v":{"v":4,"d":"4.)"}},"Strip",null,null,{"$f":"R20","v":{"v":648000,"d":"648,000m²"}},{"$f":"'Master Runways'!V25","v":{"v":90,"d":"R 90/m²"}},{"$nulls":3},{"$f":"E27*F27","v":{"v":58320000,"d":"R 58,320,000"}}]
[]
[{"$f":"A27+1","v":{"v":5,"d":"5.)"}},"RESA",null,null,{"$f":"Q22","v":{"v":57600,"d":"57,600m²"}},{"$f":"'Master Runways'!V32","v":{"v":190,"d":"R 190/m²"}},{"$nulls":3},{"$f":"E29*F29","v":{"v":10944000,"d":"R 10,944,000"}}]
[]
[{"$f":"A29+1","v":{"v":6,"d":"6.)"}},"Illuminated directional taxiway signage allowance, stop bars, etc.",{"$nulls":3},"Allowance",{"$nulls":3},{"v":500000,"d":"R 500,000"}]
[]
[{"$f":"A31+1","v":{"v":7,"d":"7.)"}},"Buildings, enclosures, screens, etc.",{"$nulls":3},"Allowance",{"$nulls":3},{"v":2000000,"d":"R 2,000,000"}]
[]
[{"$f":"A33+1","v":{"v":8,"d":"8.)"}},"Fencing"]
[null,"• Concrete panels incl. PIDS & Lighting",null,"n/a",{"$nulls":3},{"$f":"'New Bldg Rates'!H54","v":{"v":5973.705311866126,"d":"R 5,974/m"}},null,0]
[]
[null,"Sub-Total",{"$nulls":5},{"$f":"J38/F19","v":{"v":3389.6349206349205,"d":"R 3,390/m²"}},null,{"$f":"SUM(J21:J36)","v":{"v":854188000,"d":"R 854,188,000"}}]
[]
[]
[]
[null,"Sub-Total (pre P&G)",null,null,"Overall area",{"$f":"F18","v":{"v":1353600,"d":"1,353,600m²"}},null,{"$f":"J42/F42","v":{"v":631.0490543735225,"d":"R 631/m²"}},null,{"$f":"J38","v":{"v":854188000,"d":"R 854,188,000"}}]
[{"$nulls":4},"Runway area",{"$f":"F19","v":{"v":252000,"d":"252,000m²"}},null,{"$f":"J43/F43","v":{"v":3389.6349206349205,"d":"R 3,390/m²"}},null,{"$f":"J42","v":{"v":854188000,"d":"R 854,188,000"}}]
[{"$nulls":4},"Runway per meter",{"$f":"O17","v":{"v":4200,"d":"4,200m"}},null,{"$f":"J44/F44","v":{"v":203378.09523809524,"d":"R 203,378/m"}},null,{"$f":"J43","v":{"v":854188000,"d":"R 854,188,000"}}]
[]
[]
[null,"Add:"]
[null,"• Preliminaries (P&G)",{"$nulls":5},{"$f":"'New Bldg Rates'!L33","v":{"v":0.15,"d":"15.0%"}},null,{"$f":"J38*H48","v":{"v":128128200,"d":"128,128,200"}}]
[]
[]
[{"$nulls":4},"Sub-Total",{"$nulls":4},{"$f":"J48+J38","v":{"v":982316200,"d":"R 982,316,200"}}]
[]
[null,"• Insurances, security, etc",{"$nulls":5},{"$f":"'New Bldg Rates'!M33","v":{"v":0.02,"d":"2.0%"}},null,{"$f":"(J51)*H53","v":{"v":19646324,"d":"19,646,324"}}]
[]
[null,"• Contingencies",{"$nulls":5},{"$f":"'New Bldg Rates'!N33","v":{"v":0.1,"d":"10.0%"}},null,{"$f":"SUM(J51:J54)*H55","v":{"v":100196252.4,"d":"100,196,252"}}]
[]
[null,"Add:"]
[null,"• Escalation"]
[null,"Base date",{"$f":"'Master Apron stands'!A7","v":"2017-11-01"}]
[null,"Commencement date",{"$f":"'Sample Estimate (2)'!C54","v":"2019-03-01"},{"$f":"(C60-C59)/(365/12)","v":{"v":15.945205479452055,"d":"16mths"}},{"v":0.07,"d":"7%"},"p.a.",{"$nulls":3},{"$f":"J51*(E60/12)*D60","v":{"v":91368862.98630138,"d":"91,368,863"}}]
[null,"Completion date",{"$f":"'Sample Estimate (2)'!C55","v":"2019-08-01"},{"$f":"(C61-C60)/(365/12)","v":{"v":5.03013698630137,"d":"5mths"}},{"v":0.07,"d":"7%"},"p.a., cashflow",null,0.6,null,{"$f":"(J60+J51)*(E61/12*D61)*H61","v":{"v":18902740.31438349,"d":"18,902,740"}}]
[]
[]
[null,"• Professional Fees",{"$nulls":5},{"$f":"'New Bldg Rates'!O33","v":{"v":0.18,"d":"18.0%"}},null,{"$f":"SUM(J50:J62)*H64","v":{"v":218237468.3461233,"d":"218,237,468"}}]
[]
[null,"Total",{"$nulls":7},{"$f":"SUM(J50:J64)","v":{"v":1430667848.0468082,"d":"R 1,430,667,848"}}]
[]
[]
[null,"Total",null,null,"Overall area",{"$f":"F42","v":{"v":1353600,"d":"1,353,600m²"}},null,{"$f":"J69/F69","v":{"v":1056.935466937654,"d":"R 1,057/m²"}},null,{"$f":"J66","v":{"v":1430667848.0468082,"d":"R 1,430,667,848"}}]
[{"$nulls":4},"Runway area",{"$f":"F43","v":{"v":252000,"d":"252,000m²"}},null,{"$f":"J70/F70","v":{"v":5677.253365265112,"d":"R 5,677/m²"}},null,{"$f":"J69","v":{"v":1430667848.0468082,"d":"R 1,430,667,848"}}]
[{"$nulls":4},"Runway per meter",{"$f":"F44","v":{"v":4200,"d":"4,200m"}},null,{"$f":"J71/F71","v":{"v":340635.20191590674,"d":"R 340,635/m"}},null,{"$f":"J70","v":{"v":1430667848.0468082,"d":"R 1,430,667,848"}}]

{"sheet":"Comparison","index":44,"n_rows":54,"n_cols":12,"rows_kept":54,"hidden":true,"merged":[[1,1,1,6],[2,1,2,6],[3,1,3,6],[4,1,5,6]]}
[]
[null,"AECOM as of July 2013",{"$nulls":5},"Jan 2009 Rates","Escalate to July 2013","VARIANCE BETWEEN AECOM RATES AND ACSA ESCALATION ","Escalate  to March 2014"]
[null,"Infrastructure"]
[null,"Airport development costs"]
[null,"Rates exclude any future escalation, loss of interest, professional fees, Value Added Tax (VAT), contractors’ preliminary and general allowances, insurance, ACSA direct costs and contingency allowances."]
[]
[null,"Apron Stands (incl. associated infrastructure",{"$nulls":9}," "]
[null,"Rate per m² (excl. VAT)"]
[null,"Code F Stand (85m long x 80m wide = 6,800m²)",{"$nulls":4},{"v":3500,"d":"R 3,500.00"},{"v":1770,"d":"R 1,770.00"},{"$f":"H9*(167.2/145-1)+H9","v":{"v":2040.9931034482756,"d":"R 2,040.99"}},{"$f":"G9-I9","v":{"v":1459.0068965517244,"d":"R 1,459.01"}},{"$f":"H9*(173/145-1)+H9","v":{"v":2111.793103448276,"d":"R 2,111.79"}}]
[null,"Code E Stand (80m long x 65m wide = 5,200m²)",{"$nulls":4},{"v":3700,"d":"R 3,700.00"},{"v":1840,"d":"R 1,840.00"},{"$f":"H10*(167.2/145-1)+H10","v":{"v":2121.710344827586,"d":"R 2,121.71"}},{"$f":"G10-I10","v":{"v":1578.2896551724139,"d":"R 1,578.29"}},{"$f":"H10*(173/145-1)+H10","v":{"v":2195.310344827586,"d":"R 2,195.31"}}]
[null,"Code C Stand (56m long x 40m wide = 2,240m²)",{"$nulls":4},{"v":4600,"d":"R 4,600.00"},{"v":2090,"d":"R 2,090.00"},{"v":2409.9862068965517,"d":"R 2,409.99"},{"v":2190.0137931034483,"d":"R 2,190.01"},{"v":2493.5862068965516,"d":"R 2,493.59"},{"$f":"SUM(K9:K11)","v":{"v":6800.689655172414,"d":"R 6,800.69"}}]
[{"$nulls":8},0,0,0,{"$f":"L11/3","v":{"v":2266.896551724138,"d":"R 2,266.90"}}]
[null,"Taxi Lanes (incl. associated infrastructure)",{"$nulls":6},0,0,0]
[null,"Rate per m (excl. VAT)",{"$nulls":6},0,0,0]
[null,"Code F taxi lane (101m wide)",{"$nulls":4},{"v":115000,"d":"R 115,000.00"},{"$f":"660*(101*1)","v":{"v":66660,"d":"R 66,660.00"}},{"v":76865.87586206896,"d":"R 76,865.88"},{"v":38134.12413793104,"d":"R 38,134.12"},{"v":79532.27586206896,"d":"R 79,532.28"}]
[null,"Code E taxi lane (85m wide)",{"$nulls":4},{"v":97000,"d":"R 97,000.00"},{"$f":"660*(85*1)","v":{"v":56100,"d":"R 56,100.00"}},{"v":64689.103448275855,"d":"R 64,689.10"},{"v":32310.896551724145,"d":"R 32,310.90"},{"v":66933.10344827586,"d":"R 66,933.10"}]
[null,"Code C taxi lane (49m wide)",{"$nulls":4},{"v":56000,"d":"R 56,000.00"},{"$f":"(570*49*1)","v":{"v":27930,"d":"R 27,930.00"}},{"v":32206.179310344825,"d":"R 32,206.18"},{"v":23793.820689655175,"d":"R 23,793.82"},{"v":33323.379310344826,"d":"R 33,323.38"}]
[{"$nulls":8},0,0,0]
[null,"Service Roads",{"$nulls":6},0,0,0]
[null,"Rate per m (excl. VAT)",{"$nulls":6},0,0,0]
[null,"Service road (10m wide)",{"$nulls":4},{"v":11900,"d":"R 11,900.00"},{"$f":"700*10","v":{"v":7000,"d":"R 7,000.00"}},{"v":8071.7241379310335,"d":"R 8,071.72"},{"v":3828.2758620689665,"d":"R 3,828.28"},{"v":8351.724137931034,"d":"R 8,351.72"}]
[null,"Dual carriage service road (15m wide)",{"$nulls":4},{"v":15200,"d":"R 15,200.00"},{"$f":"760*10","v":{"v":7600,"d":"R 7,600.00"}},{"v":8763.58620689655,"d":"R 8,763.59"},{"v":6436.413793103449,"d":"R 6,436.41"},{"v":9067.58620689655,"d":"R 9,067.59"}]
[{"$nulls":8},0,0,0]
[null,"Taxi ways (incl. associated infrastructure)",{"$nulls":6},0,0,0]
[null,"Rate per m (excl. VAT)",{"$nulls":6},0,0,0]
[null,"Code F taxi way (70m wide)",{"$nulls":4},{"v":82000,"d":"R 82,000.00"},{"$f":"1070*70","v":{"v":74900,"d":"R 74,900.00"}},{"v":86367.44827586206,"d":"R 86,367.45"},{"v":-4367.448275862058,"d":"R -4,367.45"},{"v":89363.44827586206,"d":"R 89,363.45"}]
[{"$nulls":8},0,0,0]
[null,"Runways (incl. associated infrastructure)",{"$nulls":6},0,0,0]
[null,"Rate per m (excl. VAT)",{"$nulls":6},0,0,0]
[null,"Code F Runway (3,885m long x 60m wide = 233,100m²)",{"$nulls":4},{"v":191000,"d":"R 191,000.00"},{"$f":"1430*60","v":{"v":85800,"d":"R 85,800.00"}},{"v":98936.27586206896,"d":"R 98,936.28"},{"v":92063.72413793104,"d":"R 92,063.72"},{"v":102368.27586206896,"d":"R 102,368.28"}]
[{"$nulls":8},0,0,0]
[null,"Parking (excluding bulk",{"$nulls":6},0,0,0]
[null,"earthworks)",{"$nulls":6},0,0,0]
[null,"Rate per no (excl. VAT)",{"$nulls":6},0,0,0]
[null,"Structured parking",{"$nulls":4},{"v":126000,"d":"R 126,000.00"},{"v":76500,"d":"R 76,500.00"},{"v":88212.41379310345,"d":"R 88,212.41"},{"v":37787.58620689655,"d":"R 37,787.59"},{"v":91272.41379310345,"d":"R 91,272.41"}]
[null,"Basement parking",{"$nulls":4},{"v":193000,"d":"R 193,000.00"},{"v":117000,"d":"R 117,000.00"},{"v":134913.10344827586,"d":"R 134,913.10"},{"v":58086.896551724145,"d":"R 58,086.90"},{"v":139593.10344827586,"d":"R 139,593.10"}]
[null,"Shadenet on grade parking",{"$nulls":4},{"v":19300,"d":"R 19,300.00"},{"v":11700,"d":"R 11,700.00"},{"v":13491.310344827585,"d":"R 13,491.31"},{"v":5808.689655172415,"d":"R 5,808.69"},{"v":13959.310344827585,"d":"R 13,959.31"}]
[{"$nulls":8},0,0,0]
[null,53,{"$nulls":6},0,0,0]
[null,"Perimeter Fencing /Security Gates",{"$nulls":6},0,0,0]
[null,"Perimeter walls with perimeter intrusion detection (PIDS), etc.",{"$nulls":4},{"v":5800,"d":"R 5,800.00"},{"v":3500,"d":"R 3,500.00"},{"v":4035.8620689655168,"d":"R 4,035.86"},{"v":1764.1379310344832,"d":"R 1,764.14"},{"v":4175.862068965517,"d":"R 4,175.86"}]
[null,"p/m (excl. VAT)",{"$nulls":6},0,0,0]
[null,"Security gate",{"$nulls":4},{"v":11000000,"d":"R 11,000,000.00"},{"v":6500000,"d":"R 6,500,000.00"},{"v":7495172.413793103,"d":"R 7,495,172.41"},{"v":3504827.586206897,"d":"R 3,504,827.59"},{"v":7755172.413793103,"d":"R 7,755,172.41"}]
[null,"p/item (excl. VAT)",{"$nulls":6},0,0,0]
[null,"Super security gate",{"$nulls":4},{"v":33000000,"d":"R 33,000,000.00"},{"v":20000000,"d":"R 20,000,000.00"},{"v":23062068.965517238,"d":"R 23,062,068.97"},{"v":9937931.034482762,"d":"R 9,937,931.03"},{"v":23862068.96551724,"d":"R 23,862,068.97"}]
[null,"p/item (excl. VAT)",{"$nulls":6},0,0,0]
[{"$nulls":8},0,0,0]
[null,"Terminal & other buildings (excl. bulk earthworks,",{"$nulls":6},0,0,0]
[null,"external site & services works)",{"$nulls":6},0,0,0]
[null,"Rate per m² (excl. VAT)",{"$nulls":6},0,0,0]
[null,"Terminal building (excl. terminal building baggage & X-ray)",{"$nulls":4},{"v":19500,"d":"R 19,500.00"},{"v":11700,"d":"R 11,700.00"},{"v":13491.310344827585,"d":"R 13,491.31"},{"$f":"G51-I51","v":{"v":6008.689655172415,"d":"R 6,008.69"}},{"v":13959.310344827585,"d":"R 13,959.31"}]
[null,"Pier terminal building (excl. telescopic air bridges, seating & ads)",{"$nulls":4},{"v":20500,"d":"R 20,500.00"},{"v":12200,"d":"R 12,200.00"},{"v":14067.862068965516,"d":"R 14,067.86"},{"v":6432.137931034484,"d":"R 6,432.14"},{"v":14555.862068965516,"d":"R 14,555.86"}]
[null,"Telescopic air bridges (rate per unit. excl. VAT)",{"$nulls":4},{"v":7500000,"d":"R 7,500,000.00"},{"v":4300000,"d":"R 4,300,000.00"},{"v":4958344.827586207,"d":"R 4,958,344.83"},{"v":2541655.1724137934,"d":"R 2,541,655.17"},{"v":5130344.827586207,"d":"R 5,130,344.83"}]
[null,"Aircraft Docking System (ADS) (rate per unit)",{"$nulls":4},{"v":1100000,"d":"R 1,100,000.00"},{"v":655000,"d":"R 655,000.00"},{"v":755282.7586206896,"d":"R 755,282.76"},{"v":344717.2413793104,"d":"R 344,717.24"},{"v":781482.7586206896,"d":"R 781,482.76"}]